{"text_format":"2","workbook":"xlsx","n_sheets":8,"sheets":["Resumo do Orçamento","Orçamento Sintético","Cronograma","4-BDI ","Encargos Sociais","CPUs","Curva ABC de Serviços","MEMORIAL"],"not_rendered":{"charts":0,"images":5,"macros":0,"external_links":152,"defined_names":9928,"comments":0,"pivot_tables":0},"unopened":[],"bounds":{"document_bytes":16777216,"sheet_cells":100000,"run_cost":"one","rows_first":2000,"rows_last":500,"rows_between":2000,"halvings":0,"cell_chars":16384,"cell_head_chars":4096},"cells_cut":0,"cells_raw":0,"read":"whole","date_system":"1900"}

{"sheet":"Resumo do Orçamento","index":0,"n_rows":22,"n_cols":6,"rows_kept":22,"cut":false,"hidden":false,"merged":[[9,1,9,2],[3,1,3,2],[0,4,0,5],[1,4,1,5],[2,0,2,5],[4,1,4,2],[5,1,5,2],[6,1,6,2],[7,1,7,2],[8,1,8,2],[16,1,16,2],[17,1,17,2],[10,1,10,2],[11,1,11,2],[12,1,12,2],[13,1,13,2],[14,1,14,2],[15,1,15,2]]}
[null,"Obra","Bancos","B.D.I.","Encargos Sociais"]
[null,"REFORMA DO MERCADO PÚBLICO MUNICIPAL DE SÃO MIGUEL DOS CAMPOS  - AL","SINAPI - 08/2025 - Alagoas\nSBC - 09/2025 - Alagoas\nSICRO3 - 07/2025 - Alagoas\nORSE - 07/2025 - Sergipe\n","24,09%","Não Desonerado: \nHorista: 114,41%\nMensalista: 70,12%"]
["Planilha Orçamentária Resumida"]
["Item","Descrição",null,"Quant.","Total","Peso (%)"]
[" 1 ","SERVIÇOS PRELIMINARES",null,1,474536.97,3.9544834070232585E-2]
[" 2 ","ADMINISTRAÇÃO DE OBRA",null,1,771380.44,6.4281844057003615E-2]
[" 3 ","MOVIMENTO DE TERRA",null,1,11551.88,9.6265877408716624E-4]
[" 4 ","INFRAESTRUTURA",null,1,492295.88,4.1024746476674159E-2]
[" 5 ","SUPERESTRUTURA",null,1,1010241.98,8.4187015966075779E-2]
[" 6 ","COBERTA",null,1,3246999.58,0.27058389068656735]
[" 7 ","PAVIMENTAÇÃO",null,1,1601574.36,0.13346482217673988]
[" 8 ","REVESTIMENTOS",null,1,964964.69,8.0413900206096539E-2]
[" 9 ","INSTALAÇÕES HIDROSSANITARIAS",null,1,274405.09000000003,2.286714089331594E-2]
[" 10 ","INSTALAÇÕES ELETRICAS",null,1,629016.01,5.24181155853247E-2]
[" 11 ","ESQUADRIAS",null,1,901169.54,7.5097626067886405E-2]
[" 12 ","LOUÇAS E ACESSORIOS",null,1,485144.51,4.0428797672042903E-2]
[" 13 ","PINTURA",null,1,792661.38,6.6055259605972486E-2]
[" 14 ","SERVIÇOS COMPLEMENTARES",null,1,344031.42,2.8669347761980477E-2]
[]
[null,null,null,"Total sem BDI",9671013.5099999998]
[null,null,null,"Total do BDI",2328960.2200000002]
[null,null,null,"Total Geral",11999973.73]

{"sheet":"Orçamento Sintético","index":1,"n_rows":211,"n_cols":10,"rows_kept":211,"cut":false,"hidden":false,"merged":[[0,4,0,5],[0,6,0,7],[0,8,0,9],[1,4,1,5],[1,6,1,7],[1,8,1,9],[210,0,210,2],[210,5,210,6],[210,7,210,9],[2,0,2,9],[208,0,208,2],[208,5,208,6],[208,7,208,9],[209,0,209,2],[209,5,209,6],[209,7,209,9]]}
[null,null,null,"Obra","Bancos",null,"B.D.I.",null,"Encargos Sociais"]
[null,null,null,"REFORMA DO MERCADO PÚBLICO MUNICIPAL DE SÃO MIGUEL DOS CAMPOS  - AL","SINAPI - 08/2025 - Alagoas\nSBC - 09/2025 - Alagoas\nSICRO3 - 07/2025 - Alagoas\nORSE - 07/2025 - Sergipe\n",null,"24,09%",null,"Não Desonerado: \nHorista: 114,41%\nMensalista: 70,12%"]
["Orçamento Sintético"]
["Item","Código","Banco","Descrição","Und","Quant.","Valor Unit","Valor Unit com BDI","Total","Peso (%)"]
[" 1 ","  ",null,"SERVIÇOS PRELIMINARES",null,1,"",474536.97,474536.97,3.9544834070232585E-2]
[" 1.1 "," 97622 ","SINAPI","DEMOLIÇÃO DE ALVENARIA DE BLOCO FURADO, DE FORMA MANUAL, SEM REAPROVEITAMENTO. AF_09/2023","m³",19.75,56.28,69.83,1379.14,1.1492858493116051E-4]
[" 1.2 "," 97633 ","SINAPI","DEMOLIÇÃO DE REVESTIMENTO CERÂMICO, DE FORMA MANUAL, SEM REAPROVEITAMENTO. AF_09/2023","m²",2799.72,22.6,28.04,78504.14,6.5420259882518926E-3]
[" 1.3 "," 104790 ","SINAPI","DEMOLIÇÃO DE PISO DE CONCRETO SIMPLES, DE FORMA MECANIZADA COM MARTELETE, SEM REAPROVEITAMENTO. AF_09/2023","m³",528.49,97.78,121.33,64121.69,5.3434858644478053E-3]
[" 1.4 "," 104803 ","SINAPI","REMOÇÃO CALHAS E RUFOS, DE FORMA MANUAL, SEM REAPROVEITAMENTO. AF_09/2023","M",542.5,4.5,5.58,3027.15,2.5226305224586521E-4]
[" 1.5 "," 97640 ","SINAPI","REMOÇÃO DE FORROS DE DRYWALL, PVC E FIBROMINERAL, DE FORMA MANUAL, SEM REAPROVEITAMENTO. AF_09/2023","m²",1042.8,1.86,2.2999999999999998,2398.44,1.9987043754969954E-4]
[" 1.6 "," 104793 ","SINAPI","REMOÇÃO DE CABOS ELÉTRICOS, COM SEÇÃO MAIOR QUE 2,5 MM² E MENOR QUE 10 MM², DE FORMA MANUAL, SEM REAPROVEITAMENTO. AF_09/2023","M",5220.8,0.56999999999999995,0.7,3654.56,3.0454733337153731E-4]
[" 1.7 "," 97665 ","SINAPI","REMOÇÃO DE LUMINÁRIAS, DE FORMA MANUAL, SEM REAPROVEITAMENTO. AF_09/2023","UN",379,1.89,2.34,886.86,7.3905161790716693E-5]
[" 1.8 "," 97647 ","SINAPI","REMOÇÃO DE TELHAS DE FIBROCIMENTO METÁLICA E CERÂMICA, DE FORMA MANUAL, SEM REAPROVEITAMENTO. AF_09/2023","m²",7666.63,3.51,4.3499999999999996,33349.839999999997,2.7791594173764912E-3]
[" 1.9 "," 100981 ","SINAPI","CARGA, MANOBRA E DESCARGA DE ENTULHO EM CAMINHÃO BASCULANTE 6 M³ - CARGA COM ESCAVADEIRA HIDRÁULICA (CAÇAMBA DE 0,80 M³ / 111 HP) E DESCARGA LIVRE (UNIDADE: M3). AF_07/2020","m³",1208.47,9.3000000000000007,11.54,13945.74,1.1621475441346654E-3]
[" 1.10 "," 97914 ","SINAPI","TRANSPORTE COM CAMINHÃO BASCULANTE DE 6 M³, EM VIA URBANA PAVIMENTADA, DMT ATÉ 30 KM (UNIDADE: M3XKM). AF_07/2020","M3XKM",9063.51,2.97,3.68,33353.71,2.7794819180824988E-3]
[" 1.11 "," 99059 ","SINAPI","LOCAÇÃO CONVENCIONAL DE OBRA, UTILIZANDO GABARITO DE TÁBUAS CORRIDAS PONTALETADAS A CADA 2,00M - 2 UTILIZAÇÕES. AF_03/2024","M",181.74,60.1,74.569999999999993,13552.35,1.129364972368152E-3]
[" 1.12 "," 4654 ","ORSE","Locação de container - Almoxarifado sem banheiro - 6,00 x 2,40m - Rev 02_02/2022","mês",14,800,992.72,13898.08,1.1581758687733393E-3]
[" 1.13 "," 105118 ","SINAPI","TAPUME EM CHAPA DE MADEIRA OSB. AF_03/2024","m²",260,67.91,84.26,21907.599999999999,1.8256373299577215E-3]
[" 1.14 "," 103689 ","SINAPI","FORNECIMENTO E INSTALAÇÃO DE PLACA DE OBRA COM CHAPA GALVANIZADA E ESTRUTURA DE MADEIRA. AF_03/2022_PS","m²",6,465.11,577.15,3462.9,2.885756317401538E-4]
[" 1.15 "," 505 ","Próprio","Projeto Executivo","un",1,150773.45000000001,187094.77,187094.77,1.5591264965210886E-2]
[" 2 ","  ",null,"ADMINISTRAÇÃO DE OBRA",null,1,"",771380.44,771380.44,6.4281844057003615E-2]
[" 2.1 "," 506 ","Próprio","ADMINISTRAÇÃO LOCAL / MANUTENÇÃO DO CANTEIRO DE OBRAS","GLOBAL",1,621629.81999999995,771380.44,771380.44,6.4281844057003615E-2]
[" 3 ","  ",null,"MOVIMENTO DE TERRA",null,1,"",11551.88,11551.88,9.6265877408716624E-4]
[" 3.1 "," 96527 ","SINAPI","ESCAVAÇÃO MANUAL PARA VIGA BALDRAME OU SAPATA CORRIDA (INCLUINDO ESCAVAÇÃO PARA COLOCAÇÃO DE FÔRMAS). AF_01/2024","m³",23.15,101.73,126.23,2922.22,2.4351886643671843E-4]
[" 3.2 "," 96523 ","SINAPI","ESCAVAÇÃO MANUAL PARA BLOCO DE COROAMENTO OU SAPATA (INCLUINDO ESCAVAÇÃO PARA COLOCAÇÃO DE FÔRMAS). AF_01/2024","m³",58.7,92.42,114.68,6731.71,5.6097706140561697E-4]
[" 3.3 "," 104737 ","SINAPI","REATERRO MANUAL DE VALAS, COM PLACA VIBRATÓRIA. AF_08/2023","m³",31.93,21.52,26.7,852.53,7.1044322194528672E-5]
[" 3.4 "," 100975 ","SINAPI","CARGA, MANOBRA E DESCARGA DE SOLOS E MATERIAIS GRANULARES EM CAMINHÃO BASCULANTE 14 M³ - CARGA COM PÁ CARREGADEIRA (CAÇAMBA DE 1,7 A 2,8 M³ / 128 HP) E DESCARGA LIVRE (UNIDADE: M3). AF_07/2020","m³",99.85,8.44,10.47,1045.42,8.7118524050302232E-5]
[" 4 ","  ",null,"INFRAESTRUTURA",null,1,"",492295.88,492295.88,4.1024746476674159E-2]
[" 4.1 "," 96619 ","SINAPI","LASTRO DE CONCRETO MAGRO, APLICADO EM BLOCOS DE COROAMENTO OU SAPATAS, ESPESSURA DE 5 CM. AF_01/2024","m²",144.53,38.25,47.46,6859.39,5.7161708469840125E-4]
[" 4.2 "," 104916 ","SINAPI","ARMAÇÃO DE SAPATA ISOLADA, VIGA BALDRAME E SAPATA CORRIDA UTILIZANDO AÇO CA-60 DE 5 MM - MONTAGEM. AF_01/2024","KG",460.54,18.260000000000002,22.65,10431.23,8.6927106964591666E-4]
[" 4.3 "," 104918 ","SINAPI","ARMAÇÃO DE SAPATA ISOLADA, VIGA BALDRAME E SAPATA CORRIDA UTILIZANDO AÇO CA-50 DE 8 MM - MONTAGEM. AF_01/2024","KG",1209.69,16.29,20.21,24447.83,2.0373236267076395E-3]
[" 4.4 "," 104919 ","SINAPI","ARMAÇÃO DE SAPATA ISOLADA, VIGA BALDRAME E SAPATA CORRIDA UTILIZANDO AÇO CA-50 DE 10 MM - MONTAGEM. AF_01/2024","KG",632.79,14.65,18.170000000000002,11497.79,9.5815126421947591E-4]
[" 4.5 "," 104920 ","SINAPI","ARMAÇÃO DE BLOCO, SAPATA ISOLADA, VIGA BALDRAME E SAPATA CORRIDA UTILIZANDO AÇO CA-50 DE 12,5 MM - MONTAGEM. AF_01/2024","KG",27.73,12.46,15.46,428.7,3.5725078208150379E-5]
[" 4.6 "," 96536 ","SINAPI","FABRICAÇÃO, MONTAGEM E DESMONTAGEM DE FÔRMA PARA VIGA BALDRAME, EM MADEIRA SERRADA, E=25 MM, 4 UTILIZAÇÕES. AF_01/2024","m²",283.06,73.59,91.31,25846.2,2.1538547151469471E-3]
[" 4.7 "," 96555 ","SINAPI","CONCRETAGEM DE BLOCO DE COROAMENTO OU VIGA BALDRAME, FCK 30 MPA, COM USO DE JERICA - LANÇAMENTO, ADENSAMENTO E ACABAMENTO. AF_01/2024","m³",51.52,725.19,899.88,46361.81,3.8634926244959372E-3]
[" 4.8 "," 98557 ","SINAPI","IMPERMEABILIZAÇÃO DE SUPERFÍCIE COM EMULSÃO ASFÁLTICA, 2 DEMÃOS. AF_09/2023","m²",271.82,48.13,59.72,16233.09,1.35276046141811E-3]
[" 4.9 "," 031512 ","SBC","ESTACA HELICE CONTINUA 30CM 40MPA LANC.MEC.BOMBEA.+FERRAGENS","M",496,241.29,299.41000000000003,148507.35999999999,1.2375640425672832E-2]
[" 4.10 "," 94962 ","SINAPI","CONCRETO MAGRO PARA LASTRO, TRAÇO 1:4,5:4,5 (EM MASSA SECA DE CIMENTO/ AREIA MÉDIA/ BRITA 1) - PREPARO MECÂNICO COM BETONEIRA 400 L. AF_05/2021","m³",4.7699999999999996,388.71,482.35,2300.8000000000002,1.9173375307047442E-4]
[" 4.11 "," 7369 ","ORSE","Concreto Armado fck=30,0MPa, usinado, bombeado, adensado e lançado, para uso Geral, com formas planas em compensado resinado 12mm (05 usos)","m³",65.47,2454.1799999999998,3045.39,199381.68,1.6615176373390276E-2]
[" 5 ","  ",null,"SUPERESTRUTURA",null,1,"",1010241.98,1010241.98,8.4187015966075779E-2]
[" 5.1 "," 103328 ","SINAPI","ALVENARIA DE VEDAÇÃO DE BLOCOS CERÂMICOS FURADOS NA HORIZONTAL DE 9X19X19 CM (ESPESSURA 9 CM) E ARGAMASSA DE ASSENTAMENTO COM PREPARO EM BETONEIRA. AF_12/2021","m²",897.41,94.01,116.65,104682.87,8.7235915973959393E-3]
[" 5.2 "," 104111 ","SINAPI","ARMAÇÃO DE PILAR OU VIGA DE ESTRUTURA DE CONCRETO ARMADO EMBUTIDA EM ALVENARIA DE VEDAÇÃO UTILIZANDO AÇO CA-60 DE 5,0 MM - MONTAGEM. AF_06/2022","KG",803.52,21.82,27.07,21751.279999999999,1.8126106347734479E-3]
[" 5.3 "," 92761 ","SINAPI","ARMAÇÃO DE PILAR OU VIGA DE ESTRUTURA CONVENCIONAL DE CONCRETO ARMADO UTILIZANDO AÇO CA-50 DE 8,0 MM - MONTAGEM. AF_06/2022","KG",690.17,14.46,17.940000000000001,12381.64,1.031805592127742E-3]
[" 5.4 "," 104108 ","SINAPI","ARMAÇÃO DE PILAR OU VIGA DE ESTRUTURA DE CONCRETO ARMADO EMBUTIDA EM ALVENARIA DE VEDAÇÃO UTILIZANDO AÇO CA-50 DE 10,0 MM - MONTAGEM. AF_06/2022","KG",1317.92,14.72,18.260000000000002,24065.21,2.0054385569059077E-3]
[" 5.5 "," 92763 ","SINAPI","ARMAÇÃO DE PILAR OU VIGA DE ESTRUTURA CONVENCIONAL DE CONCRETO ARMADO UTILIZANDO AÇO CA-50 DE 12,5 MM - MONTAGEM. AF_06/2022","KG",77.040000000000006,11.01,13.66,1052.3599999999999,8.7696858649706399E-5]
[" 5.6 "," 92423 ","SINAPI","MONTAGEM E DESMONTAGEM DE FÔRMA DE PILARES RETANGULARES E ESTRUTURAS SIMILARES, PÉ-DIREITO SIMPLES, EM CHAPA DE MADEIRA COMPENSADA RESINADA, 6 UTILIZAÇÕES. AF_09/2020","m²",588.49,92.37,114.62,67452.72,5.6210723054641223E-3]
[" 5.7 "," 103669 ","SINAPI","CONCRETAGEM DE PILARES, FCK = 25 MPA, COM USO DE BALDES - LANÇAMENTO, ADENSAMENTO E ACABAMENTO. AF_02/2022","m³",25.08,941.35,1168.1199999999999,29296.44,2.4413753445775253E-3]
[" 5.8 "," 103682 ","SINAPI","CONCRETAGEM DE VIGAS E LAJES, FCK=25 MPA, PARA QUALQUER TIPO DE LAJE COM BALDES EM EDIFICAÇÃO TÉRREA - LANÇAMENTO, ADENSAMENTO E ACABAMENTO. AF_02/2022","m³",19.649999999999999,958.88,1189.8699999999999,23380.94,1.9484159320738779E-3]
[" 5.9 "," 105036 ","SINAPI","VERGA PRÉ-FABRICADA COM ATÉ 1,5 M DE VÃO, ESPESSURA DE *15* CM. AF_03/2024","M",267.60000000000002,47.16,58.52,15659.95,1.3049986901929659E-3]
[" 5.10 "," 101959 ","SINAPI","LAJE PRÉ-MOLDADA UNIDIRECIONAL COM VÃOS MAIORES QUE 3,0 M, BIAPOIADA, PARA PISO, ENCHIMENTO EM EPS, VIGOTA PROTENDIDA, ALTURA TOTAL DA LAJE \"LT\" = 12 CM (ENCHIMENTO+CAPA) = (8+4). AF_08/2025","m²",475.91,84.36,104.68,49818.25,4.1515299217242535E-3]
[" 5.11 "," 4348 ","ORSE","Estrutura Galpões em Pórticos Pré-Moldados de Concreto Armado, com Lanternim,montada e com telha de 6mm, inclusive fundação - Rev 05 - 09/2021","m²",1176,452.76,561.82000000000005,660700.31999999995,5.5058480532190299E-2]
[" 6 ","  ",null,"COBERTA",null,1,"",3246999.58,3246999.58,0.27058389068656735]
[" 6.1 "," 92580 ","SINAPI","TRAMA DE AÇO COMPOSTA POR TERÇAS PARA TELHADOS DE ATÉ 2 ÁGUAS PARA TELHA ONDULADA DE FIBROCIMENTO, METÁLICA, PLÁSTICA OU TERMOACÚSTICA, INCLUSO TRANSPORTE VERTICAL. AF_07/2019","m²",7246.29,45.94,57,413038.53,3.4419952851013451E-2]
[" 6.2 "," 94216 ","SINAPI","TELHAMENTO COM TELHA METÁLICA TERMOACÚSTICA E = 30 MM, COM ATÉ 2 ÁGUAS, INCLUSO IÇAMENTO. AF_07/2019","m²",7246.29,198.49,246.3,1784761.22,0.14873042726236035]
[" 6.3 "," 9077 ","ORSE","Cumeeira termoacústica","m",443.68,153.53,190.51,84525.47,7.0438045867288746E-3]
[" 6.4 "," 9101 ","ORSE","Calha em chapa de aluminio, desenvolvimento 85 cm","m",542.5,143.41999999999999,177.96,96543.3,8.0452926124864113E-3]
[" 6.5 "," 481 ","Próprio","FONECIMENTO E INSTALAÇÃO DE ESTRUTURA METALICA EM METALON 50X30 MM, PARA FIXAÇÃO DE PLACA CIMENTICIA","m²",1564.62,153.08000000000001,189.95,297199.56,2.4766684218399535E-2]
[" 6.6 "," 12828 ","ORSE","Placa cimentícia e =6mm, para fechamento da fachada (1 lado/face), juntas aparentes, fixada em estrutura metalica, exclusive esta (fornecimento e assentamento)","m²",1564.62,79.91,99.16,155147.71,1.2929004137078223E-2]
[" 6.7 "," 96116 ","SINAPI","FORRO EM RÉGUAS DE PVC, FRISADO, PARA AMBIENTES COMERCIAIS, INCLUSIVE ESTRUTURA BIDIRECIONAL DE FIXAÇÃO. AF_08/2023_PS","m²",2130.14,79.760000000000005,98.97,210819.95,1.7568367626751465E-2]
[" 6.8 "," 98546 ","SINAPI","IMPERMEABILIZAÇÃO DE SUPERFÍCIE COM MANTA ASFÁLTICA, UMA CAMADA, INCLUSIVE APLICAÇÃO DE PRIMER ASFÁLTICO, E=4MM. AF_09/2023","m²",406.84,131.19999999999999,162.80000000000001,66233.55,5.519474583049775E-3]
[" 6.9 "," 98562 ","SINAPI","IMPERMEABILIZAÇÃO DE SUPERFÍCIE COM ARGAMASSA DE CIMENTO E AREIA, COM ADITIVO IMPERMEABILIZANTE, E = 1,5CM. AF_09/2023","m²",406.84,49.1,60.92,24784.69,2.0653953548279975E-3]
[" 6.10 "," 00010527 ","SINAPI","LOCACAO DE ANDAIME METALICO TUBULAR DE ENCAIXE, TIPO DE TORRE, CADA PAINEL COM LARGURA DE 1 ATE 1,5 M E ALTURA DE *1,00* M, INCLUINDO DIAGONAL, BARRAS DE LIGACAO, SAPATAS OU RODIZIOS E DEMAIS ITENS NECESSARIOS A MONTAGEM (NAO INCLUI INSTALACAO)","MXMES",1920,44,54.59,104812.8,8.7344191210991934E-3]
[" 6.11 "," 97064 ","SINAPI","MONTAGEM E DESMONTAGEM DE ANDAIME TUBULAR TIPO \"TORRE\" (EXCLUSIVE ANDAIME E LIMPEZA). AF_03/2024","M",320,23,28.54,9132.7999999999993,7.6106833277209184E-4]
[" 7 ","  ",null,"PAVIMENTAÇÃO",null,1,"",1601574.36,1601574.36,0.13346482217673988]
[" 7.1 "," 95241 ","SINAPI","LASTRO DE CONCRETO MAGRO, APLICADO EM PISOS, LAJES SOBRE SOLO OU RADIERS, ESPESSURA DE 5 CM. AF_01/2024","m²",6808,35.340000000000003,43.85,298530.8,2.4877621127925586E-2]
[" 7.2 "," 101750 ","SINAPI","PISO CIMENTADO, TRAÇO 1:3 (CIMENTO E AREIA), ACABAMENTO RÚSTICO, ESPESSURA 4,0 CM, PREPARO MECÂNICO DA ARGAMASSA. AF_09/2020","m²",6808,51.85,64.34,438026.72,3.6502306576299479E-2]
[" 7.3 "," 87263 ","SINAPI","REVESTIMENTO CERÂMICO PARA PISO COM PLACAS TIPO PORCELANATO DE DIMENSÕES 60X60 CM APLICADA EM AMBIENTES DE ÁREA MAIOR QUE 10 M². AF_02/2023_PE","m²",555.89,117.85,146.24,81293.350000000006,6.7744606637568034E-3]
[" 7.4 "," 87250 ","SINAPI","REVESTIMENTO CERÂMICO PARA PISO COM PLACAS TIPO ESMALTADA DE DIMENSÕES 45X45 CM APLICADA EM AMBIENTES DE ÁREA ENTRE 5 M2 E 10 M2. AF_02/2023_PE","m²",454.18,62.43,77.459999999999994,35180.78,2.9317380847299571E-3]
[" 7.5 "," 104162 ","SINAPI","PISO EM GRANILITE, MARMORITE OU GRANITINA EM AMBIENTES INTERNOS, COM ESPESSURA DE 8 MM, INCLUSO MISTURA EM BETONEIRA, COLOCAÇÃO DAS JUNTAS, APLICAÇÃO DO PISO, 4 POLIMENTOS COM POLITRIZ, ESTUCAMENTO, SELADOR E CERA. AF_06/2022","m²",5989.3,100.72,124.98,748542.71,6.2378695724028058E-2]
[" 8 ","  ",null,"REVESTIMENTOS",null,1,"",964964.69,964964.69,8.0413900206096539E-2]
[" 8.1 "," 87879 ","SINAPI","CHAPISCO APLICADO EM ALVENARIAS E ESTRUTURAS DE CONCRETO INTERNAS, COM COLHER DE PEDREIRO. ARGAMASSA TRAÇO 1:3 COM PREPARO EM BETONEIRA 400L. AF_10/2022","m²",2259.34,4.3,5.33,12042.28,1.0035255302179732E-3]
[" 8.2 "," 104951 ","SINAPI","MASSA ÚNICA, EM ARGAMASSA TRAÇO 1:2:8, PREPARO MECÂNICO, APLICADA MANUALMENTE EM PAREDES INTERNAS DE AMBIENTES COM ÁREA MAIOR QUE 10M², E = 17,5MM, COM TALISCAS. AF_03/2024","m²",2259.34,31.35,38.9,87888.320000000007,7.324042700216811E-3]
[" 8.3 "," 87547 ","SINAPI","MASSA ÚNICA, EM ARGAMASSA TRAÇO 1:2:8, PREPARO MECÂNICO, APLICADA MANUALMENTE EM PAREDES INTERNAS DE AMBIENTES COM ÁREA ENTRE 5M² E 10M², E = 10MM, COM TALISCAS. AF_03/2024","m²",2799.72,24.84,30.82,86287.37,7.1906299081539744E-3]
[" 8.4 "," 499 ","Próprio","REVESTIMENTO CERÂMICO PARA PAREDES PLACAS ACETINADO 7x26cm NEUTAL GRAFITE, OU SIMILAR, FORNECIMENTO E INSTALAÇÃO","m²",2425.02,213.58,265.02999999999997,642703.05000000005,5.3558704748931145E-2]
[" 8.5 "," 87273 ","SINAPI","REVESTIMENTO CERÂMICO PARA PAREDES INTERNAS COM PLACAS TIPO ESMALTADA DE DIMENSÕES 33X45 CM APLICADAS NA ALTURA INTEIRA DAS PAREDES. AF_02/2023_PE","m²",1539.44,66.25,82.2,126541.96,1.0545186418503934E-2]
[" 8.6 "," 105941 ","SINAPI","REVESTIMENTO NÃO ADERIDO DE PAREDES EXTERNAS COM PLACAS DE GRANITO DE ÁREA MAIOR QUE 10000 CM2, FIXADAS COM INSERTE METÁLICO. AF_03/2025","m²",182.06,42.06,52.19,9501.7099999999991,7.9181090007269541E-4]
[" 9 ","  ",null,"INSTALAÇÕES HIDROSSANITARIAS",null,1,"",274405.09000000003,274405.09000000003,2.286714089331594E-2]
[" 9.1 "," 89356 ","SINAPI","TUBO, PVC, SOLDÁVEL, DE 25MM, INSTALADO EM RAMAL OU SUB-RAMAL DE ÁGUA - FORNECIMENTO E INSTALAÇÃO. AF_06/2022","M",500,24.84,30.82,15410,1.2841694779276822E-3]
[" 9.2 "," 89357 ","SINAPI","TUBO, PVC, SOLDÁVEL, DE 32MM, INSTALADO EM RAMAL OU SUB-RAMAL DE ÁGUA - FORNECIMENTO E INSTALAÇÃO. AF_06/2022","M",100,33.979999999999997,42.16,4216,3.5133410246223929E-4]
[" 9.3 "," 103979 ","SINAPI","TUBO, PVC, SOLDÁVEL, DE 50MM, INSTALADO EM RAMAL DE DISTRIBUIÇÃO DE ÁGUA - FORNECIMENTO E INSTALAÇÃO. AF_06/2022","M",50,31.02,38.49,1924.5,1.6037535108837277E-4]
[" 9.4 "," 89362 ","SINAPI","JOELHO 90 GRAUS, PVC, SOLDÁVEL, DN 25MM, INSTALADO EM RAMAL OU SUB-RAMAL DE ÁGUA - FORNECIMENTO E INSTALAÇÃO. AF_06/2022","UN",195,9.7200000000000006,12.06,2351.6999999999998,1.9597542902287669E-4]
[" 9.5 "," 89367 ","SINAPI","JOELHO 90 GRAUS, PVC, SOLDÁVEL, DN 32MM, INSTALADO EM RAMAL OU SUB-RAMAL DE ÁGUA - FORNECIMENTO E INSTALAÇÃO. AF_06/2022","UN",60,13.35,16.559999999999999,993.6,8.280018126339681E-5]
[" 9.6 "," 103984 ","SINAPI","JOELHO 90 GRAUS, PVC, SOLDÁVEL, DN 50MM, INSTALADO EM RAMAL DE DISTRIBUIÇÃO DE ÁGUA - FORNECIMENTO E INSTALAÇÃO. AF_06/2022","UN",12,19.649999999999999,24.38,292.56,2.4380053372000172E-5]
[" 9.7 "," 89395 ","SINAPI","TE, PVC, SOLDÁVEL, DN 25MM, INSTALADO EM RAMAL OU SUB-RAMAL DE ÁGUA - FORNECIMENTO E INSTALAÇÃO. AF_06/2022","UN",100,13.36,16.57,1657,1.3808363562142564E-4]
[" 9.8 "," 89398 ","SINAPI","TE, PVC, SOLDÁVEL, DN 32MM, INSTALADO EM RAMAL OU SUB-RAMAL DE ÁGUA - FORNECIMENTO E INSTALAÇÃO. AF_06/2022","UN",30,18.579999999999998,23.05,691.5,5.762512615100533E-5]
[" 9.9 "," 104004 ","SINAPI","TE, PVC, SOLDÁVEL, DN 50MM, INSTALADO EM RAMAL DE DISTRIBUIÇÃO DE ÁGUA - FORNECIMENTO E INSTALAÇÃO. AF_06/2022","UN",10,29.67,36.81,368.1,3.0675067152834509E-5]
[" 9.10 "," 90373 ","SINAPI","JOELHO 90 GRAUS COM BUCHA DE LATÃO, PVC, SOLDÁVEL, DN 25MM, X 1/2 INSTALADO EM RAMAL OU SUB-RAMAL DE ÁGUA - FORNECIMENTO E INSTALAÇÃO. AF_06/2022","UN",195,13.29,16.489999999999998,3215.55,2.6796308661585714E-4]
[" 9.11 "," 89712 ","SINAPI","TUBO PVC, SERIE NORMAL, ESGOTO PREDIAL, DN 50 MM, FORNECIDO E INSTALADO EM RAMAL DE DESCARGA OU RAMAL DE ESGOTO SANITÁRIO. AF_08/2022","M",585,28.07,34.83,20375.55,1.6979662171310436E-3]
[" 9.12 "," 89714 ","SINAPI","TUBO PVC, SERIE NORMAL, ESGOTO PREDIAL, DN 100 MM, FORNECIDO E INSTALADO EM RAMAL DE DESCARGA OU RAMAL DE ESGOTO SANITÁRIO. AF_08/2022","M",900,39.1,48.51,43659,3.6382579647530611E-3]
[" 9.13 "," 89732 ","SINAPI","JOELHO 45 GRAUS, PVC, SERIE NORMAL, ESGOTO PREDIAL, DN 50 MM, JUNTA ELÁSTICA, FORNECIDO E INSTALADO EM RAMAL DE DESCARGA OU RAMAL DE ESGOTO SANITÁRIO. AF_08/2022","UN",195,16.39,20.329999999999998,3964.35,3.3036322322015614E-4]
[" 9.14 "," 89746 ","SINAPI","JOELHO 45 GRAUS, PVC, SERIE NORMAL, ESGOTO PREDIAL, DN 100 MM, JUNTA ELÁSTICA, FORNECIDO E INSTALADO EM RAMAL DE DESCARGA OU RAMAL DE ESGOTO SANITÁRIO. AF_08/2022","UN",50,29.25,36.29,1814.5,1.5120866435430104E-4]
[" 9.15 "," 89731 ","SINAPI","JOELHO 90 GRAUS, PVC, SERIE NORMAL, ESGOTO PREDIAL, DN 50 MM, JUNTA ELÁSTICA, FORNECIDO E INSTALADO EM RAMAL DE DESCARGA OU RAMAL DE ESGOTO SANITÁRIO. AF_08/2022","UN",390,15.67,19.440000000000001,7581.6,6.3180138311852787E-4]
[" 9.16 "," 89744 ","SINAPI","JOELHO 90 GRAUS, PVC, SERIE NORMAL, ESGOTO PREDIAL, DN 100 MM, JUNTA ELÁSTICA, FORNECIDO E INSTALADO EM RAMAL DE DESCARGA OU RAMAL DE ESGOTO SANITÁRIO. AF_08/2022","UN",30,28.43,35.270000000000003,1058.0999999999999,8.8175193030193407E-5]
[" 9.17 "," 89797 ","SINAPI","JUNÇÃO SIMPLES, PVC, SERIE NORMAL, ESGOTO PREDIAL, DN 100 X 100 MM, JUNTA ELÁSTICA, FORNECIDO E INSTALADO EM RAMAL DE DESCARGA OU RAMAL DE ESGOTO SANITÁRIO. AF_08/2022","UN",140,52.31,64.91,9087.4,7.5728499115639317E-4]
[" 9.18 "," 98109 ","SINAPI","CAIXA DE GORDURA ESPECIAL (CAPACIDADE: 312 L - PARA ATÉ 146 PESSOAS SERVIDAS NO PICO), RETANGULAR, EM ALVENARIA COM BLOCOS DE CONCRETO, DIMENSÕES INTERNAS = 0,4X1,2 M, ALTURA INTERNA = 1 M. AF_12/2020","UN",100,776.28,963.28,96328,8.0273509065423593E-3]
[" 9.19 "," 99268 ","SINAPI","POÇO DE INSPEÇÃO CIRCULAR PARA DRENAGEM, EM CONCRETO PRÉ-MOLDADO, DIÂMETRO INTERNO = 0,60 M, PROFUNDIDADE = 0,90 M, EXCLUINDO TAMPÃO. AF_12/2020","UN",38,403.34,500.5,19019,1.5849201363209984E-3]
[" 9.20 "," 98114 ","SINAPI","TAMPA CIRCULAR PARA ESGOTO E DRENAGEM, EM FERRO FUNDIDO, DIÂMETRO INTERNO = 0,6 M. AF_12/2020","UN",38,602.32000000000005,747.41,28401.58,2.3668035146606941E-3]
[" 9.21 "," 89585 ","SINAPI","JOELHO 45 GRAUS, PVC, SERIE R, ÁGUA PLUVIAL, DN 100 MM, JUNTA ELÁSTICA, FORNECIDO E INSTALADO EM CONDUTORES VERTICAIS DE ÁGUAS PLUVIAIS. AF_06/2022","UN",50,45.93,56.99,2849.5,2.3745885317033941E-4]
[" 9.22 "," 89584 ","SINAPI","JOELHO 90 GRAUS, PVC, SERIE R, ÁGUA PLUVIAL, DN 100 MM, JUNTA ELÁSTICA, FORNECIDO E INSTALADO EM CONDUTORES VERTICAIS DE ÁGUAS PLUVIAIS. AF_06/2022","UN",25,44.92,55.74,1393.5,1.161252542175357E-4]
[" 9.23 "," 89512 ","SINAPI","TUBO PVC, SÉRIE R, ÁGUA PLUVIAL, DN 100 MM, FORNECIDO E INSTALADO EM RAMAL DE ENCAMINHAMENTO. AF_06/2022","M",125,49.98,62.02,7752.5,6.4604308096264469E-4]
[" 10 ","  ",null,"INSTALAÇÕES ELETRICAS",null,1,"",629016.01,629016.01,5.24181155853247E-2]
[" 10.1 "," 91953 ","SINAPI","INTERRUPTOR SIMPLES (1 MÓDULO), 10A/250V, INCLUINDO SUPORTE E PLACA - FORNECIMENTO E INSTALAÇÃO. AF_03/2023","UN",237,36.75,45.6,10807.2,9.0060197156781611E-4]
[" 10.2 "," 91959 ","SINAPI","INTERRUPTOR SIMPLES (2 MÓDULOS), 10A/250V, INCLUINDO SUPORTE E PLACA - FORNECIMENTO E INSTALAÇÃO. AF_03/2023","UN",10,56.4,69.98,699.8,5.8316794331848922E-5]
[" 10.3 "," 91996 ","SINAPI","TOMADA MÉDIA DE EMBUTIR (1 MÓDULO), 2P+T 10 A, INCLUINDO SUPORTE E PLACA - FORNECIMENTO E INSTALAÇÃO. AF_03/2023","UN",1088,42.87,53.19,57870.720000000001,4.8225705574107122E-3]
[" 10.4 "," 91940 ","SINAPI","CAIXA RETANGULAR 4\" X 2\" MÉDIA (1,30 M DO PISO), PVC, INSTALADA EM PAREDE - FORNECIMENTO E INSTALAÇÃO. AF_03/2023","UN",1380,18.53,22.99,31726.2,2.6438557878409623E-3]
[" 10.5 "," 91936 ","SINAPI","CAIXA OCTOGONAL 4\" X 4\", PVC, INSTALADA EM LAJE - FORNECIMENTO E INSTALAÇÃO. AF_03/2023","UN",379,17.04,21.14,8012.06,6.6767312831442335E-4]
[" 10.6 "," 90456 ","SINAPI","QUEBRA EM ALVENARIA PARA INSTALAÇÃO DE CAIXA DE TOMADA (4X4 OU 4X2). AF_09/2023","UN",1380,6.03,7.48,10322.4,8.6020188312528915E-4]
[" 10.7 "," 91852 ","SINAPI","ELETRODUTO FLEXÍVEL CORRUGADO, PVC, DN 20 MM (1/2\"), PARA CIRCUITOS TERMINAIS, INSTALADO EM PAREDE - FORNECIMENTO E INSTALAÇÃO. AF_03/2023","M",1352.05,9.92,12.3,16630.21,1.3858538671984242E-3]
[" 10.8 "," 91854 ","SINAPI","ELETRODUTO FLEXÍVEL CORRUGADO, PVC, DN 25 MM (3/4\"), PARA CIRCUITOS TERMINAIS, INSTALADO EM PAREDE - FORNECIMENTO E INSTALAÇÃO. AF_03/2023","M",2866.53,10.71,13.29,38096.18,3.1746886165891631E-3]
[" 10.9 "," 91856 ","SINAPI","ELETRODUTO FLEXÍVEL CORRUGADO, PVC, DN 32 MM (1\"), PARA CIRCUITOS TERMINAIS, INSTALADO EM PAREDE - FORNECIMENTO E INSTALAÇÃO. AF_03/2023","M",8.9499999999999993,13.92,17.27,154.56,1.2880028196528393E-5]
[" 10.10 "," 90447 ","SINAPI","RASGO LINEAR MANUAL EM ALVENARIA, PARA ELETRODUTOS, DIÂMETROS MENORES OU IGUAIS A 40 MM. AF_09/2023","M",2029.2,9.11,11.3,22929.96,1.9108341831344992E-3]
[" 10.11 "," 91862 ","SINAPI","ELETRODUTO RÍGIDO ROSCÁVEL, PVC, DN 20 MM (1/2\"), PARA CIRCUITOS TERMINAIS, INSTALADO EM FORRO - FORNECIMENTO E INSTALAÇÃO. AF_03/2023","M",27.22,10.87,13.48,366.92,3.0576733604232645E-5]
[" 10.12 "," 91870 ","SINAPI","ELETRODUTO RÍGIDO ROSCÁVEL, PVC, DN 20 MM (1/2\"), PARA CIRCUITOS TERMINAIS, INSTALADO EM PAREDE - FORNECIMENTO E INSTALAÇÃO. AF_03/2023","M",169.1,14.08,17.47,2954.17,2.4618137226538745E-4]
[" 10.13 "," 91864 ","SINAPI","ELETRODUTO RÍGIDO ROSCÁVEL, PVC, DN 32 MM (1\"), PARA CIRCUITOS TERMINAIS, INSTALADO EM FORRO - FORNECIMENTO E INSTALAÇÃO. AF_03/2023","M",3.93,17.559999999999999,21.79,85.63,7.135848954896004E-6]
[" 10.14 "," 91887 ","SINAPI","CURVA 90 GRAUS PARA ELETRODUTO, PVC, ROSCÁVEL, DN 20 MM (1/2\"), PARA CIRCUITOS TERMINAIS, INSTALADA EM FORRO - FORNECIMENTO E INSTALAÇÃO. AF_03/2023","UN",7,12.17,15.1,105.7,8.8083526162852691E-6]
[" 10.15 "," 91890 ","SINAPI","CURVA 90 GRAUS PARA ELETRODUTO, PVC, ROSCÁVEL, DN 25 MM (3/4\"), PARA CIRCUITOS TERMINAIS, INSTALADA EM FORRO - FORNECIMENTO E INSTALAÇÃO. AF_03/2023","UN",41,13.53,16.78,687.98,5.7331792175515036E-5]
[" 10.16 "," 91893 ","SINAPI","CURVA 90 GRAUS PARA ELETRODUTO, PVC, ROSCÁVEL, DN 32 MM (1\"), PARA CIRCUITOS TERMINAIS, INSTALADA EM FORRO - FORNECIMENTO E INSTALAÇÃO. AF_03/2023","UN",2,16.5,20.47,40.94,3.4116741353899614E-6]
[" 10.17 "," 97236 ","SINAPI","ELETROCALHA LISA OU PERFURADA EM AÇO GALVANIZADO, LARGURA 50MM E ALTURA 50MM, INCLUSIVE EMENDA E FIXAÇÃO - FORNECIMENTO E INSTALAÇÃO. AF_04/2023","M",498,85.87,106.55,53061.9,4.4218346801330874E-3]
[" 10.18 "," 97237 ","SINAPI","ELETROCALHA LISA OU PERFURADA EM AÇO GALVANIZADO, LARGURA 75MM E ALTURA 50MM, INCLUSIVE EMENDA E FIXAÇÃO - FORNECIMENTO E INSTALAÇÃO. AF_04/2023","M",166,87.12,108.1,17944.599999999999,1.4953866069838471E-3]
[" 10.19 "," 97274 ","SINAPI","CURVA HORIZONTAL 90º PARA ELETROCALHA, LISA OU PERFURADA EM AÇO GALVANIZADO, LARGURA DE 50MM E ALTURA DE 50MM - FORNECIMENTO E INSTALAÇÃO. AF_04/2023","UN",10,75.36,93.51,935.1,7.7925170591185949E-5]
[" 10.20 "," 97277 ","SINAPI","CURVA HORIZONTAL 90º, PARA ELETROCALHA, LISA OU PERFURADA EM AÇO GALVANIZADO, LARGURA DE 75MM E ALTURA DE 50MM - FORNECIMENTO E INSTALAÇÃO. AF_04/2023","UN",5,78.17,97,485,4.0416755145679807E-5]
[" 10.21 "," 97249 ","SINAPI","EMENDA PARA ELETROCALHA, LISA OU PERFURADA EM AÇO GALVANIZADO, LARGURA 50MM E ALTURA 50MM - FORNECIMENTO E INSTALAÇÃO. AF_04/2023","UN",11,70.17,87.07,957.77,7.9814341393562364E-5]
[" 10.22 "," 97250 ","SINAPI","EMENDA PARA ELETROCALHA, LISA OU PERFURADA EM AÇO GALVANIZADO, LARGURA 75MM E ALTURA 50MM - FORNECIMENTO E INSTALAÇÃO. AF_04/2023","UN",29,72.05,89.4,2592.6,2.1605047297049374E-4]
[" 10.23 "," 97253 ","SINAPI","REDUÇÃO PARA ELETROCALHA, LISA OU PERFURADA EM AÇO GALVANIZADO, 75X50MM E ALTURA 50MM - FORNECIMENTO E INSTALAÇÃO. AF_04/2023","UN",47,71.11,88.24,4147.28,3.4560742325891744E-4]
[" 10.24 "," 97313 ","SINAPI","TÊ HORIZONTAL 90º, PARA ELETROCALHA, LISA OU PERFURADA EM AÇO GALVANIZADO, LARGURA DE 50MM E ALTURA DE 50MM - FORNECIMENTO E INSTALAÇÃO. AF_04/2023","UN",191,110.46,137.06,26178.46,2.1815431090947898E-3]
[" 10.25 "," 97314 ","SINAPI","TÊ HORIZONTAL 90º, PARA ELETROCALHA, LISA OU PERFURADA EM AÇO GALVANIZADO, LARGURA DE 75MM E ALTURA DE 50MM - FORNECIMENTO E INSTALAÇÃO. AF_04/2023","UN",79,114.21,141.72,11195.88,9.3299204247507966E-4]
[" 10.26 "," 96563 ","SINAPI","SUPORTE PARA ELETROCALHA LISA OU PERFURADA EM AÇO GALVANIZADO, LARGURA 800 MM, EM PERFILADO COM COMPRIMENTO DE 85 CM FIXADO EM LAJE, POR METRO DE ELETROCALHA FIXADA. AF_09/2023","M",664,67.87,84.21,55915.44,4.6596302007071147E-3]
[" 10.27 "," 063104 ","SBC","ABERTURA E FECHAMENTO DE ELETROCALHA","M",4,121.78,151.11000000000001,604.44000000000005,5.0370110268566393E-5]
[" 10.28 "," 063052 ","SBC","CURVA VERTICAL EXTERNA PARA ELETROCALHA 100X50mm","UN",4,42.89,53.22,212.88,1.7740038835901684E-5]
[" 10.29 "," 053778 ","SBC","SUPORTE SUSPENSAO VERTICAL PARA ELETROCALHA 75 x 50 mm","UN",20,4.66,5.78,115.6,9.6333544223517228E-6]
[" 10.30 "," 101874 ","SINAPI","QUADRO DE DISTRIBUIÇÃO DE LUZ EM PVC PARA 24 DISJUNTORES - FORNECIMENTO E INSTALAÇÃO. AF_07/2025","UN",1,290.12,360,360,3.0000065675143774E-5]
[" 10.31 "," 106025 ","SINAPI","QUADRO DE DISTRIBUIÇÃO DE ENERGIA EM CHAPA DE AÇO GALVANIZADO, DE SOBREPOR, COM BARRAMENTO TRIFÁSICO, PARA 36 DISJUNTORES DIN 100A - FORNECIMENTO E INSTALAÇÃO. AF_07/2025","UN",3,982.58,1219.28,3657.84,3.0482066730324415E-4]
[" 10.32 "," 93654 ","SINAPI","DISJUNTOR MONOPOLAR TIPO DIN, CORRENTE NOMINAL DE 16A - FORNECIMENTO E INSTALAÇÃO. AF_07/2025","UN",17,13.62,16.899999999999999,287.3,2.3941719079080016E-5]
[" 10.33 "," 93655 ","SINAPI","DISJUNTOR MONOPOLAR TIPO DIN, CORRENTE NOMINAL DE 20A - FORNECIMENTO E INSTALAÇÃO. AF_07/2025","UN",52,14.59,18.100000000000001,941.2,7.8433505037348109E-5]
[" 10.34 "," 106020 ","SINAPI","DISJUNTOR TRIPOLAR DIN 63A - FORNECIMENTO E INSTALAÇÃO. AF_07/2025","UN",1,124.44,154.41,154.41,1.286752816916375E-5]
[" 10.35 "," 106031 ","SINAPI","DISJUNTOR TRIPOLAR DIN 80A - FORNECIMENTO E INSTALAÇÃO. AF_07/2025","UN",1,49.57,61.51,61.51,5.1258445546613707E-6]
[" 10.36 "," 101894 ","SINAPI","DISJUNTOR TRIPOLAR TIPO NEMA, CORRENTE NOMINAL DE 60 ATÉ 100A - FORNECIMENTO E INSTALAÇÃO. AF_07/2025","UN",1,178.67,221.71,221.71,1.8475873780100349E-5]
[" 10.37 "," 101895 ","SINAPI","DISJUNTOR TERMOMAGNÉTICO TRIPOLAR, CORRENTE NOMINAL DE 125A - FORNECIMENTO E INSTALAÇÃO. AF_07/2025","UN",1,489.63,607.58000000000004,607.58000000000004,5.0631777508066261E-5]
[" 10.38 "," 101896 ","SINAPI","DISJUNTOR TERMOMAGNÉTICO TRIPOLAR, CORRENTE NOMINAL DE 200A - FORNECIMENTO E INSTALAÇÃO. AF_07/2025","UN",1,738.53,916.44,916.44,7.6370167187024332E-5]
[" 10.39 "," 91924 ","SINAPI","CABO DE COBRE FLEXÍVEL ISOLADO, 1,5 MM², ANTI-CHAMA 450/750 V, PARA CIRCUITOS TERMINAIS - FORNECIMENTO E INSTALAÇÃO. AF_03/2023","M",3021.8,3.49,4.33,13084.39,1.0903682203310956E-3]
[" 10.40 "," 91926 ","SINAPI","CABO DE COBRE FLEXÍVEL ISOLADO, 2,5 MM², ANTI-CHAMA 450/750 V, PARA CIRCUITOS TERMINAIS - FORNECIMENTO E INSTALAÇÃO. AF_03/2023","M",12028.6,5.1100000000000003,6.34,76261.320000000007,6.3551239124254319E-3]
[" 10.41 "," 101560 ","SINAPI","CABO DE COBRE FLEXÍVEL ISOLADO, 10 MM², 0,6/1,0 KV, PARA REDE AÉREA DE DISTRIBUIÇÃO DE ENERGIA ELÉTRICA DE BAIXA TENSÃO - FORNECIMENTO E INSTALAÇÃO. AF_07/2020","M",360,12.7,15.75,5670,4.7250103438351444E-4]
[" 10.42 "," 92984 ","SINAPI","CABO DE COBRE FLEXÍVEL ISOLADO, 25 MM², ANTI-CHAMA 0,6/1,0 KV, PARA REDE ENTERRADA DE DISTRIBUIÇÃO DE ENERGIA ELÉTRICA - FORNECIMENTO E INSTALAÇÃO. AF_12/2021","M",600,33.79,41.93,25158,2.0965045895979641E-3]
[" 10.43 "," 101563 ","SINAPI","CABO DE COBRE FLEXÍVEL ISOLADO, 35 MM², 0,6/1,0 KV, PARA REDE AÉREA DE DISTRIBUIÇÃO DE ENERGIA ELÉTRICA DE BAIXA TENSÃO - FORNECIMENTO E INSTALAÇÃO. AF_07/2020","M",400,44.1,54.72,21888,1.8240039930487414E-3]
[" 10.44 "," 101565 ","SINAPI","CABO DE COBRE FLEXÍVEL ISOLADO, 70 MM², 0,6/1,0 KV, PARA REDE AÉREA DE DISTRIBUIÇÃO DE ENERGIA ELÉTRICA DE BAIXA TENSÃO - FORNECIMENTO E INSTALAÇÃO. AF_07/2020","M",300,91.15,113.1,33930,2.8275061898823009E-3]
[" 10.45 "," 100910 ","SINAPI","LUMINÁRIA TIPO CALHA, DE SOBREPOR, COM 2 LÂMPADAS TUBULARES LED DE 18 W, SEM REATOR - FORNECIMENTO E INSTALAÇÃO. AF_09/2024","UN",74,44.27,54.93,4064.82,3.387357415489942E-4]
[" 10.46 "," 103782 ","SINAPI","LUMINÁRIA TIPO PLAFON CIRCULAR, DE SOBREPOR, COM LED DE 12/13 W - FORNECIMENTO E INSTALAÇÃO. AF_09/2024","UN",247,32.86,40.770000000000003,10070.19,8.3918433711437795E-4]
[" 10.47 "," 97607 ","SINAPI","LUMINÁRIA ARANDELA TIPO TARTARUGA, DE SOBREPOR, COM 1 LÂMPADA LED DE 6 W, SEM REATOR - FORNECIMENTO E INSTALAÇÃO. AF_09/2024","UN",9,108.79,134.99,1214.9100000000001,1.0124272163719145E-4]
[" 10.48 "," 102106 ","SINAPI","TRANSFORMADOR DE DISTRIBUIÇÃO, 150 KVA, TRIFÁSICO, 60 HZ, CLASSE 15 KV, IMERSO EM ÓLEO MINERAL, INSTALAÇÃO EM POSTE (NÃO INCLUSO SUPORTE) - FORNECIMENTO E INSTALAÇÃO. AF_12/2020","UN",1,24832.83,30815.05,30815.05,2.5679264549523309E-3]
[" 10.49 "," 102110 ","SINAPI","SUPORTE PARA TRANSFORMADOR EM POSTE DE CONCRETO DUPLO T - FORNECIMENTO E INSTALAÇÃO. AF_12/2020","UN",1,285.63,354.43,354.43,2.9535897992336687E-5]
[" 10.50 "," 100606 ","SINAPI","ASSENTAMENTO DE POSTE DE CONCRETO COM COMPRIMENTO NOMINAL DE 10 M, CARGA NOMINAL DE 1000 DAN, ENGASTAMENTO BASE CONCRETADA COM 1 M DE CONCRETO E 0,6 M DE SOLO (NÃO INCLUI FORNECIMENTO). AF_04/2025","UN",2,1681.71,2086.83,4173.66,3.4780576140477936E-4]
[" 10.51 "," 2935 ","ORSE","Poste de concreto duplo T (DT) 10/1000 - fornecimento","un",2,2860,3548.97,7097.94,5.9149629488397222E-4]
[" 10.52 "," 11381 ","ORSE","Quadro de medição indireta para transformadores de até 225 kva","un",1,2534.04,3144.49,3144.49,2.6204140698564681E-4]
[" 10.53 "," 13535 ","ORSE","Montagem de acessórios para subestação transformadora em poste com elo fusível 3H, em poste com 11 m","un",1,7287.65,9043.24,9043.24,7.5360498310024222E-4]
[" 11 ","  ",null,"ESQUADRIAS",null,1,"",901169.54,901169.54,7.5097626067886405E-2]
[" 11.1 "," 100701 ","SINAPI","PORTA DE FERRO, DE ABRIR, TIPO GRADE COM CHAPA, COM GUARNIÇÕES. AF_12/2019","m²",22.5,696.86,864.73,19456.419999999998,1.6213718827866135E-3]
[" 11.2 "," 12710 ","ORSE","Porta de enrolar, em perfil meia cana fechado, em chapa de aço galvanizado nº22","m²",1420.23,356.36,442.2,628025.69999999995,5.2335589571328167E-2]
[" 11.3 "," 13135 ","ORSE","Portão em chapa de ferro n.º 18(1,25mm), de correr, quadro em tubo de ferro galvanizado/inter horizontal de 2\", inclusive trancas/ferrolho - Rev 01","m²",170,952.63,1182.1099999999999,200958.7,1.6746594994420876E-2]
[" 11.4 "," 500 ","Próprio","FORNECIMENTO E INSTALAÇÃO DE PERGOLADO METALICO EM PERFIL \"U\" DE 5\"","m²",150.43,282.48,350.52,52728.72,4.3940696193507413E-3]
[" 12 ","  ",null,"LOUÇAS E ACESSORIOS",null,1,"",485144.51,485144.51,4.0428797672042903E-2]
[" 12.1 "," 86935 ","SINAPI","CUBA DE EMBUTIR DE AÇO INOXIDÁVEL MÉDIA, INCLUSO VÁLVULA TIPO AMERICANA EM METAL CROMADO E SIFÃO FLEXÍVEL EM PVC - FORNECIMENTO E INSTALAÇÃO. AF_01/2020","UN",227,295.10000000000002,366.18,83122.86,6.926920164182726E-3]
[" 12.2 "," 86885 ","SINAPI","ENGATE FLEXÍVEL EM PLÁSTICO BRANCO, 1/2\" X 40CM - FORNECIMENTO E INSTALAÇÃO. AF_01/2020","UN",227,11.94,14.81,3361.87,2.801564466424878E-4]
[" 12.3 "," 86909 ","SINAPI","TORNEIRA CROMADA TUBO MÓVEL, DE MESA, 1/2\" OU 3/4\", PARA PIA DE COZINHA, PADRÃO ALTO - FORNECIMENTO E INSTALAÇÃO. AF_01/2020","UN",227,144.41999999999999,179.21,40680.67,3.3900632547468083E-3]
[" 12.4 "," 104328 ","SINAPI","CAIXA SIFONADA, COM GRELHA QUADRADA, PVC, DN 150 X 150 X 50 MM, JUNTA SOLDÁVEL, FORNECIDA E INSTALADA EM RAMAL DE DESCARGA OU EM RAMAL DE ESGOTO SANITÁRIO. AF_08/2022","UN",76,64.349999999999994,79.849999999999994,6068.6,5.0571777376715976E-4]
[" 12.5 "," 89987 ","SINAPI","REGISTRO DE GAVETA BRUTO, LATÃO, ROSCÁVEL, 3/4\", COM ACABAMENTO E CANOPLA CROMADOS - FORNECIMENTO E INSTALAÇÃO. AF_08/2021","UN",227,101.75,126.26,28661.02,2.388423561990581E-3]
[" 12.6 "," 10759 ","ORSE","Bancada em granito cinza andorinha, e=2cm","m²",469.43,554.91999999999996,688.6,323249.49,2.693751647071314E-2]
[" 13 ","  ",null,"PINTURA",null,1,"",792661.38,792661.38,6.6055259605972486E-2]
[" 13.1 "," 88497 ","SINAPI","EMASSAMENTO COM MASSA LÁTEX, APLICAÇÃO EM PAREDE, DUAS DEMÃOS, LIXAMENTO MANUAL. AF_04/2023","m²",7985.03,16.63,20.63,164731.16,1.3727626718729492E-2]
[" 13.2 "," 95626 ","SINAPI","APLICAÇÃO MANUAL DE TINTA LÁTEX ACRÍLICA EM PAREDE EXTERNAS DE CASAS, DUAS DEMÃOS. AF_03/2024","m²",14183.03,15.84,19.649999999999999,278696.53000000003,2.3224761676207437E-2]
[" 13.3 "," 100758 ","SINAPI","PINTURA COM TINTA ALQUÍDICA DE ACABAMENTO (ESMALTE SINTÉTICO ACETINADO) APLICADA A ROLO OU PINCEL SOBRE SUPERFÍCIES METÁLICAS (EXCETO PERFIL) EXECUTADO EM OBRA (02 DEMÃOS). AF_01/2020","m²",5652.86,49.79,61.78,349233.69,2.9102871211035559E-2]
[" 14 ","  ",null,"SERVIÇOS COMPLEMENTARES",null,1,"",344031.42,344031.42,2.8669347761980477E-2]
[" 14.1 ","  ",null,"INCENDIO E PANICO",null,1,"",328154.34000000003,328154.34000000003,2.7346254865509609E-2]
[" 14.1.1 "," 92336 ","SINAPI","TUBO DE AÇO GALVANIZADO COM COSTURA, CLASSE MÉDIA, CONEXÃO RANHURADA, DN 65 (2 1/2\"), INSTALADO EM PRUMADAS - FORNECIMENTO E INSTALAÇÃO. AF_10/2020","M",1220,112.07,139.06,169653.2,1.4137797616661949E-2]
[" 14.1.2 "," 92337 ","SINAPI","TUBO DE AÇO GALVANIZADO COM COSTURA, CLASSE MÉDIA, CONEXÃO RANHURADA, DN 80 (3\"), INSTALADO EM PRUMADAS - FORNECIMENTO E INSTALAÇÃO. AF_10/2020","M",12,147.32,182.8,2193.6,1.8280040018054273E-4]
[" 14.1.3 "," 11283 ","ORSE","Flange sextavado de ferro galvanizado, com rosca bsp, de 4\"","un",1,219.12,271.89999999999998,271.89999999999998,2.2658382936309976E-5]
[" 14.1.4 "," 94473 ","SINAPI","COTOVELO 90 GRAUS, EM FERRO GALVANIZADO, CONEXÃO ROSQUEADA, DN 65 MM (2 1/2\"), INSTALADO EM RESERVAÇÃO PREDIAL DE ÁGUA - FORNECIMENTO E INSTALAÇÃO. AF_04/2024","UN",14,124.43,154.4,2161.6,1.801337276760855E-4]
[" 14.1.5 "," 94475 ","SINAPI","COTOVELO 90 GRAUS, EM FERRO GALVANIZADO, CONEXÃO ROSQUEADA, DN 80 MM (3\"), INSTALADO EM RESERVAÇÃO PREDIAL DE ÁGUA - FORNECIMENTO E INSTALAÇÃO. AF_04/2024","UN",2,168.66,209.29,418.58,3.4881743028615781E-5]
[" 14.1.6 "," 97488 ","SINAPI","CURVA 90 GRAUS, EM AÇO, CONEXÃO SOLDADA, DN 65 (2 1/2\"), INSTALADO EM REDE DE ALIMENTAÇÃO PARA HIDRANTE - FORNECIMENTO E INSTALAÇÃO. AF_10/2020","UN",5,325.95,404.47,2022.35,1.6852953560590836E-4]
[" 14.1.7 "," 92377 ","SINAPI","NIPLE, EM FERRO GALVANIZADO, DN 65 (2 1/2\"), CONEXÃO ROSQUEADA, INSTALADO EM REDE DE ALIMENTAÇÃO PARA HIDRANTE - FORNECIMENTO E INSTALAÇÃO. AF_10/2020","UN",1,95.79,118.86,118.86,9.9050216837433028E-6]
[" 14.1.8 "," 92379 ","SINAPI","NIPLE, EM FERRO GALVANIZADO, DN 80 (3\"), CONEXÃO ROSQUEADA, INSTALADO EM REDE DE ALIMENTAÇÃO PARA HIDRANTE - FORNECIMENTO E INSTALAÇÃO. AF_10/2020","UN",2,135.91999999999999,168.66,337.32,2.8110061537609715E-5]
[" 14.1.9 "," 92897 ","SINAPI","UNIÃO, EM FERRO GALVANIZADO, DN 80 (3\"), CONEXÃO ROSQUEADA, INSTALADO EM REDE DE ALIMENTAÇÃO PARA HIDRANTE - FORNECIMENTO E INSTALAÇÃO. AF_10/2020","UN",2,316.83,393.15,786.3,6.5525143445459863E-5]
[" 14.1.10 "," 96765 ","SINAPI","ABRIGO PARA HIDRANTE, 90X60X17CM, COM REGISTRO GLOBO ANGULAR 45 GRAUS 2 1/2\", ADAPTADOR STORZ 2 1/2\", MANGUEIRA DE INCÊNDIO 20M, REDUÇÃO 2 1/2\" X 1 1/2\" E ESGUICHO EM LATÃO 1 1/2\" - FORNECIMENTO E INSTALAÇÃO. AF_10/2020","UN",5,1911.47,2371.94,11859.7,9.8831049690972957E-4]
[" 14.1.11 "," 94499 ","SINAPI","REGISTRO DE GAVETA BRUTO, LATÃO, ROSCÁVEL, 2 1/2\" - FORNECIMENTO E INSTALAÇÃO. AF_08/2021","UN",4,313.57,389.1,1556.4,1.2970028393553826E-4]
[" 14.1.12 "," 1510 ","ORSE","Fornecimento e instalação de adaptador storz para engate rápido 2 1/2\" x 2 1/2\" com tampão e corrente (incêndio)","un",5,510.29,633.21,3166.05,2.6383807758552483E-4]
[" 14.1.13 "," 2662 ","ORSE","Fornecimento e assentamento de tampão de ferro fundido TDA-600mm, 300kg/cm², para poço de visita e caixas de passagem","un",1,717.18,889.94,889.94,7.4161829019270695E-5]
[" 14.1.14 "," 94500 ","SINAPI","REGISTRO DE GAVETA BRUTO, LATÃO, ROSCÁVEL, 3\" - FORNECIMENTO E INSTALAÇÃO. AF_08/2021","UN",2,380.63,472.32,944.64,7.8720172331577263E-5]
[" 14.1.15 "," 99625 ","SINAPI","VÁLVULA DE RETENÇÃO HORIZONTAL, DE BRONZE, ROSCÁVEL, 3\" - FORNECIMENTO E INSTALAÇÃO. AF_08/2021","UN",2,914.16,1134.3800000000001,2268.7600000000002,1.8906374722538663E-4]
[" 14.1.16 "," 13835 ","ORSE","Manômetro D. 63mm (2.1/2\"), 0-250kgf/cm², rosca 1/4\" NPT-M, ligação vertical,com enchimento de glicerina, caixa inox - fornecimento e instalação","un",1,330.39,409.98,409.98,3.4165074793042903E-5]
[" 14.1.17 "," 11894 ","ORSE","Hidrante de recalque incluindo caixa em alvenaria de tijolos maciços esp. = 0,12m,  dim. int. =  0.40 x 0.60 x 0.35m, com tampa em ferro fundido 0,40 x 0,60 e fundo com brita","un",1,1269.52,1575.34,1575.34,1.3127862072411387E-4]
[" 14.1.18 "," 13319 ","ORSE","Conjunto moto-bomba centrífuga, trifasica, motor 7.5 cv, 1 1/4\", Schneider BC-22 R ou similar","un",2,8934.01,11086.21,22172.42,1.8477057116024203E-3]
[" 14.1.19 "," 101908 ","SINAPI","EXTINTOR DE INCÊNDIO PORTÁTIL COM CARGA DE PQS DE 4 KG, CLASSE BC - FORNECIMENTO E INSTALAÇÃO. AF_10/2020_PE","UN",16,260.33,323.04000000000002,5168.6400000000003,4.3072094291993088E-4]
[" 14.1.20 "," 101905 ","SINAPI","EXTINTOR DE INCÊNDIO PORTÁTIL COM CARGA DE ÁGUA PRESSURIZADA DE 10 L, CLASSE A - FORNECIMENTO E INSTALAÇÃO. AF_10/2020_PE","UN",7,268.33999999999997,332.98,2330.86,1.9423875855434892E-4]
[" 14.1.21 "," 10446 ","ORSE","Avisador sonoro tipo sirene para incêndio - Fornecimento","un",5,330.01,409.5,2047.5,1.7062537352738021E-4]
[" 14.1.22 "," 7861 ","ORSE","Acionador manual (botoeira) tipo quebra-vidro, p/instal. incendio","un",5,154.59,191.83,959.15,7.9929341645317085E-5]
[" 14.1.23 "," 12136 ","ORSE","Central de alarme de incendio com sistema de 04 laços para até 396 dispositivos, marca JFL, modelo Vulcano - 400 ou similar","un",1,2249.38,2791.25,2791.25,2.3260467587706961E-4]
[" 14.1.24 "," 8693 ","ORSE","Bateria industrial para acionamento de sirene (p/penitenciária)","un",1,304.02,377.25,377.25,3.1437568822077748E-5]
[" 14.1.25 "," 12138 ","ORSE","Placa de indicativa de \"EXTINTOR\" em pvc, dim.: 20 x 20 cm","Un",25,24.8,30.77,769.25,6.4104307001678739E-5]
[" 14.1.26 "," 10363 ","ORSE","Placa de sinalização em acrílico, dimensões 0.12 x 0.12 m, e=2mm","un",32,27.98,34.72,1111.04,9.2586869354754835E-5]
[" 14.1.27 "," 97599 ","SINAPI","LUMINÁRIA DE EMERGÊNCIA, COM 30 LÂMPADAS LED DE 2 W, SEM REATOR - FORNECIMENTO E INSTALAÇÃO. AF_09/2024","UN",30,22.02,27.32,819.6,6.8300149520410654E-5]
[" 14.1.28 "," 91993 ","SINAPI","TOMADA ALTA DE EMBUTIR (1 MÓDULO), 2P+T 20 A, INCLUINDO SUPORTE E PLACA - FORNECIMENTO E INSTALAÇÃO. AF_03/2023","UN",30,56.85,70.540000000000006,2116.1999999999998,1.7635038606038681E-4]
[" 14.1.29 "," 93655 ","SINAPI","DISJUNTOR MONOPOLAR TIPO DIN, CORRENTE NOMINAL DE 20A - FORNECIMENTO E INSTALAÇÃO. AF_07/2025","UN",1,14.59,18.100000000000001,18.100000000000001,1.5083366353336175E-6]
[" 14.1.30 "," 91924 ","SINAPI","CABO DE COBRE FLEXÍVEL ISOLADO, 1,5 MM², ANTI-CHAMA 450/750 V, PARA CIRCUITOS TERMINAIS - FORNECIMENTO E INSTALAÇÃO. AF_03/2023","M",200,3.49,4.33,866,7.2166824651873629E-5]
[" 14.1.31 "," 91926 ","SINAPI","CABO DE COBRE FLEXÍVEL ISOLADO, 2,5 MM², ANTI-CHAMA 450/750 V, PARA CIRCUITOS TERMINAIS - FORNECIMENTO E INSTALAÇÃO. AF_03/2023","M",400,5.1100000000000003,6.34,2536,2.1133379597823503E-4]
[" 14.1.32 "," 102621 ","SINAPI","CAIXA D´ÁGUA EM POLIÉSTER REFORÇADO COM FIBRA DE VIDRO, 20000 LITROS - FORNECIMENTO E INSTALAÇÃO. AF_06/2021","UN",2,12919.38,16031.65,32063.3,2.6719475160051037E-3]
[" 14.1.33 "," I-25-0049 ","Próprio","Estrutura em concreto pré-moldado para suporte de caixa d´água elevada em fibra de vidro 20.000l (h=8,50m).","Un",2,20700,25686.63,51373.26,4.2811143720728794E-3]
[" 14.2 ","  ",null,"LIMPEZA FINAL",null,1,"",15877.08,15877.08,1.323092896470866E-3]
[" 14.2.1 "," 99814 ","SINAPI","LIMPEZA DE SUPERFÍCIE COM JATO DE ALTA PRESSÃO. AF_04/2019","m²",6507,1.97,2.44,15877.08,1.323092896470866E-3]
[]
[{"$nulls":5},"Total sem BDI",null,9671013.5099999998]
[{"$nulls":5},"Total do BDI",null,2328960.2200000002]
[{"$nulls":5},"Total Geral",null,11999973.73]

{"sheet":"Cronograma","index":2,"n_rows":22,"n_cols":17,"rows_kept":22,"cut":false,"hidden":false,"merged":[[18,0,18,1],[19,0,19,1],[20,0,20,1],[21,0,21,1],[0,5,0,6],[1,5,1,6],[0,0,0,3],[2,0,2,16],[1,1,1,3],[0,15,0,16],[1,15,1,16],[0,12,0,13],[1,12,1,13],[0,10,0,11],[1,10,1,11]]}
["Obra",{"$nulls":4},"Bancos",null,null,"B.D.I.",null,"Encargos Sociais"]
[null,"REFORMA DO MERCADO PÚBLICO MUNICIPAL DE SÃO MIGUEL DOS CAMPOS  - AL",null,null,null,"SINAPI - 08/2025 - Alagoas\nSBC - 09/2025 - Alagoas\nSICRO3 - 07/2025 - Alagoas\nORSE - 07/2025 - Sergipe\n",null,null,"24,09%",null,"Não Desonerado: \nHorista: 114,41%\nMensalista: 70,12%"]
["Cronograma Físico e Financeiro"]
["Item","Descrição","Total Por Etapa","30 DIAS","60 DIAS","90 DIAS","120 DIAS","150 DIAS","180 DIAS","210 DIAS","240 DIAS","270 DIAS","300 DIAS","330 DIAS","360 DIAS","390 DIAS","420 DIAS"]
[" 1 ","SERVIÇOS PRELIMINARES","100,00%\n474.536,97","24,71%\n117.258,09","23,98%\n113.793,97","4,28%\n20.310,18","4,28%\n20.310,18","4,28%\n20.310,18","4,28%\n20.310,18","4,28%\n20.310,18","4,28%\n20.310,18","4,28%\n20.310,18","4,27%\n20.262,73","4,27%\n20.262,73","4,27%\n20.262,73","4,27%\n20.262,73","4,27%\n20.262,73"]
[" 2 ","ADMINISTRAÇÃO DE OBRA","100,00%\n771.380,44","3,91%\n30.160,98","5,47%\n42.194,51","8,76%\n67.572,93","7,59%\n58.547,78","8,63%\n66.570,13","8,50%\n65.567,34","7,04%\n54.305,18","7,04%\n54.305,18","6,64%\n51.219,66","8,28%\n63.870,30","7,07%\n54.536,60","8,09%\n62.404,68","6,79%\n52.376,73","6,19%\n47.748,45"]
[" 3 ","MOVIMENTO DE TERRA","100,00%\n11.551,88","100,00%\n11.551,88","","","","","","","","","","","","",""]
[" 4 ","INFRAESTRUTURA","100,00%\n492.295,88","30,00%\n147.688,76","40,00%\n196.918,35","30,00%\n147.688,76","","","","","","","","","","",""]
[" 5 ","SUPERESTRUTURA","100,00%\n1.010.241,98","","","20,00%\n202.048,40","20,00%\n202.048,40","30,00%\n303.072,59","30,00%\n303.072,59","","","","","","","",""]
[" 6 ","COBERTA","100,00%\n3.246.999,58","5,00%\n162.349,98","5,00%\n162.349,98","10,00%\n324.699,96","10,00%\n324.699,96","10,00%\n324.699,96","10,00%\n324.699,96","10,00%\n324.699,96","10,00%\n324.699,96","10,00%\n324.699,96","10,00%\n324.699,96","5,00%\n162.349,98","5,00%\n162.349,98","",""]
[" 7 ","PAVIMENTAÇÃO","100,00%\n1.601.574,36","","4,00%\n64.062,97","4,00%\n64.062,97","5,00%\n80.078,72","6,00%\n96.094,46","6,00%\n96.094,46","11,00%\n176.173,18","11,00%\n176.173,18","11,00%\n176.173,18","20,00%\n320.314,87","11,00%\n176.173,18","11,00%\n176.173,18","",""]
[" 8 ","REVESTIMENTOS","100,00%\n964.964,69","","","12,50%\n120.620,59","12,50%\n120.620,59","12,50%\n120.620,59","12,50%\n120.620,59","12,50%\n120.620,59","12,50%\n120.620,59","12,50%\n120.620,59","12,50%\n120.620,59","","","",""]
[" 9 ","INSTALAÇÕES HIDROSSANITARIAS","100,00%\n274.405,09","","5,00%\n13.720,25","10,00%\n27.440,51","10,00%\n27.440,51","10,00%\n27.440,51","5,00%\n13.720,25","10,00%\n27.440,51","10,00%\n27.440,51","10,00%\n27.440,51","10,00%\n27.440,51","10,00%\n27.440,51","10,00%\n27.440,51","",""]
[" 10 ","INSTALAÇÕES ELETRICAS","100,00%\n629.016,01","","10,00%\n62.901,60","5,00%\n31.450,80","5,00%\n31.450,80","5,00%\n31.450,80","5,00%\n31.450,80","5,00%\n31.450,80","5,00%\n31.450,80","5,00%\n31.450,80","5,00%\n31.450,80","10,00%\n62.901,60","10,00%\n62.901,60","30,00%\n188.704,80",""]
[" 11 ","ESQUADRIAS","100,00%\n901.169,54","","","5,00%\n45.058,48","5,00%\n45.058,48","5,00%\n45.058,48","5,00%\n45.058,48","10,00%\n90.116,95","10,00%\n90.116,95","5,00%\n45.058,48","5,00%\n45.058,48","13,00%\n117.152,04","15,00%\n135.175,43","20,00%\n180.233,91","2,00%\n18.023,39"]
[" 12 ","LOUÇAS E ACESSORIOS","100,00%\n485.144,51","","","","","","","","","","","","20,00%\n97.028,90","30,00%\n145.543,35","50,00%\n242.572,26"]
[" 13 ","PINTURA","100,00%\n792.661,38","","","","","","","","","","5,00%\n39.633,07","20,00%\n158.532,28","20,00%\n158.532,28","20,00%\n158.532,28","35,00%\n277.431,48"]
[" 14 ","SERVIÇOS COMPLEMENTARES","100,00%\n344.031,42","","","","","","","","","","","20,00%\n68.806,28","20,00%\n68.806,28","20,00%\n68.806,28","40,00%\n137.612,57"]
["Porcentagem",null,null,"3,91%","5,47%","8,76%","7,59%","8,63%","8,5%","7,04%","7,04%","6,64%","8,28%","7,07%","8,09%","6,79%","6,2%"]
["Custo",null,null,"469.009,68","655.941,63","1.050.953,57","910.255,40","1.035.317,70","1.020.594,65","845.117,35","845.117,35","796.973,35","993.351,30","848.155,19","971.075,56","814.460,08","743.650,87"]
["Porcentagem Acumulado",null,null,"3,91%","9,37%","18,13%","25,72%","34,35%","42,85%","49,89%","56,94%","63,58%","71,86%","78,92%","87,02%","93,8%","100,0%"]
["Custo Acumulado",null,null,"469.009,68","1.124.951,31","2.175.904,88","3.086.160,28","4.121.477,98","5.142.072,63","5.987.189,98","6.832.307,33","7.629.280,68","8.622.631,98","9.470.787,17","10.441.862,73","11.256.322,81","11.999.973,73"]

{"sheet":"4-BDI ","index":3,"n_rows":30,"n_cols":5,"rows_kept":30,"cut":false,"hidden":false,"merged":[[0,0,0,6],[1,0,1,6],[3,0,3,6],[4,1,4,4],[26,1,26,6],[27,1,27,6]]}
["DETALHAMENTO DOS BDI"]
["Obra: REFORMA DO MERCADO PÚBLICO MUNICIPAL DE SÃO MIGUEL DOS CAMPOS  - AL"]
[]
["DETALHAMENTO DO BDI - SERVIÇOS"]
[]
[null,"Item","Descrição dos serviços","Preço de Venda (%)","Custo Direto (%)"]
[]
[null,1,"Administração Central (A)",null,4.6800000000000001E-2]
[]
[null,2,"Impostos e Taxas (I)",{"$f":"SUM(D11:D14)","v":6.1499999999999999E-2}]
[null,"2.1","ISS",2.5000000000000001E-2]
[null,"2.2","PIS",6.5000000000000006E-3]
[null,"2.3","Cofins",0.03]
[]
[]
[null,"3","Risco, seguro e garantia (R) ",null,{"$f":"E17+E18","v":2.2699999999999998E-2}]
[null,"3.1","Seguro + Garantias",null,0.01]
[null,"3.2","Risco",null,1.2699999999999999E-2]
[]
[]
[null,4,"Despesas Financeiras (DF)",null,1.3899999999999999E-2]
[]
[null,5,"Lucro (L)",null,7.3999999999999996E-2]
[]
[null,null,"BDI* (%)",null,{"$f":"ROUND(((((1+E8+E16)*(1+E21)*(1+E23))/(1-D10))-1),4)","v":0.2409}]
[]
["Considerações:","Acórdão nº 2369/2011 - TCU - Plenário - DOU nº174 em 20 de setembro de 2011"]
[null,"(*) BDI (%) = ((((1+AC+R)*(1+DF)*(1+L))/(1-I))-1)"]
[null,"e ACÓRDÃO Nº 2622/2013 – TCU – Plenário de 25/9/2013"]
[null,"(**) Contribuição sobre a receita bruta devido a Desoneração em folha"]

{"sheet":"Encargos Sociais","index":4,"n_rows":43,"n_cols":4,"rows_kept":43,"cut":false,"hidden":false,"merged":[[0,0,0,3],[1,0,1,3],[42,0,42,1]]}
["DETALHAMENTO DOS ENCARGOS SOCIAIS"]
["Obra: REFORMA DO MERCADO PÚBLICO MUNICIPAL DE SÃO MIGUEL DOS CAMPOS  - AL"]
[]
[]
[]
["CÓDIGO","DESCRIÇÃO","HORISTA %","MENSALISTA %"]
[null,"GRUPO A"]
["A1","INSS",20,20]
["A2","SESI",1.5,1.5]
["A3","SENAI",1,1]
["A4","INCRA",0.2,0.2]
["A5","SEBRAE",0.6,0.6]
["A6","SALÁRIO EDUCAÇÃO",2.5,2.5]
["A7","SEGURO CONTRA ACIDENTES TRABALHO",3,3]
["A8","FGTS",8,8]
["A9","SECONCI",0,0]
["A","TOTAL DOS ENCARGOS SOCIAIS BÁSICOS",{"$f":"SUM(C8:C16)","v":36.799999999999997},{"$f":"SUM(D8:D16)","v":36.799999999999997}]
[null,"GRUPO B"]
["B1","REPOUSO SEMANAL REMUNERADO",18.05]
["B2","FERIADOS",4.67]
["B3","AUXÍLIO-ENFERMIDADE",0.86,0.65]
["B4","13º SALÁRIO",11.02,8.33]
["B5","LICENÇA PATERNIDADE",7.0000000000000007E-2,0.05]
["B6","FALTAS JUSTIFICADAS",0.73,0.56000000000000005]
["B7","DIAS DE CHUVAS",1.81]
["B8","AUXÍLIO ACIDENTE DE TRABALHO",0.1,7.0000000000000007E-2]
["B9","FÉRIAS GOZADAS",10.51,7.95]
["B10","SALÁRIO MATERNIDADE",0.03,0.03]
["B","TOTAL DE ENCARGOS SOCIAIS QUE RECEBEM INCIDÊNCIAS DE A",{"$f":"SUM(C19:C28)","v":47.849999999999994},{"$f":"SUM(D19:D28)","v":17.640000000000004}]
[null,"GRUPO C"]
["C1","AVISO PRÉVIO INDENIZADO",4.79,3.62]
["C2","AVISO PRÉVIO TRABALHADO",0.11,0.09]
["C3","FÉRIAS INDENIZADAS",3.51,2.65]
["C4","DEPÓSITO RESCISÃO SEM JUSTA CAUSA",2.92,2.21]
["C5","INDENIZAÇÃO ADICIONAL",0.4,0.3]
["C","TOTAL DOS E.SOCIAIS QUE NÃO RECEBEM AS INCIDÊNCIAS GLOBAIS DE A",{"$f":"SUM(C31:C35)","v":11.73},{"$f":"SUM(D31:D35)","v":8.870000000000001}]
[null,"GRUPO D"]
["D1","REINCIDÊNCIA DE A SOBRE B",17.61,6.49]
["D2","REINCIDÊNCIA DE A SOBRE AVISO PRÉVIO TRABALHADO E REINCIDÊNCIA DO FGTS SOBRE AVISO PRÉVIO INDENIZADO",0.42,0.32]
["D","TOTAL DAS TAXAS INCIDÊNCIAS E REINCIDÊNCIAS",{"$f":"SUM(C38:C39)","v":18.03},{"$f":"SUM(D38:D39)","v":6.8100000000000005}]
[]
[]
["TOTAL (A+B+C+D)",null,{"$f":"C17+C29+C36+C40","v":114.41},{"$f":"D17+D29+D36+D40","v":70.12}]

{"sheet":"CPUs","index":5,"n_rows":5231,"n_cols":10,"rows_kept":5231,"cut":false,"hidden":false,"merged":[[5060,4,5060,5],[5015,4,5015,5],[5016,4,5016,5],[5017,4,5017,5],[5018,4,5018,5],[5019,4,5019,5],[5027,4,5027,5],[5054,4,5054,5],[5055,4,5055,5],[5042,4,5042,5],[5048,4,5048,5],[5049,4,5049,5],[5050,4,5050,5],[5061,4,5061,5],[5062,4,5062,5],[5064,7,5064,8],[5066,4,5066,5],[4983,4,4983,5],[4984,4,4984,5],[4978,4,4978,5],[4979,4,4979,5],[4980,4,4980,5],[4973,4,4973,5],[4971,4,4971,5],[4972,4,4972,5],[4975,7,4975,8],[5007,4,5007,5],[5008,4,5008,5],[5009,4,5009,5],[5013,4,5013,5],[5014,4,5014,5],[5012,4,5012,5],[4999,4,4999,5],[5000,4,5000,5],[5001,4,5001,5],[5002,4,5002,5],[5006,4,5006,5],[4995,4,4995,5],[4996,4,4996,5],[4997,4,4997,5],[4998,4,4998,5],[4924,4,4924,5],[4925,4,4925,5],[4927,7,4927,8],[4913,4,4913,5],[4915,7,4915,8],[4917,4,4917,5],[4918,4,4918,5],[4919,4,4919,5],[4943,4,4943,5],[4944,4,4944,5],[4945,4,4945,5],[4946,4,4946,5],[4947,4,4947,5],[4911,4,4911,5],[4912,4,4912,5],[4935,4,4935,5],[4939,4,4939,5],[4929,4,4929,5],[4930,4,4930,5],[4931,4,4931,5],[4904,4,4904,5],[4905,4,4905,5],[4906,4,4906,5],[4907,4,4907,5],[4862,4,4862,5],[4867,4,4867,5],[4868,4,4868,5],[4895,4,4895,5],[4896,4,4896,5],[4897,4,4897,5],[4887,4,4887,5],[4893,4,4893,5],[4894,4,4894,5],[4888,4,4888,5],[4889,4,4889,5],[4891,7,4891,8],[4923,4,4923,5],[4854,4,4854,5],[4855,4,4855,5],[4841,4,4841,5],[4842,4,4842,5],[4843,4,4843,5],[4844,4,4844,5],[4881,4,4881,5],[4885,4,4885,5],[4886,4,4886,5],[4879,7,4879,8],[4882,4,4882,5],[4883,4,4883,5],[4884,4,4884,5],[4873,4,4873,5],[4874,4,4874,5],[4875,4,4875,5],[4876,4,4876,5],[4877,4,4877,5],[4767,4,4767,5],[4802,4,4802,5],[4803,4,4803,5],[4804,4,4804,5],[4792,4,4792,5],[4788,4,4788,5],[4790,7,4790,8],[4793,4,4793,5],[4794,4,4794,5],[4820,4,4820,5],[4821,4,4821,5],[4822,4,4822,5],[4784,4,4784,5],[4785,4,4785,5],[4786,4,4786,5],[4814,4,4814,5],[4815,4,4815,5],[4816,4,4816,5],[4808,4,4808,5],[4809,4,4809,5],[4810,4,4810,5],[4812,7,4812,8],[4692,4,4692,5],[4693,4,4693,5],[4695,7,4695,8],[4697,4,4697,5],[4698,4,4698,5],[4726,4,4726,5],[4727,4,4727,5],[4728,4,4728,5],[4724,4,4724,5],[4725,4,4725,5],[4713,4,4713,5],[4714,4,4714,5],[4718,4,4718,5],[4719,4,4719,5],[4754,4,4754,5],[4755,4,4755,5],[4756,4,4756,5],[4743,4,4743,5],[4744,4,4744,5],[4748,4,4748,5],[4749,4,4749,5],[4750,4,4750,5],[4736,4,4736,5],[4737,4,4737,5],[4738,4,4738,5],[4740,7,4740,8],[4742,4,4742,5],[4643,7,4643,8],[4645,4,4645,5],[4646,4,4646,5],[4647,4,4647,5],[4675,4,4675,5],[4679,4,4679,5],[4680,4,4680,5],[4676,4,4676,5],[4677,4,4677,5],[4678,4,4678,5],[4682,7,4682,8],[4667,4,4667,5],[4673,4,4673,5],[4674,4,4674,5],[4669,7,4669,8],[4671,4,4671,5],[4672,4,4672,5],[4659,4,4659,5],[4660,4,4660,5],[4664,4,4664,5],[4665,4,4665,5],[4666,4,4666,5],[4661,4,4661,5],[4662,4,4662,5],[4663,4,4663,5],[4651,4,4651,5],[4652,4,4652,5],[4653,4,4653,5],[4658,4,4658,5],[4654,4,4654,5],[4656,7,4656,8],[4685,4,4685,5],[4686,4,4686,5],[4687,4,4687,5],[4635,4,4635,5],[4639,4,4639,5],[4640,4,4640,5],[4641,4,4641,5],[4600,4,4600,5],[4601,4,4601,5],[4602,4,4602,5],[4627,4,4627,5],[4628,4,4628,5],[4633,4,4633,5],[4634,4,4634,5],[4630,7,4630,8],[4632,4,4632,5],[4619,4,4619,5],[4620,4,4620,5],[4624,4,4624,5],[4625,4,4625,5],[4626,4,4626,5],[4621,4,4621,5],[4622,4,4622,5],[4623,4,4623,5],[4562,4,4562,5],[4563,4,4563,5],[4587,4,4587,5],[4588,4,4588,5],[4589,4,4589,5],[4591,7,4591,8],[4593,4,4593,5],[4594,4,4594,5],[4581,4,4581,5],[4582,4,4582,5],[4583,4,4583,5],[4584,4,4584,5],[4585,4,4585,5],[4586,4,4586,5],[4613,4,4613,5],[4614,4,4614,5],[4615,4,4615,5],[4606,4,4606,5],[4607,4,4607,5],[4611,4,4611,5],[4612,4,4612,5],[4538,4,4538,5],[4536,7,4536,8],[4539,4,4539,5],[4540,4,4540,5],[4542,7,4542,8],[4527,7,4527,8],[4529,4,4529,5],[4530,4,4530,5],[4531,4,4531,5],[4532,4,4532,5],[4533,4,4533,5],[4557,4,4557,5],[4558,4,4558,5],[4559,4,4559,5],[4560,4,4560,5],[4561,4,4561,5],[4522,4,4522,5],[4523,4,4523,5],[4524,4,4524,5],[4525,4,4525,5],[4534,4,4534,5],[4550,4,4550,5],[4551,4,4551,5],[4556,4,4556,5],[4544,4,4544,5],[4545,4,4545,5],[4546,4,4546,5],[4495,4,4495,5],[4496,4,4496,5],[4497,4,4497,5],[4498,4,4498,5],[4499,4,4499,5],[4490,4,4490,5],[4491,4,4491,5],[4492,4,4492,5],[4493,4,4493,5],[4494,4,4494,5],[4517,4,4517,5],[4521,4,4521,5],[4482,4,4482,5],[4483,4,4483,5],[4484,4,4484,5],[4485,4,4485,5],[4486,4,4486,5],[4509,4,4509,5],[4510,4,4510,5],[4511,4,4511,5],[4512,4,4512,5],[4516,4,4516,5],[4503,4,4503,5],[4504,4,4504,5],[4508,4,4508,5],[4479,4,4479,5],[4480,4,4480,5],[4481,4,4481,5],[4445,4,4445,5],[4446,4,4446,5],[4469,4,4469,5],[4470,4,4470,5],[4471,4,4471,5],[4472,4,4472,5],[4473,4,4473,5],[4474,4,4474,5],[4475,4,4475,5],[4464,4,4464,5],[4465,4,4465,5],[4466,4,4466,5],[4467,4,4467,5],[4468,4,4468,5],[4418,4,4418,5],[4419,4,4419,5],[4420,4,4420,5],[4407,4,4407,5],[4408,4,4408,5],[4410,7,4410,8],[4412,4,4412,5],[4413,4,4413,5],[4414,4,4414,5],[4439,4,4439,5],[4440,4,4440,5],[4441,4,4441,5],[4400,4,4400,5],[4401,4,4401,5],[4402,4,4402,5],[4404,7,4404,8],[4406,4,4406,5],[4429,4,4429,5],[4433,4,4433,5],[4434,4,4434,5],[4421,4,4421,5],[4427,4,4427,5],[4428,4,4428,5],[4395,4,4395,5],[4396,4,4396,5],[4398,7,4398,8],[4356,4,4356,5],[4357,4,4357,5],[4358,4,4358,5],[4385,4,4385,5],[4386,4,4386,5],[4387,4,4387,5],[4388,4,4388,5],[4389,4,4389,5],[4390,4,4390,5],[4378,4,4378,5],[4379,4,4379,5],[4380,4,4380,5],[4381,4,4381,5],[4383,7,4383,8],[4324,4,4324,5],[4325,4,4325,5],[4345,4,4345,5],[4349,4,4349,5],[4350,4,4350,5],[4339,4,4339,5],[4343,4,4343,5],[4344,4,4344,5],[4370,4,4370,5],[4371,4,4371,5],[4372,4,4372,5],[4373,4,4373,5],[4364,4,4364,5],[4365,4,4365,5],[4366,4,4366,5],[4392,7,4392,8],[4394,4,4394,5],[4300,4,4300,5],[4302,7,4302,8],[4285,4,4285,5],[4287,7,4287,8],[4289,4,4289,5],[4290,4,4290,5],[4291,4,4291,5],[4293,7,4293,8],[4317,4,4317,5],[4278,4,4278,5],[4279,4,4279,5],[4281,7,4281,8],[4283,4,4283,5],[4284,4,4284,5],[4311,4,4311,5],[4315,4,4315,5],[4316,4,4316,5],[4307,4,4307,5],[4308,4,4308,5],[4309,4,4309,5],[4310,4,4310,5],[4304,4,4304,5],[4305,4,4305,5],[4306,4,4306,5],[4192,4,4192,5],[4221,4,4221,5],[4222,4,4222,5],[4211,4,4211,5],[4212,4,4212,5],[4213,4,4213,5],[4214,4,4214,5],[4245,4,4245,5],[4246,4,4246,5],[4250,4,4250,5],[4247,4,4247,5],[4248,4,4248,5],[4249,4,4249,5],[4252,7,4252,8],[4241,4,4241,5],[4243,7,4243,8],[4277,4,4277,5],[4234,4,4234,5],[4235,4,4235,5],[4256,4,4256,5],[4257,4,4257,5],[4258,4,4258,5],[4254,4,4254,5],[4255,4,4255,5],[4259,4,4259,5],[4260,4,4260,5],[4160,4,4160,5],[4161,4,4161,5],[4162,4,4162,5],[4158,4,4158,5],[4159,4,4159,5],[4151,4,4151,5],[4152,4,4152,5],[4153,4,4153,5],[4154,4,4154,5],[4179,4,4179,5],[4180,4,4180,5],[4181,4,4181,5],[4185,4,4185,5],[4140,4,4140,5],[4141,4,4141,5],[4145,4,4145,5],[4171,4,4171,5],[4172,4,4172,5],[4173,4,4173,5],[4174,4,4174,5],[4178,4,4178,5],[4163,4,4163,5],[4165,4,4165,5],[4166,4,4166,5],[4167,4,4167,5],[4164,0,4164,9],[4168,4,4168,5],[4169,4,4169,5],[4109,4,4109,5],[4110,4,4110,5],[4111,4,4111,5],[4112,4,4112,5],[4113,4,4113,5],[4115,4,4115,5],[4102,4,4102,5],[4103,4,4103,5],[4104,4,4104,5],[4105,4,4105,5],[4139,4,4139,5],[4096,4,4096,5],[4097,4,4097,5],[4098,4,4098,5],[4099,4,4099,5],[4100,4,4100,5],[4127,4,4127,5],[4128,4,4128,5],[4129,4,4129,5],[4117,4,4117,5],[4118,4,4118,5],[4119,4,4119,5],[4120,4,4120,5],[4121,4,4121,5],[4074,4,4074,5],[4075,4,4075,5],[4076,4,4076,5],[4077,4,4077,5],[4078,4,4078,5],[4073,0,4073,9],[4067,4,4067,5],[4068,4,4068,5],[4069,4,4069,5],[4071,4,4071,5],[4072,4,4072,5],[4070,4,4070,5],[4091,4,4091,5],[4092,4,4092,5],[4062,4,4062,5],[4063,4,4063,5],[4064,4,4064,5],[4065,4,4065,5],[4066,4,4066,5],[4085,4,4085,5],[4086,4,4086,5],[4087,4,4087,5],[4088,4,4088,5],[4089,4,4089,5],[4090,4,4090,5],[4079,4,4079,5],[4080,4,4080,5],[4081,4,4081,5],[4082,4,4082,5],[4083,4,4083,5],[4084,4,4084,5],[4058,4,4058,5],[4059,4,4059,5],[4060,4,4060,5],[4061,4,4061,5],[4022,4,4022,5],[4023,4,4023,5],[4024,4,4024,5],[4025,4,4025,5],[4026,4,4026,5],[4055,4,4055,5],[4056,4,4056,5],[4050,7,4050,8],[4052,4,4052,5],[4053,4,4053,5],[4054,4,4054,5],[4043,4,4043,5],[4044,4,4044,5],[4045,4,4045,5],[4046,4,4046,5],[4047,4,4047,5],[4048,4,4048,5],[4035,4,4035,5],[4036,4,4036,5],[4037,4,4037,5],[4038,4,4038,5],[4042,4,4042,5],[4039,4,4039,5],[4040,4,4040,5],[4041,4,4041,5],[4027,4,4027,5],[4032,4,4032,5],[4033,4,4033,5],[4034,4,4034,5],[4028,4,4028,5],[4029,4,4029,5],[4030,4,4030,5],[4031,0,4031,9],[4057,4,4057,5],[4020,4,4020,5],[4021,4,4021,5],[3986,4,3986,5],[3987,4,3987,5],[3988,4,3988,5],[3989,4,3989,5],[3990,4,3990,5],[4012,4,4012,5],[4013,4,4013,5],[4014,4,4014,5],[4015,4,4015,5],[4016,4,4016,5],[4005,4,4005,5],[4006,4,4006,5],[4008,4,4008,5],[4007,4,4007,5],[4010,7,4010,8],[3997,4,3997,5],[3998,4,3998,5],[4002,4,4002,5],[4003,4,4003,5],[4004,4,4004,5],[3999,4,3999,5],[4000,4,4000,5],[4001,4,4001,5],[3991,4,3991,5],[3992,4,3992,5],[3993,4,3993,5],[3994,4,3994,5],[3995,4,3995,5],[3996,4,3996,5],[4017,4,4017,5],[4018,4,4018,5],[4019,4,4019,5],[3963,4,3963,5],[3964,4,3964,5],[3965,4,3965,5],[3966,4,3966,5],[3967,4,3967,5],[3968,4,3968,5],[3958,4,3958,5],[3959,4,3959,5],[3960,4,3960,5],[3961,4,3961,5],[3962,4,3962,5],[3981,4,3981,5],[3983,4,3983,5],[3984,4,3984,5],[3985,4,3985,5],[3950,4,3950,5],[3954,4,3954,5],[3975,4,3975,5],[3976,4,3976,5],[3977,4,3977,5],[3978,4,3978,5],[3980,4,3980,5],[3969,4,3969,5],[3970,4,3970,5],[3971,4,3971,5],[3972,4,3972,5],[3973,4,3973,5],[3974,4,3974,5],[3930,4,3930,5],[3931,4,3931,5],[3932,4,3932,5],[3928,0,3928,9],[3918,4,3918,5],[3919,4,3919,5],[3920,4,3920,5],[3921,4,3921,5],[3922,4,3922,5],[3945,4,3945,5],[3946,4,3946,5],[3947,4,3947,5],[3948,4,3948,5],[3949,4,3949,5],[3914,4,3914,5],[3923,4,3923,5],[3924,4,3924,5],[3925,4,3925,5],[3926,4,3926,5],[3939,4,3939,5],[3940,4,3940,5],[3941,4,3941,5],[3942,4,3942,5],[3943,4,3943,5],[3944,4,3944,5],[3933,4,3933,5],[3934,4,3934,5],[3935,4,3935,5],[3936,4,3936,5],[3938,4,3938,5],[3937,4,3937,5],[3912,4,3912,5],[3913,4,3913,5],[3880,4,3880,5],[3882,4,3882,5],[3883,4,3883,5],[3884,4,3884,5],[3904,4,3904,5],[3905,4,3905,5],[3906,4,3906,5],[3907,4,3907,5],[3908,4,3908,5],[3897,4,3897,5],[3898,4,3898,5],[3899,4,3899,5],[3900,4,3900,5],[3927,4,3927,5],[3929,4,3929,5],[3858,7,3858,8],[3860,4,3860,5],[3861,4,3861,5],[3862,4,3862,5],[3849,4,3849,5],[3850,4,3850,5],[3851,4,3851,5],[3852,4,3852,5],[3853,4,3853,5],[3854,4,3854,5],[3875,4,3875,5],[3876,4,3876,5],[3877,4,3877,5],[3878,4,3878,5],[3879,4,3879,5],[3844,4,3844,5],[3845,4,3845,5],[3846,4,3846,5],[3847,4,3847,5],[3848,4,3848,5],[3869,4,3869,5],[3870,4,3870,5],[3871,4,3871,5],[3872,4,3872,5],[3873,4,3873,5],[3874,4,3874,5],[3863,4,3863,5],[3864,4,3864,5],[3865,4,3865,5],[3866,4,3866,5],[3867,4,3867,5],[3868,4,3868,5],[3812,4,3812,5],[3813,4,3813,5],[3814,4,3814,5],[3833,4,3833,5],[3836,4,3836,5],[3837,4,3837,5],[3838,4,3838,5],[3834,4,3834,5],[3835,0,3835,9],[3827,4,3827,5],[3828,4,3828,5],[3829,4,3829,5],[3830,4,3830,5],[3831,4,3831,5],[3832,4,3832,5],[3855,4,3855,5],[3856,4,3856,5],[3821,4,3821,5],[3822,4,3822,5],[3823,4,3823,5],[3824,4,3824,5],[3825,4,3825,5],[3826,4,3826,5],[3815,4,3815,5],[3816,4,3816,5],[3817,4,3817,5],[3818,4,3818,5],[3819,4,3819,5],[3820,4,3820,5],[3839,4,3839,5],[3840,4,3840,5],[3841,4,3841,5],[3842,4,3842,5],[3843,4,3843,5],[3803,4,3803,5],[3804,4,3804,5],[3805,4,3805,5],[3806,4,3806,5],[3774,4,3774,5],[3775,4,3775,5],[3776,4,3776,5],[3777,4,3777,5],[3778,4,3778,5],[3797,4,3797,5],[3798,4,3798,5],[3799,4,3799,5],[3800,4,3800,5],[3801,4,3801,5],[3802,4,3802,5],[3792,4,3792,5],[3793,4,3793,5],[3794,4,3794,5],[3795,4,3795,5],[3796,4,3796,5],[3764,7,3764,8],[3766,4,3766,5],[3767,4,3767,5],[3768,4,3768,5],[3755,4,3755,5],[3756,4,3756,5],[3760,4,3760,5],[3785,4,3785,5],[3786,4,3786,5],[3788,4,3788,5],[3789,4,3789,5],[3790,4,3790,5],[3779,4,3779,5],[3780,4,3780,5],[3781,4,3781,5],[3782,4,3782,5],[3783,4,3783,5],[3784,4,3784,5],[3730,4,3730,5],[3731,4,3731,5],[3732,4,3732,5],[3721,4,3721,5],[3722,4,3722,5],[3723,4,3723,5],[3724,4,3724,5],[3725,4,3725,5],[3726,4,3726,5],[3749,4,3749,5],[3750,4,3750,5],[3754,4,3754,5],[3743,4,3743,5],[3744,4,3744,5],[3748,4,3748,5],[3772,4,3772,5],[3773,4,3773,5],[3738,4,3738,5],[3739,4,3739,5],[3740,4,3740,5],[3742,4,3742,5],[3761,4,3761,5],[3762,4,3762,5],[3679,4,3679,5],[3680,4,3680,5],[3684,4,3684,5],[3672,4,3672,5],[3673,4,3673,5],[3674,4,3674,5],[3678,4,3678,5],[3676,4,3676,5],[3677,4,3677,5],[3698,4,3698,5],[3699,4,3699,5],[3700,4,3700,5],[3701,4,3701,5],[3662,4,3662,5],[3666,4,3666,5],[3667,4,3667,5],[3691,4,3691,5],[3692,4,3692,5],[3693,4,3693,5],[3685,4,3685,5],[3686,4,3686,5],[3687,4,3687,5],[3688,4,3688,5],[3689,4,3689,5],[3690,4,3690,5],[3660,4,3660,5],[3661,4,3661,5],[3618,4,3618,5],[3619,4,3619,5],[3620,4,3620,5],[3621,4,3621,5],[3647,4,3647,5],[3648,4,3648,5],[3649,4,3649,5],[3650,4,3650,5],[3654,4,3654,5],[3651,4,3651,5],[3652,4,3652,5],[3653,4,3653,5],[3639,4,3639,5],[3640,4,3640,5],[3644,4,3644,5],[3645,4,3645,5],[3646,4,3646,5],[3641,4,3641,5],[3642,4,3642,5],[3643,4,3643,5],[3631,4,3631,5],[3632,4,3632,5],[3636,4,3636,5],[3637,4,3637,5],[3638,4,3638,5],[3633,4,3633,5],[3634,4,3634,5],[3635,4,3635,5],[3625,4,3625,5],[3626,4,3626,5],[3627,4,3627,5],[3628,4,3628,5],[3629,4,3629,5],[3630,4,3630,5],[3655,4,3655,5],[3656,4,3656,5],[3658,7,3658,8],[3617,4,3617,5],[3578,4,3578,5],[3579,4,3579,5],[3580,4,3580,5],[3581,4,3581,5],[3582,4,3582,5],[3606,4,3606,5],[3607,4,3607,5],[3608,4,3608,5],[3609,4,3609,5],[3610,4,3610,5],[3597,4,3597,5],[3601,4,3601,5],[3602,4,3602,5],[3599,4,3599,5],[3600,4,3600,5],[3604,7,3604,8],[3556,4,3556,5],[3560,4,3560,5],[3549,4,3549,5],[3550,4,3550,5],[3554,4,3554,5],[3573,4,3573,5],[3574,4,3574,5],[3575,4,3575,5],[3576,4,3576,5],[3577,4,3577,5],[3544,4,3544,5],[3548,4,3548,5],[3567,4,3567,5],[3569,4,3569,5],[3570,4,3570,5],[3571,4,3571,5],[3572,4,3572,5],[3561,4,3561,5],[3562,4,3562,5],[3563,4,3563,5],[3564,4,3564,5],[3565,4,3565,5],[3566,4,3566,5],[3519,4,3519,5],[3520,4,3520,5],[3524,4,3524,5],[3513,4,3513,5],[3514,4,3514,5],[3518,4,3518,5],[3542,4,3542,5],[3543,4,3543,5],[3508,4,3508,5],[3512,4,3512,5],[3536,4,3536,5],[3537,4,3537,5],[3538,4,3538,5],[3525,4,3525,5],[3526,4,3526,5],[3530,4,3530,5],[3555,4,3555,5],[3480,7,3480,8],[3482,4,3482,5],[3483,4,3483,5],[3484,4,3484,5],[3486,7,3486,8],[3488,4,3488,5],[3468,7,3468,8],[3470,4,3470,5],[3471,4,3471,5],[3472,4,3472,5],[3474,7,3474,8],[3476,4,3476,5],[3506,4,3506,5],[3507,4,3507,5],[3466,4,3466,5],[3477,4,3477,5],[3478,4,3478,5],[3489,4,3489,5],[3490,4,3490,5],[3500,4,3500,5],[3501,4,3501,5],[3502,4,3502,5],[3494,4,3494,5],[3495,4,3495,5],[3496,4,3496,5],[3416,4,3416,5],[3417,4,3417,5],[3418,4,3418,5],[3420,7,3420,8],[3422,4,3422,5],[3450,7,3450,8],[3452,4,3452,5],[3453,4,3453,5],[3454,4,3454,5],[3456,7,3456,8],[3458,4,3458,5],[3441,4,3441,5],[3442,4,3442,5],[3444,7,3444,8],[3446,4,3446,5],[3447,4,3447,5],[3448,4,3448,5],[3432,7,3432,8],[3434,4,3434,5],[3435,4,3435,5],[3436,4,3436,5],[3438,7,3438,8],[3440,4,3440,5],[3423,4,3423,5],[3424,4,3424,5],[3426,7,3426,8],[3428,4,3428,5],[3429,4,3429,5],[3430,4,3430,5],[3459,4,3459,5],[3460,4,3460,5],[3462,7,3462,8],[3464,4,3464,5],[3465,4,3465,5],[3411,4,3411,5],[3412,4,3412,5],[3414,7,3414,8],[3364,4,3364,5],[3366,7,3366,8],[3368,4,3368,5],[3369,4,3369,5],[3370,4,3370,5],[3399,4,3399,5],[3400,4,3400,5],[3402,7,3402,8],[3404,4,3404,5],[3405,4,3405,5],[3406,4,3406,5],[3390,7,3390,8],[3392,4,3392,5],[3393,4,3393,5],[3394,4,3394,5],[3396,7,3396,8],[3398,4,3398,5],[3344,4,3344,5],[3345,4,3345,5],[3346,4,3346,5],[3381,4,3381,5],[3382,4,3382,5],[3384,7,3384,8],[3386,4,3386,5],[3387,4,3387,5],[3388,4,3388,5],[3372,7,3372,8],[3374,4,3374,5],[3375,4,3375,5],[3376,4,3376,5],[3378,7,3378,8],[3380,4,3380,5],[3408,7,3408,8],[3410,4,3410,5],[3267,4,3267,5],[3302,4,3302,5],[3303,4,3303,5],[3299,4,3299,5],[3300,4,3300,5],[3301,4,3301,5],[3291,4,3291,5],[3292,4,3292,5],[3330,7,3330,8],[3332,4,3332,5],[3333,4,3333,5],[3334,4,3334,5],[3336,7,3336,8],[3338,4,3338,5],[3326,4,3326,5],[3327,4,3327,5],[3328,4,3328,5],[3315,4,3315,5],[3316,4,3316,5],[3215,4,3215,5],[3216,4,3216,5],[3217,4,3217,5],[3218,4,3218,5],[3219,4,3219,5],[3182,4,3182,5],[3183,4,3183,5],[3184,4,3184,5],[3209,4,3209,5]],"merged_total":4364,"flags":["merged_cut"]}
[null,null,"Composições Analíticas com Preço Unitário",null,"Bancos",null,"B.D.I.",null,"Encargos Sociais"]
[null,null,"REFORMA DO MERCADO PÚBLICO MUNICIPAL DE SÃO MIGUEL DOS CAMPOS  - AL",null,"SINAPI - 08/2025 - Alagoas\nSBC - 09/2025 - Alagoas\nSICRO3 - 07/2025 - Alagoas\nORSE - 07/2025 - Sergipe",null,"24,09%",null,"Não Desonerado: \nHorista: 114,41%\nMensalista: 70,12%"]
["Composições Analíticas com Preço Unitário"]
["Composições Principais"]
[" 1.1 ","Código","Banco","Descrição","Tipo",null,"Und","Quant.","Valor Unit","Total"]
["Composição"," 97622 ","SINAPI","DEMOLIÇÃO DE ALVENARIA DE BLOCO FURADO, DE FORMA MANUAL, SEM REAPROVEITAMENTO. AF_09/2023","SERP - SERVIÇOS PRELIMINARES",null,"m³",1,56.28,56.28]
["Composição Auxiliar"," 88316 ","SINAPI","SERVENTE COM ENCARGOS COMPLEMENTARES","SEDI - SERVIÇOS DIVERSOS",null,"H",2.1957,21.35,46.87]
["Composição Auxiliar"," 88309 ","SINAPI","PEDREIRO COM ENCARGOS COMPLEMENTARES","SEDI - SERVIÇOS DIVERSOS",null,"H",0.35410000000000003,26.59,9.41]
[{"$nulls":4},"MO sem LS =>",19.13,"LS =>",21.89,"MO com LS =>",41.02]
[{"$nulls":4},"Valor do BDI =>",13.55,null,"Valor com BDI =>",null,69.83]
[]
[" 1.2 ","Código","Banco","Descrição","Tipo",null,"Und","Quant.","Valor Unit","Total"]
["Composição"," 97633 ","SINAPI","DEMOLIÇÃO DE REVESTIMENTO CERÂMICO, DE FORMA MANUAL, SEM REAPROVEITAMENTO. AF_09/2023","SERP - SERVIÇOS PRELIMINARES",null,"m²",1,22.6,22.6]
["Composição Auxiliar"," 88256 ","SINAPI","AZULEJISTA OU LADRILHEIRO COM ENCARGOS COMPLEMENTARES","SEDI - SERVIÇOS DIVERSOS",null,"H",0.2301,26.46,6.08]
["Composição Auxiliar"," 88316 ","SINAPI","SERVENTE COM ENCARGOS COMPLEMENTARES","SEDI - SERVIÇOS DIVERSOS",null,"H",0.77400000000000002,21.35,16.52]
[{"$nulls":4},"MO sem LS =>",7.73,"LS =>",8.86,"MO com LS =>",16.59]
[{"$nulls":4},"Valor do BDI =>",5.44,null,"Valor com BDI =>",null,28.04]
[]
[" 1.3 ","Código","Banco","Descrição","Tipo",null,"Und","Quant.","Valor Unit","Total"]
["Composição"," 104790 ","SINAPI","DEMOLIÇÃO DE PISO DE CONCRETO SIMPLES, DE FORMA MECANIZADA COM MARTELETE, SEM REAPROVEITAMENTO. AF_09/2023","SERP - SERVIÇOS PRELIMINARES",null,"m³",1,97.78,97.78]
["Composição Auxiliar"," 5795 ","SINAPI","MARTELETE OU ROMPEDOR PNEUMÁTICO MANUAL, 28 KG, COM SILENCIADOR - CHP DIURNO. AF_07/2016","CHOR - CUSTOS HORÁRIOS DE MÁQUINAS E EQUIPAMENTOS",null,"CHP",1.137,20.94,23.8]
["Composição Auxiliar"," 90965 ","SINAPI","COMPRESSOR DE AR REBOCÁVEL, VAZÃO 89 PCM, PRESSÃO EFETIVA DE TRABALHO 102 PSI, MOTOR DIESEL, POTÊNCIA 20 CV - CHI DIURNO. AF_06/2015","CHOR - CUSTOS HORÁRIOS DE MÁQUINAS E EQUIPAMENTOS",null,"CHI",0.86950000000000005,8.9,7.73]
["Composição Auxiliar"," 90964 ","SINAPI","COMPRESSOR DE AR REBOCÁVEL, VAZÃO 89 PCM, PRESSÃO EFETIVA DE TRABALHO 102 PSI, MOTOR DIESEL, POTÊNCIA 20 CV - CHP DIURNO. AF_06/2015","CHOR - CUSTOS HORÁRIOS DE MÁQUINAS E EQUIPAMENTOS",null,"CHP",1.137,32.54,36.99]
["Composição Auxiliar"," 88316 ","SINAPI","SERVENTE COM ENCARGOS COMPLEMENTARES","SEDI - SERVIÇOS DIVERSOS",null,"H",0.44790000000000002,21.35,9.56]
["Composição Auxiliar"," 88309 ","SINAPI","PEDREIRO COM ENCARGOS COMPLEMENTARES","SEDI - SERVIÇOS DIVERSOS",null,"H",7.22E-2,26.59,1.91]
["Composição Auxiliar"," 5952 ","SINAPI","MARTELETE OU ROMPEDOR PNEUMÁTICO MANUAL, 28 KG, COM SILENCIADOR - CHI DIURNO. AF_07/2016","CHOR - CUSTOS HORÁRIOS DE MÁQUINAS E EQUIPAMENTOS",null,"CHI",0.86950000000000005,20.47,17.79]
[{"$nulls":4},"MO sem LS =>",18.07,"LS =>",20.68,"MO com LS =>",38.75]
[{"$nulls":4},"Valor do BDI =>",23.55,null,"Valor com BDI =>",null,121.33]
[]
[" 1.4 ","Código","Banco","Descrição","Tipo",null,"Und","Quant.","Valor Unit","Total"]
["Composição"," 104803 ","SINAPI","REMOÇÃO CALHAS E RUFOS, DE FORMA MANUAL, SEM REAPROVEITAMENTO. AF_09/2023","SERP - SERVIÇOS PRELIMINARES",null,"M",1,4.5,4.5]
["Composição Auxiliar"," 88323 ","SINAPI","TELHADISTA COM ENCARGOS COMPLEMENTARES","SEDI - SERVIÇOS DIVERSOS",null,"H",8.2900000000000001E-2,25.91,2.14]
["Composição Auxiliar"," 88316 ","SINAPI","SERVENTE COM ENCARGOS COMPLEMENTARES","SEDI - SERVIÇOS DIVERSOS",null,"H",0.111,21.35,2.36]
[{"$nulls":4},"MO sem LS =>",1.56,"LS =>",1.8,"MO com LS =>",3.36]
[{"$nulls":4},"Valor do BDI =>",1.08,null,"Valor com BDI =>",null,5.58]
[]
[" 1.5 ","Código","Banco","Descrição","Tipo",null,"Und","Quant.","Valor Unit","Total"]
["Composição"," 97640 ","SINAPI","REMOÇÃO DE FORROS DE DRYWALL, PVC E FIBROMINERAL, DE FORMA MANUAL, SEM REAPROVEITAMENTO. AF_09/2023","SERP - SERVIÇOS PRELIMINARES",null,"m²",1,1.86,1.86]
["Composição Auxiliar"," 88278 ","SINAPI","MONTADOR DE ESTRUTURAS METÁLICAS COM ENCARGOS COMPLEMENTARES","SEDI - SERVIÇOS DIVERSOS",null,"H",2.29E-2,21.38,0.48]
["Composição Auxiliar"," 88316 ","SINAPI","SERVENTE COM ENCARGOS COMPLEMENTARES","SEDI - SERVIÇOS DIVERSOS",null,"H",6.4699999999999994E-2,21.35,1.38]
[{"$nulls":4},"MO sem LS =>",0.63,"LS =>",0.73,"MO com LS =>",1.36]
[{"$nulls":4},"Valor do BDI =>",0.44,null,"Valor com BDI =>",null,2.2999999999999998]
[]
[" 1.6 ","Código","Banco","Descrição","Tipo",null,"Und","Quant.","Valor Unit","Total"]
["Composição"," 104793 ","SINAPI","REMOÇÃO DE CABOS ELÉTRICOS, COM SEÇÃO MAIOR QUE 2,5 MM² E MENOR QUE 10 MM², DE FORMA MANUAL, SEM REAPROVEITAMENTO. AF_09/2023","SERP - SERVIÇOS PRELIMINARES",null,"M",1,0.56999999999999995,0.56999999999999995]
["Composição Auxiliar"," 88316 ","SINAPI","SERVENTE COM ENCARGOS COMPLEMENTARES","SEDI - SERVIÇOS DIVERSOS",null,"H",1.7600000000000001E-2,21.35,0.37]
["Composição Auxiliar"," 88264 ","SINAPI","ELETRICISTA COM ENCARGOS COMPLEMENTARES","SEDI - SERVIÇOS DIVERSOS",null,"H",6.1999999999999998E-3,32.43,0.2]
[{"$nulls":4},"MO sem LS =>",0.2,"LS =>",0.23,"MO com LS =>",0.43]
[{"$nulls":4},"Valor do BDI =>",0.13,null,"Valor com BDI =>",null,0.7]
[]
[" 1.7 ","Código","Banco","Descrição","Tipo",null,"Und","Quant.","Valor Unit","Total"]
["Composição"," 97665 ","SINAPI","REMOÇÃO DE LUMINÁRIAS, DE FORMA MANUAL, SEM REAPROVEITAMENTO. AF_09/2023","SERP - SERVIÇOS PRELIMINARES",null,"UN",1,1.89,1.89]
["Composição Auxiliar"," 88264 ","SINAPI","ELETRICISTA COM ENCARGOS COMPLEMENTARES","SEDI - SERVIÇOS DIVERSOS",null,"H",2.0500000000000001E-2,32.43,0.66]
["Composição Auxiliar"," 88316 ","SINAPI","SERVENTE COM ENCARGOS COMPLEMENTARES","SEDI - SERVIÇOS DIVERSOS",null,"H",5.8000000000000003E-2,21.35,1.23]
[{"$nulls":4},"MO sem LS =>",0.66,"LS =>",0.76,"MO com LS =>",1.42]
[{"$nulls":4},"Valor do BDI =>",0.45,null,"Valor com BDI =>",null,2.34]
[]
[" 1.8 ","Código","Banco","Descrição","Tipo",null,"Und","Quant.","Valor Unit","Total"]
["Composição"," 97647 ","SINAPI","REMOÇÃO DE TELHAS DE FIBROCIMENTO METÁLICA E CERÂMICA, DE FORMA MANUAL, SEM REAPROVEITAMENTO. AF_09/2023","SERP - SERVIÇOS PRELIMINARES",null,"m²",1,3.51,3.51]
["Composição Auxiliar"," 88323 ","SINAPI","TELHADISTA COM ENCARGOS COMPLEMENTARES","SEDI - SERVIÇOS DIVERSOS",null,"H",4.0800000000000003E-2,25.91,1.05]
["Composição Auxiliar"," 88316 ","SINAPI","SERVENTE COM ENCARGOS COMPLEMENTARES","SEDI - SERVIÇOS DIVERSOS",null,"H",0.1153,21.35,2.46]
[{"$nulls":4},"MO sem LS =>",1.2,"LS =>",1.38,"MO com LS =>",2.58]
[{"$nulls":4},"Valor do BDI =>",0.84,null,"Valor com BDI =>",null,4.3499999999999996]
[]
[" 1.9 ","Código","Banco","Descrição","Tipo",null,"Und","Quant.","Valor Unit","Total"]
["Composição"," 100981 ","SINAPI","CARGA, MANOBRA E DESCARGA DE ENTULHO EM CAMINHÃO BASCULANTE 6 M³ - CARGA COM ESCAVADEIRA HIDRÁULICA (CAÇAMBA DE 0,80 M³ / 111 HP) E DESCARGA LIVRE (UNIDADE: M3). AF_07/2020","Transporte, Carga e Descarga de Materiais",null,"m³",1,9.3000000000000007,9.3000000000000007]
["Composição Auxiliar"," 5632 ","SINAPI","ESCAVADEIRA HIDRÁULICA SOBRE ESTEIRAS, CAÇAMBA 0,80 M3, PESO OPERACIONAL 17 T, POTENCIA BRUTA 111 HP - CHI DIURNO. AF_06/2014","Custos Horários Produtivo e Improdutivo dos Equipamentos",null,"CHI",1.5100000000000001E-2,85.79,1.29]
["Composição Auxiliar"," 67827 ","SINAPI","CAMINHÃO BASCULANTE 6 M3 TOCO, PESO BRUTO TOTAL 16.000 KG, CARGA ÚTIL MÁXIMA 11.130 KG, DISTÂNCIA ENTRE EIXOS 5,36 M, POTÊNCIA 185 CV, INCLUSIVE CAÇAMBA METÁLICA - CHI DIURNO. AF_06/2014","Custos Horários Produtivo e Improdutivo dos Equipamentos",null,"CHI",2.0299999999999999E-2,63.83,1.29]
["Composição Auxiliar"," 5631 ","SINAPI","ESCAVADEIRA HIDRÁULICA SOBRE ESTEIRAS, CAÇAMBA 0,80 M3, PESO OPERACIONAL 17 T, POTENCIA BRUTA 111 HP - CHP DIURNO. AF_06/2014","Custos Horários Produtivo e Improdutivo dos Equipamentos",null,"CHP",8.3000000000000001E-3,209.66,1.74]
["Composição Auxiliar"," 67826 ","SINAPI","CAMINHÃO BASCULANTE 6 M3 TOCO, PESO BRUTO TOTAL 16.000 KG, CARGA ÚTIL MÁXIMA 11.130 KG, DISTÂNCIA ENTRE EIXOS 5,36 M, POTÊNCIA 185 CV, INCLUSIVE CAÇAMBA METÁLICA - CHP DIURNO. AF_06/2014","Custos Horários Produtivo e Improdutivo dos Equipamentos",null,"CHP",2.6700000000000002E-2,186.61,4.9800000000000004]
[{"$nulls":4},"MO sem LS =>",0.71,"LS =>",0.83,"MO com LS =>",1.54]
[{"$nulls":4},"Valor do BDI =>",2.2400000000000002,null,"Valor com BDI =>",null,11.54]
[]
[" 1.10 ","Código","Banco","Descrição","Tipo",null,"Und","Quant.","Valor Unit","Total"]
["Composição"," 97914 ","SINAPI","TRANSPORTE COM CAMINHÃO BASCULANTE DE 6 M³, EM VIA URBANA PAVIMENTADA, DMT ATÉ 30 KM (UNIDADE: M3XKM). AF_07/2020","Transporte, Carga e Descarga de Materiais",null,"M3XKM",1,2.97,2.97]
["Composição Auxiliar"," 67826 ","SINAPI","CAMINHÃO BASCULANTE 6 M3 TOCO, PESO BRUTO TOTAL 16.000 KG, CARGA ÚTIL MÁXIMA 11.130 KG, DISTÂNCIA ENTRE EIXOS 5,36 M, POTÊNCIA 185 CV, INCLUSIVE CAÇAMBA METÁLICA - CHP DIURNO. AF_06/2014","Custos Horários Produtivo e Improdutivo dos Equipamentos",null,"CHP",1.3899999999999999E-2,186.61,2.59]
["Composição Auxiliar"," 67827 ","SINAPI","CAMINHÃO BASCULANTE 6 M3 TOCO, PESO BRUTO TOTAL 16.000 KG, CARGA ÚTIL MÁXIMA 11.130 KG, DISTÂNCIA ENTRE EIXOS 5,36 M, POTÊNCIA 185 CV, INCLUSIVE CAÇAMBA METÁLICA - CHI DIURNO. AF_06/2014","Custos Horários Produtivo e Improdutivo dos Equipamentos",null,"CHI",6.0000000000000001E-3,63.83,0.38]
[{"$nulls":4},"MO sem LS =>",0.2,"LS =>",0.25,"MO com LS =>",0.45]
[{"$nulls":4},"Valor do BDI =>",0.71,null,"Valor com BDI =>",null,3.68]
[]
[" 1.11 ","Código","Banco","Descrição","Tipo",null,"Und","Quant.","Valor Unit","Total"]
["Composição"," 99059 ","SINAPI","LOCAÇÃO CONVENCIONAL DE OBRA, UTILIZANDO GABARITO DE TÁBUAS CORRIDAS PONTALETADAS A CADA 2,00M - 2 UTILIZAÇÕES. AF_03/2024","SERT - SERVIÇOS TÉCNICOS",null,"M",1,60.1,60.1]
["Composição Auxiliar"," 91693 ","SINAPI","SERRA CIRCULAR DE BANCADA COM MOTOR ELÉTRICO POTÊNCIA DE 5HP, COM COIFA PARA DISCO 10\" - CHI DIURNO. AF_08/2015","CHOR - CUSTOS HORÁRIOS DE MÁQUINAS E EQUIPAMENTOS",null,"CHI",2.8000000000000001E-2,23.25,0.65]
["Composição Auxiliar"," 88239 ","SINAPI","AJUDANTE DE CARPINTEIRO COM ENCARGOS COMPLEMENTARES","SEDI - SERVIÇOS DIVERSOS",null,"H",0.72470000000000001,22.21,16.09]
["Composição Auxiliar"," 94974 ","SINAPI","CONCRETO MAGRO PARA LASTRO, TRAÇO 1:4,5:4,5 (EM MASSA SECA DE CIMENTO/ AREIA MÉDIA/ BRITA 1) - PREPARO MANUAL. AF_05/2021","FUES - FUNDAÇÕES E ESTRUTURAS",null,"m³",4.0000000000000001E-3,454.33,1.81]
["Composição Auxiliar"," 88262 ","SINAPI","CARPINTEIRO DE FORMAS COM ENCARGOS COMPLEMENTARES","SEDI - SERVIÇOS DIVERSOS",null,"H",0.72470000000000001,26.18,18.97]
["Composição Auxiliar"," 91692 ","SINAPI","SERRA CIRCULAR DE BANCADA COM MOTOR ELÉTRICO POTÊNCIA DE 5HP, COM COIFA PARA DISCO 10\" - CHP DIURNO. AF_08/2015","CHOR - CUSTOS HORÁRIOS DE MÁQUINAS E EQUIPAMENTOS",null,"CHP",7.0000000000000001E-3,24.71,0.17]
["Insumo"," 00007356 ","SINAPI","TINTA LATEX ACRILICA PREMIUM, COR BRANCO FOSCO","Material",null,"L",2.5600000000000001E-2,32.79,0.83]
["Insumo"," 00010567 ","SINAPI","TABUA *2,5 X 23* CM EM PINUS, MISTA OU EQUIVALENTE DA REGIAO - BRUTA","Material",null,"M",0.55000000000000004,12.92,7.1]
["Insumo"," 00004433 ","SINAPI","CAIBRO NAO APARELHADO *6 X 6* CM, EM MACARANDUBA/MASSARANDUBA, ANGELIM OU EQUIVALENTE DA REGIAO - BRUTA","Material",null,"M",0.41249999999999998,19.059999999999999,7.86]
["Insumo"," 00005068 ","SINAPI","PREGO DE ACO POLIDO COM CABECA 17 X 21 (2 X 11)","Material",null,"KG",0.111,24.17,2.68]
["Insumo"," 00004417 ","SINAPI","SARRAFO NAO APARELHADO *2,5 X 7* CM, EM MACARANDUBA/MASSARANDUBA, ANGELIM, PEROBA-ROSA OU EQUIVALENTE DA REGIAO - BRUTA","Material",null,"M",0.74450000000000005,5.3,3.94]
[{"$nulls":4},"MO sem LS =>",12.87,"LS =>",14.74,"MO com LS =>",27.61]
[{"$nulls":4},"Valor do BDI =>",14.47,null,"Valor com BDI =>",null,74.569999999999993]
[]
[" 1.12 ","Código","Banco","Descrição","Tipo",null,"Und","Quant.","Valor Unit","Total"]
["Composição"," 4654 ","ORSE","Locação de container - Almoxarifado sem banheiro - 6,00 x 2,40m - Rev 02_02/2022","Mobilização / Instalações Provisórias / Desmobilização",null,"mês",1,800,800]
["Item","Código","Banco","Descrição","Tipo",null,"Und","Quant.","Valor Unit","Total"]
["Insumo"," 4299 ","ORSE","Aluguel de container - Almoxarifado sem banheiro - 6,00 x 2,40m","Serviços",null,"mês",1,"800,00","800,00"]
["Detalhamento de Cálculo ORSE"]
["Item","Código","Banco","Descrição","Tipo",null,"Und","Quant.","Valor Unit","Total"]
["Insumo"," 4299 ","ORSE","Aluguel de container - Almoxarifado sem banheiro - 6,00 x 2,40m","Serviços",null,"mês",1,"800,00","800,00"]
[{"$nulls":4},"MO sem LS =>",0,"LS =>",0,"MO com LS =>",0]
[{"$nulls":4},"Valor do BDI =>",192.72,null,"Valor com BDI =>",null,992.72]
[]
[" 1.13 ","Código","Banco","Descrição","Tipo",null,"Und","Quant.","Valor Unit","Total"]
["Composição"," 105118 ","SINAPI","TAPUME EM CHAPA DE MADEIRA OSB. AF_03/2024","Instalações para Canteiros de Obras",null,"m²",1,67.91,67.91]
["Composição Auxiliar"," 91693 ","SINAPI","SERRA CIRCULAR DE BANCADA COM MOTOR ELÉTRICO POTÊNCIA DE 5HP, COM COIFA PARA DISCO 10\" - CHI DIURNO. AF_08/2015","CHOR - CUSTOS HORÁRIOS DE MÁQUINAS E EQUIPAMENTOS",null,"CHI",2.64E-2,23.25,0.61]
["Composição Auxiliar"," 94974 ","SINAPI","CONCRETO MAGRO PARA LASTRO, TRAÇO 1:4,5:4,5 (EM MASSA SECA DE CIMENTO/ AREIA MÉDIA/ BRITA 1) - PREPARO MANUAL. AF_05/2021","FUES - FUNDAÇÕES E ESTRUTURAS",null,"m³",6.1000000000000004E-3,454.33,2.77]
["Composição Auxiliar"," 88262 ","SINAPI","CARPINTEIRO DE FORMAS COM ENCARGOS COMPLEMENTARES","SEDI - SERVIÇOS DIVERSOS",null,"H",0.79,26.18,20.68]
["Composição Auxiliar"," 91692 ","SINAPI","SERRA CIRCULAR DE BANCADA COM MOTOR ELÉTRICO POTÊNCIA DE 5HP, COM COIFA PARA DISCO 10\" - CHP DIURNO. AF_08/2015","CHOR - CUSTOS HORÁRIOS DE MÁQUINAS E EQUIPAMENTOS",null,"CHP",6.6E-3,24.71,0.16]
["Composição Auxiliar"," 88239 ","SINAPI","AJUDANTE DE CARPINTEIRO COM ENCARGOS COMPLEMENTARES","SEDI - SERVIÇOS DIVERSOS",null,"H",0.52900000000000003,22.21,11.74]
["Insumo"," 00044673 ","SINAPI","CHAPA DE MADEIRA OSB, DE 2,20 X 1,10 M, E = 14 MM","Material",null,"m²",1.05,0,0]
["Insumo"," 00006194 ","SINAPI","TABUA *2,5 X 15 CM EM PINUS, MISTA OU EQUIVALENTE DA REGIAO - BRUTA","Material",null,"M",2,8.16,16.32]
["Insumo"," 00005061 ","SINAPI","PREGO DE ACO POLIDO COM CABECA 18 X 27 (2 1/2 X 10)","Material",null,"KG",6.8000000000000005E-2,23.76,1.61]
["Insumo"," 00004491 ","SINAPI","PONTALETE *7,5 X 7,5* CM EM PINUS, MISTA OU EQUIVALENTE DA REGIAO - BRUTA","Material",null,"M",1.2273000000000001,11.43,14.02]
[{"$nulls":4},"MO sem LS =>",12.07,"LS =>",13.82,"MO com LS =>",25.89]
[{"$nulls":4},"Valor do BDI =>",16.350000000000001,null,"Valor com BDI =>",null,84.26]
[]
[" 1.14 ","Código","Banco","Descrição","Tipo",null,"Und","Quant.","Valor Unit","Total"]
["Composição"," 103689 ","SINAPI","FORNECIMENTO E INSTALAÇÃO DE PLACA DE OBRA COM CHAPA GALVANIZADA E ESTRUTURA DE MADEIRA. AF_03/2022_PS","Sinalização Vertical Viária",null,"m²",1,465.11,465.11]
["Composição Auxiliar"," 88262 ","SINAPI","CARPINTEIRO DE FORMAS COM ENCARGOS COMPLEMENTARES","SEDI - SERVIÇOS DIVERSOS",null,"H",0.37290000000000001,26.18,9.76]
["Composição Auxiliar"," 88316 ","SINAPI","SERVENTE COM ENCARGOS COMPLEMENTARES","SEDI - SERVIÇOS DIVERSOS",null,"H",1.1186,21.35,23.88]
["Composição Auxiliar"," 102234 ","SINAPI","PINTURA IMUNIZANTE PARA MADEIRA, 2 DEMÃOS. AF_01/2021","Pintura em Madeira",null,"m²",0.5,24.08,12.04]
["Insumo"," 00005069 ","SINAPI","PREGO DE ACO POLIDO COM CABECA 17 X 27 (2 1/2 X 11)","Material",null,"KG",1.32E-2,24.63,0.32]
["Insumo"," 00004509 ","SINAPI","SARRAFO *2,5 X 10* CM EM PINUS, MISTA OU EQUIVALENTE DA REGIAO - BRUTA","Material",null,"M",3.2082999999999999,5.8,18.600000000000001]
["Insumo"," 00005065 ","SINAPI","PREGO DE ACO POLIDO COM CABECA 10 X 10 (7/8 X 17)","Material",null,"KG",1.1299999999999999E-2,45.98,0.51]
["Insumo"," 00004813 ","SINAPI","PLACA DE OBRA (PARA CONSTRUCAO CIVIL) EM CHAPA GALVANIZADA *N. 22*, ADESIVADA, DE *2,4 X 1,2* M (SEM POSTES PARA FIXACAO)","Material",null,"m²",1,400,400]
[{"$nulls":4},"MO sem LS =>",13.7,"LS =>",15.69,"MO com LS =>",29.39]
[{"$nulls":4},"Valor do BDI =>",112.04,null,"Valor com BDI =>",null,577.15]
[]
[" 1.15 ","Código","Banco","Descrição","Tipo",null,"Und","Quant.","Valor Unit","Total"]
["Composição"," 505 ","Próprio","Projeto Executivo","",null,"un",1,150773.45000000001,150773.45000000001]
["Composição Auxiliar"," 90775 ","SINAPI","DESENHISTA PROJETISTA COM ENCARGOS COMPLEMENTARES","Livro SINAPI: Cálculos e Parâmetros",null,"H",800,39.18,31344]
["Composição Auxiliar"," 93570 ","SINAPI","ARQUITETO PLENO COM ENCARGOS COMPLEMENTARES","Livro SINAPI: Cálculos e Parâmetros",null,"MES",2.5,24733.38,61833.45]
["Composição Auxiliar"," 90778 ","SINAPI","ENGENHEIRO CIVIL DE OBRA PLENO COM ENCARGOS COMPLEMENTARES","Livro SINAPI: Cálculos e Parâmetros",null,"H",400,143.99,57596]
[{"$nulls":4},"MO sem LS =>",75904.58,"LS =>",71027.070000000007,"MO com LS =>",146931.65]
[{"$nulls":4},"Valor do BDI =>",36321.32,null,"Valor com BDI =>",null,187094.77]
[]
[" 2.1 ","Código","Banco","Descrição","Tipo",null,"Und","Quant.","Valor Unit","Total"]
["Composição"," 506 ","Próprio","ADMINISTRAÇÃO LOCAL / MANUTENÇÃO DO CANTEIRO DE OBRAS","",null,"GLOBAL",1,621629.81999999995,621629.81999999995]
["Composição Auxiliar"," 94295 ","SINAPI","MESTRE DE OBRAS COM ENCARGOS COMPLEMENTARES","Livro SINAPI: Cálculos e Parâmetros",null,"MES",14,7573.93,106035.02]
["Composição Auxiliar"," 101460 ","SINAPI","VIGIA DIURNO COM ENCARGOS COMPLEMENTARES","Livro SINAPI: Cálculos e Parâmetros",null,"MES",14,3840.21,53762.94]
["Composição Auxiliar"," 93567 ","SINAPI","ENGENHEIRO CIVIL DE OBRA PLENO COM ENCARGOS COMPLEMENTARES","Livro SINAPI: Cálculos e Parâmetros",null,"MES",14,25083.23,351165.22]
["Composição Auxiliar"," 93572 ","SINAPI","ENCARREGADO GERAL DE OBRAS COM ENCARGOS COMPLEMENTARES","Livro SINAPI: Cálculos e Parâmetros",null,"MES",14,5049.26,70689.64]
["Insumo"," 00014250 ","SINAPI","ENERGIA ELETRICA COMERCIAL, BAIXA TENSAO, RELATIVA AO CONSUMO DE ATE 100 KWH, INCLUINDO ICMS, PIS/PASEP E COFINS","Franquia",null,"KWH",2800,1.05,2940]
["Insumo"," 8978 ","ORSE","Água - Consumo em volume","Serviços",null,"m³",280,3.77,1055.5999999999999]
["Insumo"," 4415 ","ORSE","Veículo leve - Volkswagen:GOL ou similar","Equipamento",null,"h",2730,13.18,35981.4]
[{"$nulls":4},"MO sem LS =>",320127.28999999998,"LS =>",224473.27,"MO com LS =>",544600.56000000006]
[{"$nulls":4},"Valor do BDI =>",149750.62,null,"Valor com BDI =>",null,771380.44]
[]
[" 3.1 ","Código","Banco","Descrição","Tipo",null,"Und","Quant.","Valor Unit","Total"]
["Composição"," 96527 ","SINAPI","ESCAVAÇÃO MANUAL PARA VIGA BALDRAME OU SAPATA CORRIDA (INCLUINDO ESCAVAÇÃO PARA COLOCAÇÃO DE FÔRMAS). AF_01/2024","MOVT - MOVIMENTO DE TERRA",null,"m³",1,101.73,101.73]
["Composição Auxiliar"," 88316 ","SINAPI","SERVENTE COM ENCARGOS COMPLEMENTARES","SEDI - SERVIÇOS DIVERSOS",null,"H",3.5150000000000001,21.35,75.040000000000006]
["Composição Auxiliar"," 88309 ","SINAPI","PEDREIRO COM ENCARGOS COMPLEMENTARES","SEDI - SERVIÇOS DIVERSOS",null,"H",1.004,26.59,26.69]
[{"$nulls":4},"MO sem LS =>",34.82,"LS =>",39.85,"MO com LS =>",74.67]
[{"$nulls":4},"Valor do BDI =>",24.5,null,"Valor com BDI =>",null,126.23]
[]
[" 3.2 ","Código","Banco","Descrição","Tipo",null,"Und","Quant.","Valor Unit","Total"]
["Composição"," 96523 ","SINAPI","ESCAVAÇÃO MANUAL PARA BLOCO DE COROAMENTO OU SAPATA (INCLUINDO ESCAVAÇÃO PARA COLOCAÇÃO DE FÔRMAS). AF_01/2024","MOVT - MOVIMENTO DE TERRA",null,"m³",1,92.42,92.42]
["Composição Auxiliar"," 88309 ","SINAPI","PEDREIRO COM ENCARGOS COMPLEMENTARES","SEDI - SERVIÇOS DIVERSOS",null,"H",0.96599999999999997,26.59,25.68]
["Composição Auxiliar"," 88316 ","SINAPI","SERVENTE COM ENCARGOS COMPLEMENTARES","SEDI - SERVIÇOS DIVERSOS",null,"H",3.1259999999999999,21.35,66.739999999999995]
[{"$nulls":4},"MO sem LS =>",31.66,"LS =>",36.24,"MO com LS =>",67.900000000000006]
[{"$nulls":4},"Valor do BDI =>",22.26,null,"Valor com BDI =>",null,114.68]
[]
[" 3.3 ","Código","Banco","Descrição","Tipo",null,"Und","Quant.","Valor Unit","Total"]
["Composição"," 104737 ","SINAPI","REATERRO MANUAL DE VALAS, COM PLACA VIBRATÓRIA. AF_08/2023","MOVT - MOVIMENTO DE TERRA",null,"m³",1,21.52,21.52]
["Composição Auxiliar"," 88316 ","SINAPI","SERVENTE COM ENCARGOS COMPLEMENTARES","SEDI - SERVIÇOS DIVERSOS",null,"H",0.88090000000000002,21.35,18.8]
["Composição Auxiliar"," 5901 ","SINAPI","CAMINHÃO PIPA 10.000 L TRUCADO, PESO BRUTO TOTAL 23.000 KG, CARGA ÚTIL MÁXIMA 15.935 KG, DISTÂNCIA ENTRE EIXOS 4,8 M, POTÊNCIA 230 CV, INCLUSIVE TANQUE DE AÇO PARA TRANSPORTE DE ÁGUA - CHP DIURNO. AF_06/2014","CHOR - CUSTOS HORÁRIOS DE MÁQUINAS E EQUIPAMENTOS",null,"CHP",5.4000000000000003E-3,315.85000000000002,1.7]
["Composição Auxiliar"," 5903 ","SINAPI","CAMINHÃO PIPA 10.000 L TRUCADO, PESO BRUTO TOTAL 23.000 KG, CARGA ÚTIL MÁXIMA 15.935 KG, DISTÂNCIA ENTRE EIXOS 4,8 M, POTÊNCIA 230 CV, INCLUSIVE TANQUE DE AÇO PARA TRANSPORTE DE ÁGUA - CHI DIURNO. AF_06/2014","CHOR - CUSTOS HORÁRIOS DE MÁQUINAS E EQUIPAMENTOS",null,"CHI",5.9999999999999995E-4,72.59,0.04]
["Composição Auxiliar"," 91277 ","SINAPI","PLACA VIBRATÓRIA REVERSÍVEL COM MOTOR 4 TEMPOS A GASOLINA, FORÇA CENTRÍFUGA DE 25 KN (2500 KGF), POTÊNCIA 5,5 CV - CHP DIURNO. AF_08/2015","CHOR - CUSTOS HORÁRIOS DE MÁQUINAS E EQUIPAMENTOS",null,"CHP",9.4200000000000006E-2,10.5,0.98]
[{"$nulls":4},"MO sem LS =>",6.37,"LS =>",7.3,"MO com LS =>",13.67]
[{"$nulls":4},"Valor do BDI =>",5.18,null,"Valor com BDI =>",null,26.7]
[]
[" 3.4 ","Código","Banco","Descrição","Tipo",null,"Und","Quant.","Valor Unit","Total"]
["Composição"," 100975 ","SINAPI","CARGA, MANOBRA E DESCARGA DE SOLOS E MATERIAIS GRANULARES EM CAMINHÃO BASCULANTE 14 M³ - CARGA COM PÁ CARREGADEIRA (CAÇAMBA DE 1,7 A 2,8 M³ / 128 HP) E DESCARGA LIVRE (UNIDADE: M3). AF_07/2020","TRAN - TRANSPORTES, CARGAS E DESCARGAS",null,"m³",1,8.44,8.44]
["Composição Auxiliar"," 5942 ","SINAPI","PÁ CARREGADEIRA SOBRE RODAS, POTÊNCIA LÍQUIDA 128 HP, CAPACIDADE DA CAÇAMBA 1,7 A 2,8 M3, PESO OPERACIONAL 11632 KG - CHI DIURNO. AF_06/2014","CHOR - CUSTOS HORÁRIOS DE MÁQUINAS E EQUIPAMENTOS",null,"CHI",8.5000000000000006E-3,70.19,0.59]
["Composição Auxiliar"," 5940 ","SINAPI","PÁ CARREGADEIRA SOBRE RODAS, POTÊNCIA LÍQUIDA 128 HP, CAPACIDADE DA CAÇAMBA 1,7 A 2,8 M3, PESO OPERACIONAL 11632 KG - CHP DIURNO. AF_06/2014","CHOR - CUSTOS HORÁRIOS DE MÁQUINAS E EQUIPAMENTOS",null,"CHP",8.3000000000000001E-3,162.12,1.34]
["Composição Auxiliar"," 89877 ","SINAPI","CAMINHÃO BASCULANTE 14 M3, COM CAVALO MECÂNICO DE CAPACIDADE MÁXIMA DE TRAÇÃO COMBINADO DE 36000 KG, POTÊNCIA 286 CV, INCLUSIVE SEMIREBOQUE COM CAÇAMBA METÁLICA - CHI DIURNO. AF_12/2014","CHOR - CUSTOS HORÁRIOS DE MÁQUINAS E EQUIPAMENTOS",null,"CHI",1.0999999999999999E-2,86.78,0.95]
["Composição Auxiliar"," 89876 ","SINAPI","CAMINHÃO BASCULANTE 14 M3, COM CAVALO MECÂNICO DE CAPACIDADE MÁXIMA DE TRAÇÃO COMBINADO DE 36000 KG, POTÊNCIA 286 CV, INCLUSIVE SEMIREBOQUE COM CAÇAMBA METÁLICA - CHP DIURNO. AF_12/2014","CHOR - CUSTOS HORÁRIOS DE MÁQUINAS E EQUIPAMENTOS",null,"CHP",1.6899999999999998E-2,329.02,5.56]
[{"$nulls":4},"MO sem LS =>",0.43,"LS =>",0.51,"MO com LS =>",0.94]
[{"$nulls":4},"Valor do BDI =>",2.0299999999999998,null,"Valor com BDI =>",null,10.47]
[]
[" 4.1 ","Código","Banco","Descrição","Tipo",null,"Und","Quant.","Valor Unit","Total"]
["Composição"," 96619 ","SINAPI","LASTRO DE CONCRETO MAGRO, APLICADO EM BLOCOS DE COROAMENTO OU SAPATAS, ESPESSURA DE 5 CM. AF_01/2024","FUES - FUNDAÇÕES E ESTRUTURAS",null,"m²",1,38.25,38.25]
["Composição Auxiliar"," 88316 ","SINAPI","SERVENTE COM ENCARGOS COMPLEMENTARES","SEDI - SERVIÇOS DIVERSOS",null,"H",0.12265,21.35,2.61]
["Composição Auxiliar"," 88309 ","SINAPI","PEDREIRO COM ENCARGOS COMPLEMENTARES","SEDI - SERVIÇOS DIVERSOS",null,"H",0.33905000000000002,26.59,9.01]
["Composição Auxiliar"," 94968 ","SINAPI","CONCRETO MAGRO PARA LASTRO, TRAÇO 1:4,5:4,5 (EM MASSA SECA DE CIMENTO/ AREIA MÉDIA/ BRITA 1) - PREPARO MECÂNICO COM BETONEIRA 600 L. AF_05/2021","FUES - FUNDAÇÕES E ESTRUTURAS",null,"m³",6.9000000000000006E-2,385.98,26.63]
[{"$nulls":4},"MO sem LS =>",5.73,"LS =>",6.56,"MO com LS =>",12.29]
[{"$nulls":4},"Valor do BDI =>",9.2100000000000009,null,"Valor com BDI =>",null,47.46]
[]
[" 4.2 ","Código","Banco","Descrição","Tipo",null,"Und","Quant.","Valor Unit","Total"]
["Composição"," 104916 ","SINAPI","ARMAÇÃO DE SAPATA ISOLADA, VIGA BALDRAME E SAPATA CORRIDA UTILIZANDO AÇO CA-60 DE 5 MM - MONTAGEM. AF_01/2024","FUES - FUNDAÇÕES E ESTRUTURAS",null,"KG",1,18.260000000000002,18.260000000000002]
["Composição Auxiliar"," 88238 ","SINAPI","AJUDANTE DE ARMADOR COM ENCARGOS COMPLEMENTARES","SEDI - SERVIÇOS DIVERSOS",null,"H",6.4000000000000001E-2,22.38,1.43]
["Composição Auxiliar"," 92800 ","SINAPI","CORTE E DOBRA DE AÇO CA-60, DIÂMETRO DE 5,0 MM. AF_06/2022","FUES - FUNDAÇÕES E ESTRUTURAS",null,"KG",1,11.63,11.63]
["Composição Auxiliar"," 88245 ","SINAPI","ARMADOR COM ENCARGOS COMPLEMENTARES","SEDI - SERVIÇOS DIVERSOS",null,"H",0.16600000000000001,26.4,4.38]
["Insumo"," 00043132 ","SINAPI","ARAME RECOZIDO 16 BWG, D = 1,65 MM (0,016 KG/M) OU 18 BWG, D = 1,25 MM (0,01 KG/M)","Material",null,"KG",2.5000000000000001E-2,25.65,0.64]
["Insumo"," 00039017 ","SINAPI","ESPACADOR / DISTANCIADOR CIRCULAR COM ENTRADA LATERAL, EM PLASTICO, PARA VERGALHAO *4,2 A 12,5* MM, COBRIMENTO 20 MM","Material",null,"UN",0.81899999999999995,0.22,0.18]
[{"$nulls":4},"MO sem LS =>",2.67,"LS =>",3.07,"MO com LS =>",5.74]
[{"$nulls":4},"Valor do BDI =>",4.3899999999999997,null,"Valor com BDI =>",null,22.65]
[]
[" 4.3 ","Código","Banco","Descrição","Tipo",null,"Und","Quant.","Valor Unit","Total"]
["Composição"," 104918 ","SINAPI","ARMAÇÃO DE SAPATA ISOLADA, VIGA BALDRAME E SAPATA CORRIDA UTILIZANDO AÇO CA-50 DE 8 MM - MONTAGEM. AF_01/2024","FUES - FUNDAÇÕES E ESTRUTURAS",null,"KG",1,16.29,16.29]
["Composição Auxiliar"," 88238 ","SINAPI","AJUDANTE DE ARMADOR COM ENCARGOS COMPLEMENTARES","SEDI - SERVIÇOS DIVERSOS",null,"H",3.9E-2,22.38,0.87]
["Composição Auxiliar"," 92802 ","SINAPI","CORTE E DOBRA DE AÇO CA-50, DIÂMETRO DE 8,0 MM. AF_06/2022","FUES - FUNDAÇÕES E ESTRUTURAS",null,"KG",1,11.98,11.98]
["Composição Auxiliar"," 88245 ","SINAPI","ARMADOR COM ENCARGOS COMPLEMENTARES","SEDI - SERVIÇOS DIVERSOS",null,"H",0.10199999999999999,26.4,2.69]
["Insumo"," 00043132 ","SINAPI","ARAME RECOZIDO 16 BWG, D = 1,65 MM (0,016 KG/M) OU 18 BWG, D = 1,25 MM (0,01 KG/M)","Material",null,"KG",2.5000000000000001E-2,25.65,0.64]
["Insumo"," 00039017 ","SINAPI","ESPACADOR / DISTANCIADOR CIRCULAR COM ENTRADA LATERAL, EM PLASTICO, PARA VERGALHAO *4,2 A 12,5* MM, COBRIMENTO 20 MM","Material",null,"UN",0.503,0.22,0.11]
[{"$nulls":4},"MO sem LS =>",1.42,"LS =>",1.64,"MO com LS =>",3.06]
[{"$nulls":4},"Valor do BDI =>",3.92,null,"Valor com BDI =>",null,20.21]
[]
[" 4.4 ","Código","Banco","Descrição","Tipo",null,"Und","Quant.","Valor Unit","Total"]
["Composição"," 104919 ","SINAPI","ARMAÇÃO DE SAPATA ISOLADA, VIGA BALDRAME E SAPATA CORRIDA UTILIZANDO AÇO CA-50 DE 10 MM - MONTAGEM. AF_01/2024","FUES - FUNDAÇÕES E ESTRUTURAS",null,"KG",1,14.65,14.65]
["Composição Auxiliar"," 92803 ","SINAPI","CORTE E DOBRA DE AÇO CA-50, DIÂMETRO DE 10,0 MM. AF_06/2022","FUES - FUNDAÇÕES E ESTRUTURAS",null,"KG",1,11.11,11.11]
["Composição Auxiliar"," 88245 ","SINAPI","ARMADOR COM ENCARGOS COMPLEMENTARES","SEDI - SERVIÇOS DIVERSOS",null,"H",8.1000000000000003E-2,26.4,2.13]
["Composição Auxiliar"," 88238 ","SINAPI","AJUDANTE DE ARMADOR COM ENCARGOS COMPLEMENTARES","SEDI - SERVIÇOS DIVERSOS",null,"H",3.1E-2,22.38,0.69]
["Insumo"," 00043132 ","SINAPI","ARAME RECOZIDO 16 BWG, D = 1,65 MM (0,016 KG/M) OU 18 BWG, D = 1,25 MM (0,01 KG/M)","Material",null,"KG",2.5000000000000001E-2,25.65,0.64]
["Insumo"," 00039017 ","SINAPI","ESPACADOR / DISTANCIADOR CIRCULAR COM ENTRADA LATERAL, EM PLASTICO, PARA VERGALHAO *4,2 A 12,5* MM, COBRIMENTO 20 MM","Material",null,"UN",0.39900000000000002,0.22,0.08]
[{"$nulls":4},"MO sem LS =>",1.08,"LS =>",1.25,"MO com LS =>",2.33]
[{"$nulls":4},"Valor do BDI =>",3.52,null,"Valor com BDI =>",null,18.170000000000002]
[]
[" 4.5 ","Código","Banco","Descrição","Tipo",null,"Und","Quant.","Valor Unit","Total"]
["Composição"," 104920 ","SINAPI","ARMAÇÃO DE BLOCO, SAPATA ISOLADA, VIGA BALDRAME E SAPATA CORRIDA UTILIZANDO AÇO CA-50 DE 12,5 MM - MONTAGEM. AF_01/2024","FUES - FUNDAÇÕES E ESTRUTURAS",null,"KG",1,12.46,12.46]
["Composição Auxiliar"," 88238 ","SINAPI","AJUDANTE DE ARMADOR COM ENCARGOS COMPLEMENTARES","SEDI - SERVIÇOS DIVERSOS",null,"H",2.5000000000000001E-2,22.38,0.55000000000000004]
["Composição Auxiliar"," 88245 ","SINAPI","ARMADOR COM ENCARGOS COMPLEMENTARES","SEDI - SERVIÇOS DIVERSOS",null,"H",6.4000000000000001E-2,26.4,1.68]
["Composição Auxiliar"," 92804 ","SINAPI","CORTE E DOBRA DE AÇO CA-50, DIÂMETRO DE 12,5 MM. AF_06/2022","FUES - FUNDAÇÕES E ESTRUTURAS",null,"KG",1,9.5299999999999994,9.5299999999999994]
["Insumo"," 00039017 ","SINAPI","ESPACADOR / DISTANCIADOR CIRCULAR COM ENTRADA LATERAL, EM PLASTICO, PARA VERGALHAO *4,2 A 12,5* MM, COBRIMENTO 20 MM","Material",null,"UN",0.317,0.22,0.06]
["Insumo"," 00043132 ","SINAPI","ARAME RECOZIDO 16 BWG, D = 1,65 MM (0,016 KG/M) OU 18 BWG, D = 1,25 MM (0,01 KG/M)","Material",null,"KG",2.5000000000000001E-2,25.65,0.64]
[{"$nulls":4},"MO sem LS =>",0.83,"LS =>",0.97,"MO com LS =>",1.8]
[{"$nulls":4},"Valor do BDI =>",3,null,"Valor com BDI =>",null,15.46]
[]
[" 4.6 ","Código","Banco","Descrição","Tipo",null,"Und","Quant.","Valor Unit","Total"]
["Composição"," 96536 ","SINAPI","FABRICAÇÃO, MONTAGEM E DESMONTAGEM DE FÔRMA PARA VIGA BALDRAME, EM MADEIRA SERRADA, E=25 MM, 4 UTILIZAÇÕES. AF_01/2024","FUES - FUNDAÇÕES E ESTRUTURAS",null,"m²",1,73.59,73.59]
["Composição Auxiliar"," 88262 ","SINAPI","CARPINTEIRO DE FORMAS COM ENCARGOS COMPLEMENTARES","SEDI - SERVIÇOS DIVERSOS",null,"H",1.0880000000000001,26.18,28.48]
["Composição Auxiliar"," 88239 ","SINAPI","AJUDANTE DE CARPINTEIRO COM ENCARGOS COMPLEMENTARES","SEDI - SERVIÇOS DIVERSOS",null,"H",0.47699999999999998,22.21,10.59]
["Composição Auxiliar"," 91692 ","SINAPI","SERRA CIRCULAR DE BANCADA COM MOTOR ELÉTRICO POTÊNCIA DE 5HP, COM COIFA PARA DISCO 10\" - CHP DIURNO. AF_08/2015","CHOR - CUSTOS HORÁRIOS DE MÁQUINAS E EQUIPAMENTOS",null,"CHP",1.2999999999999999E-2,24.71,0.32]
["Composição Auxiliar"," 91693 ","SINAPI","SERRA CIRCULAR DE BANCADA COM MOTOR ELÉTRICO POTÊNCIA DE 5HP, COM COIFA PARA DISCO 10\" - CHI DIURNO. AF_08/2015","CHOR - CUSTOS HORÁRIOS DE MÁQUINAS E EQUIPAMENTOS",null,"CHI",5.2999999999999999E-2,23.25,1.23]
["Insumo"," 00004491 ","SINAPI","PONTALETE *7,5 X 7,5* CM EM PINUS, MISTA OU EQUIVALENTE DA REGIAO - BRUTA","Material",null,"M",0.60499999999999998,11.43,6.91]
["Insumo"," 00002692 ","SINAPI","DESMOLDANTE PROTETOR PARA FORMAS DE MADEIRA, DE BASE OLEOSA EMULSIONADA EM AGUA","Material",null,"L",1.67E-2,9.65,0.16]
["Insumo"," 00006212 ","SINAPI","TABUA *2,5 X 30 CM EM PINUS, MISTA OU EQUIVALENTE DA REGIAO - BRUTA","Material",null,"M",1.1339999999999999,18.96,21.5]
["Insumo"," 00004517 ","SINAPI","SARRAFO *2,5 X 7,5* CM EM PINUS, MISTA OU EQUIVALENTE DA REGIAO - BRUTA","Material",null,"M",0.54700000000000004,4,2.1800000000000002]
["Insumo"," 00040304 ","SINAPI","PREGO DE ACO POLIDO COM CABECA DUPLA 17 X 27 (2 1/2 X 11)","Material",null,"KG",5.2999999999999999E-2,29.83,1.58]
["Insumo"," 00005073 ","SINAPI","PREGO DE ACO POLIDO COM CABECA 17 X 24 (2 1/4 X 11)","Material",null,"KG",2.5999999999999999E-2,24.63,0.64]
[{"$nulls":4},"MO sem LS =>",14.5,"LS =>",16.61,"MO com LS =>",31.11]
[{"$nulls":4},"Valor do BDI =>",17.72,null,"Valor com BDI =>",null,91.31]
[]
[" 4.7 ","Código","Banco","Descrição","Tipo",null,"Und","Quant.","Valor Unit","Total"]
["Composição"," 96555 ","SINAPI","CONCRETAGEM DE BLOCO DE COROAMENTO OU VIGA BALDRAME, FCK 30 MPA, COM USO DE JERICA - LANÇAMENTO, ADENSAMENTO E ACABAMENTO. AF_01/2024","FUES - FUNDAÇÕES E ESTRUTURAS",null,"m³",1,725.19,725.19]
["Composição Auxiliar"," 88309 ","SINAPI","PEDREIRO COM ENCARGOS COMPLEMENTARES","SEDI - SERVIÇOS DIVERSOS",null,"H",2.4249999999999998,26.59,64.48]
["Composição Auxiliar"," 88316 ","SINAPI","SERVENTE COM ENCARGOS COMPLEMENTARES","SEDI - SERVIÇOS DIVERSOS",null,"H",2.8820000000000001,21.35,61.53]
["Composição Auxiliar"," 90587 ","SINAPI","VIBRADOR DE IMERSÃO, DIÂMETRO DE PONTEIRA 45MM, MOTOR ELÉTRICO TRIFÁSICO POTÊNCIA DE 2 CV - CHI DIURNO. AF_06/2015","CHOR - CUSTOS HORÁRIOS DE MÁQUINAS E EQUIPAMENTOS",null,"CHI",1.101,0.56000000000000005,0.61]
["Composição Auxiliar"," 90586 ","SINAPI","VIBRADOR DE IMERSÃO, DIÂMETRO DE PONTEIRA 45MM, MOTOR ELÉTRICO TRIFÁSICO POTÊNCIA DE 2 CV - CHP DIURNO. AF_06/2015","CHOR - CUSTOS HORÁRIOS DE MÁQUINAS E EQUIPAMENTOS",null,"CHP",0.34,1.45,0.49]
["Composição Auxiliar"," 94972 ","SINAPI","CONCRETO FCK = 30MPA, TRAÇO 1:2,1:2,5 (EM MASSA SECA DE CIMENTO/ AREIA MÉDIA/ BRITA 1) - PREPARO MECÂNICO COM BETONEIRA 600 L. AF_05/2021","FUES - FUNDAÇÕES E ESTRUTURAS",null,"m³",1.1599999999999999,515.59,598.08000000000004]
[{"$nulls":4},"MO sem LS =>",69.13,"LS =>",79.11,"MO com LS =>",148.24]
[{"$nulls":4},"Valor do BDI =>",174.69,null,"Valor com BDI =>",null,899.88]
[]
[" 4.8 ","Código","Banco","Descrição","Tipo",null,"Und","Quant.","Valor Unit","Total"]
["Composição"," 98557 ","SINAPI","IMPERMEABILIZAÇÃO DE SUPERFÍCIE COM EMULSÃO ASFÁLTICA, 2 DEMÃOS. AF_09/2023","IMPE - IMPERMEABILIZAÇÕES E PROTEÇÕES DIVERSAS",null,"m²",1,48.13,48.13]
["Composição Auxiliar"," 88243 ","SINAPI","AJUDANTE ESPECIALIZADO COM ENCARGOS COMPLEMENTARES","SEDI - SERVIÇOS DIVERSOS",null,"H",9.69E-2,22.27,2.15]
["Composição Auxiliar"," 88270 ","SINAPI","IMPERMEABILIZADOR COM ENCARGOS COMPLEMENTARES","SEDI - SERVIÇOS DIVERSOS",null,"H",0.4299,27.03,11.62]
["Insumo"," 00000626 ","SINAPI","MANTA LIQUIDA DE BASE ASFALTICA MODIFICADA COM A ADICAO DE ELASTOMEROS DILUIDOS EM SOLVENTE ORGANICO, APLICACAO A FRIO (MEMBRANA DE EMULSAO ASFALTICA PARA IMPERMEABILIZACAO FLEXIVEL)","Material",null,"KG",1.5,22.91,34.36]
[{"$nulls":4},"MO sem LS =>",4.93,"LS =>",5.65,"MO com LS =>",10.58]
[{"$nulls":4},"Valor do BDI =>",11.59,null,"Valor com BDI =>",null,59.72]
[]
[" 4.9 ","Código","Banco","Descrição","Tipo",null,"Und","Quant.","Valor Unit","Total"]
["Composição"," 031512 ","SBC","ESTACA HELICE CONTINUA 30CM 40MPA LANC.MEC.BOMBEA.+FERRAGENS","FUNDACOES INDIRETAS",null,"M",1,241.29,241.29]
["Insumo"," 000400 ","SBC","ARAME RECOZIDO ISGW #16 (0,032kg/m) (55 AMARRAS/pm3)","Material",null,"KG",0.22939999999999999,28.92,6.63]
["Insumo"," 099807 ","SBC","AJUDANTE DE ARMADOR","Mão de Obra",null,"H",0.63800000000000001,16.659656999999999,10.62]
["Insumo"," 028374 ","SBC","CONCRETO USINADO 40,0 MPa COM CUSTO DE BOMBEAMENTO","Material",null,"m³",8.2000000000000003E-2,608.34,49.88]
["Insumo"," 099323 ","SBC","AJUDANTE ESPECIALIZADO - CONCRETISTA","Mão de Obra",null,"H",0.35799999999999998,16.659656999999999,5.96]
["Insumo"," 099300 ","SBC","ARMADOR ou FERREIRO","Mão de Obra",null,"H",0.70599999999999996,21.741174000000001,15.34]
["Insumo"," 037431 ","SBC","VIBRADOR DE IMERSAO ELETRICO 2CV","Material",null,"H",0.14499999999999999,2.38,0.34]
["Insumo"," 099900 ","SBC","SERVENTE","Mão de Obra",null,"H",0.73199999999999998,14.79429,10.82]
["Insumo"," 036804 ","SBC","GUINDASTE S/ PNEUS KRANE-KAR - 9T","Material",null,"H",3.7999999999999999E-2,200,7.6]
["Insumo"," 099322 ","SBC","CONCRETISTA","Mão de Obra",null,"H",0.219,24.828678,5.43]
["Insumo"," 004431 ","SBC","ESPACADOR PLASTICO PARA ARMACOES C-20","Material",null,"UN",5.2439999999999998,0.33,1.73]
["Insumo"," 000779 ","SBC","ACO CA 50 6,3mm (1/4\") (0,248 kg/m)","Material",null,"KG",1.2929999999999999,10.93,14.13]
["Insumo"," 004125 ","SBC","FERRAMENTA - CARRINHO DE MAO CHAPA DE ACO RODA COM CAMARA","Material",null,"UN",2.0199999999999999E-2,598.16,12.08]
["Insumo"," 000340 ","SBC","ACO CA 50 12,5mm (1/2\") (0,993 kg/m)","Material",null,"KG",6.6,9.27,61.18]
["Insumo"," 099310 ","SBC","MESTRE DE OBRAS","Mão de Obra",null,"H",0.1,42.903441000000001,4.29]
["Insumo"," 036805 ","SBC","PERFURATRIZ ESTACA TIPO HELICE CONTINUA - DN 30 A DN 90","Material",null,"H",7.5999999999999998E-2,464,35.26]
[{"$nulls":4},"MO sem LS =>",24.46,"LS =>",28,"MO com LS =>",52.46]
[{"$nulls":4},"Valor do BDI =>",58.12,null,"Valor com BDI =>",null,299.41000000000003]
[]
[" 4.10 ","Código","Banco","Descrição","Tipo",null,"Und","Quant.","Valor Unit","Total"]
["Composição"," 94962 ","SINAPI","CONCRETO MAGRO PARA LASTRO, TRAÇO 1:4,5:4,5 (EM MASSA SECA DE CIMENTO/ AREIA MÉDIA/ BRITA 1) - PREPARO MECÂNICO COM BETONEIRA 400 L. AF_05/2021","FUES - FUNDAÇÕES E ESTRUTURAS",null,"m³",1,388.71,388.71]
["Composição Auxiliar"," 88377 ","SINAPI","OPERADOR DE BETONEIRA ESTACIONÁRIA/MISTURADOR COM ENCARGOS COMPLEMENTARES","SEDI - SERVIÇOS DIVERSOS",null,"H",1.4811000000000001,18.170000000000002,26.91]
["Composição Auxiliar"," 88316 ","SINAPI","SERVENTE COM ENCARGOS COMPLEMENTARES","SEDI - SERVIÇOS DIVERSOS",null,"H",2.3433000000000002,21.35,50.02]
["Composição Auxiliar"," 88830 ","SINAPI","BETONEIRA CAPACIDADE NOMINAL DE 400 L, CAPACIDADE DE MISTURA 280 L, MOTOR ELÉTRICO TRIFÁSICO POTÊNCIA DE 2 CV, SEM CARREGADOR - CHP DIURNO. AF_05/2023","CHOR - CUSTOS HORÁRIOS DE MÁQUINAS E EQUIPAMENTOS",null,"CHP",0.76229999999999998,1.98,1.5]
["Composição Auxiliar"," 88831 ","SINAPI","BETONEIRA CAPACIDADE NOMINAL DE 400 L, CAPACIDADE DE MISTURA 280 L, MOTOR ELÉTRICO TRIFÁSICO POTÊNCIA DE 2 CV, SEM CARREGADOR - CHI DIURNO. AF_05/2023","CHOR - CUSTOS HORÁRIOS DE MÁQUINAS E EQUIPAMENTOS",null,"CHI",0.71879999999999999,0.37,0.26]
["Insumo"," 00004721 ","SINAPI","PEDRA BRITADA N. 1 (9,5 A 19 MM) POSTO PEDREIRA/FORNECEDOR, SEM FRETE","Material",null,"M³",0.57820000000000005,92.51,53.48]
["Insumo"," 00001379 ","SINAPI","CIMENTO PORTLAND COMPOSTO CP II-32","Material",null,"KG",212.01939999999999,0.82,173.85]
["Insumo"," 00000370 ","SINAPI","AREIA MEDIA - POSTO JAZIDA/FORNECEDOR (RETIRADO NA JAZIDA, SEM TRANSPORTE)","Material",null,"M³",0.82689999999999997,100,82.69]
[{"$nulls":4},"MO sem LS =>",25.98,"LS =>",29.74,"MO com LS =>",55.72]
[{"$nulls":4},"Valor do BDI =>",93.64,null,"Valor com BDI =>",null,482.35]
[]
[" 4.11 ","Código","Banco","Descrição","Tipo",null,"Und","Quant.","Valor Unit","Total"]
["Composição"," 7369 ","ORSE","Concreto Armado fck=30,0MPa, usinado, bombeado, adensado e lançado, para uso Geral, com formas planas em compensado resinado 12mm (05 usos)","Conversão InfoWOrca",null,"m³",1,2454.1799999999998,2454.1799999999998]
["Item","Código","Banco","Descrição","Tipo",null,"Und","Quant.","Valor Unit","Total"]
["Composição"," 116 ","ORSE","Forma Plana para estruturas, em compensado resinado de 12mm, 05 usos, inclusive escoramento - Revisada 07..2015","Formas",null,"m²",10,"80,78","807,80"]
["Composição"," 3346 ","ORSE","Concreto simples usinado fck=30mpa, bombeado, lançado e adensado em superestrutura","Conversão InfoWOrca",null,"m³",1,"580,70","580,70"]
["Composição"," 140 ","ORSE","Aço CA - 50 Ø 6,3 a 12,5mm, inclusive corte, dobragem, montagem e colocacao de ferragens nas formas, para superestruturas e fundações - R1","Armaduras Convencionais",null,"kg",80,"13,19","1.055,20"]
["Detalhamento de Cálculo ORSE"]
["Item","Código","Banco","Descrição","Tipo",null,"Und","Quant.","Valor Unit","Total"]
["Insumo"," 630 ","ORSE","Compensado resinado 12mm - Madeirit ou similar","Material",null,"m²",2.34,"44,17","103,35"]
["Insumo"," 00001213/SINAPI ","ORSE","Carpinteiro de formas para concreto (horista)","Mão de Obra",null,"h",10.09,"19,02","191,91"]
["Insumo"," 10579 ","ORSE","Chave de fenda chata 30 cm","Material",null,"un",2.0179999999999998E-3,"26,89","0,05"]
["Insumo"," 2378 ","ORSE","Vale transporte","Material",null,"un",3.1387939999999999,"4,50","14,12"]
["Insumo"," 11249 ","ORSE","Serra circular eletrica portatil","Equipamento",null,"un",1.0089999999999999E-3,"979,65","0,98"]
["Insumo"," 10517 ","ORSE","Exames admissionais/demissionais (checkup)","Serviços",null,"cj",1.542E-2,"300,00","4,62"]
["Insumo"," 11248 ","ORSE","Furadeira e Parafusadeira eletrica Bosch ou Similar profissional","Equipamento",null,"un",1.0089999999999999E-3,"246,00","0,24"]
["Insumo"," 941 ","ORSE","Fardamento com mangas curta","Material",null,"un",5.7825000000000001E-2,"194,68","11,25"]
["Insumo"," 158 ","ORSE","Almoço (Participação do empregador)","Material",null,"un",3.9243899999999998,"14,00","54,94"]
["Insumo"," 00012892/SINAPI ","ORSE","Luva raspa de couro, cano curto (punho *7* cm)","Material",null,"par",8.8664999999999994E-2,"10,87","0,96"]
["Insumo"," 00012895/SINAPI ","ORSE","Capacete de seguranca aba frontal com suspensao de polietileno, sem jugular (classe b)","Material",null,"un",2.3130000000000001E-2,"13,50","0,31"]
["Insumo"," 00012894/SINAPI ","ORSE","Capa para chuva em pvc com forro de poliester, com capuz (amarela ou azul)","Material",null,"un",7.7099999999999998E-3,"20,11","0,15"]
["Insumo"," 1651 ","ORSE","Óculos branco proteção","Material",null,"pr",2.9831E-2,"7,00","0,20"]
["Insumo"," 10577 ","ORSE","Serrote 40cm","Material",null,"un",1.0089999999999999E-3,"36,00","0,03"]
["Insumo"," 10578 ","ORSE","Formão grande","Material",null,"un",2.0179999999999998E-3,"15,15","0,03"]
["Insumo"," 10362 ","ORSE","Seguro de vida e acidente em grupo","Serviços",null,"un",0.17347499999999999,"12,54","2,17"]
["Insumo"," 10599 ","ORSE","Protetor solar fps 30 com 120ml","Material",null,"un",6.9389999999999993E-2,"18,00","1,24"]
["Insumo"," 10596 ","ORSE","Protetor auricular","Material",null,"un",0.17347499999999999,"4,85","0,84"]
["Insumo"," 10761 ","ORSE","Refeição - café da manhã ( café com leite e dois pães com manteiga)","Serviços",null,"un",3.9243899999999998,"5,00","19,62"]
["Insumo"," 00012893/SINAPI ","ORSE","Bota de seguranca com biqueira de aco e colarinho acolchoado","Material",null,"par",2.9831E-2,"73,93","2,20"]
["Insumo"," 10492 ","ORSE","Cesta Básica","Material",null,"un",0.17347499999999999,"205,00","35,56"]
["Insumo"," 11244 ","ORSE","Martelo com unha","Material",null,"un",2.0179999999999998E-3,"48,95","0,09"]
["Insumo"," 00005069/SINAPI ","ORSE","Prego de aco polido com cabeca 17 x 27 (2 1/2 x 11)","Material",null,"kg",1,"17,52","17,52"]
["Insumo"," 00002692/SINAPI ","ORSE","Desmoldante protetor para formas de madeira, de base oleosa emulsionada em agua","Material",null,"l",0.2,"9,31","1,86"]
["Insumo"," 00043130/SINAPI ","ORSE","Arame galvanizado 12 bwg, d = 2,76 mm (0,048 kg/m) ou 14 bwg, d = 2,11 mm (0,026 kg/m)","Material",null,"kg",1.5,"30,99","46,48"]
["Insumo"," 00004509/SINAPI ","ORSE","Sarrafo *2,5 x 10* cm em pinus, mista ou equivalente da regiao - bruta","Material",null,"m",10.89,"5,66","61,63"]
["Insumo"," 4728 ","ORSE","Talhadeira chata 10\"","Material",null,"un",6.4559999999999999E-3,"18,58","0,11"]
["Insumo"," 10788 ","ORSE","Pá quadrada","Material",null,"un",4.3039999999999997E-3,"36,90","0,15"]
["Insumo"," 00002711/SINAPI ","ORSE","Carrinho de mao, em aco, com capacidade de *45 a 65* l / *100* kg, pneu com camara","Material",null,"un",4.3039999999999997E-3,"187,68","0,80"]
["Insumo"," 4729 ","ORSE","Marreta 1 kg com cabo","Material",null,"un",2.1519999999999998E-3,"37,80","0,08"]
["Insumo"," 00006193/SINAPI ","ORSE","Tabua nao aparelhada *2,5 x 20* cm, em macaranduba/massaranduba, angelim ou equivalente da regiao - bruta","Material",null,"m",1.22,"15,54","18,95"]
["Insumo"," 1569 ","ORSE","Madeira mista serrada (barrote) 6 x 6cm - 0,0036 m3/m (angelim, louro)","Material",null,"m",12.27,"6,69","82,08"]
["Insumo"," 00006111/SINAPI ","ORSE","Servente de obras (horista)","Mão de Obra",null,"h",21.52,"14,58","313,76"]
["Insumo"," 00005068/SINAPI ","ORSE","Prego de aco polido com cabeca 17 x 21 (2 x 11)","Material",null,"kg",0.25,"17,19","4,29"]
["Insumo"," 00044535/SINAPI ","ORSE","Servico de bombeamento de concreto com consumo minimo de 40 m3, (disponibilizacao de bomba), sem o lancamento","Material",null,"m³",1,"46,78","46,78"]
["Insumo"," 00034494/SINAPI ","ORSE","Concreto usinado bombeavel, classe de resistencia c30, com brita 0 e 1, slump= 100 +/- 20 mm, exclui servico de bombeamento (nbr 8953)","Material",null,"m³",1,"483,42","483,42"]
["Insumo"," 00004750/SINAPI ","ORSE","Pedreiro (horista)","Mão de Obra",null,"h",0.36,"19,02","6,84"]
["Insumo"," 11264 ","ORSE","Marreta de 1/2 kg com cabo","Material",null,"un",7.2000000000000002E-5,"13,52","0,00"]
["Insumo"," 10282 ","ORSE","Regua de alumínio c/ 2,00m (para pedreiro)","Material",null,"un",7.2000000000000002E-5,"44,00","0,00"]
["Insumo"," 10789 ","ORSE","Nível de bolha de madeira","Material",null,"un",7.2000000000000002E-5,"15,40","0,00"]
["Insumo"," 4722 ","ORSE","Colher de pedreiro","Material",null,"un",1.44E-4,"18,80","0,00"]
["Insumo"," 4174 ","ORSE","Desempenadeira de aço lisa, cabo madeira, ref:143, Atlas ou similar","Material",null,"un",1.8000000000000001E-4,"12,00","0,00"]
["Insumo"," 11243 ","ORSE","Martelo sem unha","Material",null,"un",3.6000000000000001E-5,"28,00","0,00"]
["Insumo"," 11246 ","ORSE","Escala métrica de bambú","Material",null,"Un",2.52E-4,"10,22","0,00"]
["Insumo"," 10790 ","ORSE","Prumo de face","Material",null,"un",3.6000000000000001E-5,"25,95","0,00"]
["Insumo"," 11247 ","ORSE","Serra mármore","Material",null,"un",3.6000000000000001E-5,"327,80","0,01"]
["Insumo"," 11265 ","ORSE","Martelo de borracha com cabo","Material",null,"un",1.44E-4,"18,75","0,00"]
["Insumo"," 11245 ","ORSE","Desempoladeira de madeira 12x22","Material",null,"un",2.52E-4,"11,60","0,00"]
["Insumo"," 00000378/SINAPI ","ORSE","Armador (horista)","Mão de Obra",null,"h",6.58,"19,02","125,15"]
["Insumo"," 10585 ","ORSE","Arco de serra","Material",null,"un",1.3159999999999999E-3,"20,90","0,02"]
["Insumo"," 10586 ","ORSE","Torquesa","Material",null,"un",1.3159999999999999E-3,"39,00","0,05"]
["Insumo"," 00039315/SINAPI ","ORSE","Espacador / distanciador tipo garra dupla, em plastico, cobrimento *20* mm, para ferragens de lajes e fundo de vigas","Material",null,"un",32,"0,36","11,52"]
["Insumo"," 81 ","ORSE","Aço ca-50   6,3 a 12,5 mm","Material",null,"kg",80,"9,14","731,20"]
["Insumo"," 00043132/SINAPI ","ORSE","Arame recozido 16 bwg, d = 1,65 mm (0,016 kg/m) ou 18 bwg, d = 1,25 mm (0,01 kg/m)","Material",null,"kg",1.6,"30,99","49,58"]
["Insumo"," 00039017/SINAPI ","ORSE","Espacador / distanciador circular com entrada lateral, em plastico, para vergalhao *4,2 a 12,5* mm, cobrimento 20 mm","Material",null,"un",32,"0,22","7,04"]
[{"$nulls":4},"MO sem LS =>",297.39999999999998,"LS =>",340.26,"MO com LS =>",637.66]
[{"$nulls":4},"Valor do BDI =>",591.21,null,"Valor com BDI =>",null,3045.39]
[]
[" 5.1 ","Código","Banco","Descrição","Tipo",null,"Und","Quant.","Valor Unit","Total"]
["Composição"," 103328 ","SINAPI","ALVENARIA DE VEDAÇÃO DE BLOCOS CERÂMICOS FURADOS NA HORIZONTAL DE 9X19X19 CM (ESPESSURA 9 CM) E ARGAMASSA DE ASSENTAMENTO COM PREPARO EM BETONEIRA. AF_12/2021","PARE - PAREDES/PAINEIS",null,"m²",1,94.01,94.01]
["Composição Auxiliar"," 87292 ","SINAPI","ARGAMASSA TRAÇO 1:2:8 (EM VOLUME DE CIMENTO, CAL E AREIA MÉDIA ÚMIDA) PARA EMBOÇO/MASSA ÚNICA/ASSENTAMENTO DE ALVENARIA DE VEDAÇÃO, PREPARO MECÂNICO COM BETONEIRA 400 L. AF_08/2019","SEDI - SERVIÇOS DIVERSOS",null,"m³",9.1000000000000004E-3,553.21,5.03]
["Composição Auxiliar"," 88316 ","SINAPI","SERVENTE COM ENCARGOS COMPLEMENTARES","SEDI - SERVIÇOS DIVERSOS",null,"H",0.80500000000000005,21.35,17.18]
["Composição Auxiliar"," 88309 ","SINAPI","PEDREIRO COM ENCARGOS COMPLEMENTARES","SEDI - SERVIÇOS DIVERSOS",null,"H",1.61,26.59,42.8]
["Insumo"," 00007271 ","SINAPI","BLOCO CERAMICO / TIJOLO VAZADO PARA ALVENARIA DE VEDACAO, 8 FUROS NA HORIZONTAL DE 9 X 19 X 19 CM (L X A X C)","Material",null,"UN",28.31,0.98,27.74]
["Insumo"," 00034557 ","SINAPI","TELA DE ACO SOLDADA GALVANIZADA/ZINCADA PARA ALVENARIA, FIO D = *1,20 A 1,70* MM, MALHA 15 X 15 MM, (C X L) *50 X 7,5* CM","Material",null,"M",0.42,2.5299999999999998,1.06]
["Insumo"," 00037395 ","SINAPI","PINO DE ACO COM FURO, HASTE = 27 MM (ACAO DIRETA)","Material",null,"CENTO",5.0000000000000001E-3,41.93,0.2]
[{"$nulls":4},"MO sem LS =>",21.44,"LS =>",24.53,"MO com LS =>",45.97]
[{"$nulls":4},"Valor do BDI =>",22.64,null,"Valor com BDI =>",null,116.65]
[]
[" 5.2 ","Código","Banco","Descrição","Tipo",null,"Und","Quant.","Valor Unit","Total"]
["Composição"," 104111 ","SINAPI","ARMAÇÃO DE PILAR OU VIGA DE ESTRUTURA DE CONCRETO ARMADO EMBUTIDA EM ALVENARIA DE VEDAÇÃO UTILIZANDO AÇO CA-60 DE 5,0 MM - MONTAGEM. AF_06/2022","FUES - FUNDAÇÕES E ESTRUTURAS",null,"KG",1,21.82,21.82]
["Composição Auxiliar"," 88245 ","SINAPI","ARMADOR COM ENCARGOS COMPLEMENTARES","SEDI - SERVIÇOS DIVERSOS",null,"H",0.30940000000000001,26.4,8.16]
["Composição Auxiliar"," 88238 ","SINAPI","AJUDANTE DE ARMADOR COM ENCARGOS COMPLEMENTARES","SEDI - SERVIÇOS DIVERSOS",null,"H",5.0500000000000003E-2,22.38,1.1299999999999999]
["Composição Auxiliar"," 92800 ","SINAPI","CORTE E DOBRA DE AÇO CA-60, DIÂMETRO DE 5,0 MM. AF_06/2022","FUES - FUNDAÇÕES E ESTRUTURAS",null,"KG",1,11.63,11.63]
["Insumo"," 00039017 ","SINAPI","ESPACADOR / DISTANCIADOR CIRCULAR COM ENTRADA LATERAL, EM PLASTICO, PARA VERGALHAO *4,2 A 12,5* MM, COBRIMENTO 20 MM","Material",null,"UN",1.19,0.22,0.26]
["Insumo"," 00043132 ","SINAPI","ARAME RECOZIDO 16 BWG, D = 1,65 MM (0,016 KG/M) OU 18 BWG, D = 1,25 MM (0,01 KG/M)","Material",null,"KG",2.5000000000000001E-2,25.65,0.64]
[{"$nulls":4},"MO sem LS =>",3.93,"LS =>",4.51,"MO com LS =>",8.44]
[{"$nulls":4},"Valor do BDI =>",5.25,null,"Valor com BDI =>",null,27.07]
[]
[" 5.3 ","Código","Banco","Descrição","Tipo",null,"Und","Quant.","Valor Unit","Total"]
["Composição"," 92761 ","SINAPI","ARMAÇÃO DE PILAR OU VIGA DE ESTRUTURA CONVENCIONAL DE CONCRETO ARMADO UTILIZANDO AÇO CA-50 DE 8,0 MM - MONTAGEM. AF_06/2022","FUES - FUNDAÇÕES E ESTRUTURAS",null,"KG",1,14.46,14.46]
["Composição Auxiliar"," 88238 ","SINAPI","AJUDANTE DE ARMADOR COM ENCARGOS COMPLEMENTARES","SEDI - SERVIÇOS DIVERSOS",null,"H",9.1999999999999998E-3,22.38,0.2]
["Composição Auxiliar"," 92802 ","SINAPI","CORTE E DOBRA DE AÇO CA-50, DIÂMETRO DE 8,0 MM. AF_06/2022","FUES - FUNDAÇÕES E ESTRUTURAS",null,"KG",1,11.98,11.98]
["Composição Auxiliar"," 88245 ","SINAPI","ARMADOR COM ENCARGOS COMPLEMENTARES","SEDI - SERVIÇOS DIVERSOS",null,"H",5.6099999999999997E-2,26.4,1.48]
["Insumo"," 00039017 ","SINAPI","ESPACADOR / DISTANCIADOR CIRCULAR COM ENTRADA LATERAL, EM PLASTICO, PARA VERGALHAO *4,2 A 12,5* MM, COBRIMENTO 20 MM","Material",null,"UN",0.74299999999999999,0.22,0.16]
["Insumo"," 00043132 ","SINAPI","ARAME RECOZIDO 16 BWG, D = 1,65 MM (0,016 KG/M) OU 18 BWG, D = 1,25 MM (0,01 KG/M)","Material",null,"KG",2.5000000000000001E-2,25.65,0.64]
[{"$nulls":4},"MO sem LS =>",0.76,"LS =>",0.89,"MO com LS =>",1.65]
[{"$nulls":4},"Valor do BDI =>",3.48,null,"Valor com BDI =>",null,17.940000000000001]
[]
[" 5.4 ","Código","Banco","Descrição","Tipo",null,"Und","Quant.","Valor Unit","Total"]
["Composição"," 104108 ","SINAPI","ARMAÇÃO DE PILAR OU VIGA DE ESTRUTURA DE CONCRETO ARMADO EMBUTIDA EM ALVENARIA DE VEDAÇÃO UTILIZANDO AÇO CA-50 DE 10,0 MM - MONTAGEM. AF_06/2022","FUES - FUNDAÇÕES E ESTRUTURAS",null,"KG",1,14.72,14.72]
["Composição Auxiliar"," 92803 ","SINAPI","CORTE E DOBRA DE AÇO CA-50, DIÂMETRO DE 10,0 MM. AF_06/2022","FUES - FUNDAÇÕES E ESTRUTURAS",null,"KG",1,11.11,11.11]
["Composição Auxiliar"," 88238 ","SINAPI","AJUDANTE DE ARMADOR COM ENCARGOS COMPLEMENTARES","SEDI - SERVIÇOS DIVERSOS",null,"H",1.5599999999999999E-2,22.38,0.34]
["Composição Auxiliar"," 88245 ","SINAPI","ARMADOR COM ENCARGOS COMPLEMENTARES","SEDI - SERVIÇOS DIVERSOS",null,"H",9.5600000000000004E-2,26.4,2.52]
["Insumo"," 00039017 ","SINAPI","ESPACADOR / DISTANCIADOR CIRCULAR COM ENTRADA LATERAL, EM PLASTICO, PARA VERGALHAO *4,2 A 12,5* MM, COBRIMENTO 20 MM","Material",null,"UN",0.54300000000000004,0.22,0.11]
["Insumo"," 00043132 ","SINAPI","ARAME RECOZIDO 16 BWG, D = 1,65 MM (0,016 KG/M) OU 18 BWG, D = 1,25 MM (0,01 KG/M)","Material",null,"KG",2.5000000000000001E-2,25.65,0.64]
[{"$nulls":4},"MO sem LS =>",1.1100000000000001,"LS =>",1.27,"MO com LS =>",2.38]
[{"$nulls":4},"Valor do BDI =>",3.54,null,"Valor com BDI =>",null,18.260000000000002]
[]
[" 5.5 ","Código","Banco","Descrição","Tipo",null,"Und","Quant.","Valor Unit","Total"]
["Composição"," 92763 ","SINAPI","ARMAÇÃO DE PILAR OU VIGA DE ESTRUTURA CONVENCIONAL DE CONCRETO ARMADO UTILIZANDO AÇO CA-50 DE 12,5 MM - MONTAGEM. AF_06/2022","FUES - FUNDAÇÕES E ESTRUTURAS",null,"KG",1,11.01,11.01]
["Composição Auxiliar"," 88238 ","SINAPI","AJUDANTE DE ARMADOR COM ENCARGOS COMPLEMENTARES","SEDI - SERVIÇOS DIVERSOS",null,"H",4.1999999999999997E-3,22.38,0.09]
["Composição Auxiliar"," 88245 ","SINAPI","ARMADOR COM ENCARGOS COMPLEMENTARES","SEDI - SERVIÇOS DIVERSOS",null,"H",2.5700000000000001E-2,26.4,0.67]
["Composição Auxiliar"," 92804 ","SINAPI","CORTE E DOBRA DE AÇO CA-50, DIÂMETRO DE 12,5 MM. AF_06/2022","FUES - FUNDAÇÕES E ESTRUTURAS",null,"KG",1,9.5299999999999994,9.5299999999999994]
["Insumo"," 00039017 ","SINAPI","ESPACADOR / DISTANCIADOR CIRCULAR COM ENTRADA LATERAL, EM PLASTICO, PARA VERGALHAO *4,2 A 12,5* MM, COBRIMENTO 20 MM","Material",null,"UN",0.36699999999999999,0.22,0.08]
["Insumo"," 00043132 ","SINAPI","ARAME RECOZIDO 16 BWG, D = 1,65 MM (0,016 KG/M) OU 18 BWG, D = 1,25 MM (0,01 KG/M)","Material",null,"KG",2.5000000000000001E-2,25.65,0.64]
[{"$nulls":4},"MO sem LS =>",0.31,"LS =>",0.37,"MO com LS =>",0.68]
[{"$nulls":4},"Valor do BDI =>",2.65,null,"Valor com BDI =>",null,13.66]
[]
[" 5.6 ","Código","Banco","Descrição","Tipo",null,"Und","Quant.","Valor Unit","Total"]
["Composição"," 92423 ","SINAPI","MONTAGEM E DESMONTAGEM DE FÔRMA DE PILARES RETANGULARES E ESTRUTURAS SIMILARES, PÉ-DIREITO SIMPLES, EM CHAPA DE MADEIRA COMPENSADA RESINADA, 6 UTILIZAÇÕES. AF_09/2020","FUES - FUNDAÇÕES E ESTRUTURAS",null,"m²",1,92.37,92.37]
["Composição Auxiliar"," 92263 ","SINAPI","FABRICAÇÃO DE FÔRMA PARA PILARES E ESTRUTURAS SIMILARES, EM CHAPA DE MADEIRA COMPENSADA RESINADA, E = 17 MM. AF_09/2020","FUES - FUNDAÇÕES E ESTRUTURAS",null,"m²",0.188,204.15,38.380000000000003]
["Composição Auxiliar"," 88262 ","SINAPI","CARPINTEIRO DE FORMAS COM ENCARGOS COMPLEMENTARES","SEDI - SERVIÇOS DIVERSOS",null,"H",0.752,26.18,19.68]
["Composição Auxiliar"," 88239 ","SINAPI","AJUDANTE DE CARPINTEIRO COM ENCARGOS COMPLEMENTARES","SEDI - SERVIÇOS DIVERSOS",null,"H",0.13800000000000001,22.21,3.06]
["Insumo"," 00002692 ","SINAPI","DESMOLDANTE PROTETOR PARA FORMAS DE MADEIRA, DE BASE OLEOSA EMULSIONADA EM AGUA","Material",null,"L",0.01,9.65,0.09]
["Insumo"," 00040287 ","SINAPI","LOCACAO DE BARRA DE ANCORAGEM DE 0,80 A 1,20 M DE EXTENSAO, COM ROSCA DE 5/8\", INCLUINDO PORCA E FLANGE","Equipamento",null,"MES",0.78500000000000003,12.96,10.17]
["Insumo"," 00040271 ","SINAPI","LOCACAO DE APRUMADOR METALICO DE PILAR, COM ALTURA E ANGULO REGULAVEIS, EXTENSAO DE *1,50* A *2,80* M","Equipamento",null,"MES",0.19600000000000001,33.68,6.6]
["Insumo"," 00040304 ","SINAPI","PREGO DE ACO POLIDO COM CABECA DUPLA 17 X 27 (2 1/2 X 11)","Material",null,"KG",1.9E-2,29.83,0.56000000000000005]
["Insumo"," 00040275 ","SINAPI","LOCACAO DE VIGA SANDUICHE METALICA VAZADA PARA TRAVAMENTO DE PILARES, ALTURA DE *8* CM, LARGURA DE *6* CM E EXTENSAO DE 2 M","Equipamento",null,"MES",0.39300000000000002,35.200000000000003,13.83]
[{"$nulls":4},"MO sem LS =>",11.15,"LS =>",12.76,"MO com LS =>",23.91]
[{"$nulls":4},"Valor do BDI =>",22.25,null,"Valor com BDI =>",null,114.62]
[]
[" 5.7 ","Código","Banco","Descrição","Tipo",null,"Und","Quant.","Valor Unit","Total"]
["Composição"," 103669 ","SINAPI","CONCRETAGEM DE PILARES, FCK = 25 MPA, COM USO DE BALDES - LANÇAMENTO, ADENSAMENTO E ACABAMENTO. AF_02/2022","FUES - FUNDAÇÕES E ESTRUTURAS",null,"m³",1,941.35,941.35]
["Composição Auxiliar"," 88316 ","SINAPI","SERVENTE COM ENCARGOS COMPLEMENTARES","SEDI - SERVIÇOS DIVERSOS",null,"H",7.3769999999999998,21.35,157.49]
["Composição Auxiliar"," 88309 ","SINAPI","PEDREIRO COM ENCARGOS COMPLEMENTARES","SEDI - SERVIÇOS DIVERSOS",null,"H",2.4590000000000001,26.59,65.38]
["Composição Auxiliar"," 88262 ","SINAPI","CARPINTEIRO DE FORMAS COM ENCARGOS COMPLEMENTARES","SEDI - SERVIÇOS DIVERSOS",null,"H",2.4590000000000001,26.18,64.37]
["Composição Auxiliar"," 90587 ","SINAPI","VIBRADOR DE IMERSÃO, DIÂMETRO DE PONTEIRA 45MM, MOTOR ELÉTRICO TRIFÁSICO POTÊNCIA DE 2 CV - CHI DIURNO. AF_06/2015","CHOR - CUSTOS HORÁRIOS DE MÁQUINAS E EQUIPAMENTOS",null,"CHI",1.417,0.56000000000000005,0.79]
["Composição Auxiliar"," 90586 ","SINAPI","VIBRADOR DE IMERSÃO, DIÂMETRO DE PONTEIRA 45MM, MOTOR ELÉTRICO TRIFÁSICO POTÊNCIA DE 2 CV - CHP DIURNO. AF_06/2015","CHOR - CUSTOS HORÁRIOS DE MÁQUINAS E EQUIPAMENTOS",null,"CHP",1.042,1.45,1.51]
["Insumo"," 00038408 ","SINAPI","CONCRETO USINADO BOMBEAVEL, CLASSE DE RESISTENCIA C25, COM BRITA 0 E 1, SLUMP = 190 +/- 20 MM, EXCLUI SERVICO DE BOMBEAMENTO (NBR 8953)","Material",null,"m³",1.103,590.95000000000005,651.80999999999995]
[{"$nulls":4},"MO sem LS =>",99.78,"LS =>",114.16,"MO com LS =>",213.94]
[{"$nulls":4},"Valor do BDI =>",226.77,null,"Valor com BDI =>",null,1168.1199999999999]
[]
[" 5.8 ","Código","Banco","Descrição","Tipo",null,"Und","Quant.","Valor Unit","Total"]
["Composição"," 103682 ","SINAPI","CONCRETAGEM DE VIGAS E LAJES, FCK=25 MPA, PARA QUALQUER TIPO DE LAJE COM BALDES EM EDIFICAÇÃO TÉRREA - LANÇAMENTO, ADENSAMENTO E ACABAMENTO. AF_02/2022","FUES - FUNDAÇÕES E ESTRUTURAS",null,"m³",1,958.88,958.88]
["Composição Auxiliar"," 88309 ","SINAPI","PEDREIRO COM ENCARGOS COMPLEMENTARES","SEDI - SERVIÇOS DIVERSOS",null,"H",3.5710000000000002,26.59,94.95]
["Composição Auxiliar"," 90587 ","SINAPI","VIBRADOR DE IMERSÃO, DIÂMETRO DE PONTEIRA 45MM, MOTOR ELÉTRICO TRIFÁSICO POTÊNCIA DE 2 CV - CHI DIURNO. AF_06/2015","CHOR - CUSTOS HORÁRIOS DE MÁQUINAS E EQUIPAMENTOS",null,"CHI",0.249,0.56000000000000005,0.13]
["Composição Auxiliar"," 88316 ","SINAPI","SERVENTE COM ENCARGOS COMPLEMENTARES","SEDI - SERVIÇOS DIVERSOS",null,"H",8.407,21.35,179.48]
["Composição Auxiliar"," 88262 ","SINAPI","CARPINTEIRO DE FORMAS COM ENCARGOS COMPLEMENTARES","SEDI - SERVIÇOS DIVERSOS",null,"H",1.19,26.18,31.15]
["Composição Auxiliar"," 90586 ","SINAPI","VIBRADOR DE IMERSÃO, DIÂMETRO DE PONTEIRA 45MM, MOTOR ELÉTRICO TRIFÁSICO POTÊNCIA DE 2 CV - CHP DIURNO. AF_06/2015","CHOR - CUSTOS HORÁRIOS DE MÁQUINAS E EQUIPAMENTOS",null,"CHP",0.94199999999999995,1.45,1.36]
["Insumo"," 00038408 ","SINAPI","CONCRETO USINADO BOMBEAVEL, CLASSE DE RESISTENCIA C25, COM BRITA 0 E 1, SLUMP = 190 +/- 20 MM, EXCLUI SERVICO DE BOMBEAMENTO (NBR 8953)","Material",null,"m³",1.103,590.95000000000005,651.80999999999995]
[{"$nulls":4},"MO sem LS =>",105.77,"LS =>",121.03,"MO com LS =>",226.8]
[{"$nulls":4},"Valor do BDI =>",230.99,null,"Valor com BDI =>",null,1189.8699999999999]
[]
[" 5.9 ","Código","Banco","Descrição","Tipo",null,"Und","Quant.","Valor Unit","Total"]
["Composição"," 105036 ","SINAPI","VERGA PRÉ-FABRICADA COM ATÉ 1,5 M DE VÃO, ESPESSURA DE *15* CM. AF_03/2024","FUES - FUNDAÇÕES E ESTRUTURAS",null,"M",1,47.16,47.16]
["Composição Auxiliar"," 88309 ","SINAPI","PEDREIRO COM ENCARGOS COMPLEMENTARES","SEDI - SERVIÇOS DIVERSOS",null,"H",4.9000000000000002E-2,26.59,1.3]
["Composição Auxiliar"," 88316 ","SINAPI","SERVENTE COM ENCARGOS COMPLEMENTARES","SEDI - SERVIÇOS DIVERSOS",null,"H",2.5000000000000001E-2,21.35,0.53]
["Composição Auxiliar"," 97734 ","SINAPI","PEÇA RETANGULAR PRÉ-MOLDADA, VOLUME DE CONCRETO DE 10 A 30 LITROS, TAXA DE AÇO APROXIMADA DE 30KG/M³. AF_03/2024","FUES - FUNDAÇÕES E ESTRUTURAS",null,"m³",1.4999999999999999E-2,2969.56,44.54]
["Composição Auxiliar"," 87294 ","SINAPI","ARGAMASSA TRAÇO 1:2:9 (EM VOLUME DE CIMENTO, CAL E AREIA MÉDIA ÚMIDA) PARA EMBOÇO/MASSA ÚNICA/ASSENTAMENTO DE ALVENARIA DE VEDAÇÃO, PREPARO MECÂNICO COM BETONEIRA 600 L. AF_08/2019","SEDI - SERVIÇOS DIVERSOS",null,"m³",1.5E-3,528.47,0.79]
[{"$nulls":4},"MO sem LS =>",10.94,"LS =>",12.52,"MO com LS =>",23.46]
[{"$nulls":4},"Valor do BDI =>",11.36,null,"Valor com BDI =>",null,58.52]
[]
[" 5.10 ","Código","Banco","Descrição","Tipo",null,"Und","Quant.","Valor Unit","Total"]
["Composição"," 101959 ","SINAPI","LAJE PRÉ-MOLDADA UNIDIRECIONAL COM VÃOS MAIORES QUE 3,0 M, BIAPOIADA, PARA PISO, ENCHIMENTO EM EPS, VIGOTA PROTENDIDA, ALTURA TOTAL DA LAJE \"LT\" = 12 CM (ENCHIMENTO+CAPA) = (8+4). AF_08/2025","Lajes Pré-Moldadas",null,"m²",1,84.36,84.36]
["Composição Auxiliar"," 88316 ","SINAPI","SERVENTE COM ENCARGOS COMPLEMENTARES","SEDI - SERVIÇOS DIVERSOS",null,"H",0.161,21.35,3.43]
["Composição Auxiliar"," 103674 ","SINAPI","CONCRETAGEM DE VIGAS E LAJES, FCK=25 MPA, PARA LAJES PREMOLDADAS COM USO DE BOMBA - LANÇAMENTO, ADENSAMENTO E ACABAMENTO. AF_02/2022_PS","FUES - FUNDAÇÕES E ESTRUTURAS",null,"m³",4.2000000000000003E-2,674.72,28.33]
["Composição Auxiliar"," 92273 ","SINAPI","FABRICAÇÃO DE ESCORAS DO TIPO PONTALETE, EM MADEIRA, PARA PÉ-DIREITO SIMPLES. AF_09/2020","FUES - FUNDAÇÕES E ESTRUTURAS",null,"M",0.62,19.22,11.91]
["Composição Auxiliar"," 88262 ","SINAPI","CARPINTEIRO DE FORMAS COM ENCARGOS COMPLEMENTARES","SEDI - SERVIÇOS DIVERSOS",null,"H",0.214,26.18,5.6]
["Composição Auxiliar"," 92767 ","SINAPI","ARMAÇÃO DE LAJE DE ESTRUTURA CONVENCIONAL DE CONCRETO ARMADO UTILIZANDO AÇO CA-60 DE 4,2 MM - MONTAGEM. AF_06/2022","FUES - FUNDAÇÕES E ESTRUTURAS",null,"KG",1.2110000000000001,17.100000000000001,20.7]
["Insumo"," 00006193 ","SINAPI","TABUA NAO APARELHADA *2,5 X 20* CM, EM MACARANDUBA/MASSARANDUBA, ANGELIM OU EQUIVALENTE DA REGIAO - BRUTA","Material",null,"M",1,13.77,13.77]
["Insumo"," 00040304 ","SINAPI","PREGO DE ACO POLIDO COM CABECA DUPLA 17 X 27 (2 1/2 X 11)","Material",null,"KG",2.1000000000000001E-2,29.83,0.62]
["Insumo"," 00043349 ","SINAPI","LAJE PRE-MOLDADA COM VIGOTA PROTENDIDA (LAJOTAS + VIGOTAS) COM LAJOTA EM POLIESTIRENO EXPANDIDO (EPS), H8, *33* X 100 X 8 CM (L X C X A) E VIGOTA VPT 10 X 9 CM (L X A), PARA PISO, UNIDIRECIONAL, SOBRECARGA DE 350 KGF/M2, VAO ATE 4,5 M (SEM COLOCACAO)","Material",null,"m²",1,0,0]
[{"$nulls":4},"MO sem LS =>",7.45,"LS =>",8.5299999999999994,"MO com LS =>",15.98]
[{"$nulls":4},"Valor do BDI =>",20.32,null,"Valor com BDI =>",null,104.68]
[]
[" 5.11 ","Código","Banco","Descrição","Tipo",null,"Und","Quant.","Valor Unit","Total"]
["Composição"," 4348 ","ORSE","Estrutura Galpões em Pórticos Pré-Moldados de Concreto Armado, com Lanternim,montada e com telha de 6mm, inclusive fundação - Rev 05 - 09/2021","Estruturas Pre-Moldadas de Concreto",null,"m²",1,452.76,452.76]
["Item","Código","Banco","Descrição","Tipo",null,"Und","Quant.","Valor Unit","Total"]
["Insumo"," 3511 ","ORSE","Estrutura para galpão em pórticos pré-moldados de concreto armado, com lanternim, montada c/ telha de 6mm, inclusive fundação","Serviços",null,"m²",1,"452,76","452,76"]
["Detalhamento de Cálculo ORSE"]
["Item","Código","Banco","Descrição","Tipo",null,"Und","Quant.","Valor Unit","Total"]
["Insumo"," 3511 ","ORSE","Estrutura para galpão em pórticos pré-moldados de concreto armado, com lanternim, montada c/ telha de 6mm, inclusive fundação","Serviços",null,"m²",1,"452,76","452,76"]
[{"$nulls":4},"MO sem LS =>",0,"LS =>",0,"MO com LS =>",0]
[{"$nulls":4},"Valor do BDI =>",109.06,null,"Valor com BDI =>",null,561.82000000000005]
[]
[" 6.1 ","Código","Banco","Descrição","Tipo",null,"Und","Quant.","Valor Unit","Total"]
["Composição"," 92580 ","SINAPI","TRAMA DE AÇO COMPOSTA POR TERÇAS PARA TELHADOS DE ATÉ 2 ÁGUAS PARA TELHA ONDULADA DE FIBROCIMENTO, METÁLICA, PLÁSTICA OU TERMOACÚSTICA, INCLUSO TRANSPORTE VERTICAL. AF_07/2019","COBE - COBERTURA",null,"m²",1,45.94,45.94]
["Composição Auxiliar"," 88316 ","SINAPI","SERVENTE COM ENCARGOS COMPLEMENTARES","SEDI - SERVIÇOS DIVERSOS",null,"H",0.106,21.35,2.2599999999999998]
["Composição Auxiliar"," 93282 ","SINAPI","GUINCHO ELÉTRICO DE COLUNA, CAPACIDADE 400 KG, COM MOTO FREIO, MOTOR TRIFÁSICO DE 1,25 CV - CHI DIURNO. AF_03/2016","CHOR - CUSTOS HORÁRIOS DE MÁQUINAS E EQUIPAMENTOS",null,"CHI",9.4000000000000004E-3,20.68,0.19]
["Composição Auxiliar"," 88278 ","SINAPI","MONTADOR DE ESTRUTURAS METÁLICAS COM ENCARGOS COMPLEMENTARES","SEDI - SERVIÇOS DIVERSOS",null,"H",0.21299999999999999,21.38,4.55]
["Composição Auxiliar"," 93281 ","SINAPI","GUINCHO ELÉTRICO DE COLUNA, CAPACIDADE 400 KG, COM MOTO FREIO, MOTOR TRIFÁSICO DE 1,25 CV - CHP DIURNO. AF_03/2016","CHOR - CUSTOS HORÁRIOS DE MÁQUINAS E EQUIPAMENTOS",null,"CHP",6.7999999999999996E-3,21.75,0.14000000000000001]
["Insumo"," 00040549 ","SINAPI","PARAFUSO, COMUM, ASTM A307, SEXTAVADO, DIAMETRO 1/2\" (12,7 MM), COMPRIMENTO 1\" (25,4 MM)","Material",null,"CENTO",7.0000000000000001E-3,184.2,1.28]
["Insumo"," 00043083 ","SINAPI","PERFIL \"U\" ENRIJECIDO, EM CHAPA DOBRADA DE ACO LAMINADO, E = 3,75 MM, H = 200 MM, L = 75 MM (9,94 KG/M)","Material",null,"KG",4.3330000000000002,8.66,37.520000000000003]
[{"$nulls":4},"MO sem LS =>",2.5,"LS =>",2.88,"MO com LS =>",5.38]
[{"$nulls":4},"Valor do BDI =>",11.06,null,"Valor com BDI =>",null,57]
[]
[" 6.2 ","Código","Banco","Descrição","Tipo",null,"Und","Quant.","Valor Unit","Total"]
["Composição"," 94216 ","SINAPI","TELHAMENTO COM TELHA METÁLICA TERMOACÚSTICA E = 30 MM, COM ATÉ 2 ÁGUAS, INCLUSO IÇAMENTO. AF_07/2019","COBE - COBERTURA",null,"m²",1,198.49,198.49]
["Composição Auxiliar"," 93282 ","SINAPI","GUINCHO ELÉTRICO DE COLUNA, CAPACIDADE 400 KG, COM MOTO FREIO, MOTOR TRIFÁSICO DE 1,25 CV - CHI DIURNO. AF_03/2016","CHOR - CUSTOS HORÁRIOS DE MÁQUINAS E EQUIPAMENTOS",null,"CHI",1.1999999999999999E-3,20.68,0.02]
["Composição Auxiliar"," 88323 ","SINAPI","TELHADISTA COM ENCARGOS COMPLEMENTARES","SEDI - SERVIÇOS DIVERSOS",null,"H",5.6000000000000001E-2,25.91,1.45]
["Composição Auxiliar"," 88316 ","SINAPI","SERVENTE COM ENCARGOS COMPLEMENTARES","SEDI - SERVIÇOS DIVERSOS",null,"H",6.2E-2,21.35,1.32]
["Composição Auxiliar"," 93281 ","SINAPI","GUINCHO ELÉTRICO DE COLUNA, CAPACIDADE 400 KG, COM MOTO FREIO, MOTOR TRIFÁSICO DE 1,25 CV - CHP DIURNO. AF_03/2016","CHOR - CUSTOS HORÁRIOS DE MÁQUINAS E EQUIPAMENTOS",null,"CHP",8.9999999999999998E-4,21.75,0.01]
["Insumo"," 00011029 ","SINAPI","HASTE RETA PARA GANCHO DE FERRO GALVANIZADO, COM ROSCA 1/4\" X 30 CM PARA FIXACAO DE TELHA METALICA, INCLUI PORCA E ARRUELAS DE VEDACAO","Material",null,"CJ",4.1500000000000004,2.04,8.4600000000000009]
["Insumo"," 00040740 ","SINAPI","TELHA GALVALUME COM ISOLAMENTO TERMOACUSTICO EM ESPUMA RIGIDA DE POLIURETANO (PU) INJETADO, ESPESSURA DE 30 MM, DENSIDADE DE 35 KG/M3, REVESTIMENTO EM TELHA TRAPEZOIDAL NAS DUAS FACES COM ESPESSURA DE 0,50 MM CADA, ACABAMENTO NATURAL (NAO INCLUI ACESSORIOS DE FIXACAO)","Material",null,"m²",1.1459999999999999,163.38,187.23]
[{"$nulls":4},"MO sem LS =>",0.97,"LS =>",1.1200000000000001,"MO com LS =>",2.09]
[{"$nulls":4},"Valor do BDI =>",47.81,null,"Valor com BDI =>",null,246.3]
[]
[" 6.3 ","Código","Banco","Descrição","Tipo",null,"Und","Quant.","Valor Unit","Total"]
["Composição"," 9077 ","ORSE","Cumeeira termoacústica","Telhamento",null,"m",1,153.53,153.53]
["Item","Código","Banco","Descrição","Tipo",null,"Und","Quant.","Valor Unit","Total"]
["Composição"," 10549 ","ORSE","Encargos Complementares - Servente","Provisórios",null,"h",0.24,"3,87","0,92"]
["Insumo"," 00001213/SINAPI ","ORSE","Carpinteiro de formas para concreto (horista)","Mão de Obra",null,"h",0.24,"19,02","4,56"]
["Insumo"," 9363 ","ORSE","Cumeeira termoacustica","Material",null,"m",1,"143,67","143,67"]
["Composição"," 10551 ","ORSE","Encargos Complementares - Carpinteiro","Provisórios",null,"h",0.24,"3,82","0,91"]
["Insumo"," 00006111/SINAPI ","ORSE","Servente de obras (horista)","Mão de Obra",null,"h",0.24,"14,58","3,49"]
["Detalhamento de Cálculo ORSE"]
["Item","Código","Banco","Descrição","Tipo",null,"Und","Quant.","Valor Unit","Total"]
["Insumo"," 10492 ","ORSE","Cesta Básica","Material",null,"un",2.16E-3,"205,00","0,44"]
["Insumo"," 10599 ","ORSE","Protetor solar fps 30 com 120ml","Material",null,"un",8.6399999999999997E-4,"18,00","0,01"]
["Insumo"," 4728 ","ORSE","Talhadeira chata 10\"","Material",null,"un",7.2000000000000002E-5,"18,58","0,00"]
["Insumo"," 00012893/SINAPI ","ORSE","Bota de seguranca com biqueira de aco e colarinho acolchoado","Material",null,"par",3.6000000000000002E-4,"73,93","0,02"]
["Insumo"," 10517 ","ORSE","Exames admissionais/demissionais (checkup)","Serviços",null,"cj",1.92E-4,"300,00","0,05"]
["Insumo"," 10761 ","ORSE","Refeição - café da manhã ( café com leite e dois pães com manteiga)","Serviços",null,"un",4.8863999999999998E-2,"5,00","0,24"]
["Insumo"," 10596 ","ORSE","Protetor auricular","Material",null,"un",2.16E-3,"4,85","0,01"]
["Insumo"," 1651 ","ORSE","Óculos branco proteção","Material",null,"pr",3.6000000000000002E-4,"7,00","0,00"]
["Insumo"," 941 ","ORSE","Fardamento com mangas curta","Material",null,"un",7.2000000000000005E-4,"194,68","0,14"]
["Insumo"," 00012892/SINAPI ","ORSE","Luva raspa de couro, cano curto (punho *7* cm)","Material",null,"par",1.1039999999999999E-3,"10,87","0,01"]
["Insumo"," 158 ","ORSE","Almoço (Participação do empregador)","Material",null,"un",4.8863999999999998E-2,"14,00","0,68"]
["Insumo"," 10788 ","ORSE","Pá quadrada","Material",null,"un",4.8000000000000001E-5,"36,90","0,00"]
["Insumo"," 00012894/SINAPI ","ORSE","Capa para chuva em pvc com forro de poliester, com capuz (amarela ou azul)","Material",null,"un",9.6000000000000002E-5,"20,11","0,00"]
["Insumo"," 00002711/SINAPI ","ORSE","Carrinho de mao, em aco, com capacidade de *45 a 65* l / *100* kg, pneu com camara","Material",null,"un",4.8000000000000001E-5,"187,68","0,00"]
["Insumo"," 00012895/SINAPI ","ORSE","Capacete de seguranca aba frontal com suspensao de polietileno, sem jugular (classe b)","Material",null,"un",2.8800000000000001E-4,"13,50","0,00"]
["Insumo"," 10362 ","ORSE","Seguro de vida e acidente em grupo","Serviços",null,"un",2.16E-3,"12,54","0,02"]
["Insumo"," 2378 ","ORSE","Vale transporte","Material",null,"un",3.8280000000000002E-2,"4,50","0,17"]
["Insumo"," 4729 ","ORSE","Marreta 1 kg com cabo","Material",null,"un",2.4000000000000001E-5,"37,80","0,00"]
["Insumo"," 00001213/SINAPI ","ORSE","Carpinteiro de formas para concreto (horista)","Mão de Obra",null,"h",0.24,"19,02","4,56"]
["Insumo"," 9363 ","ORSE","Cumeeira termoacustica","Material",null,"m",1,"143,67","143,67"]
["Insumo"," 10579 ","ORSE","Chave de fenda chata 30 cm","Material",null,"un",4.8000000000000001E-5,"26,89","0,00"]
["Insumo"," 11249 ","ORSE","Serra circular eletrica portatil","Equipamento",null,"un",2.4000000000000001E-5,"979,65","0,02"]
["Insumo"," 11248 ","ORSE","Furadeira e Parafusadeira eletrica Bosch ou Similar profissional","Equipamento",null,"un",2.4000000000000001E-5,"246,00","0,00"]
["Insumo"," 10577 ","ORSE","Serrote 40cm","Material",null,"un",2.4000000000000001E-5,"36,00","0,00"]
["Insumo"," 10578 ","ORSE","Formão grande","Material",null,"un",4.8000000000000001E-5,"15,15","0,00"]
["Insumo"," 11244 ","ORSE","Martelo com unha","Material",null,"un",4.8000000000000001E-5,"48,95","0,00"]
["Insumo"," 00006111/SINAPI ","ORSE","Servente de obras (horista)","Mão de Obra",null,"h",0.24,"14,58","3,49"]
[{"$nulls":4},"MO sem LS =>",3.75,"LS =>",4.3,"MO com LS =>",8.0500000000000007]
[{"$nulls":4},"Valor do BDI =>",36.979999999999997,null,"Valor com BDI =>",null,190.51]
[]
[" 6.4 ","Código","Banco","Descrição","Tipo",null,"Und","Quant.","Valor Unit","Total"]
["Composição"," 9101 ","ORSE","Calha em chapa de aluminio, desenvolvimento 85 cm","Complementos",null,"m",1,143.41999999999999,143.41999999999999]
["Item","Código","Banco","Descrição","Tipo",null,"Und","Quant.","Valor Unit","Total"]
["Insumo"," 00001213/SINAPI ","ORSE","Carpinteiro de formas para concreto (horista)","Mão de Obra",null,"h",1.25,"19,02","23,77"]
["Composição"," 10549 ","ORSE","Encargos Complementares - Servente","Provisórios",null,"h",1.25,"3,87","4,83"]
["Insumo"," 00006111/SINAPI ","ORSE","Servente de obras (horista)","Mão de Obra",null,"h",1.25,"14,58","18,22"]
["Insumo"," 9385 ","ORSE","Calha em chapa de aluminio, desenvolvimento 85cm","Material",null,"m",1,"91,68","91,68"]
["Composição"," 10551 ","ORSE","Encargos Complementares - Carpinteiro","Provisórios",null,"h",1.25,"3,82","4,77"]
["Detalhamento de Cálculo ORSE"]
["Item","Código","Banco","Descrição","Tipo",null,"Und","Quant.","Valor Unit","Total"]
["Insumo"," 00001213/SINAPI ","ORSE","Carpinteiro de formas para concreto (horista)","Mão de Obra",null,"h",1.25,"19,02","23,77"]
["Insumo"," 10492 ","ORSE","Cesta Básica","Material",null,"un",1.125E-2,"205,00","2,30"]
["Insumo"," 10599 ","ORSE","Protetor solar fps 30 com 120ml","Material",null,"un",4.4999999999999997E-3,"18,00","0,08"]
["Insumo"," 4728 ","ORSE","Talhadeira chata 10\"","Material",null,"un",3.7500000000000001E-4,"18,58","0,00"]
["Insumo"," 00012893/SINAPI ","ORSE","Bota de seguranca com biqueira de aco e colarinho acolchoado","Material",null,"par",1.8749999999999999E-3,"73,93","0,13"]
["Insumo"," 10517 ","ORSE","Exames admissionais/demissionais (checkup)","Serviços",null,"cj",1E-3,"300,00","0,30"]
["Insumo"," 10761 ","ORSE","Refeição - café da manhã ( café com leite e dois pães com manteiga)","Serviços",null,"un",0.2545,"5,00","1,27"]
["Insumo"," 10596 ","ORSE","Protetor auricular","Material",null,"un",1.125E-2,"4,85","0,05"]
["Insumo"," 1651 ","ORSE","Óculos branco proteção","Material",null,"pr",1.8749999999999999E-3,"7,00","0,01"]
["Insumo"," 941 ","ORSE","Fardamento com mangas curta","Material",null,"un",3.7499999999999999E-3,"194,68","0,73"]
["Insumo"," 00012892/SINAPI ","ORSE","Luva raspa de couro, cano curto (punho *7* cm)","Material",null,"par",5.7499999999999999E-3,"10,87","0,06"]
["Insumo"," 158 ","ORSE","Almoço (Participação do empregador)","Material",null,"un",0.2545,"14,00","3,56"]
["Insumo"," 10788 ","ORSE","Pá quadrada","Material",null,"un",2.5000000000000001E-4,"36,90","0,00"]
["Insumo"," 00012894/SINAPI ","ORSE","Capa para chuva em pvc com forro de poliester, com capuz (amarela ou azul)","Material",null,"un",5.0000000000000001E-4,"20,11","0,01"]
["Insumo"," 00002711/SINAPI ","ORSE","Carrinho de mao, em aco, com capacidade de *45 a 65* l / *100* kg, pneu com camara","Material",null,"un",2.5000000000000001E-4,"187,68","0,04"]
["Insumo"," 00012895/SINAPI ","ORSE","Capacete de seguranca aba frontal com suspensao de polietileno, sem jugular (classe b)","Material",null,"un",1.5E-3,"13,50","0,02"]
["Insumo"," 10362 ","ORSE","Seguro de vida e acidente em grupo","Serviços",null,"un",1.125E-2,"12,54","0,14"]
["Insumo"," 2378 ","ORSE","Vale transporte","Material",null,"un",0.199375,"4,50","0,89"]
["Insumo"," 4729 ","ORSE","Marreta 1 kg com cabo","Material",null,"un",1.25E-4,"37,80","0,00"]
["Insumo"," 00006111/SINAPI ","ORSE","Servente de obras (horista)","Mão de Obra",null,"h",1.25,"14,58","18,22"]
["Insumo"," 9385 ","ORSE","Calha em chapa de aluminio, desenvolvimento 85cm","Material",null,"m",1,"91,68","91,68"]
["Insumo"," 10579 ","ORSE","Chave de fenda chata 30 cm","Material",null,"un",2.5000000000000001E-4,"26,89","0,00"]
["Insumo"," 11249 ","ORSE","Serra circular eletrica portatil","Equipamento",null,"un",1.25E-4,"979,65","0,12"]
["Insumo"," 11248 ","ORSE","Furadeira e Parafusadeira eletrica Bosch ou Similar profissional","Equipamento",null,"un",1.25E-4,"246,00","0,03"]
["Insumo"," 10577 ","ORSE","Serrote 40cm","Material",null,"un",1.25E-4,"36,00","0,00"]
["Insumo"," 10578 ","ORSE","Formão grande","Material",null,"un",2.5000000000000001E-4,"15,15","0,00"]
["Insumo"," 11244 ","ORSE","Martelo com unha","Material",null,"un",2.5000000000000001E-4,"48,95","0,01"]
[{"$nulls":4},"MO sem LS =>",19.579999999999998,"LS =>",22.41,"MO com LS =>",41.99]
[{"$nulls":4},"Valor do BDI =>",34.54,null,"Valor com BDI =>",null,177.96]
[]
[" 6.5 ","Código","Banco","Descrição","Tipo",null,"Und","Quant.","Valor Unit","Total"]
["Composição"," 481 ","Próprio","FONECIMENTO E INSTALAÇÃO DE ESTRUTURA METALICA EM METALON 50X30 MM, PARA FIXAÇÃO DE PLACA CIMENTICIA","ESQV - ESQUADRIAS/FERRAGENS/VIDROS",null,"m²",1,153.08000000000001,153.08000000000001]
["Composição Auxiliar"," 98764 ","SINAPI","INVERSOR DE SOLDA MONOFÁSICO DE 160 A, POTÊNCIA DE 7000 W, TENSÃO DE 220 V, TURBO VENTILADO, PROTEÇÃO POR TERMOSTATO, PARA ELETRODOS DE 2,0 A 4,0 MM - CHP DIURNO. AF_06/2018","CHOR - CUSTOS HORÁRIOS DE MÁQUINAS E EQUIPAMENTOS",null,"CHP",0.4,6.27,2.5]
["Composição Auxiliar"," 88315 ","SINAPI","SERRALHEIRO COM ENCARGOS COMPLEMENTARES","SEDI - SERVIÇOS DIVERSOS",null,"H",0.5,28.41,14.2]
["Composição Auxiliar"," 88309 ","SINAPI","PEDREIRO COM ENCARGOS COMPLEMENTARES","SEDI - SERVIÇOS DIVERSOS",null,"H",0.2,26.59,5.31]
["Composição Auxiliar"," 98765 ","SINAPI","INVERSOR DE SOLDA MONOFÁSICO DE 160 A, POTÊNCIA DE 7000 W, TENSÃO DE 220 V, TURBO VENTILADO, PROTEÇÃO POR TERMOSTATO, PARA ELETRODOS DE 2,0 A 4,0 MM - CHI DIURNO. AF_06/2018","CHOR - CUSTOS HORÁRIOS DE MÁQUINAS E EQUIPAMENTOS",null,"CHI",1,7.0000000000000007E-2,7.0000000000000007E-2]
["Composição Auxiliar"," 88316 ","SINAPI","SERVENTE COM ENCARGOS COMPLEMENTARES","SEDI - SERVIÇOS DIVERSOS",null,"H",0.5,21.35,10.67]
["Insumo"," 000334 ","SBC","SOLDA-ELETRODO OK 2245 PLUS E6010 3,25mm (lata 20kg)","Material",null,"KG",0.25,122.99,30.74]
["Insumo"," 007182 ","SBC","TUBO RETANGULAR METALON 50 x 30 1,25 GALVANIZADO CHAPA 18","Material",null,"M",3.87,23.15,89.59]
[{"$nulls":4},"MO sem LS =>",10.7,"LS =>",12.26,"MO com LS =>",22.96]
[{"$nulls":4},"Valor do BDI =>",36.869999999999997,null,"Valor com BDI =>",null,189.95]
[]
[" 6.6 ","Código","Banco","Descrição","Tipo",null,"Und","Quant.","Valor Unit","Total"]
["Composição"," 12828 ","ORSE","Placa cimentícia e =6mm, para fechamento da fachada (1 lado/face), juntas aparentes, fixada em estrutura metalica, exclusive esta (fornecimento e assentamento)","Revestimentos em Laminados",null,"m²",1,79.91,79.91]
["Item","Código","Banco","Descrição","Tipo",null,"Und","Quant.","Valor Unit","Total"]
["Insumo"," 13553 ","ORSE","Adesivo selante impermeável PU Selamax Brasilit ou similar","Material",null,"kg",3.7999999999999999E-2,"88,27","3,35"]
["Insumo"," 00006111/SINAPI ","ORSE","Servente de obras (horista)","Mão de Obra",null,"h",0.7,"14,58","10,20"]
["Composição"," 10551 ","ORSE","Encargos Complementares - Carpinteiro","Provisórios",null,"h",0.7,"3,82","2,67"]
["Insumo"," 00001214/SINAPI ","ORSE","Carpinteiro de esquadrias (horista)","Mão de Obra",null,"h",0.7,"18,11","12,67"]
["Insumo"," 00011063/SINAPI ","ORSE","Placa cimenticia lisa e = 6 mm, de 1,20 x *2,50* m (sem amianto)","Material",null,"m²",1.05,"41,53","43,60"]
["Composição"," 10549 ","ORSE","Encargos Complementares - Servente","Provisórios",null,"h",0.7,"3,87","2,70"]
["Insumo"," 13531 ","ORSE","Parafuso 4,2 x 32mm, auto-brocante com asa","Material",null,"un",15,"0,29","4,35"]
["Insumo"," 13552 ","ORSE","Cordão delimitador para junta de placa cimentícia","Material",null,"m",1.23,"0,29","0,35"]
["Detalhamento de Cálculo ORSE"]
["Item","Código","Banco","Descrição","Tipo",null,"Und","Quant.","Valor Unit","Total"]
["Insumo"," 13553 ","ORSE","Adesivo selante impermeável PU Selamax Brasilit ou similar","Material",null,"kg",3.7999999999999999E-2,"88,27","3,35"]
["Insumo"," 00006111/SINAPI ","ORSE","Servente de obras (horista)","Mão de Obra",null,"h",0.7,"14,58","10,20"]
["Insumo"," 10579 ","ORSE","Chave de fenda chata 30 cm","Material",null,"un",1.3999999999999999E-4,"26,89","0,00"]
["Insumo"," 2378 ","ORSE","Vale transporte","Material",null,"un",0.11165,"4,50","0,50"]
["Insumo"," 11249 ","ORSE","Serra circular eletrica portatil","Equipamento",null,"un",6.9999999999999994E-5,"979,65","0,06"]
["Insumo"," 10517 ","ORSE","Exames admissionais/demissionais (checkup)","Serviços",null,"cj",5.5999999999999995E-4,"300,00","0,16"]
["Insumo"," 11248 ","ORSE","Furadeira e Parafusadeira eletrica Bosch ou Similar profissional","Equipamento",null,"un",6.9999999999999994E-5,"246,00","0,01"]
["Insumo"," 941 ","ORSE","Fardamento com mangas curta","Material",null,"un",2.0999999999999999E-3,"194,68","0,40"]
["Insumo"," 158 ","ORSE","Almoço (Participação do empregador)","Material",null,"un",0.14252000000000001,"14,00","1,99"]
["Insumo"," 00012892/SINAPI ","ORSE","Luva raspa de couro, cano curto (punho *7* cm)","Material",null,"par",3.2200000000000002E-3,"10,87","0,03"]
["Insumo"," 00012895/SINAPI ","ORSE","Capacete de seguranca aba frontal com suspensao de polietileno, sem jugular (classe b)","Material",null,"un",8.4000000000000003E-4,"13,50","0,01"]
["Insumo"," 00012894/SINAPI ","ORSE","Capa para chuva em pvc com forro de poliester, com capuz (amarela ou azul)","Material",null,"un",2.7999999999999998E-4,"20,11","0,00"]
["Insumo"," 1651 ","ORSE","Óculos branco proteção","Material",null,"pr",1.0499999999999999E-3,"7,00","0,00"]
["Insumo"," 10577 ","ORSE","Serrote 40cm","Material",null,"un",6.9999999999999994E-5,"36,00","0,00"]
["Insumo"," 10578 ","ORSE","Formão grande","Material",null,"un",1.3999999999999999E-4,"15,15","0,00"]
["Insumo"," 10362 ","ORSE","Seguro de vida e acidente em grupo","Serviços",null,"un",6.3E-3,"12,54","0,07"]
["Insumo"," 10599 ","ORSE","Protetor solar fps 30 com 120ml","Material",null,"un",2.5200000000000001E-3,"18,00","0,04"]
["Insumo"," 10596 ","ORSE","Protetor auricular","Material",null,"un",6.3E-3,"4,85","0,03"]
["Insumo"," 10761 ","ORSE","Refeição - café da manhã ( café com leite e dois pães com manteiga)","Serviços",null,"un",0.14252000000000001,"5,00","0,71"]
["Insumo"," 00012893/SINAPI ","ORSE","Bota de seguranca com biqueira de aco e colarinho acolchoado","Material",null,"par",1.0499999999999999E-3,"73,93","0,07"]
["Insumo"," 10492 ","ORSE","Cesta Básica","Material",null,"un",6.3E-3,"205,00","1,29"]
["Insumo"," 11244 ","ORSE","Martelo com unha","Material",null,"un",1.3999999999999999E-4,"48,95","0,00"]
["Insumo"," 00001214/SINAPI ","ORSE","Carpinteiro de esquadrias (horista)","Mão de Obra",null,"h",0.7,"18,11","12,67"]
["Insumo"," 00011063/SINAPI ","ORSE","Placa cimenticia lisa e = 6 mm, de 1,20 x *2,50* m (sem amianto)","Material",null,"m²",1.05,"41,53","43,60"]
["Insumo"," 4728 ","ORSE","Talhadeira chata 10\"","Material",null,"un",2.1000000000000001E-4,"18,58","0,00"]
["Insumo"," 10788 ","ORSE","Pá quadrada","Material",null,"un",1.3999999999999999E-4,"36,90","0,00"]
["Insumo"," 00002711/SINAPI ","ORSE","Carrinho de mao, em aco, com capacidade de *45 a 65* l / *100* kg, pneu com camara","Material",null,"un",1.3999999999999999E-4,"187,68","0,02"]
["Insumo"," 4729 ","ORSE","Marreta 1 kg com cabo","Material",null,"un",6.9999999999999994E-5,"37,80","0,00"]
["Insumo"," 13531 ","ORSE","Parafuso 4,2 x 32mm, auto-brocante com asa","Material",null,"un",15,"0,29","4,35"]
["Insumo"," 13552 ","ORSE","Cordão delimitador para junta de placa cimentícia","Material",null,"m",1.23,"0,29","0,35"]
[{"$nulls":4},"MO sem LS =>",10.66,"LS =>",12.21,"MO com LS =>",22.87]
[{"$nulls":4},"Valor do BDI =>",19.25,null,"Valor com BDI =>",null,99.16]
[]
[" 6.7 ","Código","Banco","Descrição","Tipo",null,"Und","Quant.","Valor Unit","Total"]
["Composição"," 96116 ","SINAPI","FORRO EM RÉGUAS DE PVC, FRISADO, PARA AMBIENTES COMERCIAIS, INCLUSIVE ESTRUTURA BIDIRECIONAL DE FIXAÇÃO. AF_08/2023_PS","REVE - REVESTIMENTO E TRATAMENTO DE SUPERFÍCIES",null,"m²",1,79.760000000000005,79.760000000000005]
["Composição Auxiliar"," 88278 ","SINAPI","MONTADOR DE ESTRUTURAS METÁLICAS COM ENCARGOS COMPLEMENTARES","SEDI - SERVIÇOS DIVERSOS",null,"H",0.6,21.38,12.82]
["Insumo"," 00036238 ","SINAPI","FORRO DE PVC, FRISADO, BRANCO, REGUA DE 20 CM, ESPESSURA APROXIMADA DE 8 MM E COMPRIMENTO 6 M (SEM COLOCACAO)","Material",null,"m²",1.0363,34.21,35.450000000000003]
["Insumo"," 00039443 ","SINAPI","PARAFUSO DRY WALL, EM ACO ZINCADO, CABECA LENTILHA E PONTA BROCA (LB), LARGURA 4,2 MM, COMPRIMENTO 13 MM","Material",null,"UN",2.2134,0.24,0.53]
["Insumo"," 00040552 ","SINAPI","PARAFUSO, AUTOATARRAXANTE, CABECA CHATA, FENDA SIMPLES, EM ACO ZINCADO, 1/4\" (6,35 MM) X 25 MM","Material",null,"CENTO",3.3599999999999998E-2,46.53,1.56]
["Insumo"," 00043131 ","SINAPI","ARAME GALVANIZADO 6 BWG, D = 5,16 MM (0,157 KG/M), OU 8 BWG, D = 4,19 MM (0,101 KG/M), OU 10 BWG, D = 3,40 MM (0,0713 KG/M)","Material",null,"KG",3.6999999999999998E-2,29.79,1.1000000000000001]
["Insumo"," 00040547 ","SINAPI","PARAFUSO ZINCADO, AUTOBROCANTE, FLANGEADO, 4,2 MM X 19 MM","Material",null,"CENTO",1.23E-2,27.14,0.33]
["Insumo"," 00039430 ","SINAPI","PENDURAL OU PRESILHA REGULADORA, EM ACO GALVANIZADO, COM CORPO, MOLA E REBITE, PARA PERFIL TIPO CANALETA DE ESTRUTURA EM FORROS DRYWALL","Equipamento",null,"UN",1.2266999999999999,2.63,3.22]
["Insumo"," 00039427 ","SINAPI","PERFIL CANALETA, FORMATO C, EM ACO ZINCADO, PARA ESTRUTURA FORRO DRYWALL, E = 0,5 MM, *46 X 18* (L X H), COMPRIMENTO 3 M","Material",null,"M",3.5470000000000002,6.98,24.75]
[{"$nulls":4},"MO sem LS =>",4.6100000000000003,"LS =>",5.29,"MO com LS =>",9.9]
[{"$nulls":4},"Valor do BDI =>",19.21,null,"Valor com BDI =>",null,98.97]
[]
[" 6.8 ","Código","Banco","Descrição","Tipo",null,"Und","Quant.","Valor Unit","Total"]
["Composição"," 98546 ","SINAPI","IMPERMEABILIZAÇÃO DE SUPERFÍCIE COM MANTA ASFÁLTICA, UMA CAMADA, INCLUSIVE APLICAÇÃO DE PRIMER ASFÁLTICO, E=4MM. AF_09/2023","IMPE - IMPERMEABILIZAÇÕES E PROTEÇÕES DIVERSAS",null,"m²",1,131.19999999999999,131.19999999999999]
["Composição Auxiliar"," 88270 ","SINAPI","IMPERMEABILIZADOR COM ENCARGOS COMPLEMENTARES","SEDI - SERVIÇOS DIVERSOS",null,"H",0.93240000000000001,27.03,25.2]
["Composição Auxiliar"," 88243 ","SINAPI","AJUDANTE ESPECIALIZADO COM ENCARGOS COMPLEMENTARES","SEDI - SERVIÇOS DIVERSOS",null,"H",0.2102,22.27,4.68]
["Insumo"," 00004226 ","SINAPI","GAS DE COZINHA - GLP","Material",null,"KG",0.26,7.83,2.0299999999999998]
["Insumo"," 00004015 ","SINAPI","MANTA ASFALTICA ELASTOMERICA EM POLIESTER 4 MM, TIPO III, CLASSE B, ACABAMENTO PP (NBR 9952)","Material",null,"M²",1.1318999999999999,78.13,88.43]
["Insumo"," 00000511 ","SINAPI","PRIMER PARA MANTA ASFALTICA A BASE DE ASFALTO MODIFICADO DILUIDO EM SOLVENTE, APLICACAO A FRIO","Material",null,"L",0.58720000000000006,18.5,10.86]
[{"$nulls":4},"MO sem LS =>",10.71,"LS =>",12.26,"MO com LS =>",22.97]
[{"$nulls":4},"Valor do BDI =>",31.6,null,"Valor com BDI =>",null,162.80000000000001]
[]
[" 6.9 ","Código","Banco","Descrição","Tipo",null,"Und","Quant.","Valor Unit","Total"]
["Composição"," 98562 ","SINAPI","IMPERMEABILIZAÇÃO DE SUPERFÍCIE COM ARGAMASSA DE CIMENTO E AREIA, COM ADITIVO IMPERMEABILIZANTE, E = 1,5CM. AF_09/2023","IMPE - IMPERMEABILIZAÇÕES E PROTEÇÕES DIVERSAS",null,"m²",1,49.1,49.1]
["Composição Auxiliar"," 88309 ","SINAPI","PEDREIRO COM ENCARGOS COMPLEMENTARES","SEDI - SERVIÇOS DIVERSOS",null,"H",0.98970000000000002,26.59,26.31]
["Composição Auxiliar"," 87298 ","SINAPI","ARGAMASSA TRAÇO 1:3 (EM VOLUME DE CIMENTO E AREIA MÉDIA ÚMIDA) PARA CONTRAPISO, PREPARO MECÂNICO COM BETONEIRA 400 L. AF_08/2019","SEDI - SERVIÇOS DIVERSOS",null,"m³",0.02,680.95,13.61]
["Composição Auxiliar"," 88316 ","SINAPI","SERVENTE COM ENCARGOS COMPLEMENTARES","SEDI - SERVIÇOS DIVERSOS",null,"H",0.22320000000000001,21.35,4.76]
["Insumo"," 00000123 ","SINAPI","ADITIVO IMPERMEABILIZANTE DE PEGA NORMAL PARA ARGAMASSAS E CONCRETOS SEM ARMACAO, LIQUIDO E ISENTO DE CLORETOS","Material",null,"L",0.4405,10.039999999999999,4.42]
[{"$nulls":4},"MO sem LS =>",11.61,"LS =>",13.3,"MO com LS =>",24.91]
[{"$nulls":4},"Valor do BDI =>",11.82,null,"Valor com BDI =>",null,60.92]
[]
[" 6.11 ","Código","Banco","Descrição","Tipo",null,"Und","Quant.","Valor Unit","Total"]
["Composição"," 97064 ","SINAPI","MONTAGEM E DESMONTAGEM DE ANDAIME TUBULAR TIPO \"TORRE\" (EXCLUSIVE ANDAIME E LIMPEZA). AF_03/2024","Equipamentos de Proteção Coletiva",null,"M",1,23,23]
["Composição Auxiliar"," 88278 ","SINAPI","MONTADOR DE ESTRUTURAS METÁLICAS COM ENCARGOS COMPLEMENTARES","SEDI - SERVIÇOS DIVERSOS",null,"H",0.69769999999999999,21.38,14.91]
["Composição Auxiliar"," 100251 ","SINAPI","TRANSPORTE HORIZONTAL MANUAL, DE TUBO DE AÇO CARBONO LEVE OU MÉDIO, PRETO OU GALVANIZADO, COM DIÂMETRO MAIOR QUE 32 MM E MENOR OU IGUAL A 65 MM (UNIDADE: MXKM). AF_07/2019","Transporte de Materiais dentro do Canteiro de Obras",null,"MXKM",0.40200000000000002,13.06,5.25]
["Composição Auxiliar"," 88316 ","SINAPI","SERVENTE COM ENCARGOS COMPLEMENTARES","SEDI - SERVIÇOS DIVERSOS",null,"H",0.1331,21.35,2.84]
[{"$nulls":4},"MO sem LS =>",8.07,"LS =>",9.25,"MO com LS =>",17.32]
[{"$nulls":4},"Valor do BDI =>",5.54,null,"Valor com BDI =>",null,28.54]
[]
[" 7.1 ","Código","Banco","Descrição","Tipo",null,"Und","Quant.","Valor Unit","Total"]
["Composição"," 95241 ","SINAPI","LASTRO DE CONCRETO MAGRO, APLICADO EM PISOS, LAJES SOBRE SOLO OU RADIERS, ESPESSURA DE 5 CM. AF_01/2024","FUES - FUNDAÇÕES E ESTRUTURAS",null,"m²",1,35.340000000000003,35.340000000000003]
["Composição Auxiliar"," 88309 ","SINAPI","PEDREIRO COM ENCARGOS COMPLEMENTARES","SEDI - SERVIÇOS DIVERSOS",null,"H",0.25414999999999999,26.59,6.75]
["Composição Auxiliar"," 94968 ","SINAPI","CONCRETO MAGRO PARA LASTRO, TRAÇO 1:4,5:4,5 (EM MASSA SECA DE CIMENTO/ AREIA MÉDIA/ BRITA 1) - PREPARO MECÂNICO COM BETONEIRA 600 L. AF_05/2021","FUES - FUNDAÇÕES E ESTRUTURAS",null,"m³",6.9000000000000006E-2,385.98,26.63]
["Composição Auxiliar"," 88316 ","SINAPI","SERVENTE COM ENCARGOS COMPLEMENTARES","SEDI - SERVIÇOS DIVERSOS",null,"H",9.1899999999999996E-2,21.35,1.96]
[{"$nulls":4},"MO sem LS =>",4.6900000000000004,"LS =>",5.38,"MO com LS =>",10.07]
[{"$nulls":4},"Valor do BDI =>",8.51,null,"Valor com BDI =>",null,43.85]
[]
[" 7.2 ","Código","Banco","Descrição","Tipo",null,"Und","Quant.","Valor Unit","Total"]
["Composição"," 101750 ","SINAPI","PISO CIMENTADO, TRAÇO 1:3 (CIMENTO E AREIA), ACABAMENTO RÚSTICO, ESPESSURA 4,0 CM, PREPARO MECÂNICO DA ARGAMASSA. AF_09/2020","PISO - PISOS",null,"m²",1,51.85,51.85]
["Composição Auxiliar"," 87298 ","SINAPI","ARGAMASSA TRAÇO 1:3 (EM VOLUME DE CIMENTO E AREIA MÉDIA ÚMIDA) PARA CONTRAPISO, PREPARO MECÂNICO COM BETONEIRA 400 L. AF_08/2019","SEDI - SERVIÇOS DIVERSOS",null,"m³",5.2999999999999999E-2,680.95,36.090000000000003]
["Composição Auxiliar"," 88309 ","SINAPI","PEDREIRO COM ENCARGOS COMPLEMENTARES","SEDI - SERVIÇOS DIVERSOS",null,"H",0.36199999999999999,26.59,9.6199999999999992]
["Composição Auxiliar"," 88316 ","SINAPI","SERVENTE COM ENCARGOS COMPLEMENTARES","SEDI - SERVIÇOS DIVERSOS",null,"H",0.18099999999999999,21.35,3.86]
["Insumo"," 00003671 ","SINAPI","JUNTA PLASTICA DE DILATACAO PARA PISOS, COR CINZA, 17 X 3 MM (ALTURA X ESPESSURA)","Material",null,"M",1.67,1.37,2.2799999999999998]
[{"$nulls":4},"MO sem LS =>",6.21,"LS =>",7.11,"MO com LS =>",13.32]
[{"$nulls":4},"Valor do BDI =>",12.49,null,"Valor com BDI =>",null,64.34]
[]
[" 7.3 ","Código","Banco","Descrição","Tipo",null,"Und","Quant.","Valor Unit","Total"]
["Composição"," 87263 ","SINAPI","REVESTIMENTO CERÂMICO PARA PISO COM PLACAS TIPO PORCELANATO DE DIMENSÕES 60X60 CM APLICADA EM AMBIENTES DE ÁREA MAIOR QUE 10 M². AF_02/2023_PE","PISO - PISOS",null,"m²",1,117.85,117.85]
["Composição Auxiliar"," 88256 ","SINAPI","AZULEJISTA OU LADRILHEIRO COM ENCARGOS COMPLEMENTARES","SEDI - SERVIÇOS DIVERSOS",null,"H",0.52029999999999998,26.46,13.76]
["Composição Auxiliar"," 88316 ","SINAPI","SERVENTE COM ENCARGOS COMPLEMENTARES","SEDI - SERVIÇOS DIVERSOS",null,"H",0.16739999999999999,21.35,3.57]
["Insumo"," 00045190 ","SINAPI","PISO EM PORCELANATO, RETIFICADO, LISO, MONOCOLOR, ACETINADO OU POLIDO, FORMATO MAIOR QUE 2500 ATE 6400 CM2","Material",null,"m²",1.069,68.900000000000006,73.650000000000006]
["Insumo"," 00037595 ","SINAPI","ARGAMASSA COLANTE TIPO AC III","Material",null,"KG",9.1300000000000008,2.86,26.11]
["Insumo"," 00034357 ","SINAPI","REJUNTE CIMENTICIO, QUALQUER COR","Material",null,"KG",0.14099999999999999,5.46,0.76]
[{"$nulls":4},"MO sem LS =>",6.14,"LS =>",7.04,"MO com LS =>",13.18]
[{"$nulls":4},"Valor do BDI =>",28.39,null,"Valor com BDI =>",null,146.24]
[]
[" 7.4 ","Código","Banco","Descrição","Tipo",null,"Und","Quant.","Valor Unit","Total"]
["Composição"," 87250 ","SINAPI","REVESTIMENTO CERÂMICO PARA PISO COM PLACAS TIPO ESMALTADA DE DIMENSÕES 45X45 CM APLICADA EM AMBIENTES DE ÁREA ENTRE 5 M2 E 10 M2. AF_02/2023_PE","PISO - PISOS",null,"m²",1,62.43,62.43]
["Composição Auxiliar"," 88316 ","SINAPI","SERVENTE COM ENCARGOS COMPLEMENTARES","SEDI - SERVIÇOS DIVERSOS",null,"H",0.1666,21.35,3.55]
["Composição Auxiliar"," 88256 ","SINAPI","AZULEJISTA OU LADRILHEIRO COM ENCARGOS COMPLEMENTARES","SEDI - SERVIÇOS DIVERSOS",null,"H",0.51429999999999998,26.46,13.6]
["Insumo"," 00001381 ","SINAPI","ARGAMASSA COLANTE AC I PARA CERAMICAS","Material",null,"KG",9.1325000000000003,0.93,8.49]
["Insumo"," 00001287 ","SINAPI","PISO EM CERAMICA ESMALTADA, COR LISA, PEI MAIOR OU IGUAL A 4, FORMATO MENOR OU IGUAL A 2025 CM2","Material",null,"M²",1.071,33.4,35.770000000000003]
["Insumo"," 00034357 ","SINAPI","REJUNTE CIMENTICIO, QUALQUER COR","Material",null,"KG",0.188,5.46,1.02]
[{"$nulls":4},"MO sem LS =>",6.08,"LS =>",6.97,"MO com LS =>",13.05]
[{"$nulls":4},"Valor do BDI =>",15.03,null,"Valor com BDI =>",null,77.459999999999994]
[]
[" 7.5 ","Código","Banco","Descrição","Tipo",null,"Und","Quant.","Valor Unit","Total"]
["Composição"," 104162 ","SINAPI","PISO EM GRANILITE, MARMORITE OU GRANITINA EM AMBIENTES INTERNOS, COM ESPESSURA DE 8 MM, INCLUSO MISTURA EM BETONEIRA, COLOCAÇÃO DAS JUNTAS, APLICAÇÃO DO PISO, 4 POLIMENTOS COM POLITRIZ, ESTUCAMENTO, SELADOR E CERA. AF_06/2022","PISO - PISOS",null,"m²",1,100.72,100.72]
["Composição Auxiliar"," 88316 ","SINAPI","SERVENTE COM ENCARGOS COMPLEMENTARES","SEDI - SERVIÇOS DIVERSOS",null,"H",0.49719999999999998,21.35,10.61]
["Composição Auxiliar"," 89225 ","SINAPI","BETONEIRA CAPACIDADE NOMINAL DE 600 L, CAPACIDADE DE MISTURA 360 L, MOTOR ELÉTRICO TRIFÁSICO POTÊNCIA DE 4 CV, SEM CARREGADOR - CHP DIURNO. AF_05/2023","CHOR - CUSTOS HORÁRIOS DE MÁQUINAS E EQUIPAMENTOS",null,"CHP",2.5399999999999999E-2,5.45,0.13]
["Composição Auxiliar"," 89226 ","SINAPI","BETONEIRA CAPACIDADE NOMINAL DE 600 L, CAPACIDADE DE MISTURA 360 L, MOTOR ELÉTRICO TRIFÁSICO POTÊNCIA DE 4 CV, SEM CARREGADOR - CHI DIURNO. AF_05/2023","CHOR - CUSTOS HORÁRIOS DE MÁQUINAS E EQUIPAMENTOS",null,"CHI",7.5899999999999995E-2,1.52,0.11]
["Composição Auxiliar"," 95276 ","SINAPI","POLIDORA DE PISO (POLITRIZ), PESO DE 100KG, DIÂMETRO 450 MM, MOTOR ELÉTRICO, POTÊNCIA 4 HP - CHP DIURNO. AF_05/2023","CHOR - CUSTOS HORÁRIOS DE MÁQUINAS E EQUIPAMENTOS",null,"CHP",9.0300000000000005E-2,3.83,0.34]
["Composição Auxiliar"," 95277 ","SINAPI","POLIDORA DE PISO (POLITRIZ), PESO DE 100KG, DIÂMETRO 450 MM, MOTOR ELÉTRICO, POTÊNCIA 4 HP - CHI DIURNO. AF_05/2023","CHOR - CUSTOS HORÁRIOS DE MÁQUINAS E EQUIPAMENTOS",null,"CHI",0.21640000000000001,0.75,0.16]
["Composição Auxiliar"," 88274 ","SINAPI","MARMORISTA/GRANITEIRO COM ENCARGOS COMPLEMENTARES","SEDI - SERVIÇOS DIVERSOS",null,"H",1.0955999999999999,26.46,28.98]
["Insumo"," 00004824 ","SINAPI","GRANILHA/ GRANA/ PEDRISCO OU AGREGADO EM MARMORE/ GRANITO/ QUARTZO E CALCARIO, PRETO, CINZA, PALHA OU BRANCO","Material",null,"KG",20,0.69,13.8]
["Insumo"," 00006085 ","SINAPI","SELADOR ACRILICO OPACO PREMIUM INTERIOR/EXTERIOR","Material",null,"L",0.04,8.67,0.34]
["Insumo"," 00041967 ","SINAPI","CERA LIQUIDA INCOLOR MULTIPISO","Material",null,"L",1.2500000000000001E-2,22.13,0.27]
["Insumo"," 00044528 ","SINAPI","CIMENTO PORTLAND ESTRUTURAL BRANCO CPB - 32 OU CPB - 40","Material",null,"KG",10,4.37,43.7]
["Insumo"," 00003671 ","SINAPI","JUNTA PLASTICA DE DILATACAO PARA PISOS, COR CINZA, 17 X 3 MM (ALTURA X ESPESSURA)","Material",null,"M",1.67,1.37,2.2799999999999998]
[{"$nulls":4},"MO sem LS =>",13.98,"LS =>",16.010000000000002,"MO com LS =>",29.99]
[{"$nulls":4},"Valor do BDI =>",24.26,null,"Valor com BDI =>",null,124.98]
[]
[" 8.1 ","Código","Banco","Descrição","Tipo",null,"Und","Quant.","Valor Unit","Total"]
["Composição"," 87879 ","SINAPI","CHAPISCO APLICADO EM ALVENARIAS E ESTRUTURAS DE CONCRETO INTERNAS, COM COLHER DE PEDREIRO. ARGAMASSA TRAÇO 1:3 COM PREPARO EM BETONEIRA 400L. AF_10/2022","REVE - REVESTIMENTO E TRATAMENTO DE SUPERFÍCIES",null,"m²",1,4.3,4.3]
["Composição Auxiliar"," 87313 ","SINAPI","ARGAMASSA TRAÇO 1:3 (EM VOLUME DE CIMENTO E AREIA GROSSA ÚMIDA) PARA CHAPISCO CONVENCIONAL, PREPARO MECÂNICO COM BETONEIRA 400 L. AF_08/2019","SEDI - SERVIÇOS DIVERSOS",null,"m³",3.7000000000000002E-3,527.65,1.95]
["Composição Auxiliar"," 88309 ","SINAPI","PEDREIRO COM ENCARGOS COMPLEMENTARES","SEDI - SERVIÇOS DIVERSOS",null,"H",6.8099999999999994E-2,26.59,1.81]
["Composição Auxiliar"," 88316 ","SINAPI","SERVENTE COM ENCARGOS COMPLEMENTARES","SEDI - SERVIÇOS DIVERSOS",null,"H",2.5499999999999998E-2,21.35,0.54]
[{"$nulls":4},"MO sem LS =>",0.92,"LS =>",1.07,"MO com LS =>",1.99]
[{"$nulls":4},"Valor do BDI =>",1.03,null,"Valor com BDI =>",null,5.33]
[]
[" 8.2 ","Código","Banco","Descrição","Tipo",null,"Und","Quant.","Valor Unit","Total"]
["Composição"," 104951 ","SINAPI","MASSA ÚNICA, EM ARGAMASSA TRAÇO 1:2:8, PREPARO MECÂNICO, APLICADA MANUALMENTE EM PAREDES INTERNAS DE AMBIENTES COM ÁREA MAIOR QUE 10M², E = 17,5MM, COM TALISCAS. AF_03/2024","REVE - REVESTIMENTO E TRATAMENTO DE SUPERFÍCIES",null,"m²",1,31.35,31.35]
["Composição Auxiliar"," 88309 ","SINAPI","PEDREIRO COM ENCARGOS COMPLEMENTARES","SEDI - SERVIÇOS DIVERSOS",null,"H",0.3906,26.59,10.38]
["Composição Auxiliar"," 88316 ","SINAPI","SERVENTE COM ENCARGOS COMPLEMENTARES","SEDI - SERVIÇOS DIVERSOS",null,"H",0.1953,21.35,4.16]
["Composição Auxiliar"," 87292 ","SINAPI","ARGAMASSA TRAÇO 1:2:8 (EM VOLUME DE CIMENTO, CAL E AREIA MÉDIA ÚMIDA) PARA EMBOÇO/MASSA ÚNICA/ASSENTAMENTO DE ALVENARIA DE VEDAÇÃO, PREPARO MECÂNICO COM BETONEIRA 400 L. AF_08/2019","SEDI - SERVIÇOS DIVERSOS",null,"m³",3.04E-2,553.21,16.809999999999999]
[{"$nulls":4},"MO sem LS =>",5.97,"LS =>",6.85,"MO com LS =>",12.82]
[{"$nulls":4},"Valor do BDI =>",7.55,null,"Valor com BDI =>",null,38.9]
[]
[" 8.3 ","Código","Banco","Descrição","Tipo",null,"Und","Quant.","Valor Unit","Total"]
["Composição"," 87547 ","SINAPI","MASSA ÚNICA, EM ARGAMASSA TRAÇO 1:2:8, PREPARO MECÂNICO, APLICADA MANUALMENTE EM PAREDES INTERNAS DE AMBIENTES COM ÁREA ENTRE 5M² E 10M², E = 10MM, COM TALISCAS. AF_03/2024","REVE - REVESTIMENTO E TRATAMENTO DE SUPERFÍCIES",null,"m²",1,24.84,24.84]
["Composição Auxiliar"," 88309 ","SINAPI","PEDREIRO COM ENCARGOS COMPLEMENTARES","SEDI - SERVIÇOS DIVERSOS",null,"H",0.37890000000000001,26.59,10.07]
["Composição Auxiliar"," 87292 ","SINAPI","ARGAMASSA TRAÇO 1:2:8 (EM VOLUME DE CIMENTO, CAL E AREIA MÉDIA ÚMIDA) PARA EMBOÇO/MASSA ÚNICA/ASSENTAMENTO DE ALVENARIA DE VEDAÇÃO, PREPARO MECÂNICO COM BETONEIRA 400 L. AF_08/2019","SEDI - SERVIÇOS DIVERSOS",null,"m³",1.9400000000000001E-2,553.21,10.73]
["Composição Auxiliar"," 88316 ","SINAPI","SERVENTE COM ENCARGOS COMPLEMENTARES","SEDI - SERVIÇOS DIVERSOS",null,"H",0.18940000000000001,21.35,4.04]
[{"$nulls":4},"MO sem LS =>",5.52,"LS =>",6.32,"MO com LS =>",11.84]
[{"$nulls":4},"Valor do BDI =>",5.98,null,"Valor com BDI =>",null,30.82]
[]
[" 8.4 ","Código","Banco","Descrição","Tipo",null,"Und","Quant.","Valor Unit","Total"]
["Composição"," 499 ","Próprio","REVESTIMENTO CERÂMICO PARA PAREDES PLACAS ACETINADO 7x26cm NEUTAL GRAFITE, OU SIMILAR, FORNECIMENTO E INSTALAÇÃO","Revestimentos Cerâmicos Externos",null,"m²",1,213.58,213.58]
["Composição Auxiliar"," 88316 ","SINAPI","SERVENTE COM ENCARGOS COMPLEMENTARES","SEDI - SERVIÇOS DIVERSOS",null,"H",0.73699999999999999,21.35,15.73]
["Composição Auxiliar"," 88256 ","SINAPI","AZULEJISTA OU LADRILHEIRO COM ENCARGOS COMPLEMENTARES","SEDI - SERVIÇOS DIVERSOS",null,"H",1.474,26.46,39]
["Insumo"," 00000126 ","Próprio","Revestimento Interno Monocolor Acetinado 7x26cm Neutral Grafite","Material",null,"M²",1.05,129.9,136.38999999999999]
["Insumo"," 00037595 ","SINAPI","ARGAMASSA COLANTE TIPO AC III","Material",null,"KG",5.24,2.86,14.98]
["Insumo"," 00034357 ","SINAPI","REJUNTE CIMENTICIO, QUALQUER COR","Material",null,"KG",1.37,5.46,7.48]
[{"$nulls":4},"MO sem LS =>",19.3,"LS =>",22.09,"MO com LS =>",41.39]
[{"$nulls":4},"Valor do BDI =>",51.45,null,"Valor com BDI =>",null,265.02999999999997]
[]
[" 8.5 ","Código","Banco","Descrição","Tipo",null,"Und","Quant.","Valor Unit","Total"]
["Composição"," 87273 ","SINAPI","REVESTIMENTO CERÂMICO PARA PAREDES INTERNAS COM PLACAS TIPO ESMALTADA DE DIMENSÕES 33X45 CM APLICADAS NA ALTURA INTEIRA DAS PAREDES. AF_02/2023_PE","REVE - REVESTIMENTO E TRATAMENTO DE SUPERFÍCIES",null,"m²",1,66.25,66.25]
["Composição Auxiliar"," 88316 ","SINAPI","SERVENTE COM ENCARGOS COMPLEMENTARES","SEDI - SERVIÇOS DIVERSOS",null,"H",0.31380000000000002,21.35,6.69]
["Composição Auxiliar"," 88256 ","SINAPI","AZULEJISTA OU LADRILHEIRO COM ENCARGOS COMPLEMENTARES","SEDI - SERVIÇOS DIVERSOS",null,"H",0.69699999999999995,26.46,18.440000000000001]
["Insumo"," 00001381 ","SINAPI","ARGAMASSA COLANTE AC I PARA CERAMICAS","Material",null,"KG",6.85,0.93,6.37]
["Insumo"," 00000536 ","SINAPI","REVESTIMENTO PARA PAREDE, EM CERAMICA ESMALTADA, FORMATO MENOR OU IGUAL A 2025 CM2","Material",null,"M²",1.0798000000000001,31.07,33.54]
["Insumo"," 00034357 ","SINAPI","REJUNTE CIMENTICIO, QUALQUER COR","Material",null,"KG",0.222,5.46,1.21]
[{"$nulls":4},"MO sem LS =>",8.8699999999999992,"LS =>",10.16,"MO com LS =>",19.03]
[{"$nulls":4},"Valor do BDI =>",15.95,null,"Valor com BDI =>",null,82.2]
[]
[" 8.6 ","Código","Banco","Descrição","Tipo",null,"Und","Quant.","Valor Unit","Total"]
["Composição"," 105941 ","SINAPI","REVESTIMENTO NÃO ADERIDO DE PAREDES EXTERNAS COM PLACAS DE GRANITO DE ÁREA MAIOR QUE 10000 CM2, FIXADAS COM INSERTE METÁLICO. AF_03/2025","Fachadas com Placas Cerâmicas e Granito - Insertadas",null,"m²",1,42.06,42.06]
["Composição Auxiliar"," 88316 ","SINAPI","SERVENTE COM ENCARGOS COMPLEMENTARES","SEDI - SERVIÇOS DIVERSOS",null,"H",0.40925,21.35,8.73]
["Composição Auxiliar"," 88256 ","SINAPI","AZULEJISTA OU LADRILHEIRO COM ENCARGOS COMPLEMENTARES","SEDI - SERVIÇOS DIVERSOS",null,"H",0.81850000000000001,26.46,21.65]
["Insumo"," 00045296 ","SINAPI","INSERTE METALICO PARA GRANITO, EM ACO INOXIDAVEL (ABNT 304), CONJUNTO ORELHA PINO SIMPLES (CHUMBADOR, CANTONEIRA, PARAFUSO E PINO)","Material",null,"CJ",1.6667000000000001,0,0]
["Insumo"," 00012815 ","SINAPI","FITA CREPE ROLO DE *25* MM X 50 M","Material",null,"UN",7.6700000000000004E-2,11.73,0.89]
["Insumo"," 00045294 ","SINAPI","GRANITO POLIDO PARA REVESTIMENTO DE FACHADA, TIPO ANDORINHA/ QUARTZ/ CASTELO/ CORUMBA OU OUTROS EQUIVALENTES DA REGIAO, FORMATO MAIOR QUE 10000 CM2, E = *2* CM","Material",null,"m²",1,0,0]
["Insumo"," 00044073 ","SINAPI","TARUGO DELIMITADOR DE PROFUNDIDADE EM ESPUMA DE POLIETILENO DE BAIXA DENSIDADE 10 MM, CINZA","Material",null,"M",1.9167000000000001,0.74,1.41]
["Insumo"," 00000142 ","SINAPI","SELANTE ELASTICO MONOCOMPONENTE A BASE DE POLIURETANO (PU) PARA JUNTAS DIVERSAS","Material",null,"310ML",0.19500000000000001,48.15,9.3800000000000008]
[{"$nulls":4},"MO sem LS =>",10.71,"LS =>",12.27,"MO com LS =>",22.98]
[{"$nulls":4},"Valor do BDI =>",10.130000000000001,null,"Valor com BDI =>",null,52.19]
[]
[" 9.1 ","Código","Banco","Descrição","Tipo",null,"Und","Quant.","Valor Unit","Total"]
["Composição"," 89356 ","SINAPI","TUBO, PVC, SOLDÁVEL, DE 25MM, INSTALADO EM RAMAL OU SUB-RAMAL DE ÁGUA - FORNECIMENTO E INSTALAÇÃO. AF_06/2022","INHI - INSTALAÇÕES HIDROS SANITÁRIAS",null,"M",1,24.84,24.84]
["Composição Auxiliar"," 88267 ","SINAPI","ENCANADOR OU BOMBEIRO HIDRÁULICO COM ENCARGOS COMPLEMENTARES","SEDI - SERVIÇOS DIVERSOS",null,"H",0.38,31.26,11.87]
["Composição Auxiliar"," 88248 ","SINAPI","AUXILIAR DE ENCANADOR OU BOMBEIRO HIDRÁULICO COM ENCARGOS COMPLEMENTARES","SEDI - SERVIÇOS DIVERSOS",null,"H",0.38,21.84,8.2899999999999991]
["Insumo"," 00038383 ","SINAPI","LIXA D'AGUA EM FOLHA, COR PRETA, GRAO 100","Material",null,"UN",8.8599999999999998E-2,1.94,0.17]
["Insumo"," 00009868 ","SINAPI","TUBO PVC, SOLDAVEL, DE 25 MM, AGUA FRIA (NBR-5648)","Material",null,"M",1.0492999999999999,4.3,4.51]
[{"$nulls":4},"MO sem LS =>",7.49,"LS =>",8.57,"MO com LS =>",16.059999999999999]
[{"$nulls":4},"Valor do BDI =>",5.98,null,"Valor com BDI =>",null,30.82]
[]
[" 9.2 ","Código","Banco","Descrição","Tipo",null,"Und","Quant.","Valor Unit","Total"]
["Composição"," 89357 ","SINAPI","TUBO, PVC, SOLDÁVEL, DE 32MM, INSTALADO EM RAMAL OU SUB-RAMAL DE ÁGUA - FORNECIMENTO E INSTALAÇÃO. AF_06/2022","INHI - INSTALAÇÕES HIDROS SANITÁRIAS",null,"M",1,33.979999999999997,33.979999999999997]
["Composição Auxiliar"," 88248 ","SINAPI","AUXILIAR DE ENCANADOR OU BOMBEIRO HIDRÁULICO COM ENCARGOS COMPLEMENTARES","SEDI - SERVIÇOS DIVERSOS",null,"H",0.45300000000000001,21.84,9.89]
["Composição Auxiliar"," 88267 ","SINAPI","ENCANADOR OU BOMBEIRO HIDRÁULICO COM ENCARGOS COMPLEMENTARES","SEDI - SERVIÇOS DIVERSOS",null,"H",0.45300000000000001,31.26,14.16]
["Insumo"," 00009869 ","SINAPI","TUBO PVC, SOLDAVEL, DE 32 MM, AGUA FRIA (NBR-5648)","Material",null,"M",1.0492999999999999,9.2799999999999994,9.73]
["Insumo"," 00038383 ","SINAPI","LIXA D'AGUA EM FOLHA, COR PRETA, GRAO 100","Material",null,"UN",0.1056,1.94,0.2]
[{"$nulls":4},"MO sem LS =>",8.93,"LS =>",10.220000000000001,"MO com LS =>",19.149999999999999]
[{"$nulls":4},"Valor do BDI =>",8.18,null,"Valor com BDI =>",null,42.16]
[]
[" 9.3 ","Código","Banco","Descrição","Tipo",null,"Und","Quant.","Valor Unit","Total"]
["Composição"," 103979 ","SINAPI","TUBO, PVC, SOLDÁVEL, DE 50MM, INSTALADO EM RAMAL DE DISTRIBUIÇÃO DE ÁGUA - FORNECIMENTO E INSTALAÇÃO. AF_06/2022","INHI - INSTALAÇÕES HIDROS SANITÁRIAS",null,"M",1,31.02,31.02]
["Composição Auxiliar"," 88248 ","SINAPI","AUXILIAR DE ENCANADOR OU BOMBEIRO HIDRÁULICO COM ENCARGOS COMPLEMENTARES","SEDI - SERVIÇOS DIVERSOS",null,"H",0.26769999999999999,21.84,5.84]
["Composição Auxiliar"," 88267 ","SINAPI","ENCANADOR OU BOMBEIRO HIDRÁULICO COM ENCARGOS COMPLEMENTARES","SEDI - SERVIÇOS DIVERSOS",null,"H",0.26769999999999999,31.26,8.36]
["Insumo"," 00009875 ","SINAPI","TUBO PVC, SOLDAVEL, DE 50 MM, AGUA FRIA (NBR-5648)","Material",null,"M",1.0492999999999999,15.98,16.760000000000002]
["Insumo"," 00038383 ","SINAPI","LIXA D'AGUA EM FOLHA, COR PRETA, GRAO 100","Material",null,"UN",3.1199999999999999E-2,1.94,0.06]
[{"$nulls":4},"MO sem LS =>",5.27,"LS =>",6.04,"MO com LS =>",11.31]
[{"$nulls":4},"Valor do BDI =>",7.47,null,"Valor com BDI =>",null,38.49]
[]
[" 9.4 ","Código","Banco","Descrição","Tipo",null,"Und","Quant.","Valor Unit","Total"]
["Composição"," 89362 ","SINAPI","JOELHO 90 GRAUS, PVC, SOLDÁVEL, DN 25MM, INSTALADO EM RAMAL OU SUB-RAMAL DE ÁGUA - FORNECIMENTO E INSTALAÇÃO. AF_06/2022","INHI - INSTALAÇÕES HIDROS SANITÁRIAS",null,"UN",1,9.7200000000000006,9.7200000000000006]
["Composição Auxiliar"," 88248 ","SINAPI","AUXILIAR DE ENCANADOR OU BOMBEIRO HIDRÁULICO COM ENCARGOS COMPLEMENTARES","SEDI - SERVIÇOS DIVERSOS",null,"H",0.152,21.84,3.31]
["Composição Auxiliar"," 88267 ","SINAPI","ENCANADOR OU BOMBEIRO HIDRÁULICO COM ENCARGOS COMPLEMENTARES","SEDI - SERVIÇOS DIVERSOS",null,"H",0.152,31.26,4.75]
["Insumo"," 00038383 ","SINAPI","LIXA D'AGUA EM FOLHA, COR PRETA, GRAO 100","Material",null,"UN",3.3799999999999997E-2,1.94,0.06]
["Insumo"," 00020083 ","SINAPI","SOLUCAO PREPARADORA / LIMPADORA PARA PVC, FRASCO COM 1000 CM3","Material",null,"UN",8.0000000000000002E-3,60.58,0.48]
["Insumo"," 00003529 ","SINAPI","JOELHO PVC, SOLDAVEL, 90 GRAUS, 25 MM, COR MARROM, PARA AGUA FRIA PREDIAL","Material",null,"UN",1,0.75,0.75]
["Insumo"," 00000122 ","SINAPI","ADESIVO PLASTICO PARA PVC, FRASCO COM *850* GR","Material",null,"UN",7.1000000000000004E-3,53.47,0.37]
[{"$nulls":4},"MO sem LS =>",2.98,"LS =>",3.43,"MO com LS =>",6.41]
[{"$nulls":4},"Valor do BDI =>",2.34,null,"Valor com BDI =>",null,12.06]
[]
[" 9.5 ","Código","Banco","Descrição","Tipo",null,"Und","Quant.","Valor Unit","Total"]
["Composição"," 89367 ","SINAPI","JOELHO 90 GRAUS, PVC, SOLDÁVEL, DN 32MM, INSTALADO EM RAMAL OU SUB-RAMAL DE ÁGUA - FORNECIMENTO E INSTALAÇÃO. AF_06/2022","INHI - INSTALAÇÕES HIDROS SANITÁRIAS",null,"UN",1,13.35,13.35]
["Composição Auxiliar"," 88248 ","SINAPI","AUXILIAR DE ENCANADOR OU BOMBEIRO HIDRÁULICO COM ENCARGOS COMPLEMENTARES","SEDI - SERVIÇOS DIVERSOS",null,"H",0.1812,21.84,3.95]
["Composição Auxiliar"," 88267 ","SINAPI","ENCANADOR OU BOMBEIRO HIDRÁULICO COM ENCARGOS COMPLEMENTARES","SEDI - SERVIÇOS DIVERSOS",null,"H",0.1812,31.26,5.66]
["Insumo"," 00038383 ","SINAPI","LIXA D'AGUA EM FOLHA, COR PRETA, GRAO 100","Material",null,"UN",4.0300000000000002E-2,1.94,7.0000000000000007E-2]
["Insumo"," 00000122 ","SINAPI","ADESIVO PLASTICO PARA PVC, FRASCO COM *850* GR","Material",null,"UN",9.4000000000000004E-3,53.47,0.5]
["Insumo"," 00020083 ","SINAPI","SOLUCAO PREPARADORA / LIMPADORA PARA PVC, FRASCO COM 1000 CM3","Material",null,"UN",1.0999999999999999E-2,60.58,0.66]
["Insumo"," 00003536 ","SINAPI","JOELHO PVC, SOLDAVEL, 90 GRAUS, 32 MM, COR MARROM, PARA AGUA FRIA PREDIAL","Material",null,"UN",1,2.5099999999999998,2.5099999999999998]
[{"$nulls":4},"MO sem LS =>",3.56,"LS =>",4.09,"MO com LS =>",7.65]
[{"$nulls":4},"Valor do BDI =>",3.21,null,"Valor com BDI =>",null,16.559999999999999]
[]
[" 9.6 ","Código","Banco","Descrição","Tipo",null,"Und","Quant.","Valor Unit","Total"]
["Composição"," 103984 ","SINAPI","JOELHO 90 GRAUS, PVC, SOLDÁVEL, DN 50MM, INSTALADO EM RAMAL DE DISTRIBUIÇÃO DE ÁGUA - FORNECIMENTO E INSTALAÇÃO. AF_06/2022","INHI - INSTALAÇÕES HIDROS SANITÁRIAS",null,"UN",1,19.649999999999999,19.649999999999999]
["Composição Auxiliar"," 88248 ","SINAPI","AUXILIAR DE ENCANADOR OU BOMBEIRO HIDRÁULICO COM ENCARGOS COMPLEMENTARES","SEDI - SERVIÇOS DIVERSOS",null,"H",0.22939999999999999,21.84,5.01]
["Composição Auxiliar"," 88267 ","SINAPI","ENCANADOR OU BOMBEIRO HIDRÁULICO COM ENCARGOS COMPLEMENTARES","SEDI - SERVIÇOS DIVERSOS",null,"H",0.22939999999999999,31.26,7.17]
["Insumo"," 00020083 ","SINAPI","SOLUCAO PREPARADORA / LIMPADORA PARA PVC, FRASCO COM 1000 CM3","Material",null,"UN",2.1999999999999999E-2,60.58,1.33]
["Insumo"," 00000122 ","SINAPI","ADESIVO PLASTICO PARA PVC, FRASCO COM *850* GR","Material",null,"UN",1.6500000000000001E-2,53.47,0.88]
["Insumo"," 00038383 ","SINAPI","LIXA D'AGUA EM FOLHA, COR PRETA, GRAO 100","Material",null,"UN",5.0999999999999997E-2,1.94,0.09]
["Insumo"," 00003540 ","SINAPI","JOELHO PVC, SOLDAVEL, 90 GRAUS, 50 MM, COR MARROM, PARA AGUA FRIA PREDIAL","Material",null,"UN",1,5.17,5.17]
[{"$nulls":4},"MO sem LS =>",4.51,"LS =>",5.17,"MO com LS =>",9.68]
[{"$nulls":4},"Valor do BDI =>",4.7300000000000004,null,"Valor com BDI =>",null,24.38]
[]
[" 9.7 ","Código","Banco","Descrição","Tipo",null,"Und","Quant.","Valor Unit","Total"]
["Composição"," 89395 ","SINAPI","TE, PVC, SOLDÁVEL, DN 25MM, INSTALADO EM RAMAL OU SUB-RAMAL DE ÁGUA - FORNECIMENTO E INSTALAÇÃO. AF_06/2022","INHI - INSTALAÇÕES HIDROS SANITÁRIAS",null,"UN",1,13.36,13.36]
["Composição Auxiliar"," 88248 ","SINAPI","AUXILIAR DE ENCANADOR OU BOMBEIRO HIDRÁULICO COM ENCARGOS COMPLEMENTARES","SEDI - SERVIÇOS DIVERSOS",null,"H",0.2026,21.84,4.42]
["Composição Auxiliar"," 88267 ","SINAPI","ENCANADOR OU BOMBEIRO HIDRÁULICO COM ENCARGOS COMPLEMENTARES","SEDI - SERVIÇOS DIVERSOS",null,"H",0.2026,31.26,6.33]
["Insumo"," 00038383 ","SINAPI","LIXA D'AGUA EM FOLHA, COR PRETA, GRAO 100","Material",null,"UN",5.0700000000000002E-2,1.94,0.09]
["Insumo"," 00007139 ","SINAPI","TE SOLDAVEL, PVC, 90 GRAUS, 25 MM, PARA AGUA FRIA PREDIAL (NBR 5648)","Material",null,"UN",1,1.24,1.24]
["Insumo"," 00020083 ","SINAPI","SOLUCAO PREPARADORA / LIMPADORA PARA PVC, FRASCO COM 1000 CM3","Material",null,"UN",1.2E-2,60.58,0.72]
["Insumo"," 00000122 ","SINAPI","ADESIVO PLASTICO PARA PVC, FRASCO COM *850* GR","Material",null,"UN",1.06E-2,53.47,0.56000000000000005]
[{"$nulls":4},"MO sem LS =>",3.98,"LS =>",4.57,"MO com LS =>",8.5500000000000007]
[{"$nulls":4},"Valor do BDI =>",3.21,null,"Valor com BDI =>",null,16.57]
[]
[" 9.8 ","Código","Banco","Descrição","Tipo",null,"Und","Quant.","Valor Unit","Total"]
["Composição"," 89398 ","SINAPI","TE, PVC, SOLDÁVEL, DN 32MM, INSTALADO EM RAMAL OU SUB-RAMAL DE ÁGUA - FORNECIMENTO E INSTALAÇÃO. AF_06/2022","INHI - INSTALAÇÕES HIDROS SANITÁRIAS",null,"UN",1,18.579999999999998,18.579999999999998]
["Composição Auxiliar"," 88267 ","SINAPI","ENCANADOR OU BOMBEIRO HIDRÁULICO COM ENCARGOS COMPLEMENTARES","SEDI - SERVIÇOS DIVERSOS",null,"H",0.24160000000000001,31.26,7.55]
["Composição Auxiliar"," 88248 ","SINAPI","AUXILIAR DE ENCANADOR OU BOMBEIRO HIDRÁULICO COM ENCARGOS COMPLEMENTARES","SEDI - SERVIÇOS DIVERSOS",null,"H",0.24160000000000001,21.84,5.27]
["Insumo"," 00000122 ","SINAPI","ADESIVO PLASTICO PARA PVC, FRASCO COM *850* GR","Material",null,"UN",1.41E-2,53.47,0.75]
["Insumo"," 00020083 ","SINAPI","SOLUCAO PREPARADORA / LIMPADORA PARA PVC, FRASCO COM 1000 CM3","Material",null,"UN",1.6500000000000001E-2,60.58,0.99]
["Insumo"," 00038383 ","SINAPI","LIXA D'AGUA EM FOLHA, COR PRETA, GRAO 100","Material",null,"UN",6.0499999999999998E-2,1.94,0.11]
["Insumo"," 00007140 ","SINAPI","TE SOLDAVEL, PVC, 90 GRAUS, 32 MM, PARA AGUA FRIA PREDIAL (NBR 5648)","Material",null,"UN",1,3.91,3.91]
[{"$nulls":4},"MO sem LS =>",4.75,"LS =>",5.45,"MO com LS =>",10.199999999999999]
[{"$nulls":4},"Valor do BDI =>",4.47,null,"Valor com BDI =>",null,23.05]
[]
[" 9.9 ","Código","Banco","Descrição","Tipo",null,"Und","Quant.","Valor Unit","Total"]
["Composição"," 104004 ","SINAPI","TE, PVC, SOLDÁVEL, DN 50MM, INSTALADO EM RAMAL DE DISTRIBUIÇÃO DE ÁGUA - FORNECIMENTO E INSTALAÇÃO. AF_06/2022","INHI - INSTALAÇÕES HIDROS SANITÁRIAS",null,"UN",1,29.67,29.67]
["Composição Auxiliar"," 88248 ","SINAPI","AUXILIAR DE ENCANADOR OU BOMBEIRO HIDRÁULICO COM ENCARGOS COMPLEMENTARES","SEDI - SERVIÇOS DIVERSOS",null,"H",0.30590000000000001,21.84,6.68]
["Composição Auxiliar"," 88267 ","SINAPI","ENCANADOR OU BOMBEIRO HIDRÁULICO COM ENCARGOS COMPLEMENTARES","SEDI - SERVIÇOS DIVERSOS",null,"H",0.30590000000000001,31.26,9.56]
["Insumo"," 00020083 ","SINAPI","SOLUCAO PREPARADORA / LIMPADORA PARA PVC, FRASCO COM 1000 CM3","Material",null,"UN",3.3000000000000002E-2,60.58,1.99]
["Insumo"," 00038383 ","SINAPI","LIXA D'AGUA EM FOLHA, COR PRETA, GRAO 100","Material",null,"UN",7.6499999999999999E-2,1.94,0.14000000000000001]
["Insumo"," 00000122 ","SINAPI","ADESIVO PLASTICO PARA PVC, FRASCO COM *850* GR","Material",null,"UN",2.47E-2,53.47,1.32]
["Insumo"," 00007142 ","SINAPI","TE SOLDAVEL, PVC, 90 GRAUS,50 MM, PARA AGUA FRIA PREDIAL (NBR 5648)","Material",null,"UN",1,9.98,9.98]
[{"$nulls":4},"MO sem LS =>",6.02,"LS =>",6.9,"MO com LS =>",12.92]
[{"$nulls":4},"Valor do BDI =>",7.14,null,"Valor com BDI =>",null,36.81]
[]
[" 9.10 ","Código","Banco","Descrição","Tipo",null,"Und","Quant.","Valor Unit","Total"]
["Composição"," 90373 ","SINAPI","JOELHO 90 GRAUS COM BUCHA DE LATÃO, PVC, SOLDÁVEL, DN 25MM, X 1/2 INSTALADO EM RAMAL OU SUB-RAMAL DE ÁGUA - FORNECIMENTO E INSTALAÇÃO. AF_06/2022","INHI - INSTALAÇÕES HIDROS SANITÁRIAS",null,"UN",1,13.29,13.29]
["Composição Auxiliar"," 88248 ","SINAPI","AUXILIAR DE ENCANADOR OU BOMBEIRO HIDRÁULICO COM ENCARGOS COMPLEMENTARES","SEDI - SERVIÇOS DIVERSOS",null,"H",0.13120000000000001,21.84,2.86]
["Composição Auxiliar"," 88267 ","SINAPI","ENCANADOR OU BOMBEIRO HIDRÁULICO COM ENCARGOS COMPLEMENTARES","SEDI - SERVIÇOS DIVERSOS",null,"H",0.13120000000000001,31.26,4.0999999999999996]
["Insumo"," 00038383 ","SINAPI","LIXA D'AGUA EM FOLHA, COR PRETA, GRAO 100","Material",null,"UN",3.15E-2,1.94,0.06]
["Insumo"," 00000122 ","SINAPI","ADESIVO PLASTICO PARA PVC, FRASCO COM *850* GR","Material",null,"UN",5.8999999999999999E-3,53.47,0.31]
["Insumo"," 00020083 ","SINAPI","SOLUCAO PREPARADORA / LIMPADORA PARA PVC, FRASCO COM 1000 CM3","Material",null,"UN",7.0000000000000001E-3,60.58,0.42]
["Insumo"," 00020147 ","SINAPI","JOELHO PVC, SOLDAVEL, COM BUCHA DE LATAO, 90 GRAUS, 25 MM X 1/2\", PARA AGUA FRIA PREDIAL","Material",null,"UN",1,5.54,5.54]
[{"$nulls":4},"MO sem LS =>",2.58,"LS =>",2.96,"MO com LS =>",5.54]
[{"$nulls":4},"Valor do BDI =>",3.2,null,"Valor com BDI =>",null,16.489999999999998]
[]
[" 9.11 ","Código","Banco","Descrição","Tipo",null,"Und","Quant.","Valor Unit","Total"]
["Composição"," 89712 ","SINAPI","TUBO PVC, SERIE NORMAL, ESGOTO PREDIAL, DN 50 MM, FORNECIDO E INSTALADO EM RAMAL DE DESCARGA OU RAMAL DE ESGOTO SANITÁRIO. AF_08/2022","INHI - INSTALAÇÕES HIDROS SANITÁRIAS",null,"M",1,28.07,28.07]
["Composição Auxiliar"," 88267 ","SINAPI","ENCANADOR OU BOMBEIRO HIDRÁULICO COM ENCARGOS COMPLEMENTARES","SEDI - SERVIÇOS DIVERSOS",null,"H",0.31819999999999998,31.26,9.94]
["Composição Auxiliar"," 88248 ","SINAPI","AUXILIAR DE ENCANADOR OU BOMBEIRO HIDRÁULICO COM ENCARGOS COMPLEMENTARES","SEDI - SERVIÇOS DIVERSOS",null,"H",0.31819999999999998,21.84,6.94]
["Insumo"," 00009838 ","SINAPI","TUBO PVC SERIE NORMAL, DN 50 MM, PARA ESGOTO PREDIAL (NBR 5688)","Material",null,"M",1.0548999999999999,10.58,11.16]
["Insumo"," 00038383 ","SINAPI","LIXA D'AGUA EM FOLHA, COR PRETA, GRAO 100","Material",null,"UN",1.77E-2,1.94,0.03]
[{"$nulls":4},"MO sem LS =>",6.26,"LS =>",7.18,"MO com LS =>",13.44]
[{"$nulls":4},"Valor do BDI =>",6.76,null,"Valor com BDI =>",null,34.83]
[]
[" 9.12 ","Código","Banco","Descrição","Tipo",null,"Und","Quant.","Valor Unit","Total"]
["Composição"," 89714 ","SINAPI","TUBO PVC, SERIE NORMAL, ESGOTO PREDIAL, DN 100 MM, FORNECIDO E INSTALADO EM RAMAL DE DESCARGA OU RAMAL DE ESGOTO SANITÁRIO. AF_08/2022","INHI - INSTALAÇÕES HIDROS SANITÁRIAS",null,"M",1,39.1,39.1]
["Composição Auxiliar"," 88267 ","SINAPI","ENCANADOR OU BOMBEIRO HIDRÁULICO COM ENCARGOS COMPLEMENTARES","SEDI - SERVIÇOS DIVERSOS",null,"H",0.44440000000000002,31.26,13.89]
["Composição Auxiliar"," 88248 ","SINAPI","AUXILIAR DE ENCANADOR OU BOMBEIRO HIDRÁULICO COM ENCARGOS COMPLEMENTARES","SEDI - SERVIÇOS DIVERSOS",null,"H",0.44440000000000002,21.84,9.6999999999999993]
["Insumo"," 00009836 ","SINAPI","TUBO PVC SERIE NORMAL, DN 100 MM, PARA ESGOTO PREDIAL (NBR 5688)","Material",null,"M",1.0548999999999999,14.67,15.47]
["Insumo"," 00038383 ","SINAPI","LIXA D'AGUA EM FOLHA, COR PRETA, GRAO 100","Material",null,"UN",2.47E-2,1.94,0.04]
[{"$nulls":4},"MO sem LS =>",8.75,"LS =>",10.029999999999999,"MO com LS =>",18.78]
[{"$nulls":4},"Valor do BDI =>",9.41,null,"Valor com BDI =>",null,48.51]
[]
[" 9.13 ","Código","Banco","Descrição","Tipo",null,"Und","Quant.","Valor Unit","Total"]
["Composição"," 89732 ","SINAPI","JOELHO 45 GRAUS, PVC, SERIE NORMAL, ESGOTO PREDIAL, DN 50 MM, JUNTA ELÁSTICA, FORNECIDO E INSTALADO EM RAMAL DE DESCARGA OU RAMAL DE ESGOTO SANITÁRIO. AF_08/2022","INHI - INSTALAÇÕES HIDROS SANITÁRIAS",null,"UN",1,16.39,16.39]
["Composição Auxiliar"," 88248 ","SINAPI","AUXILIAR DE ENCANADOR OU BOMBEIRO HIDRÁULICO COM ENCARGOS COMPLEMENTARES","SEDI - SERVIÇOS DIVERSOS",null,"H",0.13789999999999999,21.84,3.01]
["Composição Auxiliar"," 88267 ","SINAPI","ENCANADOR OU BOMBEIRO HIDRÁULICO COM ENCARGOS COMPLEMENTARES","SEDI - SERVIÇOS DIVERSOS",null,"H",0.13789999999999999,31.26,4.3099999999999996]
["Insumo"," 00003518 ","SINAPI","JOELHO PVC, SOLDAVEL, PB, 45 GRAUS, DN 50 MM, PARA ESGOTO PREDIAL","Material",null,"UN",1,3.73,3.73]
["Insumo"," 00020078 ","SINAPI","PASTA LUBRIFICANTE PARA TUBOS E CONEXOES COM JUNTA ELASTICA, EMBALAGEM DE *400* GR (USO EM PVC, ACO, POLIETILENO E OUTROS)","Material",null,"UN",0.05,22.07,1.1000000000000001]
["Insumo"," 00000296 ","SINAPI","ANEL BORRACHA PARA TUBO ESGOTO PREDIAL, DN 50 MM (NBR 5688)","Material",null,"UN",2,2.12,4.24]
[{"$nulls":4},"MO sem LS =>",2.71,"LS =>",3.11,"MO com LS =>",5.82]
[{"$nulls":4},"Valor do BDI =>",3.94,null,"Valor com BDI =>",null,20.329999999999998]
[]
[" 9.14 ","Código","Banco","Descrição","Tipo",null,"Und","Quant.","Valor Unit","Total"]
["Composição"," 89746 ","SINAPI","JOELHO 45 GRAUS, PVC, SERIE NORMAL, ESGOTO PREDIAL, DN 100 MM, JUNTA ELÁSTICA, FORNECIDO E INSTALADO EM RAMAL DE DESCARGA OU RAMAL DE ESGOTO SANITÁRIO. AF_08/2022","INHI - INSTALAÇÕES HIDROS SANITÁRIAS",null,"UN",1,29.25,29.25]
["Composição Auxiliar"," 88248 ","SINAPI","AUXILIAR DE ENCANADOR OU BOMBEIRO HIDRÁULICO COM ENCARGOS COMPLEMENTARES","SEDI - SERVIÇOS DIVERSOS",null,"H",0.19259999999999999,21.84,4.2]
["Composição Auxiliar"," 88267 ","SINAPI","ENCANADOR OU BOMBEIRO HIDRÁULICO COM ENCARGOS COMPLEMENTARES","SEDI - SERVIÇOS DIVERSOS",null,"H",0.19259999999999999,31.26,6.02]
["Insumo"," 00020078 ","SINAPI","PASTA LUBRIFICANTE PARA TUBOS E CONEXOES COM JUNTA ELASTICA, EMBALAGEM DE *400* GR (USO EM PVC, ACO, POLIETILENO E OUTROS)","Material",null,"UN",0.115,22.07,2.5299999999999998]
["Insumo"," 00003528 ","SINAPI","JOELHO PVC, SOLDAVEL, PB, 45 GRAUS, DN 100 MM, PARA ESGOTO PREDIAL","Material",null,"UN",1,9,9]
["Insumo"," 00000301 ","SINAPI","ANEL BORRACHA PARA TUBO ESGOTO PREDIAL, DN 100 MM (NBR 5688)","Material",null,"UN",2,3.75,7.5]
[{"$nulls":4},"MO sem LS =>",3.79,"LS =>",4.34,"MO com LS =>",8.1300000000000008]
[{"$nulls":4},"Valor do BDI =>",7.04,null,"Valor com BDI =>",null,36.29]
[]
[" 9.15 ","Código","Banco","Descrição","Tipo",null,"Und","Quant.","Valor Unit","Total"]
["Composição"," 89731 ","SINAPI","JOELHO 90 GRAUS, PVC, SERIE NORMAL, ESGOTO PREDIAL, DN 50 MM, JUNTA ELÁSTICA, FORNECIDO E INSTALADO EM RAMAL DE DESCARGA OU RAMAL DE ESGOTO SANITÁRIO. AF_08/2022","INHI - INSTALAÇÕES HIDROS SANITÁRIAS",null,"UN",1,15.67,15.67]
["Composição Auxiliar"," 88267 ","SINAPI","ENCANADOR OU BOMBEIRO HIDRÁULICO COM ENCARGOS COMPLEMENTARES","SEDI - SERVIÇOS DIVERSOS",null,"H",0.13789999999999999,31.26,4.3099999999999996]
["Composição Auxiliar"," 88248 ","SINAPI","AUXILIAR DE ENCANADOR OU BOMBEIRO HIDRÁULICO COM ENCARGOS COMPLEMENTARES","SEDI - SERVIÇOS DIVERSOS",null,"H",0.13789999999999999,21.84,3.01]
["Insumo"," 00000296 ","SINAPI","ANEL BORRACHA PARA TUBO ESGOTO PREDIAL, DN 50 MM (NBR 5688)","Material",null,"UN",2,2.12,4.24]
["Insumo"," 00003526 ","SINAPI","JOELHO PVC, SOLDAVEL, PB, 90 GRAUS, DN 50 MM, PARA ESGOTO PREDIAL","Material",null,"UN",1,3.01,3.01]
["Insumo"," 00020078 ","SINAPI","PASTA LUBRIFICANTE PARA TUBOS E CONEXOES COM JUNTA ELASTICA, EMBALAGEM DE *400* GR (USO EM PVC, ACO, POLIETILENO E OUTROS)","Material",null,"UN",0.05,22.07,1.1000000000000001]
[{"$nulls":4},"MO sem LS =>",2.71,"LS =>",3.11,"MO com LS =>",5.82]
[{"$nulls":4},"Valor do BDI =>",3.77,null,"Valor com BDI =>",null,19.440000000000001]
[]
[" 9.16 ","Código","Banco","Descrição","Tipo",null,"Und","Quant.","Valor Unit","Total"]
["Composição"," 89744 ","SINAPI","JOELHO 90 GRAUS, PVC, SERIE NORMAL, ESGOTO PREDIAL, DN 100 MM, JUNTA ELÁSTICA, FORNECIDO E INSTALADO EM RAMAL DE DESCARGA OU RAMAL DE ESGOTO SANITÁRIO. AF_08/2022","INHI - INSTALAÇÕES HIDROS SANITÁRIAS",null,"UN",1,28.43,28.43]
["Composição Auxiliar"," 88267 ","SINAPI","ENCANADOR OU BOMBEIRO HIDRÁULICO COM ENCARGOS COMPLEMENTARES","SEDI - SERVIÇOS DIVERSOS",null,"H",0.19259999999999999,31.26,6.02]
["Composição Auxiliar"," 88248 ","SINAPI","AUXILIAR DE ENCANADOR OU BOMBEIRO HIDRÁULICO COM ENCARGOS COMPLEMENTARES","SEDI - SERVIÇOS DIVERSOS",null,"H",0.19259999999999999,21.84,4.2]
["Insumo"," 00000301 ","SINAPI","ANEL BORRACHA PARA TUBO ESGOTO PREDIAL, DN 100 MM (NBR 5688)","Material",null,"UN",2,3.75,7.5]
["Insumo"," 00020078 ","SINAPI","PASTA LUBRIFICANTE PARA TUBOS E CONEXOES COM JUNTA ELASTICA, EMBALAGEM DE *400* GR (USO EM PVC, ACO, POLIETILENO E OUTROS)","Material",null,"UN",0.115,22.07,2.5299999999999998]
["Insumo"," 00003520 ","SINAPI","JOELHO PVC, SOLDAVEL, PB, 90 GRAUS, DN 100 MM, PARA ESGOTO PREDIAL","Material",null,"UN",1,8.18,8.18]
[{"$nulls":4},"MO sem LS =>",3.79,"LS =>",4.34,"MO com LS =>",8.1300000000000008]
[{"$nulls":4},"Valor do BDI =>",6.84,null,"Valor com BDI =>",null,35.270000000000003]
[]
[" 9.17 ","Código","Banco","Descrição","Tipo",null,"Und","Quant.","Valor Unit","Total"]
["Composição"," 89797 ","SINAPI","JUNÇÃO SIMPLES, PVC, SERIE NORMAL, ESGOTO PREDIAL, DN 100 X 100 MM, JUNTA ELÁSTICA, FORNECIDO E INSTALADO EM RAMAL DE DESCARGA OU RAMAL DE ESGOTO SANITÁRIO. AF_08/2022","INHI - INSTALAÇÕES HIDROS SANITÁRIAS",null,"UN",1,52.31,52.31]
["Composição Auxiliar"," 88248 ","SINAPI","AUXILIAR DE ENCANADOR OU BOMBEIRO HIDRÁULICO COM ENCARGOS COMPLEMENTARES","SEDI - SERVIÇOS DIVERSOS",null,"H",0.25679999999999997,21.84,5.6]
["Composição Auxiliar"," 88267 ","SINAPI","ENCANADOR OU BOMBEIRO HIDRÁULICO COM ENCARGOS COMPLEMENTARES","SEDI - SERVIÇOS DIVERSOS",null,"H",0.25679999999999997,31.26,8.02]
["Insumo"," 00000301 ","SINAPI","ANEL BORRACHA PARA TUBO ESGOTO PREDIAL, DN 100 MM (NBR 5688)","Material",null,"UN",3,3.75,11.25]
["Insumo"," 00020078 ","SINAPI","PASTA LUBRIFICANTE PARA TUBOS E CONEXOES COM JUNTA ELASTICA, EMBALAGEM DE *400* GR (USO EM PVC, ACO, POLIETILENO E OUTROS)","Material",null,"UN",0.17249999999999999,22.07,3.8]
["Insumo"," 00003670 ","SINAPI","JUNCAO SIMPLES, PVC, 45 GRAUS, DN 100 X 100 MM, SERIE NORMAL PARA ESGOTO PREDIAL","Material",null,"UN",1,23.64,23.64]
[{"$nulls":4},"MO sem LS =>",5.05,"LS =>",5.79,"MO com LS =>",10.84]
[{"$nulls":4},"Valor do BDI =>",12.6,null,"Valor com BDI =>",null,64.91]
[]
[" 9.18 ","Código","Banco","Descrição","Tipo",null,"Und","Quant.","Valor Unit","Total"]
["Composição"," 98109 ","SINAPI","CAIXA DE GORDURA ESPECIAL (CAPACIDADE: 312 L - PARA ATÉ 146 PESSOAS SERVIDAS NO PICO), RETANGULAR, EM ALVENARIA COM BLOCOS DE CONCRETO, DIMENSÕES INTERNAS = 0,4X1,2 M, ALTURA INTERNA = 1 M. AF_12/2020","INHI - INSTALAÇÕES HIDROS SANITÁRIAS",null,"UN",1,776.28,776.28]
["Composição Auxiliar"," 100475 ","SINAPI","ARGAMASSA TRAÇO 1:3 (EM VOLUME DE CIMENTO E AREIA MÉDIA ÚMIDA) COM ADIÇÃO DE IMPERMEABILIZANTE, PREPARO MECÂNICO COM BETONEIRA 400 L. AF_08/2019","SEDI - SERVIÇOS DIVERSOS",null,"m³",0.15609999999999999,772.6,120.6]
["Composição Auxiliar"," 88309 ","SINAPI","PEDREIRO COM ENCARGOS COMPLEMENTARES","SEDI - SERVIÇOS DIVERSOS",null,"H",7.8086000000000002,26.59,207.63]
["Composição Auxiliar"," 97733 ","SINAPI","PEÇA RETANGULAR PRÉ-MOLDADA, VOLUME DE CONCRETO DE ATÉ 10 LITROS, TAXA DE AÇO APROXIMADA DE 30KG/M³. AF_03/2024","FUES - FUNDAÇÕES E ESTRUTURAS",null,"m³",4.7999999999999996E-3,3414.63,16.39]
["Composição Auxiliar"," 5679 ","SINAPI","RETROESCAVADEIRA SOBRE RODAS COM CARREGADEIRA, TRAÇÃO 4X4, POTÊNCIA LÍQ. 88 HP, CAÇAMBA CARREG. CAP. MÍN. 1 M3, CAÇAMBA RETRO CAP. 0,26 M3, PESO OPERACIONAL MÍN. 6.674 KG, PROFUNDIDADE ESCAVAÇÃO MÁX. 4,37 M - CHI DIURNO. AF_06/2014","CHOR - CUSTOS HORÁRIOS DE MÁQUINAS E EQUIPAMENTOS",null,"CHI",1.6199999999999999E-2,58.23,0.94]
["Composição Auxiliar"," 5678 ","SINAPI","RETROESCAVADEIRA SOBRE RODAS COM CARREGADEIRA, TRAÇÃO 4X4, POTÊNCIA LÍQ. 88 HP, CAÇAMBA CARREG. CAP. MÍN. 1 M3, CAÇAMBA RETRO CAP. 0,26 M3, PESO OPERACIONAL MÍN. 6.674 KG, PROFUNDIDADE ESCAVAÇÃO MÁX. 4,37 M - CHP DIURNO. AF_06/2014","CHOR - CUSTOS HORÁRIOS DE MÁQUINAS E EQUIPAMENTOS",null,"CHP",7.9000000000000008E-3,141.54,1.1100000000000001]
["Composição Auxiliar"," 94970 ","SINAPI","CONCRETO FCK = 20MPA, TRAÇO 1:2,7:3 (EM MASSA SECA DE CIMENTO/ AREIA MÉDIA/ BRITA 1) - PREPARO MECÂNICO COM BETONEIRA 600 L. AF_05/2021","FUES - FUNDAÇÕES E ESTRUTURAS",null,"m³",7.8200000000000006E-2,468.39,36.619999999999997]
["Composição Auxiliar"," 101617 ","SINAPI","PREPARO DE FUNDO DE VALA COM LARGURA MAIOR OU IGUAL A 1,5 M E MENOR QUE 2,5 M (ACERTO DO SOLO NATURAL). AF_08/2020","MOVT - MOVIMENTO DE TERRA",null,"m²",1.05,3.04,3.19]
["Composição Auxiliar"," 97734 ","SINAPI","PEÇA RETANGULAR PRÉ-MOLDADA, VOLUME DE CONCRETO DE 10 A 30 LITROS, TAXA DE AÇO APROXIMADA DE 30KG/M³. AF_03/2024","FUES - FUNDAÇÕES E ESTRUTURAS",null,"m³",3.5999999999999997E-2,2969.56,106.9]
["Composição Auxiliar"," 88316 ","SINAPI","SERVENTE COM ENCARGOS COMPLEMENTARES","SEDI - SERVIÇOS DIVERSOS",null,"H",6.1353,21.35,130.97999999999999]
["Composição Auxiliar"," 87316 ","SINAPI","ARGAMASSA TRAÇO 1:4 (EM VOLUME DE CIMENTO E AREIA GROSSA ÚMIDA) PARA CHAPISCO CONVENCIONAL, PREPARO MECÂNICO COM BETONEIRA 400 L. AF_08/2019","SEDI - SERVIÇOS DIVERSOS",null,"m³",3.2800000000000003E-2,472.74,15.5]
["Insumo"," 00006193 ","SINAPI","TABUA NAO APARELHADA *2,5 X 20* CM, EM MACARANDUBA/MASSARANDUBA, ANGELIM OU EQUIVALENTE DA REGIAO - BRUTA","Material",null,"M",0.44159999999999999,13.77,6.08]
["Insumo"," 00004491 ","SINAPI","PONTALETE *7,5 X 7,5* CM EM PINUS, MISTA OU EQUIVALENTE DA REGIAO - BRUTA","Material",null,"M",0.11840000000000001,11.43,1.35]
["Insumo"," 00004517 ","SINAPI","SARRAFO *2,5 X 7,5* CM EM PINUS, MISTA OU EQUIVALENTE DA REGIAO - BRUTA","Material",null,"M",0.14080000000000001,4,0.56000000000000005]
["Insumo"," 00002692 ","SINAPI","DESMOLDANTE PROTETOR PARA FORMAS DE MADEIRA, DE BASE OLEOSA EMULSIONADA EM AGUA","Material",null,"L",5.4000000000000003E-3,9.65,0.05]
["Insumo"," 00000650 ","SINAPI","BLOCO DE VEDACAO DE CONCRETO, 9 X 19 X 39 CM (CLASSE C - NBR 6136)","Material",null,"UN",44.943800000000003,2.85,128.08000000000001]
["Insumo"," 00005069 ","SINAPI","PREGO DE ACO POLIDO COM CABECA 17 X 27 (2 1/2 X 11)","Material",null,"KG",1.2500000000000001E-2,24.63,0.3]
[{"$nulls":4},"MO sem LS =>",154.69999999999999,"LS =>",177,"MO com LS =>",331.7]
[{"$nulls":4},"Valor do BDI =>",187,null,"Valor com BDI =>",null,963.28]
[]
[" 9.19 ","Código","Banco","Descrição","Tipo",null,"Und","Quant.","Valor Unit","Total"]
["Composição"," 99268 ","SINAPI","POÇO DE INSPEÇÃO CIRCULAR PARA DRENAGEM, EM CONCRETO PRÉ-MOLDADO, DIÂMETRO INTERNO = 0,60 M, PROFUNDIDADE = 0,90 M, EXCLUINDO TAMPÃO. AF_12/2020","DROP - DRENAGEM/OBRAS DE CONTENÇÃO / POÇOS DE VISITA E CAIXAS",null,"UN",1,403.34,403.34]
["Composição Auxiliar"," 5678 ","SINAPI","RETROESCAVADEIRA SOBRE RODAS COM CARREGADEIRA, TRAÇÃO 4X4, POTÊNCIA LÍQ. 88 HP, CAÇAMBA CARREG. CAP. MÍN. 1 M3, CAÇAMBA RETRO CAP. 0,26 M3, PESO OPERACIONAL MÍN. 6.674 KG, PROFUNDIDADE ESCAVAÇÃO MÁX. 4,37 M - CHP DIURNO. AF_06/2014","CHOR - CUSTOS HORÁRIOS DE MÁQUINAS E EQUIPAMENTOS",null,"CHP",7.3899999999999993E-2,141.54,10.45]
["Composição Auxiliar"," 88628 ","SINAPI","ARGAMASSA TRAÇO 1:3 (EM VOLUME DE CIMENTO E AREIA MÉDIA ÚMIDA), PREPARO MECÂNICO COM BETONEIRA 400 L. AF_08/2019","SEDI - SERVIÇOS DIVERSOS",null,"m³",2.9000000000000001E-2,568.30999999999995,16.48]
["Composição Auxiliar"," 88309 ","SINAPI","PEDREIRO COM ENCARGOS COMPLEMENTARES","SEDI - SERVIÇOS DIVERSOS",null,"H",0.52449999999999997,26.59,13.94]
["Composição Auxiliar"," 88316 ","SINAPI","SERVENTE COM ENCARGOS COMPLEMENTARES","SEDI - SERVIÇOS DIVERSOS",null,"H",0.41210000000000002,21.35,8.7899999999999991]
["Composição Auxiliar"," 97738 ","SINAPI","PEÇA CIRCULAR PRÉ-MOLDADA, VOLUME DE CONCRETO DE 10 A 30 LITROS, TAXA DE FIBRA DE POLIPROPILENO APROXIMADA DE 6 KG/M³. AF_03/2024_PS","FUES - FUNDAÇÕES E ESTRUTURAS",null,"m³",2.2100000000000002E-2,4122.2299999999996,91.1]
["Composição Auxiliar"," 101623 ","SINAPI","PREPARO DE FUNDO DE VALA COM LARGURA MENOR QUE 1,5 M, COM CAMADA DE BRITA, LANÇAMENTO MECANIZADO. AF_08/2020","MOVT - MOVIMENTO DE TERRA",null,"m³",0.2535,230.72,58.48]
["Composição Auxiliar"," 5679 ","SINAPI","RETROESCAVADEIRA SOBRE RODAS COM CARREGADEIRA, TRAÇÃO 4X4, POTÊNCIA LÍQ. 88 HP, CAÇAMBA CARREG. CAP. MÍN. 1 M3, CAÇAMBA RETRO CAP. 0,26 M3, PESO OPERACIONAL MÍN. 6.674 KG, PROFUNDIDADE ESCAVAÇÃO MÁX. 4,37 M - CHI DIURNO. AF_06/2014","CHOR - CUSTOS HORÁRIOS DE MÁQUINAS E EQUIPAMENTOS",null,"CHI",0.15049999999999999,58.23,8.76]
["Insumo"," 00043423 ","SINAPI","ANEL EM CONCRETO ARMADO, LISO, PARA POCOS DE INSPECAO, SEM FUNDO, DIAMETRO INTERNO DE 0,60 M E ALTURA DE 0,20 M","Material",null,"UN",1,59.64,59.64]
["Insumo"," 00007258 ","SINAPI","TIJOLO CERAMICO MACICO COMUM DE *5 X 10 X 20* CM (L X A X C)","Material",null,"UN",11.780200000000001,0.67,7.89]
["Insumo"," 00043441 ","SINAPI","ANEL EM CONCRETO ARMADO, LISO, PARA POCOS DE INSPECAO, COM FUNDO, DIAMETRO INTERNO DE 0,60 M E ALTURA DE 0,50 M","Material",null,"UN",1,127.81,127.81]
[{"$nulls":4},"MO sem LS =>",35.770000000000003,"LS =>",40.94,"MO com LS =>",76.709999999999994]
[{"$nulls":4},"Valor do BDI =>",97.16,null,"Valor com BDI =>",null,500.5]
[]
[" 9.20 ","Código","Banco","Descrição","Tipo",null,"Und","Quant.","Valor Unit","Total"]
["Composição"," 98114 ","SINAPI","TAMPA CIRCULAR PARA ESGOTO E DRENAGEM, EM FERRO FUNDIDO, DIÂMETRO INTERNO = 0,6 M. AF_12/2020","INHI - INSTALAÇÕES HIDROS SANITÁRIAS",null,"UN",1,602.32000000000005,602.32000000000005]
["Composição Auxiliar"," 88309 ","SINAPI","PEDREIRO COM ENCARGOS COMPLEMENTARES","SEDI - SERVIÇOS DIVERSOS",null,"H",1.1484000000000001,26.59,30.53]
["Composição Auxiliar"," 94970 ","SINAPI","CONCRETO FCK = 20MPA, TRAÇO 1:2,7:3 (EM MASSA SECA DE CIMENTO/ AREIA MÉDIA/ BRITA 1) - PREPARO MECÂNICO COM BETONEIRA 600 L. AF_05/2021","FUES - FUNDAÇÕES E ESTRUTURAS",null,"m³",2.81E-2,468.39,13.16]
["Composição Auxiliar"," 88316 ","SINAPI","SERVENTE COM ENCARGOS COMPLEMENTARES","SEDI - SERVIÇOS DIVERSOS",null,"H",0.90229999999999999,21.35,19.260000000000002]
["Insumo"," 00011301 ","SINAPI","TAMPAO FOFO ARTICULADO, COM BASE / REQUADRO, CLASSE B125 CARGA MAX 12,5 T, REDONDO, TAMPA 600 MM (COM INSCRICAO EM RELEVO DO TIPO DE REDE)","Material",null,"UN",1,539.37,539.37]
[{"$nulls":4},"MO sem LS =>",18.09,"LS =>",20.7,"MO com LS =>",38.79]
[{"$nulls":4},"Valor do BDI =>",145.09,null,"Valor com BDI =>",null,747.41]
[]
[" 9.21 ","Código","Banco","Descrição","Tipo",null,"Und","Quant.","Valor Unit","Total"]
["Composição"," 89585 ","SINAPI","JOELHO 45 GRAUS, PVC, SERIE R, ÁGUA PLUVIAL, DN 100 MM, JUNTA ELÁSTICA, FORNECIDO E INSTALADO EM CONDUTORES VERTICAIS DE ÁGUAS PLUVIAIS. AF_06/2022","INHI - INSTALAÇÕES HIDROS SANITÁRIAS",null,"UN",1,45.93,45.93]
["Composição Auxiliar"," 88248 ","SINAPI","AUXILIAR DE ENCANADOR OU BOMBEIRO HIDRÁULICO COM ENCARGOS COMPLEMENTARES","SEDI - SERVIÇOS DIVERSOS",null,"H",0.27289999999999998,21.84,5.96]
["Composição Auxiliar"," 88267 ","SINAPI","ENCANADOR OU BOMBEIRO HIDRÁULICO COM ENCARGOS COMPLEMENTARES","SEDI - SERVIÇOS DIVERSOS",null,"H",0.27289999999999998,31.26,8.5299999999999994]
["Insumo"," 00000299 ","SINAPI","ANEL BORRACHA, DN 100 MM, PARA TUBO SERIE REFORCADA ESGOTO PREDIAL","Material",null,"UN",2,4.4000000000000004,8.8000000000000007]
["Insumo"," 00020078 ","SINAPI","PASTA LUBRIFICANTE PARA TUBOS E CONEXOES COM JUNTA ELASTICA, EMBALAGEM DE *400* GR (USO EM PVC, ACO, POLIETILENO E OUTROS)","Material",null,"UN",0.115,22.07,2.5299999999999998]
["Insumo"," 00020151 ","SINAPI","JOELHO, PVC SERIE R, 45 GRAUS, DN 100 MM, PARA ESGOTO PREDIAL","Material",null,"UN",1,20.11,20.11]
[{"$nulls":4},"MO sem LS =>",5.37,"LS =>",6.16,"MO com LS =>",11.53]
[{"$nulls":4},"Valor do BDI =>",11.06,null,"Valor com BDI =>",null,56.99]
[]
[" 9.22 ","Código","Banco","Descrição","Tipo",null,"Und","Quant.","Valor Unit","Total"]
["Composição"," 89584 ","SINAPI","JOELHO 90 GRAUS, PVC, SERIE R, ÁGUA PLUVIAL, DN 100 MM, JUNTA ELÁSTICA, FORNECIDO E INSTALADO EM CONDUTORES VERTICAIS DE ÁGUAS PLUVIAIS. AF_06/2022","INHI - INSTALAÇÕES HIDROS SANITÁRIAS",null,"UN",1,44.92,44.92]
["Composição Auxiliar"," 88248 ","SINAPI","AUXILIAR DE ENCANADOR OU BOMBEIRO HIDRÁULICO COM ENCARGOS COMPLEMENTARES","SEDI - SERVIÇOS DIVERSOS",null,"H",0.27289999999999998,21.84,5.96]
["Composição Auxiliar"," 88267 ","SINAPI","ENCANADOR OU BOMBEIRO HIDRÁULICO COM ENCARGOS COMPLEMENTARES","SEDI - SERVIÇOS DIVERSOS",null,"H",0.27289999999999998,31.26,8.5299999999999994]
["Insumo"," 00000299 ","SINAPI","ANEL BORRACHA, DN 100 MM, PARA TUBO SERIE REFORCADA ESGOTO PREDIAL","Material",null,"UN",2,4.4000000000000004,8.8000000000000007]
["Insumo"," 00020078 ","SINAPI","PASTA LUBRIFICANTE PARA TUBOS E CONEXOES COM JUNTA ELASTICA, EMBALAGEM DE *400* GR (USO EM PVC, ACO, POLIETILENO E OUTROS)","Material",null,"UN",0.115,22.07,2.5299999999999998]
["Insumo"," 00020157 ","SINAPI","JOELHO, PVC SERIE R, 90 GRAUS, DN 100 MM, PARA ESGOTO PREDIAL","Material",null,"UN",1,19.100000000000001,19.100000000000001]
[{"$nulls":4},"MO sem LS =>",5.37,"LS =>",6.16,"MO com LS =>",11.53]
[{"$nulls":4},"Valor do BDI =>",10.82,null,"Valor com BDI =>",null,55.74]
[]
[" 9.23 ","Código","Banco","Descrição","Tipo",null,"Und","Quant.","Valor Unit","Total"]
["Composição"," 89512 ","SINAPI","TUBO PVC, SÉRIE R, ÁGUA PLUVIAL, DN 100 MM, FORNECIDO E INSTALADO EM RAMAL DE ENCAMINHAMENTO. AF_06/2022","INHI - INSTALAÇÕES HIDROS SANITÁRIAS",null,"M",1,49.98,49.98]
["Composição Auxiliar"," 88267 ","SINAPI","ENCANADOR OU BOMBEIRO HIDRÁULICO COM ENCARGOS COMPLEMENTARES","SEDI - SERVIÇOS DIVERSOS",null,"H",0.40239999999999998,31.26,12.57]
["Composição Auxiliar"," 88248 ","SINAPI","AUXILIAR DE ENCANADOR OU BOMBEIRO HIDRÁULICO COM ENCARGOS COMPLEMENTARES","SEDI - SERVIÇOS DIVERSOS",null,"H",0.40239999999999998,21.84,8.7799999999999994]
["Insumo"," 00038383 ","SINAPI","LIXA D'AGUA EM FOLHA, COR PRETA, GRAO 100","Material",null,"UN",2.24E-2,1.94,0.04]
["Insumo"," 00009841 ","SINAPI","TUBO PVC, SERIE R, DN 100 MM, PARA ESGOTO OU AGUAS PLUVIAIS PREDIAL (NBR 5688)","Material",null,"M",1.0353000000000001,27.62,28.59]
[{"$nulls":4},"MO sem LS =>",7.93,"LS =>",9.08,"MO com LS =>",17.010000000000002]
[{"$nulls":4},"Valor do BDI =>",12.04,null,"Valor com BDI =>",null,62.02]
[]
[" 10.1 ","Código","Banco","Descrição","Tipo",null,"Und","Quant.","Valor Unit","Total"]
["Composição"," 91953 ","SINAPI","INTERRUPTOR SIMPLES (1 MÓDULO), 10A/250V, INCLUINDO SUPORTE E PLACA - FORNECIMENTO E INSTALAÇÃO. AF_03/2023","Instalações Elétricas - Eletrodutos Embutidos, Cabos, Caixas, Tomadas e Interruptores",null,"UN",1,36.75,36.75]
["Composição Auxiliar"," 91946 ","SINAPI","SUPORTE PARAFUSADO COM PLACA DE ENCAIXE 4\" X 2\" MÉDIO (1,30 M DO PISO) PARA PONTO ELÉTRICO - FORNECIMENTO E INSTALAÇÃO. AF_03/2023","INEL - INSTALAÇÃO ELÉTRICA/ELETRIFICAÇÃO E ILUMINAÇÃO EXTERNA",null,"UN",1,13.68,13.68]
["Composição Auxiliar"," 91952 ","SINAPI","INTERRUPTOR SIMPLES (1 MÓDULO), 10A/250V, SEM SUPORTE E SEM PLACA - FORNECIMENTO E INSTALAÇÃO. AF_03/2023","Instalações Elétricas - Eletrodutos Embutidos, Cabos, Caixas, Tomadas e Interruptores",null,"UN",1,23.07,23.07]
[{"$nulls":4},"MO sem LS =>",7.22,"LS =>",8.2799999999999994,"MO com LS =>",15.5]
[{"$nulls":4},"Valor do BDI =>",8.85,null,"Valor com BDI =>",null,45.6]
[]
[" 10.2 ","Código","Banco","Descrição","Tipo",null,"Und","Quant.","Valor Unit","Total"]
["Composição"," 91959 ","SINAPI","INTERRUPTOR SIMPLES (2 MÓDULOS), 10A/250V, INCLUINDO SUPORTE E PLACA - FORNECIMENTO E INSTALAÇÃO. AF_03/2023","Instalações Elétricas - Eletrodutos Embutidos, Cabos, Caixas, Tomadas e Interruptores",null,"UN",1,56.4,56.4]
["Composição Auxiliar"," 91946 ","SINAPI","SUPORTE PARAFUSADO COM PLACA DE ENCAIXE 4\" X 2\" MÉDIO (1,30 M DO PISO) PARA PONTO ELÉTRICO - FORNECIMENTO E INSTALAÇÃO. AF_03/2023","INEL - INSTALAÇÃO ELÉTRICA/ELETRIFICAÇÃO E ILUMINAÇÃO EXTERNA",null,"UN",1,13.68,13.68]
["Composição Auxiliar"," 91958 ","SINAPI","INTERRUPTOR SIMPLES (2 MÓDULOS), 10A/250V, SEM SUPORTE E SEM PLACA - FORNECIMENTO E INSTALAÇÃO. AF_03/2023","Instalações Elétricas - Eletrodutos Embutidos, Cabos, Caixas, Tomadas e Interruptores",null,"UN",1,42.72,42.72]
[{"$nulls":4},"MO sem LS =>",10.63,"LS =>",12.18,"MO com LS =>",22.81]
[{"$nulls":4},"Valor do BDI =>",13.58,null,"Valor com BDI =>",null,69.98]
[]
[" 10.3 ","Código","Banco","Descrição","Tipo",null,"Und","Quant.","Valor Unit","Total"]
["Composição"," 91996 ","SINAPI","TOMADA MÉDIA DE EMBUTIR (1 MÓDULO), 2P+T 10 A, INCLUINDO SUPORTE E PLACA - FORNECIMENTO E INSTALAÇÃO. AF_03/2023","INEL - INSTALAÇÃO ELÉTRICA/ELETRIFICAÇÃO E ILUMINAÇÃO EXTERNA",null,"UN",1,42.87,42.87]
["Composição Auxiliar"," 91994 ","SINAPI","TOMADA MÉDIA DE EMBUTIR (1 MÓDULO), 2P+T 10 A, SEM SUPORTE E SEM PLACA - FORNECIMENTO E INSTALAÇÃO. AF_03/2023","INEL - INSTALAÇÃO ELÉTRICA/ELETRIFICAÇÃO E ILUMINAÇÃO EXTERNA",null,"UN",1,29.19,29.19]
["Composição Auxiliar"," 91946 ","SINAPI","SUPORTE PARAFUSADO COM PLACA DE ENCAIXE 4\" X 2\" MÉDIO (1,30 M DO PISO) PARA PONTO ELÉTRICO - FORNECIMENTO E INSTALAÇÃO. AF_03/2023","INEL - INSTALAÇÃO ELÉTRICA/ELETRIFICAÇÃO E ILUMINAÇÃO EXTERNA",null,"UN",1,13.68,13.68]
[{"$nulls":4},"MO sem LS =>",8.93,"LS =>",10.220000000000001,"MO com LS =>",19.149999999999999]
[{"$nulls":4},"Valor do BDI =>",10.32,null,"Valor com BDI =>",null,53.19]
[]
[" 10.4 ","Código","Banco","Descrição","Tipo",null,"Und","Quant.","Valor Unit","Total"]
["Composição"," 91940 ","SINAPI","CAIXA RETANGULAR 4\" X 2\" MÉDIA (1,30 M DO PISO), PVC, INSTALADA EM PAREDE - FORNECIMENTO E INSTALAÇÃO. AF_03/2023","INEL - INSTALAÇÃO ELÉTRICA/ELETRIFICAÇÃO E ILUMINAÇÃO EXTERNA",null,"UN",1,18.53,18.53]
["Composição Auxiliar"," 88247 ","SINAPI","AUXILIAR DE ELETRICISTA COM ENCARGOS COMPLEMENTARES","SEDI - SERVIÇOS DIVERSOS",null,"H",0.29099999999999998,22.83,6.64]
["Composição Auxiliar"," 88629 ","SINAPI","ARGAMASSA TRAÇO 1:3 (EM VOLUME DE CIMENTO E AREIA MÉDIA ÚMIDA), PREPARO MANUAL. AF_08/2019","SEDI - SERVIÇOS DIVERSOS",null,"m³",8.9999999999999998E-4,685.98,0.61]
["Composição Auxiliar"," 88264 ","SINAPI","ELETRICISTA COM ENCARGOS COMPLEMENTARES","SEDI - SERVIÇOS DIVERSOS",null,"H",0.29099999999999998,32.43,9.43]
["Insumo"," 00001872 ","SINAPI","CAIXA DE PASSAGEM, EM PVC, DE 4\" X 2\", PARA ELETRODUTO FLEXIVEL CORRUGADO","Material",null,"UN",1,1.85,1.85]
[{"$nulls":4},"MO sem LS =>",5.89,"LS =>",6.75,"MO com LS =>",12.64]
[{"$nulls":4},"Valor do BDI =>",4.46,null,"Valor com BDI =>",null,22.99]
[]
[" 10.5 ","Código","Banco","Descrição","Tipo",null,"Und","Quant.","Valor Unit","Total"]
["Composição"," 91936 ","SINAPI","CAIXA OCTOGONAL 4\" X 4\", PVC, INSTALADA EM LAJE - FORNECIMENTO E INSTALAÇÃO. AF_03/2023","INEL - INSTALAÇÃO ELÉTRICA/ELETRIFICAÇÃO E ILUMINAÇÃO EXTERNA",null,"UN",1,17.04,17.04]
["Composição Auxiliar"," 88247 ","SINAPI","AUXILIAR DE ELETRICISTA COM ENCARGOS COMPLEMENTARES","SEDI - SERVIÇOS DIVERSOS",null,"H",0.222,22.83,5.0599999999999996]
["Composição Auxiliar"," 88264 ","SINAPI","ELETRICISTA COM ENCARGOS COMPLEMENTARES","SEDI - SERVIÇOS DIVERSOS",null,"H",0.222,32.43,7.19]
["Insumo"," 00012001 ","SINAPI","CAIXA OCTOGONAL DE FUNDO MOVEL, EM PVC, DE 4\" X 4\", PARA ELETRODUTO FLEXIVEL CORRUGADO","Material",null,"UN",1,4.79,4.79]
[{"$nulls":4},"MO sem LS =>",4.45,"LS =>",5.0999999999999996,"MO com LS =>",9.5500000000000007]
[{"$nulls":4},"Valor do BDI =>",4.0999999999999996,null,"Valor com BDI =>",null,21.14]
[]
[" 10.6 ","Código","Banco","Descrição","Tipo",null,"Und","Quant.","Valor Unit","Total"]
["Composição"," 90456 ","SINAPI","QUEBRA EM ALVENARIA PARA INSTALAÇÃO DE CAIXA DE TOMADA (4X4 OU 4X2). AF_09/2023","INHI - INSTALAÇÕES HIDROS SANITÁRIAS",null,"UN",1,6.03,6.03]
["Composição Auxiliar"," 88264 ","SINAPI","ELETRICISTA COM ENCARGOS COMPLEMENTARES","SEDI - SERVIÇOS DIVERSOS",null,"H",0.15559999999999999,32.43,5.04]
["Composição Auxiliar"," 88247 ","SINAPI","AUXILIAR DE ELETRICISTA COM ENCARGOS COMPLEMENTARES","SEDI - SERVIÇOS DIVERSOS",null,"H",4.3799999999999999E-2,22.83,0.99]
[{"$nulls":4},"MO sem LS =>",2.2400000000000002,"LS =>",2.58,"MO com LS =>",4.82]
[{"$nulls":4},"Valor do BDI =>",1.45,null,"Valor com BDI =>",null,7.48]
[]
[" 10.7 ","Código","Banco","Descrição","Tipo",null,"Und","Quant.","Valor Unit","Total"]
["Composição"," 91852 ","SINAPI","ELETRODUTO FLEXÍVEL CORRUGADO, PVC, DN 20 MM (1/2\"), PARA CIRCUITOS TERMINAIS, INSTALADO EM PAREDE - FORNECIMENTO E INSTALAÇÃO. AF_03/2023","INEL - INSTALAÇÃO ELÉTRICA/ELETRIFICAÇÃO E ILUMINAÇÃO EXTERNA",null,"M",1,9.92,9.92]
["Composição Auxiliar"," 88264 ","SINAPI","ELETRICISTA COM ENCARGOS COMPLEMENTARES","SEDI - SERVIÇOS DIVERSOS",null,"H",0.124,32.43,4.0199999999999996]
["Composição Auxiliar"," 88247 ","SINAPI","AUXILIAR DE ELETRICISTA COM ENCARGOS COMPLEMENTARES","SEDI - SERVIÇOS DIVERSOS",null,"H",0.124,22.83,2.83]
["Insumo"," 00002689 ","SINAPI","ELETRODUTO PVC FLEXIVEL CORRUGADO, COR AMARELA, DE 20 MM","Material",null,"M",1.0169999999999999,3.02,3.07]
[{"$nulls":4},"MO sem LS =>",2.48,"LS =>",2.85,"MO com LS =>",5.33]
[{"$nulls":4},"Valor do BDI =>",2.38,null,"Valor com BDI =>",null,12.3]
[]
[" 10.8 ","Código","Banco","Descrição","Tipo",null,"Und","Quant.","Valor Unit","Total"]
["Composição"," 91854 ","SINAPI","ELETRODUTO FLEXÍVEL CORRUGADO, PVC, DN 25 MM (3/4\"), PARA CIRCUITOS TERMINAIS, INSTALADO EM PAREDE - FORNECIMENTO E INSTALAÇÃO. AF_03/2023","INEL - INSTALAÇÃO ELÉTRICA/ELETRIFICAÇÃO E ILUMINAÇÃO EXTERNA",null,"M",1,10.71,10.71]
["Composição Auxiliar"," 88247 ","SINAPI","AUXILIAR DE ELETRICISTA COM ENCARGOS COMPLEMENTARES","SEDI - SERVIÇOS DIVERSOS",null,"H",0.13400000000000001,22.83,3.05]
["Composição Auxiliar"," 88264 ","SINAPI","ELETRICISTA COM ENCARGOS COMPLEMENTARES","SEDI - SERVIÇOS DIVERSOS",null,"H",0.13400000000000001,32.43,4.34]
["Insumo"," 00002688 ","SINAPI","ELETRODUTO PVC FLEXIVEL CORRUGADO, COR AMARELA, DE 25 MM","Material",null,"M",1.0169999999999999,3.27,3.32]
[{"$nulls":4},"MO sem LS =>",2.68,"LS =>",3.08,"MO com LS =>",5.76]
[{"$nulls":4},"Valor do BDI =>",2.58,null,"Valor com BDI =>",null,13.29]
[]
[" 10.9 ","Código","Banco","Descrição","Tipo",null,"Und","Quant.","Valor Unit","Total"]
["Composição"," 91856 ","SINAPI","ELETRODUTO FLEXÍVEL CORRUGADO, PVC, DN 32 MM (1\"), PARA CIRCUITOS TERMINAIS, INSTALADO EM PAREDE - FORNECIMENTO E INSTALAÇÃO. AF_03/2023","INEL - INSTALAÇÃO ELÉTRICA/ELETRIFICAÇÃO E ILUMINAÇÃO EXTERNA",null,"M",1,13.92,13.92]
["Composição Auxiliar"," 88247 ","SINAPI","AUXILIAR DE ELETRICISTA COM ENCARGOS COMPLEMENTARES","SEDI - SERVIÇOS DIVERSOS",null,"H",0.14899999999999999,22.83,3.4]
["Composição Auxiliar"," 88264 ","SINAPI","ELETRICISTA COM ENCARGOS COMPLEMENTARES","SEDI - SERVIÇOS DIVERSOS",null,"H",0.14899999999999999,32.43,4.83]
["Insumo"," 00002690 ","SINAPI","ELETRODUTO PVC FLEXIVEL CORRUGADO, COR AMARELA, DE 32 MM","Material",null,"M",1.0169999999999999,5.6,5.69]
[{"$nulls":4},"MO sem LS =>",2.98,"LS =>",3.43,"MO com LS =>",6.41]
[{"$nulls":4},"Valor do BDI =>",3.35,null,"Valor com BDI =>",null,17.27]
[]
[" 10.10 ","Código","Banco","Descrição","Tipo",null,"Und","Quant.","Valor Unit","Total"]
["Composição"," 90447 ","SINAPI","RASGO LINEAR MANUAL EM ALVENARIA, PARA ELETRODUTOS, DIÂMETROS MENORES OU IGUAIS A 40 MM. AF_09/2023","INHI - INSTALAÇÕES HIDROS SANITÁRIAS",null,"M",1,9.11,9.11]
["Composição Auxiliar"," 88247 ","SINAPI","AUXILIAR DE ELETRICISTA COM ENCARGOS COMPLEMENTARES","SEDI - SERVIÇOS DIVERSOS",null,"H",6.6000000000000003E-2,22.83,1.5]
["Composição Auxiliar"," 88264 ","SINAPI","ELETRICISTA COM ENCARGOS COMPLEMENTARES","SEDI - SERVIÇOS DIVERSOS",null,"H",0.23480000000000001,32.43,7.61]
[{"$nulls":4},"MO sem LS =>",3.39,"LS =>",3.89,"MO com LS =>",7.28]
[{"$nulls":4},"Valor do BDI =>",2.19,null,"Valor com BDI =>",null,11.3]
[]
[" 10.11 ","Código","Banco","Descrição","Tipo",null,"Und","Quant.","Valor Unit","Total"]
["Composição"," 91862 ","SINAPI","ELETRODUTO RÍGIDO ROSCÁVEL, PVC, DN 20 MM (1/2\"), PARA CIRCUITOS TERMINAIS, INSTALADO EM FORRO - FORNECIMENTO E INSTALAÇÃO. AF_03/2023","INEL - INSTALAÇÃO ELÉTRICA/ELETRIFICAÇÃO E ILUMINAÇÃO EXTERNA",null,"M",1,10.87,10.87]
["Composição Auxiliar"," 88264 ","SINAPI","ELETRICISTA COM ENCARGOS COMPLEMENTARES","SEDI - SERVIÇOS DIVERSOS",null,"H",0.105,32.43,3.4]
["Composição Auxiliar"," 88247 ","SINAPI","AUXILIAR DE ELETRICISTA COM ENCARGOS COMPLEMENTARES","SEDI - SERVIÇOS DIVERSOS",null,"H",0.105,22.83,2.39]
["Insumo"," 00002673 ","SINAPI","ELETRODUTO DE PVC RIGIDO ROSCAVEL DE 1/2\", SEM LUVA","Material",null,"M",1.0169999999999999,5,5.08]
[{"$nulls":4},"MO sem LS =>",2.1,"LS =>",2.41,"MO com LS =>",4.51]
[{"$nulls":4},"Valor do BDI =>",2.61,null,"Valor com BDI =>",null,13.48]
[]
[" 10.12 ","Código","Banco","Descrição","Tipo",null,"Und","Quant.","Valor Unit","Total"]
["Composição"," 91870 ","SINAPI","ELETRODUTO RÍGIDO ROSCÁVEL, PVC, DN 20 MM (1/2\"), PARA CIRCUITOS TERMINAIS, INSTALADO EM PAREDE - FORNECIMENTO E INSTALAÇÃO. AF_03/2023","INEL - INSTALAÇÃO ELÉTRICA/ELETRIFICAÇÃO E ILUMINAÇÃO EXTERNA",null,"M",1,14.08,14.08]
["Composição Auxiliar"," 88264 ","SINAPI","ELETRICISTA COM ENCARGOS COMPLEMENTARES","SEDI - SERVIÇOS DIVERSOS",null,"H",0.16300000000000001,32.43,5.28]
["Composição Auxiliar"," 88247 ","SINAPI","AUXILIAR DE ELETRICISTA COM ENCARGOS COMPLEMENTARES","SEDI - SERVIÇOS DIVERSOS",null,"H",0.16300000000000001,22.83,3.72]
["Insumo"," 00002673 ","SINAPI","ELETRODUTO DE PVC RIGIDO ROSCAVEL DE 1/2\", SEM LUVA","Material",null,"M",1.0169999999999999,5,5.08]
[{"$nulls":4},"MO sem LS =>",3.26,"LS =>",3.75,"MO com LS =>",7.01]
[{"$nulls":4},"Valor do BDI =>",3.39,null,"Valor com BDI =>",null,17.47]
[]
[" 10.13 ","Código","Banco","Descrição","Tipo",null,"Und","Quant.","Valor Unit","Total"]
["Composição"," 91864 ","SINAPI","ELETRODUTO RÍGIDO ROSCÁVEL, PVC, DN 32 MM (1\"), PARA CIRCUITOS TERMINAIS, INSTALADO EM FORRO - FORNECIMENTO E INSTALAÇÃO. AF_03/2023","INEL - INSTALAÇÃO ELÉTRICA/ELETRIFICAÇÃO E ILUMINAÇÃO EXTERNA",null,"M",1,17.559999999999999,17.559999999999999]
["Composição Auxiliar"," 88264 ","SINAPI","ELETRICISTA COM ENCARGOS COMPLEMENTARES","SEDI - SERVIÇOS DIVERSOS",null,"H",0.13900000000000001,32.43,4.5]
["Composição Auxiliar"," 88247 ","SINAPI","AUXILIAR DE ELETRICISTA COM ENCARGOS COMPLEMENTARES","SEDI - SERVIÇOS DIVERSOS",null,"H",0.13900000000000001,22.83,3.17]
["Insumo"," 00002685 ","SINAPI","ELETRODUTO DE PVC RIGIDO ROSCAVEL DE 1\", SEM LUVA","Material",null,"M",1.0169999999999999,9.73,9.89]
[{"$nulls":4},"MO sem LS =>",2.78,"LS =>",3.2,"MO com LS =>",5.98]
[{"$nulls":4},"Valor do BDI =>",4.2300000000000004,null,"Valor com BDI =>",null,21.79]
[]
[" 10.14 ","Código","Banco","Descrição","Tipo",null,"Und","Quant.","Valor Unit","Total"]
["Composição"," 91887 ","SINAPI","CURVA 90 GRAUS PARA ELETRODUTO, PVC, ROSCÁVEL, DN 20 MM (1/2\"), PARA CIRCUITOS TERMINAIS, INSTALADA EM FORRO - FORNECIMENTO E INSTALAÇÃO. AF_03/2023","INEL - INSTALAÇÃO ELÉTRICA/ELETRIFICAÇÃO E ILUMINAÇÃO EXTERNA",null,"UN",1,12.17,12.17]
["Composição Auxiliar"," 88247 ","SINAPI","AUXILIAR DE ELETRICISTA COM ENCARGOS COMPLEMENTARES","SEDI - SERVIÇOS DIVERSOS",null,"H",0.182,22.83,4.1500000000000004]
["Composição Auxiliar"," 88264 ","SINAPI","ELETRICISTA COM ENCARGOS COMPLEMENTARES","SEDI - SERVIÇOS DIVERSOS",null,"H",0.182,32.43,5.9]
["Insumo"," 00001870 ","SINAPI","CURVA 90 GRAUS, LONGA, DE PVC RIGIDO ROSCAVEL, DE 1/2\", PARA ELETRODUTO","Material",null,"UN",1,2.12,2.12]
[{"$nulls":4},"MO sem LS =>",3.65,"LS =>",4.18,"MO com LS =>",7.83]
[{"$nulls":4},"Valor do BDI =>",2.93,null,"Valor com BDI =>",null,15.1]
[]
[" 10.15 ","Código","Banco","Descrição","Tipo",null,"Und","Quant.","Valor Unit","Total"]
["Composição"," 91890 ","SINAPI","CURVA 90 GRAUS PARA ELETRODUTO, PVC, ROSCÁVEL, DN 25 MM (3/4\"), PARA CIRCUITOS TERMINAIS, INSTALADA EM FORRO - FORNECIMENTO E INSTALAÇÃO. AF_03/2023","INEL - INSTALAÇÃO ELÉTRICA/ELETRIFICAÇÃO E ILUMINAÇÃO EXTERNA",null,"UN",1,13.53,13.53]
["Composição Auxiliar"," 88264 ","SINAPI","ELETRICISTA COM ENCARGOS COMPLEMENTARES","SEDI - SERVIÇOS DIVERSOS",null,"H",0.20599999999999999,32.43,6.68]
["Composição Auxiliar"," 88247 ","SINAPI","AUXILIAR DE ELETRICISTA COM ENCARGOS COMPLEMENTARES","SEDI - SERVIÇOS DIVERSOS",null,"H",0.20599999999999999,22.83,4.7]
["Insumo"," 00001879 ","SINAPI","CURVA 90 GRAUS, LONGA, DE PVC RIGIDO ROSCAVEL, DE 3/4\", PARA ELETRODUTO","Material",null,"UN",1,2.15,2.15]
[{"$nulls":4},"MO sem LS =>",4.13,"LS =>",4.7300000000000004,"MO com LS =>",8.86]
[{"$nulls":4},"Valor do BDI =>",3.25,null,"Valor com BDI =>",null,16.78]
[]
[" 10.16 ","Código","Banco","Descrição","Tipo",null,"Und","Quant.","Valor Unit","Total"]
["Composição"," 91893 ","SINAPI","CURVA 90 GRAUS PARA ELETRODUTO, PVC, ROSCÁVEL, DN 32 MM (1\"), PARA CIRCUITOS TERMINAIS, INSTALADA EM FORRO - FORNECIMENTO E INSTALAÇÃO. AF_03/2023","INEL - INSTALAÇÃO ELÉTRICA/ELETRIFICAÇÃO E ILUMINAÇÃO EXTERNA",null,"UN",1,16.5,16.5]
["Composição Auxiliar"," 88264 ","SINAPI","ELETRICISTA COM ENCARGOS COMPLEMENTARES","SEDI - SERVIÇOS DIVERSOS",null,"H",0.24,32.43,7.78]
["Composição Auxiliar"," 88247 ","SINAPI","AUXILIAR DE ELETRICISTA COM ENCARGOS COMPLEMENTARES","SEDI - SERVIÇOS DIVERSOS",null,"H",0.24,22.83,5.47]
["Insumo"," 00001884 ","SINAPI","CURVA 90 GRAUS, LONGA, DE PVC RIGIDO ROSCAVEL, DE 1\", PARA ELETRODUTO","Material",null,"UN",1,3.25,3.25]
[{"$nulls":4},"MO sem LS =>",4.8099999999999996,"LS =>",5.52,"MO com LS =>",10.33]
[{"$nulls":4},"Valor do BDI =>",3.97,null,"Valor com BDI =>",null,20.47]
[]
[" 10.17 ","Código","Banco","Descrição","Tipo",null,"Und","Quant.","Valor Unit","Total"]
["Composição"," 97236 ","SINAPI","ELETROCALHA LISA OU PERFURADA EM AÇO GALVANIZADO, LARGURA 50MM E ALTURA 50MM, INCLUSIVE EMENDA E FIXAÇÃO - FORNECIMENTO E INSTALAÇÃO. AF_04/2023","Eletrocalhas",null,"M",1,85.87,85.87]
["Composição Auxiliar"," 97249 ","SINAPI","EMENDA PARA ELETROCALHA, LISA OU PERFURADA EM AÇO GALVANIZADO, LARGURA 50MM E ALTURA 50MM - FORNECIMENTO E INSTALAÇÃO. AF_04/2023","Eletrocalhas",null,"UN",0.33300000000000002,70.17,23.36]
["Composição Auxiliar"," 88264 ","SINAPI","ELETRICISTA COM ENCARGOS COMPLEMENTARES","SEDI - SERVIÇOS DIVERSOS",null,"H",6.2600000000000003E-2,32.43,2.0299999999999998]
["Composição Auxiliar"," 88247 ","SINAPI","AUXILIAR DE ELETRICISTA COM ENCARGOS COMPLEMENTARES","SEDI - SERVIÇOS DIVERSOS",null,"H",6.2600000000000003E-2,22.83,1.42]
["Composição Auxiliar"," 96562 ","SINAPI","SUPORTE PARA ELETROCALHA LISA OU PERFURADA EM AÇO GALVANIZADO, LARGURA 400 MM, EM PERFILADO COM COMPRIMENTO DE 45 CM FIXADO EM LAJE, POR METRO DE ELETROCALHA FIXADA. AF_09/2023","INHI - INSTALAÇÕES HIDROS SANITÁRIAS",null,"M",1,59.06,59.06]
["Insumo"," 00041549 ","SINAPI","ELETROCALHA LISA OU PERFURADA, TIPO U, EM CHAPA DE ACO GALVANIZADO A FOGO, ESPESSURA #22, DE 50 X 50 MM (L X A), SEM VIROLA, SEM TAMPA","Material",null,"M",0.99099999999999999,0,0]
[{"$nulls":4},"MO sem LS =>",13.08,"LS =>",14.97,"MO com LS =>",28.05]
[{"$nulls":4},"Valor do BDI =>",20.68,null,"Valor com BDI =>",null,106.55]
[]
[" 10.18 ","Código","Banco","Descrição","Tipo",null,"Und","Quant.","Valor Unit","Total"]
["Composição"," 97237 ","SINAPI","ELETROCALHA LISA OU PERFURADA EM AÇO GALVANIZADO, LARGURA 75MM E ALTURA 50MM, INCLUSIVE EMENDA E FIXAÇÃO - FORNECIMENTO E INSTALAÇÃO. AF_04/2023","Eletrocalhas",null,"M",1,87.12,87.12]
["Composição Auxiliar"," 96562 ","SINAPI","SUPORTE PARA ELETROCALHA LISA OU PERFURADA EM AÇO GALVANIZADO, LARGURA 400 MM, EM PERFILADO COM COMPRIMENTO DE 45 CM FIXADO EM LAJE, POR METRO DE ELETROCALHA FIXADA. AF_09/2023","INHI - INSTALAÇÕES HIDROS SANITÁRIAS",null,"M",1,59.06,59.06]
["Composição Auxiliar"," 88264 ","SINAPI","ELETRICISTA COM ENCARGOS COMPLEMENTARES","SEDI - SERVIÇOS DIVERSOS",null,"H",7.3899999999999993E-2,32.43,2.39]
["Composição Auxiliar"," 97250 ","SINAPI","EMENDA PARA ELETROCALHA, LISA OU PERFURADA EM AÇO GALVANIZADO, LARGURA 75MM E ALTURA 50MM - FORNECIMENTO E INSTALAÇÃO. AF_04/2023","Eletrocalhas",null,"UN",0.33300000000000002,72.05,23.99]
["Composição Auxiliar"," 88247 ","SINAPI","AUXILIAR DE ELETRICISTA COM ENCARGOS COMPLEMENTARES","SEDI - SERVIÇOS DIVERSOS",null,"H",7.3899999999999993E-2,22.83,1.68]
["Insumo"," 00043963 ","SINAPI","ELETROCALHA LISA OU PERFURADA TIPO U, EM CHAPA DE ACO GALVANIZADO A FOGO, ESPESSURA # 22, DE 75 X 50 MM (L X A), SEM VIROLA, SEM TAMPA","Material",null,"M",0.98199999999999998,0,0]
[{"$nulls":4},"MO sem LS =>",13.53,"LS =>",15.5,"MO com LS =>",29.03]
[{"$nulls":4},"Valor do BDI =>",20.98,null,"Valor com BDI =>",null,108.1]
[]
[" 10.19 ","Código","Banco","Descrição","Tipo",null,"Und","Quant.","Valor Unit","Total"]
["Composição"," 97274 ","SINAPI","CURVA HORIZONTAL 90º PARA ELETROCALHA, LISA OU PERFURADA EM AÇO GALVANIZADO, LARGURA DE 50MM E ALTURA DE 50MM - FORNECIMENTO E INSTALAÇÃO. AF_04/2023","Eletrocalhas",null,"UN",1,75.36,75.36]
["Composição Auxiliar"," 88264 ","SINAPI","ELETRICISTA COM ENCARGOS COMPLEMENTARES","SEDI - SERVIÇOS DIVERSOS",null,"H",0.28179999999999999,32.43,9.1300000000000008]
["Composição Auxiliar"," 88247 ","SINAPI","AUXILIAR DE ELETRICISTA COM ENCARGOS COMPLEMENTARES","SEDI - SERVIÇOS DIVERSOS",null,"H",0.28179999999999999,22.83,6.43]
["Insumo"," 00039997 ","SINAPI","PORCA ZINCADA, SEXTAVADA, DIAMETRO 1/4\"","Material",null,"UN",16.8,0.3,5.04]
["Insumo"," 00043965 ","SINAPI","PARAFUSO, EM ACO ZINCADO, CABECA LENTILHA AUTOTRAVANTE DIAMETRO 5/16\" X 1\"","Material",null,"UN",16.8,0,0]
["Insumo"," 00044027 ","SINAPI","TALA PARA EMENDA DE ELETROCALHA, SIMPLES / RETA, LISA OU PERFURADA, EM CHAPA DE ACO GALVANIZADO #22, ALTURA 50 MM","Material",null,"UN",4,0,0]
["Insumo"," 00013348 ","SINAPI","ARRUELA EM ACO GALVANIZADO, DIAMETRO EXTERNO = 35MM, ESPESSURA = 3MM, DIAMETRO DO FURO= 18MM","Material",null,"UN",33.6,1.63,54.76]
["Insumo"," 00043952 ","SINAPI","CURVA HORIZONTAL 90 GRAUS PERFURADA, PARA ELETROCALHA, EM CHAPA DE ACO GALVANIZADO ESPESSURA #22, 50 X 50 MM (L X A), SEM VIROLA, SEM TAMPA","Material",null,"UN",1,0,0]
[{"$nulls":4},"MO sem LS =>",5.65,"LS =>",6.48,"MO com LS =>",12.13]
[{"$nulls":4},"Valor do BDI =>",18.149999999999999,null,"Valor com BDI =>",null,93.51]
[]
[" 10.20 ","Código","Banco","Descrição","Tipo",null,"Und","Quant.","Valor Unit","Total"]
["Composição"," 97277 ","SINAPI","CURVA HORIZONTAL 90º, PARA ELETROCALHA, LISA OU PERFURADA EM AÇO GALVANIZADO, LARGURA DE 75MM E ALTURA DE 50MM - FORNECIMENTO E INSTALAÇÃO. AF_04/2023","Eletrocalhas",null,"UN",1,78.17,78.17]
["Composição Auxiliar"," 88264 ","SINAPI","ELETRICISTA COM ENCARGOS COMPLEMENTARES","SEDI - SERVIÇOS DIVERSOS",null,"H",0.3327,32.43,10.78]
["Composição Auxiliar"," 88247 ","SINAPI","AUXILIAR DE ELETRICISTA COM ENCARGOS COMPLEMENTARES","SEDI - SERVIÇOS DIVERSOS",null,"H",0.3327,22.83,7.59]
["Insumo"," 00039997 ","SINAPI","PORCA ZINCADA, SEXTAVADA, DIAMETRO 1/4\"","Material",null,"UN",16.8,0.3,5.04]
["Insumo"," 00043956 ","SINAPI","CURVA HORIZONTAL 90 GRAUS PERFURADA, PARA ELETROCALHA, EM CHAPA DE ACO GALVANIZADO ESPESSURA #22, 75 X 50 MM (L X A), SEM VIROLA, SEM TAMPA","Material",null,"UN",1,0,0]
["Insumo"," 00043965 ","SINAPI","PARAFUSO, EM ACO ZINCADO, CABECA LENTILHA AUTOTRAVANTE DIAMETRO 5/16\" X 1\"","Material",null,"UN",16.8,0,0]
["Insumo"," 00044027 ","SINAPI","TALA PARA EMENDA DE ELETROCALHA, SIMPLES / RETA, LISA OU PERFURADA, EM CHAPA DE ACO GALVANIZADO #22, ALTURA 50 MM","Material",null,"UN",4,0,0]
["Insumo"," 00013348 ","SINAPI","ARRUELA EM ACO GALVANIZADO, DIAMETRO EXTERNO = 35MM, ESPESSURA = 3MM, DIAMETRO DO FURO= 18MM","Material",null,"UN",33.6,1.63,54.76]
[{"$nulls":4},"MO sem LS =>",6.67,"LS =>",7.65,"MO com LS =>",14.32]
[{"$nulls":4},"Valor do BDI =>",18.829999999999998,null,"Valor com BDI =>",null,97]
[]
[" 10.21 ","Código","Banco","Descrição","Tipo",null,"Und","Quant.","Valor Unit","Total"]
["Composição"," 97249 ","SINAPI","EMENDA PARA ELETROCALHA, LISA OU PERFURADA EM AÇO GALVANIZADO, LARGURA 50MM E ALTURA 50MM - FORNECIMENTO E INSTALAÇÃO. AF_04/2023","Eletrocalhas",null,"UN",1,70.17,70.17]
["Composição Auxiliar"," 88264 ","SINAPI","ELETRICISTA COM ENCARGOS COMPLEMENTARES","SEDI - SERVIÇOS DIVERSOS",null,"H",0.18790000000000001,32.43,6.09]
["Composição Auxiliar"," 88247 ","SINAPI","AUXILIAR DE ELETRICISTA COM ENCARGOS COMPLEMENTARES","SEDI - SERVIÇOS DIVERSOS",null,"H",0.18790000000000001,22.83,4.28]
["Insumo"," 00044027 ","SINAPI","TALA PARA EMENDA DE ELETROCALHA, SIMPLES / RETA, LISA OU PERFURADA, EM CHAPA DE ACO GALVANIZADO #22, ALTURA 50 MM","Material",null,"UN",4,0,0]
["Insumo"," 00043965 ","SINAPI","PARAFUSO, EM ACO ZINCADO, CABECA LENTILHA AUTOTRAVANTE DIAMETRO 5/16\" X 1\"","Material",null,"UN",16.8,0,0]
["Insumo"," 00039997 ","SINAPI","PORCA ZINCADA, SEXTAVADA, DIAMETRO 1/4\"","Material",null,"UN",16.8,0.3,5.04]
["Insumo"," 00013348 ","SINAPI","ARRUELA EM ACO GALVANIZADO, DIAMETRO EXTERNO = 35MM, ESPESSURA = 3MM, DIAMETRO DO FURO= 18MM","Material",null,"UN",33.6,1.63,54.76]
["Insumo"," 00044344 ","SINAPI","EMENDA INTERNA, TIPO U, BASE LISA, PARA ELETROCALHA, EM CHAPA DE ACO GALVANIZADO ESPESSURA #22, 50 X 50 MM (L X A)","Material",null,"UN",1,0,0]
[{"$nulls":4},"MO sem LS =>",3.76,"LS =>",4.32,"MO com LS =>",8.08]
[{"$nulls":4},"Valor do BDI =>",16.899999999999999,null,"Valor com BDI =>",null,87.07]
[]
[" 10.22 ","Código","Banco","Descrição","Tipo",null,"Und","Quant.","Valor Unit","Total"]
["Composição"," 97250 ","SINAPI","EMENDA PARA ELETROCALHA, LISA OU PERFURADA EM AÇO GALVANIZADO, LARGURA 75MM E ALTURA 50MM - FORNECIMENTO E INSTALAÇÃO. AF_04/2023","Eletrocalhas",null,"UN",1,72.05,72.05]
["Composição Auxiliar"," 88264 ","SINAPI","ELETRICISTA COM ENCARGOS COMPLEMENTARES","SEDI - SERVIÇOS DIVERSOS",null,"H",0.2218,32.43,7.19]
["Composição Auxiliar"," 88247 ","SINAPI","AUXILIAR DE ELETRICISTA COM ENCARGOS COMPLEMENTARES","SEDI - SERVIÇOS DIVERSOS",null,"H",0.2218,22.83,5.0599999999999996]
["Insumo"," 00039997 ","SINAPI","PORCA ZINCADA, SEXTAVADA, DIAMETRO 1/4\"","Material",null,"UN",16.8,0.3,5.04]
["Insumo"," 00044027 ","SINAPI","TALA PARA EMENDA DE ELETROCALHA, SIMPLES / RETA, LISA OU PERFURADA, EM CHAPA DE ACO GALVANIZADO #22, ALTURA 50 MM","Material",null,"UN",4,0,0]
["Insumo"," 00044335 ","SINAPI","EMENDA INTERNA, TIPO U, BASE LISA, PARA ELETROCALHA, EM CHAPA DE ACO GALVANIZADO ESPESSURA #22, 75 X 50 MM (L X A)","Material",null,"UN",1,0,0]
["Insumo"," 00043965 ","SINAPI","PARAFUSO, EM ACO ZINCADO, CABECA LENTILHA AUTOTRAVANTE DIAMETRO 5/16\" X 1\"","Material",null,"UN",16.8,0,0]
["Insumo"," 00013348 ","SINAPI","ARRUELA EM ACO GALVANIZADO, DIAMETRO EXTERNO = 35MM, ESPESSURA = 3MM, DIAMETRO DO FURO= 18MM","Material",null,"UN",33.6,1.63,54.76]
[{"$nulls":4},"MO sem LS =>",4.45,"LS =>",5.0999999999999996,"MO com LS =>",9.5500000000000007]
[{"$nulls":4},"Valor do BDI =>",17.350000000000001,null,"Valor com BDI =>",null,89.4]
[]
[" 10.23 ","Código","Banco","Descrição","Tipo",null,"Und","Quant.","Valor Unit","Total"]
["Composição"," 97253 ","SINAPI","REDUÇÃO PARA ELETROCALHA, LISA OU PERFURADA EM AÇO GALVANIZADO, 75X50MM E ALTURA 50MM - FORNECIMENTO E INSTALAÇÃO. AF_04/2023","Eletrocalhas",null,"UN",1,71.11,71.11]
["Composição Auxiliar"," 88247 ","SINAPI","AUXILIAR DE ELETRICISTA COM ENCARGOS COMPLEMENTARES","SEDI - SERVIÇOS DIVERSOS",null,"H",0.20480000000000001,22.83,4.67]
["Composição Auxiliar"," 88264 ","SINAPI","ELETRICISTA COM ENCARGOS COMPLEMENTARES","SEDI - SERVIÇOS DIVERSOS",null,"H",0.20480000000000001,32.43,6.64]
["Insumo"," 00013348 ","SINAPI","ARRUELA EM ACO GALVANIZADO, DIAMETRO EXTERNO = 35MM, ESPESSURA = 3MM, DIAMETRO DO FURO= 18MM","Material",null,"UN",33.6,1.63,54.76]
["Insumo"," 00044027 ","SINAPI","TALA PARA EMENDA DE ELETROCALHA, SIMPLES / RETA, LISA OU PERFURADA, EM CHAPA DE ACO GALVANIZADO #22, ALTURA 50 MM","Material",null,"UN",4,0,0]
["Insumo"," 00039997 ","SINAPI","PORCA ZINCADA, SEXTAVADA, DIAMETRO 1/4\"","Material",null,"UN",16.8,0.3,5.04]
["Insumo"," 00043965 ","SINAPI","PARAFUSO, EM ACO ZINCADO, CABECA LENTILHA AUTOTRAVANTE DIAMETRO 5/16\" X 1\"","Material",null,"UN",16.8,0,0]
["Insumo"," 00043970 ","SINAPI","REDUCAO CONCENTRICA PARA ELETROCALHA, PERFURADA, EM CHAPA DE ACO GALVANIZADO ESPESSURA #22, (75 X 50 MM) X 50 MM (L X A), SEM VIROLA, SEM TAMPA","Material",null,"UN",1,0,0]
[{"$nulls":4},"MO sem LS =>",4.0999999999999996,"LS =>",4.71,"MO com LS =>",8.81]
[{"$nulls":4},"Valor do BDI =>",17.13,null,"Valor com BDI =>",null,88.24]
[]
[" 10.24 ","Código","Banco","Descrição","Tipo",null,"Und","Quant.","Valor Unit","Total"]
["Composição"," 97313 ","SINAPI","TÊ HORIZONTAL 90º, PARA ELETROCALHA, LISA OU PERFURADA EM AÇO GALVANIZADO, LARGURA DE 50MM E ALTURA DE 50MM - FORNECIMENTO E INSTALAÇÃO. AF_04/2023","Eletrocalhas",null,"UN",1,110.46,110.46]
["Composição Auxiliar"," 88247 ","SINAPI","AUXILIAR DE ELETRICISTA COM ENCARGOS COMPLEMENTARES","SEDI - SERVIÇOS DIVERSOS",null,"H",0.37580000000000002,22.83,8.57]
["Composição Auxiliar"," 88264 ","SINAPI","ELETRICISTA COM ENCARGOS COMPLEMENTARES","SEDI - SERVIÇOS DIVERSOS",null,"H",0.37580000000000002,32.43,12.18]
["Insumo"," 00044036 ","SINAPI","TE HORIZONTAL 90 GRAUS, PARA ELETROCALHA, EM CHAPA DE ACO GALVANIZADO, ESPESSURA #22, 50 X 50 MM (L X A), SEM VIROLA, SEM TAMPA","Material",null,"UN",1,0,0]
["Insumo"," 00043965 ","SINAPI","PARAFUSO, EM ACO ZINCADO, CABECA LENTILHA AUTOTRAVANTE DIAMETRO 5/16\" X 1\"","Material",null,"UN",25.2,0,0]
["Insumo"," 00013348 ","SINAPI","ARRUELA EM ACO GALVANIZADO, DIAMETRO EXTERNO = 35MM, ESPESSURA = 3MM, DIAMETRO DO FURO= 18MM","Material",null,"UN",50.4,1.63,82.15]
["Insumo"," 00044027 ","SINAPI","TALA PARA EMENDA DE ELETROCALHA, SIMPLES / RETA, LISA OU PERFURADA, EM CHAPA DE ACO GALVANIZADO #22, ALTURA 50 MM","Material",null,"UN",6,0,0]
["Insumo"," 00039997 ","SINAPI","PORCA ZINCADA, SEXTAVADA, DIAMETRO 1/4\"","Material",null,"UN",25.2,0.3,7.56]
[{"$nulls":4},"MO sem LS =>",7.54,"LS =>",8.64,"MO com LS =>",16.18]
[{"$nulls":4},"Valor do BDI =>",26.6,null,"Valor com BDI =>",null,137.06]
[]
[" 10.25 ","Código","Banco","Descrição","Tipo",null,"Und","Quant.","Valor Unit","Total"]
["Composição"," 97314 ","SINAPI","TÊ HORIZONTAL 90º, PARA ELETROCALHA, LISA OU PERFURADA EM AÇO GALVANIZADO, LARGURA DE 75MM E ALTURA DE 50MM - FORNECIMENTO E INSTALAÇÃO. AF_04/2023","Eletrocalhas",null,"UN",1,114.21,114.21]
["Composição Auxiliar"," 88264 ","SINAPI","ELETRICISTA COM ENCARGOS COMPLEMENTARES","SEDI - SERVIÇOS DIVERSOS",null,"H",0.44359999999999999,32.43,14.38]
["Composição Auxiliar"," 88247 ","SINAPI","AUXILIAR DE ELETRICISTA COM ENCARGOS COMPLEMENTARES","SEDI - SERVIÇOS DIVERSOS",null,"H",0.44359999999999999,22.83,10.119999999999999]
["Insumo"," 00013348 ","SINAPI","ARRUELA EM ACO GALVANIZADO, DIAMETRO EXTERNO = 35MM, ESPESSURA = 3MM, DIAMETRO DO FURO= 18MM","Material",null,"UN",50.4,1.63,82.15]
["Insumo"," 00039997 ","SINAPI","PORCA ZINCADA, SEXTAVADA, DIAMETRO 1/4\"","Material",null,"UN",25.2,0.3,7.56]
["Insumo"," 00044039 ","SINAPI","TE HORIZONTAL 90 GRAUS, PARA ELETROCALHA, EM CHAPA DE ACO GALVANIZADO, ESPESSURA #22, 75 X 50 MM (L X A), SEM VIROLA, SEM TAMPA","Material",null,"UN",1,0,0]
["Insumo"," 00044027 ","SINAPI","TALA PARA EMENDA DE ELETROCALHA, SIMPLES / RETA, LISA OU PERFURADA, EM CHAPA DE ACO GALVANIZADO #22, ALTURA 50 MM","Material",null,"UN",6,0,0]
["Insumo"," 00043965 ","SINAPI","PARAFUSO, EM ACO ZINCADO, CABECA LENTILHA AUTOTRAVANTE DIAMETRO 5/16\" X 1\"","Material",null,"UN",25.2,0,0]
[{"$nulls":4},"MO sem LS =>",8.9,"LS =>",10.199999999999999,"MO com LS =>",19.100000000000001]
[{"$nulls":4},"Valor do BDI =>",27.51,null,"Valor com BDI =>",null,141.72]
[]
[" 10.26 ","Código","Banco","Descrição","Tipo",null,"Und","Quant.","Valor Unit","Total"]
["Composição"," 96563 ","SINAPI","SUPORTE PARA ELETROCALHA LISA OU PERFURADA EM AÇO GALVANIZADO, LARGURA 800 MM, EM PERFILADO COM COMPRIMENTO DE 85 CM FIXADO EM LAJE, POR METRO DE ELETROCALHA FIXADA. AF_09/2023","INHI - INSTALAÇÕES HIDROS SANITÁRIAS",null,"M",1,67.87,67.87]
["Composição Auxiliar"," 88247 ","SINAPI","AUXILIAR DE ELETRICISTA COM ENCARGOS COMPLEMENTARES","SEDI - SERVIÇOS DIVERSOS",null,"H",0.1711,22.83,3.9]
["Composição Auxiliar"," 88264 ","SINAPI","ELETRICISTA COM ENCARGOS COMPLEMENTARES","SEDI - SERVIÇOS DIVERSOS",null,"H",0.75280000000000002,32.43,24.41]
["Insumo"," 00011976 ","SINAPI","CHUMBADOR DE ACO ZINCADO, DIAMETRO 1/4\" COM PARAFUSO 1/4\" X 40 MM","Material",null,"UN",2.2222,1.19,2.64]
["Insumo"," 00039029 ","SINAPI","PERFILADO PERFURADO DUPLO 38 X 76 MM, CHAPA 22","Material",null,"M",0.94440000000000002,19.829999999999998,18.72]
["Insumo"," 00039996 ","SINAPI","VERGALHAO ZINCADO ROSCA TOTAL, 1/4\" (6,3 MM)","Material",null,"M",1.1111,5.49,6.09]
["Insumo"," 00011267 ","SINAPI","ARRUELA LISA, REDONDA, DE LATAO POLIDO, DIAMETRO NOMINAL 5/8\", DIAMETRO EXTERNO = 34 MM, DIAMETRO DO FURO = 17 MM, ESPESSURA = *2,5* MM","Material",null,"UN",7,1.43,10.01]
["Insumo"," 00039997 ","SINAPI","PORCA ZINCADA, SEXTAVADA, DIAMETRO 1/4\"","Material",null,"UN",7,0.3,2.1]
[{"$nulls":4},"MO sem LS =>",10.57,"LS =>",12.11,"MO com LS =>",22.68]
[{"$nulls":4},"Valor do BDI =>",16.34,null,"Valor com BDI =>",null,84.21]
[]
[" 10.27 ","Código","Banco","Descrição","Tipo",null,"Und","Quant.","Valor Unit","Total"]
["Composição"," 063104 ","SBC","ABERTURA E FECHAMENTO DE ELETROCALHA","INSTALACOES ELETRICAS - LEITOS E CABOS",null,"M",1,121.78,121.78]
["Insumo"," 099806 ","SBC","AJUDANTE DE ELETRICISTA","Mão de Obra",null,"H",2.76,16.659656999999999,45.98]
["Insumo"," 099250 ","SBC","ELETRICISTA","Mão de Obra",null,"H",2.76,27.465921000000002,75.8]
[{"$nulls":4},"MO sem LS =>",56.79,"LS =>",64.989999999999995,"MO com LS =>",121.78]
[{"$nulls":4},"Valor do BDI =>",29.33,null,"Valor com BDI =>",null,151.11000000000001]
[]
[" 10.28 ","Código","Banco","Descrição","Tipo",null,"Und","Quant.","Valor Unit","Total"]
["Composição"," 063052 ","SBC","CURVA VERTICAL EXTERNA PARA ELETROCALHA 100X50mm","INSTALACOES ELETRICAS - LEITOS E CABOS",null,"UN",1,42.89,42.89]
["Insumo"," 099250 ","SBC","ELETRICISTA","Mão de Obra",null,"H",0.52,27.465921000000002,14.28]
["Insumo"," 099806 ","SBC","AJUDANTE DE ELETRICISTA","Mão de Obra",null,"H",0.52,16.659656999999999,8.66]
["Insumo"," 077790 ","SBC","ELETROCALHA - CURVA 90 VERTICAL EXTERNA 100x50mm CHAPA 20","Material",null,"UN",1,19.95,19.95]
[{"$nulls":4},"MO sem LS =>",10.69,"LS =>",12.25,"MO com LS =>",22.94]
[{"$nulls":4},"Valor do BDI =>",10.33,null,"Valor com BDI =>",null,53.22]
[]
[" 10.29 ","Código","Banco","Descrição","Tipo",null,"Und","Quant.","Valor Unit","Total"]
["Composição"," 053778 ","SBC","SUPORTE SUSPENSAO VERTICAL PARA ELETROCALHA 75 x 50 mm","INSTALACOES HIDRAULICAS - ESGOTO",null,"UN",1,4.66,4.66]
["Insumo"," 099806 ","SBC","AJUDANTE DE ELETRICISTA","Mão de Obra",null,"H",2.3E-2,16.659656999999999,0.38]
["Insumo"," 099250 ","SBC","ELETRICISTA","Mão de Obra",null,"H",2.3E-2,27.465921000000002,0.63]
["Insumo"," 049227 ","SBC","ELETROCALHA - SUPORTE SUSPENSAO SIMPLES TIPO \"B\" 75x50mm CHAPA 16","Material",null,"UN",1,3.65,3.65]
[{"$nulls":4},"MO sem LS =>",0.47,"LS =>",0.54,"MO com LS =>",1.01]
[{"$nulls":4},"Valor do BDI =>",1.1200000000000001,null,"Valor com BDI =>",null,5.78]
[]
[" 10.30 ","Código","Banco","Descrição","Tipo",null,"Und","Quant.","Valor Unit","Total"]
["Composição"," 101874 ","SINAPI","QUADRO DE DISTRIBUIÇÃO DE LUZ EM PVC PARA 24 DISJUNTORES - FORNECIMENTO E INSTALAÇÃO. AF_07/2025","Instalações Elétricas - Quadros, Cabos, Disjuntores, Contatores e Barramentos Blindados",null,"UN",1,290.12,290.12]
["Composição Auxiliar"," 88264 ","SINAPI","ELETRICISTA COM ENCARGOS COMPLEMENTARES","SEDI - SERVIÇOS DIVERSOS",null,"H",2.1290249999999999,32.43,69.040000000000006]
["Composição Auxiliar"," 87367 ","SINAPI","ARGAMASSA TRAÇO 1:1:6 (EM VOLUME DE CIMENTO, CAL E AREIA MÉDIA ÚMIDA) PARA EMBOÇO/MASSA ÚNICA/ASSENTAMENTO DE ALVENARIA DE VEDAÇÃO, PREPARO MANUAL. AF_08/2019","SEDI - SERVIÇOS DIVERSOS",null,"m³",1.44E-2,698.54,10.050000000000001]
["Composição Auxiliar"," 88247 ","SINAPI","AUXILIAR DE ELETRICISTA COM ENCARGOS COMPLEMENTARES","SEDI - SERVIÇOS DIVERSOS",null,"H",2.1290249999999999,22.83,48.6]
["Insumo"," 00039797 ","SINAPI","QUADRO DE DISTRIBUICAO, SEM BARRAMENTO, EM PVC, DE EMBUTIR, PARA 18 DISJUNTORES NEMA OU 24 DISJUNTORES DIN","Material",null,"UN",1,162.43,162.43]
["Insumo"," 00043878 ","SINAPI","BARRAMENTO TIPO NEUTRO / TERRA PARA QUADRO DE DISTRIBUICAO, COM 18 /24 DISJUNTORES","Material",null,"UN",2,0,0]
["Insumo"," 00043935 ","SINAPI","SUPORTE PARA 24 DISJUNTORES","Material",null,"UN",1,0,0]
[{"$nulls":4},"MO sem LS =>",43.92,"LS =>",50.26,"MO com LS =>",94.18]
[{"$nulls":4},"Valor do BDI =>",69.88,null,"Valor com BDI =>",null,360]
[]
[" 10.31 ","Código","Banco","Descrição","Tipo",null,"Und","Quant.","Valor Unit","Total"]
["Composição"," 106025 ","SINAPI","QUADRO DE DISTRIBUIÇÃO DE ENERGIA EM CHAPA DE AÇO GALVANIZADO, DE SOBREPOR, COM BARRAMENTO TRIFÁSICO, PARA 36 DISJUNTORES DIN 100A - FORNECIMENTO E INSTALAÇÃO. AF_07/2025","Instalações Elétricas - Quadros, Cabos, Disjuntores, Contatores e Barramentos Blindados",null,"UN",1,982.58,982.58]
["Composição Auxiliar"," 88264 ","SINAPI","ELETRICISTA COM ENCARGOS COMPLEMENTARES","SEDI - SERVIÇOS DIVERSOS",null,"H",0.29260000000000003,32.43,9.48]
["Composição Auxiliar"," 88247 ","SINAPI","AUXILIAR DE ELETRICISTA COM ENCARGOS COMPLEMENTARES","SEDI - SERVIÇOS DIVERSOS",null,"H",0.29260000000000003,22.83,6.68]
["Insumo"," 00039759 ","SINAPI","QUADRO DE DISTRIBUICAO COM BARRAMENTO TRIFASICO, DE SOBREPOR, EM CHAPA DE ACO GALVANIZADO, PARA 36 DISJUNTORES DIN, 100 A","Material",null,"UN",1,966.42,966.42]
["Insumo"," 00043878 ","SINAPI","BARRAMENTO TIPO NEUTRO / TERRA PARA QUADRO DE DISTRIBUICAO, COM 18 /24 DISJUNTORES","Material",null,"UN",3,0,0]
["Insumo"," 00043935 ","SINAPI","SUPORTE PARA 24 DISJUNTORES","Material",null,"UN",1,0,0]
[{"$nulls":4},"MO sem LS =>",5.87,"LS =>",6.72,"MO com LS =>",12.59]
[{"$nulls":4},"Valor do BDI =>",236.7,null,"Valor com BDI =>",null,1219.28]
[]
[" 10.32 ","Código","Banco","Descrição","Tipo",null,"Und","Quant.","Valor Unit","Total"]
["Composição"," 93654 ","SINAPI","DISJUNTOR MONOPOLAR TIPO DIN, CORRENTE NOMINAL DE 16A - FORNECIMENTO E INSTALAÇÃO. AF_07/2025","INEL - INSTALAÇÃO ELÉTRICA/ELETRIFICAÇÃO E ILUMINAÇÃO EXTERNA",null,"UN",1,13.62,13.62]
["Composição Auxiliar"," 88264 ","SINAPI","ELETRICISTA COM ENCARGOS COMPLEMENTARES","SEDI - SERVIÇOS DIVERSOS",null,"H",3.5428000000000001E-2,32.43,1.1399999999999999]
["Composição Auxiliar"," 88247 ","SINAPI","AUXILIAR DE ELETRICISTA COM ENCARGOS COMPLEMENTARES","SEDI - SERVIÇOS DIVERSOS",null,"H",3.5428000000000001E-2,22.83,0.8]
["Insumo"," 00001570 ","SINAPI","TERMINAL A COMPRESSAO EM COBRE ESTANHADO PARA CABO 2,5 MM2, 1 FURO E 1 COMPRESSAO, PARA PARAFUSO DE FIXACAO M5","Material",null,"UN",1,1.1399999999999999,1.1399999999999999]
["Insumo"," 00034653 ","SINAPI","DISJUNTOR TERMOMAGNETICO PARA TRILHO DIN (IEC), MONOPOLAR, 6 - 32 A","Material",null,"UN",1,10.54,10.54]
[{"$nulls":4},"MO sem LS =>",0.7,"LS =>",0.82,"MO com LS =>",1.52]
[{"$nulls":4},"Valor do BDI =>",3.28,null,"Valor com BDI =>",null,16.899999999999999]
[]
[" 10.33 ","Código","Banco","Descrição","Tipo",null,"Und","Quant.","Valor Unit","Total"]
["Composição"," 93655 ","SINAPI","DISJUNTOR MONOPOLAR TIPO DIN, CORRENTE NOMINAL DE 20A - FORNECIMENTO E INSTALAÇÃO. AF_07/2025","INEL - INSTALAÇÃO ELÉTRICA/ELETRIFICAÇÃO E ILUMINAÇÃO EXTERNA",null,"UN",1,14.59,14.59]
["Composição Auxiliar"," 88264 ","SINAPI","ELETRICISTA COM ENCARGOS COMPLEMENTARES","SEDI - SERVIÇOS DIVERSOS",null,"H",4.6843000000000003E-2,32.43,1.51]
["Composição Auxiliar"," 88247 ","SINAPI","AUXILIAR DE ELETRICISTA COM ENCARGOS COMPLEMENTARES","SEDI - SERVIÇOS DIVERSOS",null,"H",4.6843000000000003E-2,22.83,1.06]
["Insumo"," 00001571 ","SINAPI","TERMINAL A COMPRESSAO EM COBRE ESTANHADO PARA CABO 4 MM2, 1 FURO E 1 COMPRESSAO, PARA PARAFUSO DE FIXACAO M5","Material",null,"UN",1,1.48,1.48]
["Insumo"," 00034653 ","SINAPI","DISJUNTOR TERMOMAGNETICO PARA TRILHO DIN (IEC), MONOPOLAR, 6 - 32 A","Material",null,"UN",1,10.54,10.54]
[{"$nulls":4},"MO sem LS =>",0.93,"LS =>",1.08,"MO com LS =>",2.0099999999999998]
[{"$nulls":4},"Valor do BDI =>",3.51,null,"Valor com BDI =>",null,18.100000000000001]
[]
[" 10.34 ","Código","Banco","Descrição","Tipo",null,"Und","Quant.","Valor Unit","Total"]
["Composição"," 106020 ","SINAPI","DISJUNTOR TRIPOLAR DIN 63A - FORNECIMENTO E INSTALAÇÃO. AF_07/2025","Instalações Elétricas - Quadros, Cabos, Disjuntores, Contatores e Barramentos Blindados",null,"UN",1,124.44,124.44]
["Composição Auxiliar"," 88247 ","SINAPI","AUXILIAR DE ELETRICISTA COM ENCARGOS COMPLEMENTARES","SEDI - SERVIÇOS DIVERSOS",null,"H",0.52974500000000002,22.83,12.09]
["Composição Auxiliar"," 88264 ","SINAPI","ELETRICISTA COM ENCARGOS COMPLEMENTARES","SEDI - SERVIÇOS DIVERSOS",null,"H",0.52974500000000002,32.43,17.170000000000002]
["Insumo"," 00034714 ","SINAPI","DISJUNTOR TERMOMAGNETICO PARA TRILHO DIN (IEC), TRIPOLAR, 63 A","Material",null,"UN",1,88.4,88.4]
["Insumo"," 00001575 ","SINAPI","TERMINAL A COMPRESSAO EM COBRE ESTANHADO PARA CABO 16 MM2, 1 FURO E 1 COMPRESSAO, PARA PARAFUSO DE FIXACAO M6","Material",null,"UN",3,2.2599999999999998,6.78]
[{"$nulls":4},"MO sem LS =>",10.63,"LS =>",12.18,"MO com LS =>",22.81]
[{"$nulls":4},"Valor do BDI =>",29.97,null,"Valor com BDI =>",null,154.41]
[]
[" 10.35 ","Código","Banco","Descrição","Tipo",null,"Und","Quant.","Valor Unit","Total"]
["Composição"," 106031 ","SINAPI","DISJUNTOR TRIPOLAR DIN 80A - FORNECIMENTO E INSTALAÇÃO. AF_07/2025","Instalações Elétricas - Quadros, Cabos, Disjuntores, Contatores e Barramentos Blindados",null,"UN",1,49.57,49.57]
["Composição Auxiliar"," 88247 ","SINAPI","AUXILIAR DE ELETRICISTA COM ENCARGOS COMPLEMENTARES","SEDI - SERVIÇOS DIVERSOS",null,"H",0.72713499999999998,22.83,16.600000000000001]
["Composição Auxiliar"," 88264 ","SINAPI","ELETRICISTA COM ENCARGOS COMPLEMENTARES","SEDI - SERVIÇOS DIVERSOS",null,"H",0.72713499999999998,32.43,23.58]
["Insumo"," 00045391 ","SINAPI","DISJUNTOR TERMOMAGNETICO PARA TRILHO DIN (IEC), TRIPOLAR, 80 A","Material",null,"UN",1,0,0]
["Insumo"," 00001576 ","SINAPI","TERMINAL A COMPRESSAO EM COBRE ESTANHADO PARA CABO 25 MM2, 1 FURO E 1 COMPRESSAO, PARA PARAFUSO DE FIXACAO M8","Material",null,"UN",3,3.13,9.39]
[{"$nulls":4},"MO sem LS =>",14.6,"LS =>",16.72,"MO com LS =>",31.32]
[{"$nulls":4},"Valor do BDI =>",11.94,null,"Valor com BDI =>",null,61.51]
[]
[" 10.36 ","Código","Banco","Descrição","Tipo",null,"Und","Quant.","Valor Unit","Total"]
["Composição"," 101894 ","SINAPI","DISJUNTOR TRIPOLAR TIPO NEMA, CORRENTE NOMINAL DE 60 ATÉ 100A - FORNECIMENTO E INSTALAÇÃO. AF_07/2025","INEL - INSTALAÇÃO ELÉTRICA/ELETRIFICAÇÃO E ILUMINAÇÃO EXTERNA",null,"UN",1,178.67,178.67]
["Composição Auxiliar"," 88264 ","SINAPI","ELETRICISTA COM ENCARGOS COMPLEMENTARES","SEDI - SERVIÇOS DIVERSOS",null,"H",0.72713499999999998,32.43,23.58]
["Composição Auxiliar"," 88247 ","SINAPI","AUXILIAR DE ELETRICISTA COM ENCARGOS COMPLEMENTARES","SEDI - SERVIÇOS DIVERSOS",null,"H",0.72713499999999998,22.83,16.600000000000001]
["Insumo"," 00002373 ","SINAPI","DISJUNTOR TIPO NEMA, TRIPOLAR 60 ATE 100 A, TENSAO MAXIMA DE 415 V","Material",null,"UN",1,129.1,129.1]
["Insumo"," 00001576 ","SINAPI","TERMINAL A COMPRESSAO EM COBRE ESTANHADO PARA CABO 25 MM2, 1 FURO E 1 COMPRESSAO, PARA PARAFUSO DE FIXACAO M8","Material",null,"UN",3,3.13,9.39]
[{"$nulls":4},"MO sem LS =>",14.6,"LS =>",16.72,"MO com LS =>",31.32]
[{"$nulls":4},"Valor do BDI =>",43.04,null,"Valor com BDI =>",null,221.71]
[]
[" 10.37 ","Código","Banco","Descrição","Tipo",null,"Und","Quant.","Valor Unit","Total"]
["Composição"," 101895 ","SINAPI","DISJUNTOR TERMOMAGNÉTICO TRIPOLAR, CORRENTE NOMINAL DE 125A - FORNECIMENTO E INSTALAÇÃO. AF_07/2025","INEL - INSTALAÇÃO ELÉTRICA/ELETRIFICAÇÃO E ILUMINAÇÃO EXTERNA",null,"UN",1,489.63,489.63]
["Composição Auxiliar"," 88264 ","SINAPI","ELETRICISTA COM ENCARGOS COMPLEMENTARES","SEDI - SERVIÇOS DIVERSOS",null,"H",1.222415,32.43,39.64]
["Composição Auxiliar"," 88247 ","SINAPI","AUXILIAR DE ELETRICISTA COM ENCARGOS COMPLEMENTARES","SEDI - SERVIÇOS DIVERSOS",null,"H",1.222415,22.83,27.9]
["Insumo"," 00001578 ","SINAPI","TERMINAL A COMPRESSAO EM COBRE ESTANHADO PARA CABO 50 MM2, 1 FURO E 1 COMPRESSAO, PARA PARAFUSO DE FIXACAO M8","Material",null,"UN",3,6.12,18.36]
["Insumo"," 00002391 ","SINAPI","DISJUNTOR TERMOMAGNETICO TRIPOLAR 125 A / 425 V / ICC - 25 KA","Material",null,"UN",1,403.73,403.73]
[{"$nulls":4},"MO sem LS =>",24.55,"LS =>",28.1,"MO com LS =>",52.65]
[{"$nulls":4},"Valor do BDI =>",117.95,null,"Valor com BDI =>",null,607.58000000000004]
[]
[" 10.38 ","Código","Banco","Descrição","Tipo",null,"Und","Quant.","Valor Unit","Total"]
["Composição"," 101896 ","SINAPI","DISJUNTOR TERMOMAGNÉTICO TRIPOLAR, CORRENTE NOMINAL DE 200A - FORNECIMENTO E INSTALAÇÃO. AF_07/2025","INEL - INSTALAÇÃO ELÉTRICA/ELETRIFICAÇÃO E ILUMINAÇÃO EXTERNA",null,"UN",1,738.53,738.53]
["Composição Auxiliar"," 88247 ","SINAPI","AUXILIAR DE ELETRICISTA COM ENCARGOS COMPLEMENTARES","SEDI - SERVIÇOS DIVERSOS",null,"H",1.222415,22.83,27.9]
["Composição Auxiliar"," 88264 ","SINAPI","ELETRICISTA COM ENCARGOS COMPLEMENTARES","SEDI - SERVIÇOS DIVERSOS",null,"H",1.222415,32.43,39.64]
["Insumo"," 00001580 ","SINAPI","TERMINAL A COMPRESSAO EM COBRE ESTANHADO PARA CABO 95 MM2, 1 FURO E 1 COMPRESSAO, PARA PARAFUSO DE FIXACAO M12","Material",null,"UN",3,9.4,28.2]
["Insumo"," 00002377 ","SINAPI","DISJUNTOR TERMOMAGNETICO TRIPOLAR 200 A / 600 V, TIPO FXD / ICC - 35 KA","Material",null,"UN",1,642.79,642.79]
[{"$nulls":4},"MO sem LS =>",24.55,"LS =>",28.1,"MO com LS =>",52.65]
[{"$nulls":4},"Valor do BDI =>",177.91,null,"Valor com BDI =>",null,916.44]
[]
[" 10.39 ","Código","Banco","Descrição","Tipo",null,"Und","Quant.","Valor Unit","Total"]
["Composição"," 91924 ","SINAPI","CABO DE COBRE FLEXÍVEL ISOLADO, 1,5 MM², ANTI-CHAMA 450/750 V, PARA CIRCUITOS TERMINAIS - FORNECIMENTO E INSTALAÇÃO. AF_03/2023","INEL - INSTALAÇÃO ELÉTRICA/ELETRIFICAÇÃO E ILUMINAÇÃO EXTERNA",null,"M",1,3.49,3.49]
["Composição Auxiliar"," 88264 ","SINAPI","ELETRICISTA COM ENCARGOS COMPLEMENTARES","SEDI - SERVIÇOS DIVERSOS",null,"H",2.3E-2,32.43,0.74]
["Composição Auxiliar"," 88247 ","SINAPI","AUXILIAR DE ELETRICISTA COM ENCARGOS COMPLEMENTARES","SEDI - SERVIÇOS DIVERSOS",null,"H",2.3E-2,22.83,0.52]
["Insumo"," 00001013 ","SINAPI","CABO DE COBRE, FLEXIVEL, CLASSE 4 OU 5, ISOLACAO EM PVC/A, ANTICHAMA BWF-B, 1 CONDUTOR, 450/750 V, SECAO NOMINAL 1,5 MM2","Material",null,"M",1.2434000000000001,1.76,2.1800000000000002]
["Insumo"," 00021127 ","SINAPI","FITA ISOLANTE ADESIVA ANTICHAMA, USO ATE 750 V, EM ROLO DE 19 MM X 5 M","Material",null,"UN",9.4000000000000004E-3,6.28,0.05]
[{"$nulls":4},"MO sem LS =>",0.45,"LS =>",0.53,"MO com LS =>",0.98]
[{"$nulls":4},"Valor do BDI =>",0.84,null,"Valor com BDI =>",null,4.33]
[]
[" 10.40 ","Código","Banco","Descrição","Tipo",null,"Und","Quant.","Valor Unit","Total"]
["Composição"," 91926 ","SINAPI","CABO DE COBRE FLEXÍVEL ISOLADO, 2,5 MM², ANTI-CHAMA 450/750 V, PARA CIRCUITOS TERMINAIS - FORNECIMENTO E INSTALAÇÃO. AF_03/2023","INEL - INSTALAÇÃO ELÉTRICA/ELETRIFICAÇÃO E ILUMINAÇÃO EXTERNA",null,"M",1,5.1100000000000003,5.1100000000000003]
["Composição Auxiliar"," 88247 ","SINAPI","AUXILIAR DE ELETRICISTA COM ENCARGOS COMPLEMENTARES","SEDI - SERVIÇOS DIVERSOS",null,"H",2.9000000000000001E-2,22.83,0.66]
["Composição Auxiliar"," 88264 ","SINAPI","ELETRICISTA COM ENCARGOS COMPLEMENTARES","SEDI - SERVIÇOS DIVERSOS",null,"H",2.9000000000000001E-2,32.43,0.94]
["Insumo"," 00001014 ","SINAPI","CABO DE COBRE, FLEXIVEL, CLASSE 4 OU 5, ISOLACAO EM PVC/A, ANTICHAMA BWF-B, 1 CONDUTOR, 450/750 V, SECAO NOMINAL 2,5 MM2","Material",null,"M",1.2434000000000001,2.79,3.46]
["Insumo"," 00021127 ","SINAPI","FITA ISOLANTE ADESIVA ANTICHAMA, USO ATE 750 V, EM ROLO DE 19 MM X 5 M","Material",null,"UN",9.4000000000000004E-3,6.28,0.05]
[{"$nulls":4},"MO sem LS =>",0.56999999999999995,"LS =>",0.67,"MO com LS =>",1.24]
[{"$nulls":4},"Valor do BDI =>",1.23,null,"Valor com BDI =>",null,6.34]
[]
[" 10.41 ","Código","Banco","Descrição","Tipo",null,"Und","Quant.","Valor Unit","Total"]
["Composição"," 101560 ","SINAPI","CABO DE COBRE FLEXÍVEL ISOLADO, 10 MM², 0,6/1,0 KV, PARA REDE AÉREA DE DISTRIBUIÇÃO DE ENERGIA ELÉTRICA DE BAIXA TENSÃO - FORNECIMENTO E INSTALAÇÃO. AF_07/2020","INEL - INSTALAÇÃO ELÉTRICA/ELETRIFICAÇÃO E ILUMINAÇÃO EXTERNA",null,"M",1,12.7,12.7]
["Composição Auxiliar"," 88264 ","SINAPI","ELETRICISTA COM ENCARGOS COMPLEMENTARES","SEDI - SERVIÇOS DIVERSOS",null,"H",2.8999999999999998E-3,32.43,0.09]
["Insumo"," 00001020 ","SINAPI","CABO DE COBRE, FLEXIVEL, CLASSE 4 OU 5, ISOLACAO EM PVC/A, ANTICHAMA BWF-B, COBERTURA PVC-ST1, ANTICHAMA BWF-B, 1 CONDUTOR, 0,6/1 KV, SECAO NOMINAL 10 MM2","Material",null,"M",1.0401,12.13,12.61]
[{"$nulls":4},"MO sem LS =>",0.03,"LS =>",0.04,"MO com LS =>",7.0000000000000007E-2]
[{"$nulls":4},"Valor do BDI =>",3.05,null,"Valor com BDI =>",null,15.75]
[]
[" 10.42 ","Código","Banco","Descrição","Tipo",null,"Und","Quant.","Valor Unit","Total"]
["Composição"," 92984 ","SINAPI","CABO DE COBRE FLEXÍVEL ISOLADO, 25 MM², ANTI-CHAMA 0,6/1,0 KV, PARA REDE ENTERRADA DE DISTRIBUIÇÃO DE ENERGIA ELÉTRICA - FORNECIMENTO E INSTALAÇÃO. AF_12/2021","INEL - INSTALAÇÃO ELÉTRICA/ELETRIFICAÇÃO E ILUMINAÇÃO EXTERNA",null,"M",1,33.79,33.79]
["Composição Auxiliar"," 88247 ","SINAPI","AUXILIAR DE ELETRICISTA COM ENCARGOS COMPLEMENTARES","SEDI - SERVIÇOS DIVERSOS",null,"H",6.08E-2,22.83,1.38]
["Composição Auxiliar"," 88264 ","SINAPI","ELETRICISTA COM ENCARGOS COMPLEMENTARES","SEDI - SERVIÇOS DIVERSOS",null,"H",6.08E-2,32.43,1.97]
["Insumo"," 00000996 ","SINAPI","CABO DE COBRE, FLEXIVEL, CLASSE 4 OU 5, ISOLACAO EM PVC/A, ANTICHAMA BWF-B, COBERTURA PVC-ST1, ANTICHAMA BWF-B, 1 CONDUTOR, 0,6/1 KV, SECAO NOMINAL 25 MM2","Material",null,"M",1.0149999999999999,29.95,30.39]
["Insumo"," 00021127 ","SINAPI","FITA ISOLANTE ADESIVA ANTICHAMA, USO ATE 750 V, EM ROLO DE 19 MM X 5 M","Material",null,"UN",8.9999999999999993E-3,6.28,0.05]
[{"$nulls":4},"MO sem LS =>",1.21,"LS =>",1.4,"MO com LS =>",2.61]
[{"$nulls":4},"Valor do BDI =>",8.14,null,"Valor com BDI =>",null,41.93]
[]
[" 10.43 ","Código","Banco","Descrição","Tipo",null,"Und","Quant.","Valor Unit","Total"]
["Composição"," 101563 ","SINAPI","CABO DE COBRE FLEXÍVEL ISOLADO, 35 MM², 0,6/1,0 KV, PARA REDE AÉREA DE DISTRIBUIÇÃO DE ENERGIA ELÉTRICA DE BAIXA TENSÃO - FORNECIMENTO E INSTALAÇÃO. AF_07/2020","INEL - INSTALAÇÃO ELÉTRICA/ELETRIFICAÇÃO E ILUMINAÇÃO EXTERNA",null,"M",1,44.1,44.1]
["Composição Auxiliar"," 88264 ","SINAPI","ELETRICISTA COM ENCARGOS COMPLEMENTARES","SEDI - SERVIÇOS DIVERSOS",null,"H",3.0000000000000001E-3,32.43,0.09]
["Insumo"," 00001019 ","SINAPI","CABO DE COBRE, FLEXIVEL, CLASSE 4 OU 5, ISOLACAO EM PVC/A, ANTICHAMA BWF-B, COBERTURA PVC-ST1, ANTICHAMA BWF-B, 1 CONDUTOR, 0,6/1 KV, SECAO NOMINAL 35 MM2","Material",null,"M",1.0401,42.32,44.01]
[{"$nulls":4},"MO sem LS =>",0.03,"LS =>",0.04,"MO com LS =>",7.0000000000000007E-2]
[{"$nulls":4},"Valor do BDI =>",10.62,null,"Valor com BDI =>",null,54.72]
[]
[" 10.44 ","Código","Banco","Descrição","Tipo",null,"Und","Quant.","Valor Unit","Total"]
["Composição"," 101565 ","SINAPI","CABO DE COBRE FLEXÍVEL ISOLADO, 70 MM², 0,6/1,0 KV, PARA REDE AÉREA DE DISTRIBUIÇÃO DE ENERGIA ELÉTRICA DE BAIXA TENSÃO - FORNECIMENTO E INSTALAÇÃO. AF_07/2020","INEL - INSTALAÇÃO ELÉTRICA/ELETRIFICAÇÃO E ILUMINAÇÃO EXTERNA",null,"M",1,91.15,91.15]
["Composição Auxiliar"," 88264 ","SINAPI","ELETRICISTA COM ENCARGOS COMPLEMENTARES","SEDI - SERVIÇOS DIVERSOS",null,"H",3.0999999999999999E-3,32.43,0.1]
["Insumo"," 00000977 ","SINAPI","CABO DE COBRE, FLEXIVEL, CLASSE 4 OU 5, ISOLACAO EM PVC/A, ANTICHAMA BWF-B, COBERTURA PVC-ST1, ANTICHAMA BWF-B, 1 CONDUTOR, 0,6/1 KV, SECAO NOMINAL 70 MM2","Material",null,"M",1.0401,87.54,91.05]
[{"$nulls":4},"MO sem LS =>",0.03,"LS =>",0.05,"MO com LS =>",0.08]
[{"$nulls":4},"Valor do BDI =>",21.95,null,"Valor com BDI =>",null,113.1]
[]
[" 10.45 ","Código","Banco","Descrição","Tipo",null,"Und","Quant.","Valor Unit","Total"]
["Composição"," 100910 ","SINAPI","LUMINÁRIA TIPO CALHA, DE SOBREPOR, COM 2 LÂMPADAS TUBULARES LED DE 18 W, SEM REATOR - FORNECIMENTO E INSTALAÇÃO. AF_09/2024","Iluminação Predial e Monitoramento",null,"UN",1,44.27,44.27]
["Composição Auxiliar"," 88247 ","SINAPI","AUXILIAR DE ELETRICISTA COM ENCARGOS COMPLEMENTARES","SEDI - SERVIÇOS DIVERSOS",null,"H",0.168375,22.83,3.84]
["Composição Auxiliar"," 88264 ","SINAPI","ELETRICISTA COM ENCARGOS COMPLEMENTARES","SEDI - SERVIÇOS DIVERSOS",null,"H",0.53879999999999995,32.43,17.47]
["Insumo"," 00039387 ","SINAPI","LAMPADA LED TUBULAR BIVOLT 18/20 W, BASE G13","Material",null,"UN",2,11.48,22.96]
["Insumo"," 00043992 ","SINAPI","LUMINARIA DE SOBREPOR, EM CHAPA DE ACO PINTADA COR BRANCA, PARA 2 LAMPADAS T8 FLUORESCENTES OU LED DE *18* W, BIVOLT, ALETADA, 120 CM (NAO INCLUI LAMPADAS E REATOR)","Material",null,"UN",1,0,0]
[{"$nulls":4},"MO sem LS =>",7.92,"LS =>",9.08,"MO com LS =>",17]
[{"$nulls":4},"Valor do BDI =>",10.66,null,"Valor com BDI =>",null,54.93]
[]
[" 10.46 ","Código","Banco","Descrição","Tipo",null,"Und","Quant.","Valor Unit","Total"]
["Composição"," 103782 ","SINAPI","LUMINÁRIA TIPO PLAFON CIRCULAR, DE SOBREPOR, COM LED DE 12/13 W - FORNECIMENTO E INSTALAÇÃO. AF_09/2024","INEL - INSTALAÇÃO ELÉTRICA/ELETRIFICAÇÃO E ILUMINAÇÃO EXTERNA",null,"UN",1,32.86,32.86]
["Composição Auxiliar"," 88247 ","SINAPI","AUXILIAR DE ELETRICISTA COM ENCARGOS COMPLEMENTARES","SEDI - SERVIÇOS DIVERSOS",null,"H",0.1509375,22.83,3.44]
["Composição Auxiliar"," 88264 ","SINAPI","ELETRICISTA COM ENCARGOS COMPLEMENTARES","SEDI - SERVIÇOS DIVERSOS",null,"H",0.48299989999999998,32.43,15.66]
["Insumo"," 00039385 ","SINAPI","LUMINARIA LED PLAFON REDONDO DE SOBREPOR BIVOLT 12/13 W, D = *17* CM","Material",null,"UN",1,13.76,13.76]
[{"$nulls":4},"MO sem LS =>",7.1,"LS =>",8.14,"MO com LS =>",15.24]
[{"$nulls":4},"Valor do BDI =>",7.91,null,"Valor com BDI =>",null,40.770000000000003]
[]
[" 10.47 ","Código","Banco","Descrição","Tipo",null,"Und","Quant.","Valor Unit","Total"]
["Composição"," 97607 ","SINAPI","LUMINÁRIA ARANDELA TIPO TARTARUGA, DE SOBREPOR, COM 1 LÂMPADA LED DE 6 W, SEM REATOR - FORNECIMENTO E INSTALAÇÃO. AF_09/2024","Iluminação Predial e Monitoramento",null,"UN",1,108.79,108.79]
["Composição Auxiliar"," 88247 ","SINAPI","AUXILIAR DE ELETRICISTA COM ENCARGOS COMPLEMENTARES","SEDI - SERVIÇOS DIVERSOS",null,"H",0.1801875,22.83,4.1100000000000003]
["Composição Auxiliar"," 88264 ","SINAPI","ELETRICISTA COM ENCARGOS COMPLEMENTARES","SEDI - SERVIÇOS DIVERSOS",null,"H",0.5766,32.43,18.690000000000001]
["Insumo"," 00038193 ","SINAPI","LAMPADA LED 6 W BIVOLT BRANCA, FORMATO TRADICIONAL (BASE E27)","Material",null,"UN",1,5.2,5.2]
["Insumo"," 00038775 ","SINAPI","LUMINARIA TIPO TARTARUGA PARA AREA EXTERNA EM ALUMINIO, COM GRADE, PARA 1 LAMPADA, BASE E27, POTENCIA MAXIMA 40/60 W (NAO INCLUI LAMPADA)","Material",null,"UN",1,80.790000000000006,80.790000000000006]
[{"$nulls":4},"MO sem LS =>",8.48,"LS =>",9.7100000000000009,"MO com LS =>",18.190000000000001]
[{"$nulls":4},"Valor do BDI =>",26.2,null,"Valor com BDI =>",null,134.99]
[]
[" 10.48 ","Código","Banco","Descrição","Tipo",null,"Und","Quant.","Valor Unit","Total"]
["Composição"," 102106 ","SINAPI","TRANSFORMADOR DE DISTRIBUIÇÃO, 150 KVA, TRIFÁSICO, 60 HZ, CLASSE 15 KV, IMERSO EM ÓLEO MINERAL, INSTALAÇÃO EM POSTE (NÃO INCLUSO SUPORTE) - FORNECIMENTO E INSTALAÇÃO. AF_12/2020","INEL - INSTALAÇÃO ELÉTRICA/ELETRIFICAÇÃO E ILUMINAÇÃO EXTERNA",null,"UN",1,24832.83,24832.83]
["Composição Auxiliar"," 88247 ","SINAPI","AUXILIAR DE ELETRICISTA COM ENCARGOS COMPLEMENTARES","SEDI - SERVIÇOS DIVERSOS",null,"H",9.4717000000000002,22.83,216.23]
["Composição Auxiliar"," 5928 ","SINAPI","GUINDAUTO HIDRÁULICO, CAPACIDADE MÁXIMA DE CARGA 6200 KG, MOMENTO MÁXIMO DE CARGA 11,7 TM, ALCANCE MÁXIMO HORIZONTAL 9,70 M, INCLUSIVE CAMINHÃO TOCO PBT 16.000 KG, POTÊNCIA DE 189 CV - CHP DIURNO. AF_06/2014","CHOR - CUSTOS HORÁRIOS DE MÁQUINAS E EQUIPAMENTOS",null,"CHP",0.27585999999999999,275.51,76]
["Composição Auxiliar"," 88264 ","SINAPI","ELETRICISTA COM ENCARGOS COMPLEMENTARES","SEDI - SERVIÇOS DIVERSOS",null,"H",9.4717000000000002,32.43,307.16000000000003]
["Insumo"," 00007614 ","SINAPI","TRANSFORMADOR TRIFASICO DE DISTRIBUICAO, POTENCIA DE 150 KVA, TENSAO NOMINAL DE 15 KV, TENSAO SECUNDARIA DE 220/127V, EM OLEO ISOLANTE TIPO MINERAL","Material",null,"UN",1,24233.439999999999,24233.439999999999]
[{"$nulls":4},"MO sem LS =>",193.55,"LS =>",221.45,"MO com LS =>",415]
[{"$nulls":4},"Valor do BDI =>",5982.22,null,"Valor com BDI =>",null,30815.05]
[]
[" 10.49 ","Código","Banco","Descrição","Tipo",null,"Und","Quant.","Valor Unit","Total"]
["Composição"," 102110 ","SINAPI","SUPORTE PARA TRANSFORMADOR EM POSTE DE CONCRETO DUPLO T - FORNECIMENTO E INSTALAÇÃO. AF_12/2020","INEL - INSTALAÇÃO ELÉTRICA/ELETRIFICAÇÃO E ILUMINAÇÃO EXTERNA",null,"UN",1,285.63,285.63]
["Composição Auxiliar"," 88247 ","SINAPI","AUXILIAR DE ELETRICISTA COM ENCARGOS COMPLEMENTARES","SEDI - SERVIÇOS DIVERSOS",null,"H",0.44359999999999999,22.83,10.119999999999999]
["Composição Auxiliar"," 88264 ","SINAPI","ELETRICISTA COM ENCARGOS COMPLEMENTARES","SEDI - SERVIÇOS DIVERSOS",null,"H",0.44359999999999999,32.43,14.38]
["Insumo"," 00007576 ","SINAPI","SUPORTE EM ACO GALVANIZADO PARA TRANSFORMADOR PARA POSTE DUPLO T 185 X 95 MM, CHAPA DE 5/16\"","Material",null,"UN",1,261.13,261.13]
[{"$nulls":4},"MO sem LS =>",8.9,"LS =>",10.199999999999999,"MO com LS =>",19.100000000000001]
[{"$nulls":4},"Valor do BDI =>",68.8,null,"Valor com BDI =>",null,354.43]
[]
[" 10.50 ","Código","Banco","Descrição","Tipo",null,"Und","Quant.","Valor Unit","Total"]
["Composição"," 100606 ","SINAPI","ASSENTAMENTO DE POSTE DE CONCRETO COM COMPRIMENTO NOMINAL DE 10 M, CARGA NOMINAL DE 1000 DAN, ENGASTAMENTO BASE CONCRETADA COM 1 M DE CONCRETO E 0,6 M DE SOLO (NÃO INCLUI FORNECIMENTO). AF_04/2025","INEL - INSTALAÇÃO ELÉTRICA/ELETRIFICAÇÃO E ILUMINAÇÃO EXTERNA",null,"UN",1,1681.71,1681.71]
["Composição Auxiliar"," 5928 ","SINAPI","GUINDAUTO HIDRÁULICO, CAPACIDADE MÁXIMA DE CARGA 6200 KG, MOMENTO MÁXIMO DE CARGA 11,7 TM, ALCANCE MÁXIMO HORIZONTAL 9,70 M, INCLUSIVE CAMINHÃO TOCO PBT 16.000 KG, POTÊNCIA DE 189 CV - CHP DIURNO. AF_06/2014","CHOR - CUSTOS HORÁRIOS DE MÁQUINAS E EQUIPAMENTOS",null,"CHP",7.9100000000000004E-2,275.51,21.79]
["Composição Auxiliar"," 5930 ","SINAPI","GUINDAUTO HIDRÁULICO, CAPACIDADE MÁXIMA DE CARGA 6200 KG, MOMENTO MÁXIMO DE CARGA 11,7 TM, ALCANCE MÁXIMO HORIZONTAL 9,70 M, INCLUSIVE CAMINHÃO TOCO PBT 16.000 KG, POTÊNCIA DE 189 CV - CHI DIURNO. AF_06/2014","CHOR - CUSTOS HORÁRIOS DE MÁQUINAS E EQUIPAMENTOS",null,"CHI",0.98652010000000001,71.88,70.91]
["Composição Auxiliar"," 88247 ","SINAPI","AUXILIAR DE ELETRICISTA COM ENCARGOS COMPLEMENTARES","SEDI - SERVIÇOS DIVERSOS",null,"H",2.9702364000000001,22.83,67.81]
["Composição Auxiliar"," 88264 ","SINAPI","ELETRICISTA COM ENCARGOS COMPLEMENTARES","SEDI - SERVIÇOS DIVERSOS",null,"H",13.3660636,32.43,433.46]
["Composição Auxiliar"," 94962 ","SINAPI","CONCRETO MAGRO PARA LASTRO, TRAÇO 1:4,5:4,5 (EM MASSA SECA DE CIMENTO/ AREIA MÉDIA/ BRITA 1) - PREPARO MECÂNICO COM BETONEIRA 400 L. AF_05/2021","FUES - FUNDAÇÕES E ESTRUTURAS",null,"m³",1.6100658999999999,388.71,625.84]
["Insumo"," 00000863 ","SINAPI","CABO DE COBRE NU 35 MM2 MEIO-DURO","Material",null,"M",10,46.19,461.9]
[{"$nulls":4},"MO sem LS =>",241.79,"LS =>",276.64,"MO com LS =>",518.42999999999995]
[{"$nulls":4},"Valor do BDI =>",405.12,null,"Valor com BDI =>",null,2086.83]
[]
[" 10.51 ","Código","Banco","Descrição","Tipo",null,"Und","Quant.","Valor Unit","Total"]
["Composição"," 2935 ","ORSE","Poste de concreto duplo T (DT) 10/1000 - fornecimento","Fornecimento de Materiais para Redes de Energia Elétrica e Iluminação",null,"un",1,2860,2860]
["Item","Código","Banco","Descrição","Tipo",null,"Und","Quant.","Valor Unit","Total"]
["Insumo"," 1863 ","ORSE","Poste concreto duplo T (DT) 10/1000","Material",null,"un",1,"2.860,00","2.860,00"]
["Detalhamento de Cálculo ORSE"]
["Item","Código","Banco","Descrição","Tipo",null,"Und","Quant.","Valor Unit","Total"]
["Insumo"," 1863 ","ORSE","Poste concreto duplo T (DT) 10/1000","Material",null,"un",1,"2.860,00","2.860,00"]
[{"$nulls":4},"MO sem LS =>",0,"LS =>",0,"MO com LS =>",0]
[{"$nulls":4},"Valor do BDI =>",688.97,null,"Valor com BDI =>",null,3548.97]
[]
[" 10.52 ","Código","Banco","Descrição","Tipo",null,"Und","Quant.","Valor Unit","Total"]
["Composição"," 11381 ","ORSE","Quadro de medição indireta para transformadores de até 225 kva","Conversão InfoWOrca",null,"un",1,2534.04,2534.04]
["Item","Código","Banco","Descrição","Tipo",null,"Und","Quant.","Valor Unit","Total"]
["Insumo"," 00006111/SINAPI ","ORSE","Servente de obras (horista)","Mão de Obra",null,"h",26,"14,58","379,08"]
["Composição"," 10549 ","ORSE","Encargos Complementares - Servente","Provisórios",null,"h",26,"3,87","100,62"]
["Insumo"," 00002436/SINAPI ","ORSE","Eletricista (horista)","Mão de Obra",null,"h",26,"19,02","494,52"]
["Insumo"," 12237 ","ORSE","Caixa para medição indireta p/ transformadores até 225 kva","Material",null,"un",1,"1.458,27","1.458,27"]
["Composição"," 10552 ","ORSE","Encargos Complementares - Eletricista","Provisórios",null,"h",26,"3,74","97,24"]
["Detalhamento de Cálculo ORSE"]
["Item","Código","Banco","Descrição","Tipo",null,"Und","Quant.","Valor Unit","Total"]
["Insumo"," 00006111/SINAPI ","ORSE","Servente de obras (horista)","Mão de Obra",null,"h",26,"14,58","379,08"]
["Insumo"," 10492 ","ORSE","Cesta Básica","Material",null,"un",0.23400000000000001,"205,00","47,97"]
["Insumo"," 10599 ","ORSE","Protetor solar fps 30 com 120ml","Material",null,"un",9.3600000000000003E-2,"18,00","1,68"]
["Insumo"," 4728 ","ORSE","Talhadeira chata 10\"","Material",null,"un",7.7999999999999996E-3,"18,58","0,14"]
["Insumo"," 00012893/SINAPI ","ORSE","Bota de seguranca com biqueira de aco e colarinho acolchoado","Material",null,"par",3.9E-2,"73,93","2,88"]
["Insumo"," 10517 ","ORSE","Exames admissionais/demissionais (checkup)","Serviços",null,"cj",2.0799999999999999E-2,"300,00","6,24"]
["Insumo"," 10761 ","ORSE","Refeição - café da manhã ( café com leite e dois pães com manteiga)","Serviços",null,"un",5.2935999999999996,"5,00","26,46"]
["Insumo"," 10596 ","ORSE","Protetor auricular","Material",null,"un",0.23400000000000001,"4,85","1,13"]
["Insumo"," 1651 ","ORSE","Óculos branco proteção","Material",null,"pr",4.1599999999999998E-2,"7,00","0,29"]
["Insumo"," 941 ","ORSE","Fardamento com mangas curta","Material",null,"un",7.8E-2,"194,68","15,18"]
["Insumo"," 00012892/SINAPI ","ORSE","Luva raspa de couro, cano curto (punho *7* cm)","Material",null,"par",0.1196,"10,87","1,30"]
["Insumo"," 158 ","ORSE","Almoço (Participação do empregador)","Material",null,"un",5.2935999999999996,"14,00","74,11"]
["Insumo"," 10788 ","ORSE","Pá quadrada","Material",null,"un",5.1999999999999998E-3,"36,90","0,19"]
["Insumo"," 00012894/SINAPI ","ORSE","Capa para chuva em pvc com forro de poliester, com capuz (amarela ou azul)","Material",null,"un",1.04E-2,"20,11","0,20"]
["Insumo"," 00002711/SINAPI ","ORSE","Carrinho de mao, em aco, com capacidade de *45 a 65* l / *100* kg, pneu com camara","Material",null,"un",5.1999999999999998E-3,"187,68","0,97"]
["Insumo"," 00012895/SINAPI ","ORSE","Capacete de seguranca aba frontal com suspensao de polietileno, sem jugular (classe b)","Material",null,"un",3.1199999999999999E-2,"13,50","0,42"]
["Insumo"," 10362 ","ORSE","Seguro de vida e acidente em grupo","Serviços",null,"un",0.23400000000000001,"12,54","2,93"]
["Insumo"," 2378 ","ORSE","Vale transporte","Material",null,"un",4.1470000000000002,"4,50","18,66"]
["Insumo"," 4729 ","ORSE","Marreta 1 kg com cabo","Material",null,"un",2.5999999999999999E-3,"37,80","0,09"]
["Insumo"," 00002436/SINAPI ","ORSE","Eletricista (horista)","Mão de Obra",null,"h",26,"19,02","494,52"]
["Insumo"," 12237 ","ORSE","Caixa para medição indireta p/ transformadores até 225 kva","Material",null,"un",1,"1.458,27","1.458,27"]
["Insumo"," 10579 ","ORSE","Chave de fenda chata 30 cm","Material",null,"un",5.1999999999999998E-3,"26,89","0,13"]
["Insumo"," 11240 ","ORSE","Alicate com isolamento","Material",null,"un",5.1999999999999998E-3,"47,69","0,24"]
["Insumo"," 11242 ","ORSE","Chave inglesa 12\"","Material",null,"un",2.5999999999999999E-3,"34,00","0,08"]
["Insumo"," 11241 ","ORSE","Alicate volt-amperimetro","Material",null,"un",5.1999999999999998E-3,"170,60","0,88"]
[{"$nulls":4},"MO sem LS =>",407.44,"LS =>",466.16,"MO com LS =>",873.6]
[{"$nulls":4},"Valor do BDI =>",610.45000000000005,null,"Valor com BDI =>",null,3144.49]
[]
[" 10.53 ","Código","Banco","Descrição","Tipo",null,"Und","Quant.","Valor Unit","Total"]
["Composição"," 13535 ","ORSE","Montagem de acessórios para subestação transformadora em poste com elo fusível 3H, em poste com 11 m","Subestação Transformadora em Poste",null,"un",1,7287.65,7287.65]
["Item","Código","Banco","Descrição","Tipo",null,"Und","Quant.","Valor Unit","Total"]
["Insumo"," 00007576/SINAPI ","ORSE","Suporte em aco galvanizado para transformador para poste duplo t 185 x 95 mm,chapa de 5/16\"","Material",null,"un",2,"141,30","282,60"]
["Insumo"," 00001018/SINAPI ","ORSE","Cabo de cobre, flexivel, classe 4 ou 5, isolacao em pvc/a, antichama bwf-b, cobertura pvc-st1, antichama bwf-b, 1 condutor, 0,6/1 kv, secao nominal 50 mm2","Material",null,"m",5,"55,28","276,40"]
["Insumo"," 00000379/SINAPI ","ORSE","Arruela quadrada em aco galvanizado, dimensao = 38 mm, espessura = 3mm, diametro do furo= 18 mm","Material",null,"un",28,"1,43","40,04"]
["Insumo"," 1064 ","ORSE","Grampo linha viva 6 a 250 mcm, ramal 8 a 2/0 awg","Material",null,"un",3,"50,00","150,00"]
["Insumo"," 656 ","ORSE","Conec cunha p/c 2 c/ 1/0 awg al","Material",null,"un",3,"9,60","28,80"]
["Insumo"," 00003406/SINAPI ","ORSE","Isolador de porcelana, tipo pino monocorpo, para tensao de *15* kv","Material",null,"un",6,"9,30","55,80"]
["Insumo"," 657 ","ORSE","Conec cunha p/c 6 c/ 1/0 awg al","Material",null,"un",1,"23,98","23,98"]
["Insumo"," 714 ","ORSE","Cruzeta em concreto armado, tipo \"t\", 1900mm","Material",null,"un",4,"284,00","1.136,00"]
["Insumo"," 1866 ","ORSE","Poste concreto duplo T (DT) 11/ 600","Material",null,"un",1,"2.300,00","2.300,00"]
["Insumo"," 882 ","ORSE","Elo fusível  3 h, 500 mm","Material",null,"un",3,"15,35","46,05"]
["Insumo"," 588 ","ORSE","Chave fusível 15kv- 24kv 100a 12000a","Material",null,"un",3,"390,00","1.170,00"]
["Insumo"," 664 ","ORSE","Conector p/ haste de aterramento 5/8\"","Material",null,"un",1,"5,00","5,00"]
["Insumo"," 655 ","ORSE","Conec ampactinho tipo VII vermelho / br 444.033-2","Material",null,"un",2,"10,25","20,50"]
["Insumo"," 00000406/SINAPI ","ORSE","Fita aco inox para cintar poste, l = 19 mm, e = 0,5 mm (rolo de 30m)","Material",null,"un",8.3000000000000004E-2,"79,24","6,57"]
["Insumo"," 00000444/SINAPI ","ORSE","Pino rosca externa, em aco galvanizado, para isolador de 15kv, diametro 25 mm, comprimento *290* mm","Material",null,"un",6,"24,00","144,00"]
["Insumo"," 543 ","ORSE","Cartucho para conector cunha série vermelho","Material",null,"un",5,"7,00","35,00"]
["Insumo"," 393 ","ORSE","Cabo de aço cobreado 3 x 9 awg","Material",null,"kg",2.8,"61,39","171,89"]
["Insumo"," 658 ","ORSE","Conec cunha p/c 6 c/ 2 awg al","Material",null,"un",1,"23,98","23,98"]
["Insumo"," 00000439/SINAPI ","ORSE","Parafuso m16 em aco galvanizado, comprimento = 300 mm, diametro = 16 mm, rosca maquina, cabeca quadrada","Material",null,"un",4,"18,18","72,72"]
["Insumo"," 660 ","ORSE","Conector c look","Material",null,"un",1,"32,00","32,00"]
["Insumo"," 958 ","ORSE","Fio alumínio recozido para amarração 6 awg","Material",null,"kg",0.4,"52,50","21,00"]
["Insumo"," 654 ","ORSE","Conec ampactinho tipo ii verde - 880.560-1","Material",null,"un",2,"7,85","15,70"]
["Insumo"," 1683 ","ORSE","Parafuso cabeça quadrada 16 x 400mm","Material",null,"un",2,"19,70","39,40"]
["Insumo"," 1664 ","ORSE","Pára-raio tipo polimérico 12KV, com desligador automático, resist. n/ linear","Material",null,"un",3,"268,00","804,00"]
["Insumo"," 00003379/SINAPI ","ORSE","Haste de aterramento em aco com 3,00 m de comprimento e dn = 5/8\", revestida com baixa camada de cobre, sem conector","Material",null,"un",1,"86,37","86,37"]
["Insumo"," 00000437/SINAPI ","ORSE","Parafuso m16 em aco galvanizado, comprimento = 400 mm, diametro = 16 mm, rosca dupla","Material",null,"un",6,"28,19","169,14"]
["Insumo"," 927 ","ORSE","Estribo normal alça 2 awg para co","Material",null,"un",3,"43,57","130,71"]
["Detalhamento de Cálculo ORSE"]
["Item","Código","Banco","Descrição","Tipo",null,"Und","Quant.","Valor Unit","Total"]
["Insumo"," 00007576/SINAPI ","ORSE","Suporte em aco galvanizado para transformador para poste duplo t 185 x 95 mm,chapa de 5/16\"","Material",null,"un",2,"141,30","282,60"]
["Insumo"," 00001018/SINAPI ","ORSE","Cabo de cobre, flexivel, classe 4 ou 5, isolacao em pvc/a, antichama bwf-b, cobertura pvc-st1, antichama bwf-b, 1 condutor, 0,6/1 kv, secao nominal 50 mm2","Material",null,"m",5,"55,28","276,40"]
["Insumo"," 00000379/SINAPI ","ORSE","Arruela quadrada em aco galvanizado, dimensao = 38 mm, espessura = 3mm, diametro do furo= 18 mm","Material",null,"un",28,"1,43","40,04"]
["Insumo"," 1064 ","ORSE","Grampo linha viva 6 a 250 mcm, ramal 8 a 2/0 awg","Material",null,"un",3,"50,00","150,00"]
["Insumo"," 656 ","ORSE","Conec cunha p/c 2 c/ 1/0 awg al","Material",null,"un",3,"9,60","28,80"]
["Insumo"," 00003406/SINAPI ","ORSE","Isolador de porcelana, tipo pino monocorpo, para tensao de *15* kv","Material",null,"un",6,"9,30","55,80"]
["Insumo"," 657 ","ORSE","Conec cunha p/c 6 c/ 1/0 awg al","Material",null,"un",1,"23,98","23,98"]
["Insumo"," 714 ","ORSE","Cruzeta em concreto armado, tipo \"t\", 1900mm","Material",null,"un",4,"284,00","1.136,00"]
["Insumo"," 1866 ","ORSE","Poste concreto duplo T (DT) 11/ 600","Material",null,"un",1,"2.300,00","2.300,00"]
["Insumo"," 882 ","ORSE","Elo fusível  3 h, 500 mm","Material",null,"un",3,"15,35","46,05"]
["Insumo"," 588 ","ORSE","Chave fusível 15kv- 24kv 100a 12000a","Material",null,"un",3,"390,00","1.170,00"]
["Insumo"," 664 ","ORSE","Conector p/ haste de aterramento 5/8\"","Material",null,"un",1,"5,00","5,00"]
["Insumo"," 655 ","ORSE","Conec ampactinho tipo VII vermelho / br 444.033-2","Material",null,"un",2,"10,25","20,50"]
["Insumo"," 00000406/SINAPI ","ORSE","Fita aco inox para cintar poste, l = 19 mm, e = 0,5 mm (rolo de 30m)","Material",null,"un",8.3000000000000004E-2,"79,24","6,57"]
["Insumo"," 00000444/SINAPI ","ORSE","Pino rosca externa, em aco galvanizado, para isolador de 15kv, diametro 25 mm, comprimento *290* mm","Material",null,"un",6,"24,00","144,00"]
["Insumo"," 543 ","ORSE","Cartucho para conector cunha série vermelho","Material",null,"un",5,"7,00","35,00"]
["Insumo"," 393 ","ORSE","Cabo de aço cobreado 3 x 9 awg","Material",null,"kg",2.8,"61,39","171,89"]
["Insumo"," 658 ","ORSE","Conec cunha p/c 6 c/ 2 awg al","Material",null,"un",1,"23,98","23,98"]
["Insumo"," 00000439/SINAPI ","ORSE","Parafuso m16 em aco galvanizado, comprimento = 300 mm, diametro = 16 mm, rosca maquina, cabeca quadrada","Material",null,"un",4,"18,18","72,72"]
["Insumo"," 660 ","ORSE","Conector c look","Material",null,"un",1,"32,00","32,00"]
["Insumo"," 958 ","ORSE","Fio alumínio recozido para amarração 6 awg","Material",null,"kg",0.4,"52,50","21,00"]
["Insumo"," 654 ","ORSE","Conec ampactinho tipo ii verde - 880.560-1","Material",null,"un",2,"7,85","15,70"]
["Insumo"," 1683 ","ORSE","Parafuso cabeça quadrada 16 x 400mm","Material",null,"un",2,"19,70","39,40"]
["Insumo"," 1664 ","ORSE","Pára-raio tipo polimérico 12KV, com desligador automático, resist. n/ linear","Material",null,"un",3,"268,00","804,00"]
["Insumo"," 00003379/SINAPI ","ORSE","Haste de aterramento em aco com 3,00 m de comprimento e dn = 5/8\", revestida com baixa camada de cobre, sem conector","Material",null,"un",1,"86,37","86,37"]
["Insumo"," 00000437/SINAPI ","ORSE","Parafuso m16 em aco galvanizado, comprimento = 400 mm, diametro = 16 mm, rosca dupla","Material",null,"un",6,"28,19","169,14"]
["Insumo"," 927 ","ORSE","Estribo normal alça 2 awg para co","Material",null,"un",3,"43,57","130,71"]
[{"$nulls":4},"MO sem LS =>",0,"LS =>",0,"MO com LS =>",0]
[{"$nulls":4},"Valor do BDI =>",1755.59,null,"Valor com BDI =>",null,9043.24]
[]
[" 11.1 ","Código","Banco","Descrição","Tipo",null,"Und","Quant.","Valor Unit","Total"]
["Composição"," 100701 ","SINAPI","PORTA DE FERRO, DE ABRIR, TIPO GRADE COM CHAPA, COM GUARNIÇÕES. AF_12/2019","ESQV - ESQUADRIAS/FERRAGENS/VIDROS",null,"m²",1,696.86,696.86]
["Composição Auxiliar"," 88309 ","SINAPI","PEDREIRO COM ENCARGOS COMPLEMENTARES","SEDI - SERVIÇOS DIVERSOS",null,"H",0.45700000000000002,26.59,12.15]
["Composição Auxiliar"," 88316 ","SINAPI","SERVENTE COM ENCARGOS COMPLEMENTARES","SEDI - SERVIÇOS DIVERSOS",null,"H",0.22900000000000001,21.35,4.88]
["Composição Auxiliar"," 88627 ","SINAPI","ARGAMASSA TRAÇO 1:0,5:4,5 (EM VOLUME DE CIMENTO, CAL E AREIA MÉDIA ÚMIDA) PARA ASSENTAMENTO DE ALVENARIA, PREPARO MANUAL. AF_08/2019","SEDI - SERVIÇOS DIVERSOS",null,"m³",1.2E-2,661.94,7.94]
["Insumo"," 00004930 ","SINAPI","PORTA DE ABRIR / GIRO, EM GRADIL FERRO, COM BARRA CHATA 3 CM X 1/4\", COM REQUADRO E GUARNICAO - COMPLETO - ACABAMENTO NATURAL","Material",null,"M²",1,671.89,671.89]
[{"$nulls":4},"MO sem LS =>",6.77,"LS =>",7.75,"MO com LS =>",14.52]
[{"$nulls":4},"Valor do BDI =>",167.87,null,"Valor com BDI =>",null,864.73]
[]
[" 11.2 ","Código","Banco","Descrição","Tipo",null,"Und","Quant.","Valor Unit","Total"]
["Composição"," 12710 ","ORSE","Porta de enrolar, em perfil meia cana fechado, em chapa de aço galvanizado nº22","Esquadrias de Ferro",null,"m²",1,356.36,356.36]
["Item","Código","Banco","Descrição","Tipo",null,"Und","Quant.","Valor Unit","Total"]
["Composição"," 10549 ","ORSE","Encargos Complementares - Servente","Provisórios",null,"h",0.8,"3,87","3,09"]
["Composição"," 1903 ","ORSE","Argamassa cimento e areia traço t-1 (1:3) - 1 saco cimento 50kg / 3 padiolas areia dim. 0.35 x 0.45 x 0.23 m - Confecção mecânica e transporte","Argamassas",null,"m³",1.6E-2,"525,75","8,41"]
["Insumo"," 13470 ","ORSE","Porta de enrolar, em perfil meia cana fechado, em chapa de aço galvanizado nº22","Material",null,"m²",1,"314,98","314,98"]
["Insumo"," 00006111/SINAPI ","ORSE","Servente de obras (horista)","Mão de Obra",null,"h",0.8,"14,58","11,66"]
["Insumo"," 00004750/SINAPI ","ORSE","Pedreiro (horista)","Mão de Obra",null,"h",0.8,"19,02","15,21"]
["Composição"," 10550 ","ORSE","Encargos Complementares - Pedreiro","Provisórios",null,"h",0.8,"3,74","2,99"]
["Detalhamento de Cálculo ORSE"]
["Item","Código","Banco","Descrição","Tipo",null,"Und","Quant.","Valor Unit","Total"]
["Insumo"," 10492 ","ORSE","Cesta Básica","Material",null,"un",7.4879999999999999E-3,"205,00","1,53"]
["Insumo"," 10599 ","ORSE","Protetor solar fps 30 com 120ml","Material",null,"un",2.9951999999999999E-3,"18,00","0,05"]
["Insumo"," 4728 ","ORSE","Talhadeira chata 10\"","Material",null,"un",2.5920000000000001E-4,"18,58","0,00"]
["Insumo"," 00012893/SINAPI ","ORSE","Bota de seguranca com biqueira de aco e colarinho acolchoado","Material",null,"par",1.3312E-3,"73,93","0,09"]
["Insumo"," 10517 ","ORSE","Exames admissionais/demissionais (checkup)","Serviços",null,"cj",6.6560000000000002E-4,"300,00","0,19"]
["Insumo"," 10761 ","ORSE","Refeição - café da manhã ( café com leite e dois pães com manteiga)","Serviços",null,"un",0.1693952,"5,00","0,84"]
["Insumo"," 10596 ","ORSE","Protetor auricular","Material",null,"un",7.4879999999999999E-3,"4,85","0,03"]
["Insumo"," 1651 ","ORSE","Óculos branco proteção","Material",null,"pr",1.3312E-3,"7,00","0,00"]
["Insumo"," 941 ","ORSE","Fardamento com mangas curta","Material",null,"un",2.496E-3,"194,68","0,48"]
["Insumo"," 00012892/SINAPI ","ORSE","Luva raspa de couro, cano curto (punho *7* cm)","Material",null,"par",3.8271999999999998E-3,"10,87","0,04"]
["Insumo"," 158 ","ORSE","Almoço (Participação do empregador)","Material",null,"un",0.1693952,"14,00","2,37"]
["Insumo"," 10788 ","ORSE","Pá quadrada","Material",null,"un",1.728E-4,"36,90","0,00"]
["Insumo"," 00012894/SINAPI ","ORSE","Capa para chuva em pvc com forro de poliester, com capuz (amarela ou azul)","Material",null,"un",3.3280000000000001E-4,"20,11","0,00"]
["Insumo"," 00002711/SINAPI ","ORSE","Carrinho de mao, em aco, com capacidade de *45 a 65* l / *100* kg, pneu com camara","Material",null,"un",1.728E-4,"187,68","0,03"]
["Insumo"," 00012895/SINAPI ","ORSE","Capacete de seguranca aba frontal com suspensao de polietileno, sem jugular (classe b)","Material",null,"un",9.9839999999999998E-4,"13,50","0,01"]
["Insumo"," 10362 ","ORSE","Seguro de vida e acidente em grupo","Serviços",null,"un",7.4879999999999999E-3,"12,54","0,09"]
["Insumo"," 2378 ","ORSE","Vale transporte","Material",null,"un",0.1336224,"4,50","0,60"]
["Insumo"," 4729 ","ORSE","Marreta 1 kg com cabo","Material",null,"un",8.6399999999999999E-5,"37,80","0,00"]
["Insumo"," 00000370/SINAPI ","ORSE","Areia media - posto jazida/fornecedor (retirado na jazida, sem transporte)","Material",null,"m³",1.728E-2,"100,00","1,72"]
["Insumo"," 00001379/SINAPI ","ORSE","Cimento portland composto cp ii-32","Material",null,"kg",7.2351999999999999,"0,76","5,49"]
["Insumo"," 00006111/SINAPI ","ORSE","Servente de obras (horista)","Mão de Obra",null,"h",0.86399999999999999,"14,58","12,59"]
["Insumo"," 13470 ","ORSE","Porta de enrolar, em perfil meia cana fechado, em chapa de aço galvanizado nº22","Material",null,"m²",1,"314,98","314,98"]
["Insumo"," 00004750/SINAPI ","ORSE","Pedreiro (horista)","Mão de Obra",null,"h",0.8,"19,02","15,21"]
["Insumo"," 11264 ","ORSE","Marreta de 1/2 kg com cabo","Material",null,"un",1.6000000000000001E-4,"13,52","0,00"]
["Insumo"," 10282 ","ORSE","Regua de alumínio c/ 2,00m (para pedreiro)","Material",null,"un",1.6000000000000001E-4,"44,00","0,00"]
["Insumo"," 10789 ","ORSE","Nível de bolha de madeira","Material",null,"un",1.6000000000000001E-4,"15,40","0,00"]
["Insumo"," 4722 ","ORSE","Colher de pedreiro","Material",null,"un",3.2000000000000003E-4,"18,80","0,00"]
["Insumo"," 4174 ","ORSE","Desempenadeira de aço lisa, cabo madeira, ref:143, Atlas ou similar","Material",null,"un",4.0000000000000002E-4,"12,00","0,00"]
["Insumo"," 11243 ","ORSE","Martelo sem unha","Material",null,"un",8.0000000000000007E-5,"28,00","0,00"]
["Insumo"," 11246 ","ORSE","Escala métrica de bambú","Material",null,"Un",5.5999999999999995E-4,"10,22","0,00"]
["Insumo"," 10790 ","ORSE","Prumo de face","Material",null,"un",8.0000000000000007E-5,"25,95","0,00"]
["Insumo"," 11247 ","ORSE","Serra mármore","Material",null,"un",8.0000000000000007E-5,"327,80","0,02"]
["Insumo"," 11265 ","ORSE","Martelo de borracha com cabo","Material",null,"un",3.2000000000000003E-4,"18,75","0,00"]
["Insumo"," 11245 ","ORSE","Desempoladeira de madeira 12x22","Material",null,"un",5.5999999999999995E-4,"11,60","0,00"]
[{"$nulls":4},"MO sem LS =>",12.96,"LS =>",14.84,"MO com LS =>",27.8]
[{"$nulls":4},"Valor do BDI =>",85.84,null,"Valor com BDI =>",null,442.2]
[]
[" 11.3 ","Código","Banco","Descrição","Tipo",null,"Und","Quant.","Valor Unit","Total"]
["Composição"," 13135 ","ORSE","Portão em chapa de ferro n.º 18(1,25mm), de correr, quadro em tubo de ferro galvanizado/inter horizontal de 2\", inclusive trancas/ferrolho - Rev 01","Esquadrias de Ferro",null,"m²",1,952.63,952.63]
["Item","Código","Banco","Descrição","Tipo",null,"Und","Quant.","Valor Unit","Total"]
["Insumo"," 13936 ","ORSE","Perfil Aço em T, abas iguais - 1\" x 1/8\" (1,18 kg/m)","Material",null,"kg",1.96,"8,02","15,71"]
["Insumo"," 00011002/SINAPI ","ORSE","Eletrodo revestido aws - e6013, diametro igual a 2,50 mm","Material",null,"kg",11.04,"49,78","549,57"]
["Insumo"," 7504 ","ORSE","Perfil Aço, Cantoneira abas iguais - 1\" x 1/4\" (2,22 kg/m)","Material",null,"kg",0.96,"8,02","7,69"]
["Insumo"," 00006111/SINAPI ","ORSE","Servente de obras (horista)","Mão de Obra",null,"h",2.7,"14,58","39,36"]
["Insumo"," 00006110/SINAPI ","ORSE","Serralheiro (horista)","Mão de Obra",null,"h",2.63,"19,02","50,02"]
["Insumo"," 00043587/SINAPI ","ORSE","Ferrolho com fecho chato e porta cadeado, em aco galvanizado / zincado, de sobrepor, com comprimento de 6\", chapa com espessura minima de 0,90 mm e largura minima de 3,80 cm (fecho simples)","Material",null,"un",7.0000000000000007E-2,"14,05","0,98"]
["Insumo"," 8856 ","ORSE","Barra chata de ferro 1/2\"x1/4\" (0,59 kg/m)","Material",null,"kg",0.25,"11,07","2,76"]
["Insumo"," 13118 ","ORSE","Perfil Aço, UDC Enrijecido 50 x 25 x 2,30(kg/m) - SAE 1008/1012","Material",null,"kg",0.99,"15,80","15,64"]
["Composição"," 10550 ","ORSE","Encargos Complementares - Pedreiro","Provisórios",null,"h",7.0000000000000007E-2,"3,74","0,26"]
["Insumo"," 00004750/SINAPI ","ORSE","Pedreiro (horista)","Mão de Obra",null,"h",7.0000000000000007E-2,"19,02","1,33"]
["Composição"," 10594 ","ORSE","Encargos Complementares - Serralheiro ou Operador de Equipamento Leve","Provisórios",null,"h",2.63,"3,71","9,75"]
["Insumo"," 261 ","ORSE","Barra quadrada de ferro 1/2\" (1,27 kg/m)","Material",null,"m",0.43,"14,06","6,04"]
["Insumo"," 00010997/SINAPI ","ORSE","Eletrodo revestido aws - e7018, diametro igual a 4,00 mm","Material",null,"kg",1.37,"51,84","71,02"]
["Insumo"," 8810 ","ORSE","Barra chata de ferro 3/4\" x 1/4\" (0,95 kg/m)","Material",null,"kg",4.75,"11,07","52,58"]
["Composição"," 10549 ","ORSE","Encargos Complementares - Servente","Provisórios",null,"h",2.7,"3,87","10,44"]
["Insumo"," 8855 ","ORSE","Roldana para portão de ferro de correr (inferior), d=3\", com caixa","Material",null,"un",0.14000000000000001,"41,64","5,82"]
["Insumo"," 00021013/SINAPI ","ORSE","Tubo aco galvanizado com costura, classe leve, dn 50 mm (2\"), e = 3,00 mm, *4,40* kg/m (nbr 5580)","Material",null,"m",1.45,"67,19","97,42"]
["Insumo"," 00004777/SINAPI ","ORSE","Cantoneira aco abas iguais (qualquer bitola), espessura entre 1/8\" e 1/4\"","Material",null,"kg",1.98,"8,02","15,87"]
["Detalhamento de Cálculo ORSE"]
["Item","Código","Banco","Descrição","Tipo",null,"Und","Quant.","Valor Unit","Total"]
["Insumo"," 13936 ","ORSE","Perfil Aço em T, abas iguais - 1\" x 1/8\" (1,18 kg/m)","Material",null,"kg",1.96,"8,02","15,71"]
["Insumo"," 00011002/SINAPI ","ORSE","Eletrodo revestido aws - e6013, diametro igual a 2,50 mm","Material",null,"kg",11.04,"49,78","549,57"]
["Insumo"," 7504 ","ORSE","Perfil Aço, Cantoneira abas iguais - 1\" x 1/4\" (2,22 kg/m)","Material",null,"kg",0.96,"8,02","7,69"]
["Insumo"," 00006111/SINAPI ","ORSE","Servente de obras (horista)","Mão de Obra",null,"h",2.7,"14,58","39,36"]
["Insumo"," 00006110/SINAPI ","ORSE","Serralheiro (horista)","Mão de Obra",null,"h",2.63,"19,02","50,02"]
["Insumo"," 00043587/SINAPI ","ORSE","Ferrolho com fecho chato e porta cadeado, em aco galvanizado / zincado, de sobrepor, com comprimento de 6\", chapa com espessura minima de 0,90 mm e largura minima de 3,80 cm (fecho simples)","Material",null,"un",7.0000000000000007E-2,"14,05","0,98"]
["Insumo"," 8856 ","ORSE","Barra chata de ferro 1/2\"x1/4\" (0,59 kg/m)","Material",null,"kg",0.25,"11,07","2,76"]
["Insumo"," 13118 ","ORSE","Perfil Aço, UDC Enrijecido 50 x 25 x 2,30(kg/m) - SAE 1008/1012","Material",null,"kg",0.99,"15,80","15,64"]
["Insumo"," 11264 ","ORSE","Marreta de 1/2 kg com cabo","Material",null,"un",1.4E-5,"13,52","0,00"]
["Insumo"," 10282 ","ORSE","Regua de alumínio c/ 2,00m (para pedreiro)","Material",null,"un",1.4E-5,"44,00","0,00"]
["Insumo"," 10789 ","ORSE","Nível de bolha de madeira","Material",null,"un",1.4E-5,"15,40","0,00"]
["Insumo"," 00012895/SINAPI ","ORSE","Capacete de seguranca aba frontal com suspensao de polietileno, sem jugular (classe b)","Material",null,"un",3.2399999999999998E-3,"13,50","0,04"]
["Insumo"," 4722 ","ORSE","Colher de pedreiro","Material",null,"un",2.8E-5,"18,80","0,00"]
["Insumo"," 10761 ","ORSE","Refeição - café da manhã ( café com leite e dois pães com manteiga)","Serviços",null,"un",0.54971999999999999,"5,00","2,74"]
["Insumo"," 00012894/SINAPI ","ORSE","Capa para chuva em pvc com forro de poliester, com capuz (amarela ou azul)","Material",null,"un",1.08E-3,"20,11","0,02"]
["Insumo"," 4174 ","ORSE","Desempenadeira de aço lisa, cabo madeira, ref:143, Atlas ou similar","Material",null,"un",3.4999999999999997E-5,"12,00","0,00"]
["Insumo"," 11243 ","ORSE","Martelo sem unha","Material",null,"un",6.9999999999999999E-6,"28,00","0,00"]
["Insumo"," 10362 ","ORSE","Seguro de vida e acidente em grupo","Serviços",null,"un",2.4299999999999999E-2,"12,54","0,30"]
["Insumo"," 2378 ","ORSE","Vale transporte","Material",null,"un",0.43064999999999998,"4,50","1,93"]
["Insumo"," 11246 ","ORSE","Escala métrica de bambú","Material",null,"Un",4.8999999999999998E-5,"10,22","0,00"]
["Insumo"," 10790 ","ORSE","Prumo de face","Material",null,"un",6.9999999999999999E-6,"25,95","0,00"]
["Insumo"," 00012893/SINAPI ","ORSE","Bota de seguranca com biqueira de aco e colarinho acolchoado","Material",null,"par",4.3200000000000001E-3,"73,93","0,31"]
["Insumo"," 11247 ","ORSE","Serra mármore","Material",null,"un",6.9999999999999999E-6,"327,80","0,00"]
["Insumo"," 00012892/SINAPI ","ORSE","Luva raspa de couro, cano curto (punho *7* cm)","Material",null,"par",1.242E-2,"10,87","0,13"]
["Insumo"," 1651 ","ORSE","Óculos branco proteção","Material",null,"pr",4.3200000000000001E-3,"7,00","0,03"]
["Insumo"," 158 ","ORSE","Almoço (Participação do empregador)","Material",null,"un",0.54971999999999999,"14,00","7,69"]
["Insumo"," 11265 ","ORSE","Martelo de borracha com cabo","Material",null,"un",2.8E-5,"18,75","0,00"]
["Insumo"," 10596 ","ORSE","Protetor auricular","Material",null,"un",2.4299999999999999E-2,"4,85","0,11"]
["Insumo"," 10492 ","ORSE","Cesta Básica","Material",null,"un",2.4299999999999999E-2,"205,00","4,98"]
["Insumo"," 10599 ","ORSE","Protetor solar fps 30 com 120ml","Material",null,"un",9.7199999999999995E-3,"18,00","0,17"]
["Insumo"," 941 ","ORSE","Fardamento com mangas curta","Material",null,"un",8.0999999999999996E-3,"194,68","1,57"]
["Insumo"," 11245 ","ORSE","Desempoladeira de madeira 12x22","Material",null,"un",4.8999999999999998E-5,"11,60","0,00"]
["Insumo"," 10517 ","ORSE","Exames admissionais/demissionais (checkup)","Serviços",null,"cj",2.16E-3,"300,00","0,64"]
["Insumo"," 00004750/SINAPI ","ORSE","Pedreiro (horista)","Mão de Obra",null,"h",7.0000000000000007E-2,"19,02","1,33"]
["Insumo"," 10585 ","ORSE","Arco de serra","Material",null,"un",5.2599999999999999E-4,"20,90","0,01"]
["Insumo"," 10586 ","ORSE","Torquesa","Material",null,"un",5.2599999999999999E-4,"39,00","0,02"]
["Insumo"," 261 ","ORSE","Barra quadrada de ferro 1/2\" (1,27 kg/m)","Material",null,"m",0.43,"14,06","6,04"]
["Insumo"," 00010997/SINAPI ","ORSE","Eletrodo revestido aws - e7018, diametro igual a 4,00 mm","Material",null,"kg",1.37,"51,84","71,02"]
["Insumo"," 8810 ","ORSE","Barra chata de ferro 3/4\" x 1/4\" (0,95 kg/m)","Material",null,"kg",4.75,"11,07","52,58"]
["Insumo"," 4728 ","ORSE","Talhadeira chata 10\"","Material",null,"un",8.0999999999999996E-4,"18,58","0,01"]
["Insumo"," 10788 ","ORSE","Pá quadrada","Material",null,"un",5.4000000000000001E-4,"36,90","0,01"]
["Insumo"," 00002711/SINAPI ","ORSE","Carrinho de mao, em aco, com capacidade de *45 a 65* l / *100* kg, pneu com camara","Material",null,"un",5.4000000000000001E-4,"187,68","0,10"]
["Insumo"," 4729 ","ORSE","Marreta 1 kg com cabo","Material",null,"un",2.7E-4,"37,80","0,01"]
["Insumo"," 8855 ","ORSE","Roldana para portão de ferro de correr (inferior), d=3\", com caixa","Material",null,"un",0.14000000000000001,"41,64","5,82"]
["Insumo"," 00021013/SINAPI ","ORSE","Tubo aco galvanizado com costura, classe leve, dn 50 mm (2\"), e = 3,00 mm, *4,40* kg/m (nbr 5580)","Material",null,"m",1.45,"67,19","97,42"]
["Insumo"," 00004777/SINAPI ","ORSE","Cantoneira aco abas iguais (qualquer bitola), espessura entre 1/8\" e 1/4\"","Material",null,"kg",1.98,"8,02","15,87"]
[{"$nulls":4},"MO sem LS =>",42.3,"LS =>",48.41,"MO com LS =>",90.71]
[{"$nulls":4},"Valor do BDI =>",229.48,null,"Valor com BDI =>",null,1182.1099999999999]
[]
[" 11.4 ","Código","Banco","Descrição","Tipo",null,"Und","Quant.","Valor Unit","Total"]
["Composição"," 500 ","Próprio","FORNECIMENTO E INSTALAÇÃO DE PERGOLADO METALICO EM PERFIL \"U\" DE 5\"","ESQV - ESQUADRIAS/FERRAGENS/VIDROS",null,"m²",1,282.48,282.48]
["Composição Auxiliar"," 98764 ","SINAPI","INVERSOR DE SOLDA MONOFÁSICO DE 160 A, POTÊNCIA DE 7000 W, TENSÃO DE 220 V, TURBO VENTILADO, PROTEÇÃO POR TERMOSTATO, PARA ELETRODOS DE 2,0 A 4,0 MM - CHP DIURNO. AF_06/2018","CHOR - CUSTOS HORÁRIOS DE MÁQUINAS E EQUIPAMENTOS",null,"CHP",1.35,6.27,8.4600000000000009]
["Composição Auxiliar"," 98765 ","SINAPI","INVERSOR DE SOLDA MONOFÁSICO DE 160 A, POTÊNCIA DE 7000 W, TENSÃO DE 220 V, TURBO VENTILADO, PROTEÇÃO POR TERMOSTATO, PARA ELETRODOS DE 2,0 A 4,0 MM - CHI DIURNO. AF_06/2018","CHOR - CUSTOS HORÁRIOS DE MÁQUINAS E EQUIPAMENTOS",null,"CHI",2.63,7.0000000000000007E-2,0.18]
["Composição Auxiliar"," 88315 ","SINAPI","SERRALHEIRO COM ENCARGOS COMPLEMENTARES","SEDI - SERVIÇOS DIVERSOS",null,"H",2.5,28.41,71.02]
["Composição Auxiliar"," 88251 ","SINAPI","AUXILIAR DE SERRALHEIRO COM ENCARGOS COMPLEMENTARES","SEDI - SERVIÇOS DIVERSOS",null,"H",1.3,22.38,29.09]
["Insumo"," 00011002 ","SINAPI","ELETRODO REVESTIDO AWS - E6013, DIAMETRO IGUAL A 2,50 MM","Material",null,"KG",1.35,50.27,67.86]
["Insumo"," 00040598 ","SINAPI","PERFIL \"U\" SIMPLES, EM CHAPA DOBRADA DE ACO LAMINADO, E = 3 MM, H = 125 MM, L = 50 MM (5,07 KG/M)","Material",null,"KG",12.53,8.4499999999999993,105.87]
[{"$nulls":4},"MO sem LS =>",35.94,"LS =>",41.14,"MO com LS =>",77.08]
[{"$nulls":4},"Valor do BDI =>",68.040000000000006,null,"Valor com BDI =>",null,350.52]
[]
[" 12.1 ","Código","Banco","Descrição","Tipo",null,"Und","Quant.","Valor Unit","Total"]
["Composição"," 86935 ","SINAPI","CUBA DE EMBUTIR DE AÇO INOXIDÁVEL MÉDIA, INCLUSO VÁLVULA TIPO AMERICANA EM METAL CROMADO E SIFÃO FLEXÍVEL EM PVC - FORNECIMENTO E INSTALAÇÃO. AF_01/2020","INHI - INSTALAÇÕES HIDROS SANITÁRIAS",null,"UN",1,295.10000000000002,295.10000000000002]
["Composição Auxiliar"," 86878 ","SINAPI","VÁLVULA EM METAL CROMADO TIPO AMERICANA 3.1/2\" X 1.1/2\" PARA PIA - FORNECIMENTO E INSTALAÇÃO. AF_01/2020","INHI - INSTALAÇÕES HIDROS SANITÁRIAS",null,"UN",1,72.930000000000007,72.930000000000007]
["Composição Auxiliar"," 86883 ","SINAPI","SIFÃO DO TIPO FLEXÍVEL EM PVC 1 X 1.1/2 - FORNECIMENTO E INSTALAÇÃO. AF_01/2020","INHI - INSTALAÇÕES HIDROS SANITÁRIAS",null,"UN",1,11.29,11.29]
["Composição Auxiliar"," 86900 ","SINAPI","CUBA DE EMBUTIR RETANGULAR DE AÇO INOXIDÁVEL, 46 X 30 X 12 CM - FORNECIMENTO E INSTALAÇÃO. AF_01/2020","INHI - INSTALAÇÕES HIDROS SANITÁRIAS",null,"UN",1,210.88,210.88]
[{"$nulls":4},"MO sem LS =>",9.3000000000000007,"LS =>",10.65,"MO com LS =>",19.95]
[{"$nulls":4},"Valor do BDI =>",71.08,null,"Valor com BDI =>",null,366.18]
[]
[" 12.2 ","Código","Banco","Descrição","Tipo",null,"Und","Quant.","Valor Unit","Total"]
["Composição"," 86885 ","SINAPI","ENGATE FLEXÍVEL EM PLÁSTICO BRANCO, 1/2\" X 40CM - FORNECIMENTO E INSTALAÇÃO. AF_01/2020","INHI - INSTALAÇÕES HIDROS SANITÁRIAS",null,"UN",1,11.94,11.94]
["Composição Auxiliar"," 88316 ","SINAPI","SERVENTE COM ENCARGOS COMPLEMENTARES","SEDI - SERVIÇOS DIVERSOS",null,"H",4.8099999999999997E-2,21.35,1.02]
["Composição Auxiliar"," 88267 ","SINAPI","ENCANADOR OU BOMBEIRO HIDRÁULICO COM ENCARGOS COMPLEMENTARES","SEDI - SERVIÇOS DIVERSOS",null,"H",0.1525,31.26,4.76]
["Insumo"," 00011681 ","SINAPI","ENGATE/RABICHO FLEXIVEL PLASTICO (PVC OU ABS) BRANCO 1/2\" X 40 CM","Material",null,"UN",1,6.1,6.1]
["Insumo"," 00003146 ","SINAPI","FITA VEDA ROSCA, EM PTFE, ROLO DE 18 MM X 10 M (L X C)","Material",null,"UN",2.1000000000000001E-2,3,0.06]
[{"$nulls":4},"MO sem LS =>",2.17,"LS =>",2.5,"MO com LS =>",4.67]
[{"$nulls":4},"Valor do BDI =>",2.87,null,"Valor com BDI =>",null,14.81]
[]
[" 12.3 ","Código","Banco","Descrição","Tipo",null,"Und","Quant.","Valor Unit","Total"]
["Composição"," 86909 ","SINAPI","TORNEIRA CROMADA TUBO MÓVEL, DE MESA, 1/2\" OU 3/4\", PARA PIA DE COZINHA, PADRÃO ALTO - FORNECIMENTO E INSTALAÇÃO. AF_01/2020","INHI - INSTALAÇÕES HIDROS SANITÁRIAS",null,"UN",1,144.41999999999999,144.41999999999999]
["Composição Auxiliar"," 88267 ","SINAPI","ENCANADOR OU BOMBEIRO HIDRÁULICO COM ENCARGOS COMPLEMENTARES","SEDI - SERVIÇOS DIVERSOS",null,"H",0.16669999999999999,31.26,5.21]
["Composição Auxiliar"," 88316 ","SINAPI","SERVENTE COM ENCARGOS COMPLEMENTARES","SEDI - SERVIÇOS DIVERSOS",null,"H",5.2499999999999998E-2,21.35,1.1200000000000001]
["Insumo"," 00011772 ","SINAPI","TORNEIRA METALICA CROMADA, DE MESA/BANCADA, PARA COZINHA, BICA MOVEL, COM AREJADOR, 1/2\" OU 3/4\"","Material",null,"UN",1,138.03,138.03]
["Insumo"," 00003146 ","SINAPI","FITA VEDA ROSCA, EM PTFE, ROLO DE 18 MM X 10 M (L X C)","Material",null,"UN",2.1000000000000001E-2,3,0.06]
[{"$nulls":4},"MO sem LS =>",2.37,"LS =>",2.73,"MO com LS =>",5.0999999999999996]
[{"$nulls":4},"Valor do BDI =>",34.79,null,"Valor com BDI =>",null,179.21]
[]
[" 12.4 ","Código","Banco","Descrição","Tipo",null,"Und","Quant.","Valor Unit","Total"]
["Composição"," 104328 ","SINAPI","CAIXA SIFONADA, COM GRELHA QUADRADA, PVC, DN 150 X 150 X 50 MM, JUNTA SOLDÁVEL, FORNECIDA E INSTALADA EM RAMAL DE DESCARGA OU EM RAMAL DE ESGOTO SANITÁRIO. AF_08/2022","INHI - INSTALAÇÕES HIDROS SANITÁRIAS",null,"UN",1,64.349999999999994,64.349999999999994]
["Composição Auxiliar"," 88267 ","SINAPI","ENCANADOR OU BOMBEIRO HIDRÁULICO COM ENCARGOS COMPLEMENTARES","SEDI - SERVIÇOS DIVERSOS",null,"H",0.42309999999999998,31.26,13.22]
["Composição Auxiliar"," 88248 ","SINAPI","AUXILIAR DE ENCANADOR OU BOMBEIRO HIDRÁULICO COM ENCARGOS COMPLEMENTARES","SEDI - SERVIÇOS DIVERSOS",null,"H",0.42309999999999998,21.84,9.24]
["Insumo"," 00000122 ","SINAPI","ADESIVO PLASTICO PARA PVC, FRASCO COM *850* GR","Material",null,"UN",2.92E-2,53.47,1.56]
["Insumo"," 00020083 ","SINAPI","SOLUCAO PREPARADORA / LIMPADORA PARA PVC, FRASCO COM 1000 CM3","Material",null,"UN",4.3999999999999997E-2,60.58,2.66]
["Insumo"," 00011712 ","SINAPI","CAIXA SIFONADA, PVC, 150 X 150 X 50 MM, COM GRELHA QUADRADA, BRANCA (NBR 5688)","Material",null,"UN",1,37.65,37.65]
["Insumo"," 00038383 ","SINAPI","LIXA D'AGUA EM FOLHA, COR PRETA, GRAO 100","Material",null,"UN",1.54E-2,1.94,0.02]
[{"$nulls":4},"MO sem LS =>",8.33,"LS =>",9.5500000000000007,"MO com LS =>",17.88]
[{"$nulls":4},"Valor do BDI =>",15.5,null,"Valor com BDI =>",null,79.849999999999994]
[]
[" 12.5 ","Código","Banco","Descrição","Tipo",null,"Und","Quant.","Valor Unit","Total"]
["Composição"," 89987 ","SINAPI","REGISTRO DE GAVETA BRUTO, LATÃO, ROSCÁVEL, 3/4\", COM ACABAMENTO E CANOPLA CROMADOS - FORNECIMENTO E INSTALAÇÃO. AF_08/2021","INHI - INSTALAÇÕES HIDROS SANITÁRIAS",null,"UN",1,101.75,101.75]
["Composição Auxiliar"," 88248 ","SINAPI","AUXILIAR DE ENCANADOR OU BOMBEIRO HIDRÁULICO COM ENCARGOS COMPLEMENTARES","SEDI - SERVIÇOS DIVERSOS",null,"H",0.22120000000000001,21.84,4.83]
["Composição Auxiliar"," 88267 ","SINAPI","ENCANADOR OU BOMBEIRO HIDRÁULICO COM ENCARGOS COMPLEMENTARES","SEDI - SERVIÇOS DIVERSOS",null,"H",0.22120000000000001,31.26,6.91]
["Insumo"," 00003148 ","SINAPI","FITA VEDA ROSCA, EM PTFE, ROLO DE 18 MM X 50 M (L X C)","Material",null,"UN",1.06E-2,11.06,0.11]
["Insumo"," 00006005 ","SINAPI","REGISTRO GAVETA COM ACABAMENTO E CANOPLA CROMADOS, SIMPLES, BITOLA 3/4\"","Material",null,"UN",1,89.9,89.9]
[{"$nulls":4},"MO sem LS =>",4.3499999999999996,"LS =>",4.99,"MO com LS =>",9.34]
[{"$nulls":4},"Valor do BDI =>",24.51,null,"Valor com BDI =>",null,126.26]
[]
[" 12.6 ","Código","Banco","Descrição","Tipo",null,"Und","Quant.","Valor Unit","Total"]
["Composição"," 10759 ","ORSE","Bancada em granito cinza andorinha, e=2cm","Conversão InfoWOrca",null,"m²",1,554.91999999999996,554.91999999999996]
["Item","Código","Banco","Descrição","Tipo",null,"Und","Quant.","Valor Unit","Total"]
["Insumo"," 3116 ","ORSE","Cantoneira alumínio anodizado natural, 1\" x  1/8\" - vara com 6m - 0,408 kg/m","Material",null,"m",0.6,"14,89","8,93"]
["Insumo"," 00004750/SINAPI ","ORSE","Pedreiro (horista)","Mão de Obra",null,"h",0.65,"19,02","12,36"]
["Insumo"," 2585 ","ORSE","Tampo/bancada de granito cinza andorinha, e=2cm","Material",null,"m²",1,"510,10","510,10"]
["Composição"," 10550 ","ORSE","Encargos Complementares - Pedreiro","Provisórios",null,"h",0.65,"3,74","2,43"]
["Composição"," 10549 ","ORSE","Encargos Complementares - Servente","Provisórios",null,"h",1.1399999999999999,"3,87","4,41"]
["Insumo"," 00006111/SINAPI ","ORSE","Servente de obras (horista)","Mão de Obra",null,"h",1.1399999999999999,"14,58","16,62"]
["Detalhamento de Cálculo ORSE"]
["Item","Código","Banco","Descrição","Tipo",null,"Und","Quant.","Valor Unit","Total"]
["Insumo"," 3116 ","ORSE","Cantoneira alumínio anodizado natural, 1\" x  1/8\" - vara com 6m - 0,408 kg/m","Material",null,"m",0.6,"14,89","8,93"]
["Insumo"," 00004750/SINAPI ","ORSE","Pedreiro (horista)","Mão de Obra",null,"h",0.65,"19,02","12,36"]
["Insumo"," 2585 ","ORSE","Tampo/bancada de granito cinza andorinha, e=2cm","Material",null,"m²",1,"510,10","510,10"]
["Insumo"," 11264 ","ORSE","Marreta de 1/2 kg com cabo","Material",null,"un",1.2999999999999999E-4,"13,52","0,00"]
["Insumo"," 10282 ","ORSE","Regua de alumínio c/ 2,00m (para pedreiro)","Material",null,"un",1.2999999999999999E-4,"44,00","0,00"]
["Insumo"," 10789 ","ORSE","Nível de bolha de madeira","Material",null,"un",1.2999999999999999E-4,"15,40","0,00"]
["Insumo"," 00012895/SINAPI ","ORSE","Capacete de seguranca aba frontal com suspensao de polietileno, sem jugular (classe b)","Material",null,"un",1.0740000000000001E-3,"13,50","0,01"]
["Insumo"," 4722 ","ORSE","Colher de pedreiro","Material",null,"un",2.5999999999999998E-4,"18,80","0,00"]
["Insumo"," 10761 ","ORSE","Refeição - café da manhã ( café com leite e dois pães com manteiga)","Serviços",null,"un",0.182222,"5,00","0,91"]
["Insumo"," 00012894/SINAPI ","ORSE","Capa para chuva em pvc com forro de poliester, com capuz (amarela ou azul)","Material",null,"un",3.5799999999999997E-4,"20,11","0,00"]
["Insumo"," 4174 ","ORSE","Desempenadeira de aço lisa, cabo madeira, ref:143, Atlas ou similar","Material",null,"un",3.2499999999999999E-4,"12,00","0,00"]
["Insumo"," 11243 ","ORSE","Martelo sem unha","Material",null,"un",6.4999999999999994E-5,"28,00","0,00"]
["Insumo"," 10362 ","ORSE","Seguro de vida e acidente em grupo","Serviços",null,"un",8.0549999999999997E-3,"12,54","0,10"]
["Insumo"," 2378 ","ORSE","Vale transporte","Material",null,"un",0.149784,"4,50","0,67"]
["Insumo"," 11246 ","ORSE","Escala métrica de bambú","Material",null,"Un",4.55E-4,"10,22","0,00"]
["Insumo"," 10790 ","ORSE","Prumo de face","Material",null,"un",6.4999999999999994E-5,"25,95","0,00"]
["Insumo"," 00012893/SINAPI ","ORSE","Bota de seguranca com biqueira de aco e colarinho acolchoado","Material",null,"par",1.4319999999999999E-3,"73,93","0,10"]
["Insumo"," 11247 ","ORSE","Serra mármore","Material",null,"un",6.4999999999999994E-5,"327,80","0,02"]
["Insumo"," 00012892/SINAPI ","ORSE","Luva raspa de couro, cano curto (punho *7* cm)","Material",null,"par",4.117E-3,"10,87","0,04"]
["Insumo"," 1651 ","ORSE","Óculos branco proteção","Material",null,"pr",1.4319999999999999E-3,"7,00","0,01"]
["Insumo"," 158 ","ORSE","Almoço (Participação do empregador)","Material",null,"un",0.182222,"14,00","2,55"]
["Insumo"," 11265 ","ORSE","Martelo de borracha com cabo","Material",null,"un",2.5999999999999998E-4,"18,75","0,00"]
["Insumo"," 10596 ","ORSE","Protetor auricular","Material",null,"un",8.0549999999999997E-3,"4,85","0,03"]
["Insumo"," 10492 ","ORSE","Cesta Básica","Material",null,"un",8.0549999999999997E-3,"205,00","1,65"]
["Insumo"," 10599 ","ORSE","Protetor solar fps 30 com 120ml","Material",null,"un",3.222E-3,"18,00","0,05"]
["Insumo"," 941 ","ORSE","Fardamento com mangas curta","Material",null,"un",2.6849999999999999E-3,"194,68","0,52"]
["Insumo"," 11245 ","ORSE","Desempoladeira de madeira 12x22","Material",null,"un",4.55E-4,"11,60","0,00"]
["Insumo"," 10517 ","ORSE","Exames admissionais/demissionais (checkup)","Serviços",null,"cj",7.1599999999999995E-4,"300,00","0,21"]
["Insumo"," 4728 ","ORSE","Talhadeira chata 10\"","Material",null,"un",3.4200000000000002E-4,"18,58","0,00"]
["Insumo"," 10788 ","ORSE","Pá quadrada","Material",null,"un",2.2800000000000001E-4,"36,90","0,00"]
["Insumo"," 00002711/SINAPI ","ORSE","Carrinho de mao, em aco, com capacidade de *45 a 65* l / *100* kg, pneu com camara","Material",null,"un",2.2800000000000001E-4,"187,68","0,04"]
["Insumo"," 4729 ","ORSE","Marreta 1 kg com cabo","Material",null,"un",1.1400000000000001E-4,"37,80","0,00"]
["Insumo"," 00006111/SINAPI ","ORSE","Servente de obras (horista)","Mão de Obra",null,"h",1.1399999999999999,"14,58","16,62"]
[{"$nulls":4},"MO sem LS =>",13.51,"LS =>",15.47,"MO com LS =>",28.98]
[{"$nulls":4},"Valor do BDI =>",133.68,null,"Valor com BDI =>",null,688.6]
[]
[" 13.1 ","Código","Banco","Descrição","Tipo",null,"Und","Quant.","Valor Unit","Total"]
["Composição"," 88497 ","SINAPI","EMASSAMENTO COM MASSA LÁTEX, APLICAÇÃO EM PAREDE, DUAS DEMÃOS, LIXAMENTO MANUAL. AF_04/2023","PINT - PINTURAS",null,"m²",1,16.63,16.63]
["Composição Auxiliar"," 88310 ","SINAPI","PINTOR COM ENCARGOS COMPLEMENTARES","SEDI - SERVIÇOS DIVERSOS",null,"H",0.36099999999999999,28.27,10.199999999999999]
["Composição Auxiliar"," 88316 ","SINAPI","SERVENTE COM ENCARGOS COMPLEMENTARES","SEDI - SERVIÇOS DIVERSOS",null,"H",0.1203,21.35,2.56]
["Insumo"," 00043626 ","SINAPI","MASSA CORRIDA PARA SUPERFICIES DE AMBIENTES INTERNOS","Material",null,"KG",1.3389,2.84,3.8]
["Insumo"," 00003767 ","SINAPI","LIXA EM FOLHA PARA PAREDE OU MADEIRA, NUMERO 120, COR VERMELHA","Material",null,"UN",8.0199999999999994E-2,0.96,7.0000000000000007E-2]
[{"$nulls":4},"MO sem LS =>",4.29,"LS =>",4.92,"MO com LS =>",9.2100000000000009]
[{"$nulls":4},"Valor do BDI =>",4,null,"Valor com BDI =>",null,20.63]
[]
[" 13.2 ","Código","Banco","Descrição","Tipo",null,"Und","Quant.","Valor Unit","Total"]
["Composição"," 95626 ","SINAPI","APLICAÇÃO MANUAL DE TINTA LÁTEX ACRÍLICA EM PAREDE EXTERNAS DE CASAS, DUAS DEMÃOS. AF_03/2024","PINT - PINTURAS",null,"m²",1,15.84,15.84]
["Composição Auxiliar"," 88310 ","SINAPI","PINTOR COM ENCARGOS COMPLEMENTARES","SEDI - SERVIÇOS DIVERSOS",null,"H",0.28660000000000002,28.27,8.1]
["Composição Auxiliar"," 88316 ","SINAPI","SERVENTE COM ENCARGOS COMPLEMENTARES","SEDI - SERVIÇOS DIVERSOS",null,"H",4.6800000000000001E-2,21.35,0.99]
["Insumo"," 00007356 ","SINAPI","TINTA LATEX ACRILICA PREMIUM, COR BRANCO FOSCO","Material",null,"L",0.20615,32.79,6.75]
[{"$nulls":4},"MO sem LS =>",3.05,"LS =>",3.5,"MO com LS =>",6.55]
[{"$nulls":4},"Valor do BDI =>",3.81,null,"Valor com BDI =>",null,19.649999999999999]
[]
[" 13.3 ","Código","Banco","Descrição","Tipo",null,"Und","Quant.","Valor Unit","Total"]
["Composição"," 100758 ","SINAPI","PINTURA COM TINTA ALQUÍDICA DE ACABAMENTO (ESMALTE SINTÉTICO ACETINADO) APLICADA A ROLO OU PINCEL SOBRE SUPERFÍCIES METÁLICAS (EXCETO PERFIL) EXECUTADO EM OBRA (02 DEMÃOS). AF_01/2020","PINT - PINTURAS",null,"m²",1,49.79,49.79]
["Composição Auxiliar"," 88310 ","SINAPI","PINTOR COM ENCARGOS COMPLEMENTARES","SEDI - SERVIÇOS DIVERSOS",null,"H",1.3559000000000001,28.27,38.33]
["Insumo"," 00005318 ","SINAPI","DILUENTE AGUARRAS","Material",null,"L",2.5499999999999998E-2,21.2,0.54]
["Insumo"," 00007311 ","SINAPI","TINTA ESMALTE SINTETICO PREMIUM ACETINADO","Material",null,"L",0.25490000000000002,42.85,10.92]
[{"$nulls":4},"MO sem LS =>",12.9,"LS =>",14.76,"MO com LS =>",27.66]
[{"$nulls":4},"Valor do BDI =>",11.99,null,"Valor com BDI =>",null,61.78]
[]
[" 14.1.1 ","Código","Banco","Descrição","Tipo",null,"Und","Quant.","Valor Unit","Total"]
["Composição"," 92336 ","SINAPI","TUBO DE AÇO GALVANIZADO COM COSTURA, CLASSE MÉDIA, CONEXÃO RANHURADA, DN 65 (2 1/2\"), INSTALADO EM PRUMADAS - FORNECIMENTO E INSTALAÇÃO. AF_10/2020","Instalações de Gás e Incêndio em Aço e Ferro Galvanizado",null,"M",1,112.07,112.07]
["Composição Auxiliar"," 88248 ","SINAPI","AUXILIAR DE ENCANADOR OU BOMBEIRO HIDRÁULICO COM ENCARGOS COMPLEMENTARES","SEDI - SERVIÇOS DIVERSOS",null,"H",0.30599999999999999,21.84,6.68]
["Composição Auxiliar"," 88267 ","SINAPI","ENCANADOR OU BOMBEIRO HIDRÁULICO COM ENCARGOS COMPLEMENTARES","SEDI - SERVIÇOS DIVERSOS",null,"H",0.30599999999999999,31.26,9.56]
["Insumo"," 00007701 ","SINAPI","TUBO ACO GALVANIZADO COM COSTURA, CLASSE MEDIA, DN 2.1/2\", E = *3,65* MM, PESO *6,51* KG/M (NBR 5580)","Material",null,"M",1.0389999999999999,92.24,95.83]
[{"$nulls":4},"MO sem LS =>",6.03,"LS =>",6.9,"MO com LS =>",12.93]
[{"$nulls":4},"Valor do BDI =>",26.99,null,"Valor com BDI =>",null,139.06]
[]
[" 14.1.2 ","Código","Banco","Descrição","Tipo",null,"Und","Quant.","Valor Unit","Total"]
["Composição"," 92337 ","SINAPI","TUBO DE AÇO GALVANIZADO COM COSTURA, CLASSE MÉDIA, CONEXÃO RANHURADA, DN 80 (3\"), INSTALADO EM PRUMADAS - FORNECIMENTO E INSTALAÇÃO. AF_10/2020","Instalações de Gás e Incêndio em Aço e Ferro Galvanizado",null,"M",1,147.32,147.32]
["Composição Auxiliar"," 88248 ","SINAPI","AUXILIAR DE ENCANADOR OU BOMBEIRO HIDRÁULICO COM ENCARGOS COMPLEMENTARES","SEDI - SERVIÇOS DIVERSOS",null,"H",0.34599999999999997,21.84,7.55]
["Composição Auxiliar"," 88267 ","SINAPI","ENCANADOR OU BOMBEIRO HIDRÁULICO COM ENCARGOS COMPLEMENTARES","SEDI - SERVIÇOS DIVERSOS",null,"H",0.34599999999999997,31.26,10.81]
["Insumo"," 00007694 ","SINAPI","TUBO ACO GALVANIZADO COM COSTURA, CLASSE MEDIA, DN 3\", E = *4,05* MM, PESO *8,47* KG/M (NBR 5580)","Material",null,"M",1.0389999999999999,124.12,128.96]
[{"$nulls":4},"MO sem LS =>",6.81,"LS =>",7.81,"MO com LS =>",14.62]
[{"$nulls":4},"Valor do BDI =>",35.479999999999997,null,"Valor com BDI =>",null,182.8]
[]
[" 14.1.3 ","Código","Banco","Descrição","Tipo",null,"Und","Quant.","Valor Unit","Total"]
["Composição"," 11283 ","ORSE","Flange sextavado de ferro galvanizado, com rosca bsp, de 4\"","Tubos e Conexões de PVC Rígido Roscável",null,"un",1,219.12,219.12]
["Item","Código","Banco","Descrição","Tipo",null,"Und","Quant.","Valor Unit","Total"]
["Composição"," 10549 ","ORSE","Encargos Complementares - Servente","Provisórios",null,"h",0.33,"3,87","1,27"]
["Insumo"," 00002696/SINAPI ","ORSE","Encanador ou bombeiro hidraulico (horista)","Mão de Obra",null,"h",0.33,"19,02","6,27"]
["Insumo"," 00003271/SINAPI ","ORSE","Flange sextavado de ferro galvanizado, com rosca bsp, de 4\"","Material",null,"un",1,"205,56","205,56"]
["Composição"," 10554 ","ORSE","Encargos Complementares - Encanador","Provisórios",null,"h",0.33,"3,80","1,25"]
["Insumo"," 00006111/SINAPI ","ORSE","Servente de obras (horista)","Mão de Obra",null,"h",0.33,"14,58","4,81"]
["Detalhamento de Cálculo ORSE"]
["Item","Código","Banco","Descrição","Tipo",null,"Und","Quant.","Valor Unit","Total"]
["Insumo"," 10492 ","ORSE","Cesta Básica","Material",null,"un",2.97E-3,"205,00","0,60"]
["Insumo"," 10599 ","ORSE","Protetor solar fps 30 com 120ml","Material",null,"un",1.188E-3,"18,00","0,02"]
["Insumo"," 4728 ","ORSE","Talhadeira chata 10\"","Material",null,"un",9.8999999999999994E-5,"18,58","0,00"]
["Insumo"," 00012893/SINAPI ","ORSE","Bota de seguranca com biqueira de aco e colarinho acolchoado","Material",null,"par",5.2800000000000004E-4,"73,93","0,03"]
["Insumo"," 10517 ","ORSE","Exames admissionais/demissionais (checkup)","Serviços",null,"cj",2.6400000000000002E-4,"300,00","0,07"]
["Insumo"," 10761 ","ORSE","Refeição - café da manhã ( café com leite e dois pães com manteiga)","Serviços",null,"un",6.7187999999999998E-2,"5,00","0,33"]
["Insumo"," 10596 ","ORSE","Protetor auricular","Material",null,"un",2.97E-3,"4,85","0,01"]
["Insumo"," 1651 ","ORSE","Óculos branco proteção","Material",null,"pr",5.2800000000000004E-4,"7,00","0,00"]
["Insumo"," 941 ","ORSE","Fardamento com mangas curta","Material",null,"un",9.8999999999999999E-4,"194,68","0,19"]
["Insumo"," 00012892/SINAPI ","ORSE","Luva raspa de couro, cano curto (punho *7* cm)","Material",null,"par",1.518E-3,"10,87","0,01"]
["Insumo"," 158 ","ORSE","Almoço (Participação do empregador)","Material",null,"un",6.7187999999999998E-2,"14,00","0,94"]
["Insumo"," 10788 ","ORSE","Pá quadrada","Material",null,"un",6.6000000000000005E-5,"36,90","0,00"]
["Insumo"," 00012894/SINAPI ","ORSE","Capa para chuva em pvc com forro de poliester, com capuz (amarela ou azul)","Material",null,"un",1.3200000000000001E-4,"20,11","0,00"]
["Insumo"," 00002711/SINAPI ","ORSE","Carrinho de mao, em aco, com capacidade de *45 a 65* l / *100* kg, pneu com camara","Material",null,"un",6.6000000000000005E-5,"187,68","0,01"]
["Insumo"," 00012895/SINAPI ","ORSE","Capacete de seguranca aba frontal com suspensao de polietileno, sem jugular (classe b)","Material",null,"un",3.9599999999999998E-4,"13,50","0,00"]
["Insumo"," 10362 ","ORSE","Seguro de vida e acidente em grupo","Serviços",null,"un",2.97E-3,"12,54","0,03"]
["Insumo"," 2378 ","ORSE","Vale transporte","Material",null,"un",5.2635000000000001E-2,"4,50","0,23"]
["Insumo"," 4729 ","ORSE","Marreta 1 kg com cabo","Material",null,"un",3.3000000000000003E-5,"37,80","0,00"]
["Insumo"," 00002696/SINAPI ","ORSE","Encanador ou bombeiro hidraulico (horista)","Mão de Obra",null,"h",0.33,"19,02","6,27"]
["Insumo"," 00003271/SINAPI ","ORSE","Flange sextavado de ferro galvanizado, com rosca bsp, de 4\"","Material",null,"un",1,"205,56","205,56"]
["Insumo"," 11255 ","ORSE","Tarracha para tubos PVC de 1\"","Material",null,"un",1.9799999999999999E-4,"49,00","0,00"]
["Insumo"," 11253 ","ORSE","Tarracha para tubos PVC de 1/2\"","Material",null,"un",3.6299999999999999E-4,"29,00","0,01"]
["Insumo"," 11257 ","ORSE","Tarracha para tubos PVC de 1 1/4\"","Material",null,"un",1.3200000000000001E-4,"32,30","0,00"]
["Insumo"," 11256 ","ORSE","Tarracha para tubos PVC de 1 1/2\"","Material",null,"un",1.3200000000000001E-4,"60,00","0,00"]
["Insumo"," 10592 ","ORSE","Lima chata 12\"","Material",null,"un",3.3000000000000003E-5,"38,09","0,00"]
["Insumo"," 11254 ","ORSE","Tarracha para tubos PVC de 3/4\"","Material",null,"un",2.31E-4,"27,49","0,00"]
["Insumo"," 10593 ","ORSE","Praio simples 30cm","Material",null,"un",3.3000000000000003E-5,"19,57","0,00"]
["Insumo"," 00006111/SINAPI ","ORSE","Servente de obras (horista)","Mão de Obra",null,"h",0.33,"14,58","4,81"]
[{"$nulls":4},"MO sem LS =>",5.16,"LS =>",5.92,"MO com LS =>",11.08]
[{"$nulls":4},"Valor do BDI =>",52.78,null,"Valor com BDI =>",null,271.89999999999998]
[]
[" 14.1.4 ","Código","Banco","Descrição","Tipo",null,"Und","Quant.","Valor Unit","Total"]
["Composição"," 94473 ","SINAPI","COTOVELO 90 GRAUS, EM FERRO GALVANIZADO, CONEXÃO ROSQUEADA, DN 65 MM (2 1/2\"), INSTALADO EM RESERVAÇÃO PREDIAL DE ÁGUA - FORNECIMENTO E INSTALAÇÃO. AF_04/2024","Instalações Hidráulicas - Reservação e Bombas de Recalque",null,"UN",1,124.43,124.43]
["Composição Auxiliar"," 88267 ","SINAPI","ENCANADOR OU BOMBEIRO HIDRÁULICO COM ENCARGOS COMPLEMENTARES","SEDI - SERVIÇOS DIVERSOS",null,"H",0.54890000000000005,31.26,17.149999999999999]
["Composição Auxiliar"," 88248 ","SINAPI","AUXILIAR DE ENCANADOR OU BOMBEIRO HIDRÁULICO COM ENCARGOS COMPLEMENTARES","SEDI - SERVIÇOS DIVERSOS",null,"H",0.54890000000000005,21.84,11.98]
["Insumo"," 00003148 ","SINAPI","FITA VEDA ROSCA, EM PTFE, ROLO DE 18 MM X 50 M (L X C)","Material",null,"UN",3.0200000000000001E-2,11.06,0.33]
["Insumo"," 00003470 ","SINAPI","COTOVELO 90 GRAUS DE FERRO GALVANIZADO, COM ROSCA BSP, DE 2 1/2\"","Material",null,"UN",1,94.65,94.65]
["Insumo"," 00007307 ","SINAPI","FUNDO ANTICORROSIVO PARA METAIS FERROSOS (ZARCAO)","Material",null,"L",7.1999999999999998E-3,44.75,0.32]
[{"$nulls":4},"MO sem LS =>",10.81,"LS =>",12.38,"MO com LS =>",23.19]
[{"$nulls":4},"Valor do BDI =>",29.97,null,"Valor com BDI =>",null,154.4]
[]
[" 14.1.5 ","Código","Banco","Descrição","Tipo",null,"Und","Quant.","Valor Unit","Total"]
["Composição"," 94475 ","SINAPI","COTOVELO 90 GRAUS, EM FERRO GALVANIZADO, CONEXÃO ROSQUEADA, DN 80 MM (3\"), INSTALADO EM RESERVAÇÃO PREDIAL DE ÁGUA - FORNECIMENTO E INSTALAÇÃO. AF_04/2024","Instalações Hidráulicas - Reservação e Bombas de Recalque",null,"UN",1,168.66,168.66]
["Composição Auxiliar"," 88267 ","SINAPI","ENCANADOR OU BOMBEIRO HIDRÁULICO COM ENCARGOS COMPLEMENTARES","SEDI - SERVIÇOS DIVERSOS",null,"H",0.64780000000000004,31.26,20.25]
["Composição Auxiliar"," 88248 ","SINAPI","AUXILIAR DE ENCANADOR OU BOMBEIRO HIDRÁULICO COM ENCARGOS COMPLEMENTARES","SEDI - SERVIÇOS DIVERSOS",null,"H",0.64780000000000004,21.84,14.14]
["Insumo"," 00003459 ","SINAPI","COTOVELO 90 GRAUS DE FERRO GALVANIZADO, COM ROSCA BSP, DE 3\"","Material",null,"UN",1,133.51,133.51]
["Insumo"," 00003148 ","SINAPI","FITA VEDA ROSCA, EM PTFE, ROLO DE 18 MM X 50 M (L X C)","Material",null,"UN",3.5400000000000001E-2,11.06,0.39]
["Insumo"," 00007307 ","SINAPI","FUNDO ANTICORROSIVO PARA METAIS FERROSOS (ZARCAO)","Material",null,"L",8.3999999999999995E-3,44.75,0.37]
[{"$nulls":4},"MO sem LS =>",12.76,"LS =>",14.62,"MO com LS =>",27.38]
[{"$nulls":4},"Valor do BDI =>",40.630000000000003,null,"Valor com BDI =>",null,209.29]
[]
[" 14.1.6 ","Código","Banco","Descrição","Tipo",null,"Und","Quant.","Valor Unit","Total"]
["Composição"," 97488 ","SINAPI","CURVA 90 GRAUS, EM AÇO, CONEXÃO SOLDADA, DN 65 (2 1/2\"), INSTALADO EM REDE DE ALIMENTAÇÃO PARA HIDRANTE - FORNECIMENTO E INSTALAÇÃO. AF_10/2020","Instalações de Gás e Incêndio em Aço e Ferro Galvanizado",null,"UN",1,325.95,325.95]
["Composição Auxiliar"," 88267 ","SINAPI","ENCANADOR OU BOMBEIRO HIDRÁULICO COM ENCARGOS COMPLEMENTARES","SEDI - SERVIÇOS DIVERSOS",null,"H",0.58599999999999997,31.26,18.309999999999999]
["Composição Auxiliar"," 88317 ","SINAPI","SOLDADOR COM ENCARGOS COMPLEMENTARES","Livro SINAPI: Cálculos e Parâmetros",null,"H",0.58599999999999997,30.2,17.690000000000001]
["Composição Auxiliar"," 88248 ","SINAPI","AUXILIAR DE ENCANADOR OU BOMBEIRO HIDRÁULICO COM ENCARGOS COMPLEMENTARES","SEDI - SERVIÇOS DIVERSOS",null,"H",0.58599999999999997,21.84,12.79]
["Insumo"," 00011002 ","SINAPI","ELETRODO REVESTIDO AWS - E6013, DIAMETRO IGUAL A 2,50 MM","Material",null,"KG",6.7000000000000004E-2,50.27,3.36]
["Insumo"," 00040422 ","SINAPI","CURVA 90 GRAUS EM ACO CARBONO, RAIO CURTO, SOLDAVEL, PRESSAO 3.000 LBS, DN 2 1/2\"","Material",null,"UN",1,273.8,273.8]
[{"$nulls":4},"MO sem LS =>",17.88,"LS =>",20.47,"MO com LS =>",38.35]
[{"$nulls":4},"Valor do BDI =>",78.52,null,"Valor com BDI =>",null,404.47]
[]
[" 14.1.7 ","Código","Banco","Descrição","Tipo",null,"Und","Quant.","Valor Unit","Total"]
["Composição"," 92377 ","SINAPI","NIPLE, EM FERRO GALVANIZADO, DN 65 (2 1/2\"), CONEXÃO ROSQUEADA, INSTALADO EM REDE DE ALIMENTAÇÃO PARA HIDRANTE - FORNECIMENTO E INSTALAÇÃO. AF_10/2020","Instalações de Gás e Incêndio em Aço e Ferro Galvanizado",null,"UN",1,95.79,95.79]
["Composição Auxiliar"," 88248 ","SINAPI","AUXILIAR DE ENCANADOR OU BOMBEIRO HIDRÁULICO COM ENCARGOS COMPLEMENTARES","SEDI - SERVIÇOS DIVERSOS",null,"H",0.73599999999999999,21.84,16.07]
["Composição Auxiliar"," 88267 ","SINAPI","ENCANADOR OU BOMBEIRO HIDRÁULICO COM ENCARGOS COMPLEMENTARES","SEDI - SERVIÇOS DIVERSOS",null,"H",0.73599999999999999,31.26,23]
["Insumo"," 00004208 ","SINAPI","NIPLE DE FERRO GALVANIZADO, COM ROSCA BSP, DE 2 1/2\"","Material",null,"UN",1,56.08,56.08]
["Insumo"," 00003148 ","SINAPI","FITA VEDA ROSCA, EM PTFE, ROLO DE 18 MM X 50 M (L X C)","Material",null,"UN",0.03,11.06,0.33]
["Insumo"," 00007307 ","SINAPI","FUNDO ANTICORROSIVO PARA METAIS FERROSOS (ZARCAO)","Material",null,"L",7.0000000000000001E-3,44.75,0.31]
[{"$nulls":4},"MO sem LS =>",14.5,"LS =>",16.61,"MO com LS =>",31.11]
[{"$nulls":4},"Valor do BDI =>",23.07,null,"Valor com BDI =>",null,118.86]
[]
[" 14.1.8 ","Código","Banco","Descrição","Tipo",null,"Und","Quant.","Valor Unit","Total"]
["Composição"," 92379 ","SINAPI","NIPLE, EM FERRO GALVANIZADO, DN 80 (3\"), CONEXÃO ROSQUEADA, INSTALADO EM REDE DE ALIMENTAÇÃO PARA HIDRANTE - FORNECIMENTO E INSTALAÇÃO. AF_10/2020","Instalações de Gás e Incêndio em Aço e Ferro Galvanizado",null,"UN",1,135.91999999999999,135.91999999999999]
["Composição Auxiliar"," 88267 ","SINAPI","ENCANADOR OU BOMBEIRO HIDRÁULICO COM ENCARGOS COMPLEMENTARES","SEDI - SERVIÇOS DIVERSOS",null,"H",0.82799999999999996,31.26,25.88]
["Composição Auxiliar"," 88248 ","SINAPI","AUXILIAR DE ENCANADOR OU BOMBEIRO HIDRÁULICO COM ENCARGOS COMPLEMENTARES","SEDI - SERVIÇOS DIVERSOS",null,"H",0.82799999999999996,21.84,18.079999999999998]
["Insumo"," 00003148 ","SINAPI","FITA VEDA ROSCA, EM PTFE, ROLO DE 18 MM X 50 M (L X C)","Material",null,"UN",3.5000000000000003E-2,11.06,0.38]
["Insumo"," 00004182 ","SINAPI","NIPLE DE FERRO GALVANIZADO, COM ROSCA BSP, DE 3\"","Material",null,"UN",1,91.23,91.23]
["Insumo"," 00007307 ","SINAPI","FUNDO ANTICORROSIVO PARA METAIS FERROSOS (ZARCAO)","Material",null,"L",8.0000000000000002E-3,44.75,0.35]
[{"$nulls":4},"MO sem LS =>",16.32,"LS =>",18.68,"MO com LS =>",35]
[{"$nulls":4},"Valor do BDI =>",32.74,null,"Valor com BDI =>",null,168.66]
[]
[" 14.1.9 ","Código","Banco","Descrição","Tipo",null,"Und","Quant.","Valor Unit","Total"]
["Composição"," 92897 ","SINAPI","UNIÃO, EM FERRO GALVANIZADO, DN 80 (3\"), CONEXÃO ROSQUEADA, INSTALADO EM REDE DE ALIMENTAÇÃO PARA HIDRANTE - FORNECIMENTO E INSTALAÇÃO. AF_10/2020","Instalações de Gás e Incêndio em Aço e Ferro Galvanizado",null,"UN",1,316.83,316.83]
["Composição Auxiliar"," 88267 ","SINAPI","ENCANADOR OU BOMBEIRO HIDRÁULICO COM ENCARGOS COMPLEMENTARES","SEDI - SERVIÇOS DIVERSOS",null,"H",0.82799999999999996,31.26,25.88]
["Composição Auxiliar"," 88248 ","SINAPI","AUXILIAR DE ENCANADOR OU BOMBEIRO HIDRÁULICO COM ENCARGOS COMPLEMENTARES","SEDI - SERVIÇOS DIVERSOS",null,"H",0.82799999999999996,21.84,18.079999999999998]
["Insumo"," 00007307 ","SINAPI","FUNDO ANTICORROSIVO PARA METAIS FERROSOS (ZARCAO)","Material",null,"L",8.0000000000000002E-3,44.75,0.35]
["Insumo"," 00003148 ","SINAPI","FITA VEDA ROSCA, EM PTFE, ROLO DE 18 MM X 50 M (L X C)","Material",null,"UN",3.5000000000000003E-2,11.06,0.38]
["Insumo"," 00009890 ","SINAPI","UNIAO DE FERRO GALVANIZADO, COM ROSCA BSP, COM ASSENTO PLANO, DE 3\"","Material",null,"UN",1,272.14,272.14]
[{"$nulls":4},"MO sem LS =>",16.32,"LS =>",18.68,"MO com LS =>",35]
[{"$nulls":4},"Valor do BDI =>",76.319999999999993,null,"Valor com BDI =>",null,393.15]
[]
[" 14.1.10 ","Código","Banco","Descrição","Tipo",null,"Und","Quant.","Valor Unit","Total"]
["Composição"," 96765 ","SINAPI","ABRIGO PARA HIDRANTE, 90X60X17CM, COM REGISTRO GLOBO ANGULAR 45 GRAUS 2 1/2\", ADAPTADOR STORZ 2 1/2\", MANGUEIRA DE INCÊNDIO 20M, REDUÇÃO 2 1/2\" X 1 1/2\" E ESGUICHO EM LATÃO 1 1/2\" - FORNECIMENTO E INSTALAÇÃO. AF_10/2020","Instalações de Gás e Incêndio em Aço e Ferro Galvanizado",null,"UN",1,1911.47,1911.47]
["Composição Auxiliar"," 88267 ","SINAPI","ENCANADOR OU BOMBEIRO HIDRÁULICO COM ENCARGOS COMPLEMENTARES","SEDI - SERVIÇOS DIVERSOS",null,"H",3.0369999999999999,31.26,94.93]
["Composição Auxiliar"," 88248 ","SINAPI","AUXILIAR DE ENCANADOR OU BOMBEIRO HIDRÁULICO COM ENCARGOS COMPLEMENTARES","SEDI - SERVIÇOS DIVERSOS",null,"H",3.0369999999999999,21.84,66.319999999999993]
["Insumo"," 00021030 ","SINAPI","MANGUEIRA DE INCENDIO, TIPO 1, DE 1 1/2\", COMPRIMENTO = 20 M, TECIDO EM FIO DE POLIESTER E TUBO INTERNO EM BORRACHA SINTETICA, COM UNIOES ENGATE RAPIDO","Material",null,"UN",1,530.04,530.04]
["Insumo"," 00037554 ","SINAPI","ESGUICHO JATO REGULAVEL, TIPO ELKHART, ENGATE RAPIDO 1 1/2\", PARA COMBATE A INCENDIO","Material",null,"UN",1,328.82,328.82]
["Insumo"," 00020963 ","SINAPI","CAIXA DE INCENDIO/ABRIGO PARA MANGUEIRA, DE SOBREPOR/EXTERNA, COM 90 X 60 X 17 CM, EM CHAPA DE ACO, PORTA COM VENTILACAO, VISOR COM A INSCRICAO \"INCENDIO\", SUPORTE/CESTA INTERNA PARA A MANGUEIRA, PINTURA ELETROSTATICA VERMELHA","Material",null,"UN",1,486.19,486.19]
["Insumo"," 00004350 ","SINAPI","BUCHA DE NYLON, DIAMETRO DO FURO 8 MM, COMPRIMENTO 40 MM, COM PARAFUSO DE ROSCA SOBERBA, CABECA CHATA, FENDA SIMPLES, 4,8 X 50 MM","Material",null,"UN",4,0.63,2.52]
["Insumo"," 00010904 ","SINAPI","REGISTRO OU VALVULA GLOBO ANGULAR EM LATAO, PARA HIDRANTES EM INSTALACAO PREDIAL DE INCENDIO, 45 GRAUS, DIAMETRO DE 2 1/2\", COM VOLANTE, CLASSE DE PRESSAO DE ATE 200 PSI","Material",null,"UN",1,280,280]
["Insumo"," 00020971 ","SINAPI","CHAVE DUPLA PARA CONEXOES TIPO STORZ, ENGATE RAPIDO 1 1/2\" X 2 1/2\", EM LATAO, PARA INSTALACAO PREDIAL COMBATE A INCENDIO","Material",null,"UN",1,26.66,26.66]
["Insumo"," 00010900 ","SINAPI","ADAPTADOR EM LATAO, ENGATE RAPIDO1 1/2\" X ROSCA INTERNA 5 FIOS 2 1/2\", PARA INSTALACAO PREDIAL DE COMBATE A INCENDIO","Material",null,"UN",1,95.99,95.99]
[{"$nulls":4},"MO sem LS =>",59.88,"LS =>",68.510000000000005,"MO com LS =>",128.38999999999999]
[{"$nulls":4},"Valor do BDI =>",460.47,null,"Valor com BDI =>",null,2371.94]
[]
[" 14.1.11 ","Código","Banco","Descrição","Tipo",null,"Und","Quant.","Valor Unit","Total"]
["Composição"," 94499 ","SINAPI","REGISTRO DE GAVETA BRUTO, LATÃO, ROSCÁVEL, 2 1/2\" - FORNECIMENTO E INSTALAÇÃO. AF_08/2021","Válvulas e Registros para Sistemas Prediais",null,"UN",1,313.57,313.57]
["Composição Auxiliar"," 88248 ","SINAPI","AUXILIAR DE ENCANADOR OU BOMBEIRO HIDRÁULICO COM ENCARGOS COMPLEMENTARES","SEDI - SERVIÇOS DIVERSOS",null,"H",0.4546,21.84,9.92]
["Composição Auxiliar"," 88267 ","SINAPI","ENCANADOR OU BOMBEIRO HIDRÁULICO COM ENCARGOS COMPLEMENTARES","SEDI - SERVIÇOS DIVERSOS",null,"H",0.4546,31.26,14.21]
["Insumo"," 00003148 ","SINAPI","FITA VEDA ROSCA, EM PTFE, ROLO DE 18 MM X 50 M (L X C)","Material",null,"UN",3.0200000000000001E-2,11.06,0.33]
["Insumo"," 00006011 ","SINAPI","REGISTRO GAVETA BRUTO EM LATAO FORJADO, BITOLA 2 1/2\"","Material",null,"UN",1,289.11,289.11]
[{"$nulls":4},"MO sem LS =>",8.9499999999999993,"LS =>",10.26,"MO com LS =>",19.21]
[{"$nulls":4},"Valor do BDI =>",75.53,null,"Valor com BDI =>",null,389.1]
[]
[" 14.1.12 ","Código","Banco","Descrição","Tipo",null,"Und","Quant.","Valor Unit","Total"]
["Composição"," 1510 ","ORSE","Fornecimento e instalação de adaptador storz para engate rápido 2 1/2\" x 2 1/2\" com tampão e corrente (incêndio)","Equipamentos para Combate a Incêndio",null,"un",1,510.29,510.29]
["Item","Código","Banco","Descrição","Tipo",null,"Und","Quant.","Valor Unit","Total"]
["Composição"," 10554 ","ORSE","Encargos Complementares - Encanador","Provisórios",null,"h",1.1499999999999999,"3,80","4,37"]
["Insumo"," 981 ","ORSE","Fita veda rosca 18mm","Material",null,"m",2.82,"0,27","0,76"]
["Insumo"," 00006111/SINAPI ","ORSE","Servente de obras (horista)","Mão de Obra",null,"h",1.1499999999999999,"14,58","16,76"]
["Insumo"," 7959 ","ORSE","Tampão em latão com corrente, d= 2 1/2\", para engate rápido (incendio)","Material",null,"un",1,"172,85","172,85"]
["Insumo"," 00002696/SINAPI ","ORSE","Encanador ou bombeiro hidraulico (horista)","Mão de Obra",null,"h",1.1499999999999999,"19,02","21,87"]
["Insumo"," 00020974/SINAPI ","ORSE","Uniao tipo storz, com empatacao interna tipo anel de expansao, engate rapido 2 1/2\", para mangueira de combate a incendio predial","Material",null,"un",1,"289,14","289,14"]
["Composição"," 10549 ","ORSE","Encargos Complementares - Servente","Provisórios",null,"h",1.1499999999999999,"3,87","4,45"]
["Detalhamento de Cálculo ORSE"]
["Item","Código","Banco","Descrição","Tipo",null,"Und","Quant.","Valor Unit","Total"]
["Insumo"," 00012895/SINAPI ","ORSE","Capacete de seguranca aba frontal com suspensao de polietileno, sem jugular (classe b)","Material",null,"un",1.3799999999999999E-3,"13,50","0,01"]
["Insumo"," 11255 ","ORSE","Tarracha para tubos PVC de 1\"","Material",null,"un",6.8999999999999997E-4,"49,00","0,03"]
["Insumo"," 11253 ","ORSE","Tarracha para tubos PVC de 1/2\"","Material",null,"un",1.2650000000000001E-3,"29,00","0,03"]
["Insumo"," 11257 ","ORSE","Tarracha para tubos PVC de 1 1/4\"","Material",null,"un",4.6000000000000001E-4,"32,30","0,01"]
["Insumo"," 11256 ","ORSE","Tarracha para tubos PVC de 1 1/2\"","Material",null,"un",4.6000000000000001E-4,"60,00","0,02"]
["Insumo"," 00012894/SINAPI ","ORSE","Capa para chuva em pvc com forro de poliester, com capuz (amarela ou azul)","Material",null,"un",4.6000000000000001E-4,"20,11","0,00"]
["Insumo"," 158 ","ORSE","Almoço (Participação do empregador)","Material",null,"un",0.23413999999999999,"14,00","3,27"]
["Insumo"," 10592 ","ORSE","Lima chata 12\"","Material",null,"un",1.15E-4,"38,09","0,00"]
["Insumo"," 10492 ","ORSE","Cesta Básica","Material",null,"un",1.035E-2,"205,00","2,12"]
["Insumo"," 11254 ","ORSE","Tarracha para tubos PVC de 3/4\"","Material",null,"un",8.0500000000000005E-4,"27,49","0,02"]
["Insumo"," 10596 ","ORSE","Protetor auricular","Material",null,"un",1.035E-2,"4,85","0,05"]
["Insumo"," 10599 ","ORSE","Protetor solar fps 30 com 120ml","Material",null,"un",4.1399999999999996E-3,"18,00","0,07"]
["Insumo"," 10761 ","ORSE","Refeição - café da manhã ( café com leite e dois pães com manteiga)","Serviços",null,"un",0.23413999999999999,"5,00","1,17"]
["Insumo"," 10517 ","ORSE","Exames admissionais/demissionais (checkup)","Serviços",null,"cj",9.2000000000000003E-4,"300,00","0,27"]
["Insumo"," 10593 ","ORSE","Praio simples 30cm","Material",null,"un",1.15E-4,"19,57","0,00"]
["Insumo"," 2378 ","ORSE","Vale transporte","Material",null,"un",0.183425,"4,50","0,82"]
["Insumo"," 1651 ","ORSE","Óculos branco proteção","Material",null,"pr",1.8400000000000001E-3,"7,00","0,01"]
["Insumo"," 00012892/SINAPI ","ORSE","Luva raspa de couro, cano curto (punho *7* cm)","Material",null,"par",5.2900000000000004E-3,"10,87","0,05"]
["Insumo"," 941 ","ORSE","Fardamento com mangas curta","Material",null,"un",3.4499999999999999E-3,"194,68","0,67"]
["Insumo"," 00012893/SINAPI ","ORSE","Bota de seguranca com biqueira de aco e colarinho acolchoado","Material",null,"par",1.8400000000000001E-3,"73,93","0,13"]
["Insumo"," 10362 ","ORSE","Seguro de vida e acidente em grupo","Serviços",null,"un",1.035E-2,"12,54","0,12"]
["Insumo"," 981 ","ORSE","Fita veda rosca 18mm","Material",null,"m",2.82,"0,27","0,76"]
["Insumo"," 00006111/SINAPI ","ORSE","Servente de obras (horista)","Mão de Obra",null,"h",1.1499999999999999,"14,58","16,76"]
["Insumo"," 7959 ","ORSE","Tampão em latão com corrente, d= 2 1/2\", para engate rápido (incendio)","Material",null,"un",1,"172,85","172,85"]
["Insumo"," 00002696/SINAPI ","ORSE","Encanador ou bombeiro hidraulico (horista)","Mão de Obra",null,"h",1.1499999999999999,"19,02","21,87"]
["Insumo"," 00020974/SINAPI ","ORSE","Uniao tipo storz, com empatacao interna tipo anel de expansao, engate rapido 2 1/2\", para mangueira de combate a incendio predial","Material",null,"un",1,"289,14","289,14"]
["Insumo"," 4728 ","ORSE","Talhadeira chata 10\"","Material",null,"un",3.4499999999999998E-4,"18,58","0,00"]
["Insumo"," 10788 ","ORSE","Pá quadrada","Material",null,"un",2.3000000000000001E-4,"36,90","0,00"]
["Insumo"," 00002711/SINAPI ","ORSE","Carrinho de mao, em aco, com capacidade de *45 a 65* l / *100* kg, pneu com camara","Material",null,"un",2.3000000000000001E-4,"187,68","0,04"]
["Insumo"," 4729 ","ORSE","Marreta 1 kg com cabo","Material",null,"un",1.15E-4,"37,80","0,00"]
[{"$nulls":4},"MO sem LS =>",18.010000000000002,"LS =>",20.62,"MO com LS =>",38.630000000000003]
[{"$nulls":4},"Valor do BDI =>",122.92,null,"Valor com BDI =>",null,633.21]
[]
[" 14.1.13 ","Código","Banco","Descrição","Tipo",null,"Und","Quant.","Valor Unit","Total"]
["Composição"," 2662 ","ORSE","Fornecimento e assentamento de tampão de ferro fundido TDA-600mm, 300kg/cm², para poço de visita e caixas de passagem","Poços de Visita para Redes de Esgoto",null,"un",1,717.18,717.18]
["Item","Código","Banco","Descrição","Tipo",null,"Und","Quant.","Valor Unit","Total"]
["Insumo"," 00004750/SINAPI ","ORSE","Pedreiro (horista)","Mão de Obra",null,"h",0.5,"19,02","9,51"]
["Composição"," 10549 ","ORSE","Encargos Complementares - Servente","Provisórios",null,"h",0.5,"3,87","1,93"]
["Composição"," 10550 ","ORSE","Encargos Complementares - Pedreiro","Provisórios",null,"h",0.5,"3,74","1,87"]
["Insumo"," 00006240/SINAPI ","ORSE","Tampao fofo simples com base / requadro, classe d400 carga max. 40 t, redondo, tampa 600 mm (com inscricao em relevo do tipo de rede)","Material",null,"un",1,"675,25","675,25"]
["Composição"," 155 ","ORSE","Alvenaria tijolo cerâmico maciço (5x9x19), esp = 0,09m (singela), com argamassa traço t5 - 1:2:8 (cimento / cal / areia) c/ junta de 2,0cm - R1","Alvenarias de Vedação",null,"m²",0.189,"110,33","20,85"]
["Composição"," 1903 ","ORSE","Argamassa cimento e areia traço t-1 (1:3) - 1 saco cimento 50kg / 3 padiolas areia dim. 0.35 x 0.45 x 0.23 m - Confecção mecânica e transporte","Argamassas",null,"m³",1E-3,"525,75","0,52"]
["Insumo"," 00006111/SINAPI ","ORSE","Servente de obras (horista)","Mão de Obra",null,"h",0.5,"14,58","7,29"]
["Detalhamento de Cálculo ORSE"]
["Item","Código","Banco","Descrição","Tipo",null,"Und","Quant.","Valor Unit","Total"]
["Insumo"," 00004750/SINAPI ","ORSE","Pedreiro (horista)","Mão de Obra",null,"h",0.78727999999999998,"19,02","14,97"]
["Insumo"," 10492 ","ORSE","Cesta Básica","Material",null,"un",6.6935789999999998E-3,"205,00","1,37"]
["Insumo"," 10599 ","ORSE","Protetor solar fps 30 com 120ml","Material",null,"un",2.6774315999999999E-3,"18,00","0,04"]
["Insumo"," 4728 ","ORSE","Talhadeira chata 10\"","Material",null,"un",2.1005460000000001E-4,"18,58","0,00"]
["Insumo"," 00012893/SINAPI ","ORSE","Bota de seguranca com biqueira de aco e colarinho acolchoado","Material",null,"par",1.1899695999999999E-3,"73,93","0,08"]
["Insumo"," 10517 ","ORSE","Exames admissionais/demissionais (checkup)","Serviços",null,"cj",5.9498479999999996E-4,"300,00","0,17"]
["Insumo"," 10761 ","ORSE","Refeição - café da manhã ( café com leite e dois pães com manteiga)","Serviços",null,"un",0.1514236316,"5,00","0,75"]
["Insumo"," 10596 ","ORSE","Protetor auricular","Material",null,"un",6.6935789999999998E-3,"4,85","0,03"]
["Insumo"," 1651 ","ORSE","Óculos branco proteção","Material",null,"pr",1.1899695999999999E-3,"7,00","0,00"]
["Insumo"," 941 ","ORSE","Fardamento com mangas curta","Material",null,"un",2.2311929999999998E-3,"194,68","0,43"]
["Insumo"," 00012892/SINAPI ","ORSE","Luva raspa de couro, cano curto (punho *7* cm)","Material",null,"par",3.4211625999999999E-3,"10,87","0,03"]
["Insumo"," 158 ","ORSE","Almoço (Participação do empregador)","Material",null,"un",0.1514236316,"14,00","2,11"]
["Insumo"," 10788 ","ORSE","Pá quadrada","Material",null,"un",1.4003640000000001E-4,"36,90","0,00"]
["Insumo"," 00012894/SINAPI ","ORSE","Capa para chuva em pvc com forro de poliester, com capuz (amarela ou azul)","Material",null,"un",2.9749239999999998E-4,"20,11","0,00"]
["Insumo"," 00002711/SINAPI ","ORSE","Carrinho de mao, em aco, com capacidade de *45 a 65* l / *100* kg, pneu com camara","Material",null,"un",1.4003640000000001E-4,"187,68","0,02"]
["Insumo"," 00012895/SINAPI ","ORSE","Capacete de seguranca aba frontal com suspensao de polietileno, sem jugular (classe b)","Material",null,"un",8.9247719999999999E-4,"13,50","0,01"]
["Insumo"," 10362 ","ORSE","Seguro de vida e acidente em grupo","Serviços",null,"un",6.6935789999999998E-3,"12,54","0,08"]
["Insumo"," 2378 ","ORSE","Vale transporte","Material",null,"un",0.1173752382,"4,50","0,52"]
["Insumo"," 4729 ","ORSE","Marreta 1 kg com cabo","Material",null,"un",7.0018200000000007E-5,"37,80","0,00"]
["Insumo"," 11264 ","ORSE","Marreta de 1/2 kg com cabo","Material",null,"un",1.5745599999999999E-4,"13,52","0,00"]
["Insumo"," 10282 ","ORSE","Regua de alumínio c/ 2,00m (para pedreiro)","Material",null,"un",1.5745599999999999E-4,"44,00","0,00"]
["Insumo"," 10789 ","ORSE","Nível de bolha de madeira","Material",null,"un",1.5745599999999999E-4,"15,40","0,00"]
["Insumo"," 4722 ","ORSE","Colher de pedreiro","Material",null,"un",3.1491199999999998E-4,"18,80","0,00"]
["Insumo"," 4174 ","ORSE","Desempenadeira de aço lisa, cabo madeira, ref:143, Atlas ou similar","Material",null,"un",3.9364000000000001E-4,"12,00","0,00"]
["Insumo"," 11243 ","ORSE","Martelo sem unha","Material",null,"un",7.8727999999999996E-5,"28,00","0,00"]
["Insumo"," 11246 ","ORSE","Escala métrica de bambú","Material",null,"Un",5.5109600000000005E-4,"10,22","0,00"]
["Insumo"," 10790 ","ORSE","Prumo de face","Material",null,"un",7.8727999999999996E-5,"25,95","0,00"]
["Insumo"," 11247 ","ORSE","Serra mármore","Material",null,"un",7.8727999999999996E-5,"327,80","0,02"]
["Insumo"," 11265 ","ORSE","Martelo de borracha com cabo","Material",null,"un",3.1491199999999998E-4,"18,75","0,00"]
["Insumo"," 11245 ","ORSE","Desempoladeira de madeira 12x22","Material",null,"un",5.5109600000000005E-4,"11,60","0,00"]
["Insumo"," 00006240/SINAPI ","ORSE","Tampao fofo simples com base / requadro, classe d400 carga max. 40 t, redondo, tampa 600 mm (com inscricao em relevo do tipo de rede)","Material",null,"un",1,"675,25","675,25"]
["Insumo"," 00000367/SINAPI ","ORSE","Areia grossa - posto jazida/fornecedor (retirado na jazida, sem transporte)","Material",null,"m³",7.354368E-3,"101,30","0,74"]
["Insumo"," 00001106/SINAPI ","ORSE","Cal hidratada ch-i para argamassas","Material",null,"kg",1.1007359999999999,"1,25","1,37"]
["Insumo"," 00006111/SINAPI ","ORSE","Servente de obras (horista)","Mão de Obra",null,"h",0.70018199999999997,"14,58","10,20"]
["Insumo"," 00001379/SINAPI ","ORSE","Cimento portland composto cp ii-32","Material",null,"kg",1.5529360000000001,"0,76","1,18"]
["Insumo"," 2212 ","ORSE","Tijolo cerâmico maciço 5 x 9 x 19cm","Material",null,"un",12.852,"0,60","7,71"]
["Insumo"," 00000370/SINAPI ","ORSE","Areia media - posto jazida/fornecedor (retirado na jazida, sem transporte)","Material",null,"m³",1.08E-3,"100,00","0,10"]
[{"$nulls":4},"MO sem LS =>",11.73,"LS =>",13.44,"MO com LS =>",25.17]
[{"$nulls":4},"Valor do BDI =>",172.76,null,"Valor com BDI =>",null,889.94]
[]
[" 14.1.14 ","Código","Banco","Descrição","Tipo",null,"Und","Quant.","Valor Unit","Total"]
["Composição"," 94500 ","SINAPI","REGISTRO DE GAVETA BRUTO, LATÃO, ROSCÁVEL, 3\" - FORNECIMENTO E INSTALAÇÃO. AF_08/2021","Válvulas e Registros para Sistemas Prediais",null,"UN",1,380.63,380.63]
["Composição Auxiliar"," 88248 ","SINAPI","AUXILIAR DE ENCANADOR OU BOMBEIRO HIDRÁULICO COM ENCARGOS COMPLEMENTARES","SEDI - SERVIÇOS DIVERSOS",null,"H",0.56950000000000001,21.84,12.43]
["Composição Auxiliar"," 88267 ","SINAPI","ENCANADOR OU BOMBEIRO HIDRÁULICO COM ENCARGOS COMPLEMENTARES","SEDI - SERVIÇOS DIVERSOS",null,"H",0.56950000000000001,31.26,17.8]
["Insumo"," 00006012 ","SINAPI","REGISTRO GAVETA BRUTO EM LATAO FORJADO, BITOLA 3\"","Material",null,"UN",1,350.01,350.01]
["Insumo"," 00003148 ","SINAPI","FITA VEDA ROSCA, EM PTFE, ROLO DE 18 MM X 50 M (L X C)","Material",null,"UN",3.5400000000000001E-2,11.06,0.39]
[{"$nulls":4},"MO sem LS =>",11.22,"LS =>",12.85,"MO com LS =>",24.07]
[{"$nulls":4},"Valor do BDI =>",91.69,null,"Valor com BDI =>",null,472.32]
[]
[" 14.1.15 ","Código","Banco","Descrição","Tipo",null,"Und","Quant.","Valor Unit","Total"]
["Composição"," 99625 ","SINAPI","VÁLVULA DE RETENÇÃO HORIZONTAL, DE BRONZE, ROSCÁVEL, 3\" - FORNECIMENTO E INSTALAÇÃO. AF_08/2021","Válvulas e Registros para Sistemas Prediais",null,"UN",1,914.16,914.16]
["Composição Auxiliar"," 88248 ","SINAPI","AUXILIAR DE ENCANADOR OU BOMBEIRO HIDRÁULICO COM ENCARGOS COMPLEMENTARES","SEDI - SERVIÇOS DIVERSOS",null,"H",0.56950000000000001,21.84,12.43]
["Composição Auxiliar"," 88267 ","SINAPI","ENCANADOR OU BOMBEIRO HIDRÁULICO COM ENCARGOS COMPLEMENTARES","SEDI - SERVIÇOS DIVERSOS",null,"H",0.56950000000000001,31.26,17.8]
["Insumo"," 00010406 ","SINAPI","VALVULA DE RETENCAO HORIZONTAL, DE BRONZE (PN-25), 3\", 400 PSI, TAMPA DE PORCA DE UNIAO, EXTREMIDADES COM ROSCA","Material",null,"UN",1,883.54,883.54]
["Insumo"," 00003148 ","SINAPI","FITA VEDA ROSCA, EM PTFE, ROLO DE 18 MM X 50 M (L X C)","Material",null,"UN",3.5400000000000001E-2,11.06,0.39]
[{"$nulls":4},"MO sem LS =>",11.22,"LS =>",12.85,"MO com LS =>",24.07]
[{"$nulls":4},"Valor do BDI =>",220.22,null,"Valor com BDI =>",null,1134.3800000000001]
[]
[" 14.1.16 ","Código","Banco","Descrição","Tipo",null,"Und","Quant.","Valor Unit","Total"]
["Composição"," 13835 ","ORSE","Manômetro D. 63mm (2.1/2\"), 0-250kgf/cm², rosca 1/4\" NPT-M, ligação vertical,com enchimento de glicerina, caixa inox - fornecimento e instalação","Diversos",null,"un",1,330.39,330.39]
["Item","Código","Banco","Descrição","Tipo",null,"Und","Quant.","Valor Unit","Total"]
["Insumo"," 00006111/SINAPI ","ORSE","Servente de obras (horista)","Mão de Obra",null,"h",2,"14,58","29,16"]
["Insumo"," 00002696/SINAPI ","ORSE","Encanador ou bombeiro hidraulico (horista)","Mão de Obra",null,"h",2,"19,02","38,04"]
["Insumo"," 14634 ","ORSE","Manômetro D. 63mm (2.1/2\"), 0-250kgf/cm², rosca 1/4\" NPT-M, ligação vertical,com enchimento de glicerina, caixa inox","Material",null,"un",1,"247,60","247,60"]
["Composição"," 10549 ","ORSE","Encargos Complementares - Servente","Provisórios",null,"h",2,"3,87","7,74"]
["Composição"," 10554 ","ORSE","Encargos Complementares - Encanador","Provisórios",null,"h",2,"3,80","7,60"]
["Detalhamento de Cálculo ORSE"]
["Item","Código","Banco","Descrição","Tipo",null,"Und","Quant.","Valor Unit","Total"]
["Insumo"," 00006111/SINAPI ","ORSE","Servente de obras (horista)","Mão de Obra",null,"h",2,"14,58","29,16"]
["Insumo"," 00002696/SINAPI ","ORSE","Encanador ou bombeiro hidraulico (horista)","Mão de Obra",null,"h",2,"19,02","38,04"]
["Insumo"," 14634 ","ORSE","Manômetro D. 63mm (2.1/2\"), 0-250kgf/cm², rosca 1/4\" NPT-M, ligação vertical,com enchimento de glicerina, caixa inox","Material",null,"un",1,"247,60","247,60"]
["Insumo"," 10492 ","ORSE","Cesta Básica","Material",null,"un",1.7999999999999999E-2,"205,00","3,69"]
["Insumo"," 10599 ","ORSE","Protetor solar fps 30 com 120ml","Material",null,"un",7.1999999999999998E-3,"18,00","0,12"]
["Insumo"," 4728 ","ORSE","Talhadeira chata 10\"","Material",null,"un",5.9999999999999995E-4,"18,58","0,01"]
["Insumo"," 00012893/SINAPI ","ORSE","Bota de seguranca com biqueira de aco e colarinho acolchoado","Material",null,"par",3.2000000000000002E-3,"73,93","0,23"]
["Insumo"," 10517 ","ORSE","Exames admissionais/demissionais (checkup)","Serviços",null,"cj",1.6000000000000001E-3,"300,00","0,48"]
["Insumo"," 10761 ","ORSE","Refeição - café da manhã ( café com leite e dois pães com manteiga)","Serviços",null,"un",0.40720000000000001,"5,00","2,03"]
["Insumo"," 10596 ","ORSE","Protetor auricular","Material",null,"un",1.7999999999999999E-2,"4,85","0,08"]
["Insumo"," 1651 ","ORSE","Óculos branco proteção","Material",null,"pr",3.2000000000000002E-3,"7,00","0,02"]
["Insumo"," 941 ","ORSE","Fardamento com mangas curta","Material",null,"un",6.0000000000000001E-3,"194,68","1,16"]
["Insumo"," 00012892/SINAPI ","ORSE","Luva raspa de couro, cano curto (punho *7* cm)","Material",null,"par",9.1999999999999998E-3,"10,87","0,10"]
["Insumo"," 158 ","ORSE","Almoço (Participação do empregador)","Material",null,"un",0.40720000000000001,"14,00","5,70"]
["Insumo"," 10788 ","ORSE","Pá quadrada","Material",null,"un",4.0000000000000002E-4,"36,90","0,01"]
["Insumo"," 00012894/SINAPI ","ORSE","Capa para chuva em pvc com forro de poliester, com capuz (amarela ou azul)","Material",null,"un",8.0000000000000004E-4,"20,11","0,01"]
["Insumo"," 00002711/SINAPI ","ORSE","Carrinho de mao, em aco, com capacidade de *45 a 65* l / *100* kg, pneu com camara","Material",null,"un",4.0000000000000002E-4,"187,68","0,07"]
["Insumo"," 00012895/SINAPI ","ORSE","Capacete de seguranca aba frontal com suspensao de polietileno, sem jugular (classe b)","Material",null,"un",2.3999999999999998E-3,"13,50","0,03"]
["Insumo"," 10362 ","ORSE","Seguro de vida e acidente em grupo","Serviços",null,"un",1.7999999999999999E-2,"12,54","0,22"]
["Insumo"," 2378 ","ORSE","Vale transporte","Material",null,"un",0.31900000000000001,"4,50","1,43"]
["Insumo"," 4729 ","ORSE","Marreta 1 kg com cabo","Material",null,"un",2.0000000000000001E-4,"37,80","0,00"]
["Insumo"," 11255 ","ORSE","Tarracha para tubos PVC de 1\"","Material",null,"un",1.1999999999999999E-3,"49,00","0,05"]
["Insumo"," 11253 ","ORSE","Tarracha para tubos PVC de 1/2\"","Material",null,"un",2.2000000000000001E-3,"29,00","0,06"]
["Insumo"," 11257 ","ORSE","Tarracha para tubos PVC de 1 1/4\"","Material",null,"un",8.0000000000000004E-4,"32,30","0,02"]
["Insumo"," 11256 ","ORSE","Tarracha para tubos PVC de 1 1/2\"","Material",null,"un",8.0000000000000004E-4,"60,00","0,04"]
["Insumo"," 10592 ","ORSE","Lima chata 12\"","Material",null,"un",2.0000000000000001E-4,"38,09","0,00"]
["Insumo"," 11254 ","ORSE","Tarracha para tubos PVC de 3/4\"","Material",null,"un",1.4E-3,"27,49","0,03"]
["Insumo"," 10593 ","ORSE","Praio simples 30cm","Material",null,"un",2.0000000000000001E-4,"19,57","0,00"]
[{"$nulls":4},"MO sem LS =>",31.34,"LS =>",35.86,"MO com LS =>",67.2]
[{"$nulls":4},"Valor do BDI =>",79.59,null,"Valor com BDI =>",null,409.98]
[]
[" 14.1.17 ","Código","Banco","Descrição","Tipo",null,"Und","Quant.","Valor Unit","Total"]
["Composição"," 11894 ","ORSE","Hidrante de recalque incluindo caixa em alvenaria de tijolos maciços esp. = 0,12m,  dim. int. =  0.40 x 0.60 x 0.35m, com tampa em ferro fundido 0,40 x 0,60 e fundo com brita","Conversão InfoWOrca",null,"un",1,1269.52,1269.52]
["Item","Código","Banco","Descrição","Tipo",null,"Und","Quant.","Valor Unit","Total"]
["Insumo"," 00010904/SINAPI ","ORSE","Registro ou valvula globo angular em latao, para hidrantes em instalacao predial de incendio, 45 graus, diametro de 2 1/2\", com volante, classe de pressaode ate 200 psi","Material",null,"un",1,"330,00","330,00"]
["Composição"," 3310 ","ORSE","Chapisco em parede com argamassa traço t1 - 1:3 (cimento / areia) - Revisado 08/2015","Conversão InfoWOrca",null,"m²",0.7,"6,69","4,68"]
["Composição"," 155 ","ORSE","Alvenaria tijolo cerâmico maciço (5x9x19), esp = 0,09m (singela), com argamassa traço t5 - 1:2:8 (cimento / cal / areia) c/ junta de 2,0cm - R1","Alvenarias de Vedação",null,"m²",0.84,"110,33","92,67"]
["Insumo"," 7959 ","ORSE","Tampão em latão com corrente, d= 2 1/2\", para engate rápido (incendio)","Material",null,"un",1,"172,85","172,85"]
["Insumo"," 00010899/SINAPI ","ORSE","Adaptador em latao, engate rapido 2 1/2\" x rosca interna 5 fios 2 1/2\", para instalacao predial de combate a incendio","Material",null,"un",1,"144,57","144,57"]
["Composição"," 1908 ","ORSE","Reboco ou emboço externo, de parede, com argamassa traço t5 - 1:2:8 (cimento / cal / areia), espessura 2,0 cm","Argamassas",null,"m²",0.7,"35,99","25,19"]
["Insumo"," 00004721/SINAPI ","ORSE","Pedra britada n. 1 (9,5 a 19 mm) posto pedreira/fornecedor, sem frete","Material",null,"m³",2.4E-2,"137,75","3,30"]
["Composição"," 2497 ","ORSE","Escavação manual de vala ou cava em material de 1ª categoria, profundidade até 1,50m","Escavação Manual em Área Urbana",null,"m³",0.16800000000000001,"55,53","9,32"]
["Insumo"," 11108 ","ORSE","Tampa de ferro fundido (60x40cm)","Material",null,"un",1,"486,81","486,81"]
["Detalhamento de Cálculo ORSE"]
["Item","Código","Banco","Descrição","Tipo",null,"Und","Quant.","Valor Unit","Total"]
["Insumo"," 00010904/SINAPI ","ORSE","Registro ou valvula globo angular em latao, para hidrantes em instalacao predial de incendio, 45 graus, diametro de 2 1/2\", com volante, classe de pressaode ate 200 psi","Material",null,"un",1,"330,00","330,00"]
["Insumo"," 10492 ","ORSE","Cesta Básica","Material",null,"un",1.6662239999999998E-2,"205,00","3,41"]
["Insumo"," 10599 ","ORSE","Protetor solar fps 30 com 120ml","Material",null,"un",6.664896E-3,"18,00","0,11"]
["Insumo"," 4728 ","ORSE","Talhadeira chata 10\"","Material",null,"un",5.8077599999999997E-4,"18,58","0,01"]
["Insumo"," 00012893/SINAPI ","ORSE","Bota de seguranca com biqueira de aco e colarinho acolchoado","Material",null,"par",2.962176E-3,"73,93","0,21"]
["Insumo"," 10517 ","ORSE","Exames admissionais/demissionais (checkup)","Serviços",null,"cj",1.481088E-3,"300,00","0,44"]
["Insumo"," 10761 ","ORSE","Refeição - café da manhã ( café com leite e dois pães com manteiga)","Serviços",null,"un",0.37693689600000002,"5,00","1,88"]
["Insumo"," 10596 ","ORSE","Protetor auricular","Material",null,"un",1.6662239999999998E-2,"4,85","0,08"]
["Insumo"," 1651 ","ORSE","Óculos branco proteção","Material",null,"pr",2.962176E-3,"7,00","0,02"]
["Insumo"," 941 ","ORSE","Fardamento com mangas curta","Material",null,"un",5.5540800000000003E-3,"194,68","1,08"]
["Insumo"," 00012892/SINAPI ","ORSE","Luva raspa de couro, cano curto (punho *7* cm)","Material",null,"par",8.5162559999999998E-3,"10,87","0,09"]
["Insumo"," 158 ","ORSE","Almoço (Participação do empregador)","Material",null,"un",0.37693689600000002,"14,00","5,27"]
["Insumo"," 10788 ","ORSE","Pá quadrada","Material",null,"un",3.87184E-4,"36,90","0,01"]
["Insumo"," 00012894/SINAPI ","ORSE","Capa para chuva em pvc com forro de poliester, com capuz (amarela ou azul)","Material",null,"un",7.4054399999999999E-4,"20,11","0,01"]
["Insumo"," 00002711/SINAPI ","ORSE","Carrinho de mao, em aco, com capacidade de *45 a 65* l / *100* kg, pneu com camara","Material",null,"un",3.87184E-4,"187,68","0,07"]
["Insumo"," 00012895/SINAPI ","ORSE","Capacete de seguranca aba frontal com suspensao de polietileno, sem jugular (classe b)","Material",null,"un",2.2216319999999999E-3,"13,50","0,02"]
["Insumo"," 10362 ","ORSE","Seguro de vida e acidente em grupo","Serviços",null,"un",1.6662239999999998E-2,"12,54","0,20"]
["Insumo"," 2378 ","ORSE","Vale transporte","Material",null,"un",0.29771879200000001,"4,50","1,33"]
["Insumo"," 4729 ","ORSE","Marreta 1 kg com cabo","Material",null,"un",1.93592E-4,"37,80","0,00"]
["Insumo"," 00006111/SINAPI ","ORSE","Servente de obras (horista)","Mão de Obra",null,"h",1.9359200000000001,"14,58","28,22"]
["Insumo"," 00004750/SINAPI ","ORSE","Pedreiro (horista)","Mão de Obra",null,"h",1.7667999999999999,"19,02","33,60"]
["Insumo"," 00000370/SINAPI ","ORSE","Areia media - posto jazida/fornecedor (retirado na jazida, sem transporte)","Material",null,"m³",3.7799999999999999E-3,"100,00","0,37"]
["Insumo"," 00001379/SINAPI ","ORSE","Cimento portland composto cp ii-32","Material",null,"kg",9.0228599999999997,"0,76","6,85"]
["Insumo"," 11264 ","ORSE","Marreta de 1/2 kg com cabo","Material",null,"un",3.5335999999999999E-4,"13,52","0,00"]
["Insumo"," 10282 ","ORSE","Regua de alumínio c/ 2,00m (para pedreiro)","Material",null,"un",3.5335999999999999E-4,"44,00","0,01"]
["Insumo"," 10789 ","ORSE","Nível de bolha de madeira","Material",null,"un",3.5335999999999999E-4,"15,40","0,00"]
["Insumo"," 4722 ","ORSE","Colher de pedreiro","Material",null,"un",7.0671999999999998E-4,"18,80","0,01"]
["Insumo"," 4174 ","ORSE","Desempenadeira de aço lisa, cabo madeira, ref:143, Atlas ou similar","Material",null,"un",8.8340000000000001E-4,"12,00","0,01"]
["Insumo"," 11243 ","ORSE","Martelo sem unha","Material",null,"un",1.7668E-4,"28,00","0,00"]
["Insumo"," 11246 ","ORSE","Escala métrica de bambú","Material",null,"Un",1.2367599999999999E-3,"10,22","0,01"]
["Insumo"," 10790 ","ORSE","Prumo de face","Material",null,"un",1.7668E-4,"25,95","0,00"]
["Insumo"," 11247 ","ORSE","Serra mármore","Material",null,"un",1.7668E-4,"327,80","0,05"]
["Insumo"," 11265 ","ORSE","Martelo de borracha com cabo","Material",null,"un",7.0671999999999998E-4,"18,75","0,01"]
["Insumo"," 11245 ","ORSE","Desempoladeira de madeira 12x22","Material",null,"un",1.2367599999999999E-3,"11,60","0,01"]
["Insumo"," 00000367/SINAPI ","ORSE","Areia grossa - posto jazida/fornecedor (retirado na jazida, sem transporte)","Material",null,"m³",4.9710079999999997E-2,"101,30","5,03"]
["Insumo"," 00001106/SINAPI ","ORSE","Cal hidratada ch-i para argamassas","Material",null,"kg",7.4401599999999997,"1,25","9,30"]
["Insumo"," 2212 ","ORSE","Tijolo cerâmico maciço 5 x 9 x 19cm","Material",null,"un",57.12,"0,60","34,27"]
["Insumo"," 7959 ","ORSE","Tampão em latão com corrente, d= 2 1/2\", para engate rápido (incendio)","Material",null,"un",1,"172,85","172,85"]
["Insumo"," 00010899/SINAPI ","ORSE","Adaptador em latao, engate rapido 2 1/2\" x rosca interna 5 fios 2 1/2\", para instalacao predial de combate a incendio","Material",null,"un",1,"144,57","144,57"]
["Insumo"," 00004721/SINAPI ","ORSE","Pedra britada n. 1 (9,5 a 19 mm) posto pedreira/fornecedor, sem frete","Material",null,"m³",2.4E-2,"137,75","3,30"]
["Insumo"," 11108 ","ORSE","Tampa de ferro fundido (60x40cm)","Material",null,"un",1,"486,81","486,81"]
[{"$nulls":4},"MO sem LS =>",28.83,"LS =>",32.99,"MO com LS =>",61.82]
[{"$nulls":4},"Valor do BDI =>",305.82,null,"Valor com BDI =>",null,1575.34]
[]
[" 14.1.18 ","Código","Banco","Descrição","Tipo",null,"Und","Quant.","Valor Unit","Total"]
["Composição"," 13319 ","ORSE","Conjunto moto-bomba centrífuga, trifasica, motor 7.5 cv, 1 1/4\", Schneider BC-22 R ou similar","Aparelhos, Utensílios e Equipamentos Elétricos",null,"un",1,8934.01,8934.01]
["Item","Código","Banco","Descrição","Tipo",null,"Und","Quant.","Valor Unit","Total"]
["Composição"," 10552 ","ORSE","Encargos Complementares - Eletricista","Provisórios",null,"h",2,"3,74","7,48"]
["Composição"," 10549 ","ORSE","Encargos Complementares - Servente","Provisórios",null,"h",4,"3,87","15,48"]
["Insumo"," 14014 ","ORSE","Motobomba centrífuga, marca schneider ou similar, modelo BC-22 R, motor 7,5 cv, trifásico 220V 1 1/4\"","Material",null,"un",1,"8.768,47","8.768,47"]
["Insumo"," 00002436/SINAPI ","ORSE","Eletricista (horista)","Mão de Obra",null,"h",2,"19,02","38,04"]
["Insumo"," 00006111/SINAPI ","ORSE","Servente de obras (horista)","Mão de Obra",null,"h",4,"14,58","58,32"]
["Composição"," 10554 ","ORSE","Encargos Complementares - Encanador","Provisórios",null,"h",2,"3,80","7,60"]
["Insumo"," 00002696/SINAPI ","ORSE","Encanador ou bombeiro hidraulico (horista)","Mão de Obra",null,"h",2,"19,02","38,04"]
["Detalhamento de Cálculo ORSE"]
["Item","Código","Banco","Descrição","Tipo",null,"Und","Quant.","Valor Unit","Total"]
["Insumo"," 10599 ","ORSE","Protetor solar fps 30 com 120ml","Material",null,"un",1.44E-2,"18,00","0,25"]
["Insumo"," 10579 ","ORSE","Chave de fenda chata 30 cm","Material",null,"un",4.0000000000000002E-4,"26,89","0,01"]
["Insumo"," 00012893/SINAPI ","ORSE","Bota de seguranca com biqueira de aco e colarinho acolchoado","Material",null,"par",6.1999999999999998E-3,"73,93","0,45"]
["Insumo"," 10492 ","ORSE","Cesta Básica","Material",null,"un",3.5999999999999997E-2,"205,00","7,38"]
["Insumo"," 10362 ","ORSE","Seguro de vida e acidente em grupo","Serviços",null,"un",3.5999999999999997E-2,"12,54","0,45"]
["Insumo"," 10517 ","ORSE","Exames admissionais/demissionais (checkup)","Serviços",null,"cj",3.2000000000000002E-3,"300,00","0,96"]
["Insumo"," 158 ","ORSE","Almoço (Participação do empregador)","Material",null,"un",0.81440000000000001,"14,00","11,40"]
["Insumo"," 2378 ","ORSE","Vale transporte","Material",null,"un",0.63800000000000001,"4,50","2,87"]
["Insumo"," 941 ","ORSE","Fardamento com mangas curta","Material",null,"un",1.2E-2,"194,68","2,33"]
["Insumo"," 00012892/SINAPI ","ORSE","Luva raspa de couro, cano curto (punho *7* cm)","Material",null,"par",1.84E-2,"10,87","0,20"]
["Insumo"," 10596 ","ORSE","Protetor auricular","Material",null,"un",3.5999999999999997E-2,"4,85","0,17"]
["Insumo"," 00012895/SINAPI ","ORSE","Capacete de seguranca aba frontal com suspensao de polietileno, sem jugular (classe b)","Material",null,"un",4.7999999999999996E-3,"13,50","0,06"]
["Insumo"," 00012894/SINAPI ","ORSE","Capa para chuva em pvc com forro de poliester, com capuz (amarela ou azul)","Material",null,"un",1.6000000000000001E-3,"20,11","0,03"]
["Insumo"," 10761 ","ORSE","Refeição - café da manhã ( café com leite e dois pães com manteiga)","Serviços",null,"un",0.81440000000000001,"5,00","4,07"]
["Insumo"," 11240 ","ORSE","Alicate com isolamento","Material",null,"un",4.0000000000000002E-4,"47,69","0,01"]
["Insumo"," 11242 ","ORSE","Chave inglesa 12\"","Material",null,"un",2.0000000000000001E-4,"34,00","0,00"]
["Insumo"," 1651 ","ORSE","Óculos branco proteção","Material",null,"pr",6.4000000000000003E-3,"7,00","0,04"]
["Insumo"," 11241 ","ORSE","Alicate volt-amperimetro","Material",null,"un",4.0000000000000002E-4,"170,60","0,06"]
["Insumo"," 4728 ","ORSE","Talhadeira chata 10\"","Material",null,"un",1.1999999999999999E-3,"18,58","0,02"]
["Insumo"," 10788 ","ORSE","Pá quadrada","Material",null,"un",8.0000000000000004E-4,"36,90","0,02"]
["Insumo"," 00002711/SINAPI ","ORSE","Carrinho de mao, em aco, com capacidade de *45 a 65* l / *100* kg, pneu com camara","Material",null,"un",8.0000000000000004E-4,"187,68","0,15"]
["Insumo"," 4729 ","ORSE","Marreta 1 kg com cabo","Material",null,"un",4.0000000000000002E-4,"37,80","0,01"]
["Insumo"," 14014 ","ORSE","Motobomba centrífuga, marca schneider ou similar, modelo BC-22 R, motor 7,5 cv, trifásico 220V 1 1/4\"","Material",null,"un",1,"8.768,47","8.768,47"]
["Insumo"," 00002436/SINAPI ","ORSE","Eletricista (horista)","Mão de Obra",null,"h",2,"19,02","38,04"]
["Insumo"," 00006111/SINAPI ","ORSE","Servente de obras (horista)","Mão de Obra",null,"h",4,"14,58","58,32"]
["Insumo"," 11255 ","ORSE","Tarracha para tubos PVC de 1\"","Material",null,"un",1.1999999999999999E-3,"49,00","0,05"]
["Insumo"," 11253 ","ORSE","Tarracha para tubos PVC de 1/2\"","Material",null,"un",2.2000000000000001E-3,"29,00","0,06"]
["Insumo"," 11257 ","ORSE","Tarracha para tubos PVC de 1 1/4\"","Material",null,"un",8.0000000000000004E-4,"32,30","0,02"]
["Insumo"," 11256 ","ORSE","Tarracha para tubos PVC de 1 1/2\"","Material",null,"un",8.0000000000000004E-4,"60,00","0,04"]
["Insumo"," 10592 ","ORSE","Lima chata 12\"","Material",null,"un",2.0000000000000001E-4,"38,09","0,00"]
["Insumo"," 11254 ","ORSE","Tarracha para tubos PVC de 3/4\"","Material",null,"un",1.4E-3,"27,49","0,03"]
["Insumo"," 10593 ","ORSE","Praio simples 30cm","Material",null,"un",2.0000000000000001E-4,"19,57","0,00"]
["Insumo"," 00002696/SINAPI ","ORSE","Encanador ou bombeiro hidraulico (horista)","Mão de Obra",null,"h",2,"19,02","38,04"]
[{"$nulls":4},"MO sem LS =>",62.68,"LS =>",71.72,"MO com LS =>",134.4]
[{"$nulls":4},"Valor do BDI =>",2152.1999999999998,null,"Valor com BDI =>",null,11086.21]
[]
[" 14.1.19 ","Código","Banco","Descrição","Tipo",null,"Und","Quant.","Valor Unit","Total"]
["Composição"," 101908 ","SINAPI","EXTINTOR DE INCÊNDIO PORTÁTIL COM CARGA DE PQS DE 4 KG, CLASSE BC - FORNECIMENTO E INSTALAÇÃO. AF_10/2020_PE","Instalações de Gás e Incêndio em Aço e Ferro Galvanizado",null,"UN",1,260.33,260.33]
["Composição Auxiliar"," 88267 ","SINAPI","ENCANADOR OU BOMBEIRO HIDRÁULICO COM ENCARGOS COMPLEMENTARES","SEDI - SERVIÇOS DIVERSOS",null,"H",0.45739999999999997,31.26,14.29]
["Composição Auxiliar"," 88248 ","SINAPI","AUXILIAR DE ENCANADOR OU BOMBEIRO HIDRÁULICO COM ENCARGOS COMPLEMENTARES","SEDI - SERVIÇOS DIVERSOS",null,"H",0.45739999999999997,21.84,9.98]
["Insumo"," 00004350 ","SINAPI","BUCHA DE NYLON, DIAMETRO DO FURO 8 MM, COMPRIMENTO 40 MM, COM PARAFUSO DE ROSCA SOBERBA, CABECA CHATA, FENDA SIMPLES, 4,8 X 50 MM","Material",null,"UN",2,0.63,1.26]
["Insumo"," 00010891 ","SINAPI","EXTINTOR DE INCENDIO PORTATIL COM CARGA DE PO QUIMICO SECO (PQS) DE 4 KG, CLASSE BC","Material",null,"UN",1,234.8,234.8]
[{"$nulls":4},"MO sem LS =>",9.01,"LS =>",10.32,"MO com LS =>",19.329999999999998]
[{"$nulls":4},"Valor do BDI =>",62.71,null,"Valor com BDI =>",null,323.04000000000002]
[]
[" 14.1.20 ","Código","Banco","Descrição","Tipo",null,"Und","Quant.","Valor Unit","Total"]
["Composição"," 101905 ","SINAPI","EXTINTOR DE INCÊNDIO PORTÁTIL COM CARGA DE ÁGUA PRESSURIZADA DE 10 L, CLASSE A - FORNECIMENTO E INSTALAÇÃO. AF_10/2020_PE","Instalações de Gás e Incêndio em Aço e Ferro Galvanizado",null,"UN",1,268.33999999999997,268.33999999999997]
["Composição Auxiliar"," 88248 ","SINAPI","AUXILIAR DE ENCANADOR OU BOMBEIRO HIDRÁULICO COM ENCARGOS COMPLEMENTARES","SEDI - SERVIÇOS DIVERSOS",null,"H",0.45739999999999997,21.84,9.98]
["Composição Auxiliar"," 88267 ","SINAPI","ENCANADOR OU BOMBEIRO HIDRÁULICO COM ENCARGOS COMPLEMENTARES","SEDI - SERVIÇOS DIVERSOS",null,"H",0.45739999999999997,31.26,14.29]
["Insumo"," 00010886 ","SINAPI","EXTINTOR DE INCENDIO PORTATIL COM CARGA DE AGUA PRESSURIZADA DE 10 L, CLASSE A","Material",null,"UN",1,242.81,242.81]
["Insumo"," 00004350 ","SINAPI","BUCHA DE NYLON, DIAMETRO DO FURO 8 MM, COMPRIMENTO 40 MM, COM PARAFUSO DE ROSCA SOBERBA, CABECA CHATA, FENDA SIMPLES, 4,8 X 50 MM","Material",null,"UN",2,0.63,1.26]
[{"$nulls":4},"MO sem LS =>",9.01,"LS =>",10.32,"MO com LS =>",19.329999999999998]
[{"$nulls":4},"Valor do BDI =>",64.64,null,"Valor com BDI =>",null,332.98]
[]
[" 14.1.21 ","Código","Banco","Descrição","Tipo",null,"Und","Quant.","Valor Unit","Total"]
["Composição"," 10446 ","ORSE","Avisador sonoro tipo sirene para incêndio - Fornecimento","Equipamentos para Combate a Incêndio",null,"un",1,330.01,330.01]
["Item","Código","Banco","Descrição","Tipo",null,"Und","Quant.","Valor Unit","Total"]
["Insumo"," 11195 ","ORSE","Avisador sonoro tipo sirene para incêndio","Material",null,"un",1,"330,01","330,01"]
["Detalhamento de Cálculo ORSE"]
["Item","Código","Banco","Descrição","Tipo",null,"Und","Quant.","Valor Unit","Total"]
["Insumo"," 11195 ","ORSE","Avisador sonoro tipo sirene para incêndio","Material",null,"un",1,"330,01","330,01"]
[{"$nulls":4},"MO sem LS =>",0,"LS =>",0,"MO com LS =>",0]
[{"$nulls":4},"Valor do BDI =>",79.489999999999995,null,"Valor com BDI =>",null,409.5]
[]
[" 14.1.22 ","Código","Banco","Descrição","Tipo",null,"Und","Quant.","Valor Unit","Total"]
["Composição"," 7861 ","ORSE","Acionador manual (botoeira) tipo quebra-vidro, p/instal. incendio","Equipamentos para Combate a Incêndio",null,"un",1,154.59,154.59]
["Item","Código","Banco","Descrição","Tipo",null,"Und","Quant.","Valor Unit","Total"]
["Insumo"," 7611 ","ORSE","Acionador manual (botoeira) tipo quebra-vidro, p/incendio","Material",null,"un",1,"134,00","134,00"]
["Composição"," 10549 ","ORSE","Encargos Complementares - Servente","Provisórios",null,"h",0.5,"3,87","1,93"]
["Composição"," 10552 ","ORSE","Encargos Complementares - Eletricista","Provisórios",null,"h",0.5,"3,74","1,87"]
["Insumo"," 00002436/SINAPI ","ORSE","Eletricista (horista)","Mão de Obra",null,"h",0.5,"19,02","9,51"]
["Insumo"," 00006111/SINAPI ","ORSE","Servente de obras (horista)","Mão de Obra",null,"h",0.5,"14,58","7,29"]
["Detalhamento de Cálculo ORSE"]
["Item","Código","Banco","Descrição","Tipo",null,"Und","Quant.","Valor Unit","Total"]
["Insumo"," 7611 ","ORSE","Acionador manual (botoeira) tipo quebra-vidro, p/incendio","Material",null,"un",1,"134,00","134,00"]
["Insumo"," 10492 ","ORSE","Cesta Básica","Material",null,"un",4.4999999999999997E-3,"205,00","0,92"]
["Insumo"," 10599 ","ORSE","Protetor solar fps 30 com 120ml","Material",null,"un",1.8E-3,"18,00","0,03"]
["Insumo"," 4728 ","ORSE","Talhadeira chata 10\"","Material",null,"un",1.4999999999999999E-4,"18,58","0,00"]
["Insumo"," 00012893/SINAPI ","ORSE","Bota de seguranca com biqueira de aco e colarinho acolchoado","Material",null,"par",7.5000000000000002E-4,"73,93","0,05"]
["Insumo"," 10517 ","ORSE","Exames admissionais/demissionais (checkup)","Serviços",null,"cj",4.0000000000000002E-4,"300,00","0,12"]
["Insumo"," 10761 ","ORSE","Refeição - café da manhã ( café com leite e dois pães com manteiga)","Serviços",null,"un",0.1018,"5,00","0,50"]
["Insumo"," 10596 ","ORSE","Protetor auricular","Material",null,"un",4.4999999999999997E-3,"4,85","0,02"]
["Insumo"," 1651 ","ORSE","Óculos branco proteção","Material",null,"pr",8.0000000000000004E-4,"7,00","0,00"]
["Insumo"," 941 ","ORSE","Fardamento com mangas curta","Material",null,"un",1.5E-3,"194,68","0,29"]
["Insumo"," 00012892/SINAPI ","ORSE","Luva raspa de couro, cano curto (punho *7* cm)","Material",null,"par",2.3E-3,"10,87","0,02"]
["Insumo"," 158 ","ORSE","Almoço (Participação do empregador)","Material",null,"un",0.1018,"14,00","1,42"]
["Insumo"," 10788 ","ORSE","Pá quadrada","Material",null,"un",1E-4,"36,90","0,00"]
["Insumo"," 00012894/SINAPI ","ORSE","Capa para chuva em pvc com forro de poliester, com capuz (amarela ou azul)","Material",null,"un",2.0000000000000001E-4,"20,11","0,00"]
["Insumo"," 00002711/SINAPI ","ORSE","Carrinho de mao, em aco, com capacidade de *45 a 65* l / *100* kg, pneu com camara","Material",null,"un",1E-4,"187,68","0,01"]
["Insumo"," 00012895/SINAPI ","ORSE","Capacete de seguranca aba frontal com suspensao de polietileno, sem jugular (classe b)","Material",null,"un",5.9999999999999995E-4,"13,50","0,00"]
["Insumo"," 10362 ","ORSE","Seguro de vida e acidente em grupo","Serviços",null,"un",4.4999999999999997E-3,"12,54","0,05"]
["Insumo"," 2378 ","ORSE","Vale transporte","Material",null,"un",7.9750000000000001E-2,"4,50","0,35"]
["Insumo"," 4729 ","ORSE","Marreta 1 kg com cabo","Material",null,"un",5.0000000000000002E-5,"37,80","0,00"]
["Insumo"," 10579 ","ORSE","Chave de fenda chata 30 cm","Material",null,"un",1E-4,"26,89","0,00"]
["Insumo"," 11240 ","ORSE","Alicate com isolamento","Material",null,"un",1E-4,"47,69","0,00"]
["Insumo"," 11242 ","ORSE","Chave inglesa 12\"","Material",null,"un",5.0000000000000002E-5,"34,00","0,00"]
["Insumo"," 11241 ","ORSE","Alicate volt-amperimetro","Material",null,"un",1E-4,"170,60","0,01"]
["Insumo"," 00002436/SINAPI ","ORSE","Eletricista (horista)","Mão de Obra",null,"h",0.5,"19,02","9,51"]
["Insumo"," 00006111/SINAPI ","ORSE","Servente de obras (horista)","Mão de Obra",null,"h",0.5,"14,58","7,29"]
[{"$nulls":4},"MO sem LS =>",7.83,"LS =>",8.9700000000000006,"MO com LS =>",16.8]
[{"$nulls":4},"Valor do BDI =>",37.24,null,"Valor com BDI =>",null,191.83]
[]
[" 14.1.23 ","Código","Banco","Descrição","Tipo",null,"Und","Quant.","Valor Unit","Total"]
["Composição"," 12136 ","ORSE","Central de alarme de incendio com sistema de 04 laços para até 396 dispositivos, marca JFL, modelo Vulcano - 400 ou similar","Equipamentos para Combate a Incêndio",null,"un",1,2249.38,2249.38]
["Item","Código","Banco","Descrição","Tipo",null,"Und","Quant.","Valor Unit","Total"]
["Insumo"," 12975 ","ORSE","Central de alarme de incendio com sistema de 04 laços para até 396 dispositivos, marca JFL, modelo Vulcano - 400 ou similar","Material",null,"un",1,"2.226,62","2.226,62"]
["Insumo"," 00002436/SINAPI ","ORSE","Eletricista (horista)","Mão de Obra",null,"h",1,"19,02","19,02"]
["Composição"," 10552 ","ORSE","Encargos Complementares - Eletricista","Provisórios",null,"h",1,"3,74","3,74"]
["Detalhamento de Cálculo ORSE"]
["Item","Código","Banco","Descrição","Tipo",null,"Und","Quant.","Valor Unit","Total"]
["Insumo"," 12975 ","ORSE","Central de alarme de incendio com sistema de 04 laços para até 396 dispositivos, marca JFL, modelo Vulcano - 400 ou similar","Material",null,"un",1,"2.226,62","2.226,62"]
["Insumo"," 00002436/SINAPI ","ORSE","Eletricista (horista)","Mão de Obra",null,"h",1,"19,02","19,02"]
["Insumo"," 10599 ","ORSE","Protetor solar fps 30 com 120ml","Material",null,"un",1.8E-3,"18,00","0,03"]
["Insumo"," 10579 ","ORSE","Chave de fenda chata 30 cm","Material",null,"un",2.0000000000000001E-4,"26,89","0,00"]
["Insumo"," 00012893/SINAPI ","ORSE","Bota de seguranca com biqueira de aco e colarinho acolchoado","Material",null,"par",6.9999999999999999E-4,"73,93","0,05"]
["Insumo"," 10492 ","ORSE","Cesta Básica","Material",null,"un",4.4999999999999997E-3,"205,00","0,92"]
["Insumo"," 10362 ","ORSE","Seguro de vida e acidente em grupo","Serviços",null,"un",4.4999999999999997E-3,"12,54","0,05"]
["Insumo"," 10517 ","ORSE","Exames admissionais/demissionais (checkup)","Serviços",null,"cj",4.0000000000000002E-4,"300,00","0,12"]
["Insumo"," 158 ","ORSE","Almoço (Participação do empregador)","Material",null,"un",0.1018,"14,00","1,42"]
["Insumo"," 2378 ","ORSE","Vale transporte","Material",null,"un",6.54E-2,"4,50","0,29"]
["Insumo"," 941 ","ORSE","Fardamento com mangas curta","Material",null,"un",1.5E-3,"194,68","0,29"]
["Insumo"," 00012892/SINAPI ","ORSE","Luva raspa de couro, cano curto (punho *7* cm)","Material",null,"par",2.3E-3,"10,87","0,02"]
["Insumo"," 10596 ","ORSE","Protetor auricular","Material",null,"un",4.4999999999999997E-3,"4,85","0,02"]
["Insumo"," 00012895/SINAPI ","ORSE","Capacete de seguranca aba frontal com suspensao de polietileno, sem jugular (classe b)","Material",null,"un",5.9999999999999995E-4,"13,50","0,00"]
["Insumo"," 00012894/SINAPI ","ORSE","Capa para chuva em pvc com forro de poliester, com capuz (amarela ou azul)","Material",null,"un",2.0000000000000001E-4,"20,11","0,00"]
["Insumo"," 10761 ","ORSE","Refeição - café da manhã ( café com leite e dois pães com manteiga)","Serviços",null,"un",0.1018,"5,00","0,50"]
["Insumo"," 11240 ","ORSE","Alicate com isolamento","Material",null,"un",2.0000000000000001E-4,"47,69","0,00"]
["Insumo"," 11242 ","ORSE","Chave inglesa 12\"","Material",null,"un",1E-4,"34,00","0,00"]
["Insumo"," 1651 ","ORSE","Óculos branco proteção","Material",null,"pr",8.0000000000000004E-4,"7,00","0,00"]
["Insumo"," 11241 ","ORSE","Alicate volt-amperimetro","Material",null,"un",2.0000000000000001E-4,"170,60","0,03"]
[{"$nulls":4},"MO sem LS =>",8.8699999999999992,"LS =>",10.15,"MO com LS =>",19.02]
[{"$nulls":4},"Valor do BDI =>",541.87,null,"Valor com BDI =>",null,2791.25]
[]
[" 14.1.24 ","Código","Banco","Descrição","Tipo",null,"Und","Quant.","Valor Unit","Total"]
["Composição"," 8693 ","ORSE","Bateria industrial para acionamento de sirene (p/penitenciária)","Aparelhos, Utensílios e Equipamentos Elétricos",null,"un",1,304.02,304.02]
["Item","Código","Banco","Descrição","Tipo",null,"Und","Quant.","Valor Unit","Total"]
["Composição"," 10552 ","ORSE","Encargos Complementares - Eletricista","Provisórios",null,"h",6,"3,74","22,44"]
["Insumo"," 276 ","ORSE","Bateria de 12v x 7a para centrais de alarme","Material",null,"un",1,"167,04","167,04"]
["Insumo"," 00002436/SINAPI ","ORSE","Eletricista (horista)","Mão de Obra",null,"h",6,"19,02","114,12"]
["Detalhamento de Cálculo ORSE"]
["Item","Código","Banco","Descrição","Tipo",null,"Und","Quant.","Valor Unit","Total"]
["Insumo"," 10599 ","ORSE","Protetor solar fps 30 com 120ml","Material",null,"un",1.0800000000000001E-2,"18,00","0,19"]
["Insumo"," 10579 ","ORSE","Chave de fenda chata 30 cm","Material",null,"un",1.1999999999999999E-3,"26,89","0,03"]
["Insumo"," 00012893/SINAPI ","ORSE","Bota de seguranca com biqueira de aco e colarinho acolchoado","Material",null,"par",4.1999999999999997E-3,"73,93","0,31"]
["Insumo"," 10492 ","ORSE","Cesta Básica","Material",null,"un",2.7E-2,"205,00","5,53"]
["Insumo"," 10362 ","ORSE","Seguro de vida e acidente em grupo","Serviços",null,"un",2.7E-2,"12,54","0,33"]
["Insumo"," 10517 ","ORSE","Exames admissionais/demissionais (checkup)","Serviços",null,"cj",2.3999999999999998E-3,"300,00","0,72"]
["Insumo"," 158 ","ORSE","Almoço (Participação do empregador)","Material",null,"un",0.61080000000000001,"14,00","8,55"]
["Insumo"," 2378 ","ORSE","Vale transporte","Material",null,"un",0.39240000000000003,"4,50","1,76"]
["Insumo"," 941 ","ORSE","Fardamento com mangas curta","Material",null,"un",8.9999999999999993E-3,"194,68","1,75"]
["Insumo"," 00012892/SINAPI ","ORSE","Luva raspa de couro, cano curto (punho *7* cm)","Material",null,"par",1.38E-2,"10,87","0,15"]
["Insumo"," 10596 ","ORSE","Protetor auricular","Material",null,"un",2.7E-2,"4,85","0,13"]
["Insumo"," 00012895/SINAPI ","ORSE","Capacete de seguranca aba frontal com suspensao de polietileno, sem jugular (classe b)","Material",null,"un",3.5999999999999999E-3,"13,50","0,04"]
["Insumo"," 00012894/SINAPI ","ORSE","Capa para chuva em pvc com forro de poliester, com capuz (amarela ou azul)","Material",null,"un",1.1999999999999999E-3,"20,11","0,02"]
["Insumo"," 10761 ","ORSE","Refeição - café da manhã ( café com leite e dois pães com manteiga)","Serviços",null,"un",0.61080000000000001,"5,00","3,05"]
["Insumo"," 11240 ","ORSE","Alicate com isolamento","Material",null,"un",1.1999999999999999E-3,"47,69","0,05"]
["Insumo"," 11242 ","ORSE","Chave inglesa 12\"","Material",null,"un",5.9999999999999995E-4,"34,00","0,02"]
["Insumo"," 1651 ","ORSE","Óculos branco proteção","Material",null,"pr",4.7999999999999996E-3,"7,00","0,03"]
["Insumo"," 11241 ","ORSE","Alicate volt-amperimetro","Material",null,"un",1.1999999999999999E-3,"170,60","0,20"]
["Insumo"," 276 ","ORSE","Bateria de 12v x 7a para centrais de alarme","Material",null,"un",1,"167,04","167,04"]
["Insumo"," 00002436/SINAPI ","ORSE","Eletricista (horista)","Mão de Obra",null,"h",6,"19,02","114,12"]
[{"$nulls":4},"MO sem LS =>",53.22,"LS =>",60.9,"MO com LS =>",114.12]
[{"$nulls":4},"Valor do BDI =>",73.23,null,"Valor com BDI =>",null,377.25]
[]
[" 14.1.25 ","Código","Banco","Descrição","Tipo",null,"Und","Quant.","Valor Unit","Total"]
["Composição"," 12138 ","ORSE","Placa de indicativa de \"EXTINTOR\" em pvc, dim.: 20 x 20 cm","Sinalização Vertical",null,"Un",1,24.8,24.8]
["Item","Código","Banco","Descrição","Tipo",null,"Und","Quant.","Valor Unit","Total"]
["Composição"," 10549 ","ORSE","Encargos Complementares - Servente","Provisórios",null,"h",0.2,"3,87","0,77"]
["Insumo"," 00006111/SINAPI ","ORSE","Servente de obras (horista)","Mão de Obra",null,"h",0.2,"14,58","2,91"]
["Insumo"," 11927 ","ORSE","Placa para sinalização de \"EXTINTOR em parede\" pvc, dim.: 20 x 20 cm","Material",null,"un",1,"21,16","21,16"]
["Detalhamento de Cálculo ORSE"]
["Item","Código","Banco","Descrição","Tipo",null,"Und","Quant.","Valor Unit","Total"]
["Insumo"," 10492 ","ORSE","Cesta Básica","Material",null,"un",8.9999999999999998E-4,"205,00","0,18"]
["Insumo"," 10599 ","ORSE","Protetor solar fps 30 com 120ml","Material",null,"un",3.6000000000000002E-4,"18,00","0,00"]
["Insumo"," 4728 ","ORSE","Talhadeira chata 10\"","Material",null,"un",6.0000000000000002E-5,"18,58","0,00"]
["Insumo"," 00012893/SINAPI ","ORSE","Bota de seguranca com biqueira de aco e colarinho acolchoado","Material",null,"par",1.6000000000000001E-4,"73,93","0,01"]
["Insumo"," 10517 ","ORSE","Exames admissionais/demissionais (checkup)","Serviços",null,"cj",8.0000000000000007E-5,"300,00","0,02"]
["Insumo"," 10761 ","ORSE","Refeição - café da manhã ( café com leite e dois pães com manteiga)","Serviços",null,"un",2.036E-2,"5,00","0,10"]
["Insumo"," 10596 ","ORSE","Protetor auricular","Material",null,"un",8.9999999999999998E-4,"4,85","0,00"]
["Insumo"," 1651 ","ORSE","Óculos branco proteção","Material",null,"pr",1.6000000000000001E-4,"7,00","0,00"]
["Insumo"," 941 ","ORSE","Fardamento com mangas curta","Material",null,"un",2.9999999999999997E-4,"194,68","0,05"]
["Insumo"," 00012892/SINAPI ","ORSE","Luva raspa de couro, cano curto (punho *7* cm)","Material",null,"par",4.6000000000000001E-4,"10,87","0,00"]
["Insumo"," 158 ","ORSE","Almoço (Participação do empregador)","Material",null,"un",2.036E-2,"14,00","0,28"]
["Insumo"," 10788 ","ORSE","Pá quadrada","Material",null,"un",4.0000000000000003E-5,"36,90","0,00"]
["Insumo"," 00012894/SINAPI ","ORSE","Capa para chuva em pvc com forro de poliester, com capuz (amarela ou azul)","Material",null,"un",4.0000000000000003E-5,"20,11","0,00"]
["Insumo"," 00002711/SINAPI ","ORSE","Carrinho de mao, em aco, com capacidade de *45 a 65* l / *100* kg, pneu com camara","Material",null,"un",4.0000000000000003E-5,"187,68","0,00"]
["Insumo"," 00012895/SINAPI ","ORSE","Capacete de seguranca aba frontal com suspensao de polietileno, sem jugular (classe b)","Material",null,"un",1.2E-4,"13,50","0,00"]
["Insumo"," 10362 ","ORSE","Seguro de vida e acidente em grupo","Serviços",null,"un",8.9999999999999998E-4,"12,54","0,01"]
["Insumo"," 2378 ","ORSE","Vale transporte","Material",null,"un",1.882E-2,"4,50","0,08"]
["Insumo"," 4729 ","ORSE","Marreta 1 kg com cabo","Material",null,"un",2.0000000000000002E-5,"37,80","0,00"]
["Insumo"," 00006111/SINAPI ","ORSE","Servente de obras (horista)","Mão de Obra",null,"h",0.2,"14,58","2,91"]
["Insumo"," 11927 ","ORSE","Placa para sinalização de \"EXTINTOR em parede\" pvc, dim.: 20 x 20 cm","Material",null,"un",1,"21,16","21,16"]
[{"$nulls":4},"MO sem LS =>",1.35,"LS =>",1.56,"MO com LS =>",2.91]
[{"$nulls":4},"Valor do BDI =>",5.97,null,"Valor com BDI =>",null,30.77]
[]
[" 14.1.26 ","Código","Banco","Descrição","Tipo",null,"Und","Quant.","Valor Unit","Total"]
["Composição"," 10363 ","ORSE","Placa de sinalização em acrílico, dimensões 0.12 x 0.12 m, e=2mm","Sinalização Vertical",null,"un",1,27.98,27.98]
["Item","Código","Banco","Descrição","Tipo",null,"Und","Quant.","Valor Unit","Total"]
["Insumo"," 11143 ","ORSE","Placa de sinalização em acrílico, dimensões 0.12 x 0.12 m, e=2mm","Material",null,"un",1,"21,84","21,84"]
["Composição"," 10551 ","ORSE","Encargos Complementares - Carpinteiro","Provisórios",null,"h",0.25,"3,82","0,95"]
["Insumo"," 00001213/SINAPI ","ORSE","Carpinteiro de formas para concreto (horista)","Mão de Obra",null,"h",0.25,"19,02","4,75"]
["Insumo"," 2682 ","ORSE","Parafuso c/ bucha S-6","Material",null,"un",4,"0,12","0,48"]
["Detalhamento de Cálculo ORSE"]
["Item","Código","Banco","Descrição","Tipo",null,"Und","Quant.","Valor Unit","Total"]
["Insumo"," 11143 ","ORSE","Placa de sinalização em acrílico, dimensões 0.12 x 0.12 m, e=2mm","Material",null,"un",1,"21,84","21,84"]
["Insumo"," 10579 ","ORSE","Chave de fenda chata 30 cm","Material",null,"un",5.0000000000000002E-5,"26,89","0,00"]
["Insumo"," 2378 ","ORSE","Vale transporte","Material",null,"un",1.635E-2,"4,50","0,07"]
["Insumo"," 11249 ","ORSE","Serra circular eletrica portatil","Equipamento",null,"un",2.5000000000000001E-5,"979,65","0,02"]
["Insumo"," 10517 ","ORSE","Exames admissionais/demissionais (checkup)","Serviços",null,"cj",1E-4,"300,00","0,03"]
["Insumo"," 11248 ","ORSE","Furadeira e Parafusadeira eletrica Bosch ou Similar profissional","Equipamento",null,"un",2.5000000000000001E-5,"246,00","0,00"]
["Insumo"," 941 ","ORSE","Fardamento com mangas curta","Material",null,"un",3.7500000000000001E-4,"194,68","0,07"]
["Insumo"," 158 ","ORSE","Almoço (Participação do empregador)","Material",null,"un",2.545E-2,"14,00","0,35"]
["Insumo"," 00012892/SINAPI ","ORSE","Luva raspa de couro, cano curto (punho *7* cm)","Material",null,"par",5.7499999999999999E-4,"10,87","0,00"]
["Insumo"," 00012895/SINAPI ","ORSE","Capacete de seguranca aba frontal com suspensao de polietileno, sem jugular (classe b)","Material",null,"un",1.4999999999999999E-4,"13,50","0,00"]
["Insumo"," 00012894/SINAPI ","ORSE","Capa para chuva em pvc com forro de poliester, com capuz (amarela ou azul)","Material",null,"un",5.0000000000000002E-5,"20,11","0,00"]
["Insumo"," 1651 ","ORSE","Óculos branco proteção","Material",null,"pr",1.75E-4,"7,00","0,00"]
["Insumo"," 10577 ","ORSE","Serrote 40cm","Material",null,"un",2.5000000000000001E-5,"36,00","0,00"]
["Insumo"," 10578 ","ORSE","Formão grande","Material",null,"un",5.0000000000000002E-5,"15,15","0,00"]
["Insumo"," 10362 ","ORSE","Seguro de vida e acidente em grupo","Serviços",null,"un",1.1249999999999999E-3,"12,54","0,01"]
["Insumo"," 10599 ","ORSE","Protetor solar fps 30 com 120ml","Material",null,"un",4.4999999999999999E-4,"18,00","0,00"]
["Insumo"," 10596 ","ORSE","Protetor auricular","Material",null,"un",1.1249999999999999E-3,"4,85","0,00"]
["Insumo"," 10761 ","ORSE","Refeição - café da manhã ( café com leite e dois pães com manteiga)","Serviços",null,"un",2.545E-2,"5,00","0,12"]
["Insumo"," 00012893/SINAPI ","ORSE","Bota de seguranca com biqueira de aco e colarinho acolchoado","Material",null,"par",1.75E-4,"73,93","0,01"]
["Insumo"," 10492 ","ORSE","Cesta Básica","Material",null,"un",1.1249999999999999E-3,"205,00","0,23"]
["Insumo"," 11244 ","ORSE","Martelo com unha","Material",null,"un",5.0000000000000002E-5,"48,95","0,00"]
["Insumo"," 00001213/SINAPI ","ORSE","Carpinteiro de formas para concreto (horista)","Mão de Obra",null,"h",0.25,"19,02","4,75"]
["Insumo"," 2682 ","ORSE","Parafuso c/ bucha S-6","Material",null,"un",4,"0,12","0,48"]
[{"$nulls":4},"MO sem LS =>",2.21,"LS =>",2.54,"MO com LS =>",4.75]
[{"$nulls":4},"Valor do BDI =>",6.74,null,"Valor com BDI =>",null,34.72]
[]
[" 14.1.27 ","Código","Banco","Descrição","Tipo",null,"Und","Quant.","Valor Unit","Total"]
["Composição"," 97599 ","SINAPI","LUMINÁRIA DE EMERGÊNCIA, COM 30 LÂMPADAS LED DE 2 W, SEM REATOR - FORNECIMENTO E INSTALAÇÃO. AF_09/2024","Iluminação Predial e Monitoramento",null,"UN",1,22.02,22.02]
["Composição Auxiliar"," 88264 ","SINAPI","ELETRICISTA COM ENCARGOS COMPLEMENTARES","SEDI - SERVIÇOS DIVERSOS",null,"H",0.17649999999999999,32.43,5.72]
["Composição Auxiliar"," 88247 ","SINAPI","AUXILIAR DE ELETRICISTA COM ENCARGOS COMPLEMENTARES","SEDI - SERVIÇOS DIVERSOS",null,"H",5.5156200000000002E-2,22.83,1.25]
["Insumo"," 00038774 ","SINAPI","LUMINARIA DE EMERGENCIA 30 LEDS, POTENCIA 2 W, BATERIA DE LITIO, AUTONOMIA DE 6 HORAS","Material",null,"UN",1,15.05,15.05]
[{"$nulls":4},"MO sem LS =>",2.59,"LS =>",2.97,"MO com LS =>",5.56]
[{"$nulls":4},"Valor do BDI =>",5.3,null,"Valor com BDI =>",null,27.32]
[]
[" 14.1.28 ","Código","Banco","Descrição","Tipo",null,"Und","Quant.","Valor Unit","Total"]
["Composição"," 91993 ","SINAPI","TOMADA ALTA DE EMBUTIR (1 MÓDULO), 2P+T 20 A, INCLUINDO SUPORTE E PLACA - FORNECIMENTO E INSTALAÇÃO. AF_03/2023","Instalações Elétricas - Eletrodutos Embutidos, Cabos, Caixas, Tomadas e Interruptores",null,"UN",1,56.85,56.85]
["Composição Auxiliar"," 91946 ","SINAPI","SUPORTE PARAFUSADO COM PLACA DE ENCAIXE 4\" X 2\" MÉDIO (1,30 M DO PISO) PARA PONTO ELÉTRICO - FORNECIMENTO E INSTALAÇÃO. AF_03/2023","INEL - INSTALAÇÃO ELÉTRICA/ELETRIFICAÇÃO E ILUMINAÇÃO EXTERNA",null,"UN",1,13.68,13.68]
["Composição Auxiliar"," 91991 ","SINAPI","TOMADA ALTA DE EMBUTIR (1 MÓDULO), 2P+T 20 A, SEM SUPORTE E SEM PLACA - FORNECIMENTO E INSTALAÇÃO. AF_03/2023","Instalações Elétricas - Eletrodutos Embutidos, Cabos, Caixas, Tomadas e Interruptores",null,"UN",1,43.17,43.17]
[{"$nulls":4},"MO sem LS =>",12.83,"LS =>",14.68,"MO com LS =>",27.51]
[{"$nulls":4},"Valor do BDI =>",13.69,null,"Valor com BDI =>",null,70.540000000000006]
[]
[" 14.1.32 ","Código","Banco","Descrição","Tipo",null,"Und","Quant.","Valor Unit","Total"]
["Composição"," 102621 ","SINAPI","CAIXA D´ÁGUA EM POLIÉSTER REFORÇADO COM FIBRA DE VIDRO, 20000 LITROS - FORNECIMENTO E INSTALAÇÃO. AF_06/2021","Caixas de Água para Edificações",null,"UN",1,12919.38,12919.38]
["Composição Auxiliar"," 88248 ","SINAPI","AUXILIAR DE ENCANADOR OU BOMBEIRO HIDRÁULICO COM ENCARGOS COMPLEMENTARES","SEDI - SERVIÇOS DIVERSOS",null,"H",1.4821,21.84,32.36]
["Composição Auxiliar"," 93288 ","SINAPI","GUINDASTE HIDRÁULICO AUTOPROPELIDO, COM LANÇA TELESCÓPICA 40 M, CAPACIDADE MÁXIMA 60 T, POTÊNCIA 260 KW - CHI DIURNO. AF_03/2016","Custos Horários Produtivo e Improdutivo dos Equipamentos",null,"CHI",2.3611,171.72,405.44]
["Composição Auxiliar"," 93287 ","SINAPI","GUINDASTE HIDRÁULICO AUTOPROPELIDO, COM LANÇA TELESCÓPICA 40 M, CAPACIDADE MÁXIMA 60 T, POTÊNCIA 260 KW - CHP DIURNO. AF_03/2016","Custos Horários Produtivo e Improdutivo dos Equipamentos",null,"CHP",0.26340000000000002,345.28,90.94]
["Composição Auxiliar"," 88267 ","SINAPI","ENCANADOR OU BOMBEIRO HIDRÁULICO COM ENCARGOS COMPLEMENTARES","SEDI - SERVIÇOS DIVERSOS",null,"H",1.4821,31.26,46.33]
["Insumo"," 00043982 ","SINAPI","CAIXA D'AGUA / RESERVATORIO EM POLIESTER REFORCADO COM FIBRA DE VIDRO, 20000 LITROS, COM TAMPA","Material",null,"UN",1,12344.31,12344.31]
[{"$nulls":4},"MO sem LS =>",51.13,"LS =>",58.5,"MO com LS =>",109.63]
[{"$nulls":4},"Valor do BDI =>",3112.27,null,"Valor com BDI =>",null,16031.65]
[]
[" 14.2.1 ","Código","Banco","Descrição","Tipo",null,"Und","Quant.","Valor Unit","Total"]
["Composição"," 99814 ","SINAPI","LIMPEZA DE SUPERFÍCIE COM JATO DE ALTA PRESSÃO. AF_04/2019","Limpeza de Obra",null,"m²",1,1.97,1.97]
["Composição Auxiliar"," 88316 ","SINAPI","SERVENTE COM ENCARGOS COMPLEMENTARES","SEDI - SERVIÇOS DIVERSOS",null,"H",8.8999999999999996E-2,21.35,1.9]
["Composição Auxiliar"," 99833 ","SINAPI","LAVADORA DE ALTA PRESSAO (LAVA-JATO) PARA AGUA FRIA, PRESSAO DE OPERACAO ENTRE 1400 E 1900 LIB/POL2, VAZAO MAXIMA ENTRE 400 E 700 L/H - CHP DIURNO. AF_05/2023","Custos Horários Produtivo e Improdutivo dos Equipamentos",null,"CHP",1.4999999999999999E-2,4.8499999999999996,7.0000000000000007E-2]
[{"$nulls":4},"MO sem LS =>",0.63,"LS =>",0.73,"MO com LS =>",1.36]
[{"$nulls":4},"Valor do BDI =>",0.47,null,"Valor com BDI =>",null,2.44]
[]
["Composições Auxiliares"]
[null,"Código","Banco","Descrição","Tipo",null,"Und","Quant.","Valor Unit","Total"]
["Composição"," 88238 ","SINAPI","AJUDANTE DE ARMADOR COM ENCARGOS COMPLEMENTARES","SEDI - SERVIÇOS DIVERSOS",null,"H",1,22.38,22.38]
["Composição Auxiliar"," 95308 ","SINAPI","CURSO DE CAPACITAÇÃO PARA AJUDANTE DE ARMADOR (ENCARGOS COMPLEMENTARES) - HORISTA","SEDI - SERVIÇOS DIVERSOS",null,"H",1,0.18,0.18]
["Insumo"," 00043465 ","SINAPI","FERRAMENTAS - FAMILIA PEDREIRO - HORISTA (ENCARGOS COMPLEMENTARES - COLETADO CAIXA)","Equipamento",null,"H",1,0.78,0.78]
["Insumo"," 00037373 ","SINAPI","SEGURO - HORISTA (COLETADO CAIXA - ENCARGOS COMPLEMENTARES)","Taxas",null,"H",1,0.08,0.08]
["Insumo"," 00037372 ","SINAPI","EXAMES - HORISTA (COLETADO CAIXA - ENCARGOS COMPLEMENTARES)","Material",null,"H",1,1.43,1.43]
["Insumo"," 00006114 ","SINAPI","AJUDANTE DE ARMADOR (HORISTA)","Mão de Obra",null,"H",1,16.14,16.14]
["Insumo"," 00043489 ","SINAPI","EPI - FAMILIA PEDREIRO - HORISTA (ENCARGOS COMPLEMENTARES - COLETADO CAIXA)","Equipamento",null,"H",1,1.31,1.31]
["Insumo"," 00037371 ","SINAPI","TRANSPORTE - HORISTA (COLETADO CAIXA - ENCARGOS COMPLEMENTARES)","Serviços",null,"H",1,0.45,0.45]
["Insumo"," 00037370 ","SINAPI","ALIMENTACAO - HORISTA (COLETADO CAIXA - ENCARGOS COMPLEMENTARES)","Material",null,"H",1,2.0099999999999998,2.0099999999999998]
[{"$nulls":4},"MO sem LS =>",7.61,"LS =>",8.7100000000000009,"MO com LS =>",16.32]
[{"$nulls":4},"Valor do BDI =>",5.39,null,"Valor com BDI =>",null,27.77]
[]
[null,"Código","Banco","Descrição","Tipo",null,"Und","Quant.","Valor Unit","Total"]
["Composição"," 88239 ","SINAPI","AJUDANTE DE CARPINTEIRO COM ENCARGOS COMPLEMENTARES","SEDI - SERVIÇOS DIVERSOS",null,"H",1,22.21,22.21]
["Composição Auxiliar"," 95309 ","SINAPI","CURSO DE CAPACITAÇÃO PARA AJUDANTE DE CARPINTEIRO (ENCARGOS COMPLEMENTARES) - HORISTA","SEDI - SERVIÇOS DIVERSOS",null,"H",1,0.23,0.23]
["Insumo"," 00006117 ","SINAPI","CARPINTEIRO AUXILIAR (HORISTA)","Mão de Obra",null,"H",1,16.14,16.14]
["Insumo"," 00037372 ","SINAPI","EXAMES - HORISTA (COLETADO CAIXA - ENCARGOS COMPLEMENTARES)","Material",null,"H",1,1.43,1.43]
["Insumo"," 00043459 ","SINAPI","FERRAMENTAS - FAMILIA CARPINTEIRO DE FORMAS - HORISTA (ENCARGOS COMPLEMENTARES - COLETADO CAIXA)","Equipamento",null,"H",1,0.44,0.44]
["Insumo"," 00043483 ","SINAPI","EPI - FAMILIA CARPINTEIRO DE FORMAS - HORISTA (ENCARGOS COMPLEMENTARES - COLETADO CAIXA)","Equipamento",null,"H",1,1.43,1.43]
["Insumo"," 00037370 ","SINAPI","ALIMENTACAO - HORISTA (COLETADO CAIXA - ENCARGOS COMPLEMENTARES)","Material",null,"H",1,2.0099999999999998,2.0099999999999998]
["Insumo"," 00037373 ","SINAPI","SEGURO - HORISTA (COLETADO CAIXA - ENCARGOS COMPLEMENTARES)","Taxas",null,"H",1,0.08,0.08]
["Insumo"," 00037371 ","SINAPI","TRANSPORTE - HORISTA (COLETADO CAIXA - ENCARGOS COMPLEMENTARES)","Serviços",null,"H",1,0.45,0.45]
[{"$nulls":4},"MO sem LS =>",7.63,"LS =>",8.74,"MO com LS =>",16.37]
[{"$nulls":4},"Valor do BDI =>",5.35,null,"Valor com BDI =>",null,27.56]
[]
[null,"Código","Banco","Descrição","Tipo",null,"Und","Quant.","Valor Unit","Total"]
["Composição"," 88243 ","SINAPI","AJUDANTE ESPECIALIZADO COM ENCARGOS COMPLEMENTARES","SEDI - SERVIÇOS DIVERSOS",null,"H",1,22.27,22.27]
["Composição Auxiliar"," 95313 ","SINAPI","CURSO DE CAPACITAÇÃO PARA AJUDANTE ESPECIALIZADO (ENCARGOS COMPLEMENTARES) - HORISTA","SEDI - SERVIÇOS DIVERSOS",null,"H",1,0.18,0.18]
["Insumo"," 00043467 ","SINAPI","FERRAMENTAS - FAMILIA SERVENTE - HORISTA (ENCARGOS COMPLEMENTARES - COLETADO CAIXA)","Equipamento",null,"H",1,0.61,0.61]
["Insumo"," 00043491 ","SINAPI","EPI - FAMILIA SERVENTE - HORISTA (ENCARGOS COMPLEMENTARES - COLETADO CAIXA)","Equipamento",null,"H",1,1.39,1.39]
["Insumo"," 00037370 ","SINAPI","ALIMENTACAO - HORISTA (COLETADO CAIXA - ENCARGOS COMPLEMENTARES)","Material",null,"H",1,2.0099999999999998,2.0099999999999998]
["Insumo"," 00037372 ","SINAPI","EXAMES - HORISTA (COLETADO CAIXA - ENCARGOS COMPLEMENTARES)","Material",null,"H",1,1.43,1.43]
["Insumo"," 00000242 ","SINAPI","AJUDANTE ESPECIALIZADO (HORISTA)","Mão de Obra",null,"H",1,16.12,16.12]
["Insumo"," 00037371 ","SINAPI","TRANSPORTE - HORISTA (COLETADO CAIXA - ENCARGOS COMPLEMENTARES)","Serviços",null,"H",1,0.45,0.45]
["Insumo"," 00037373 ","SINAPI","SEGURO - HORISTA (COLETADO CAIXA - ENCARGOS COMPLEMENTARES)","Taxas",null,"H",1,0.08,0.08]
[{"$nulls":4},"MO sem LS =>",7.6,"LS =>",8.6999999999999993,"MO com LS =>",16.3]
[{"$nulls":4},"Valor do BDI =>",5.36,null,"Valor com BDI =>",null,27.63]
[]
[null,"Código","Banco","Descrição","Tipo",null,"Und","Quant.","Valor Unit","Total"]
["Composição"," 88627 ","SINAPI","ARGAMASSA TRAÇO 1:0,5:4,5 (EM VOLUME DE CIMENTO, CAL E AREIA MÉDIA ÚMIDA) PARA ASSENTAMENTO DE ALVENARIA, PREPARO MANUAL. AF_08/2019","SEDI - SERVIÇOS DIVERSOS",null,"m³",1,661.94,661.94]
["Composição Auxiliar"," 88316 ","SINAPI","SERVENTE COM ENCARGOS COMPLEMENTARES","SEDI - SERVIÇOS DIVERSOS",null,"H",8.7799999999999994,21.35,187.45]
["Insumo"," 00000370 ","SINAPI","AREIA MEDIA - POSTO JAZIDA/FORNECEDOR (RETIRADO NA JAZIDA, SEM TRANSPORTE)","Material",null,"M³",1.1299999999999999,100,113]
["Insumo"," 00001379 ","SINAPI","CIMENTO PORTLAND COMPOSTO CP II-32","Material",null,"KG",339.62,0.82,278.48]
["Insumo"," 00001106 ","SINAPI","CAL HIDRATADA CH-I PARA ARGAMASSAS","Material",null,"KG",75.47,1.1000000000000001,83.01]
[{"$nulls":4},"MO sem LS =>",62.97,"LS =>",72.06,"MO com LS =>",135.03]
[{"$nulls":4},"Valor do BDI =>",159.46,null,"Valor com BDI =>",null,821.4]
[]
[null,"Código","Banco","Descrição","Tipo",null,"Und","Quant.","Valor Unit","Total"]
["Composição"," 87367 ","SINAPI","ARGAMASSA TRAÇO 1:1:6 (EM VOLUME DE CIMENTO, CAL E AREIA MÉDIA ÚMIDA) PARA EMBOÇO/MASSA ÚNICA/ASSENTAMENTO DE ALVENARIA DE VEDAÇÃO, PREPARO MANUAL. AF_08/2019","SEDI - SERVIÇOS DIVERSOS",null,"m³",1,698.54,698.54]
["Composição Auxiliar"," 88316 ","SINAPI","SERVENTE COM ENCARGOS COMPLEMENTARES","SEDI - SERVIÇOS DIVERSOS",null,"H",11.23,21.35,239.76]
["Insumo"," 00001379 ","SINAPI","CIMENTO PORTLAND COMPOSTO CP II-32","Material",null,"KG",261.89,0.82,214.74]
["Insumo"," 00000370 ","SINAPI","AREIA MEDIA - POSTO JAZIDA/FORNECEDOR (RETIRADO NA JAZIDA, SEM TRANSPORTE)","Material",null,"M³",1.1599999999999999,100,116]
["Insumo"," 00001106 ","SINAPI","CAL HIDRATADA CH-I PARA ARGAMASSAS","Material",null,"KG",116.4,1.1000000000000001,128.04]
[{"$nulls":4},"MO sem LS =>",80.55,"LS =>",92.16,"MO com LS =>",172.71]
[{"$nulls":4},"Valor do BDI =>",168.27,null,"Valor com BDI =>",null,866.81]
[]
[null,"Código","Banco","Descrição","Tipo",null,"Und","Quant.","Valor Unit","Total"]
["Composição"," 87292 ","SINAPI","ARGAMASSA TRAÇO 1:2:8 (EM VOLUME DE CIMENTO, CAL E AREIA MÉDIA ÚMIDA) PARA EMBOÇO/MASSA ÚNICA/ASSENTAMENTO DE ALVENARIA DE VEDAÇÃO, PREPARO MECÂNICO COM BETONEIRA 400 L. AF_08/2019","SEDI - SERVIÇOS DIVERSOS",null,"m³",1,553.21,553.21]
["Composição Auxiliar"," 88831 ","SINAPI","BETONEIRA CAPACIDADE NOMINAL DE 400 L, CAPACIDADE DE MISTURA 280 L, MOTOR ELÉTRICO TRIFÁSICO POTÊNCIA DE 2 CV, SEM CARREGADOR - CHI DIURNO. AF_05/2023","CHOR - CUSTOS HORÁRIOS DE MÁQUINAS E EQUIPAMENTOS",null,"CHI",3.45,0.37,1.27]
["Composição Auxiliar"," 88377 ","SINAPI","OPERADOR DE BETONEIRA ESTACIONÁRIA/MISTURADOR COM ENCARGOS COMPLEMENTARES","SEDI - SERVIÇOS DIVERSOS",null,"H",4.5,18.170000000000002,81.760000000000005]
["Composição Auxiliar"," 88830 ","SINAPI","BETONEIRA CAPACIDADE NOMINAL DE 400 L, CAPACIDADE DE MISTURA 280 L, MOTOR ELÉTRICO TRIFÁSICO POTÊNCIA DE 2 CV, SEM CARREGADOR - CHP DIURNO. AF_05/2023","CHOR - CUSTOS HORÁRIOS DE MÁQUINAS E EQUIPAMENTOS",null,"CHP",1.05,1.98,2.0699999999999998]
["Insumo"," 00000370 ","SINAPI","AREIA MEDIA - POSTO JAZIDA/FORNECEDOR (RETIRADO NA JAZIDA, SEM TRANSPORTE)","Material",null,"M³",1.1599999999999999,100,116]
["Insumo"," 00001106 ","SINAPI","CAL HIDRATADA CH-I PARA ARGAMASSAS","Material",null,"KG",174.1,1.1000000000000001,191.51]
["Insumo"," 00001379 ","SINAPI","CIMENTO PORTLAND COMPOSTO CP II-32","Material",null,"KG",195.86,0.82,160.6]
[{"$nulls":4},"MO sem LS =>",27.91,"LS =>",31.94,"MO com LS =>",59.85]
[{"$nulls":4},"Valor do BDI =>",133.26,null,"Valor com BDI =>",null,686.47]
[]
[null,"Código","Banco","Descrição","Tipo",null,"Und","Quant.","Valor Unit","Total"]
["Composição"," 87294 ","SINAPI","ARGAMASSA TRAÇO 1:2:9 (EM VOLUME DE CIMENTO, CAL E AREIA MÉDIA ÚMIDA) PARA EMBOÇO/MASSA ÚNICA/ASSENTAMENTO DE ALVENARIA DE VEDAÇÃO, PREPARO MECÂNICO COM BETONEIRA 600 L. AF_08/2019","SEDI - SERVIÇOS DIVERSOS",null,"m³",1,528.47,528.47]
["Composição Auxiliar"," 88316 ","SINAPI","SERVENTE COM ENCARGOS COMPLEMENTARES","SEDI - SERVIÇOS DIVERSOS",null,"H",0.79,21.35,16.86]
["Composição Auxiliar"," 89225 ","SINAPI","BETONEIRA CAPACIDADE NOMINAL DE 600 L, CAPACIDADE DE MISTURA 360 L, MOTOR ELÉTRICO TRIFÁSICO POTÊNCIA DE 4 CV, SEM CARREGADOR - CHP DIURNO. AF_05/2023","CHOR - CUSTOS HORÁRIOS DE MÁQUINAS E EQUIPAMENTOS",null,"CHP",0.85,5.45,4.63]
["Composição Auxiliar"," 88377 ","SINAPI","OPERADOR DE BETONEIRA ESTACIONÁRIA/MISTURADOR COM ENCARGOS COMPLEMENTARES","SEDI - SERVIÇOS DIVERSOS",null,"H",3.65,18.170000000000002,66.319999999999993]
["Composição Auxiliar"," 89226 ","SINAPI","BETONEIRA CAPACIDADE NOMINAL DE 600 L, CAPACIDADE DE MISTURA 360 L, MOTOR ELÉTRICO TRIFÁSICO POTÊNCIA DE 4 CV, SEM CARREGADOR - CHI DIURNO. AF_05/2023","CHOR - CUSTOS HORÁRIOS DE MÁQUINAS E EQUIPAMENTOS",null,"CHI",2.8,1.52,4.25]
["Insumo"," 00001379 ","SINAPI","CIMENTO PORTLAND COMPOSTO CP II-32","Material",null,"KG",177.12,0.82,145.22999999999999]
["Insumo"," 00000370 ","SINAPI","AREIA MEDIA - POSTO JAZIDA/FORNECEDOR (RETIRADO NA JAZIDA, SEM TRANSPORTE)","Material",null,"M³",1.18,100,118]
["Insumo"," 00001106 ","SINAPI","CAL HIDRATADA CH-I PARA ARGAMASSAS","Material",null,"KG",157.44,1.1000000000000001,173.18]
[{"$nulls":4},"MO sem LS =>",28.3,"LS =>",32.39,"MO com LS =>",60.69]
[{"$nulls":4},"Valor do BDI =>",127.3,null,"Valor com BDI =>",null,655.77]
[]
[null,"Código","Banco","Descrição","Tipo",null,"Und","Quant.","Valor Unit","Total"]
["Composição"," 87313 ","SINAPI","ARGAMASSA TRAÇO 1:3 (EM VOLUME DE CIMENTO E AREIA GROSSA ÚMIDA) PARA CHAPISCO CONVENCIONAL, PREPARO MECÂNICO COM BETONEIRA 400 L. AF_08/2019","SEDI - SERVIÇOS DIVERSOS",null,"m³",1,527.65,527.65]
["Composição Auxiliar"," 88830 ","SINAPI","BETONEIRA CAPACIDADE NOMINAL DE 400 L, CAPACIDADE DE MISTURA 280 L, MOTOR ELÉTRICO TRIFÁSICO POTÊNCIA DE 2 CV, SEM CARREGADOR - CHP DIURNO. AF_05/2023","CHOR - CUSTOS HORÁRIOS DE MÁQUINAS E EQUIPAMENTOS",null,"CHP",1.01,1.98,1.99]
["Composição Auxiliar"," 88831 ","SINAPI","BETONEIRA CAPACIDADE NOMINAL DE 400 L, CAPACIDADE DE MISTURA 280 L, MOTOR ELÉTRICO TRIFÁSICO POTÊNCIA DE 2 CV, SEM CARREGADOR - CHI DIURNO. AF_05/2023","CHOR - CUSTOS HORÁRIOS DE MÁQUINAS E EQUIPAMENTOS",null,"CHI",3.31,0.37,1.22]
["Composição Auxiliar"," 88377 ","SINAPI","OPERADOR DE BETONEIRA ESTACIONÁRIA/MISTURADOR COM ENCARGOS COMPLEMENTARES","SEDI - SERVIÇOS DIVERSOS",null,"H",4.32,18.170000000000002,78.489999999999995]
["Insumo"," 00001379 ","SINAPI","CIMENTO PORTLAND COMPOSTO CP II-32","Material",null,"KG",426.49,0.82,349.72]
["Insumo"," 00000367 ","SINAPI","AREIA GROSSA - POSTO JAZIDA/FORNECEDOR (RETIRADO NA JAZIDA, SEM TRANSPORTE)","Material",null,"M³",0.95,101.3,96.23]
[{"$nulls":4},"MO sem LS =>",26.79,"LS =>",30.66,"MO com LS =>",57.45]
[{"$nulls":4},"Valor do BDI =>",127.11,null,"Valor com BDI =>",null,654.76]
[]
[null,"Código","Banco","Descrição","Tipo",null,"Und","Quant.","Valor Unit","Total"]
["Composição"," 100475 ","SINAPI","ARGAMASSA TRAÇO 1:3 (EM VOLUME DE CIMENTO E AREIA MÉDIA ÚMIDA) COM ADIÇÃO DE IMPERMEABILIZANTE, PREPARO MECÂNICO COM BETONEIRA 400 L. AF_08/2019","SEDI - SERVIÇOS DIVERSOS",null,"m³",1,772.6,772.6]
["Composição Auxiliar"," 88831 ","SINAPI","BETONEIRA CAPACIDADE NOMINAL DE 400 L, CAPACIDADE DE MISTURA 280 L, MOTOR ELÉTRICO TRIFÁSICO POTÊNCIA DE 2 CV, SEM CARREGADOR - CHI DIURNO. AF_05/2023","CHOR - CUSTOS HORÁRIOS DE MÁQUINAS E EQUIPAMENTOS",null,"CHI",2.88,0.37,1.06]
["Composição Auxiliar"," 88830 ","SINAPI","BETONEIRA CAPACIDADE NOMINAL DE 400 L, CAPACIDADE DE MISTURA 280 L, MOTOR ELÉTRICO TRIFÁSICO POTÊNCIA DE 2 CV, SEM CARREGADOR - CHP DIURNO. AF_05/2023","CHOR - CUSTOS HORÁRIOS DE MÁQUINAS E EQUIPAMENTOS",null,"CHP",0.87,1.98,1.72]
["Composição Auxiliar"," 88377 ","SINAPI","OPERADOR DE BETONEIRA ESTACIONÁRIA/MISTURADOR COM ENCARGOS COMPLEMENTARES","SEDI - SERVIÇOS DIVERSOS",null,"H",3.75,18.170000000000002,68.13]
["Insumo"," 00000370 ","SINAPI","AREIA MEDIA - POSTO JAZIDA/FORNECEDOR (RETIRADO NA JAZIDA, SEM TRANSPORTE)","Material",null,"M³",1.08,100,108]
["Insumo"," 00001379 ","SINAPI","CIMENTO PORTLAND COMPOSTO CP II-32","Material",null,"KG",486,0.82,398.52]
["Insumo"," 00000123 ","SINAPI","ADITIVO IMPERMEABILIZANTE DE PEGA NORMAL PARA ARGAMASSAS E CONCRETOS SEM ARMACAO, LIQUIDO E ISENTO DE CLORETOS","Material",null,"L",19.440000000000001,10.039999999999999,195.17]
[{"$nulls":4},"MO sem LS =>",23.25,"LS =>",26.62,"MO com LS =>",49.87]
[{"$nulls":4},"Valor do BDI =>",186.11,null,"Valor com BDI =>",null,958.71]
[]
[null,"Código","Banco","Descrição","Tipo",null,"Und","Quant.","Valor Unit","Total"]
["Composição"," 87298 ","SINAPI","ARGAMASSA TRAÇO 1:3 (EM VOLUME DE CIMENTO E AREIA MÉDIA ÚMIDA) PARA CONTRAPISO, PREPARO MECÂNICO COM BETONEIRA 400 L. AF_08/2019","SEDI - SERVIÇOS DIVERSOS",null,"m³",1,680.95,680.95]
["Composição Auxiliar"," 88831 ","SINAPI","BETONEIRA CAPACIDADE NOMINAL DE 400 L, CAPACIDADE DE MISTURA 280 L, MOTOR ELÉTRICO TRIFÁSICO POTÊNCIA DE 2 CV, SEM CARREGADOR - CHI DIURNO. AF_05/2023","CHOR - CUSTOS HORÁRIOS DE MÁQUINAS E EQUIPAMENTOS",null,"CHI",3.39,0.37,1.25]
["Composição Auxiliar"," 88830 ","SINAPI","BETONEIRA CAPACIDADE NOMINAL DE 400 L, CAPACIDADE DE MISTURA 280 L, MOTOR ELÉTRICO TRIFÁSICO POTÊNCIA DE 2 CV, SEM CARREGADOR - CHP DIURNO. AF_05/2023","CHOR - CUSTOS HORÁRIOS DE MÁQUINAS E EQUIPAMENTOS",null,"CHP",1.03,1.98,2.0299999999999998]
["Composição Auxiliar"," 88377 ","SINAPI","OPERADOR DE BETONEIRA ESTACIONÁRIA/MISTURADOR COM ENCARGOS COMPLEMENTARES","SEDI - SERVIÇOS DIVERSOS",null,"H",4.42,18.170000000000002,80.31]
["Insumo"," 00001379 ","SINAPI","CIMENTO PORTLAND COMPOSTO CP II-32","Material",null,"KG",573.61,0.82,470.36]
["Insumo"," 00000370 ","SINAPI","AREIA MEDIA - POSTO JAZIDA/FORNECEDOR (RETIRADO NA JAZIDA, SEM TRANSPORTE)","Material",null,"M³",1.27,100,127]
[{"$nulls":4},"MO sem LS =>",27.41,"LS =>",31.37,"MO com LS =>",58.78]
[{"$nulls":4},"Valor do BDI =>",164.04,null,"Valor com BDI =>",null,844.99]
[]
[null,"Código","Banco","Descrição","Tipo",null,"Und","Quant.","Valor Unit","Total"]
["Composição"," 88629 ","SINAPI","ARGAMASSA TRAÇO 1:3 (EM VOLUME DE CIMENTO E AREIA MÉDIA ÚMIDA), PREPARO MANUAL. AF_08/2019","SEDI - SERVIÇOS DIVERSOS",null,"m³",1,685.98,685.98]
["Composição Auxiliar"," 88316 ","SINAPI","SERVENTE COM ENCARGOS COMPLEMENTARES","SEDI - SERVIÇOS DIVERSOS",null,"H",8.57,21.35,182.96]
["Insumo"," 00001379 ","SINAPI","CIMENTO PORTLAND COMPOSTO CP II-32","Material",null,"KG",482.96,0.82,396.02]
["Insumo"," 00000370 ","SINAPI","AREIA MEDIA - POSTO JAZIDA/FORNECEDOR (RETIRADO NA JAZIDA, SEM TRANSPORTE)","Material",null,"M³",1.07,100,107]
[{"$nulls":4},"MO sem LS =>",61.47,"LS =>",70.33,"MO com LS =>",131.80000000000001]
[{"$nulls":4},"Valor do BDI =>",165.25,null,"Valor com BDI =>",null,851.23]
[]
[null,"Código","Banco","Descrição","Tipo",null,"Und","Quant.","Valor Unit","Total"]
["Composição"," 88628 ","SINAPI","ARGAMASSA TRAÇO 1:3 (EM VOLUME DE CIMENTO E AREIA MÉDIA ÚMIDA), PREPARO MECÂNICO COM BETONEIRA 400 L. AF_08/2019","SEDI - SERVIÇOS DIVERSOS",null,"m³",1,568.30999999999995,568.30999999999995]
["Composição Auxiliar"," 88377 ","SINAPI","OPERADOR DE BETONEIRA ESTACIONÁRIA/MISTURADOR COM ENCARGOS COMPLEMENTARES","SEDI - SERVIÇOS DIVERSOS",null,"H",3.42,18.170000000000002,62.14]
["Composição Auxiliar"," 88830 ","SINAPI","BETONEIRA CAPACIDADE NOMINAL DE 400 L, CAPACIDADE DE MISTURA 280 L, MOTOR ELÉTRICO TRIFÁSICO POTÊNCIA DE 2 CV, SEM CARREGADOR - CHP DIURNO. AF_05/2023","CHOR - CUSTOS HORÁRIOS DE MÁQUINAS E EQUIPAMENTOS",null,"CHP",0.8,1.98,1.58]
["Composição Auxiliar"," 88831 ","SINAPI","BETONEIRA CAPACIDADE NOMINAL DE 400 L, CAPACIDADE DE MISTURA 280 L, MOTOR ELÉTRICO TRIFÁSICO POTÊNCIA DE 2 CV, SEM CARREGADOR - CHI DIURNO. AF_05/2023","CHOR - CUSTOS HORÁRIOS DE MÁQUINAS E EQUIPAMENTOS",null,"CHI",2.62,0.37,0.96]
["Insumo"," 00000370 ","SINAPI","AREIA MEDIA - POSTO JAZIDA/FORNECEDOR (RETIRADO NA JAZIDA, SEM TRANSPORTE)","Material",null,"M³",1.07,100,107]
["Insumo"," 00001379 ","SINAPI","CIMENTO PORTLAND COMPOSTO CP II-32","Material",null,"KG",483.7,0.82,396.63]
[{"$nulls":4},"MO sem LS =>",21.21,"LS =>",24.27,"MO com LS =>",45.48]
[{"$nulls":4},"Valor do BDI =>",136.9,null,"Valor com BDI =>",null,705.21]
[]
[null,"Código","Banco","Descrição","Tipo",null,"Und","Quant.","Valor Unit","Total"]
["Composição"," 87316 ","SINAPI","ARGAMASSA TRAÇO 1:4 (EM VOLUME DE CIMENTO E AREIA GROSSA ÚMIDA) PARA CHAPISCO CONVENCIONAL, PREPARO MECÂNICO COM BETONEIRA 400 L. AF_08/2019","SEDI - SERVIÇOS DIVERSOS",null,"m³",1,472.74,472.74]
["Composição Auxiliar"," 88831 ","SINAPI","BETONEIRA CAPACIDADE NOMINAL DE 400 L, CAPACIDADE DE MISTURA 280 L, MOTOR ELÉTRICO TRIFÁSICO POTÊNCIA DE 2 CV, SEM CARREGADOR - CHI DIURNO. AF_05/2023","CHOR - CUSTOS HORÁRIOS DE MÁQUINAS E EQUIPAMENTOS",null,"CHI",3.56,0.37,1.31]
["Composição Auxiliar"," 88830 ","SINAPI","BETONEIRA CAPACIDADE NOMINAL DE 400 L, CAPACIDADE DE MISTURA 280 L, MOTOR ELÉTRICO TRIFÁSICO POTÊNCIA DE 2 CV, SEM CARREGADOR - CHP DIURNO. AF_05/2023","CHOR - CUSTOS HORÁRIOS DE MÁQUINAS E EQUIPAMENTOS",null,"CHP",1.08,1.98,2.13]
["Composição Auxiliar"," 88377 ","SINAPI","OPERADOR DE BETONEIRA ESTACIONÁRIA/MISTURADOR COM ENCARGOS COMPLEMENTARES","SEDI - SERVIÇOS DIVERSOS",null,"H",4.6399999999999997,18.170000000000002,84.3]
["Insumo"," 00000367 ","SINAPI","AREIA GROSSA - POSTO JAZIDA/FORNECEDOR (RETIRADO NA JAZIDA, SEM TRANSPORTE)","Material",null,"M³",1.02,101.3,103.32]
["Insumo"," 00001379 ","SINAPI","CIMENTO PORTLAND COMPOSTO CP II-32","Material",null,"KG",343.52,0.82,281.68]
[{"$nulls":4},"MO sem LS =>",28.78,"LS =>",32.93,"MO com LS =>",61.71]
[{"$nulls":4},"Valor do BDI =>",113.88,null,"Valor com BDI =>",null,586.62]
[]
[null,"Código","Banco","Descrição","Tipo",null,"Und","Quant.","Valor Unit","Total"]
["Composição"," 88245 ","SINAPI","ARMADOR COM ENCARGOS COMPLEMENTARES","SEDI - SERVIÇOS DIVERSOS",null,"H",1,26.4,26.4]
["Composição Auxiliar"," 95314 ","SINAPI","CURSO DE CAPACITAÇÃO PARA ARMADOR (ENCARGOS COMPLEMENTARES) - HORISTA","SEDI - SERVIÇOS DIVERSOS",null,"H",1,0.23,0.23]
["Insumo"," 00000378 ","SINAPI","ARMADOR (HORISTA)","Mão de Obra",null,"H",1,20.11,20.11]
["Insumo"," 00043465 ","SINAPI","FERRAMENTAS - FAMILIA PEDREIRO - HORISTA (ENCARGOS COMPLEMENTARES - COLETADO CAIXA)","Equipamento",null,"H",1,0.78,0.78]
["Insumo"," 00037371 ","SINAPI","TRANSPORTE - HORISTA (COLETADO CAIXA - ENCARGOS COMPLEMENTARES)","Serviços",null,"H",1,0.45,0.45]
["Insumo"," 00037373 ","SINAPI","SEGURO - HORISTA (COLETADO CAIXA - ENCARGOS COMPLEMENTARES)","Taxas",null,"H",1,0.08,0.08]
["Insumo"," 00037372 ","SINAPI","EXAMES - HORISTA (COLETADO CAIXA - ENCARGOS COMPLEMENTARES)","Material",null,"H",1,1.43,1.43]
["Insumo"," 00037370 ","SINAPI","ALIMENTACAO - HORISTA (COLETADO CAIXA - ENCARGOS COMPLEMENTARES)","Material",null,"H",1,2.0099999999999998,2.0099999999999998]
["Insumo"," 00043489 ","SINAPI","EPI - FAMILIA PEDREIRO - HORISTA (ENCARGOS COMPLEMENTARES - COLETADO CAIXA)","Equipamento",null,"H",1,1.31,1.31]
[{"$nulls":4},"MO sem LS =>",9.48,"LS =>",10.86,"MO com LS =>",20.34]
[{"$nulls":4},"Valor do BDI =>",6.35,null,"Valor com BDI =>",null,32.75]
[]
[null,"Código","Banco","Descrição","Tipo",null,"Und","Quant.","Valor Unit","Total"]
["Composição"," 92767 ","SINAPI","ARMAÇÃO DE LAJE DE ESTRUTURA CONVENCIONAL DE CONCRETO ARMADO UTILIZANDO AÇO CA-60 DE 4,2 MM - MONTAGEM. AF_06/2022","FUES - FUNDAÇÕES E ESTRUTURAS",null,"KG",1,17.100000000000001,17.100000000000001]
["Composição Auxiliar"," 88245 ","SINAPI","ARMADOR COM ENCARGOS COMPLEMENTARES","SEDI - SERVIÇOS DIVERSOS",null,"H",0.1055,26.4,2.78]
["Composição Auxiliar"," 88238 ","SINAPI","AJUDANTE DE ARMADOR COM ENCARGOS COMPLEMENTARES","SEDI - SERVIÇOS DIVERSOS",null,"H",1.72E-2,22.38,0.38]
["Composição Auxiliar"," 92799 ","SINAPI","CORTE E DOBRA DE AÇO CA-60, DIÂMETRO DE 4,2 MM. AF_06/2022","FUES - FUNDAÇÕES E ESTRUTURAS",null,"KG",1,12.69,12.69]
["Insumo"," 00039017 ","SINAPI","ESPACADOR / DISTANCIADOR CIRCULAR COM ENTRADA LATERAL, EM PLASTICO, PARA VERGALHAO *4,2 A 12,5* MM, COBRIMENTO 20 MM","Material",null,"UN",2.8159999999999998,0.22,0.61]
["Insumo"," 00043132 ","SINAPI","ARAME RECOZIDO 16 BWG, D = 1,65 MM (0,016 KG/M) OU 18 BWG, D = 1,25 MM (0,01 KG/M)","Material",null,"KG",2.5000000000000001E-2,25.65,0.64]
[{"$nulls":4},"MO sem LS =>",2.12,"LS =>",2.4300000000000002,"MO com LS =>",4.55]
[{"$nulls":4},"Valor do BDI =>",4.1100000000000003,null,"Valor com BDI =>",null,21.21]
[]
[null,"Código","Banco","Descrição","Tipo",null,"Und","Quant.","Valor Unit","Total"]
["Composição"," 93570 ","SINAPI","ARQUITETO PLENO COM ENCARGOS COMPLEMENTARES","Livro SINAPI: Cálculos e Parâmetros",null,"MES",1,24733.38,24733.38]
["Composição Auxiliar"," 95420 ","SINAPI","CURSO DE CAPACITAÇÃO PARA ARQUITETO PLENO (ENCARGOS COMPLEMENTARES) - MENSALISTA","Livro SINAPI: Cálculos e Parâmetros",null,"MES",1,151.16,151.16]
["Insumo"," 00043498 ","SINAPI","EPI - FAMILIA ENGENHEIRO CIVIL - MENSALISTA (ENCARGOS COMPLEMENTARES - COLETADO CAIXA)","Material",null,"MES",1,146,146]
["Insumo"," 00040863 ","SINAPI","EXAMES - MENSALISTA (COLETADO CAIXA - ENCARGOS COMPLEMENTARES)","Material",null,"MES",1,270.51,270.51]
["Insumo"," 00040816 ","SINAPI","ARQUITETO PLENO (MENSALISTA)","Mão de Obra",null,"MES",1,24147.9,24147.9]
["Insumo"," 00040864 ","SINAPI","SEGURO - MENSALISTA (COLETADO CAIXA - ENCARGOS COMPLEMENTARES)","Material",null,"MES",1,15.46,15.46]
["Insumo"," 00043474 ","SINAPI","FERRAMENTAS - FAMILIA ENGENHEIRO CIVIL - MENSALISTA (ENCARGOS COMPLEMENTARES - COLETADO CAIXA)","Material",null,"MES",1,2.35,2.35]
[{"$nulls":4},"MO sem LS =>",14283.48,"LS =>",10015.58,"MO com LS =>",24299.06]
[{"$nulls":4},"Valor do BDI =>",5958.27,null,"Valor com BDI =>",null,30691.65]
[]
[null,"Código","Banco","Descrição","Tipo",null,"Und","Quant.","Valor Unit","Total"]
["Composição"," 88247 ","SINAPI","AUXILIAR DE ELETRICISTA COM ENCARGOS COMPLEMENTARES","SEDI - SERVIÇOS DIVERSOS",null,"H",1,22.83,22.83]
["Composição Auxiliar"," 95316 ","SINAPI","CURSO DE CAPACITAÇÃO PARA AUXILIAR DE ELETRICISTA (ENCARGOS COMPLEMENTARES) - HORISTA","SEDI - SERVIÇOS DIVERSOS",null,"H",1,0.6,0.6]
["Insumo"," 00037372 ","SINAPI","EXAMES - HORISTA (COLETADO CAIXA - ENCARGOS COMPLEMENTARES)","Material",null,"H",1,1.43,1.43]
["Insumo"," 00037373 ","SINAPI","SEGURO - HORISTA (COLETADO CAIXA - ENCARGOS COMPLEMENTARES)","Taxas",null,"H",1,0.08,0.08]
["Insumo"," 00043460 ","SINAPI","FERRAMENTAS - FAMILIA ELETRICISTA - HORISTA (ENCARGOS COMPLEMENTARES - COLETADO CAIXA)","Equipamento",null,"H",1,0.86,0.86]
["Insumo"," 00000247 ","SINAPI","AJUDANTE DE ELETRICISTA (HORISTA)","Mão de Obra",null,"H",1,16.14,16.14]
["Insumo"," 00037371 ","SINAPI","TRANSPORTE - HORISTA (COLETADO CAIXA - ENCARGOS COMPLEMENTARES)","Serviços",null,"H",1,0.45,0.45]
["Insumo"," 00037370 ","SINAPI","ALIMENTACAO - HORISTA (COLETADO CAIXA - ENCARGOS COMPLEMENTARES)","Material",null,"H",1,2.0099999999999998,2.0099999999999998]
["Insumo"," 00043484 ","SINAPI","EPI - FAMILIA ELETRICISTA - HORISTA (ENCARGOS COMPLEMENTARES - COLETADO CAIXA)","Equipamento",null,"H",1,1.26,1.26]
[{"$nulls":4},"MO sem LS =>",7.8,"LS =>",8.94,"MO com LS =>",16.739999999999998]
[{"$nulls":4},"Valor do BDI =>",5.49,null,"Valor com BDI =>",null,28.32]
[]
[null,"Código","Banco","Descrição","Tipo",null,"Und","Quant.","Valor Unit","Total"]
["Composição"," 88248 ","SINAPI","AUXILIAR DE ENCANADOR OU BOMBEIRO HIDRÁULICO COM ENCARGOS COMPLEMENTARES","SEDI - SERVIÇOS DIVERSOS",null,"H",1,21.84,21.84]
["Composição Auxiliar"," 95317 ","SINAPI","CURSO DE CAPACITAÇÃO PARA AUXILIAR DE ENCANADOR OU BOMBEIRO HIDRÁULICO (ENCARGOS COMPLEMENTARES) - HORISTA","SEDI - SERVIÇOS DIVERSOS",null,"H",1,0.28999999999999998,0.28999999999999998]
["Insumo"," 00043485 ","SINAPI","EPI - FAMILIA ENCANADOR - HORISTA (ENCARGOS COMPLEMENTARES - COLETADO CAIXA)","Equipamento",null,"H",1,1.1299999999999999,1.1299999999999999]
["Insumo"," 00000246 ","SINAPI","AUXILIAR DE ENCANADOR OU BOMBEIRO HIDRAULICO (HORISTA)","Mão de Obra",null,"H",1,16.14,16.14]
["Insumo"," 00037372 ","SINAPI","EXAMES - HORISTA (COLETADO CAIXA - ENCARGOS COMPLEMENTARES)","Material",null,"H",1,1.43,1.43]
["Insumo"," 00043461 ","SINAPI","FERRAMENTAS - FAMILIA ENCANADOR - HORISTA (ENCARGOS COMPLEMENTARES - COLETADO CAIXA)","Equipamento",null,"H",1,0.31,0.31]
["Insumo"," 00037370 ","SINAPI","ALIMENTACAO - HORISTA (COLETADO CAIXA - ENCARGOS COMPLEMENTARES)","Material",null,"H",1,2.0099999999999998,2.0099999999999998]
["Insumo"," 00037371 ","SINAPI","TRANSPORTE - HORISTA (COLETADO CAIXA - ENCARGOS COMPLEMENTARES)","Serviços",null,"H",1,0.45,0.45]
["Insumo"," 00037373 ","SINAPI","SEGURO - HORISTA (COLETADO CAIXA - ENCARGOS COMPLEMENTARES)","Taxas",null,"H",1,0.08,0.08]
[{"$nulls":4},"MO sem LS =>",7.66,"LS =>",8.77,"MO com LS =>",16.43]
[{"$nulls":4},"Valor do BDI =>",5.26,null,"Valor com BDI =>",null,27.1]
[]
[null,"Código","Banco","Descrição","Tipo",null,"Und","Quant.","Valor Unit","Total"]
["Composição"," 88251 ","SINAPI","AUXILIAR DE SERRALHEIRO COM ENCARGOS COMPLEMENTARES","SEDI - SERVIÇOS DIVERSOS",null,"H",1,22.38,22.38]
["Composição Auxiliar"," 95320 ","SINAPI","CURSO DE CAPACITAÇÃO PARA AUXILIAR DE SERRALHEIRO (ENCARGOS COMPLEMENTARES) - HORISTA","SEDI - SERVIÇOS DIVERSOS",null,"H",1,0.18,0.18]
["Insumo"," 00037370 ","SINAPI","ALIMENTACAO - HORISTA (COLETADO CAIXA - ENCARGOS COMPLEMENTARES)","Material",null,"H",1,2.0099999999999998,2.0099999999999998]
["Insumo"," 00043465 ","SINAPI","FERRAMENTAS - FAMILIA PEDREIRO - HORISTA (ENCARGOS COMPLEMENTARES - COLETADO CAIXA)","Equipamento",null,"H",1,0.78,0.78]
["Insumo"," 00037372 ","SINAPI","EXAMES - HORISTA (COLETADO CAIXA - ENCARGOS COMPLEMENTARES)","Material",null,"H",1,1.43,1.43]
["Insumo"," 00043489 ","SINAPI","EPI - FAMILIA PEDREIRO - HORISTA (ENCARGOS COMPLEMENTARES - COLETADO CAIXA)","Equipamento",null,"H",1,1.31,1.31]
["Insumo"," 00037373 ","SINAPI","SEGURO - HORISTA (COLETADO CAIXA - ENCARGOS COMPLEMENTARES)","Taxas",null,"H",1,0.08,0.08]
["Insumo"," 00037371 ","SINAPI","TRANSPORTE - HORISTA (COLETADO CAIXA - ENCARGOS COMPLEMENTARES)","Serviços",null,"H",1,0.45,0.45]
["Insumo"," 00000252 ","SINAPI","AJUDANTE DE SERRALHEIRO (HORISTA)","Mão de Obra",null,"H",1,16.14,16.14]
[{"$nulls":4},"MO sem LS =>",7.61,"LS =>",8.7100000000000009,"MO com LS =>",16.32]
[{"$nulls":4},"Valor do BDI =>",5.39,null,"Valor com BDI =>",null,27.77]
[]
[null,"Código","Banco","Descrição","Tipo",null,"Und","Quant.","Valor Unit","Total"]
["Composição"," 88256 ","SINAPI","AZULEJISTA OU LADRILHEIRO COM ENCARGOS COMPLEMENTARES","SEDI - SERVIÇOS DIVERSOS",null,"H",1,26.46,26.46]
["Composição Auxiliar"," 95324 ","SINAPI","CURSO DE CAPACITAÇÃO PARA AZULEJISTA OU LADRILHEIRO (ENCARGOS COMPLEMENTARES) - HORISTA","SEDI - SERVIÇOS DIVERSOS",null,"H",1,0.28999999999999998,0.28999999999999998]
["Insumo"," 00037373 ","SINAPI","SEGURO - HORISTA (COLETADO CAIXA - ENCARGOS COMPLEMENTARES)","Taxas",null,"H",1,0.08,0.08]
["Insumo"," 00043489 ","SINAPI","EPI - FAMILIA PEDREIRO - HORISTA (ENCARGOS COMPLEMENTARES - COLETADO CAIXA)","Equipamento",null,"H",1,1.31,1.31]
["Insumo"," 00037371 ","SINAPI","TRANSPORTE - HORISTA (COLETADO CAIXA - ENCARGOS COMPLEMENTARES)","Serviços",null,"H",1,0.45,0.45]
["Insumo"," 00043465 ","SINAPI","FERRAMENTAS - FAMILIA PEDREIRO - HORISTA (ENCARGOS COMPLEMENTARES - COLETADO CAIXA)","Equipamento",null,"H",1,0.78,0.78]
["Insumo"," 00037370 ","SINAPI","ALIMENTACAO - HORISTA (COLETADO CAIXA - ENCARGOS COMPLEMENTARES)","Material",null,"H",1,2.0099999999999998,2.0099999999999998]
["Insumo"," 00004760 ","SINAPI","AZULEJISTA OU LADRILHEIRO (HORISTA)","Mão de Obra",null,"H",1,20.11,20.11]
["Insumo"," 00037372 ","SINAPI","EXAMES - HORISTA (COLETADO CAIXA - ENCARGOS COMPLEMENTARES)","Material",null,"H",1,1.43,1.43]
[{"$nulls":4},"MO sem LS =>",9.51,"LS =>",10.89,"MO com LS =>",20.399999999999999]
[{"$nulls":4},"Valor do BDI =>",6.37,null,"Valor com BDI =>",null,32.83]
[]
[null,"Código","Banco","Descrição","Tipo",null,"Und","Quant.","Valor Unit","Total"]
["Composição"," 155 ","ORSE","Alvenaria tijolo cerâmico maciço (5x9x19), esp = 0,09m (singela), com argamassa traço t5 - 1:2:8 (cimento / cal / areia) c/ junta de 2,0cm - R1","Alvenarias de Vedação",null,"m²",1,110.33,110.33]
["Item","Código","Banco","Descrição","Tipo",null,"Und","Quant.","Valor Unit","Total"]
["Composição"," 3308 ","ORSE","Argamassa em volume - cimento, cal e areia traço t-5 (1:2:8) - 1 saco cimento50 kg / 2 sacos cal 20 kg / 8 padiolas de areia dim 0.35 x 0.45 x 0.13 m - Confecção mecânica e transporte","Conversão InfoWOrca",null,"m³",3.2000000000000001E-2,"563,08","18,01"]
["Composição"," 10549 ","ORSE","Encargos Complementares - Servente","Provisórios",null,"h",0.91,"3,87","3,52"]
["Insumo"," 00004750/SINAPI ","ORSE","Pedreiro (horista)","Mão de Obra",null,"h",1.52,"19,02","28,91"]
["Insumo"," 00006111/SINAPI ","ORSE","Servente de obras (horista)","Mão de Obra",null,"h",0.91,"14,58","13,26"]
["Insumo"," 2212 ","ORSE","Tijolo cerâmico maciço 5 x 9 x 19cm","Material",null,"un",68,"0,60","40,80"]
["Composição"," 10550 ","ORSE","Encargos Complementares - Pedreiro","Provisórios",null,"h",1.52,"3,74","5,68"]
["Detalhamento de Cálculo ORSE"]
["Item","Código","Banco","Descrição","Tipo",null,"Und","Quant.","Valor Unit","Total"]
["Insumo"," 00000367/SINAPI ","ORSE","Areia grossa - posto jazida/fornecedor (retirado na jazida, sem transporte)","Material",null,"m³",3.8912000000000002E-2,"101,30","3,94"]
["Insumo"," 10492 ","ORSE","Cesta Básica","Material",null,"un",1.1511E-2,"205,00","2,35"]
["Insumo"," 10599 ","ORSE","Protetor solar fps 30 com 120ml","Material",null,"un",4.6043999999999998E-3,"18,00","0,08"]
["Insumo"," 4728 ","ORSE","Talhadeira chata 10\"","Material",null,"un",3.1139999999999998E-4,"18,58","0,00"]
["Insumo"," 00012893/SINAPI ","ORSE","Bota de seguranca com biqueira de aco e colarinho acolchoado","Material",null,"par",2.0463999999999999E-3,"73,93","0,15"]
["Insumo"," 10517 ","ORSE","Exames admissionais/demissionais (checkup)","Serviços",null,"cj",1.0231999999999999E-3,"300,00","0,30"]
["Insumo"," 10761 ","ORSE","Refeição - café da manhã ( café com leite e dois pães com manteiga)","Serviços",null,"un",0.26040439999999998,"5,00","1,30"]
["Insumo"," 10596 ","ORSE","Protetor auricular","Material",null,"un",1.1511E-2,"4,85","0,05"]
["Insumo"," 1651 ","ORSE","Óculos branco proteção","Material",null,"pr",2.0463999999999999E-3,"7,00","0,01"]
["Insumo"," 941 ","ORSE","Fardamento com mangas curta","Material",null,"un",3.8370000000000001E-3,"194,68","0,74"]
["Insumo"," 00012892/SINAPI ","ORSE","Luva raspa de couro, cano curto (punho *7* cm)","Material",null,"par",5.8833999999999996E-3,"10,87","0,06"]
["Insumo"," 158 ","ORSE","Almoço (Participação do empregador)","Material",null,"un",0.26040439999999998,"14,00","3,64"]
["Insumo"," 10788 ","ORSE","Pá quadrada","Material",null,"un",2.076E-4,"36,90","0,00"]
["Insumo"," 00012894/SINAPI ","ORSE","Capa para chuva em pvc com forro de poliester, com capuz (amarela ou azul)","Material",null,"un",5.1159999999999997E-4,"20,11","0,01"]
["Insumo"," 00002711/SINAPI ","ORSE","Carrinho de mao, em aco, com capacidade de *45 a 65* l / *100* kg, pneu com camara","Material",null,"un",2.076E-4,"187,68","0,03"]
["Insumo"," 00012895/SINAPI ","ORSE","Capacete de seguranca aba frontal com suspensao de polietileno, sem jugular (classe b)","Material",null,"un",1.5348E-3,"13,50","0,02"]
["Insumo"," 10362 ","ORSE","Seguro de vida e acidente em grupo","Serviços",null,"un",1.1511E-2,"12,54","0,14"]
["Insumo"," 2378 ","ORSE","Vale transporte","Material",null,"un",0.1970838,"4,50","0,88"]
["Insumo"," 4729 ","ORSE","Marreta 1 kg com cabo","Material",null,"un",1.038E-4,"37,80","0,00"]
["Insumo"," 00001106/SINAPI ","ORSE","Cal hidratada ch-i para argamassas","Material",null,"kg",5.8239999999999998,"1,25","7,28"]
["Insumo"," 00006111/SINAPI ","ORSE","Servente de obras (horista)","Mão de Obra",null,"h",1.038,"14,58","15,13"]
["Insumo"," 00001379/SINAPI ","ORSE","Cimento portland composto cp ii-32","Material",null,"kg",5.8239999999999998,"0,76","4,42"]
["Insumo"," 00004750/SINAPI ","ORSE","Pedreiro (horista)","Mão de Obra",null,"h",1.52,"19,02","28,91"]
["Insumo"," 2212 ","ORSE","Tijolo cerâmico maciço 5 x 9 x 19cm","Material",null,"un",68,"0,60","40,80"]
["Insumo"," 11264 ","ORSE","Marreta de 1/2 kg com cabo","Material",null,"un",3.0400000000000002E-4,"13,52","0,00"]
["Insumo"," 10282 ","ORSE","Regua de alumínio c/ 2,00m (para pedreiro)","Material",null,"un",3.0400000000000002E-4,"44,00","0,01"]
["Insumo"," 10789 ","ORSE","Nível de bolha de madeira","Material",null,"un",3.0400000000000002E-4,"15,40","0,00"]
["Insumo"," 4722 ","ORSE","Colher de pedreiro","Material",null,"un",6.0800000000000003E-4,"18,80","0,01"]
["Insumo"," 4174 ","ORSE","Desempenadeira de aço lisa, cabo madeira, ref:143, Atlas ou similar","Material",null,"un",7.6000000000000004E-4,"12,00","0,00"]
["Insumo"," 11243 ","ORSE","Martelo sem unha","Material",null,"un",1.5200000000000001E-4,"28,00","0,00"]
["Insumo"," 11246 ","ORSE","Escala métrica de bambú","Material",null,"Un",1.0640000000000001E-3,"10,22","0,01"]
["Insumo"," 10790 ","ORSE","Prumo de face","Material",null,"un",1.5200000000000001E-4,"25,95","0,00"]
["Insumo"," 11247 ","ORSE","Serra mármore","Material",null,"un",1.5200000000000001E-4,"327,80","0,04"]
["Insumo"," 11265 ","ORSE","Martelo de borracha com cabo","Material",null,"un",6.0800000000000003E-4,"18,75","0,01"]
["Insumo"," 11245 ","ORSE","Desempoladeira de madeira 12x22","Material",null,"un",1.0640000000000001E-3,"11,60","0,01"]
[{"$nulls":4},"MO sem LS =>",20.54,"LS =>",23.5,"MO com LS =>",44.04]
[{"$nulls":4},"Valor do BDI =>",26.57,null,"Valor com BDI =>",null,136.9]
[]
[null,"Código","Banco","Descrição","Tipo",null,"Und","Quant.","Valor Unit","Total"]
["Composição"," 1903 ","ORSE","Argamassa cimento e areia traço t-1 (1:3) - 1 saco cimento 50kg / 3 padiolas areia dim. 0.35 x 0.45 x 0.23 m - Confecção mecânica e transporte","Argamassas",null,"m³",1,525.75,525.75]
["Item","Código","Banco","Descrição","Tipo",null,"Und","Quant.","Valor Unit","Total"]
["Insumo"," 00000370/SINAPI ","ORSE","Areia media - posto jazida/fornecedor (retirado na jazida, sem transporte)","Material",null,"m³",1.08,"100,00","108,00"]
["Composição"," 10549 ","ORSE","Encargos Complementares - Servente","Provisórios",null,"h",4,"3,87","15,48"]
["Insumo"," 00001379/SINAPI ","ORSE","Cimento portland composto cp ii-32","Material",null,"kg",452.2,"0,76","343,67"]
["Insumo"," 00006111/SINAPI ","ORSE","Servente de obras (horista)","Mão de Obra",null,"h",4,"14,58","58,32"]
["Detalhamento de Cálculo ORSE"]
["Item","Código","Banco","Descrição","Tipo",null,"Und","Quant.","Valor Unit","Total"]
["Insumo"," 00000370/SINAPI ","ORSE","Areia media - posto jazida/fornecedor (retirado na jazida, sem transporte)","Material",null,"m³",1.08,"100,00","108,00"]
["Insumo"," 10492 ","ORSE","Cesta Básica","Material",null,"un",1.7999999999999999E-2,"205,00","3,69"]
["Insumo"," 10599 ","ORSE","Protetor solar fps 30 com 120ml","Material",null,"un",7.1999999999999998E-3,"18,00","0,12"]
["Insumo"," 4728 ","ORSE","Talhadeira chata 10\"","Material",null,"un",1.1999999999999999E-3,"18,58","0,02"]
["Insumo"," 00012893/SINAPI ","ORSE","Bota de seguranca com biqueira de aco e colarinho acolchoado","Material",null,"par",3.2000000000000002E-3,"73,93","0,23"]
["Insumo"," 10517 ","ORSE","Exames admissionais/demissionais (checkup)","Serviços",null,"cj",1.6000000000000001E-3,"300,00","0,48"]
["Insumo"," 10761 ","ORSE","Refeição - café da manhã ( café com leite e dois pães com manteiga)","Serviços",null,"un",0.40720000000000001,"5,00","2,03"]
["Insumo"," 10596 ","ORSE","Protetor auricular","Material",null,"un",1.7999999999999999E-2,"4,85","0,08"]
["Insumo"," 1651 ","ORSE","Óculos branco proteção","Material",null,"pr",3.2000000000000002E-3,"7,00","0,02"]
["Insumo"," 941 ","ORSE","Fardamento com mangas curta","Material",null,"un",6.0000000000000001E-3,"194,68","1,16"]
["Insumo"," 00012892/SINAPI ","ORSE","Luva raspa de couro, cano curto (punho *7* cm)","Material",null,"par",9.1999999999999998E-3,"10,87","0,10"]
["Insumo"," 158 ","ORSE","Almoço (Participação do empregador)","Material",null,"un",0.40720000000000001,"14,00","5,70"]
["Insumo"," 10788 ","ORSE","Pá quadrada","Material",null,"un",8.0000000000000004E-4,"36,90","0,02"]
["Insumo"," 00012894/SINAPI ","ORSE","Capa para chuva em pvc com forro de poliester, com capuz (amarela ou azul)","Material",null,"un",8.0000000000000004E-4,"20,11","0,01"]
["Insumo"," 00002711/SINAPI ","ORSE","Carrinho de mao, em aco, com capacidade de *45 a 65* l / *100* kg, pneu com camara","Material",null,"un",8.0000000000000004E-4,"187,68","0,15"]
["Insumo"," 00012895/SINAPI ","ORSE","Capacete de seguranca aba frontal com suspensao de polietileno, sem jugular (classe b)","Material",null,"un",2.3999999999999998E-3,"13,50","0,03"]
["Insumo"," 10362 ","ORSE","Seguro de vida e acidente em grupo","Serviços",null,"un",1.7999999999999999E-2,"12,54","0,22"]
["Insumo"," 2378 ","ORSE","Vale transporte","Material",null,"un",0.37640000000000001,"4,50","1,69"]
["Insumo"," 4729 ","ORSE","Marreta 1 kg com cabo","Material",null,"un",4.0000000000000002E-4,"37,80","0,01"]
["Insumo"," 00001379/SINAPI ","ORSE","Cimento portland composto cp ii-32","Material",null,"kg",452.2,"0,76","343,67"]
["Insumo"," 00006111/SINAPI ","ORSE","Servente de obras (horista)","Mão de Obra",null,"h",4,"14,58","58,32"]
[{"$nulls":4},"MO sem LS =>",27.2,"LS =>",31.12,"MO com LS =>",58.32]
[{"$nulls":4},"Valor do BDI =>",126.65,null,"Valor com BDI =>",null,652.4]
[]
[null,"Código","Banco","Descrição","Tipo",null,"Und","Quant.","Valor Unit","Total"]
["Composição"," 3308 ","ORSE","Argamassa em volume - cimento, cal e areia traço t-5 (1:2:8) - 1 saco cimento50 kg / 2 sacos cal 20 kg / 8 padiolas de areia dim 0.35 x 0.45 x 0.13 m - Confecção mecânica e transporte","Conversão InfoWOrca",null,"m³",1,563.08000000000004,563.08000000000004]
["Item","Código","Banco","Descrição","Tipo",null,"Und","Quant.","Valor Unit","Total"]
["Insumo"," 00000367/SINAPI ","ORSE","Areia grossa - posto jazida/fornecedor (retirado na jazida, sem transporte)","Material",null,"m³",1.216,"101,30","123,18"]
["Composição"," 10549 ","ORSE","Encargos Complementares - Servente","Provisórios",null,"h",4,"3,87","15,48"]
["Insumo"," 00001106/SINAPI ","ORSE","Cal hidratada ch-i para argamassas","Material",null,"kg",182,"1,25","227,50"]
["Insumo"," 00006111/SINAPI ","ORSE","Servente de obras (horista)","Mão de Obra",null,"h",4,"14,58","58,32"]
["Insumo"," 00001379/SINAPI ","ORSE","Cimento portland composto cp ii-32","Material",null,"kg",182,"0,76","138,32"]
["Detalhamento de Cálculo ORSE"]
["Item","Código","Banco","Descrição","Tipo",null,"Und","Quant.","Valor Unit","Total"]
["Insumo"," 00000367/SINAPI ","ORSE","Areia grossa - posto jazida/fornecedor (retirado na jazida, sem transporte)","Material",null,"m³",1.216,"101,30","123,18"]
["Insumo"," 10492 ","ORSE","Cesta Básica","Material",null,"un",1.7999999999999999E-2,"205,00","3,69"]
["Insumo"," 10599 ","ORSE","Protetor solar fps 30 com 120ml","Material",null,"un",7.1999999999999998E-3,"18,00","0,12"]
["Insumo"," 4728 ","ORSE","Talhadeira chata 10\"","Material",null,"un",1.1999999999999999E-3,"18,58","0,02"]
["Insumo"," 00012893/SINAPI ","ORSE","Bota de seguranca com biqueira de aco e colarinho acolchoado","Material",null,"par",3.2000000000000002E-3,"73,93","0,23"]
["Insumo"," 10517 ","ORSE","Exames admissionais/demissionais (checkup)","Serviços",null,"cj",1.6000000000000001E-3,"300,00","0,48"]
["Insumo"," 10761 ","ORSE","Refeição - café da manhã ( café com leite e dois pães com manteiga)","Serviços",null,"un",0.40720000000000001,"5,00","2,03"]
["Insumo"," 10596 ","ORSE","Protetor auricular","Material",null,"un",1.7999999999999999E-2,"4,85","0,08"]
["Insumo"," 1651 ","ORSE","Óculos branco proteção","Material",null,"pr",3.2000000000000002E-3,"7,00","0,02"]
["Insumo"," 941 ","ORSE","Fardamento com mangas curta","Material",null,"un",6.0000000000000001E-3,"194,68","1,16"]
["Insumo"," 00012892/SINAPI ","ORSE","Luva raspa de couro, cano curto (punho *7* cm)","Material",null,"par",9.1999999999999998E-3,"10,87","0,10"]
["Insumo"," 158 ","ORSE","Almoço (Participação do empregador)","Material",null,"un",0.40720000000000001,"14,00","5,70"]
["Insumo"," 10788 ","ORSE","Pá quadrada","Material",null,"un",8.0000000000000004E-4,"36,90","0,02"]
["Insumo"," 00012894/SINAPI ","ORSE","Capa para chuva em pvc com forro de poliester, com capuz (amarela ou azul)","Material",null,"un",8.0000000000000004E-4,"20,11","0,01"]
["Insumo"," 00002711/SINAPI ","ORSE","Carrinho de mao, em aco, com capacidade de *45 a 65* l / *100* kg, pneu com camara","Material",null,"un",8.0000000000000004E-4,"187,68","0,15"]
["Insumo"," 00012895/SINAPI ","ORSE","Capacete de seguranca aba frontal com suspensao de polietileno, sem jugular (classe b)","Material",null,"un",2.3999999999999998E-3,"13,50","0,03"]
["Insumo"," 10362 ","ORSE","Seguro de vida e acidente em grupo","Serviços",null,"un",1.7999999999999999E-2,"12,54","0,22"]
["Insumo"," 2378 ","ORSE","Vale transporte","Material",null,"un",0.37640000000000001,"4,50","1,69"]
["Insumo"," 4729 ","ORSE","Marreta 1 kg com cabo","Material",null,"un",4.0000000000000002E-4,"37,80","0,01"]
["Insumo"," 00001106/SINAPI ","ORSE","Cal hidratada ch-i para argamassas","Material",null,"kg",182,"1,25","227,50"]
["Insumo"," 00006111/SINAPI ","ORSE","Servente de obras (horista)","Mão de Obra",null,"h",4,"14,58","58,32"]
["Insumo"," 00001379/SINAPI ","ORSE","Cimento portland composto cp ii-32","Material",null,"kg",182,"0,76","138,32"]
[{"$nulls":4},"MO sem LS =>",27.2,"LS =>",31.12,"MO com LS =>",58.32]
[{"$nulls":4},"Valor do BDI =>",135.63999999999999,null,"Valor com BDI =>",null,698.72]
[]
[null,"Código","Banco","Descrição","Tipo",null,"Und","Quant.","Valor Unit","Total"]
["Composição"," 140 ","ORSE","Aço CA - 50 Ø 6,3 a 12,5mm, inclusive corte, dobragem, montagem e colocacao de ferragens nas formas, para superestruturas e fundações - R1","Armaduras Convencionais",null,"kg",1,13.19,13.19]
["Item","Código","Banco","Descrição","Tipo",null,"Und","Quant.","Valor Unit","Total"]
["Insumo"," 00039315/SINAPI ","ORSE","Espacador / distanciador tipo garra dupla, em plastico, cobrimento *20* mm, para ferragens de lajes e fundo de vigas","Material",null,"un",0.4,"0,36","0,14"]
["Insumo"," 00000378/SINAPI ","ORSE","Armador (horista)","Mão de Obra",null,"h",0.08,"19,02","1,52"]
["Composição"," 10549 ","ORSE","Encargos Complementares - Servente","Provisórios",null,"h",0.08,"3,87","0,30"]
["Insumo"," 00006111/SINAPI ","ORSE","Servente de obras (horista)","Mão de Obra",null,"h",0.08,"14,58","1,16"]
["Insumo"," 81 ","ORSE","Aço ca-50   6,3 a 12,5 mm","Material",null,"kg",1,"9,14","9,14"]
["Insumo"," 00043132/SINAPI ","ORSE","Arame recozido 16 bwg, d = 1,65 mm (0,016 kg/m) ou 18 bwg, d = 1,25 mm (0,01 kg/m)","Material",null,"kg",0.02,"30,99","0,61"]
["Insumo"," 00039017/SINAPI ","ORSE","Espacador / distanciador circular com entrada lateral, em plastico, para vergalhao *4,2 a 12,5* mm, cobrimento 20 mm","Material",null,"un",0.4,"0,22","0,08"]
["Composição"," 10555 ","ORSE","Encargos Complementares - Armador","Provisórios",null,"h",0.08,"3,71","0,29"]
["Detalhamento de Cálculo ORSE"]
["Item","Código","Banco","Descrição","Tipo",null,"Und","Quant.","Valor Unit","Total"]
["Insumo"," 00039315/SINAPI ","ORSE","Espacador / distanciador tipo garra dupla, em plastico, cobrimento *20* mm, para ferragens de lajes e fundo de vigas","Material",null,"un",0.4,"0,36","0,14"]
["Insumo"," 00000378/SINAPI ","ORSE","Armador (horista)","Mão de Obra",null,"h",0.08,"19,02","1,52"]
["Insumo"," 10492 ","ORSE","Cesta Básica","Material",null,"un",7.2000000000000005E-4,"205,00","0,14"]
["Insumo"," 10599 ","ORSE","Protetor solar fps 30 com 120ml","Material",null,"un",2.8800000000000001E-4,"18,00","0,00"]
["Insumo"," 4728 ","ORSE","Talhadeira chata 10\"","Material",null,"un",2.4000000000000001E-5,"18,58","0,00"]
["Insumo"," 00012893/SINAPI ","ORSE","Bota de seguranca com biqueira de aco e colarinho acolchoado","Material",null,"par",1.2799999999999999E-4,"73,93","0,00"]
["Insumo"," 10517 ","ORSE","Exames admissionais/demissionais (checkup)","Serviços",null,"cj",6.3999999999999997E-5,"300,00","0,01"]
["Insumo"," 10761 ","ORSE","Refeição - café da manhã ( café com leite e dois pães com manteiga)","Serviços",null,"un",1.6288E-2,"5,00","0,08"]
["Insumo"," 10596 ","ORSE","Protetor auricular","Material",null,"un",7.2000000000000005E-4,"4,85","0,00"]
["Insumo"," 1651 ","ORSE","Óculos branco proteção","Material",null,"pr",1.2799999999999999E-4,"7,00","0,00"]
["Insumo"," 941 ","ORSE","Fardamento com mangas curta","Material",null,"un",2.4000000000000001E-4,"194,68","0,04"]
["Insumo"," 00012892/SINAPI ","ORSE","Luva raspa de couro, cano curto (punho *7* cm)","Material",null,"par",3.68E-4,"10,87","0,00"]
["Insumo"," 158 ","ORSE","Almoço (Participação do empregador)","Material",null,"un",1.6288E-2,"14,00","0,22"]
["Insumo"," 10788 ","ORSE","Pá quadrada","Material",null,"un",1.5999999999999999E-5,"36,90","0,00"]
["Insumo"," 00012894/SINAPI ","ORSE","Capa para chuva em pvc com forro de poliester, com capuz (amarela ou azul)","Material",null,"un",3.1999999999999999E-5,"20,11","0,00"]
["Insumo"," 00002711/SINAPI ","ORSE","Carrinho de mao, em aco, com capacidade de *45 a 65* l / *100* kg, pneu com camara","Material",null,"un",1.5999999999999999E-5,"187,68","0,00"]
["Insumo"," 00012895/SINAPI ","ORSE","Capacete de seguranca aba frontal com suspensao de polietileno, sem jugular (classe b)","Material",null,"un",9.6000000000000002E-5,"13,50","0,00"]
["Insumo"," 10362 ","ORSE","Seguro de vida e acidente em grupo","Serviços",null,"un",7.2000000000000005E-4,"12,54","0,00"]
["Insumo"," 2378 ","ORSE","Vale transporte","Material",null,"un",1.2760000000000001E-2,"4,50","0,05"]
["Insumo"," 4729 ","ORSE","Marreta 1 kg com cabo","Material",null,"un",7.9999999999999996E-6,"37,80","0,00"]
["Insumo"," 00006111/SINAPI ","ORSE","Servente de obras (horista)","Mão de Obra",null,"h",0.08,"14,58","1,16"]
["Insumo"," 81 ","ORSE","Aço ca-50   6,3 a 12,5 mm","Material",null,"kg",1,"9,14","9,14"]
["Insumo"," 00043132/SINAPI ","ORSE","Arame recozido 16 bwg, d = 1,65 mm (0,016 kg/m) ou 18 bwg, d = 1,25 mm (0,01 kg/m)","Material",null,"kg",0.02,"30,99","0,61"]
["Insumo"," 00039017/SINAPI ","ORSE","Espacador / distanciador circular com entrada lateral, em plastico, para vergalhao *4,2 a 12,5* mm, cobrimento 20 mm","Material",null,"un",0.4,"0,22","0,08"]
["Insumo"," 10585 ","ORSE","Arco de serra","Material",null,"un",1.5999999999999999E-5,"20,90","0,00"]
["Insumo"," 10586 ","ORSE","Torquesa","Material",null,"un",1.5999999999999999E-5,"39,00","0,00"]
[{"$nulls":4},"MO sem LS =>",1.24,"LS =>",1.44,"MO com LS =>",2.68]
[{"$nulls":4},"Valor do BDI =>",3.17,null,"Valor com BDI =>",null,16.36]
[]
[null,"Código","Banco","Descrição","Tipo",null,"Und","Quant.","Valor Unit","Total"]
["Composição"," 88831 ","SINAPI","BETONEIRA CAPACIDADE NOMINAL DE 400 L, CAPACIDADE DE MISTURA 280 L, MOTOR ELÉTRICO TRIFÁSICO POTÊNCIA DE 2 CV, SEM CARREGADOR - CHI DIURNO. AF_05/2023","CHOR - CUSTOS HORÁRIOS DE MÁQUINAS E EQUIPAMENTOS",null,"CHI",1,0.37,0.37]
["Composição Auxiliar"," 88827 ","SINAPI","BETONEIRA CAPACIDADE NOMINAL DE 400 L, CAPACIDADE DE MISTURA 280 L, MOTOR ELÉTRICO TRIFÁSICO POTÊNCIA DE 2 CV, SEM CARREGADOR - JUROS. AF_05/2023","CHOR - CUSTOS HORÁRIOS DE MÁQUINAS E EQUIPAMENTOS",null,"H",1,7.0000000000000007E-2,7.0000000000000007E-2]
["Composição Auxiliar"," 88826 ","SINAPI","BETONEIRA CAPACIDADE NOMINAL DE 400 L, CAPACIDADE DE MISTURA 280 L, MOTOR ELÉTRICO TRIFÁSICO POTÊNCIA DE 2 CV, SEM CARREGADOR - DEPRECIAÇÃO. AF_05/2023","CHOR - CUSTOS HORÁRIOS DE MÁQUINAS E EQUIPAMENTOS",null,"H",1,0.3,0.3]
[{"$nulls":4},"MO sem LS =>",0,"LS =>",0,"MO com LS =>",0]
[{"$nulls":4},"Valor do BDI =>",0.08,null,"Valor com BDI =>",null,0.45]
[]
[null,"Código","Banco","Descrição","Tipo",null,"Und","Quant.","Valor Unit","Total"]
["Composição"," 88830 ","SINAPI","BETONEIRA CAPACIDADE NOMINAL DE 400 L, CAPACIDADE DE MISTURA 280 L, MOTOR ELÉTRICO TRIFÁSICO POTÊNCIA DE 2 CV, SEM CARREGADOR - CHP DIURNO. AF_05/2023","CHOR - CUSTOS HORÁRIOS DE MÁQUINAS E EQUIPAMENTOS",null,"CHP",1,1.98,1.98]
["Composição Auxiliar"," 88828 ","SINAPI","BETONEIRA CAPACIDADE NOMINAL DE 400 L, CAPACIDADE DE MISTURA 280 L, MOTOR ELÉTRICO TRIFÁSICO POTÊNCIA DE 2 CV, SEM CARREGADOR - MANUTENÇÃO. AF_05/2023","CHOR - CUSTOS HORÁRIOS DE MÁQUINAS E EQUIPAMENTOS",null,"H",1,0.33,0.33]
["Composição Auxiliar"," 88829 ","SINAPI","BETONEIRA CAPACIDADE NOMINAL DE 400 L, CAPACIDADE DE MISTURA 280 L, MOTOR ELÉTRICO TRIFÁSICO POTÊNCIA DE 2 CV, SEM CARREGADOR - MATERIAIS NA OPERAÇÃO. AF_05/2023","CHOR - CUSTOS HORÁRIOS DE MÁQUINAS E EQUIPAMENTOS",null,"H",1,1.28,1.28]
["Composição Auxiliar"," 88826 ","SINAPI","BETONEIRA CAPACIDADE NOMINAL DE 400 L, CAPACIDADE DE MISTURA 280 L, MOTOR ELÉTRICO TRIFÁSICO POTÊNCIA DE 2 CV, SEM CARREGADOR - DEPRECIAÇÃO. AF_05/2023","CHOR - CUSTOS HORÁRIOS DE MÁQUINAS E EQUIPAMENTOS",null,"H",1,0.3,0.3]
["Composição Auxiliar"," 88827 ","SINAPI","BETONEIRA CAPACIDADE NOMINAL DE 400 L, CAPACIDADE DE MISTURA 280 L, MOTOR ELÉTRICO TRIFÁSICO POTÊNCIA DE 2 CV, SEM CARREGADOR - JUROS. AF_05/2023","CHOR - CUSTOS HORÁRIOS DE MÁQUINAS E EQUIPAMENTOS",null,"H",1,7.0000000000000007E-2,7.0000000000000007E-2]
[{"$nulls":4},"MO sem LS =>",0,"LS =>",0,"MO com LS =>",0]
[{"$nulls":4},"Valor do BDI =>",0.47,null,"Valor com BDI =>",null,2.4500000000000002]
[]
[null,"Código","Banco","Descrição","Tipo",null,"Und","Quant.","Valor Unit","Total"]
["Composição"," 88826 ","SINAPI","BETONEIRA CAPACIDADE NOMINAL DE 400 L, CAPACIDADE DE MISTURA 280 L, MOTOR ELÉTRICO TRIFÁSICO POTÊNCIA DE 2 CV, SEM CARREGADOR - DEPRECIAÇÃO. AF_05/2023","CHOR - CUSTOS HORÁRIOS DE MÁQUINAS E EQUIPAMENTOS",null,"H",1,0.3,0.3]
["Insumo"," 00010535 ","SINAPI","BETONEIRA, CAPACIDADE NOMINAL 400 L, CAPACIDADE DE MISTURA 280 L, MOTOR ELETRICO TRIFASICO 220/380 V, POTENCIA 2 CV, SEM CARREGADOR","Equipamento",null,"UN",6.3999999999999997E-5,4800,0.3]
[{"$nulls":4},"MO sem LS =>",0,"LS =>",0,"MO com LS =>",0]
[{"$nulls":4},"Valor do BDI =>",7.0000000000000007E-2,null,"Valor com BDI =>",null,0.37]
[]
[null,"Código","Banco","Descrição","Tipo",null,"Und","Quant.","Valor Unit","Total"]
["Composição"," 88827 ","SINAPI","BETONEIRA CAPACIDADE NOMINAL DE 400 L, CAPACIDADE DE MISTURA 280 L, MOTOR ELÉTRICO TRIFÁSICO POTÊNCIA DE 2 CV, SEM CARREGADOR - JUROS. AF_05/2023","CHOR - CUSTOS HORÁRIOS DE MÁQUINAS E EQUIPAMENTOS",null,"H",1,7.0000000000000007E-2,7.0000000000000007E-2]
["Insumo"," 00010535 ","SINAPI","BETONEIRA, CAPACIDADE NOMINAL 400 L, CAPACIDADE DE MISTURA 280 L, MOTOR ELETRICO TRIFASICO 220/380 V, POTENCIA 2 CV, SEM CARREGADOR","Equipamento",null,"UN",1.4800000000000001E-5,4800,7.0000000000000007E-2]
[{"$nulls":4},"MO sem LS =>",0,"LS =>",0,"MO com LS =>",0]
[{"$nulls":4},"Valor do BDI =>",0.01,null,"Valor com BDI =>",null,0.08]
[]
[null,"Código","Banco","Descrição","Tipo",null,"Und","Quant.","Valor Unit","Total"]
["Composição"," 88828 ","SINAPI","BETONEIRA CAPACIDADE NOMINAL DE 400 L, CAPACIDADE DE MISTURA 280 L, MOTOR ELÉTRICO TRIFÁSICO POTÊNCIA DE 2 CV, SEM CARREGADOR - MANUTENÇÃO. AF_05/2023","CHOR - CUSTOS HORÁRIOS DE MÁQUINAS E EQUIPAMENTOS",null,"H",1,0.33,0.33]
["Insumo"," 00010535 ","SINAPI","BETONEIRA, CAPACIDADE NOMINAL 400 L, CAPACIDADE DE MISTURA 280 L, MOTOR ELETRICO TRIFASICO 220/380 V, POTENCIA 2 CV, SEM CARREGADOR","Equipamento",null,"UN",6.9999999999999994E-5,4800,0.33]
[{"$nulls":4},"MO sem LS =>",0,"LS =>",0,"MO com LS =>",0]
[{"$nulls":4},"Valor do BDI =>",7.0000000000000007E-2,null,"Valor com BDI =>",null,0.4]
[]
[null,"Código","Banco","Descrição","Tipo",null,"Und","Quant.","Valor Unit","Total"]
["Composição"," 88829 ","SINAPI","BETONEIRA CAPACIDADE NOMINAL DE 400 L, CAPACIDADE DE MISTURA 280 L, MOTOR ELÉTRICO TRIFÁSICO POTÊNCIA DE 2 CV, SEM CARREGADOR - MATERIAIS NA OPERAÇÃO. AF_05/2023","CHOR - CUSTOS HORÁRIOS DE MÁQUINAS E EQUIPAMENTOS",null,"H",1,1.28,1.28]
["Insumo"," 00002705 ","SINAPI","ENERGIA ELETRICA ATE 2000 KWH INDUSTRIAL, SEM DEMANDA","Material",null,"KW/H",1.25,1.03,1.28]
[{"$nulls":4},"MO sem LS =>",0,"LS =>",0,"MO com LS =>",0]
[{"$nulls":4},"Valor do BDI =>",0.3,null,"Valor com BDI =>",null,1.58]
[]
[null,"Código","Banco","Descrição","Tipo",null,"Und","Quant.","Valor Unit","Total"]
["Composição"," 89226 ","SINAPI","BETONEIRA CAPACIDADE NOMINAL DE 600 L, CAPACIDADE DE MISTURA 360 L, MOTOR ELÉTRICO TRIFÁSICO POTÊNCIA DE 4 CV, SEM CARREGADOR - CHI DIURNO. AF_05/2023","CHOR - CUSTOS HORÁRIOS DE MÁQUINAS E EQUIPAMENTOS",null,"CHI",1,1.52,1.52]
["Composição Auxiliar"," 89221 ","SINAPI","BETONEIRA CAPACIDADE NOMINAL DE 600 L, CAPACIDADE DE MISTURA 360 L, MOTOR ELÉTRICO TRIFÁSICO POTÊNCIA DE 4 CV, SEM CARREGADOR - DEPRECIAÇÃO. AF_05/2023","CHOR - CUSTOS HORÁRIOS DE MÁQUINAS E EQUIPAMENTOS",null,"H",1,1.24,1.24]
["Composição Auxiliar"," 89222 ","SINAPI","BETONEIRA CAPACIDADE NOMINAL DE 600 L, CAPACIDADE DE MISTURA 360 L, MOTOR ELÉTRICO TRIFÁSICO POTÊNCIA DE 4 CV, SEM CARREGADOR - JUROS. AF_05/2023","CHOR - CUSTOS HORÁRIOS DE MÁQUINAS E EQUIPAMENTOS",null,"H",1,0.28000000000000003,0.28000000000000003]
[{"$nulls":4},"MO sem LS =>",0,"LS =>",0,"MO com LS =>",0]
[{"$nulls":4},"Valor do BDI =>",0.36,null,"Valor com BDI =>",null,1.88]
[]
[null,"Código","Banco","Descrição","Tipo",null,"Und","Quant.","Valor Unit","Total"]
["Composição"," 89225 ","SINAPI","BETONEIRA CAPACIDADE NOMINAL DE 600 L, CAPACIDADE DE MISTURA 360 L, MOTOR ELÉTRICO TRIFÁSICO POTÊNCIA DE 4 CV, SEM CARREGADOR - CHP DIURNO. AF_05/2023","CHOR - CUSTOS HORÁRIOS DE MÁQUINAS E EQUIPAMENTOS",null,"CHP",1,5.45,5.45]
["Composição Auxiliar"," 89221 ","SINAPI","BETONEIRA CAPACIDADE NOMINAL DE 600 L, CAPACIDADE DE MISTURA 360 L, MOTOR ELÉTRICO TRIFÁSICO POTÊNCIA DE 4 CV, SEM CARREGADOR - DEPRECIAÇÃO. AF_05/2023","CHOR - CUSTOS HORÁRIOS DE MÁQUINAS E EQUIPAMENTOS",null,"H",1,1.24,1.24]
["Composição Auxiliar"," 89224 ","SINAPI","BETONEIRA CAPACIDADE NOMINAL DE 600 L, CAPACIDADE DE MISTURA 360 L, MOTOR ELÉTRICO TRIFÁSICO POTÊNCIA DE 4 CV, SEM CARREGADOR - MATERIAIS NA OPERAÇÃO. AF_05/2023","CHOR - CUSTOS HORÁRIOS DE MÁQUINAS E EQUIPAMENTOS",null,"H",1,2.57,2.57]
["Composição Auxiliar"," 89223 ","SINAPI","BETONEIRA CAPACIDADE NOMINAL DE 600 L, CAPACIDADE DE MISTURA 360 L, MOTOR ELÉTRICO TRIFÁSICO POTÊNCIA DE 4 CV, SEM CARREGADOR - MANUTENÇÃO. AF_05/2023","CHOR - CUSTOS HORÁRIOS DE MÁQUINAS E EQUIPAMENTOS",null,"H",1,1.36,1.36]
["Composição Auxiliar"," 89222 ","SINAPI","BETONEIRA CAPACIDADE NOMINAL DE 600 L, CAPACIDADE DE MISTURA 360 L, MOTOR ELÉTRICO TRIFÁSICO POTÊNCIA DE 4 CV, SEM CARREGADOR - JUROS. AF_05/2023","CHOR - CUSTOS HORÁRIOS DE MÁQUINAS E EQUIPAMENTOS",null,"H",1,0.28000000000000003,0.28000000000000003]
[{"$nulls":4},"MO sem LS =>",0,"LS =>",0,"MO com LS =>",0]
[{"$nulls":4},"Valor do BDI =>",1.31,null,"Valor com BDI =>",null,6.76]
[]
[null,"Código","Banco","Descrição","Tipo",null,"Und","Quant.","Valor Unit","Total"]
["Composição"," 89221 ","SINAPI","BETONEIRA CAPACIDADE NOMINAL DE 600 L, CAPACIDADE DE MISTURA 360 L, MOTOR ELÉTRICO TRIFÁSICO POTÊNCIA DE 4 CV, SEM CARREGADOR - DEPRECIAÇÃO. AF_05/2023","CHOR - CUSTOS HORÁRIOS DE MÁQUINAS E EQUIPAMENTOS",null,"H",1,1.24,1.24]
["Insumo"," 00036397 ","SINAPI","BETONEIRA, CAPACIDADE NOMINAL 600 L, CAPACIDADE DE MISTURA 360 L, MOTOR ELETRICO TRIFASICO 220/380V, POTENCIA 4CV, SEM CARREGADOR","Equipamento",null,"UN",6.3999999999999997E-5,19525.419999999998,1.24]
[{"$nulls":4},"MO sem LS =>",0,"LS =>",0,"MO com LS =>",0]
[{"$nulls":4},"Valor do BDI =>",0.28999999999999998,null,"Valor com BDI =>",null,1.53]
[]
[null,"Código","Banco","Descrição","Tipo",null,"Und","Quant.","Valor Unit","Total"]
["Composição"," 89222 ","SINAPI","BETONEIRA CAPACIDADE NOMINAL DE 600 L, CAPACIDADE DE MISTURA 360 L, MOTOR ELÉTRICO TRIFÁSICO POTÊNCIA DE 4 CV, SEM CARREGADOR - JUROS. AF_05/2023","CHOR - CUSTOS HORÁRIOS DE MÁQUINAS E EQUIPAMENTOS",null,"H",1,0.28000000000000003,0.28000000000000003]
["Insumo"," 00036397 ","SINAPI","BETONEIRA, CAPACIDADE NOMINAL 600 L, CAPACIDADE DE MISTURA 360 L, MOTOR ELETRICO TRIFASICO 220/380V, POTENCIA 4CV, SEM CARREGADOR","Equipamento",null,"UN",1.4800000000000001E-5,19525.419999999998,0.28000000000000003]
[{"$nulls":4},"MO sem LS =>",0,"LS =>",0,"MO com LS =>",0]
[{"$nulls":4},"Valor do BDI =>",0.06,null,"Valor com BDI =>",null,0.34]
[]
[null,"Código","Banco","Descrição","Tipo",null,"Und","Quant.","Valor Unit","Total"]
["Composição"," 89223 ","SINAPI","BETONEIRA CAPACIDADE NOMINAL DE 600 L, CAPACIDADE DE MISTURA 360 L, MOTOR ELÉTRICO TRIFÁSICO POTÊNCIA DE 4 CV, SEM CARREGADOR - MANUTENÇÃO. AF_05/2023","CHOR - CUSTOS HORÁRIOS DE MÁQUINAS E EQUIPAMENTOS",null,"H",1,1.36,1.36]
["Insumo"," 00036397 ","SINAPI","BETONEIRA, CAPACIDADE NOMINAL 600 L, CAPACIDADE DE MISTURA 360 L, MOTOR ELETRICO TRIFASICO 220/380V, POTENCIA 4CV, SEM CARREGADOR","Equipamento",null,"UN",6.9999999999999994E-5,19525.419999999998,1.36]
[{"$nulls":4},"MO sem LS =>",0,"LS =>",0,"MO com LS =>",0]
[{"$nulls":4},"Valor do BDI =>",0.32,null,"Valor com BDI =>",null,1.68]
[]
[null,"Código","Banco","Descrição","Tipo",null,"Und","Quant.","Valor Unit","Total"]
["Composição"," 89224 ","SINAPI","BETONEIRA CAPACIDADE NOMINAL DE 600 L, CAPACIDADE DE MISTURA 360 L, MOTOR ELÉTRICO TRIFÁSICO POTÊNCIA DE 4 CV, SEM CARREGADOR - MATERIAIS NA OPERAÇÃO. AF_05/2023","CHOR - CUSTOS HORÁRIOS DE MÁQUINAS E EQUIPAMENTOS",null,"H",1,2.57,2.57]
["Insumo"," 00002705 ","SINAPI","ENERGIA ELETRICA ATE 2000 KWH INDUSTRIAL, SEM DEMANDA","Material",null,"KW/H",2.5,1.03,2.57]
[{"$nulls":4},"MO sem LS =>",0,"LS =>",0,"MO com LS =>",0]
[{"$nulls":4},"Valor do BDI =>",0.61,null,"Valor com BDI =>",null,3.18]
[]
[null,"Código","Banco","Descrição","Tipo",null,"Und","Quant.","Valor Unit","Total"]
["Composição"," 89877 ","SINAPI","CAMINHÃO BASCULANTE 14 M3, COM CAVALO MECÂNICO DE CAPACIDADE MÁXIMA DE TRAÇÃO COMBINADO DE 36000 KG, POTÊNCIA 286 CV, INCLUSIVE SEMIREBOQUE COM CAÇAMBA METÁLICA - CHI DIURNO. AF_12/2014","CHOR - CUSTOS HORÁRIOS DE MÁQUINAS E EQUIPAMENTOS",null,"CHI",1,86.78,86.78]
["Composição Auxiliar"," 88281 ","SINAPI","MOTORISTA DE BASCULANTE COM ENCARGOS COMPLEMENTARES","SEDI - SERVIÇOS DIVERSOS",null,"H",1,28.05,28.05]
["Composição Auxiliar"," 89872 ","SINAPI","CAMINHÃO BASCULANTE 14 M3, COM CAVALO MECÂNICO DE CAPACIDADE MÁXIMA DE TRAÇÃO COMBINADO DE 36000 KG, POTÊNCIA 286 CV, INCLUSIVE SEMIREBOQUE COM CAÇAMBA METÁLICA - IMPOSTOS E SEGUROS. AF_12/2014","CHOR - CUSTOS HORÁRIOS DE MÁQUINAS E EQUIPAMENTOS",null,"H",1,5.57,5.57]
["Composição Auxiliar"," 89870 ","SINAPI","CAMINHÃO BASCULANTE 14 M3, COM CAVALO MECÂNICO DE CAPACIDADE MÁXIMA DE TRAÇÃO COMBINADO DE 36000 KG, POTÊNCIA 286 CV, INCLUSIVE SEMIREBOQUE COM CAÇAMBA METÁLICA - DEPRECIAÇÃO. AF_12/2014","CHOR - CUSTOS HORÁRIOS DE MÁQUINAS E EQUIPAMENTOS",null,"H",1,39.369999999999997,39.369999999999997]
["Composição Auxiliar"," 89871 ","SINAPI","CAMINHÃO BASCULANTE 14 M3, COM CAVALO MECÂNICO DE CAPACIDADE MÁXIMA DE TRAÇÃO COMBINADO DE 36000 KG, POTÊNCIA 286 CV, INCLUSIVE SEMIREBOQUE COM CAÇAMBA METÁLICA - JUROS. AF_12/2014","CHOR - CUSTOS HORÁRIOS DE MÁQUINAS E EQUIPAMENTOS",null,"H",1,13.79,13.79]
[{"$nulls":4},"MO sem LS =>",10.81,"LS =>",12.37,"MO com LS =>",23.18]
[{"$nulls":4},"Valor do BDI =>",20.9,null,"Valor com BDI =>",null,107.68]
[]
[null,"Código","Banco","Descrição","Tipo",null,"Und","Quant.","Valor Unit","Total"]
["Composição"," 89876 ","SINAPI","CAMINHÃO BASCULANTE 14 M3, COM CAVALO MECÂNICO DE CAPACIDADE MÁXIMA DE TRAÇÃO COMBINADO DE 36000 KG, POTÊNCIA 286 CV, INCLUSIVE SEMIREBOQUE COM CAÇAMBA METÁLICA - CHP DIURNO. AF_12/2014","CHOR - CUSTOS HORÁRIOS DE MÁQUINAS E EQUIPAMENTOS",null,"CHP",1,329.02,329.02]
["Composição Auxiliar"," 89873 ","SINAPI","CAMINHÃO BASCULANTE 14 M3, COM CAVALO MECÂNICO DE CAPACIDADE MÁXIMA DE TRAÇÃO COMBINADO DE 36000 KG, POTÊNCIA 286 CV, INCLUSIVE SEMIREBOQUE COM CAÇAMBA METÁLICA - MANUTENÇÃO. AF_12/2014","CHOR - CUSTOS HORÁRIOS DE MÁQUINAS E EQUIPAMENTOS",null,"H",1,67.19,67.19]
["Composição Auxiliar"," 89870 ","SINAPI","CAMINHÃO BASCULANTE 14 M3, COM CAVALO MECÂNICO DE CAPACIDADE MÁXIMA DE TRAÇÃO COMBINADO DE 36000 KG, POTÊNCIA 286 CV, INCLUSIVE SEMIREBOQUE COM CAÇAMBA METÁLICA - DEPRECIAÇÃO. AF_12/2014","CHOR - CUSTOS HORÁRIOS DE MÁQUINAS E EQUIPAMENTOS",null,"H",1,39.369999999999997,39.369999999999997]
["Composição Auxiliar"," 88281 ","SINAPI","MOTORISTA DE BASCULANTE COM ENCARGOS COMPLEMENTARES","SEDI - SERVIÇOS DIVERSOS",null,"H",1,28.05,28.05]
["Composição Auxiliar"," 89872 ","SINAPI","CAMINHÃO BASCULANTE 14 M3, COM CAVALO MECÂNICO DE CAPACIDADE MÁXIMA DE TRAÇÃO COMBINADO DE 36000 KG, POTÊNCIA 286 CV, INCLUSIVE SEMIREBOQUE COM CAÇAMBA METÁLICA - IMPOSTOS E SEGUROS. AF_12/2014","CHOR - CUSTOS HORÁRIOS DE MÁQUINAS E EQUIPAMENTOS",null,"H",1,5.57,5.57]
["Composição Auxiliar"," 89874 ","SINAPI","CAMINHÃO BASCULANTE 14 M3, COM CAVALO MECÂNICO DE CAPACIDADE MÁXIMA DE TRAÇÃO COMBINADO DE 36000 KG, POTÊNCIA 286 CV, INCLUSIVE SEMIREBOQUE COM CAÇAMBA METÁLICA - MATERIAIS NA OPERAÇÃO. AF_12/2014","CHOR - CUSTOS HORÁRIOS DE MÁQUINAS E EQUIPAMENTOS",null,"H",1,175.05,175.05]
["Composição Auxiliar"," 89871 ","SINAPI","CAMINHÃO BASCULANTE 14 M3, COM CAVALO MECÂNICO DE CAPACIDADE MÁXIMA DE TRAÇÃO COMBINADO DE 36000 KG, POTÊNCIA 286 CV, INCLUSIVE SEMIREBOQUE COM CAÇAMBA METÁLICA - JUROS. AF_12/2014","CHOR - CUSTOS HORÁRIOS DE MÁQUINAS E EQUIPAMENTOS",null,"H",1,13.79,13.79]
[{"$nulls":4},"MO sem LS =>",10.81,"LS =>",12.37,"MO com LS =>",23.18]
[{"$nulls":4},"Valor do BDI =>",79.260000000000005,null,"Valor com BDI =>",null,408.28]
[]
[null,"Código","Banco","Descrição","Tipo",null,"Und","Quant.","Valor Unit","Total"]
["Composição"," 89870 ","SINAPI","CAMINHÃO BASCULANTE 14 M3, COM CAVALO MECÂNICO DE CAPACIDADE MÁXIMA DE TRAÇÃO COMBINADO DE 36000 KG, POTÊNCIA 286 CV, INCLUSIVE SEMIREBOQUE COM CAÇAMBA METÁLICA - DEPRECIAÇÃO. AF_12/2014","CHOR - CUSTOS HORÁRIOS DE MÁQUINAS E EQUIPAMENTOS",null,"H",1,39.369999999999997,39.369999999999997]
["Insumo"," 00037743 ","SINAPI","SEMIRREBOQUE COM DOIS EIXOS EM TANDEM TIPO BASCULANTE COM CACAMBA METALICA 14 M3 (INCLUI MONTAGEM, NAO INCLUI CAVALO MECANICO)","Material",null,"UN",6.0300000000000002E-5,237841.37,14.34]
["Insumo"," 00037762 ","SINAPI","CAVALO MECANICO TRACAO 4X2, PESO BRUTO TOTAL 16000 KG, CAPACIDADE MAXIMA DE TRACAO *36000* KG, DISTANCIA ENTRE EIXOS *3,56* M, POTENCIA *286* CV (INCLUI CABINE E CHASSI, NAO INCLUI SEMIRREBOQUE)","Equipamento",null,"UN",3.4199999999999998E-5,732160.78,25.03]
[{"$nulls":4},"MO sem LS =>",0,"LS =>",0,"MO com LS =>",0]
[{"$nulls":4},"Valor do BDI =>",9.48,null,"Valor com BDI =>",null,48.85]
[]
[null,"Código","Banco","Descrição","Tipo",null,"Und","Quant.","Valor Unit","Total"]
["Composição"," 89872 ","SINAPI","CAMINHÃO BASCULANTE 14 M3, COM CAVALO MECÂNICO DE CAPACIDADE MÁXIMA DE TRAÇÃO COMBINADO DE 36000 KG, POTÊNCIA 286 CV, INCLUSIVE SEMIREBOQUE COM CAÇAMBA METÁLICA - IMPOSTOS E SEGUROS. AF_12/2014","CHOR - CUSTOS HORÁRIOS DE MÁQUINAS E EQUIPAMENTOS",null,"H",1,5.57,5.57]
["Insumo"," 00037762 ","SINAPI","CAVALO MECANICO TRACAO 4X2, PESO BRUTO TOTAL 16000 KG, CAPACIDADE MAXIMA DE TRACAO *36000* KG, DISTANCIA ENTRE EIXOS *3,56* M, POTENCIA *286* CV (INCLUI CABINE E CHASSI, NAO INCLUI SEMIRREBOQUE)","Equipamento",null,"UN",5.6999999999999996E-6,732160.78,4.17]
["Insumo"," 00037743 ","SINAPI","SEMIRREBOQUE COM DOIS EIXOS EM TANDEM TIPO BASCULANTE COM CACAMBA METALICA 14 M3 (INCLUI MONTAGEM, NAO INCLUI CAVALO MECANICO)","Material",null,"UN",5.9000000000000003E-6,237841.37,1.4]
[{"$nulls":4},"MO sem LS =>",0,"LS =>",0,"MO com LS =>",0]
[{"$nulls":4},"Valor do BDI =>",1.34,null,"Valor com BDI =>",null,6.91]
[]
[null,"Código","Banco","Descrição","Tipo",null,"Und","Quant.","Valor Unit","Total"]
["Composição"," 89871 ","SINAPI","CAMINHÃO BASCULANTE 14 M3, COM CAVALO MECÂNICO DE CAPACIDADE MÁXIMA DE TRAÇÃO COMBINADO DE 36000 KG, POTÊNCIA 286 CV, INCLUSIVE SEMIREBOQUE COM CAÇAMBA METÁLICA - JUROS. AF_12/2014","CHOR - CUSTOS HORÁRIOS DE MÁQUINAS E EQUIPAMENTOS",null,"H",1,13.79,13.79]
["Insumo"," 00037743 ","SINAPI","SEMIRREBOQUE COM DOIS EIXOS EM TANDEM TIPO BASCULANTE COM CACAMBA METALICA 14 M3 (INCLUI MONTAGEM, NAO INCLUI CAVALO MECANICO)","Material",null,"UN",1.4600000000000001E-5,237841.37,3.47]
["Insumo"," 00037762 ","SINAPI","CAVALO MECANICO TRACAO 4X2, PESO BRUTO TOTAL 16000 KG, CAPACIDADE MAXIMA DE TRACAO *36000* KG, DISTANCIA ENTRE EIXOS *3,56* M, POTENCIA *286* CV (INCLUI CABINE E CHASSI, NAO INCLUI SEMIRREBOQUE)","Equipamento",null,"UN",1.4100000000000001E-5,732160.78,10.32]
[{"$nulls":4},"MO sem LS =>",0,"LS =>",0,"MO com LS =>",0]
[{"$nulls":4},"Valor do BDI =>",3.32,null,"Valor com BDI =>",null,17.11]
[]
[null,"Código","Banco","Descrição","Tipo",null,"Und","Quant.","Valor Unit","Total"]
["Composição"," 89873 ","SINAPI","CAMINHÃO BASCULANTE 14 M3, COM CAVALO MECÂNICO DE CAPACIDADE MÁXIMA DE TRAÇÃO COMBINADO DE 36000 KG, POTÊNCIA 286 CV, INCLUSIVE SEMIREBOQUE COM CAÇAMBA METÁLICA - MANUTENÇÃO. AF_12/2014","CHOR - CUSTOS HORÁRIOS DE MÁQUINAS E EQUIPAMENTOS",null,"H",1,67.19,67.19]
["Insumo"," 00037762 ","SINAPI","CAVALO MECANICO TRACAO 4X2, PESO BRUTO TOTAL 16000 KG, CAPACIDADE MAXIMA DE TRACAO *36000* KG, DISTANCIA ENTRE EIXOS *3,56* M, POTENCIA *286* CV (INCLUI CABINE E CHASSI, NAO INCLUI SEMIRREBOQUE)","Equipamento",null,"UN",6.4200000000000002E-5,732160.78,47]
["Insumo"," 00037743 ","SINAPI","SEMIRREBOQUE COM DOIS EIXOS EM TANDEM TIPO BASCULANTE COM CACAMBA METALICA 14 M3 (INCLUI MONTAGEM, NAO INCLUI CAVALO MECANICO)","Material",null,"UN",8.4900000000000004E-5,237841.37,20.190000000000001]
[{"$nulls":4},"MO sem LS =>",0,"LS =>",0,"MO com LS =>",0]
[{"$nulls":4},"Valor do BDI =>",16.18,null,"Valor com BDI =>",null,83.37]
[]
[null,"Código","Banco","Descrição","Tipo",null,"Und","Quant.","Valor Unit","Total"]
["Composição"," 89874 ","SINAPI","CAMINHÃO BASCULANTE 14 M3, COM CAVALO MECÂNICO DE CAPACIDADE MÁXIMA DE TRAÇÃO COMBINADO DE 36000 KG, POTÊNCIA 286 CV, INCLUSIVE SEMIREBOQUE COM CAÇAMBA METÁLICA - MATERIAIS NA OPERAÇÃO. AF_12/2014","CHOR - CUSTOS HORÁRIOS DE MÁQUINAS E EQUIPAMENTOS",null,"H",1,175.05,175.05]
["Insumo"," 00004221 ","SINAPI","OLEO DIESEL COMBUSTIVEL COMUM METROPOLITANO S-10 OU S-500","Material",null,"L",29.47,5.94,175.05]
[{"$nulls":4},"MO sem LS =>",0,"LS =>",0,"MO com LS =>",0]
[{"$nulls":4},"Valor do BDI =>",42.16,null,"Valor com BDI =>",null,217.21]
[]
[null,"Código","Banco","Descrição","Tipo",null,"Und","Quant.","Valor Unit","Total"]
["Composição"," 67827 ","SINAPI","CAMINHÃO BASCULANTE 6 M3 TOCO, PESO BRUTO TOTAL 16.000 KG, CARGA ÚTIL MÁXIMA 11.130 KG, DISTÂNCIA ENTRE EIXOS 5,36 M, POTÊNCIA 185 CV, INCLUSIVE CAÇAMBA METÁLICA - CHI DIURNO. AF_06/2014","Custos Horários Produtivo e Improdutivo dos Equipamentos",null,"CHI",1,63.83,63.83]
["Composição Auxiliar"," 91402 ","SINAPI","CAMINHÃO BASCULANTE 6 M3 TOCO, PESO BRUTO TOTAL 16.000 KG, CARGA ÚTIL MÁXIMA 11.130 KG, DISTÂNCIA ENTRE EIXOS 5,36 M, POTÊNCIA 185 CV, INCLUSIVE CAÇAMBA METÁLICA - IMPOSTOS E SEGUROS. AF_06/2014","Depreciação, Juros, Impostos e Seguros, Manutenção e Materiais na Operação dos Equipamentos",null,"H",1,3.61,3.61]
["Composição Auxiliar"," 88281 ","SINAPI","MOTORISTA DE BASCULANTE COM ENCARGOS COMPLEMENTARES","SEDI - SERVIÇOS DIVERSOS",null,"H",1,28.05,28.05]
["Composição Auxiliar"," 7058 ","SINAPI","CAMINHÃO BASCULANTE 6 M3 TOCO, PESO BRUTO TOTAL 16.000 KG, CARGA ÚTIL MÁXIMA 11.130 KG, DISTÂNCIA ENTRE EIXOS 5,36 M, POTÊNCIA 185 CV, INCLUSIVE CAÇAMBA METÁLICA - DEPRECIAÇÃO. AF_06/2014","Depreciação, Juros, Impostos e Seguros, Manutenção e Materiais na Operação dos Equipamentos",null,"H",1,23.23,23.23]
["Composição Auxiliar"," 7059 ","SINAPI","CAMINHÃO BASCULANTE 6 M3 TOCO, PESO BRUTO TOTAL 16.000 KG, CARGA ÚTIL MÁXIMA 11.130 KG, DISTÂNCIA ENTRE EIXOS 5,36 M, POTÊNCIA 185 CV, INCLUSIVE CAÇAMBA METÁLICA - JUROS. AF_06/2014","Depreciação, Juros, Impostos e Seguros, Manutenção e Materiais na Operação dos Equipamentos",null,"H",1,8.94,8.94]
[{"$nulls":4},"MO sem LS =>",10.81,"LS =>",12.37,"MO com LS =>",23.18]
[{"$nulls":4},"Valor do BDI =>",15.37,null,"Valor com BDI =>",null,79.2]
[]
[null,"Código","Banco","Descrição","Tipo",null,"Und","Quant.","Valor Unit","Total"]
["Composição"," 67826 ","SINAPI","CAMINHÃO BASCULANTE 6 M3 TOCO, PESO BRUTO TOTAL 16.000 KG, CARGA ÚTIL MÁXIMA 11.130 KG, DISTÂNCIA ENTRE EIXOS 5,36 M, POTÊNCIA 185 CV, INCLUSIVE CAÇAMBA METÁLICA - CHP DIURNO. AF_06/2014","Custos Horários Produtivo e Improdutivo dos Equipamentos",null,"CHP",1,186.61,186.61]
["Composição Auxiliar"," 91402 ","SINAPI","CAMINHÃO BASCULANTE 6 M3 TOCO, PESO BRUTO TOTAL 16.000 KG, CARGA ÚTIL MÁXIMA 11.130 KG, DISTÂNCIA ENTRE EIXOS 5,36 M, POTÊNCIA 185 CV, INCLUSIVE CAÇAMBA METÁLICA - IMPOSTOS E SEGUROS. AF_06/2014","Depreciação, Juros, Impostos e Seguros, Manutenção e Materiais na Operação dos Equipamentos",null,"H",1,3.61,3.61]
["Composição Auxiliar"," 7061 ","SINAPI","CAMINHÃO BASCULANTE 6 M3 TOCO, PESO BRUTO TOTAL 16.000 KG, CARGA ÚTIL MÁXIMA 11.130 KG, DISTÂNCIA ENTRE EIXOS 5,36 M, POTÊNCIA 185 CV, INCLUSIVE CAÇAMBA METÁLICA - MATERIAIS NA OPERAÇÃO. AF_06/2014","Depreciação, Juros, Impostos e Seguros, Manutenção e Materiais na Operação dos Equipamentos",null,"H",1,80.900000000000006,80.900000000000006]
["Composição Auxiliar"," 7060 ","SINAPI","CAMINHÃO BASCULANTE 6 M3 TOCO, PESO BRUTO TOTAL 16.000 KG, CARGA ÚTIL MÁXIMA 11.130 KG, DISTÂNCIA ENTRE EIXOS 5,36 M, POTÊNCIA 185 CV, INCLUSIVE CAÇAMBA METÁLICA - MANUTENÇÃO. AF_06/2014","Depreciação, Juros, Impostos e Seguros, Manutenção e Materiais na Operação dos Equipamentos",null,"H",1,41.88,41.88]
["Composição Auxiliar"," 88281 ","SINAPI","MOTORISTA DE BASCULANTE COM ENCARGOS COMPLEMENTARES","SEDI - SERVIÇOS DIVERSOS",null,"H",1,28.05,28.05]
["Composição Auxiliar"," 7059 ","SINAPI","CAMINHÃO BASCULANTE 6 M3 TOCO, PESO BRUTO TOTAL 16.000 KG, CARGA ÚTIL MÁXIMA 11.130 KG, DISTÂNCIA ENTRE EIXOS 5,36 M, POTÊNCIA 185 CV, INCLUSIVE CAÇAMBA METÁLICA - JUROS. AF_06/2014","Depreciação, Juros, Impostos e Seguros, Manutenção e Materiais na Operação dos Equipamentos",null,"H",1,8.94,8.94]
["Composição Auxiliar"," 7058 ","SINAPI","CAMINHÃO BASCULANTE 6 M3 TOCO, PESO BRUTO TOTAL 16.000 KG, CARGA ÚTIL MÁXIMA 11.130 KG, DISTÂNCIA ENTRE EIXOS 5,36 M, POTÊNCIA 185 CV, INCLUSIVE CAÇAMBA METÁLICA - DEPRECIAÇÃO. AF_06/2014","Depreciação, Juros, Impostos e Seguros, Manutenção e Materiais na Operação dos Equipamentos",null,"H",1,23.23,23.23]
[{"$nulls":4},"MO sem LS =>",10.81,"LS =>",12.37,"MO com LS =>",23.18]
[{"$nulls":4},"Valor do BDI =>",44.95,null,"Valor com BDI =>",null,231.56]
[]
[null,"Código","Banco","Descrição","Tipo",null,"Und","Quant.","Valor Unit","Total"]
["Composição"," 7058 ","SINAPI","CAMINHÃO BASCULANTE 6 M3 TOCO, PESO BRUTO TOTAL 16.000 KG, CARGA ÚTIL MÁXIMA 11.130 KG, DISTÂNCIA ENTRE EIXOS 5,36 M, POTÊNCIA 185 CV, INCLUSIVE CAÇAMBA METÁLICA - DEPRECIAÇÃO. AF_06/2014","Depreciação, Juros, Impostos e Seguros, Manutenção e Materiais na Operação dos Equipamentos",null,"H",1,23.23,23.23]
["Insumo"," 00037752 ","SINAPI","CAMINHAO TOCO, PESO BRUTO TOTAL 16000 KG, CARGA UTIL MAXIMA 11030 KG, DISTANCIA ENTRE EIXOS 5,41 M, POTENCIA 185 CV (INCLUI CABINE E CHASSI, NAO INCLUI CARROCERIA)","Equipamento",null,"UN",3.4199999999999998E-5,571483.76,19.54]
["Insumo"," 00037733 ","SINAPI","CACAMBA METALICA BASCULANTE COM CAPACIDADE DE 6 M3 (INCLUI MONTAGEM, NAO INCLUI CAMINHAO)","Equipamento para Aquisição Permanente",null,"UN",6.0300000000000002E-5,61258.13,3.69]
[{"$nulls":4},"MO sem LS =>",0,"LS =>",0,"MO com LS =>",0]
[{"$nulls":4},"Valor do BDI =>",5.59,null,"Valor com BDI =>",null,28.82]
[]
[null,"Código","Banco","Descrição","Tipo",null,"Und","Quant.","Valor Unit","Total"]
["Composição"," 91402 ","SINAPI","CAMINHÃO BASCULANTE 6 M3 TOCO, PESO BRUTO TOTAL 16.000 KG, CARGA ÚTIL MÁXIMA 11.130 KG, DISTÂNCIA ENTRE EIXOS 5,36 M, POTÊNCIA 185 CV, INCLUSIVE CAÇAMBA METÁLICA - IMPOSTOS E SEGUROS. AF_06/2014","Depreciação, Juros, Impostos e Seguros, Manutenção e Materiais na Operação dos Equipamentos",null,"H",1,3.61,3.61]
["Insumo"," 00037752 ","SINAPI","CAMINHAO TOCO, PESO BRUTO TOTAL 16000 KG, CARGA UTIL MAXIMA 11030 KG, DISTANCIA ENTRE EIXOS 5,41 M, POTENCIA 185 CV (INCLUI CABINE E CHASSI, NAO INCLUI CARROCERIA)","Equipamento",null,"UN",5.6999999999999996E-6,571483.76,3.25]
["Insumo"," 00037733 ","SINAPI","CACAMBA METALICA BASCULANTE COM CAPACIDADE DE 6 M3 (INCLUI MONTAGEM, NAO INCLUI CAMINHAO)","Equipamento para Aquisição Permanente",null,"UN",5.9000000000000003E-6,61258.13,0.36]
[{"$nulls":4},"MO sem LS =>",0,"LS =>",0,"MO com LS =>",0]
[{"$nulls":4},"Valor do BDI =>",0.86,null,"Valor com BDI =>",null,4.47]
[]
[null,"Código","Banco","Descrição","Tipo",null,"Und","Quant.","Valor Unit","Total"]
["Composição"," 7059 ","SINAPI","CAMINHÃO BASCULANTE 6 M3 TOCO, PESO BRUTO TOTAL 16.000 KG, CARGA ÚTIL MÁXIMA 11.130 KG, DISTÂNCIA ENTRE EIXOS 5,36 M, POTÊNCIA 185 CV, INCLUSIVE CAÇAMBA METÁLICA - JUROS. AF_06/2014","Depreciação, Juros, Impostos e Seguros, Manutenção e Materiais na Operação dos Equipamentos",null,"H",1,8.94,8.94]
["Insumo"," 00037733 ","SINAPI","CACAMBA METALICA BASCULANTE COM CAPACIDADE DE 6 M3 (INCLUI MONTAGEM, NAO INCLUI CAMINHAO)","Equipamento para Aquisição Permanente",null,"UN",1.4600000000000001E-5,61258.13,0.89]
["Insumo"," 00037752 ","SINAPI","CAMINHAO TOCO, PESO BRUTO TOTAL 16000 KG, CARGA UTIL MAXIMA 11030 KG, DISTANCIA ENTRE EIXOS 5,41 M, POTENCIA 185 CV (INCLUI CABINE E CHASSI, NAO INCLUI CARROCERIA)","Equipamento",null,"UN",1.4100000000000001E-5,571483.76,8.0500000000000007]
[{"$nulls":4},"MO sem LS =>",0,"LS =>",0,"MO com LS =>",0]
[{"$nulls":4},"Valor do BDI =>",2.15,null,"Valor com BDI =>",null,11.09]
[]
[null,"Código","Banco","Descrição","Tipo",null,"Und","Quant.","Valor Unit","Total"]
["Composição"," 7060 ","SINAPI","CAMINHÃO BASCULANTE 6 M3 TOCO, PESO BRUTO TOTAL 16.000 KG, CARGA ÚTIL MÁXIMA 11.130 KG, DISTÂNCIA ENTRE EIXOS 5,36 M, POTÊNCIA 185 CV, INCLUSIVE CAÇAMBA METÁLICA - MANUTENÇÃO. AF_06/2014","Depreciação, Juros, Impostos e Seguros, Manutenção e Materiais na Operação dos Equipamentos",null,"H",1,41.88,41.88]
["Insumo"," 00037752 ","SINAPI","CAMINHAO TOCO, PESO BRUTO TOTAL 16000 KG, CARGA UTIL MAXIMA 11030 KG, DISTANCIA ENTRE EIXOS 5,41 M, POTENCIA 185 CV (INCLUI CABINE E CHASSI, NAO INCLUI CARROCERIA)","Equipamento",null,"UN",6.4200000000000002E-5,571483.76,36.68]
["Insumo"," 00037733 ","SINAPI","CACAMBA METALICA BASCULANTE COM CAPACIDADE DE 6 M3 (INCLUI MONTAGEM, NAO INCLUI CAMINHAO)","Equipamento para Aquisição Permanente",null,"UN",8.4900000000000004E-5,61258.13,5.2]
[{"$nulls":4},"MO sem LS =>",0,"LS =>",0,"MO com LS =>",0]
[{"$nulls":4},"Valor do BDI =>",10.08,null,"Valor com BDI =>",null,51.96]
[]
[null,"Código","Banco","Descrição","Tipo",null,"Und","Quant.","Valor Unit","Total"]
["Composição"," 7061 ","SINAPI","CAMINHÃO BASCULANTE 6 M3 TOCO, PESO BRUTO TOTAL 16.000 KG, CARGA ÚTIL MÁXIMA 11.130 KG, DISTÂNCIA ENTRE EIXOS 5,36 M, POTÊNCIA 185 CV, INCLUSIVE CAÇAMBA METÁLICA - MATERIAIS NA OPERAÇÃO. AF_06/2014","Depreciação, Juros, Impostos e Seguros, Manutenção e Materiais na Operação dos Equipamentos",null,"H",1,80.900000000000006,80.900000000000006]
["Insumo"," 00004221 ","SINAPI","OLEO DIESEL COMBUSTIVEL COMUM METROPOLITANO S-10 OU S-500","Material",null,"L",13.62,5.94,80.900000000000006]
[{"$nulls":4},"MO sem LS =>",0,"LS =>",0,"MO com LS =>",0]
[{"$nulls":4},"Valor do BDI =>",19.48,null,"Valor com BDI =>",null,100.38]
[]
[null,"Código","Banco","Descrição","Tipo",null,"Und","Quant.","Valor Unit","Total"]
["Composição"," 5903 ","SINAPI","CAMINHÃO PIPA 10.000 L TRUCADO, PESO BRUTO TOTAL 23.000 KG, CARGA ÚTIL MÁXIMA 15.935 KG, DISTÂNCIA ENTRE EIXOS 4,8 M, POTÊNCIA 230 CV, INCLUSIVE TANQUE DE AÇO PARA TRANSPORTE DE ÁGUA - CHI DIURNO. AF_06/2014","CHOR - CUSTOS HORÁRIOS DE MÁQUINAS E EQUIPAMENTOS",null,"CHI",1,72.59,72.59]
["Composição Auxiliar"," 91398 ","SINAPI","CAMINHÃO PIPA 10.000 L TRUCADO, PESO BRUTO TOTAL 23.000 KG, CARGA ÚTIL MÁXIMA 15.935 KG, DISTÂNCIA ENTRE EIXOS 4,8 M, POTÊNCIA 230 CV, INCLUSIVE TANQUE DE AÇO PARA TRANSPORTE DE ÁGUA - IMPOSTOS E SEGUROS. AF_06/2014","CHOR - CUSTOS HORÁRIOS DE MÁQUINAS E EQUIPAMENTOS",null,"H",1,4.59,4.59]
["Composição Auxiliar"," 91396 ","SINAPI","CAMINHÃO PIPA 10.000 L TRUCADO, PESO BRUTO TOTAL 23.000 KG, CARGA ÚTIL MÁXIMA 15.935 KG, DISTÂNCIA ENTRE EIXOS 4,8 M, POTÊNCIA 230 CV, INCLUSIVE TANQUE DE AÇO PARA TRANSPORTE DE ÁGUA - DEPRECIAÇÃO. AF_06/2014","CHOR - CUSTOS HORÁRIOS DE MÁQUINAS E EQUIPAMENTOS",null,"H",1,29.43,29.43]
["Composição Auxiliar"," 88282 ","SINAPI","MOTORISTA DE CAMINHÃO COM ENCARGOS COMPLEMENTARES","SEDI - SERVIÇOS DIVERSOS",null,"H",1,27.19,27.19]
["Composição Auxiliar"," 91397 ","SINAPI","CAMINHÃO PIPA 10.000 L TRUCADO, PESO BRUTO TOTAL 23.000 KG, CARGA ÚTIL MÁXIMA 15.935 KG, DISTÂNCIA ENTRE EIXOS 4,8 M, POTÊNCIA 230 CV, INCLUSIVE TANQUE DE AÇO PARA TRANSPORTE DE ÁGUA - JUROS. AF_06/2014","CHOR - CUSTOS HORÁRIOS DE MÁQUINAS E EQUIPAMENTOS",null,"H",1,11.38,11.38]
[{"$nulls":4},"MO sem LS =>",10.4,"LS =>",11.92,"MO com LS =>",22.32]
[{"$nulls":4},"Valor do BDI =>",17.48,null,"Valor com BDI =>",null,90.07]
[]
[null,"Código","Banco","Descrição","Tipo",null,"Und","Quant.","Valor Unit","Total"]
["Composição"," 5901 ","SINAPI","CAMINHÃO PIPA 10.000 L TRUCADO, PESO BRUTO TOTAL 23.000 KG, CARGA ÚTIL MÁXIMA 15.935 KG, DISTÂNCIA ENTRE EIXOS 4,8 M, POTÊNCIA 230 CV, INCLUSIVE TANQUE DE AÇO PARA TRANSPORTE DE ÁGUA - CHP DIURNO. AF_06/2014","CHOR - CUSTOS HORÁRIOS DE MÁQUINAS E EQUIPAMENTOS",null,"CHP",1,315.85000000000002,315.85000000000002]
["Composição Auxiliar"," 5763 ","SINAPI","CAMINHÃO PIPA 10.000 L TRUCADO, PESO BRUTO TOTAL 23.000 KG, CARGA ÚTIL MÁXIMA 15.935 KG, DISTÂNCIA ENTRE EIXOS 4,8 M, POTÊNCIA 230 CV, INCLUSIVE TANQUE DE AÇO PARA TRANSPORTE DE ÁGUA - MANUTENÇÃO. AF_06/2014","CHOR - CUSTOS HORÁRIOS DE MÁQUINAS E EQUIPAMENTOS",null,"H",1,52.23,52.23]
["Composição Auxiliar"," 88282 ","SINAPI","MOTORISTA DE CAMINHÃO COM ENCARGOS COMPLEMENTARES","SEDI - SERVIÇOS DIVERSOS",null,"H",1,27.19,27.19]
["Composição Auxiliar"," 91398 ","SINAPI","CAMINHÃO PIPA 10.000 L TRUCADO, PESO BRUTO TOTAL 23.000 KG, CARGA ÚTIL MÁXIMA 15.935 KG, DISTÂNCIA ENTRE EIXOS 4,8 M, POTÊNCIA 230 CV, INCLUSIVE TANQUE DE AÇO PARA TRANSPORTE DE ÁGUA - IMPOSTOS E SEGUROS. AF_06/2014","CHOR - CUSTOS HORÁRIOS DE MÁQUINAS E EQUIPAMENTOS",null,"H",1,4.59,4.59]
["Composição Auxiliar"," 53831 ","SINAPI","CAMINHÃO PIPA 10.000 L TRUCADO, PESO BRUTO TOTAL 23.000 KG, CARGA ÚTIL MÁXIMA 15.935 KG, DISTÂNCIA ENTRE EIXOS 4,8 M, POTÊNCIA 230 CV, INCLUSIVE TANQUE DE AÇO PARA TRANSPORTE DE ÁGUA - MATERIAIS NA OPERAÇÃO. AF_06/2014","CHOR - CUSTOS HORÁRIOS DE MÁQUINAS E EQUIPAMENTOS",null,"H",1,191.03,191.03]
["Composição Auxiliar"," 91397 ","SINAPI","CAMINHÃO PIPA 10.000 L TRUCADO, PESO BRUTO TOTAL 23.000 KG, CARGA ÚTIL MÁXIMA 15.935 KG, DISTÂNCIA ENTRE EIXOS 4,8 M, POTÊNCIA 230 CV, INCLUSIVE TANQUE DE AÇO PARA TRANSPORTE DE ÁGUA - JUROS. AF_06/2014","CHOR - CUSTOS HORÁRIOS DE MÁQUINAS E EQUIPAMENTOS",null,"H",1,11.38,11.38]
["Composição Auxiliar"," 91396 ","SINAPI","CAMINHÃO PIPA 10.000 L TRUCADO, PESO BRUTO TOTAL 23.000 KG, CARGA ÚTIL MÁXIMA 15.935 KG, DISTÂNCIA ENTRE EIXOS 4,8 M, POTÊNCIA 230 CV, INCLUSIVE TANQUE DE AÇO PARA TRANSPORTE DE ÁGUA - DEPRECIAÇÃO. AF_06/2014","CHOR - CUSTOS HORÁRIOS DE MÁQUINAS E EQUIPAMENTOS",null,"H",1,29.43,29.43]
[{"$nulls":4},"MO sem LS =>",10.4,"LS =>",11.92,"MO com LS =>",22.32]
[{"$nulls":4},"Valor do BDI =>",76.08,null,"Valor com BDI =>",null,391.93]
[]
[null,"Código","Banco","Descrição","Tipo",null,"Und","Quant.","Valor Unit","Total"]
["Composição"," 91396 ","SINAPI","CAMINHÃO PIPA 10.000 L TRUCADO, PESO BRUTO TOTAL 23.000 KG, CARGA ÚTIL MÁXIMA 15.935 KG, DISTÂNCIA ENTRE EIXOS 4,8 M, POTÊNCIA 230 CV, INCLUSIVE TANQUE DE AÇO PARA TRANSPORTE DE ÁGUA - DEPRECIAÇÃO. AF_06/2014","CHOR - CUSTOS HORÁRIOS DE MÁQUINAS E EQUIPAMENTOS",null,"H",1,29.43,29.43]
["Insumo"," 00037758 ","SINAPI","CAMINHAO TRUCADO, PESO BRUTO TOTAL 23000 KG, CARGA UTIL MAXIMA 15285 KG, DISTANCIA ENTRE EIXOS 4,80 M, POTENCIA 326 CV (INCLUI CABINE E CHASSI, NAO INCLUI CARROCERIA)","Equipamento",null,"UN",3.43E-5,720250.97,24.7]
["Insumo"," 00037736 ","SINAPI","TANQUE DE ACO CARBONO NAO REVESTIDO, PARA TRANSPORTE DE AGUA COM CAPACIDADE DE 10 M3, COM BOMBA CENTRIFUGA POR TOMADA DE FORCA, VAZAO MAXIMA *75* M3/H (INCLUI MONTAGEM, NAO INCLUI CAMINHAO)","Material",null,"UN",5.5099999999999998E-5,85950,4.7300000000000004]
[{"$nulls":4},"MO sem LS =>",0,"LS =>",0,"MO com LS =>",0]
[{"$nulls":4},"Valor do BDI =>",7.08,null,"Valor com BDI =>",null,36.51]
[]
[null,"Código","Banco","Descrição","Tipo",null,"Und","Quant.","Valor Unit","Total"]
["Composição"," 91398 ","SINAPI","CAMINHÃO PIPA 10.000 L TRUCADO, PESO BRUTO TOTAL 23.000 KG, CARGA ÚTIL MÁXIMA 15.935 KG, DISTÂNCIA ENTRE EIXOS 4,8 M, POTÊNCIA 230 CV, INCLUSIVE TANQUE DE AÇO PARA TRANSPORTE DE ÁGUA - IMPOSTOS E SEGUROS. AF_06/2014","CHOR - CUSTOS HORÁRIOS DE MÁQUINAS E EQUIPAMENTOS",null,"H",1,4.59,4.59]
["Insumo"," 00037758 ","SINAPI","CAMINHAO TRUCADO, PESO BRUTO TOTAL 23000 KG, CARGA UTIL MAXIMA 15285 KG, DISTANCIA ENTRE EIXOS 4,80 M, POTENCIA 326 CV (INCLUI CABINE E CHASSI, NAO INCLUI CARROCERIA)","Equipamento",null,"UN",5.6999999999999996E-6,720250.97,4.0999999999999996]
["Insumo"," 00037736 ","SINAPI","TANQUE DE ACO CARBONO NAO REVESTIDO, PARA TRANSPORTE DE AGUA COM CAPACIDADE DE 10 M3, COM BOMBA CENTRIFUGA POR TOMADA DE FORCA, VAZAO MAXIMA *75* M3/H (INCLUI MONTAGEM, NAO INCLUI CAMINHAO)","Material",null,"UN",5.8000000000000004E-6,85950,0.49]
[{"$nulls":4},"MO sem LS =>",0,"LS =>",0,"MO com LS =>",0]
[{"$nulls":4},"Valor do BDI =>",1.1000000000000001,null,"Valor com BDI =>",null,5.69]
[]
[null,"Código","Banco","Descrição","Tipo",null,"Und","Quant.","Valor Unit","Total"]
["Composição"," 91397 ","SINAPI","CAMINHÃO PIPA 10.000 L TRUCADO, PESO BRUTO TOTAL 23.000 KG, CARGA ÚTIL MÁXIMA 15.935 KG, DISTÂNCIA ENTRE EIXOS 4,8 M, POTÊNCIA 230 CV, INCLUSIVE TANQUE DE AÇO PARA TRANSPORTE DE ÁGUA - JUROS. AF_06/2014","CHOR - CUSTOS HORÁRIOS DE MÁQUINAS E EQUIPAMENTOS",null,"H",1,11.38,11.38]
["Insumo"," 00037758 ","SINAPI","CAMINHAO TRUCADO, PESO BRUTO TOTAL 23000 KG, CARGA UTIL MAXIMA 15285 KG, DISTANCIA ENTRE EIXOS 4,80 M, POTENCIA 326 CV (INCLUI CABINE E CHASSI, NAO INCLUI CARROCERIA)","Equipamento",null,"UN",1.4100000000000001E-5,720250.97,10.15]
["Insumo"," 00037736 ","SINAPI","TANQUE DE ACO CARBONO NAO REVESTIDO, PARA TRANSPORTE DE AGUA COM CAPACIDADE DE 10 M3, COM BOMBA CENTRIFUGA POR TOMADA DE FORCA, VAZAO MAXIMA *75* M3/H (INCLUI MONTAGEM, NAO INCLUI CAMINHAO)","Material",null,"UN",1.4399999999999999E-5,85950,1.23]
[{"$nulls":4},"MO sem LS =>",0,"LS =>",0,"MO com LS =>",0]
[{"$nulls":4},"Valor do BDI =>",2.74,null,"Valor com BDI =>",null,14.12]
[]
[null,"Código","Banco","Descrição","Tipo",null,"Und","Quant.","Valor Unit","Total"]
["Composição"," 5763 ","SINAPI","CAMINHÃO PIPA 10.000 L TRUCADO, PESO BRUTO TOTAL 23.000 KG, CARGA ÚTIL MÁXIMA 15.935 KG, DISTÂNCIA ENTRE EIXOS 4,8 M, POTÊNCIA 230 CV, INCLUSIVE TANQUE DE AÇO PARA TRANSPORTE DE ÁGUA - MANUTENÇÃO. AF_06/2014","CHOR - CUSTOS HORÁRIOS DE MÁQUINAS E EQUIPAMENTOS",null,"H",1,52.23,52.23]
["Insumo"," 00037758 ","SINAPI","CAMINHAO TRUCADO, PESO BRUTO TOTAL 23000 KG, CARGA UTIL MAXIMA 15285 KG, DISTANCIA ENTRE EIXOS 4,80 M, POTENCIA 326 CV (INCLUI CABINE E CHASSI, NAO INCLUI CARROCERIA)","Equipamento",null,"UN",6.4300000000000004E-5,720250.97,46.31]
["Insumo"," 00037736 ","SINAPI","TANQUE DE ACO CARBONO NAO REVESTIDO, PARA TRANSPORTE DE AGUA COM CAPACIDADE DE 10 M3, COM BOMBA CENTRIFUGA POR TOMADA DE FORCA, VAZAO MAXIMA *75* M3/H (INCLUI MONTAGEM, NAO INCLUI CAMINHAO)","Material",null,"UN",6.8899999999999994E-5,85950,5.92]
[{"$nulls":4},"MO sem LS =>",0,"LS =>",0,"MO com LS =>",0]
[{"$nulls":4},"Valor do BDI =>",12.58,null,"Valor com BDI =>",null,64.81]
[]
[null,"Código","Banco","Descrição","Tipo",null,"Und","Quant.","Valor Unit","Total"]
["Composição"," 53831 ","SINAPI","CAMINHÃO PIPA 10.000 L TRUCADO, PESO BRUTO TOTAL 23.000 KG, CARGA ÚTIL MÁXIMA 15.935 KG, DISTÂNCIA ENTRE EIXOS 4,8 M, POTÊNCIA 230 CV, INCLUSIVE TANQUE DE AÇO PARA TRANSPORTE DE ÁGUA - MATERIAIS NA OPERAÇÃO. AF_06/2014","CHOR - CUSTOS HORÁRIOS DE MÁQUINAS E EQUIPAMENTOS",null,"H",1,191.03,191.03]
["Insumo"," 00004221 ","SINAPI","OLEO DIESEL COMBUSTIVEL COMUM METROPOLITANO S-10 OU S-500","Material",null,"L",32.159999999999997,5.94,191.03]
[{"$nulls":4},"MO sem LS =>",0,"LS =>",0,"MO com LS =>",0]
[{"$nulls":4},"Valor do BDI =>",46.01,null,"Valor com BDI =>",null,237.04]
[]
[null,"Código","Banco","Descrição","Tipo",null,"Und","Quant.","Valor Unit","Total"]
["Composição"," 88261 ","SINAPI","CARPINTEIRO DE ESQUADRIAS COM ENCARGOS COMPLEMENTARES","SEDI - SERVIÇOS DIVERSOS",null,"H",1,25.26,25.26]
["Composição Auxiliar"," 95329 ","SINAPI","CURSO DE CAPACITAÇÃO PARA CARPINTEIRO DE ESQUADRIA (ENCARGOS COMPLEMENTARES) - HORISTA","SEDI - SERVIÇOS DIVERSOS",null,"H",1,0.28000000000000003,0.28000000000000003]
["Insumo"," 00037373 ","SINAPI","SEGURO - HORISTA (COLETADO CAIXA - ENCARGOS COMPLEMENTARES)","Taxas",null,"H",1,0.08,0.08]
["Insumo"," 00037370 ","SINAPI","ALIMENTACAO - HORISTA (COLETADO CAIXA - ENCARGOS COMPLEMENTARES)","Material",null,"H",1,2.0099999999999998,2.0099999999999998]
["Insumo"," 00043459 ","SINAPI","FERRAMENTAS - FAMILIA CARPINTEIRO DE FORMAS - HORISTA (ENCARGOS COMPLEMENTARES - COLETADO CAIXA)","Equipamento",null,"H",1,0.44,0.44]
["Insumo"," 00037371 ","SINAPI","TRANSPORTE - HORISTA (COLETADO CAIXA - ENCARGOS COMPLEMENTARES)","Serviços",null,"H",1,0.45,0.45]
["Insumo"," 00037372 ","SINAPI","EXAMES - HORISTA (COLETADO CAIXA - ENCARGOS COMPLEMENTARES)","Material",null,"H",1,1.43,1.43]
["Insumo"," 00043483 ","SINAPI","EPI - FAMILIA CARPINTEIRO DE FORMAS - HORISTA (ENCARGOS COMPLEMENTARES - COLETADO CAIXA)","Equipamento",null,"H",1,1.43,1.43]
["Insumo"," 00001214 ","SINAPI","CARPINTEIRO DE ESQUADRIAS (HORISTA)","Mão de Obra",null,"H",1,19.14,19.14]
[{"$nulls":4},"MO sem LS =>",9.0500000000000007,"LS =>",10.37,"MO com LS =>",19.420000000000002]
[{"$nulls":4},"Valor do BDI =>",6.08,null,"Valor com BDI =>",null,31.34]
[]
[null,"Código","Banco","Descrição","Tipo",null,"Und","Quant.","Valor Unit","Total"]
["Composição"," 88262 ","SINAPI","CARPINTEIRO DE FORMAS COM ENCARGOS COMPLEMENTARES","SEDI - SERVIÇOS DIVERSOS",null,"H",1,26.18,26.18]
["Composição Auxiliar"," 95330 ","SINAPI","CURSO DE CAPACITAÇÃO PARA CARPINTEIRO DE FÔRMAS (ENCARGOS COMPLEMENTARES) - HORISTA","SEDI - SERVIÇOS DIVERSOS",null,"H",1,0.23,0.23]
["Insumo"," 00043483 ","SINAPI","EPI - FAMILIA CARPINTEIRO DE FORMAS - HORISTA (ENCARGOS COMPLEMENTARES - COLETADO CAIXA)","Equipamento",null,"H",1,1.43,1.43]
["Insumo"," 00037371 ","SINAPI","TRANSPORTE - HORISTA (COLETADO CAIXA - ENCARGOS COMPLEMENTARES)","Serviços",null,"H",1,0.45,0.45]
["Insumo"," 00001213 ","SINAPI","CARPINTEIRO DE FORMAS PARA CONCRETO (HORISTA)","Mão de Obra",null,"H",1,20.11,20.11]
["Insumo"," 00043459 ","SINAPI","FERRAMENTAS - FAMILIA CARPINTEIRO DE FORMAS - HORISTA (ENCARGOS COMPLEMENTARES - COLETADO CAIXA)","Equipamento",null,"H",1,0.44,0.44]
["Insumo"," 00037370 ","SINAPI","ALIMENTACAO - HORISTA (COLETADO CAIXA - ENCARGOS COMPLEMENTARES)","Material",null,"H",1,2.0099999999999998,2.0099999999999998]
["Insumo"," 00037373 ","SINAPI","SEGURO - HORISTA (COLETADO CAIXA - ENCARGOS COMPLEMENTARES)","Taxas",null,"H",1,0.08,0.08]
["Insumo"," 00037372 ","SINAPI","EXAMES - HORISTA (COLETADO CAIXA - ENCARGOS COMPLEMENTARES)","Material",null,"H",1,1.43,1.43]
[{"$nulls":4},"MO sem LS =>",9.48,"LS =>",10.86,"MO com LS =>",20.34]
[{"$nulls":4},"Valor do BDI =>",6.3,null,"Valor com BDI =>",null,32.479999999999997]
[]
[null,"Código","Banco","Descrição","Tipo",null,"Und","Quant.","Valor Unit","Total"]
["Composição"," 91534 ","SINAPI","COMPACTADOR DE SOLOS DE PERCUSSÃO (SOQUETE) COM MOTOR A GASOLINA 4 TEMPOS, POTÊNCIA 4 CV - CHI DIURNO. AF_08/2015","CHOR - CUSTOS HORÁRIOS DE MÁQUINAS E EQUIPAMENTOS",null,"CHI",1,24.32,24.32]
["Composição Auxiliar"," 91529 ","SINAPI","COMPACTADOR DE SOLOS DE PERCUSSÃO (SOQUETE) COM MOTOR A GASOLINA 4 TEMPOS, POTÊNCIA 4 CV - DEPRECIAÇÃO. AF_08/2015","CHOR - CUSTOS HORÁRIOS DE MÁQUINAS E EQUIPAMENTOS",null,"H",1,0.92,0.92]
["Composição Auxiliar"," 88297 ","SINAPI","OPERADOR DE MÁQUINAS E EQUIPAMENTOS COM ENCARGOS COMPLEMENTARES","SEDI - SERVIÇOS DIVERSOS",null,"H",1,23.16,23.16]
["Composição Auxiliar"," 91530 ","SINAPI","COMPACTADOR DE SOLOS DE PERCUSSÃO (SOQUETE) COM MOTOR A GASOLINA 4 TEMPOS, POTÊNCIA 4 CV - JUROS. AF_08/2015","CHOR - CUSTOS HORÁRIOS DE MÁQUINAS E EQUIPAMENTOS",null,"H",1,0.24,0.24]
[{"$nulls":4},"MO sem LS =>",8.5299999999999994,"LS =>",9.76,"MO com LS =>",18.29]
[{"$nulls":4},"Valor do BDI =>",5.85,null,"Valor com BDI =>",null,30.17]
[]
[null,"Código","Banco","Descrição","Tipo",null,"Und","Quant.","Valor Unit","Total"]
["Composição"," 91533 ","SINAPI","COMPACTADOR DE SOLOS DE PERCUSSÃO (SOQUETE) COM MOTOR A GASOLINA 4 TEMPOS, POTÊNCIA 4 CV - CHP DIURNO. AF_08/2015","CHOR - CUSTOS HORÁRIOS DE MÁQUINAS E EQUIPAMENTOS",null,"CHP",1,31.86,31.86]
["Composição Auxiliar"," 91532 ","SINAPI","COMPACTADOR DE SOLOS DE PERCUSSÃO (SOQUETE) COM MOTOR A GASOLINA 4 TEMPOS, POTÊNCIA 4 CV - MATERIAIS NA OPERAÇÃO. AF_08/2015","CHOR - CUSTOS HORÁRIOS DE MÁQUINAS E EQUIPAMENTOS",null,"H",1,6.39,6.39]
["Composição Auxiliar"," 88297 ","SINAPI","OPERADOR DE MÁQUINAS E EQUIPAMENTOS COM ENCARGOS COMPLEMENTARES","SEDI - SERVIÇOS DIVERSOS",null,"H",1,23.16,23.16]
["Composição Auxiliar"," 91529 ","SINAPI","COMPACTADOR DE SOLOS DE PERCUSSÃO (SOQUETE) COM MOTOR A GASOLINA 4 TEMPOS, POTÊNCIA 4 CV - DEPRECIAÇÃO. AF_08/2015","CHOR - CUSTOS HORÁRIOS DE MÁQUINAS E EQUIPAMENTOS",null,"H",1,0.92,0.92]
["Composição Auxiliar"," 91530 ","SINAPI","COMPACTADOR DE SOLOS DE PERCUSSÃO (SOQUETE) COM MOTOR A GASOLINA 4 TEMPOS, POTÊNCIA 4 CV - JUROS. AF_08/2015","CHOR - CUSTOS HORÁRIOS DE MÁQUINAS E EQUIPAMENTOS",null,"H",1,0.24,0.24]
["Composição Auxiliar"," 91531 ","SINAPI","COMPACTADOR DE SOLOS DE PERCUSSÃO (SOQUETE) COM MOTOR A GASOLINA 4 TEMPOS, POTÊNCIA 4 CV - MANUTENÇÃO. AF_08/2015","CHOR - CUSTOS HORÁRIOS DE MÁQUINAS E EQUIPAMENTOS",null,"H",1,1.1499999999999999,1.1499999999999999]
[{"$nulls":4},"MO sem LS =>",8.5299999999999994,"LS =>",9.76,"MO com LS =>",18.29]
[{"$nulls":4},"Valor do BDI =>",7.67,null,"Valor com BDI =>",null,39.53]
[]
[null,"Código","Banco","Descrição","Tipo",null,"Und","Quant.","Valor Unit","Total"]
["Composição"," 91529 ","SINAPI","COMPACTADOR DE SOLOS DE PERCUSSÃO (SOQUETE) COM MOTOR A GASOLINA 4 TEMPOS, POTÊNCIA 4 CV - DEPRECIAÇÃO. AF_08/2015","CHOR - CUSTOS HORÁRIOS DE MÁQUINAS E EQUIPAMENTOS",null,"H",1,0.92,0.92]
["Insumo"," 00013458 ","SINAPI","COMPACTADOR DE SOLOS DE PERCURSAO (SOQUETE) COM MOTOR A GASOLINA 4 TEMPOS DE 4 HP (4 CV)","Equipamento",null,"UN",5.3300000000000001E-5,17335.43,0.92]
[{"$nulls":4},"MO sem LS =>",0,"LS =>",0,"MO com LS =>",0]
[{"$nulls":4},"Valor do BDI =>",0.22,null,"Valor com BDI =>",null,1.1399999999999999]
[]
[null,"Código","Banco","Descrição","Tipo",null,"Und","Quant.","Valor Unit","Total"]
["Composição"," 91530 ","SINAPI","COMPACTADOR DE SOLOS DE PERCUSSÃO (SOQUETE) COM MOTOR A GASOLINA 4 TEMPOS, POTÊNCIA 4 CV - JUROS. AF_08/2015","CHOR - CUSTOS HORÁRIOS DE MÁQUINAS E EQUIPAMENTOS",null,"H",1,0.24,0.24]
["Insumo"," 00013458 ","SINAPI","COMPACTADOR DE SOLOS DE PERCURSAO (SOQUETE) COM MOTOR A GASOLINA 4 TEMPOS DE 4 HP (4 CV)","Equipamento",null,"UN",1.43E-5,17335.43,0.24]
[{"$nulls":4},"MO sem LS =>",0,"LS =>",0,"MO com LS =>",0]
[{"$nulls":4},"Valor do BDI =>",0.05,null,"Valor com BDI =>",null,0.28999999999999998]
[]
[null,"Código","Banco","Descrição","Tipo",null,"Und","Quant.","Valor Unit","Total"]
["Composição"," 91531 ","SINAPI","COMPACTADOR DE SOLOS DE PERCUSSÃO (SOQUETE) COM MOTOR A GASOLINA 4 TEMPOS, POTÊNCIA 4 CV - MANUTENÇÃO. AF_08/2015","CHOR - CUSTOS HORÁRIOS DE MÁQUINAS E EQUIPAMENTOS",null,"H",1,1.1499999999999999,1.1499999999999999]
["Insumo"," 00013458 ","SINAPI","COMPACTADOR DE SOLOS DE PERCURSAO (SOQUETE) COM MOTOR A GASOLINA 4 TEMPOS DE 4 HP (4 CV)","Equipamento",null,"UN",6.6699999999999995E-5,17335.43,1.1499999999999999]
[{"$nulls":4},"MO sem LS =>",0,"LS =>",0,"MO com LS =>",0]
[{"$nulls":4},"Valor do BDI =>",0.27,null,"Valor com BDI =>",null,1.42]
[]
[null,"Código","Banco","Descrição","Tipo",null,"Und","Quant.","Valor Unit","Total"]
["Composição"," 91532 ","SINAPI","COMPACTADOR DE SOLOS DE PERCUSSÃO (SOQUETE) COM MOTOR A GASOLINA 4 TEMPOS, POTÊNCIA 4 CV - MATERIAIS NA OPERAÇÃO. AF_08/2015","CHOR - CUSTOS HORÁRIOS DE MÁQUINAS E EQUIPAMENTOS",null,"H",1,6.39,6.39]
["Insumo"," 00004222 ","SINAPI","GASOLINA COMUM","Material",null,"L",1.03,6.21,6.39]
[{"$nulls":4},"MO sem LS =>",0,"LS =>",0,"MO com LS =>",0]
[{"$nulls":4},"Valor do BDI =>",1.53,null,"Valor com BDI =>",null,7.92]
[]
[null,"Código","Banco","Descrição","Tipo",null,"Und","Quant.","Valor Unit","Total"]
["Composição"," 90965 ","SINAPI","COMPRESSOR DE AR REBOCÁVEL, VAZÃO 89 PCM, PRESSÃO EFETIVA DE TRABALHO 102 PSI, MOTOR DIESEL, POTÊNCIA 20 CV - CHI DIURNO. AF_06/2015","CHOR - CUSTOS HORÁRIOS DE MÁQUINAS E EQUIPAMENTOS",null,"CHI",1,8.9,8.9]
["Composição Auxiliar"," 90960 ","SINAPI","COMPRESSOR DE AR REBOCÁVEL, VAZÃO 89 PCM, PRESSÃO EFETIVA DE TRABALHO 102 PSI, MOTOR DIESEL, POTÊNCIA 20 CV - DEPRECIAÇÃO. AF_06/2015","CHOR - CUSTOS HORÁRIOS DE MÁQUINAS E EQUIPAMENTOS",null,"H",1,7.02,7.02]
["Composição Auxiliar"," 90961 ","SINAPI","COMPRESSOR DE AR REBOCÁVEL, VAZÃO 89 PCM, PRESSÃO EFETIVA DE TRABALHO 102 PSI, MOTOR DIESEL, POTÊNCIA 20 CV - JUROS. AF_06/2015","CHOR - CUSTOS HORÁRIOS DE MÁQUINAS E EQUIPAMENTOS",null,"H",1,1.88,1.88]
[{"$nulls":4},"MO sem LS =>",0,"LS =>",0,"MO com LS =>",0]
[{"$nulls":4},"Valor do BDI =>",2.14,null,"Valor com BDI =>",null,11.04]
[]
[null,"Código","Banco","Descrição","Tipo",null,"Und","Quant.","Valor Unit","Total"]
["Composição"," 90964 ","SINAPI","COMPRESSOR DE AR REBOCÁVEL, VAZÃO 89 PCM, PRESSÃO EFETIVA DE TRABALHO 102 PSI, MOTOR DIESEL, POTÊNCIA 20 CV - CHP DIURNO. AF_06/2015","CHOR - CUSTOS HORÁRIOS DE MÁQUINAS E EQUIPAMENTOS",null,"CHP",1,32.54,32.54]
["Composição Auxiliar"," 90962 ","SINAPI","COMPRESSOR DE AR REBOCÁVEL, VAZÃO 89 PCM, PRESSÃO EFETIVA DE TRABALHO 102 PSI, MOTOR DIESEL, POTÊNCIA 20 CV - MANUTENÇÃO. AF_06/2015","CHOR - CUSTOS HORÁRIOS DE MÁQUINAS E EQUIPAMENTOS",null,"H",1,8.7899999999999991,8.7899999999999991]
["Composição Auxiliar"," 90963 ","SINAPI","COMPRESSOR DE AR REBOCÁVEL, VAZÃO 89 PCM, PRESSÃO EFETIVA DE TRABALHO 102 PSI, MOTOR DIESEL, POTÊNCIA 20 CV - MATERIAIS NA OPERAÇÃO. AF_06/2015","CHOR - CUSTOS HORÁRIOS DE MÁQUINAS E EQUIPAMENTOS",null,"H",1,14.85,14.85]
["Composição Auxiliar"," 90961 ","SINAPI","COMPRESSOR DE AR REBOCÁVEL, VAZÃO 89 PCM, PRESSÃO EFETIVA DE TRABALHO 102 PSI, MOTOR DIESEL, POTÊNCIA 20 CV - JUROS. AF_06/2015","CHOR - CUSTOS HORÁRIOS DE MÁQUINAS E EQUIPAMENTOS",null,"H",1,1.88,1.88]
["Composição Auxiliar"," 90960 ","SINAPI","COMPRESSOR DE AR REBOCÁVEL, VAZÃO 89 PCM, PRESSÃO EFETIVA DE TRABALHO 102 PSI, MOTOR DIESEL, POTÊNCIA 20 CV - DEPRECIAÇÃO. AF_06/2015","CHOR - CUSTOS HORÁRIOS DE MÁQUINAS E EQUIPAMENTOS",null,"H",1,7.02,7.02]
[{"$nulls":4},"MO sem LS =>",0,"LS =>",0,"MO com LS =>",0]
[{"$nulls":4},"Valor do BDI =>",7.83,null,"Valor com BDI =>",null,40.369999999999997]
[]
[null,"Código","Banco","Descrição","Tipo",null,"Und","Quant.","Valor Unit","Total"]
["Composição"," 90960 ","SINAPI","COMPRESSOR DE AR REBOCÁVEL, VAZÃO 89 PCM, PRESSÃO EFETIVA DE TRABALHO 102 PSI, MOTOR DIESEL, POTÊNCIA 20 CV - DEPRECIAÇÃO. AF_06/2015","CHOR - CUSTOS HORÁRIOS DE MÁQUINAS E EQUIPAMENTOS",null,"H",1,7.02,7.02]
["Insumo"," 00013803 ","SINAPI","COMPRESSOR DE AR REBOCAVEL, VAZAO 89 PCM, PRESSAO EFETIVA DE TRABALHO *102* PSI, MOTOR DIESEL, POTENCIA *20* CV","Equipamento",null,"UN",5.3300000000000001E-5,131850,7.02]
[{"$nulls":4},"MO sem LS =>",0,"LS =>",0,"MO com LS =>",0]
[{"$nulls":4},"Valor do BDI =>",1.69,null,"Valor com BDI =>",null,8.7100000000000009]
[]
[null,"Código","Banco","Descrição","Tipo",null,"Und","Quant.","Valor Unit","Total"]
["Composição"," 90961 ","SINAPI","COMPRESSOR DE AR REBOCÁVEL, VAZÃO 89 PCM, PRESSÃO EFETIVA DE TRABALHO 102 PSI, MOTOR DIESEL, POTÊNCIA 20 CV - JUROS. AF_06/2015","CHOR - CUSTOS HORÁRIOS DE MÁQUINAS E EQUIPAMENTOS",null,"H",1,1.88,1.88]
["Insumo"," 00013803 ","SINAPI","COMPRESSOR DE AR REBOCAVEL, VAZAO 89 PCM, PRESSAO EFETIVA DE TRABALHO *102* PSI, MOTOR DIESEL, POTENCIA *20* CV","Equipamento",null,"UN",1.43E-5,131850,1.88]
[{"$nulls":4},"MO sem LS =>",0,"LS =>",0,"MO com LS =>",0]
[{"$nulls":4},"Valor do BDI =>",0.45,null,"Valor com BDI =>",null,2.33]
[]
[null,"Código","Banco","Descrição","Tipo",null,"Und","Quant.","Valor Unit","Total"]
["Composição"," 90962 ","SINAPI","COMPRESSOR DE AR REBOCÁVEL, VAZÃO 89 PCM, PRESSÃO EFETIVA DE TRABALHO 102 PSI, MOTOR DIESEL, POTÊNCIA 20 CV - MANUTENÇÃO. AF_06/2015","CHOR - CUSTOS HORÁRIOS DE MÁQUINAS E EQUIPAMENTOS",null,"H",1,8.7899999999999991,8.7899999999999991]
["Insumo"," 00013803 ","SINAPI","COMPRESSOR DE AR REBOCAVEL, VAZAO 89 PCM, PRESSAO EFETIVA DE TRABALHO *102* PSI, MOTOR DIESEL, POTENCIA *20* CV","Equipamento",null,"UN",6.6699999999999995E-5,131850,8.7899999999999991]
[{"$nulls":4},"MO sem LS =>",0,"LS =>",0,"MO com LS =>",0]
[{"$nulls":4},"Valor do BDI =>",2.11,null,"Valor com BDI =>",null,10.9]
[]
[null,"Código","Banco","Descrição","Tipo",null,"Und","Quant.","Valor Unit","Total"]
["Composição"," 90963 ","SINAPI","COMPRESSOR DE AR REBOCÁVEL, VAZÃO 89 PCM, PRESSÃO EFETIVA DE TRABALHO 102 PSI, MOTOR DIESEL, POTÊNCIA 20 CV - MATERIAIS NA OPERAÇÃO. AF_06/2015","CHOR - CUSTOS HORÁRIOS DE MÁQUINAS E EQUIPAMENTOS",null,"H",1,14.85,14.85]
["Insumo"," 00004221 ","SINAPI","OLEO DIESEL COMBUSTIVEL COMUM METROPOLITANO S-10 OU S-500","Material",null,"L",2.5,5.94,14.85]
[{"$nulls":4},"MO sem LS =>",0,"LS =>",0,"MO com LS =>",0]
[{"$nulls":4},"Valor do BDI =>",3.57,null,"Valor com BDI =>",null,18.420000000000002]
[]
[null,"Código","Banco","Descrição","Tipo",null,"Und","Quant.","Valor Unit","Total"]
["Composição"," 103674 ","SINAPI","CONCRETAGEM DE VIGAS E LAJES, FCK=25 MPA, PARA LAJES PREMOLDADAS COM USO DE BOMBA - LANÇAMENTO, ADENSAMENTO E ACABAMENTO. AF_02/2022_PS","FUES - FUNDAÇÕES E ESTRUTURAS",null,"m³",1,674.72,674.72]
["Composição Auxiliar"," 88309 ","SINAPI","PEDREIRO COM ENCARGOS COMPLEMENTARES","SEDI - SERVIÇOS DIVERSOS",null,"H",1.119,26.59,29.75]
["Composição Auxiliar"," 90587 ","SINAPI","VIBRADOR DE IMERSÃO, DIÂMETRO DE PONTEIRA 45MM, MOTOR ELÉTRICO TRIFÁSICO POTÊNCIA DE 2 CV - CHI DIURNO. AF_06/2015","CHOR - CUSTOS HORÁRIOS DE MÁQUINAS E EQUIPAMENTOS",null,"CHI",0.17899999999999999,0.56000000000000005,0.1]
["Composição Auxiliar"," 90586 ","SINAPI","VIBRADOR DE IMERSÃO, DIÂMETRO DE PONTEIRA 45MM, MOTOR ELÉTRICO TRIFÁSICO POTÊNCIA DE 2 CV - CHP DIURNO. AF_06/2015","CHOR - CUSTOS HORÁRIOS DE MÁQUINAS E EQUIPAMENTOS",null,"CHP",0.19400000000000001,1.45,0.28000000000000003]
["Composição Auxiliar"," 88262 ","SINAPI","CARPINTEIRO DE FORMAS COM ENCARGOS COMPLEMENTARES","SEDI - SERVIÇOS DIVERSOS",null,"H",0.186,26.18,4.8600000000000003]
["Composição Auxiliar"," 88316 ","SINAPI","SERVENTE COM ENCARGOS COMPLEMENTARES","SEDI - SERVIÇOS DIVERSOS",null,"H",1.1919999999999999,21.35,25.44]
["Insumo"," 00001527 ","SINAPI","CONCRETO USINADO BOMBEAVEL, CLASSE DE RESISTENCIA C25, BRITA 0 E 1, SLUMP = 100 +/- 20 MM, COM BOMBEAMENTO (DISPONIBILIZACAO DE BOMBA), SEM O LANCAMENTO (NBR 8953)","Material",null,"M³",1.103,556.92999999999995,614.29]
[{"$nulls":4},"MO sem LS =>",21.02,"LS =>",24.06,"MO com LS =>",45.08]
[{"$nulls":4},"Valor do BDI =>",162.54,null,"Valor com BDI =>",null,837.26]
[]
[null,"Código","Banco","Descrição","Tipo",null,"Und","Quant.","Valor Unit","Total"]
["Composição"," 94970 ","SINAPI","CONCRETO FCK = 20MPA, TRAÇO 1:2,7:3 (EM MASSA SECA DE CIMENTO/ AREIA MÉDIA/ BRITA 1) - PREPARO MECÂNICO COM BETONEIRA 600 L. AF_05/2021","FUES - FUNDAÇÕES E ESTRUTURAS",null,"m³",1,468.39,468.39]
["Composição Auxiliar"," 88316 ","SINAPI","SERVENTE COM ENCARGOS COMPLEMENTARES","SEDI - SERVIÇOS DIVERSOS",null,"H",2.0266999999999999,21.35,43.27]
["Composição Auxiliar"," 89226 ","SINAPI","BETONEIRA CAPACIDADE NOMINAL DE 600 L, CAPACIDADE DE MISTURA 360 L, MOTOR ELÉTRICO TRIFÁSICO POTÊNCIA DE 4 CV, SEM CARREGADOR - CHI DIURNO. AF_05/2023","CHOR - CUSTOS HORÁRIOS DE MÁQUINAS E EQUIPAMENTOS",null,"CHI",0.61970000000000003,1.52,0.94]
["Composição Auxiliar"," 88377 ","SINAPI","OPERADOR DE BETONEIRA ESTACIONÁRIA/MISTURADOR COM ENCARGOS COMPLEMENTARES","SEDI - SERVIÇOS DIVERSOS",null,"H",1.2767999999999999,18.170000000000002,23.19]
["Composição Auxiliar"," 89225 ","SINAPI","BETONEIRA CAPACIDADE NOMINAL DE 600 L, CAPACIDADE DE MISTURA 360 L, MOTOR ELÉTRICO TRIFÁSICO POTÊNCIA DE 4 CV, SEM CARREGADOR - CHP DIURNO. AF_05/2023","CHOR - CUSTOS HORÁRIOS DE MÁQUINAS E EQUIPAMENTOS",null,"CHP",0.65720000000000001,5.45,3.58]
["Insumo"," 00001379 ","SINAPI","CIMENTO PORTLAND COMPOSTO CP II-32","Material",null,"KG",325.15890000000002,0.82,266.63]
["Insumo"," 00004721 ","SINAPI","PEDRA BRITADA N. 1 (9,5 A 19 MM) POSTO PEDREIRA/FORNECEDOR, SEM FRETE","Material",null,"M³",0.59119999999999995,92.51,54.69]
["Insumo"," 00000370 ","SINAPI","AREIA MEDIA - POSTO JAZIDA/FORNECEDOR (RETIRADO NA JAZIDA, SEM TRANSPORTE)","Material",null,"M³",0.76090000000000002,100,76.09]
[{"$nulls":4},"MO sem LS =>",22.45,"LS =>",25.7,"MO com LS =>",48.15]
[{"$nulls":4},"Valor do BDI =>",112.83,null,"Valor com BDI =>",null,581.22]
[]
[null,"Código","Banco","Descrição","Tipo",null,"Und","Quant.","Valor Unit","Total"]
["Composição"," 94971 ","SINAPI","CONCRETO FCK = 25MPA, TRAÇO 1:2,3:2,7 (EM MASSA SECA DE CIMENTO/ AREIA MÉDIA/ BRITA 1) - PREPARO MECÂNICO COM BETONEIRA 600 L. AF_05/2021","FUES - FUNDAÇÕES E ESTRUTURAS",null,"m³",1,496.62,496.62]
["Composição Auxiliar"," 89225 ","SINAPI","BETONEIRA CAPACIDADE NOMINAL DE 600 L, CAPACIDADE DE MISTURA 360 L, MOTOR ELÉTRICO TRIFÁSICO POTÊNCIA DE 4 CV, SEM CARREGADOR - CHP DIURNO. AF_05/2023","CHOR - CUSTOS HORÁRIOS DE MÁQUINAS E EQUIPAMENTOS",null,"CHP",0.64339999999999997,5.45,3.5]
["Composição Auxiliar"," 88377 ","SINAPI","OPERADOR DE BETONEIRA ESTACIONÁRIA/MISTURADOR COM ENCARGOS COMPLEMENTARES","SEDI - SERVIÇOS DIVERSOS",null,"H",1.2501,18.170000000000002,22.71]
["Composição Auxiliar"," 88316 ","SINAPI","SERVENTE COM ENCARGOS COMPLEMENTARES","SEDI - SERVIÇOS DIVERSOS",null,"H",1.9792000000000001,21.35,42.25]
["Composição Auxiliar"," 89226 ","SINAPI","BETONEIRA CAPACIDADE NOMINAL DE 600 L, CAPACIDADE DE MISTURA 360 L, MOTOR ELÉTRICO TRIFÁSICO POTÊNCIA DE 4 CV, SEM CARREGADOR - CHI DIURNO. AF_05/2023","CHOR - CUSTOS HORÁRIOS DE MÁQUINAS E EQUIPAMENTOS",null,"CHI",0.60670000000000002,1.52,0.92]
["Insumo"," 00001379 ","SINAPI","CIMENTO PORTLAND COMPOSTO CP II-32","Material",null,"KG",364.94330000000002,0.82,299.25]
["Insumo"," 00004721 ","SINAPI","PEDRA BRITADA N. 1 (9,5 A 19 MM) POSTO PEDREIRA/FORNECEDOR, SEM FRETE","Material",null,"M³",0.59719999999999995,92.51,55.24]
["Insumo"," 00000370 ","SINAPI","AREIA MEDIA - POSTO JAZIDA/FORNECEDOR (RETIRADO NA JAZIDA, SEM TRANSPORTE)","Material",null,"M³",0.72750000000000004,100,72.75]
[{"$nulls":4},"MO sem LS =>",21.94,"LS =>",25.12,"MO com LS =>",47.06]
[{"$nulls":4},"Valor do BDI =>",119.63,null,"Valor com BDI =>",null,616.25]
[]
[null,"Código","Banco","Descrição","Tipo",null,"Und","Quant.","Valor Unit","Total"]
["Composição"," 94972 ","SINAPI","CONCRETO FCK = 30MPA, TRAÇO 1:2,1:2,5 (EM MASSA SECA DE CIMENTO/ AREIA MÉDIA/ BRITA 1) - PREPARO MECÂNICO COM BETONEIRA 600 L. AF_05/2021","FUES - FUNDAÇÕES E ESTRUTURAS",null,"m³",1,515.59,515.59]
["Composição Auxiliar"," 89225 ","SINAPI","BETONEIRA CAPACIDADE NOMINAL DE 600 L, CAPACIDADE DE MISTURA 360 L, MOTOR ELÉTRICO TRIFÁSICO POTÊNCIA DE 4 CV, SEM CARREGADOR - CHP DIURNO. AF_05/2023","CHOR - CUSTOS HORÁRIOS DE MÁQUINAS E EQUIPAMENTOS",null,"CHP",0.63819999999999999,5.45,3.47]
["Composição Auxiliar"," 89226 ","SINAPI","BETONEIRA CAPACIDADE NOMINAL DE 600 L, CAPACIDADE DE MISTURA 360 L, MOTOR ELÉTRICO TRIFÁSICO POTÊNCIA DE 4 CV, SEM CARREGADOR - CHI DIURNO. AF_05/2023","CHOR - CUSTOS HORÁRIOS DE MÁQUINAS E EQUIPAMENTOS",null,"CHI",0.6018,1.52,0.91]
["Composição Auxiliar"," 88377 ","SINAPI","OPERADOR DE BETONEIRA ESTACIONÁRIA/MISTURADOR COM ENCARGOS COMPLEMENTARES","SEDI - SERVIÇOS DIVERSOS",null,"H",1.24,18.170000000000002,22.53]
["Composição Auxiliar"," 88316 ","SINAPI","SERVENTE COM ENCARGOS COMPLEMENTARES","SEDI - SERVIÇOS DIVERSOS",null,"H",1.9633,21.35,41.91]
["Insumo"," 00001379 ","SINAPI","CIMENTO PORTLAND COMPOSTO CP II-32","Material",null,"KG",391.16629999999998,0.82,320.75]
["Insumo"," 00000370 ","SINAPI","AREIA MEDIA - POSTO JAZIDA/FORNECEDOR (RETIRADO NA JAZIDA, SEM TRANSPORTE)","Material",null,"M³",0.71189999999999998,100,71.19]
["Insumo"," 00004721 ","SINAPI","PEDRA BRITADA N. 1 (9,5 A 19 MM) POSTO PEDREIRA/FORNECEDOR, SEM FRETE","Material",null,"M³",0.5927,92.51,54.83]
[{"$nulls":4},"MO sem LS =>",21.77,"LS =>",24.91,"MO com LS =>",46.68]
[{"$nulls":4},"Valor do BDI =>",124.2,null,"Valor com BDI =>",null,639.79]
[]
[null,"Código","Banco","Descrição","Tipo",null,"Und","Quant.","Valor Unit","Total"]
["Composição"," 94974 ","SINAPI","CONCRETO MAGRO PARA LASTRO, TRAÇO 1:4,5:4,5 (EM MASSA SECA DE CIMENTO/ AREIA MÉDIA/ BRITA 1) - PREPARO MANUAL. AF_05/2021","FUES - FUNDAÇÕES E ESTRUTURAS",null,"m³",1,454.33,454.33]
["Composição Auxiliar"," 88316 ","SINAPI","SERVENTE COM ENCARGOS COMPLEMENTARES","SEDI - SERVIÇOS DIVERSOS",null,"H",6.2858000000000001,21.35,134.19999999999999]
["Insumo"," 00001379 ","SINAPI","CIMENTO PORTLAND COMPOSTO CP II-32","Material",null,"KG",218.93,0.82,179.52]
["Insumo"," 00004721 ","SINAPI","PEDRA BRITADA N. 1 (9,5 A 19 MM) POSTO PEDREIRA/FORNECEDOR, SEM FRETE","Material",null,"M³",0.59709999999999996,92.51,55.23]
["Insumo"," 00000370 ","SINAPI","AREIA MEDIA - POSTO JAZIDA/FORNECEDOR (RETIRADO NA JAZIDA, SEM TRANSPORTE)","Material",null,"M³",0.8538,100,85.38]
[{"$nulls":4},"MO sem LS =>",45.08,"LS =>",51.59,"MO com LS =>",96.67]
[{"$nulls":4},"Valor do BDI =>",109.44,null,"Valor com BDI =>",null,563.77]
[]
[null,"Código","Banco","Descrição","Tipo",null,"Und","Quant.","Valor Unit","Total"]
["Composição"," 94968 ","SINAPI","CONCRETO MAGRO PARA LASTRO, TRAÇO 1:4,5:4,5 (EM MASSA SECA DE CIMENTO/ AREIA MÉDIA/ BRITA 1) - PREPARO MECÂNICO COM BETONEIRA 600 L. AF_05/2021","FUES - FUNDAÇÕES E ESTRUTURAS",null,"m³",1,385.98,385.98]
["Composição Auxiliar"," 88377 ","SINAPI","OPERADOR DE BETONEIRA ESTACIONÁRIA/MISTURADOR COM ENCARGOS COMPLEMENTARES","SEDI - SERVIÇOS DIVERSOS",null,"H",1.3314999999999999,18.170000000000002,24.19]
["Composição Auxiliar"," 89225 ","SINAPI","BETONEIRA CAPACIDADE NOMINAL DE 600 L, CAPACIDADE DE MISTURA 360 L, MOTOR ELÉTRICO TRIFÁSICO POTÊNCIA DE 4 CV, SEM CARREGADOR - CHP DIURNO. AF_05/2023","CHOR - CUSTOS HORÁRIOS DE MÁQUINAS E EQUIPAMENTOS",null,"CHP",0.68530000000000002,5.45,3.73]
["Composição Auxiliar"," 89226 ","SINAPI","BETONEIRA CAPACIDADE NOMINAL DE 600 L, CAPACIDADE DE MISTURA 360 L, MOTOR ELÉTRICO TRIFÁSICO POTÊNCIA DE 4 CV, SEM CARREGADOR - CHI DIURNO. AF_05/2023","CHOR - CUSTOS HORÁRIOS DE MÁQUINAS E EQUIPAMENTOS",null,"CHI",0.6462,1.52,0.98]
["Composição Auxiliar"," 88316 ","SINAPI","SERVENTE COM ENCARGOS COMPLEMENTARES","SEDI - SERVIÇOS DIVERSOS",null,"H",2.1057999999999999,21.35,44.95]
["Insumo"," 00001379 ","SINAPI","CIMENTO PORTLAND COMPOSTO CP II-32","Material",null,"KG",213.45310000000001,0.82,175.03]
["Insumo"," 00004721 ","SINAPI","PEDRA BRITADA N. 1 (9,5 A 19 MM) POSTO PEDREIRA/FORNECEDOR, SEM FRETE","Material",null,"M³",0.58209999999999995,92.51,53.85]
["Insumo"," 00000370 ","SINAPI","AREIA MEDIA - POSTO JAZIDA/FORNECEDOR (RETIRADO NA JAZIDA, SEM TRANSPORTE)","Material",null,"M³",0.83250000000000002,100,83.25]
[{"$nulls":4},"MO sem LS =>",23.35,"LS =>",26.73,"MO com LS =>",50.08]
[{"$nulls":4},"Valor do BDI =>",92.98,null,"Valor com BDI =>",null,478.96]
[]
[null,"Código","Banco","Descrição","Tipo",null,"Und","Quant.","Valor Unit","Total"]
["Composição"," 92803 ","SINAPI","CORTE E DOBRA DE AÇO CA-50, DIÂMETRO DE 10,0 MM. AF_06/2022","FUES - FUNDAÇÕES E ESTRUTURAS",null,"KG",1,11.11,11.11]
["Composição Auxiliar"," 88238 ","SINAPI","AJUDANTE DE ARMADOR COM ENCARGOS COMPLEMENTARES","SEDI - SERVIÇOS DIVERSOS",null,"H",1.4E-3,22.38,0.03]
["Composição Auxiliar"," 88245 ","SINAPI","ARMADOR COM ENCARGOS COMPLEMENTARES","SEDI - SERVIÇOS DIVERSOS",null,"H",8.8000000000000005E-3,26.4,0.23]
["Insumo"," 00000034 ","SINAPI","ACO CA-50, 10,0 MM, VERGALHAO","Material",null,"KG",1.1100000000000001,9.7799999999999994,10.85]
[{"$nulls":4},"MO sem LS =>",0.08,"LS =>",0.11,"MO com LS =>",0.19]
[{"$nulls":4},"Valor do BDI =>",2.67,null,"Valor com BDI =>",null,13.78]
[]
[null,"Código","Banco","Descrição","Tipo",null,"Und","Quant.","Valor Unit","Total"]
["Composição"," 92804 ","SINAPI","CORTE E DOBRA DE AÇO CA-50, DIÂMETRO DE 12,5 MM. AF_06/2022","FUES - FUNDAÇÕES E ESTRUTURAS",null,"KG",1,9.5299999999999994,9.5299999999999994]
["Composição Auxiliar"," 88238 ","SINAPI","AJUDANTE DE ARMADOR COM ENCARGOS COMPLEMENTARES","SEDI - SERVIÇOS DIVERSOS",null,"H",8.0000000000000004E-4,22.38,0.01]
["Composição Auxiliar"," 88245 ","SINAPI","ARMADOR COM ENCARGOS COMPLEMENTARES","SEDI - SERVIÇOS DIVERSOS",null,"H",4.7999999999999996E-3,26.4,0.12]
["Insumo"," 00043055 ","SINAPI","ACO CA-50, 12,5 MM OU 16,0 MM, VERGALHAO","Material",null,"KG",1.1100000000000001,8.4700000000000006,9.4]
[{"$nulls":4},"MO sem LS =>",0.04,"LS =>",0.06,"MO com LS =>",0.1]
[{"$nulls":4},"Valor do BDI =>",2.29,null,"Valor com BDI =>",null,11.82]
[]
[null,"Código","Banco","Descrição","Tipo",null,"Und","Quant.","Valor Unit","Total"]
["Composição"," 92802 ","SINAPI","CORTE E DOBRA DE AÇO CA-50, DIÂMETRO DE 8,0 MM. AF_06/2022","FUES - FUNDAÇÕES E ESTRUTURAS",null,"KG",1,11.98,11.98]
["Composição Auxiliar"," 88245 ","SINAPI","ARMADOR COM ENCARGOS COMPLEMENTARES","SEDI - SERVIÇOS DIVERSOS",null,"H",1.6199999999999999E-2,26.4,0.42]
["Composição Auxiliar"," 88238 ","SINAPI","AJUDANTE DE ARMADOR COM ENCARGOS COMPLEMENTARES","SEDI - SERVIÇOS DIVERSOS",null,"H",2.5999999999999999E-3,22.38,0.05]
["Insumo"," 00000033 ","SINAPI","ACO CA-50, 8,0 MM, VERGALHAO","Material",null,"KG",1.1100000000000001,10.37,11.51]
[{"$nulls":4},"MO sem LS =>",0.16,"LS =>",0.2,"MO com LS =>",0.36]
[{"$nulls":4},"Valor do BDI =>",2.88,null,"Valor com BDI =>",null,14.86]
[]
[null,"Código","Banco","Descrição","Tipo",null,"Und","Quant.","Valor Unit","Total"]
["Composição"," 92799 ","SINAPI","CORTE E DOBRA DE AÇO CA-60, DIÂMETRO DE 4,2 MM. AF_06/2022","FUES - FUNDAÇÕES E ESTRUTURAS",null,"KG",1,12.69,12.69]
["Composição Auxiliar"," 88245 ","SINAPI","ARMADOR COM ENCARGOS COMPLEMENTARES","SEDI - SERVIÇOS DIVERSOS",null,"H",9.3299999999999994E-2,26.4,2.46]
["Composição Auxiliar"," 88238 ","SINAPI","AJUDANTE DE ARMADOR COM ENCARGOS COMPLEMENTARES","SEDI - SERVIÇOS DIVERSOS",null,"H",1.52E-2,22.38,0.34]
["Insumo"," 00043059 ","SINAPI","ACO CA-60, 4,2 MM, OU 5,0 MM, OU 6,0 MM, OU 7,0 MM, VERGALHAO","Material",null,"KG",1.07,9.25,9.89]
[{"$nulls":4},"MO sem LS =>",0.99,"LS =>",1.1399999999999999,"MO com LS =>",2.13]
[{"$nulls":4},"Valor do BDI =>",3.05,null,"Valor com BDI =>",null,15.74]
[]
[null,"Código","Banco","Descrição","Tipo",null,"Und","Quant.","Valor Unit","Total"]
["Composição"," 92800 ","SINAPI","CORTE E DOBRA DE AÇO CA-60, DIÂMETRO DE 5,0 MM. AF_06/2022","FUES - FUNDAÇÕES E ESTRUTURAS",null,"KG",1,11.63,11.63]
["Composição Auxiliar"," 88245 ","SINAPI","ARMADOR COM ENCARGOS COMPLEMENTARES","SEDI - SERVIÇOS DIVERSOS",null,"H",5.8099999999999999E-2,26.4,1.53]
["Composição Auxiliar"," 88238 ","SINAPI","AJUDANTE DE ARMADOR COM ENCARGOS COMPLEMENTARES","SEDI - SERVIÇOS DIVERSOS",null,"H",9.4999999999999998E-3,22.38,0.21]
["Insumo"," 00043059 ","SINAPI","ACO CA-60, 4,2 MM, OU 5,0 MM, OU 6,0 MM, OU 7,0 MM, VERGALHAO","Material",null,"KG",1.07,9.25,9.89]
[{"$nulls":4},"MO sem LS =>",0.62,"LS =>",0.71,"MO com LS =>",1.33]
[{"$nulls":4},"Valor do BDI =>",2.8,null,"Valor com BDI =>",null,14.43]
[]
[null,"Código","Banco","Descrição","Tipo",null,"Und","Quant.","Valor Unit","Total"]
["Composição"," 86900 ","SINAPI","CUBA DE EMBUTIR RETANGULAR DE AÇO INOXIDÁVEL, 46 X 30 X 12 CM - FORNECIMENTO E INSTALAÇÃO. AF_01/2020","INHI - INSTALAÇÕES HIDROS SANITÁRIAS",null,"UN",1,210.88,210.88]
["Composição Auxiliar"," 88274 ","SINAPI","MARMORISTA/GRANITEIRO COM ENCARGOS COMPLEMENTARES","SEDI - SERVIÇOS DIVERSOS",null,"H",0.47739999999999999,26.46,12.63]
["Composição Auxiliar"," 88316 ","SINAPI","SERVENTE COM ENCARGOS COMPLEMENTARES","SEDI - SERVIÇOS DIVERSOS",null,"H",0.15040000000000001,21.35,3.21]
["Insumo"," 00001743 ","SINAPI","CUBA ACO INOX (AISI 304) DE EMBUTIR COM VALVULA 3 1/2\", DE *46 X 30 X 12* CM","Material",null,"UN",1,184.8,184.8]
["Insumo"," 00004823 ","SINAPI","MASSA PLASTICA PARA MARMORE/GRANITO","Material",null,"KG",0.2974,34.450000000000003,10.24]
[{"$nulls":4},"MO sem LS =>",5.61,"LS =>",6.43,"MO com LS =>",12.04]
[{"$nulls":4},"Valor do BDI =>",50.8,null,"Valor com BDI =>",null,261.68]
[]
[null,"Código","Banco","Descrição","Tipo",null,"Und","Quant.","Valor Unit","Total"]
["Composição"," 95308 ","SINAPI","CURSO DE CAPACITAÇÃO PARA AJUDANTE DE ARMADOR (ENCARGOS COMPLEMENTARES) - HORISTA","SEDI - SERVIÇOS DIVERSOS",null,"H",1,0.18,0.18]
["Insumo"," 00006114 ","SINAPI","AJUDANTE DE ARMADOR (HORISTA)","Mão de Obra",null,"H",1.154E-2,16.14,0.18]
[{"$nulls":4},"MO sem LS =>",0.08,"LS =>",0.1,"MO com LS =>",0.18]
[{"$nulls":4},"Valor do BDI =>",0.04,null,"Valor com BDI =>",null,0.22]
[]
[null,"Código","Banco","Descrição","Tipo",null,"Und","Quant.","Valor Unit","Total"]
["Composição"," 95309 ","SINAPI","CURSO DE CAPACITAÇÃO PARA AJUDANTE DE CARPINTEIRO (ENCARGOS COMPLEMENTARES) - HORISTA","SEDI - SERVIÇOS DIVERSOS",null,"H",1,0.23,0.23]
["Insumo"," 00006117 ","SINAPI","CARPINTEIRO AUXILIAR (HORISTA)","Mão de Obra",null,"H",1.4760000000000001E-2,16.14,0.23]
[{"$nulls":4},"MO sem LS =>",0.1,"LS =>",0.13,"MO com LS =>",0.23]
[{"$nulls":4},"Valor do BDI =>",0.05,null,"Valor com BDI =>",null,0.28000000000000003]
[]
[null,"Código","Banco","Descrição","Tipo",null,"Und","Quant.","Valor Unit","Total"]
["Composição"," 95313 ","SINAPI","CURSO DE CAPACITAÇÃO PARA AJUDANTE ESPECIALIZADO (ENCARGOS COMPLEMENTARES) - HORISTA","SEDI - SERVIÇOS DIVERSOS",null,"H",1,0.18,0.18]
["Insumo"," 00000242 ","SINAPI","AJUDANTE ESPECIALIZADO (HORISTA)","Mão de Obra",null,"H",1.154E-2,16.12,0.18]
[{"$nulls":4},"MO sem LS =>",0.08,"LS =>",0.1,"MO com LS =>",0.18]
[{"$nulls":4},"Valor do BDI =>",0.04,null,"Valor com BDI =>",null,0.22]
[]
[null,"Código","Banco","Descrição","Tipo",null,"Und","Quant.","Valor Unit","Total"]
["Composição"," 95314 ","SINAPI","CURSO DE CAPACITAÇÃO PARA ARMADOR (ENCARGOS COMPLEMENTARES) - HORISTA","SEDI - SERVIÇOS DIVERSOS",null,"H",1,0.23,0.23]
["Insumo"," 00000378 ","SINAPI","ARMADOR (HORISTA)","Mão de Obra",null,"H",1.154E-2,20.11,0.23]
[{"$nulls":4},"MO sem LS =>",0.1,"LS =>",0.13,"MO com LS =>",0.23]
[{"$nulls":4},"Valor do BDI =>",0.05,null,"Valor com BDI =>",null,0.28000000000000003]
[]
[null,"Código","Banco","Descrição","Tipo",null,"Und","Quant.","Valor Unit","Total"]
["Composição"," 95420 ","SINAPI","CURSO DE CAPACITAÇÃO PARA ARQUITETO PLENO (ENCARGOS COMPLEMENTARES) - MENSALISTA","Livro SINAPI: Cálculos e Parâmetros",null,"MES",1,151.16,151.16]
["Insumo"," 00040816 ","SINAPI","ARQUITETO PLENO (MENSALISTA)","Mão de Obra",null,"MES",6.2599999999999999E-3,24147.9,151.16]
[{"$nulls":4},"MO sem LS =>",88.85,"LS =>",62.31,"MO com LS =>",151.16]
[{"$nulls":4},"Valor do BDI =>",36.409999999999997,null,"Valor com BDI =>",null,187.57]
[]
[null,"Código","Banco","Descrição","Tipo",null,"Und","Quant.","Valor Unit","Total"]
["Composição"," 95316 ","SINAPI","CURSO DE CAPACITAÇÃO PARA AUXILIAR DE ELETRICISTA (ENCARGOS COMPLEMENTARES) - HORISTA","SEDI - SERVIÇOS DIVERSOS",null,"H",1,0.6,0.6]
["Insumo"," 00000247 ","SINAPI","AJUDANTE DE ELETRICISTA (HORISTA)","Mão de Obra",null,"H",3.7319999999999999E-2,16.14,0.6]
[{"$nulls":4},"MO sem LS =>",0.27,"LS =>",0.33,"MO com LS =>",0.6]
[{"$nulls":4},"Valor do BDI =>",0.14000000000000001,null,"Valor com BDI =>",null,0.74]
[]
[null,"Código","Banco","Descrição","Tipo",null,"Und","Quant.","Valor Unit","Total"]
["Composição"," 95317 ","SINAPI","CURSO DE CAPACITAÇÃO PARA AUXILIAR DE ENCANADOR OU BOMBEIRO HIDRÁULICO (ENCARGOS COMPLEMENTARES) - HORISTA","SEDI - SERVIÇOS DIVERSOS",null,"H",1,0.28999999999999998,0.28999999999999998]
["Insumo"," 00000246 ","SINAPI","AUXILIAR DE ENCANADOR OU BOMBEIRO HIDRAULICO (HORISTA)","Mão de Obra",null,"H",1.7979999999999999E-2,16.14,0.28999999999999998]
[{"$nulls":4},"MO sem LS =>",0.13,"LS =>",0.16,"MO com LS =>",0.28999999999999998]
[{"$nulls":4},"Valor do BDI =>",0.06,null,"Valor com BDI =>",null,0.35]
[]
[null,"Código","Banco","Descrição","Tipo",null,"Und","Quant.","Valor Unit","Total"]
["Composição"," 95320 ","SINAPI","CURSO DE CAPACITAÇÃO PARA AUXILIAR DE SERRALHEIRO (ENCARGOS COMPLEMENTARES) - HORISTA","SEDI - SERVIÇOS DIVERSOS",null,"H",1,0.18,0.18]
["Insumo"," 00000252 ","SINAPI","AJUDANTE DE SERRALHEIRO (HORISTA)","Mão de Obra",null,"H",1.154E-2,16.14,0.18]
[{"$nulls":4},"MO sem LS =>",0.08,"LS =>",0.1,"MO com LS =>",0.18]
[{"$nulls":4},"Valor do BDI =>",0.04,null,"Valor com BDI =>",null,0.22]
[]
[null,"Código","Banco","Descrição","Tipo",null,"Und","Quant.","Valor Unit","Total"]
["Composição"," 95324 ","SINAPI","CURSO DE CAPACITAÇÃO PARA AZULEJISTA OU LADRILHEIRO (ENCARGOS COMPLEMENTARES) - HORISTA","SEDI - SERVIÇOS DIVERSOS",null,"H",1,0.28999999999999998,0.28999999999999998]
["Insumo"," 00004760 ","SINAPI","AZULEJISTA OU LADRILHEIRO (HORISTA)","Mão de Obra",null,"H",1.4760000000000001E-2,20.11,0.28999999999999998]
[{"$nulls":4},"MO sem LS =>",0.13,"LS =>",0.16,"MO com LS =>",0.28999999999999998]
[{"$nulls":4},"Valor do BDI =>",0.06,null,"Valor com BDI =>",null,0.35]
[]
[null,"Código","Banco","Descrição","Tipo",null,"Und","Quant.","Valor Unit","Total"]
["Composição"," 95329 ","SINAPI","CURSO DE CAPACITAÇÃO PARA CARPINTEIRO DE ESQUADRIA (ENCARGOS COMPLEMENTARES) - HORISTA","SEDI - SERVIÇOS DIVERSOS",null,"H",1,0.28000000000000003,0.28000000000000003]
["Insumo"," 00001214 ","SINAPI","CARPINTEIRO DE ESQUADRIAS (HORISTA)","Mão de Obra",null,"H",1.4760000000000001E-2,19.14,0.28000000000000003]
[{"$nulls":4},"MO sem LS =>",0.13,"LS =>",0.15,"MO com LS =>",0.28000000000000003]
[{"$nulls":4},"Valor do BDI =>",0.06,null,"Valor com BDI =>",null,0.34]
[]
[null,"Código","Banco","Descrição","Tipo",null,"Und","Quant.","Valor Unit","Total"]
["Composição"," 95330 ","SINAPI","CURSO DE CAPACITAÇÃO PARA CARPINTEIRO DE FÔRMAS (ENCARGOS COMPLEMENTARES) - HORISTA","SEDI - SERVIÇOS DIVERSOS",null,"H",1,0.23,0.23]
["Insumo"," 00001213 ","SINAPI","CARPINTEIRO DE FORMAS PARA CONCRETO (HORISTA)","Mão de Obra",null,"H",1.154E-2,20.11,0.23]
[{"$nulls":4},"MO sem LS =>",0.1,"LS =>",0.13,"MO com LS =>",0.23]
[{"$nulls":4},"Valor do BDI =>",0.05,null,"Valor com BDI =>",null,0.28000000000000003]
[]
[null,"Código","Banco","Descrição","Tipo",null,"Und","Quant.","Valor Unit","Total"]
["Composição"," 95400 ","SINAPI","CURSO DE CAPACITAÇÃO PARA DESENHISTA PROJETISTA (ENCARGOS COMPLEMENTARES) - HORISTA","Livro SINAPI: Cálculos e Parâmetros",null,"H",1,0.18,0.18]
["Insumo"," 00002358 ","SINAPI","DESENHISTA PROJETISTA (HORISTA)","Mão de Obra",null,"H",5.0899999999999999E-3,36.700000000000003,0.18]
[{"$nulls":4},"MO sem LS =>",0.08,"LS =>",0.1,"MO com LS =>",0.18]
[{"$nulls":4},"Valor do BDI =>",0.04,null,"Valor com BDI =>",null,0.22]
[]
[null,"Código","Banco","Descrição","Tipo",null,"Und","Quant.","Valor Unit","Total"]
["Composição"," 95332 ","SINAPI","CURSO DE CAPACITAÇÃO PARA ELETRICISTA (ENCARGOS COMPLEMENTARES) - HORISTA","SEDI - SERVIÇOS DIVERSOS",null,"H",1,0.94,0.94]
["Insumo"," 00002436 ","SINAPI","ELETRICISTA (HORISTA)","Mão de Obra",null,"H",3.7319999999999999E-2,25.4,0.94]
[{"$nulls":4},"MO sem LS =>",0.43,"LS =>",0.51,"MO com LS =>",0.94]
[{"$nulls":4},"Valor do BDI =>",0.22,null,"Valor com BDI =>",null,1.1599999999999999]
[]
[null,"Código","Banco","Descrição","Tipo",null,"Und","Quant.","Valor Unit","Total"]
["Composição"," 95335 ","SINAPI","CURSO DE CAPACITAÇÃO PARA ENCANADOR OU BOMBEIRO HIDRÁULICO (ENCARGOS COMPLEMENTARES) - HORISTA","SEDI - SERVIÇOS DIVERSOS",null,"H",1,0.45,0.45]
["Insumo"," 00002696 ","SINAPI","ENCANADOR OU BOMBEIRO HIDRAULICO (HORISTA)","Mão de Obra",null,"H",1.7979999999999999E-2,25.4,0.45]
[{"$nulls":4},"MO sem LS =>",0.2,"LS =>",0.25,"MO com LS =>",0.45]
[{"$nulls":4},"Valor do BDI =>",0.1,null,"Valor com BDI =>",null,0.55000000000000004]
[]
[null,"Código","Banco","Descrição","Tipo",null,"Und","Quant.","Valor Unit","Total"]
["Composição"," 95422 ","SINAPI","CURSO DE CAPACITAÇÃO PARA ENCARREGADO GERAL DE OBRAS (ENCARGOS COMPLEMENTARES) - MENSALISTA","Livro SINAPI: Cálculos e Parâmetros",null,"MES",1,70.819999999999993,70.819999999999993]
["Insumo"," 00040818 ","SINAPI","ENCARREGADO GERAL DE OBRAS (MENSALISTA)","Mão de Obra",null,"MES",1.5970000000000002E-2,4435.0200000000004,70.819999999999993]
[{"$nulls":4},"MO sem LS =>",41.62,"LS =>",29.2,"MO com LS =>",70.819999999999993]
[{"$nulls":4},"Valor do BDI =>",17.059999999999999,null,"Valor com BDI =>",null,87.88]
[]
[null,"Código","Banco","Descrição","Tipo",null,"Und","Quant.","Valor Unit","Total"]
["Composição"," 95403 ","SINAPI","CURSO DE CAPACITAÇÃO PARA ENGENHEIRO CIVIL DE OBRA PLENO (ENCARGOS COMPLEMENTARES) - HORISTA","Livro SINAPI: Cálculos e Parâmetros",null,"H",1,2.06,2.06]
["Insumo"," 00002707 ","SINAPI","ENGENHEIRO CIVIL DE OBRA PLENO (HORISTA)","Mão de Obra",null,"H",1.4760000000000001E-2,139.63999999999999,2.06]
[{"$nulls":4},"MO sem LS =>",0.96,"LS =>",1.1000000000000001,"MO com LS =>",2.06]
[{"$nulls":4},"Valor do BDI =>",0.49,null,"Valor com BDI =>",null,2.5499999999999998]
[]
[null,"Código","Banco","Descrição","Tipo",null,"Und","Quant.","Valor Unit","Total"]
["Composição"," 95417 ","SINAPI","CURSO DE CAPACITAÇÃO PARA ENGENHEIRO CIVIL DE OBRA PLENO (ENCARGOS COMPLEMENTARES) - MENSALISTA","Livro SINAPI: Cálculos e Parâmetros",null,"MES",1,271.08,271.08]
["Insumo"," 00040813 ","SINAPI","ENGENHEIRO CIVIL DE OBRA PLENO (MENSALISTA)","Mão de Obra",null,"MES",1.112E-2,24377.83,271.08]
[{"$nulls":4},"MO sem LS =>",159.34,"LS =>",111.74,"MO com LS =>",271.08]
[{"$nulls":4},"Valor do BDI =>",65.3,null,"Valor com BDI =>",null,336.38]
[]
[null,"Código","Banco","Descrição","Tipo",null,"Und","Quant.","Valor Unit","Total"]
["Composição"," 95338 ","SINAPI","CURSO DE CAPACITAÇÃO PARA IMPERMEABILIZADOR (ENCARGOS COMPLEMENTARES) - HORISTA","SEDI - SERVIÇOS DIVERSOS",null,"H",1,0.43,0.43]
["Insumo"," 00012873 ","SINAPI","IMPERMEABILIZADOR (HORISTA)","Mão de Obra",null,"H",2.12E-2,20.54,0.43]
[{"$nulls":4},"MO sem LS =>",0.2,"LS =>",0.23,"MO com LS =>",0.43]
[{"$nulls":4},"Valor do BDI =>",0.1,null,"Valor com BDI =>",null,0.53]
[]
[null,"Código","Banco","Descrição","Tipo",null,"Und","Quant.","Valor Unit","Total"]
["Composição"," 95341 ","SINAPI","CURSO DE CAPACITAÇÃO PARA MARMORISTA/GRANITEIRO (ENCARGOS COMPLEMENTARES) - HORISTA","SEDI - SERVIÇOS DIVERSOS",null,"H",1,0.28999999999999998,0.28999999999999998]
["Insumo"," 00004755 ","SINAPI","MARMORISTA / GRANITEIRO (HORISTA)","Mão de Obra",null,"H",1.4760000000000001E-2,20.11,0.28999999999999998]
[{"$nulls":4},"MO sem LS =>",0.13,"LS =>",0.16,"MO com LS =>",0.28999999999999998]
[{"$nulls":4},"Valor do BDI =>",0.06,null,"Valor com BDI =>",null,0.35]
[]
[null,"Código","Banco","Descrição","Tipo",null,"Und","Quant.","Valor Unit","Total"]
["Composição"," 95423 ","SINAPI","CURSO DE CAPACITAÇÃO PARA MESTRE DE OBRAS (ENCARGOS COMPLEMENTARES) - MENSALISTA","Livro SINAPI: Cálculos e Parâmetros",null,"MES",1,110.51,110.51]
["Insumo"," 00040819 ","SINAPI","MESTRE DE OBRAS (MENSALISTA)","Mão de Obra",null,"MES",1.5970000000000002E-2,6920,110.51]
[{"$nulls":4},"MO sem LS =>",64.959999999999994,"LS =>",45.55,"MO com LS =>",110.51]
[{"$nulls":4},"Valor do BDI =>",26.62,null,"Valor com BDI =>",null,137.13]
[]
[null,"Código","Banco","Descrição","Tipo",null,"Und","Quant.","Valor Unit","Total"]
["Composição"," 95344 ","SINAPI","CURSO DE CAPACITAÇÃO PARA MONTADOR DE ESTRUTURA METÁLICA (ENCARGOS COMPLEMENTARES) - HORISTA","SEDI - SERVIÇOS DIVERSOS",null,"H",1,0.18,0.18]
["Insumo"," 00044497 ","SINAPI","MONTADOR DE ESTRUTURAS METALICAS HORISTA","Mão de Obra",null,"H",1.154E-2,16.329999999999998,0.18]
[{"$nulls":4},"MO sem LS =>",0.08,"LS =>",0.1,"MO com LS =>",0.18]
[{"$nulls":4},"Valor do BDI =>",0.04,null,"Valor com BDI =>",null,0.22]
[]
[null,"Código","Banco","Descrição","Tipo",null,"Und","Quant.","Valor Unit","Total"]
["Composição"," 95346 ","SINAPI","CURSO DE CAPACITAÇÃO PARA MOTORISTA DE BASCULANTE (ENCARGOS COMPLEMENTARES) - HORISTA","SEDI - SERVIÇOS DIVERSOS",null,"H",1,0.11,0.11]
["Insumo"," 00020020 ","SINAPI","MOTORISTA DE CAMINHAO-BASCULANTE (HORISTA)","Mão de Obra",null,"H",5.0899999999999999E-3,23.07,0.11]
[{"$nulls":4},"MO sem LS =>",0.05,"LS =>",0.06,"MO com LS =>",0.11]
[{"$nulls":4},"Valor do BDI =>",0.02,null,"Valor com BDI =>",null,0.13]
[]
[null,"Código","Banco","Descrição","Tipo",null,"Und","Quant.","Valor Unit","Total"]
["Composição"," 95347 ","SINAPI","CURSO DE CAPACITAÇÃO PARA MOTORISTA DE CAMINHÃO (ENCARGOS COMPLEMENTARES) - HORISTA","SEDI - SERVIÇOS DIVERSOS",null,"H",1,0.11,0.11]
["Insumo"," 00004093 ","SINAPI","MOTORISTA DE CAMINHAO (HORISTA)","Mão de Obra",null,"H",5.0899999999999999E-3,22.21,0.11]
[{"$nulls":4},"MO sem LS =>",0.05,"LS =>",0.06,"MO com LS =>",0.11]
[{"$nulls":4},"Valor do BDI =>",0.02,null,"Valor com BDI =>",null,0.13]
[]
[null,"Código","Banco","Descrição","Tipo",null,"Und","Quant.","Valor Unit","Total"]
["Composição"," 95351 ","SINAPI","CURSO DE CAPACITAÇÃO PARA MOTORISTA OPERADOR DE MUNCK (ENCARGOS COMPLEMENTARES) - HORISTA","SEDI - SERVIÇOS DIVERSOS",null,"H",1,0.4,0.4]
["Insumo"," 00004096 ","SINAPI","MOTORISTA OPERADOR DE CAMINHAO COM MUNCK (HORISTA)","Mão de Obra",null,"H",1.6369999999999999E-2,24.89,0.4]
[{"$nulls":4},"MO sem LS =>",0.18,"LS =>",0.22,"MO com LS =>",0.4]
[{"$nulls":4},"Valor do BDI =>",0.09,null,"Valor com BDI =>",null,0.49]
[]
[null,"Código","Banco","Descrição","Tipo",null,"Und","Quant.","Valor Unit","Total"]
["Composição"," 95389 ","SINAPI","CURSO DE CAPACITAÇÃO PARA OPERADOR DE BETONEIRA ESTACIONÁRIA/MISTURADOR (ENCARGOS COMPLEMENTARES) - HORISTA","SEDI - SERVIÇOS DIVERSOS",null,"H",1,0.1,0.1]
["Insumo"," 00037666 ","SINAPI","OPERADOR DE BETONEIRA ESTACIONARIA / MISTURADOR (HORISTA)","Mão de Obra",null,"H",8.3099999999999997E-3,13.2,0.1]
[{"$nulls":4},"MO sem LS =>",0.04,"LS =>",0.06,"MO com LS =>",0.1]
[{"$nulls":4},"Valor do BDI =>",0.02,null,"Valor com BDI =>",null,0.12]
[]
[null,"Código","Banco","Descrição","Tipo",null,"Und","Quant.","Valor Unit","Total"]
["Composição"," 95357 ","SINAPI","CURSO DE CAPACITAÇÃO PARA OPERADOR DE ESCAVADEIRA (ENCARGOS COMPLEMENTARES) - HORISTA","SEDI - SERVIÇOS DIVERSOS",null,"H",1,0.23,0.23]
["Insumo"," 00004234 ","SINAPI","OPERADOR DE ESCAVADEIRA (HORISTA)","Mão de Obra",null,"H",1.154E-2,20.11,0.23]
[{"$nulls":4},"MO sem LS =>",0.1,"LS =>",0.13,"MO com LS =>",0.23]
[{"$nulls":4},"Valor do BDI =>",0.05,null,"Valor com BDI =>",null,0.28000000000000003]
[]
[null,"Código","Banco","Descrição","Tipo",null,"Und","Quant.","Valor Unit","Total"]
["Composição"," 95358 ","SINAPI","CURSO DE CAPACITAÇÃO PARA OPERADOR DE GUINCHO (ENCARGOS COMPLEMENTARES) - HORISTA","SEDI - SERVIÇOS DIVERSOS",null,"H",1,0.24,0.24]
["Insumo"," 00004253 ","SINAPI","OPERADOR DE GUINCHO OU GUINCHEIRO (HORISTA)","Mão de Obra",null,"H",1.6369999999999999E-2,15.22,0.24]
[{"$nulls":4},"MO sem LS =>",0.11,"LS =>",0.13,"MO com LS =>",0.24]
[{"$nulls":4},"Valor do BDI =>",0.05,null,"Valor com BDI =>",null,0.28999999999999998]
[]
[null,"Código","Banco","Descrição","Tipo",null,"Und","Quant.","Valor Unit","Total"]
["Composição"," 95359 ","SINAPI","CURSO DE CAPACITAÇÃO PARA OPERADOR DE GUINDASTE (ENCARGOS COMPLEMENTARES) - HORISTA","Livro SINAPI: Cálculos e Parâmetros",null,"H",1,0.28000000000000003,0.28000000000000003]
["Insumo"," 00004254 ","SINAPI","OPERADOR DE GUINDASTE (HORISTA)","Mão de Obra",null,"H",1.6369999999999999E-2,17.62,0.28000000000000003]
[{"$nulls":4},"MO sem LS =>",0.13,"LS =>",0.15,"MO com LS =>",0.28000000000000003]
[{"$nulls":4},"Valor do BDI =>",0.06,null,"Valor com BDI =>",null,0.34]
[]
[null,"Código","Banco","Descrição","Tipo",null,"Und","Quant.","Valor Unit","Total"]
["Composição"," 95361 ","SINAPI","CURSO DE CAPACITAÇÃO PARA OPERADOR DE MARTELETE OU MARTELETEIRO (ENCARGOS COMPLEMENTARES) - HORISTA","SEDI - SERVIÇOS DIVERSOS",null,"H",1,0.12,0.12]
["Insumo"," 00004257 ","SINAPI","OPERADOR DE MARTELETE OU MARTELETEIRO (HORISTA)","Mão de Obra",null,"H",8.3099999999999997E-3,15.03,0.12]
[{"$nulls":4},"MO sem LS =>",0.05,"LS =>",7.0000000000000007E-2,"MO com LS =>",0.12]
[{"$nulls":4},"Valor do BDI =>",0.02,null,"Valor com BDI =>",null,0.14000000000000001]
[]
[null,"Código","Banco","Descrição","Tipo",null,"Und","Quant.","Valor Unit","Total"]
["Composição"," 95360 ","SINAPI","CURSO DE CAPACITAÇÃO PARA OPERADOR DE MÁQUINAS E EQUIPAMENTOS (ENCARGOS COMPLEMENTARES) - HORISTA","SEDI - SERVIÇOS DIVERSOS",null,"H",1,0.2,0.2]
["Insumo"," 00004230 ","SINAPI","OPERADOR DE MAQUINAS E TRATORES DIVERSOS - TERRAPLANAGEM (HORISTA)","Mão de Obra",null,"H",1.154E-2,18.09,0.2]
[{"$nulls":4},"MO sem LS =>",0.09,"LS =>",0.11,"MO com LS =>",0.2]
[{"$nulls":4},"Valor do BDI =>",0.04,null,"Valor com BDI =>",null,0.24]
[]
[null,"Código","Banco","Descrição","Tipo",null,"Und","Quant.","Valor Unit","Total"]
["Composição"," 95364 ","SINAPI","CURSO DE CAPACITAÇÃO PARA OPERADOR DE PÁ CARREGADEIRA (ENCARGOS COMPLEMENTARES) - HORISTA","SEDI - SERVIÇOS DIVERSOS",null,"H",1,0.15,0.15]
["Insumo"," 00004248 ","SINAPI","OPERADOR DE PA CARREGADEIRA (HORISTA)","Mão de Obra",null,"H",8.3099999999999997E-3,18.09,0.15]
[{"$nulls":4},"MO sem LS =>",0.06,"LS =>",0.09,"MO com LS =>",0.15]
[{"$nulls":4},"Valor do BDI =>",0.03,null,"Valor com BDI =>",null,0.18]
[]
[null,"Código","Banco","Descrição","Tipo",null,"Und","Quant.","Valor Unit","Total"]
["Composição"," 95371 ","SINAPI","CURSO DE CAPACITAÇÃO PARA PEDREIRO (ENCARGOS COMPLEMENTARES) - HORISTA","SEDI - SERVIÇOS DIVERSOS",null,"H",1,0.42,0.42]
["Insumo"," 00004750 ","SINAPI","PEDREIRO (HORISTA)","Mão de Obra",null,"H",2.12E-2,20.11,0.42]
[{"$nulls":4},"MO sem LS =>",0.19,"LS =>",0.23,"MO com LS =>",0.42]
[{"$nulls":4},"Valor do BDI =>",0.1,null,"Valor com BDI =>",null,0.52]
[]
[null,"Código","Banco","Descrição","Tipo",null,"Und","Quant.","Valor Unit","Total"]
["Composição"," 95372 ","SINAPI","CURSO DE CAPACITAÇÃO PARA PINTOR (ENCARGOS COMPLEMENTARES) - HORISTA","SEDI - SERVIÇOS DIVERSOS",null,"H",1,0.28999999999999998,0.28999999999999998]
["Insumo"," 00004783 ","SINAPI","PINTOR (HORISTA)","Mão de Obra",null,"H",1.4760000000000001E-2,20.11,0.28999999999999998]
[{"$nulls":4},"MO sem LS =>",0.13,"LS =>",0.16,"MO com LS =>",0.28999999999999998]
[{"$nulls":4},"Valor do BDI =>",0.06,null,"Valor com BDI =>",null,0.35]
[]
[null,"Código","Banco","Descrição","Tipo",null,"Und","Quant.","Valor Unit","Total"]
["Composição"," 95377 ","SINAPI","CURSO DE CAPACITAÇÃO PARA SERRALHEIRO (ENCARGOS COMPLEMENTARES) - HORISTA","SEDI - SERVIÇOS DIVERSOS",null,"H",1,0.25,0.25]
["Insumo"," 00006110 ","SINAPI","SERRALHEIRO (HORISTA)","Mão de Obra",null,"H",1.154E-2,22.1,0.25]
[{"$nulls":4},"MO sem LS =>",0.11,"LS =>",0.14000000000000001,"MO com LS =>",0.25]
[{"$nulls":4},"Valor do BDI =>",0.06,null,"Valor com BDI =>",null,0.31]
[]
[null,"Código","Banco","Descrição","Tipo",null,"Und","Quant.","Valor Unit","Total"]
["Composição"," 95378 ","SINAPI","CURSO DE CAPACITAÇÃO PARA SERVENTE (ENCARGOS COMPLEMENTARES) - HORISTA","SEDI - SERVIÇOS DIVERSOS",null,"H",1,0.31,0.31]
["Insumo"," 00006111 ","SINAPI","SERVENTE DE OBRAS (HORISTA)","Mão de Obra",null,"H",2.12E-2,15.07,0.31]
[{"$nulls":4},"MO sem LS =>",0.14000000000000001,"LS =>",0.17,"MO com LS =>",0.31]
[{"$nulls":4},"Valor do BDI =>",7.0000000000000007E-2,null,"Valor com BDI =>",null,0.38]
[]
[null,"Código","Banco","Descrição","Tipo",null,"Und","Quant.","Valor Unit","Total"]
["Composição"," 95379 ","SINAPI","CURSO DE CAPACITAÇÃO PARA SOLDADOR (ENCARGOS COMPLEMENTARES) - HORISTA","Livro SINAPI: Cálculos e Parâmetros",null,"H",1,0.26,0.26]
["Insumo"," 00006160 ","SINAPI","SOLDADOR (HORISTA)","Mão de Obra",null,"H",1.154E-2,22.94,0.26]
[{"$nulls":4},"MO sem LS =>",0.12,"LS =>",0.14000000000000001,"MO com LS =>",0.26]
[{"$nulls":4},"Valor do BDI =>",0.06,null,"Valor com BDI =>",null,0.32]
[]
[null,"Código","Banco","Descrição","Tipo",null,"Und","Quant.","Valor Unit","Total"]
["Composição"," 95385 ","SINAPI","CURSO DE CAPACITAÇÃO PARA TELHADISTA (ENCARGOS COMPLEMENTARES) - HORISTA","SEDI - SERVIÇOS DIVERSOS",null,"H",1,0.22,0.22]
["Insumo"," 00012869 ","SINAPI","TELHADOR / TELHADISTA (HORISTA)","Mão de Obra",null,"H",1.154E-2,19.850000000000001,0.22]
[{"$nulls":4},"MO sem LS =>",0.1,"LS =>",0.12,"MO com LS =>",0.22]
[{"$nulls":4},"Valor do BDI =>",0.05,null,"Valor com BDI =>",null,0.27]
[]
[null,"Código","Banco","Descrição","Tipo",null,"Und","Quant.","Valor Unit","Total"]
["Composição"," 101372 ","SINAPI","CURSO DE CAPACITAÇÃO PARA VIGIA DIURNO (ENCARGOS COMPLEMENTARES) - MENSALISTA","Livro SINAPI: Cálculos e Parâmetros",null,"MES",1,10.35,10.35]
["Insumo"," 00041096 ","SINAPI","VIGIA DIURNO (MENSALISTA)","Mão de Obra",null,"MES",3.8300000000000001E-3,2704.43,10.35]
[{"$nulls":4},"MO sem LS =>",6.08,"LS =>",4.2699999999999996,"MO com LS =>",10.35]
[{"$nulls":4},"Valor do BDI =>",2.4900000000000002,null,"Valor com BDI =>",null,12.84]
[]
[null,"Código","Banco","Descrição","Tipo",null,"Und","Quant.","Valor Unit","Total"]
["Composição"," 3310 ","ORSE","Chapisco em parede com argamassa traço t1 - 1:3 (cimento / areia) - Revisado 08/2015","Conversão InfoWOrca",null,"m²",1,6.69,6.69]
["Item","Código","Banco","Descrição","Tipo",null,"Und","Quant.","Valor Unit","Total"]
["Composição"," 10549 ","ORSE","Encargos Complementares - Servente","Provisórios",null,"h",0.1,"3,87","0,38"]
["Insumo"," 00006111/SINAPI ","ORSE","Servente de obras (horista)","Mão de Obra",null,"h",0.1,"14,58","1,45"]
["Insumo"," 00004750/SINAPI ","ORSE","Pedreiro (horista)","Mão de Obra",null,"h",0.1,"19,02","1,90"]
["Composição"," 1903 ","ORSE","Argamassa cimento e areia traço t-1 (1:3) - 1 saco cimento 50kg / 3 padiolas areia dim. 0.35 x 0.45 x 0.23 m - Confecção mecânica e transporte","Argamassas",null,"m³",5.0000000000000001E-3,"525,75","2,62"]
["Composição"," 10550 ","ORSE","Encargos Complementares - Pedreiro","Provisórios",null,"h",0.1,"3,74","0,37"]
["Detalhamento de Cálculo ORSE"]
["Item","Código","Banco","Descrição","Tipo",null,"Und","Quant.","Valor Unit","Total"]
["Insumo"," 10492 ","ORSE","Cesta Básica","Material",null,"un",9.8999999999999999E-4,"205,00","0,20"]
["Insumo"," 10599 ","ORSE","Protetor solar fps 30 com 120ml","Material",null,"un",3.9599999999999998E-4,"18,00","0,00"]
["Insumo"," 4728 ","ORSE","Talhadeira chata 10\"","Material",null,"un",3.6000000000000001E-5,"18,58","0,00"]
["Insumo"," 00012893/SINAPI ","ORSE","Bota de seguranca com biqueira de aco e colarinho acolchoado","Material",null,"par",1.76E-4,"73,93","0,01"]
["Insumo"," 10517 ","ORSE","Exames admissionais/demissionais (checkup)","Serviços",null,"cj",8.7999999999999998E-5,"300,00","0,02"]
["Insumo"," 10761 ","ORSE","Refeição - café da manhã ( café com leite e dois pães com manteiga)","Serviços",null,"un",2.2395999999999999E-2,"5,00","0,11"]
["Insumo"," 10596 ","ORSE","Protetor auricular","Material",null,"un",9.8999999999999999E-4,"4,85","0,00"]
["Insumo"," 1651 ","ORSE","Óculos branco proteção","Material",null,"pr",1.76E-4,"7,00","0,00"]
["Insumo"," 941 ","ORSE","Fardamento com mangas curta","Material",null,"un",3.3E-4,"194,68","0,06"]
["Insumo"," 00012892/SINAPI ","ORSE","Luva raspa de couro, cano curto (punho *7* cm)","Material",null,"par",5.0600000000000005E-4,"10,87","0,00"]
["Insumo"," 158 ","ORSE","Almoço (Participação do empregador)","Material",null,"un",2.2395999999999999E-2,"14,00","0,31"]
["Insumo"," 10788 ","ORSE","Pá quadrada","Material",null,"un",2.4000000000000001E-5,"36,90","0,00"]
["Insumo"," 00012894/SINAPI ","ORSE","Capa para chuva em pvc com forro de poliester, com capuz (amarela ou azul)","Material",null,"un",4.3999999999999999E-5,"20,11","0,00"]
["Insumo"," 00002711/SINAPI ","ORSE","Carrinho de mao, em aco, com capacidade de *45 a 65* l / *100* kg, pneu com camara","Material",null,"un",2.4000000000000001E-5,"187,68","0,00"]
["Insumo"," 00012895/SINAPI ","ORSE","Capacete de seguranca aba frontal com suspensao de polietileno, sem jugular (classe b)","Material",null,"un",1.3200000000000001E-4,"13,50","0,00"]
["Insumo"," 10362 ","ORSE","Seguro de vida e acidente em grupo","Serviços",null,"un",9.8999999999999999E-4,"12,54","0,01"]
["Insumo"," 2378 ","ORSE","Vale transporte","Material",null,"un",1.7832000000000001E-2,"4,50","0,08"]
["Insumo"," 4729 ","ORSE","Marreta 1 kg com cabo","Material",null,"un",1.2E-5,"37,80","0,00"]
["Insumo"," 00006111/SINAPI ","ORSE","Servente de obras (horista)","Mão de Obra",null,"h",0.12,"14,58","1,74"]
["Insumo"," 00004750/SINAPI ","ORSE","Pedreiro (horista)","Mão de Obra",null,"h",0.1,"19,02","1,90"]
["Insumo"," 00000370/SINAPI ","ORSE","Areia media - posto jazida/fornecedor (retirado na jazida, sem transporte)","Material",null,"m³",5.4000000000000003E-3,"100,00","0,54"]
["Insumo"," 00001379/SINAPI ","ORSE","Cimento portland composto cp ii-32","Material",null,"kg",2.2610000000000001,"0,76","1,71"]
["Insumo"," 11264 ","ORSE","Marreta de 1/2 kg com cabo","Material",null,"un",2.0000000000000002E-5,"13,52","0,00"]
["Insumo"," 10282 ","ORSE","Regua de alumínio c/ 2,00m (para pedreiro)","Material",null,"un",2.0000000000000002E-5,"44,00","0,00"]
["Insumo"," 10789 ","ORSE","Nível de bolha de madeira","Material",null,"un",2.0000000000000002E-5,"15,40","0,00"]
["Insumo"," 4722 ","ORSE","Colher de pedreiro","Material",null,"un",4.0000000000000003E-5,"18,80","0,00"]
["Insumo"," 4174 ","ORSE","Desempenadeira de aço lisa, cabo madeira, ref:143, Atlas ou similar","Material",null,"un",5.0000000000000002E-5,"12,00","0,00"]
["Insumo"," 11243 ","ORSE","Martelo sem unha","Material",null,"un",1.0000000000000001E-5,"28,00","0,00"]
["Insumo"," 11246 ","ORSE","Escala métrica de bambú","Material",null,"Un",6.9999999999999994E-5,"10,22","0,00"]
["Insumo"," 10790 ","ORSE","Prumo de face","Material",null,"un",1.0000000000000001E-5,"25,95","0,00"]
["Insumo"," 11247 ","ORSE","Serra mármore","Material",null,"un",1.0000000000000001E-5,"327,80","0,00"]
["Insumo"," 11265 ","ORSE","Martelo de borracha com cabo","Material",null,"un",4.0000000000000003E-5,"18,75","0,00"]
["Insumo"," 11245 ","ORSE","Desempoladeira de madeira 12x22","Material",null,"un",6.9999999999999994E-5,"11,60","0,00"]
[{"$nulls":4},"MO sem LS =>",1.69,"LS =>",1.95,"MO com LS =>",3.64]
[{"$nulls":4},"Valor do BDI =>",1.61,null,"Valor com BDI =>",null,8.3000000000000007]
[]
[null,"Código","Banco","Descrição","Tipo",null,"Und","Quant.","Valor Unit","Total"]
["Composição"," 3346 ","ORSE","Concreto simples usinado fck=30mpa, bombeado, lançado e adensado em superestrutura","Conversão InfoWOrca",null,"m³",1,580.70000000000005,580.70000000000005]
["Item","Código","Banco","Descrição","Tipo",null,"Und","Quant.","Valor Unit","Total"]
["Insumo"," 00044535/SINAPI ","ORSE","Servico de bombeamento de concreto com consumo minimo de 40 m3, (disponibilizacao de bomba), sem o lancamento","Material",null,"m³",1,"46,78","46,78"]
["Insumo"," 00034494/SINAPI ","ORSE","Concreto usinado bombeavel, classe de resistencia c30, com brita 0 e 1, slump= 100 +/- 20 mm, exclui servico de bombeamento (nbr 8953)","Material",null,"m³",1,"483,42","483,42"]
["Composição"," 128 ","ORSE","Lançamento de concreto usinado, bombeado, em peças armadas da superestrutura,inclusive colocação, adensamento e acabamento","Concreto Simples",null,"m³",1,"50,50","50,50"]
["Detalhamento de Cálculo ORSE"]
["Item","Código","Banco","Descrição","Tipo",null,"Und","Quant.","Valor Unit","Total"]
["Insumo"," 00044535/SINAPI ","ORSE","Servico de bombeamento de concreto com consumo minimo de 40 m3, (disponibilizacao de bomba), sem o lancamento","Material",null,"m³",1,"46,78","46,78"]
["Insumo"," 00034494/SINAPI ","ORSE","Concreto usinado bombeavel, classe de resistencia c30, com brita 0 e 1, slump= 100 +/- 20 mm, exclui servico de bombeamento (nbr 8953)","Material",null,"m³",1,"483,42","483,42"]
["Insumo"," 00001213/SINAPI ","ORSE","Carpinteiro de formas para concreto (horista)","Mão de Obra",null,"h",0.36,"19,02","6,84"]
["Insumo"," 10579 ","ORSE","Chave de fenda chata 30 cm","Material",null,"un",7.2000000000000002E-5,"26,89","0,00"]
["Insumo"," 2378 ","ORSE","Vale transporte","Material",null,"un",0.21130199999999999,"4,50","0,95"]
["Insumo"," 11249 ","ORSE","Serra circular eletrica portatil","Equipamento",null,"un",3.6000000000000001E-5,"979,65","0,03"]
["Insumo"," 10517 ","ORSE","Exames admissionais/demissionais (checkup)","Serviços",null,"cj",1.008E-3,"300,00","0,30"]
["Insumo"," 11248 ","ORSE","Furadeira e Parafusadeira eletrica Bosch ou Similar profissional","Equipamento",null,"un",3.6000000000000001E-5,"246,00","0,00"]
["Insumo"," 941 ","ORSE","Fardamento com mangas curta","Material",null,"un",3.7799999999999999E-3,"194,68","0,73"]
["Insumo"," 158 ","ORSE","Almoço (Participação do empregador)","Material",null,"un",0.25653599999999999,"14,00","3,59"]
["Insumo"," 00012892/SINAPI ","ORSE","Luva raspa de couro, cano curto (punho *7* cm)","Material",null,"par",5.7959999999999999E-3,"10,87","0,06"]
["Insumo"," 00012895/SINAPI ","ORSE","Capacete de seguranca aba frontal com suspensao de polietileno, sem jugular (classe b)","Material",null,"un",1.5120000000000001E-3,"13,50","0,02"]
["Insumo"," 00012894/SINAPI ","ORSE","Capa para chuva em pvc com forro de poliester, com capuz (amarela ou azul)","Material",null,"un",5.04E-4,"20,11","0,01"]
["Insumo"," 1651 ","ORSE","Óculos branco proteção","Material",null,"pr",1.98E-3,"7,00","0,01"]
["Insumo"," 10577 ","ORSE","Serrote 40cm","Material",null,"un",3.6000000000000001E-5,"36,00","0,00"]
["Insumo"," 10578 ","ORSE","Formão grande","Material",null,"un",7.2000000000000002E-5,"15,15","0,00"]
["Insumo"," 10362 ","ORSE","Seguro de vida e acidente em grupo","Serviços",null,"un",1.1339999999999999E-2,"12,54","0,14"]
["Insumo"," 10599 ","ORSE","Protetor solar fps 30 com 120ml","Material",null,"un",4.5360000000000001E-3,"18,00","0,08"]
["Insumo"," 10596 ","ORSE","Protetor auricular","Material",null,"un",1.1339999999999999E-2,"4,85","0,05"]
["Insumo"," 10761 ","ORSE","Refeição - café da manhã ( café com leite e dois pães com manteiga)","Serviços",null,"un",0.25653599999999999,"5,00","1,28"]
["Insumo"," 00012893/SINAPI ","ORSE","Bota de seguranca com biqueira de aco e colarinho acolchoado","Material",null,"par",1.98E-3,"73,93","0,14"]
["Insumo"," 10492 ","ORSE","Cesta Básica","Material",null,"un",1.1339999999999999E-2,"205,00","2,32"]
["Insumo"," 11244 ","ORSE","Martelo com unha","Material",null,"un",7.2000000000000002E-5,"48,95","0,00"]
["Insumo"," 00004750/SINAPI ","ORSE","Pedreiro (horista)","Mão de Obra",null,"h",0.36,"19,02","6,84"]
["Insumo"," 11264 ","ORSE","Marreta de 1/2 kg com cabo","Material",null,"un",7.2000000000000002E-5,"13,52","0,00"]
["Insumo"," 10282 ","ORSE","Regua de alumínio c/ 2,00m (para pedreiro)","Material",null,"un",7.2000000000000002E-5,"44,00","0,00"]
["Insumo"," 10789 ","ORSE","Nível de bolha de madeira","Material",null,"un",7.2000000000000002E-5,"15,40","0,00"]
["Insumo"," 4722 ","ORSE","Colher de pedreiro","Material",null,"un",1.44E-4,"18,80","0,00"]
["Insumo"," 4174 ","ORSE","Desempenadeira de aço lisa, cabo madeira, ref:143, Atlas ou similar","Material",null,"un",1.8000000000000001E-4,"12,00","0,00"]
["Insumo"," 11243 ","ORSE","Martelo sem unha","Material",null,"un",3.6000000000000001E-5,"28,00","0,00"]
["Insumo"," 11246 ","ORSE","Escala métrica de bambú","Material",null,"Un",2.52E-4,"10,22","0,00"]
["Insumo"," 10790 ","ORSE","Prumo de face","Material",null,"un",3.6000000000000001E-5,"25,95","0,00"]
["Insumo"," 11247 ","ORSE","Serra mármore","Material",null,"un",3.6000000000000001E-5,"327,80","0,01"]
["Insumo"," 11265 ","ORSE","Martelo de borracha com cabo","Material",null,"un",1.44E-4,"18,75","0,00"]
["Insumo"," 11245 ","ORSE","Desempoladeira de madeira 12x22","Material",null,"un",2.52E-4,"11,60","0,00"]
["Insumo"," 00006111/SINAPI ","ORSE","Servente de obras (horista)","Mão de Obra",null,"h",1.62,"14,58","23,61"]
["Insumo"," 00000378/SINAPI ","ORSE","Armador (horista)","Mão de Obra",null,"h",0.18,"19,02","3,42"]
["Insumo"," 4728 ","ORSE","Talhadeira chata 10\"","Material",null,"un",4.86E-4,"18,58","0,00"]
["Insumo"," 10788 ","ORSE","Pá quadrada","Material",null,"un",3.2400000000000001E-4,"36,90","0,01"]
["Insumo"," 00002711/SINAPI ","ORSE","Carrinho de mao, em aco, com capacidade de *45 a 65* l / *100* kg, pneu com camara","Material",null,"un",3.2400000000000001E-4,"187,68","0,06"]
["Insumo"," 4729 ","ORSE","Marreta 1 kg com cabo","Material",null,"un",1.6200000000000001E-4,"37,80","0,00"]
["Insumo"," 10585 ","ORSE","Arco de serra","Material",null,"un",3.6000000000000001E-5,"20,90","0,00"]
["Insumo"," 10586 ","ORSE","Torquesa","Material",null,"un",3.6000000000000001E-5,"39,00","0,00"]
[{"$nulls":4},"MO sem LS =>",18.98,"LS =>",21.73,"MO com LS =>",40.71]
[{"$nulls":4},"Valor do BDI =>",139.88999999999999,null,"Valor com BDI =>",null,720.59]
[]
[null,"Código","Banco","Descrição","Tipo",null,"Und","Quant.","Valor Unit","Total"]
["Composição"," 90775 ","SINAPI","DESENHISTA PROJETISTA COM ENCARGOS COMPLEMENTARES","Livro SINAPI: Cálculos e Parâmetros",null,"H",1,39.18,39.18]
["Composição Auxiliar"," 95400 ","SINAPI","CURSO DE CAPACITAÇÃO PARA DESENHISTA PROJETISTA (ENCARGOS COMPLEMENTARES) - HORISTA","Livro SINAPI: Cálculos e Parâmetros",null,"H",1,0.18,0.18]
["Insumo"," 00037373 ","SINAPI","SEGURO - HORISTA (COLETADO CAIXA - ENCARGOS COMPLEMENTARES)","Taxas",null,"H",1,0.08,0.08]
["Insumo"," 00037372 ","SINAPI","EXAMES - HORISTA (COLETADO CAIXA - ENCARGOS COMPLEMENTARES)","Material",null,"H",1,1.43,1.43]
["Insumo"," 00043493 ","SINAPI","EPI - FAMILIA TOPOGRAFO - HORISTA (ENCARGOS COMPLEMENTARES - COLETADO CAIXA)","Material",null,"H",1,0.74,0.74]
["Insumo"," 00043469 ","SINAPI","FERRAMENTAS - FAMILIA TOPOGRAFO - HORISTA (ENCARGOS COMPLEMENTARES - COLETADO CAIXA)","Material",null,"H",1,0.05,0.05]
["Insumo"," 00002358 ","SINAPI","DESENHISTA PROJETISTA (HORISTA)","Mão de Obra",null,"H",1,36.700000000000003,36.700000000000003]
[{"$nulls":4},"MO sem LS =>",17.2,"LS =>",19.68,"MO com LS =>",36.880000000000003]
[{"$nulls":4},"Valor do BDI =>",9.43,null,"Valor com BDI =>",null,48.61]
[]
[null,"Código","Banco","Descrição","Tipo",null,"Und","Quant.","Valor Unit","Total"]
["Composição"," 88264 ","SINAPI","ELETRICISTA COM ENCARGOS COMPLEMENTARES","SEDI - SERVIÇOS DIVERSOS",null,"H",1,32.43,32.43]
["Composição Auxiliar"," 95332 ","SINAPI","CURSO DE CAPACITAÇÃO PARA ELETRICISTA (ENCARGOS COMPLEMENTARES) - HORISTA","SEDI - SERVIÇOS DIVERSOS",null,"H",1,0.94,0.94]
["Insumo"," 00037372 ","SINAPI","EXAMES - HORISTA (COLETADO CAIXA - ENCARGOS COMPLEMENTARES)","Material",null,"H",1,1.43,1.43]
["Insumo"," 00037373 ","SINAPI","SEGURO - HORISTA (COLETADO CAIXA - ENCARGOS COMPLEMENTARES)","Taxas",null,"H",1,0.08,0.08]
["Insumo"," 00037370 ","SINAPI","ALIMENTACAO - HORISTA (COLETADO CAIXA - ENCARGOS COMPLEMENTARES)","Material",null,"H",1,2.0099999999999998,2.0099999999999998]
["Insumo"," 00002436 ","SINAPI","ELETRICISTA (HORISTA)","Mão de Obra",null,"H",1,25.4,25.4]
["Insumo"," 00037371 ","SINAPI","TRANSPORTE - HORISTA (COLETADO CAIXA - ENCARGOS COMPLEMENTARES)","Serviços",null,"H",1,0.45,0.45]
["Insumo"," 00043484 ","SINAPI","EPI - FAMILIA ELETRICISTA - HORISTA (ENCARGOS COMPLEMENTARES - COLETADO CAIXA)","Equipamento",null,"H",1,1.26,1.26]
["Insumo"," 00043460 ","SINAPI","FERRAMENTAS - FAMILIA ELETRICISTA - HORISTA (ENCARGOS COMPLEMENTARES - COLETADO CAIXA)","Equipamento",null,"H",1,0.86,0.86]
[{"$nulls":4},"MO sem LS =>",12.28,"LS =>",14.06,"MO com LS =>",26.34]
[{"$nulls":4},"Valor do BDI =>",7.81,null,"Valor com BDI =>",null,40.24]
[]
[null,"Código","Banco","Descrição","Tipo",null,"Und","Quant.","Valor Unit","Total"]
["Composição"," 88267 ","SINAPI","ENCANADOR OU BOMBEIRO HIDRÁULICO COM ENCARGOS COMPLEMENTARES","SEDI - SERVIÇOS DIVERSOS",null,"H",1,31.26,31.26]
["Composição Auxiliar"," 95335 ","SINAPI","CURSO DE CAPACITAÇÃO PARA ENCANADOR OU BOMBEIRO HIDRÁULICO (ENCARGOS COMPLEMENTARES) - HORISTA","SEDI - SERVIÇOS DIVERSOS",null,"H",1,0.45,0.45]
["Insumo"," 00043485 ","SINAPI","EPI - FAMILIA ENCANADOR - HORISTA (ENCARGOS COMPLEMENTARES - COLETADO CAIXA)","Equipamento",null,"H",1,1.1299999999999999,1.1299999999999999]
["Insumo"," 00037373 ","SINAPI","SEGURO - HORISTA (COLETADO CAIXA - ENCARGOS COMPLEMENTARES)","Taxas",null,"H",1,0.08,0.08]
["Insumo"," 00037371 ","SINAPI","TRANSPORTE - HORISTA (COLETADO CAIXA - ENCARGOS COMPLEMENTARES)","Serviços",null,"H",1,0.45,0.45]
["Insumo"," 00037372 ","SINAPI","EXAMES - HORISTA (COLETADO CAIXA - ENCARGOS COMPLEMENTARES)","Material",null,"H",1,1.43,1.43]
["Insumo"," 00002696 ","SINAPI","ENCANADOR OU BOMBEIRO HIDRAULICO (HORISTA)","Mão de Obra",null,"H",1,25.4,25.4]
["Insumo"," 00037370 ","SINAPI","ALIMENTACAO - HORISTA (COLETADO CAIXA - ENCARGOS COMPLEMENTARES)","Material",null,"H",1,2.0099999999999998,2.0099999999999998]
["Insumo"," 00043461 ","SINAPI","FERRAMENTAS - FAMILIA ENCANADOR - HORISTA (ENCARGOS COMPLEMENTARES - COLETADO CAIXA)","Equipamento",null,"H",1,0.31,0.31]
[{"$nulls":4},"MO sem LS =>",12.05,"LS =>",13.8,"MO com LS =>",25.85]
[{"$nulls":4},"Valor do BDI =>",7.53,null,"Valor com BDI =>",null,38.79]
[]
[null,"Código","Banco","Descrição","Tipo",null,"Und","Quant.","Valor Unit","Total"]
["Composição"," 93572 ","SINAPI","ENCARREGADO GERAL DE OBRAS COM ENCARGOS COMPLEMENTARES","Livro SINAPI: Cálculos e Parâmetros",null,"MES",1,5049.26,5049.26]
["Composição Auxiliar"," 95422 ","SINAPI","CURSO DE CAPACITAÇÃO PARA ENCARREGADO GERAL DE OBRAS (ENCARGOS COMPLEMENTARES) - MENSALISTA","Livro SINAPI: Cálculos e Parâmetros",null,"MES",1,70.819999999999993,70.819999999999993]
["Insumo"," 00040864 ","SINAPI","SEGURO - MENSALISTA (COLETADO CAIXA - ENCARGOS COMPLEMENTARES)","Material",null,"MES",1,15.46,15.46]
["Insumo"," 00040818 ","SINAPI","ENCARREGADO GERAL DE OBRAS (MENSALISTA)","Mão de Obra",null,"MES",1,4435.0200000000004,4435.0200000000004]
["Insumo"," 00043475 ","SINAPI","FERRAMENTAS - FAMILIA ENCARREGADO GERAL - MENSALISTA (ENCARGOS COMPLEMENTARES - COLETADO CAIXA)","Material",null,"MES",1,15.46,15.46]
["Insumo"," 00043499 ","SINAPI","EPI - FAMILIA ENCARREGADO GERAL - MENSALISTA (ENCARGOS COMPLEMENTARES - COLETADO CAIXA)","Material",null,"MES",1,241.99,241.99]
["Insumo"," 00040863 ","SINAPI","EXAMES - MENSALISTA (COLETADO CAIXA - ENCARGOS COMPLEMENTARES)","Material",null,"MES",1,270.51,270.51]
[{"$nulls":4},"MO sem LS =>",2648.62,"LS =>",1857.22,"MO com LS =>",4505.84]
[{"$nulls":4},"Valor do BDI =>",1216.3599999999999,null,"Valor com BDI =>",null,6265.62]
[]
[null,"Código","Banco","Descrição","Tipo",null,"Und","Quant.","Valor Unit","Total"]
["Composição"," 93567 ","SINAPI","ENGENHEIRO CIVIL DE OBRA PLENO COM ENCARGOS COMPLEMENTARES","Livro SINAPI: Cálculos e Parâmetros",null,"MES",1,25083.23,25083.23]
["Composição Auxiliar"," 95417 ","SINAPI","CURSO DE CAPACITAÇÃO PARA ENGENHEIRO CIVIL DE OBRA PLENO (ENCARGOS COMPLEMENTARES) - MENSALISTA","Livro SINAPI: Cálculos e Parâmetros",null,"MES",1,271.08,271.08]
["Insumo"," 00040864 ","SINAPI","SEGURO - MENSALISTA (COLETADO CAIXA - ENCARGOS COMPLEMENTARES)","Material",null,"MES",1,15.46,15.46]
["Insumo"," 00040813 ","SINAPI","ENGENHEIRO CIVIL DE OBRA PLENO (MENSALISTA)","Mão de Obra",null,"MES",1,24377.83,24377.83]
["Insumo"," 00043474 ","SINAPI","FERRAMENTAS - FAMILIA ENGENHEIRO CIVIL - MENSALISTA (ENCARGOS COMPLEMENTARES - COLETADO CAIXA)","Material",null,"MES",1,2.35,2.35]
["Insumo"," 00043498 ","SINAPI","EPI - FAMILIA ENGENHEIRO CIVIL - MENSALISTA (ENCARGOS COMPLEMENTARES - COLETADO CAIXA)","Material",null,"MES",1,146,146]
["Insumo"," 00040863 ","SINAPI","EXAMES - MENSALISTA (COLETADO CAIXA - ENCARGOS COMPLEMENTARES)","Material",null,"MES",1,270.51,270.51]
[{"$nulls":4},"MO sem LS =>",14489.13,"LS =>",10159.780000000001,"MO com LS =>",24648.91]
[{"$nulls":4},"Valor do BDI =>",6042.55,null,"Valor com BDI =>",null,31125.78]
[]
[null,"Código","Banco","Descrição","Tipo",null,"Und","Quant.","Valor Unit","Total"]
["Composição"," 90778 ","SINAPI","ENGENHEIRO CIVIL DE OBRA PLENO COM ENCARGOS COMPLEMENTARES","Livro SINAPI: Cálculos e Parâmetros",null,"H",1,143.99,143.99]
["Composição Auxiliar"," 95403 ","SINAPI","CURSO DE CAPACITAÇÃO PARA ENGENHEIRO CIVIL DE OBRA PLENO (ENCARGOS COMPLEMENTARES) - HORISTA","Livro SINAPI: Cálculos e Parâmetros",null,"H",1,2.06,2.06]
["Insumo"," 00002707 ","SINAPI","ENGENHEIRO CIVIL DE OBRA PLENO (HORISTA)","Mão de Obra",null,"H",1,139.63999999999999,139.63999999999999]
["Insumo"," 00043462 ","SINAPI","FERRAMENTAS - FAMILIA ENGENHEIRO CIVIL - HORISTA (ENCARGOS COMPLEMENTARES - COLETADO CAIXA)","Equipamento",null,"H",1,0.01,0.01]
["Insumo"," 00037373 ","SINAPI","SEGURO - HORISTA (COLETADO CAIXA - ENCARGOS COMPLEMENTARES)","Taxas",null,"H",1,0.08,0.08]
["Insumo"," 00043486 ","SINAPI","EPI - FAMILIA ENGENHEIRO CIVIL - HORISTA (ENCARGOS COMPLEMENTARES - COLETADO CAIXA)","Equipamento",null,"H",1,0.77,0.77]
["Insumo"," 00037372 ","SINAPI","EXAMES - HORISTA (COLETADO CAIXA - ENCARGOS COMPLEMENTARES)","Material",null,"H",1,1.43,1.43]
[{"$nulls":4},"MO sem LS =>",66.08,"LS =>",75.62,"MO com LS =>",141.69999999999999]
[{"$nulls":4},"Valor do BDI =>",34.68,null,"Valor com BDI =>",null,178.67]
[]
[null,"Código","Banco","Descrição","Tipo",null,"Und","Quant.","Valor Unit","Total"]
["Composição"," 5632 ","SINAPI","ESCAVADEIRA HIDRÁULICA SOBRE ESTEIRAS, CAÇAMBA 0,80 M3, PESO OPERACIONAL 17 T, POTENCIA BRUTA 111 HP - CHI DIURNO. AF_06/2014","Custos Horários Produtivo e Improdutivo dos Equipamentos",null,"CHI",1,85.79,85.79]
["Composição Auxiliar"," 88294 ","SINAPI","OPERADOR DE ESCAVADEIRA COM ENCARGOS COMPLEMENTARES","SEDI - SERVIÇOS DIVERSOS",null,"H",1,25.21,25.21]
["Composição Auxiliar"," 5627 ","SINAPI","ESCAVADEIRA HIDRÁULICA SOBRE ESTEIRAS, CAÇAMBA 0,80 M3, PESO OPERACIONAL 17 T, POTENCIA BRUTA 111 HP - DEPRECIAÇÃO. AF_06/2014","Depreciação, Juros, Impostos e Seguros, Manutenção e Materiais na Operação dos Equipamentos",null,"H",1,47.92,47.92]
["Composição Auxiliar"," 5628 ","SINAPI","ESCAVADEIRA HIDRÁULICA SOBRE ESTEIRAS, CAÇAMBA 0,80 M3, PESO OPERACIONAL 17 T, POTENCIA BRUTA 111 HP - JUROS. AF_06/2014","Depreciação, Juros, Impostos e Seguros, Manutenção e Materiais na Operação dos Equipamentos",null,"H",1,12.66,12.66]
[{"$nulls":4},"MO sem LS =>",9.48,"LS =>",10.86,"MO com LS =>",20.34]
[{"$nulls":4},"Valor do BDI =>",20.66,null,"Valor com BDI =>",null,106.45]
[]
[null,"Código","Banco","Descrição","Tipo",null,"Und","Quant.","Valor Unit","Total"]
["Composição"," 5631 ","SINAPI","ESCAVADEIRA HIDRÁULICA SOBRE ESTEIRAS, CAÇAMBA 0,80 M3, PESO OPERACIONAL 17 T, POTENCIA BRUTA 111 HP - CHP DIURNO. AF_06/2014","Custos Horários Produtivo e Improdutivo dos Equipamentos",null,"CHP",1,209.66,209.66]
["Composição Auxiliar"," 88294 ","SINAPI","OPERADOR DE ESCAVADEIRA COM ENCARGOS COMPLEMENTARES","SEDI - SERVIÇOS DIVERSOS",null,"H",1,25.21,25.21]
["Composição Auxiliar"," 5630 ","SINAPI","ESCAVADEIRA HIDRÁULICA SOBRE ESTEIRAS, CAÇAMBA 0,80 M3, PESO OPERACIONAL 17 T, POTENCIA BRUTA 111 HP - MATERIAIS NA OPERAÇÃO. AF_06/2014","Depreciação, Juros, Impostos e Seguros, Manutenção e Materiais na Operação dos Equipamentos",null,"H",1,63.97,63.97]
["Composição Auxiliar"," 5628 ","SINAPI","ESCAVADEIRA HIDRÁULICA SOBRE ESTEIRAS, CAÇAMBA 0,80 M3, PESO OPERACIONAL 17 T, POTENCIA BRUTA 111 HP - JUROS. AF_06/2014","Depreciação, Juros, Impostos e Seguros, Manutenção e Materiais na Operação dos Equipamentos",null,"H",1,12.66,12.66]
["Composição Auxiliar"," 5627 ","SINAPI","ESCAVADEIRA HIDRÁULICA SOBRE ESTEIRAS, CAÇAMBA 0,80 M3, PESO OPERACIONAL 17 T, POTENCIA BRUTA 111 HP - DEPRECIAÇÃO. AF_06/2014","Depreciação, Juros, Impostos e Seguros, Manutenção e Materiais na Operação dos Equipamentos",null,"H",1,47.92,47.92]
["Composição Auxiliar"," 5629 ","SINAPI","ESCAVADEIRA HIDRÁULICA SOBRE ESTEIRAS, CAÇAMBA 0,80 M3, PESO OPERACIONAL 17 T, POTENCIA BRUTA 111 HP - MANUTENÇÃO. AF_06/2014","Depreciação, Juros, Impostos e Seguros, Manutenção e Materiais na Operação dos Equipamentos",null,"H",1,59.9,59.9]
[{"$nulls":4},"MO sem LS =>",9.48,"LS =>",10.86,"MO com LS =>",20.34]
[{"$nulls":4},"Valor do BDI =>",50.5,null,"Valor com BDI =>",null,260.16000000000003]
[]
[null,"Código","Banco","Descrição","Tipo",null,"Und","Quant.","Valor Unit","Total"]
["Composição"," 5627 ","SINAPI","ESCAVADEIRA HIDRÁULICA SOBRE ESTEIRAS, CAÇAMBA 0,80 M3, PESO OPERACIONAL 17 T, POTENCIA BRUTA 111 HP - DEPRECIAÇÃO. AF_06/2014","Depreciação, Juros, Impostos e Seguros, Manutenção e Materiais na Operação dos Equipamentos",null,"H",1,47.92,47.92]
["Insumo"," 00010685 ","SINAPI","ESCAVADEIRA HIDRAULICA SOBRE ESTEIRAS, CACAMBA 0,80M3, PESO OPERACIONAL 17T, POTENCIA BRUTA 111HP","Equipamento para Aquisição Permanente",null,"UN",5.5999999999999999E-5,855799.07,47.92]
[{"$nulls":4},"MO sem LS =>",0,"LS =>",0,"MO com LS =>",0]
[{"$nulls":4},"Valor do BDI =>",11.54,null,"Valor com BDI =>",null,59.46]
[]
[null,"Código","Banco","Descrição","Tipo",null,"Und","Quant.","Valor Unit","Total"]
["Composição"," 5628 ","SINAPI","ESCAVADEIRA HIDRÁULICA SOBRE ESTEIRAS, CAÇAMBA 0,80 M3, PESO OPERACIONAL 17 T, POTENCIA BRUTA 111 HP - JUROS. AF_06/2014","Depreciação, Juros, Impostos e Seguros, Manutenção e Materiais na Operação dos Equipamentos",null,"H",1,12.66,12.66]
["Insumo"," 00010685 ","SINAPI","ESCAVADEIRA HIDRAULICA SOBRE ESTEIRAS, CACAMBA 0,80M3, PESO OPERACIONAL 17T, POTENCIA BRUTA 111HP","Equipamento para Aquisição Permanente",null,"UN",1.4800000000000001E-5,855799.07,12.66]
[{"$nulls":4},"MO sem LS =>",0,"LS =>",0,"MO com LS =>",0]
[{"$nulls":4},"Valor do BDI =>",3.04,null,"Valor com BDI =>",null,15.7]
[]
[null,"Código","Banco","Descrição","Tipo",null,"Und","Quant.","Valor Unit","Total"]
["Composição"," 5629 ","SINAPI","ESCAVADEIRA HIDRÁULICA SOBRE ESTEIRAS, CAÇAMBA 0,80 M3, PESO OPERACIONAL 17 T, POTENCIA BRUTA 111 HP - MANUTENÇÃO. AF_06/2014","Depreciação, Juros, Impostos e Seguros, Manutenção e Materiais na Operação dos Equipamentos",null,"H",1,59.9,59.9]
["Insumo"," 00010685 ","SINAPI","ESCAVADEIRA HIDRAULICA SOBRE ESTEIRAS, CACAMBA 0,80M3, PESO OPERACIONAL 17T, POTENCIA BRUTA 111HP","Equipamento para Aquisição Permanente",null,"UN",6.9999999999999994E-5,855799.07,59.9]
[{"$nulls":4},"MO sem LS =>",0,"LS =>",0,"MO com LS =>",0]
[{"$nulls":4},"Valor do BDI =>",14.42,null,"Valor com BDI =>",null,74.319999999999993]
[]
[null,"Código","Banco","Descrição","Tipo",null,"Und","Quant.","Valor Unit","Total"]
["Composição"," 5630 ","SINAPI","ESCAVADEIRA HIDRÁULICA SOBRE ESTEIRAS, CAÇAMBA 0,80 M3, PESO OPERACIONAL 17 T, POTENCIA BRUTA 111 HP - MATERIAIS NA OPERAÇÃO. AF_06/2014","Depreciação, Juros, Impostos e Seguros, Manutenção e Materiais na Operação dos Equipamentos",null,"H",1,63.97,63.97]
["Insumo"," 00004221 ","SINAPI","OLEO DIESEL COMBUSTIVEL COMUM METROPOLITANO S-10 OU S-500","Material",null,"L",10.77,5.94,63.97]
[{"$nulls":4},"MO sem LS =>",0,"LS =>",0,"MO com LS =>",0]
[{"$nulls":4},"Valor do BDI =>",15.41,null,"Valor com BDI =>",null,79.38]
[]
[null,"Código","Banco","Descrição","Tipo",null,"Und","Quant.","Valor Unit","Total"]
["Composição"," 10555 ","ORSE","Encargos Complementares - Armador","Provisórios",null,"h",1,3.71,3.71]
["Item","Código","Banco","Descrição","Tipo",null,"Und","Quant.","Valor Unit","Total"]
["Insumo"," 10517 ","ORSE","Exames admissionais/demissionais (checkup)","Serviços",null,"cj",4.0000000000000002E-4,"300,00","0,12"]
["Insumo"," 1651 ","ORSE","Óculos branco proteção","Material",null,"pr",8.0000000000000004E-4,"7,00","0,00"]
["Insumo"," 00012895/SINAPI ","ORSE","Capacete de seguranca aba frontal com suspensao de polietileno, sem jugular (classe b)","Material",null,"un",5.9999999999999995E-4,"13,50","0,00"]
["Insumo"," 10761 ","ORSE","Refeição - café da manhã ( café com leite e dois pães com manteiga)","Serviços",null,"un",0.1018,"5,00","0,50"]
["Insumo"," 00012893/SINAPI ","ORSE","Bota de seguranca com biqueira de aco e colarinho acolchoado","Material",null,"par",8.0000000000000004E-4,"73,93","0,05"]
["Insumo"," 00012892/SINAPI ","ORSE","Luva raspa de couro, cano curto (punho *7* cm)","Material",null,"par",2.3E-3,"10,87","0,02"]
["Insumo"," 158 ","ORSE","Almoço (Participação do empregador)","Material",null,"un",0.1018,"14,00","1,42"]
["Insumo"," 10596 ","ORSE","Protetor auricular","Material",null,"un",4.4999999999999997E-3,"4,85","0,02"]
["Insumo"," 10585 ","ORSE","Arco de serra","Material",null,"un",2.0000000000000001E-4,"20,90","0,00"]
["Insumo"," 941 ","ORSE","Fardamento com mangas curta","Material",null,"un",1.5E-3,"194,68","0,29"]
["Insumo"," 10586 ","ORSE","Torquesa","Material",null,"un",2.0000000000000001E-4,"39,00","0,00"]
["Insumo"," 00012894/SINAPI ","ORSE","Capa para chuva em pvc com forro de poliester, com capuz (amarela ou azul)","Material",null,"un",2.0000000000000001E-4,"20,11","0,00"]
["Insumo"," 10599 ","ORSE","Protetor solar fps 30 com 120ml","Material",null,"un",1.8E-3,"18,00","0,03"]
["Insumo"," 10492 ","ORSE","Cesta Básica","Material",null,"un",4.4999999999999997E-3,"205,00","0,92"]
["Insumo"," 10362 ","ORSE","Seguro de vida e acidente em grupo","Serviços",null,"un",4.4999999999999997E-3,"12,54","0,05"]
["Insumo"," 2378 ","ORSE","Vale transporte","Material",null,"un",6.54E-2,"4,50","0,29"]
["Detalhamento de Cálculo ORSE"]
["Item","Código","Banco","Descrição","Tipo",null,"Und","Quant.","Valor Unit","Total"]
["Insumo"," 10517 ","ORSE","Exames admissionais/demissionais (checkup)","Serviços",null,"cj",4.0000000000000002E-4,"300,00","0,12"]
["Insumo"," 1651 ","ORSE","Óculos branco proteção","Material",null,"pr",8.0000000000000004E-4,"7,00","0,00"]
["Insumo"," 00012895/SINAPI ","ORSE","Capacete de seguranca aba frontal com suspensao de polietileno, sem jugular (classe b)","Material",null,"un",5.9999999999999995E-4,"13,50","0,00"]
["Insumo"," 10761 ","ORSE","Refeição - café da manhã ( café com leite e dois pães com manteiga)","Serviços",null,"un",0.1018,"5,00","0,50"]
["Insumo"," 00012893/SINAPI ","ORSE","Bota de seguranca com biqueira de aco e colarinho acolchoado","Material",null,"par",8.0000000000000004E-4,"73,93","0,05"]
["Insumo"," 00012892/SINAPI ","ORSE","Luva raspa de couro, cano curto (punho *7* cm)","Material",null,"par",2.3E-3,"10,87","0,02"]
["Insumo"," 158 ","ORSE","Almoço (Participação do empregador)","Material",null,"un",0.1018,"14,00","1,42"]
["Insumo"," 10596 ","ORSE","Protetor auricular","Material",null,"un",4.4999999999999997E-3,"4,85","0,02"]
["Insumo"," 10585 ","ORSE","Arco de serra","Material",null,"un",2.0000000000000001E-4,"20,90","0,00"]
["Insumo"," 941 ","ORSE","Fardamento com mangas curta","Material",null,"un",1.5E-3,"194,68","0,29"]
["Insumo"," 10586 ","ORSE","Torquesa","Material",null,"un",2.0000000000000001E-4,"39,00","0,00"]
["Insumo"," 00012894/SINAPI ","ORSE","Capa para chuva em pvc com forro de poliester, com capuz (amarela ou azul)","Material",null,"un",2.0000000000000001E-4,"20,11","0,00"]
["Insumo"," 10599 ","ORSE","Protetor solar fps 30 com 120ml","Material",null,"un",1.8E-3,"18,00","0,03"]
["Insumo"," 10492 ","ORSE","Cesta Básica","Material",null,"un",4.4999999999999997E-3,"205,00","0,92"]
["Insumo"," 10362 ","ORSE","Seguro de vida e acidente em grupo","Serviços",null,"un",4.4999999999999997E-3,"12,54","0,05"]
["Insumo"," 2378 ","ORSE","Vale transporte","Material",null,"un",6.54E-2,"4,50","0,29"]
[{"$nulls":4},"MO sem LS =>",0,"LS =>",0,"MO com LS =>",0]
[{"$nulls":4},"Valor do BDI =>",0.89,null,"Valor com BDI =>",null,4.5999999999999996]
[]
[null,"Código","Banco","Descrição","Tipo",null,"Und","Quant.","Valor Unit","Total"]
["Composição"," 10551 ","ORSE","Encargos Complementares - Carpinteiro","Provisórios",null,"h",1,3.82,3.82]
["Item","Código","Banco","Descrição","Tipo",null,"Und","Quant.","Valor Unit","Total"]
["Insumo"," 10579 ","ORSE","Chave de fenda chata 30 cm","Material",null,"un",2.0000000000000001E-4,"26,89","0,00"]
["Insumo"," 2378 ","ORSE","Vale transporte","Material",null,"un",6.54E-2,"4,50","0,29"]
["Insumo"," 11249 ","ORSE","Serra circular eletrica portatil","Equipamento",null,"un",1E-4,"979,65","0,09"]
["Insumo"," 10517 ","ORSE","Exames admissionais/demissionais (checkup)","Serviços",null,"cj",4.0000000000000002E-4,"300,00","0,12"]
["Insumo"," 11248 ","ORSE","Furadeira e Parafusadeira eletrica Bosch ou Similar profissional","Equipamento",null,"un",1E-4,"246,00","0,02"]
["Insumo"," 941 ","ORSE","Fardamento com mangas curta","Material",null,"un",1.5E-3,"194,68","0,29"]
["Insumo"," 158 ","ORSE","Almoço (Participação do empregador)","Material",null,"un",0.1018,"14,00","1,42"]
["Insumo"," 00012892/SINAPI ","ORSE","Luva raspa de couro, cano curto (punho *7* cm)","Material",null,"par",2.3E-3,"10,87","0,02"]
["Insumo"," 00012895/SINAPI ","ORSE","Capacete de seguranca aba frontal com suspensao de polietileno, sem jugular (classe b)","Material",null,"un",5.9999999999999995E-4,"13,50","0,00"]
["Insumo"," 00012894/SINAPI ","ORSE","Capa para chuva em pvc com forro de poliester, com capuz (amarela ou azul)","Material",null,"un",2.0000000000000001E-4,"20,11","0,00"]
["Insumo"," 1651 ","ORSE","Óculos branco proteção","Material",null,"pr",6.9999999999999999E-4,"7,00","0,00"]
["Insumo"," 10577 ","ORSE","Serrote 40cm","Material",null,"un",1E-4,"36,00","0,00"]
["Insumo"," 10578 ","ORSE","Formão grande","Material",null,"un",2.0000000000000001E-4,"15,15","0,00"]
["Insumo"," 10362 ","ORSE","Seguro de vida e acidente em grupo","Serviços",null,"un",4.4999999999999997E-3,"12,54","0,05"]
["Insumo"," 10599 ","ORSE","Protetor solar fps 30 com 120ml","Material",null,"un",1.8E-3,"18,00","0,03"]
["Insumo"," 10596 ","ORSE","Protetor auricular","Material",null,"un",4.4999999999999997E-3,"4,85","0,02"]
["Insumo"," 10761 ","ORSE","Refeição - café da manhã ( café com leite e dois pães com manteiga)","Serviços",null,"un",0.1018,"5,00","0,50"]
["Insumo"," 00012893/SINAPI ","ORSE","Bota de seguranca com biqueira de aco e colarinho acolchoado","Material",null,"par",6.9999999999999999E-4,"73,93","0,05"]
["Insumo"," 10492 ","ORSE","Cesta Básica","Material",null,"un",4.4999999999999997E-3,"205,00","0,92"]
["Insumo"," 11244 ","ORSE","Martelo com unha","Material",null,"un",2.0000000000000001E-4,"48,95","0,00"]
["Detalhamento de Cálculo ORSE"]
["Item","Código","Banco","Descrição","Tipo",null,"Und","Quant.","Valor Unit","Total"]
["Insumo"," 10579 ","ORSE","Chave de fenda chata 30 cm","Material",null,"un",2.0000000000000001E-4,"26,89","0,00"]
["Insumo"," 2378 ","ORSE","Vale transporte","Material",null,"un",6.54E-2,"4,50","0,29"]
["Insumo"," 11249 ","ORSE","Serra circular eletrica portatil","Equipamento",null,"un",1E-4,"979,65","0,09"]
["Insumo"," 10517 ","ORSE","Exames admissionais/demissionais (checkup)","Serviços",null,"cj",4.0000000000000002E-4,"300,00","0,12"]
["Insumo"," 11248 ","ORSE","Furadeira e Parafusadeira eletrica Bosch ou Similar profissional","Equipamento",null,"un",1E-4,"246,00","0,02"]
["Insumo"," 941 ","ORSE","Fardamento com mangas curta","Material",null,"un",1.5E-3,"194,68","0,29"]
["Insumo"," 158 ","ORSE","Almoço (Participação do empregador)","Material",null,"un",0.1018,"14,00","1,42"]
["Insumo"," 00012892/SINAPI ","ORSE","Luva raspa de couro, cano curto (punho *7* cm)","Material",null,"par",2.3E-3,"10,87","0,02"]
["Insumo"," 00012895/SINAPI ","ORSE","Capacete de seguranca aba frontal com suspensao de polietileno, sem jugular (classe b)","Material",null,"un",5.9999999999999995E-4,"13,50","0,00"]
["Insumo"," 00012894/SINAPI ","ORSE","Capa para chuva em pvc com forro de poliester, com capuz (amarela ou azul)","Material",null,"un",2.0000000000000001E-4,"20,11","0,00"]
["Insumo"," 1651 ","ORSE","Óculos branco proteção","Material",null,"pr",6.9999999999999999E-4,"7,00","0,00"]
["Insumo"," 10577 ","ORSE","Serrote 40cm","Material",null,"un",1E-4,"36,00","0,00"]
["Insumo"," 10578 ","ORSE","Formão grande","Material",null,"un",2.0000000000000001E-4,"15,15","0,00"]
["Insumo"," 10362 ","ORSE","Seguro de vida e acidente em grupo","Serviços",null,"un",4.4999999999999997E-3,"12,54","0,05"]
["Insumo"," 10599 ","ORSE","Protetor solar fps 30 com 120ml","Material",null,"un",1.8E-3,"18,00","0,03"]
["Insumo"," 10596 ","ORSE","Protetor auricular","Material",null,"un",4.4999999999999997E-3,"4,85","0,02"]
["Insumo"," 10761 ","ORSE","Refeição - café da manhã ( café com leite e dois pães com manteiga)","Serviços",null,"un",0.1018,"5,00","0,50"]
["Insumo"," 00012893/SINAPI ","ORSE","Bota de seguranca com biqueira de aco e colarinho acolchoado","Material",null,"par",6.9999999999999999E-4,"73,93","0,05"]
["Insumo"," 10492 ","ORSE","Cesta Básica","Material",null,"un",4.4999999999999997E-3,"205,00","0,92"]
["Insumo"," 11244 ","ORSE","Martelo com unha","Material",null,"un",2.0000000000000001E-4,"48,95","0,00"]
[{"$nulls":4},"MO sem LS =>",0,"LS =>",0,"MO com LS =>",0]
[{"$nulls":4},"Valor do BDI =>",0.92,null,"Valor com BDI =>",null,4.74]
[]
[null,"Código","Banco","Descrição","Tipo",null,"Und","Quant.","Valor Unit","Total"]
["Composição"," 10552 ","ORSE","Encargos Complementares - Eletricista","Provisórios",null,"h",1,3.74,3.74]
["Item","Código","Banco","Descrição","Tipo",null,"Und","Quant.","Valor Unit","Total"]
["Insumo"," 10599 ","ORSE","Protetor solar fps 30 com 120ml","Material",null,"un",1.8E-3,"18,00","0,03"]
["Insumo"," 10579 ","ORSE","Chave de fenda chata 30 cm","Material",null,"un",2.0000000000000001E-4,"26,89","0,00"]
["Insumo"," 00012893/SINAPI ","ORSE","Bota de seguranca com biqueira de aco e colarinho acolchoado","Material",null,"par",6.9999999999999999E-4,"73,93","0,05"]
["Insumo"," 10492 ","ORSE","Cesta Básica","Material",null,"un",4.4999999999999997E-3,"205,00","0,92"]
["Insumo"," 10362 ","ORSE","Seguro de vida e acidente em grupo","Serviços",null,"un",4.4999999999999997E-3,"12,54","0,05"]
["Insumo"," 10517 ","ORSE","Exames admissionais/demissionais (checkup)","Serviços",null,"cj",4.0000000000000002E-4,"300,00","0,12"]
["Insumo"," 158 ","ORSE","Almoço (Participação do empregador)","Material",null,"un",0.1018,"14,00","1,42"]
["Insumo"," 2378 ","ORSE","Vale transporte","Material",null,"un",6.54E-2,"4,50","0,29"]
["Insumo"," 941 ","ORSE","Fardamento com mangas curta","Material",null,"un",1.5E-3,"194,68","0,29"]
["Insumo"," 00012892/SINAPI ","ORSE","Luva raspa de couro, cano curto (punho *7* cm)","Material",null,"par",2.3E-3,"10,87","0,02"]
["Insumo"," 10596 ","ORSE","Protetor auricular","Material",null,"un",4.4999999999999997E-3,"4,85","0,02"]
["Insumo"," 00012895/SINAPI ","ORSE","Capacete de seguranca aba frontal com suspensao de polietileno, sem jugular (classe b)","Material",null,"un",5.9999999999999995E-4,"13,50","0,00"]
["Insumo"," 00012894/SINAPI ","ORSE","Capa para chuva em pvc com forro de poliester, com capuz (amarela ou azul)","Material",null,"un",2.0000000000000001E-4,"20,11","0,00"]
["Insumo"," 10761 ","ORSE","Refeição - café da manhã ( café com leite e dois pães com manteiga)","Serviços",null,"un",0.1018,"5,00","0,50"]
["Insumo"," 11240 ","ORSE","Alicate com isolamento","Material",null,"un",2.0000000000000001E-4,"47,69","0,00"]
["Insumo"," 11242 ","ORSE","Chave inglesa 12\"","Material",null,"un",1E-4,"34,00","0,00"]
["Insumo"," 1651 ","ORSE","Óculos branco proteção","Material",null,"pr",8.0000000000000004E-4,"7,00","0,00"]
["Insumo"," 11241 ","ORSE","Alicate volt-amperimetro","Material",null,"un",2.0000000000000001E-4,"170,60","0,03"]
["Detalhamento de Cálculo ORSE"]
["Item","Código","Banco","Descrição","Tipo",null,"Und","Quant.","Valor Unit","Total"]
["Insumo"," 10599 ","ORSE","Protetor solar fps 30 com 120ml","Material",null,"un",1.8E-3,"18,00","0,03"]
["Insumo"," 10579 ","ORSE","Chave de fenda chata 30 cm","Material",null,"un",2.0000000000000001E-4,"26,89","0,00"]
["Insumo"," 00012893/SINAPI ","ORSE","Bota de seguranca com biqueira de aco e colarinho acolchoado","Material",null,"par",6.9999999999999999E-4,"73,93","0,05"]
["Insumo"," 10492 ","ORSE","Cesta Básica","Material",null,"un",4.4999999999999997E-3,"205,00","0,92"]
["Insumo"," 10362 ","ORSE","Seguro de vida e acidente em grupo","Serviços",null,"un",4.4999999999999997E-3,"12,54","0,05"]
["Insumo"," 10517 ","ORSE","Exames admissionais/demissionais (checkup)","Serviços",null,"cj",4.0000000000000002E-4,"300,00","0,12"]
["Insumo"," 158 ","ORSE","Almoço (Participação do empregador)","Material",null,"un",0.1018,"14,00","1,42"]
["Insumo"," 2378 ","ORSE","Vale transporte","Material",null,"un",6.54E-2,"4,50","0,29"]
["Insumo"," 941 ","ORSE","Fardamento com mangas curta","Material",null,"un",1.5E-3,"194,68","0,29"]
["Insumo"," 00012892/SINAPI ","ORSE","Luva raspa de couro, cano curto (punho *7* cm)","Material",null,"par",2.3E-3,"10,87","0,02"]
["Insumo"," 10596 ","ORSE","Protetor auricular","Material",null,"un",4.4999999999999997E-3,"4,85","0,02"]
["Insumo"," 00012895/SINAPI ","ORSE","Capacete de seguranca aba frontal com suspensao de polietileno, sem jugular (classe b)","Material",null,"un",5.9999999999999995E-4,"13,50","0,00"]
["Insumo"," 00012894/SINAPI ","ORSE","Capa para chuva em pvc com forro de poliester, com capuz (amarela ou azul)","Material",null,"un",2.0000000000000001E-4,"20,11","0,00"]
["Insumo"," 10761 ","ORSE","Refeição - café da manhã ( café com leite e dois pães com manteiga)","Serviços",null,"un",0.1018,"5,00","0,50"]
["Insumo"," 11240 ","ORSE","Alicate com isolamento","Material",null,"un",2.0000000000000001E-4,"47,69","0,00"]
["Insumo"," 11242 ","ORSE","Chave inglesa 12\"","Material",null,"un",1E-4,"34,00","0,00"]
["Insumo"," 1651 ","ORSE","Óculos branco proteção","Material",null,"pr",8.0000000000000004E-4,"7,00","0,00"]
["Insumo"," 11241 ","ORSE","Alicate volt-amperimetro","Material",null,"un",2.0000000000000001E-4,"170,60","0,03"]
[{"$nulls":4},"MO sem LS =>",0,"LS =>",0,"MO com LS =>",0]
[{"$nulls":4},"Valor do BDI =>",0.9,null,"Valor com BDI =>",null,4.6399999999999997]
[]
[null,"Código","Banco","Descrição","Tipo",null,"Und","Quant.","Valor Unit","Total"]
["Composição"," 10554 ","ORSE","Encargos Complementares - Encanador","Provisórios",null,"h",1,3.8,3.8]
["Item","Código","Banco","Descrição","Tipo",null,"Und","Quant.","Valor Unit","Total"]
["Insumo"," 00012895/SINAPI ","ORSE","Capacete de seguranca aba frontal com suspensao de polietileno, sem jugular (classe b)","Material",null,"un",5.9999999999999995E-4,"13,50","0,00"]
["Insumo"," 11255 ","ORSE","Tarracha para tubos PVC de 1\"","Material",null,"un",5.9999999999999995E-4,"49,00","0,02"]
["Insumo"," 11253 ","ORSE","Tarracha para tubos PVC de 1/2\"","Material",null,"un",1.1000000000000001E-3,"29,00","0,03"]
["Insumo"," 11257 ","ORSE","Tarracha para tubos PVC de 1 1/4\"","Material",null,"un",4.0000000000000002E-4,"32,30","0,01"]
["Insumo"," 11256 ","ORSE","Tarracha para tubos PVC de 1 1/2\"","Material",null,"un",4.0000000000000002E-4,"60,00","0,02"]
["Insumo"," 00012894/SINAPI ","ORSE","Capa para chuva em pvc com forro de poliester, com capuz (amarela ou azul)","Material",null,"un",2.0000000000000001E-4,"20,11","0,00"]
["Insumo"," 158 ","ORSE","Almoço (Participação do empregador)","Material",null,"un",0.1018,"14,00","1,42"]
["Insumo"," 10592 ","ORSE","Lima chata 12\"","Material",null,"un",1E-4,"38,09","0,00"]
["Insumo"," 10492 ","ORSE","Cesta Básica","Material",null,"un",4.4999999999999997E-3,"205,00","0,92"]
["Insumo"," 11254 ","ORSE","Tarracha para tubos PVC de 3/4\"","Material",null,"un",6.9999999999999999E-4,"27,49","0,01"]
["Insumo"," 10596 ","ORSE","Protetor auricular","Material",null,"un",4.4999999999999997E-3,"4,85","0,02"]
["Insumo"," 10599 ","ORSE","Protetor solar fps 30 com 120ml","Material",null,"un",1.8E-3,"18,00","0,03"]
["Insumo"," 10761 ","ORSE","Refeição - café da manhã ( café com leite e dois pães com manteiga)","Serviços",null,"un",0.1018,"5,00","0,50"]
["Insumo"," 10517 ","ORSE","Exames admissionais/demissionais (checkup)","Serviços",null,"cj",4.0000000000000002E-4,"300,00","0,12"]
["Insumo"," 10593 ","ORSE","Praio simples 30cm","Material",null,"un",1E-4,"19,57","0,00"]
["Insumo"," 2378 ","ORSE","Vale transporte","Material",null,"un",6.54E-2,"4,50","0,29"]
["Insumo"," 1651 ","ORSE","Óculos branco proteção","Material",null,"pr",8.0000000000000004E-4,"7,00","0,00"]
["Insumo"," 00012892/SINAPI ","ORSE","Luva raspa de couro, cano curto (punho *7* cm)","Material",null,"par",2.3E-3,"10,87","0,02"]
["Insumo"," 941 ","ORSE","Fardamento com mangas curta","Material",null,"un",1.5E-3,"194,68","0,29"]
["Insumo"," 00012893/SINAPI ","ORSE","Bota de seguranca com biqueira de aco e colarinho acolchoado","Material",null,"par",8.0000000000000004E-4,"73,93","0,05"]
["Insumo"," 10362 ","ORSE","Seguro de vida e acidente em grupo","Serviços",null,"un",4.4999999999999997E-3,"12,54","0,05"]
["Detalhamento de Cálculo ORSE"]
["Item","Código","Banco","Descrição","Tipo",null,"Und","Quant.","Valor Unit","Total"]
["Insumo"," 00012895/SINAPI ","ORSE","Capacete de seguranca aba frontal com suspensao de polietileno, sem jugular (classe b)","Material",null,"un",5.9999999999999995E-4,"13,50","0,00"]
["Insumo"," 11255 ","ORSE","Tarracha para tubos PVC de 1\"","Material",null,"un",5.9999999999999995E-4,"49,00","0,02"]
["Insumo"," 11253 ","ORSE","Tarracha para tubos PVC de 1/2\"","Material",null,"un",1.1000000000000001E-3,"29,00","0,03"]
["Insumo"," 11257 ","ORSE","Tarracha para tubos PVC de 1 1/4\"","Material",null,"un",4.0000000000000002E-4,"32,30","0,01"]
["Insumo"," 11256 ","ORSE","Tarracha para tubos PVC de 1 1/2\"","Material",null,"un",4.0000000000000002E-4,"60,00","0,02"]
["Insumo"," 00012894/SINAPI ","ORSE","Capa para chuva em pvc com forro de poliester, com capuz (amarela ou azul)","Material",null,"un",2.0000000000000001E-4,"20,11","0,00"]
["Insumo"," 158 ","ORSE","Almoço (Participação do empregador)","Material",null,"un",0.1018,"14,00","1,42"]
["Insumo"," 10592 ","ORSE","Lima chata 12\"","Material",null,"un",1E-4,"38,09","0,00"]
["Insumo"," 10492 ","ORSE","Cesta Básica","Material",null,"un",4.4999999999999997E-3,"205,00","0,92"]
["Insumo"," 11254 ","ORSE","Tarracha para tubos PVC de 3/4\"","Material",null,"un",6.9999999999999999E-4,"27,49","0,01"]
["Insumo"," 10596 ","ORSE","Protetor auricular","Material",null,"un",4.4999999999999997E-3,"4,85","0,02"]
["Insumo"," 10599 ","ORSE","Protetor solar fps 30 com 120ml","Material",null,"un",1.8E-3,"18,00","0,03"]
["Insumo"," 10761 ","ORSE","Refeição - café da manhã ( café com leite e dois pães com manteiga)","Serviços",null,"un",0.1018,"5,00","0,50"]
["Insumo"," 10517 ","ORSE","Exames admissionais/demissionais (checkup)","Serviços",null,"cj",4.0000000000000002E-4,"300,00","0,12"]
["Insumo"," 10593 ","ORSE","Praio simples 30cm","Material",null,"un",1E-4,"19,57","0,00"]
["Insumo"," 2378 ","ORSE","Vale transporte","Material",null,"un",6.54E-2,"4,50","0,29"]
["Insumo"," 1651 ","ORSE","Óculos branco proteção","Material",null,"pr",8.0000000000000004E-4,"7,00","0,00"]
["Insumo"," 00012892/SINAPI ","ORSE","Luva raspa de couro, cano curto (punho *7* cm)","Material",null,"par",2.3E-3,"10,87","0,02"]
["Insumo"," 941 ","ORSE","Fardamento com mangas curta","Material",null,"un",1.5E-3,"194,68","0,29"]
["Insumo"," 00012893/SINAPI ","ORSE","Bota de seguranca com biqueira de aco e colarinho acolchoado","Material",null,"par",8.0000000000000004E-4,"73,93","0,05"]
["Insumo"," 10362 ","ORSE","Seguro de vida e acidente em grupo","Serviços",null,"un",4.4999999999999997E-3,"12,54","0,05"]
[{"$nulls":4},"MO sem LS =>",0,"LS =>",0,"MO com LS =>",0]
[{"$nulls":4},"Valor do BDI =>",0.91,null,"Valor com BDI =>",null,4.71]
[]
[null,"Código","Banco","Descrição","Tipo",null,"Und","Quant.","Valor Unit","Total"]
["Composição"," 10550 ","ORSE","Encargos Complementares - Pedreiro","Provisórios",null,"h",1,3.74,3.74]
["Item","Código","Banco","Descrição","Tipo",null,"Und","Quant.","Valor Unit","Total"]
["Insumo"," 11264 ","ORSE","Marreta de 1/2 kg com cabo","Material",null,"un",2.0000000000000001E-4,"13,52","0,00"]
["Insumo"," 10282 ","ORSE","Regua de alumínio c/ 2,00m (para pedreiro)","Material",null,"un",2.0000000000000001E-4,"44,00","0,00"]
["Insumo"," 10789 ","ORSE","Nível de bolha de madeira","Material",null,"un",2.0000000000000001E-4,"15,40","0,00"]
["Insumo"," 00012895/SINAPI ","ORSE","Capacete de seguranca aba frontal com suspensao de polietileno, sem jugular (classe b)","Material",null,"un",5.9999999999999995E-4,"13,50","0,00"]
["Insumo"," 4722 ","ORSE","Colher de pedreiro","Material",null,"un",4.0000000000000002E-4,"18,80","0,00"]
["Insumo"," 10761 ","ORSE","Refeição - café da manhã ( café com leite e dois pães com manteiga)","Serviços",null,"un",0.1018,"5,00","0,50"]
["Insumo"," 00012894/SINAPI ","ORSE","Capa para chuva em pvc com forro de poliester, com capuz (amarela ou azul)","Material",null,"un",2.0000000000000001E-4,"20,11","0,00"]
["Insumo"," 4174 ","ORSE","Desempenadeira de aço lisa, cabo madeira, ref:143, Atlas ou similar","Material",null,"un",5.0000000000000001E-4,"12,00","0,00"]
["Insumo"," 11243 ","ORSE","Martelo sem unha","Material",null,"un",1E-4,"28,00","0,00"]
["Insumo"," 10362 ","ORSE","Seguro de vida e acidente em grupo","Serviços",null,"un",4.4999999999999997E-3,"12,54","0,05"]
["Insumo"," 2378 ","ORSE","Vale transporte","Material",null,"un",6.54E-2,"4,50","0,29"]
["Insumo"," 11246 ","ORSE","Escala métrica de bambú","Material",null,"Un",6.9999999999999999E-4,"10,22","0,00"]
["Insumo"," 10790 ","ORSE","Prumo de face","Material",null,"un",1E-4,"25,95","0,00"]
["Insumo"," 00012893/SINAPI ","ORSE","Bota de seguranca com biqueira de aco e colarinho acolchoado","Material",null,"par",8.0000000000000004E-4,"73,93","0,05"]
["Insumo"," 11247 ","ORSE","Serra mármore","Material",null,"un",1E-4,"327,80","0,03"]
["Insumo"," 00012892/SINAPI ","ORSE","Luva raspa de couro, cano curto (punho *7* cm)","Material",null,"par",2.3E-3,"10,87","0,02"]
["Insumo"," 1651 ","ORSE","Óculos branco proteção","Material",null,"pr",8.0000000000000004E-4,"7,00","0,00"]
["Insumo"," 158 ","ORSE","Almoço (Participação do empregador)","Material",null,"un",0.1018,"14,00","1,42"]
["Insumo"," 11265 ","ORSE","Martelo de borracha com cabo","Material",null,"un",4.0000000000000002E-4,"18,75","0,00"]
["Insumo"," 10596 ","ORSE","Protetor auricular","Material",null,"un",4.4999999999999997E-3,"4,85","0,02"]
["Insumo"," 10492 ","ORSE","Cesta Básica","Material",null,"un",4.4999999999999997E-3,"205,00","0,92"]
["Insumo"," 10599 ","ORSE","Protetor solar fps 30 com 120ml","Material",null,"un",1.8E-3,"18,00","0,03"]
["Insumo"," 941 ","ORSE","Fardamento com mangas curta","Material",null,"un",1.5E-3,"194,68","0,29"]
["Insumo"," 11245 ","ORSE","Desempoladeira de madeira 12x22","Material",null,"un",6.9999999999999999E-4,"11,60","0,00"]
["Insumo"," 10517 ","ORSE","Exames admissionais/demissionais (checkup)","Serviços",null,"cj",4.0000000000000002E-4,"300,00","0,12"]
["Detalhamento de Cálculo ORSE"]
["Item","Código","Banco","Descrição","Tipo",null,"Und","Quant.","Valor Unit","Total"]
["Insumo"," 11264 ","ORSE","Marreta de 1/2 kg com cabo","Material",null,"un",2.0000000000000001E-4,"13,52","0,00"]
["Insumo"," 10282 ","ORSE","Regua de alumínio c/ 2,00m (para pedreiro)","Material",null,"un",2.0000000000000001E-4,"44,00","0,00"]
["Insumo"," 10789 ","ORSE","Nível de bolha de madeira","Material",null,"un",2.0000000000000001E-4,"15,40","0,00"]
["Insumo"," 00012895/SINAPI ","ORSE","Capacete de seguranca aba frontal com suspensao de polietileno, sem jugular (classe b)","Material",null,"un",5.9999999999999995E-4,"13,50","0,00"]
["Insumo"," 4722 ","ORSE","Colher de pedreiro","Material",null,"un",4.0000000000000002E-4,"18,80","0,00"]
["Insumo"," 10761 ","ORSE","Refeição - café da manhã ( café com leite e dois pães com manteiga)","Serviços",null,"un",0.1018,"5,00","0,50"]
["Insumo"," 00012894/SINAPI ","ORSE","Capa para chuva em pvc com forro de poliester, com capuz (amarela ou azul)","Material",null,"un",2.0000000000000001E-4,"20,11","0,00"]
["Insumo"," 4174 ","ORSE","Desempenadeira de aço lisa, cabo madeira, ref:143, Atlas ou similar","Material",null,"un",5.0000000000000001E-4,"12,00","0,00"]
["Insumo"," 11243 ","ORSE","Martelo sem unha","Material",null,"un",1E-4,"28,00","0,00"]
["Insumo"," 10362 ","ORSE","Seguro de vida e acidente em grupo","Serviços",null,"un",4.4999999999999997E-3,"12,54","0,05"]
["Insumo"," 2378 ","ORSE","Vale transporte","Material",null,"un",6.54E-2,"4,50","0,29"]
["Insumo"," 11246 ","ORSE","Escala métrica de bambú","Material",null,"Un",6.9999999999999999E-4,"10,22","0,00"]
["Insumo"," 10790 ","ORSE","Prumo de face","Material",null,"un",1E-4,"25,95","0,00"]
["Insumo"," 00012893/SINAPI ","ORSE","Bota de seguranca com biqueira de aco e colarinho acolchoado","Material",null,"par",8.0000000000000004E-4,"73,93","0,05"]
["Insumo"," 11247 ","ORSE","Serra mármore","Material",null,"un",1E-4,"327,80","0,03"]
["Insumo"," 00012892/SINAPI ","ORSE","Luva raspa de couro, cano curto (punho *7* cm)","Material",null,"par",2.3E-3,"10,87","0,02"]
["Insumo"," 1651 ","ORSE","Óculos branco proteção","Material",null,"pr",8.0000000000000004E-4,"7,00","0,00"]
["Insumo"," 158 ","ORSE","Almoço (Participação do empregador)","Material",null,"un",0.1018,"14,00","1,42"]
["Insumo"," 11265 ","ORSE","Martelo de borracha com cabo","Material",null,"un",4.0000000000000002E-4,"18,75","0,00"]
["Insumo"," 10596 ","ORSE","Protetor auricular","Material",null,"un",4.4999999999999997E-3,"4,85","0,02"]
["Insumo"," 10492 ","ORSE","Cesta Básica","Material",null,"un",4.4999999999999997E-3,"205,00","0,92"]
["Insumo"," 10599 ","ORSE","Protetor solar fps 30 com 120ml","Material",null,"un",1.8E-3,"18,00","0,03"]
["Insumo"," 941 ","ORSE","Fardamento com mangas curta","Material",null,"un",1.5E-3,"194,68","0,29"]
["Insumo"," 11245 ","ORSE","Desempoladeira de madeira 12x22","Material",null,"un",6.9999999999999999E-4,"11,60","0,00"]
["Insumo"," 10517 ","ORSE","Exames admissionais/demissionais (checkup)","Serviços",null,"cj",4.0000000000000002E-4,"300,00","0,12"]
[{"$nulls":4},"MO sem LS =>",0,"LS =>",0,"MO com LS =>",0]
[{"$nulls":4},"Valor do BDI =>",0.9,null,"Valor com BDI =>",null,4.6399999999999997]
[]
[null,"Código","Banco","Descrição","Tipo",null,"Und","Quant.","Valor Unit","Total"]
["Composição"," 10594 ","ORSE","Encargos Complementares - Serralheiro ou Operador de Equipamento Leve","Provisórios",null,"h",1,3.71,3.71]
["Item","Código","Banco","Descrição","Tipo",null,"Und","Quant.","Valor Unit","Total"]
["Insumo"," 941 ","ORSE","Fardamento com mangas curta","Material",null,"un",1.5E-3,"194,68","0,29"]
["Insumo"," 00012895/SINAPI ","ORSE","Capacete de seguranca aba frontal com suspensao de polietileno, sem jugular (classe b)","Material",null,"un",5.9999999999999995E-4,"13,50","0,00"]
["Insumo"," 00012894/SINAPI ","ORSE","Capa para chuva em pvc com forro de poliester, com capuz (amarela ou azul)","Material",null,"un",2.0000000000000001E-4,"20,11","0,00"]
["Insumo"," 10761 ","ORSE","Refeição - café da manhã ( café com leite e dois pães com manteiga)","Serviços",null,"un",0.1018,"5,00","0,50"]
["Insumo"," 00012892/SINAPI ","ORSE","Luva raspa de couro, cano curto (punho *7* cm)","Material",null,"par",2.3E-3,"10,87","0,02"]
["Insumo"," 10599 ","ORSE","Protetor solar fps 30 com 120ml","Material",null,"un",1.8E-3,"18,00","0,03"]
["Insumo"," 2378 ","ORSE","Vale transporte","Material",null,"un",6.54E-2,"4,50","0,29"]
["Insumo"," 158 ","ORSE","Almoço (Participação do empregador)","Material",null,"un",0.1018,"14,00","1,42"]
["Insumo"," 10492 ","ORSE","Cesta Básica","Material",null,"un",4.4999999999999997E-3,"205,00","0,92"]
["Insumo"," 10362 ","ORSE","Seguro de vida e acidente em grupo","Serviços",null,"un",4.4999999999999997E-3,"12,54","0,05"]
["Insumo"," 10596 ","ORSE","Protetor auricular","Material",null,"un",4.4999999999999997E-3,"4,85","0,02"]
["Insumo"," 10585 ","ORSE","Arco de serra","Material",null,"un",2.0000000000000001E-4,"20,90","0,00"]
["Insumo"," 10517 ","ORSE","Exames admissionais/demissionais (checkup)","Serviços",null,"cj",4.0000000000000002E-4,"300,00","0,12"]
["Insumo"," 00012893/SINAPI ","ORSE","Bota de seguranca com biqueira de aco e colarinho acolchoado","Material",null,"par",8.0000000000000004E-4,"73,93","0,05"]
["Insumo"," 10586 ","ORSE","Torquesa","Material",null,"un",2.0000000000000001E-4,"39,00","0,00"]
["Insumo"," 1651 ","ORSE","Óculos branco proteção","Material",null,"pr",8.0000000000000004E-4,"7,00","0,00"]
["Detalhamento de Cálculo ORSE"]
["Item","Código","Banco","Descrição","Tipo",null,"Und","Quant.","Valor Unit","Total"]
["Insumo"," 941 ","ORSE","Fardamento com mangas curta","Material",null,"un",1.5E-3,"194,68","0,29"]
["Insumo"," 00012895/SINAPI ","ORSE","Capacete de seguranca aba frontal com suspensao de polietileno, sem jugular (classe b)","Material",null,"un",5.9999999999999995E-4,"13,50","0,00"]
["Insumo"," 00012894/SINAPI ","ORSE","Capa para chuva em pvc com forro de poliester, com capuz (amarela ou azul)","Material",null,"un",2.0000000000000001E-4,"20,11","0,00"]
["Insumo"," 10761 ","ORSE","Refeição - café da manhã ( café com leite e dois pães com manteiga)","Serviços",null,"un",0.1018,"5,00","0,50"]
["Insumo"," 00012892/SINAPI ","ORSE","Luva raspa de couro, cano curto (punho *7* cm)","Material",null,"par",2.3E-3,"10,87","0,02"]
["Insumo"," 10599 ","ORSE","Protetor solar fps 30 com 120ml","Material",null,"un",1.8E-3,"18,00","0,03"]
["Insumo"," 2378 ","ORSE","Vale transporte","Material",null,"un",6.54E-2,"4,50","0,29"]
["Insumo"," 158 ","ORSE","Almoço (Participação do empregador)","Material",null,"un",0.1018,"14,00","1,42"]
["Insumo"," 10492 ","ORSE","Cesta Básica","Material",null,"un",4.4999999999999997E-3,"205,00","0,92"]
["Insumo"," 10362 ","ORSE","Seguro de vida e acidente em grupo","Serviços",null,"un",4.4999999999999997E-3,"12,54","0,05"]
["Insumo"," 10596 ","ORSE","Protetor auricular","Material",null,"un",4.4999999999999997E-3,"4,85","0,02"]
["Insumo"," 10585 ","ORSE","Arco de serra","Material",null,"un",2.0000000000000001E-4,"20,90","0,00"]
["Insumo"," 10517 ","ORSE","Exames admissionais/demissionais (checkup)","Serviços",null,"cj",4.0000000000000002E-4,"300,00","0,12"]
["Insumo"," 00012893/SINAPI ","ORSE","Bota de seguranca com biqueira de aco e colarinho acolchoado","Material",null,"par",8.0000000000000004E-4,"73,93","0,05"]
["Insumo"," 10586 ","ORSE","Torquesa","Material",null,"un",2.0000000000000001E-4,"39,00","0,00"]
["Insumo"," 1651 ","ORSE","Óculos branco proteção","Material",null,"pr",8.0000000000000004E-4,"7,00","0,00"]
[{"$nulls":4},"MO sem LS =>",0,"LS =>",0,"MO com LS =>",0]
[{"$nulls":4},"Valor do BDI =>",0.89,null,"Valor com BDI =>",null,4.5999999999999996]
[]
[null,"Código","Banco","Descrição","Tipo",null,"Und","Quant.","Valor Unit","Total"]
["Composição"," 10549 ","ORSE","Encargos Complementares - Servente","Provisórios",null,"h",1,3.87,3.87]
["Item","Código","Banco","Descrição","Tipo",null,"Und","Quant.","Valor Unit","Total"]
["Insumo"," 10492 ","ORSE","Cesta Básica","Material",null,"un",4.4999999999999997E-3,"205,00","0,92"]
["Insumo"," 10599 ","ORSE","Protetor solar fps 30 com 120ml","Material",null,"un",1.8E-3,"18,00","0,03"]
["Insumo"," 4728 ","ORSE","Talhadeira chata 10\"","Material",null,"un",2.9999999999999997E-4,"18,58","0,00"]
["Insumo"," 00012893/SINAPI ","ORSE","Bota de seguranca com biqueira de aco e colarinho acolchoado","Material",null,"par",8.0000000000000004E-4,"73,93","0,05"]
["Insumo"," 10517 ","ORSE","Exames admissionais/demissionais (checkup)","Serviços",null,"cj",4.0000000000000002E-4,"300,00","0,12"]
["Insumo"," 10761 ","ORSE","Refeição - café da manhã ( café com leite e dois pães com manteiga)","Serviços",null,"un",0.1018,"5,00","0,50"]
["Insumo"," 10596 ","ORSE","Protetor auricular","Material",null,"un",4.4999999999999997E-3,"4,85","0,02"]
["Insumo"," 1651 ","ORSE","Óculos branco proteção","Material",null,"pr",8.0000000000000004E-4,"7,00","0,00"]
["Insumo"," 941 ","ORSE","Fardamento com mangas curta","Material",null,"un",1.5E-3,"194,68","0,29"]
["Insumo"," 00012892/SINAPI ","ORSE","Luva raspa de couro, cano curto (punho *7* cm)","Material",null,"par",2.3E-3,"10,87","0,02"]
["Insumo"," 158 ","ORSE","Almoço (Participação do empregador)","Material",null,"un",0.1018,"14,00","1,42"]
["Insumo"," 10788 ","ORSE","Pá quadrada","Material",null,"un",2.0000000000000001E-4,"36,90","0,00"]
["Insumo"," 00012894/SINAPI ","ORSE","Capa para chuva em pvc com forro de poliester, com capuz (amarela ou azul)","Material",null,"un",2.0000000000000001E-4,"20,11","0,00"]
["Insumo"," 00002711/SINAPI ","ORSE","Carrinho de mao, em aco, com capacidade de *45 a 65* l / *100* kg, pneu com camara","Material",null,"un",2.0000000000000001E-4,"187,68","0,03"]
["Insumo"," 00012895/SINAPI ","ORSE","Capacete de seguranca aba frontal com suspensao de polietileno, sem jugular (classe b)","Material",null,"un",5.9999999999999995E-4,"13,50","0,00"]
["Insumo"," 10362 ","ORSE","Seguro de vida e acidente em grupo","Serviços",null,"un",4.4999999999999997E-3,"12,54","0,05"]
["Insumo"," 2378 ","ORSE","Vale transporte","Material",null,"un",9.4100000000000003E-2,"4,50","0,42"]
["Insumo"," 4729 ","ORSE","Marreta 1 kg com cabo","Material",null,"un",1E-4,"37,80","0,00"]
["Detalhamento de Cálculo ORSE"]
["Item","Código","Banco","Descrição","Tipo",null,"Und","Quant.","Valor Unit","Total"]
["Insumo"," 10492 ","ORSE","Cesta Básica","Material",null,"un",4.4999999999999997E-3,"205,00","0,92"]
["Insumo"," 10599 ","ORSE","Protetor solar fps 30 com 120ml","Material",null,"un",1.8E-3,"18,00","0,03"]
["Insumo"," 4728 ","ORSE","Talhadeira chata 10\"","Material",null,"un",2.9999999999999997E-4,"18,58","0,00"]
["Insumo"," 00012893/SINAPI ","ORSE","Bota de seguranca com biqueira de aco e colarinho acolchoado","Material",null,"par",8.0000000000000004E-4,"73,93","0,05"]
["Insumo"," 10517 ","ORSE","Exames admissionais/demissionais (checkup)","Serviços",null,"cj",4.0000000000000002E-4,"300,00","0,12"]
["Insumo"," 10761 ","ORSE","Refeição - café da manhã ( café com leite e dois pães com manteiga)","Serviços",null,"un",0.1018,"5,00","0,50"]
["Insumo"," 10596 ","ORSE","Protetor auricular","Material",null,"un",4.4999999999999997E-3,"4,85","0,02"]
["Insumo"," 1651 ","ORSE","Óculos branco proteção","Material",null,"pr",8.0000000000000004E-4,"7,00","0,00"]
["Insumo"," 941 ","ORSE","Fardamento com mangas curta","Material",null,"un",1.5E-3,"194,68","0,29"]
["Insumo"," 00012892/SINAPI ","ORSE","Luva raspa de couro, cano curto (punho *7* cm)","Material",null,"par",2.3E-3,"10,87","0,02"]
["Insumo"," 158 ","ORSE","Almoço (Participação do empregador)","Material",null,"un",0.1018,"14,00","1,42"]
["Insumo"," 10788 ","ORSE","Pá quadrada","Material",null,"un",2.0000000000000001E-4,"36,90","0,00"]
["Insumo"," 00012894/SINAPI ","ORSE","Capa para chuva em pvc com forro de poliester, com capuz (amarela ou azul)","Material",null,"un",2.0000000000000001E-4,"20,11","0,00"]
["Insumo"," 00002711/SINAPI ","ORSE","Carrinho de mao, em aco, com capacidade de *45 a 65* l / *100* kg, pneu com camara","Material",null,"un",2.0000000000000001E-4,"187,68","0,03"]
["Insumo"," 00012895/SINAPI ","ORSE","Capacete de seguranca aba frontal com suspensao de polietileno, sem jugular (classe b)","Material",null,"un",5.9999999999999995E-4,"13,50","0,00"]
["Insumo"," 10362 ","ORSE","Seguro de vida e acidente em grupo","Serviços",null,"un",4.4999999999999997E-3,"12,54","0,05"]
["Insumo"," 2378 ","ORSE","Vale transporte","Material",null,"un",9.4100000000000003E-2,"4,50","0,42"]
["Insumo"," 4729 ","ORSE","Marreta 1 kg com cabo","Material",null,"un",1E-4,"37,80","0,00"]
[{"$nulls":4},"MO sem LS =>",0,"LS =>",0,"MO com LS =>",0]
[{"$nulls":4},"Valor do BDI =>",0.93,null,"Valor com BDI =>",null,4.8]
[]
[null,"Código","Banco","Descrição","Tipo",null,"Und","Quant.","Valor Unit","Total"]
["Composição"," 2497 ","ORSE","Escavação manual de vala ou cava em material de 1ª categoria, profundidade até 1,50m","Escavação Manual em Área Urbana",null,"m³",1,55.53,55.53]
["Item","Código","Banco","Descrição","Tipo",null,"Und","Quant.","Valor Unit","Total"]
["Insumo"," 00006111/SINAPI ","ORSE","Servente de obras (horista)","Mão de Obra",null,"h",3,"14,58","43,74"]
["Composição"," 10549 ","ORSE","Encargos Complementares - Servente","Provisórios",null,"h",3,"3,87","11,61"]
["Detalhamento de Cálculo ORSE"]
["Item","Código","Banco","Descrição","Tipo",null,"Und","Quant.","Valor Unit","Total"]
["Insumo"," 00006111/SINAPI ","ORSE","Servente de obras (horista)","Mão de Obra",null,"h",3,"14,58","43,74"]
["Insumo"," 10492 ","ORSE","Cesta Básica","Material",null,"un",1.35E-2,"205,00","2,76"]
["Insumo"," 10599 ","ORSE","Protetor solar fps 30 com 120ml","Material",null,"un",5.4000000000000003E-3,"18,00","0,09"]
["Insumo"," 4728 ","ORSE","Talhadeira chata 10\"","Material",null,"un",8.9999999999999998E-4,"18,58","0,01"]
["Insumo"," 00012893/SINAPI ","ORSE","Bota de seguranca com biqueira de aco e colarinho acolchoado","Material",null,"par",2.3999999999999998E-3,"73,93","0,17"]
["Insumo"," 10517 ","ORSE","Exames admissionais/demissionais (checkup)","Serviços",null,"cj",1.1999999999999999E-3,"300,00","0,36"]
["Insumo"," 10761 ","ORSE","Refeição - café da manhã ( café com leite e dois pães com manteiga)","Serviços",null,"un",0.3054,"5,00","1,52"]
["Insumo"," 10596 ","ORSE","Protetor auricular","Material",null,"un",1.35E-2,"4,85","0,06"]
["Insumo"," 1651 ","ORSE","Óculos branco proteção","Material",null,"pr",2.3999999999999998E-3,"7,00","0,01"]
["Insumo"," 941 ","ORSE","Fardamento com mangas curta","Material",null,"un",4.4999999999999997E-3,"194,68","0,87"]
["Insumo"," 00012892/SINAPI ","ORSE","Luva raspa de couro, cano curto (punho *7* cm)","Material",null,"par",6.8999999999999999E-3,"10,87","0,07"]
["Insumo"," 158 ","ORSE","Almoço (Participação do empregador)","Material",null,"un",0.3054,"14,00","4,27"]
["Insumo"," 10788 ","ORSE","Pá quadrada","Material",null,"un",5.9999999999999995E-4,"36,90","0,02"]
["Insumo"," 00012894/SINAPI ","ORSE","Capa para chuva em pvc com forro de poliester, com capuz (amarela ou azul)","Material",null,"un",5.9999999999999995E-4,"20,11","0,01"]
["Insumo"," 00002711/SINAPI ","ORSE","Carrinho de mao, em aco, com capacidade de *45 a 65* l / *100* kg, pneu com camara","Material",null,"un",5.9999999999999995E-4,"187,68","0,11"]
["Insumo"," 00012895/SINAPI ","ORSE","Capacete de seguranca aba frontal com suspensao de polietileno, sem jugular (classe b)","Material",null,"un",1.8E-3,"13,50","0,02"]
["Insumo"," 10362 ","ORSE","Seguro de vida e acidente em grupo","Serviços",null,"un",1.35E-2,"12,54","0,16"]
["Insumo"," 2378 ","ORSE","Vale transporte","Material",null,"un",0.2823,"4,50","1,27"]
["Insumo"," 4729 ","ORSE","Marreta 1 kg com cabo","Material",null,"un",2.9999999999999997E-4,"37,80","0,01"]
[{"$nulls":4},"MO sem LS =>",20.399999999999999,"LS =>",23.34,"MO com LS =>",43.74]
[{"$nulls":4},"Valor do BDI =>",13.37,null,"Valor com BDI =>",null,68.900000000000006]
[]
[null,"Código","Banco","Descrição","Tipo",null,"Und","Quant.","Valor Unit","Total"]
["Composição"," 92273 ","SINAPI","FABRICAÇÃO DE ESCORAS DO TIPO PONTALETE, EM MADEIRA, PARA PÉ-DIREITO SIMPLES. AF_09/2020","FUES - FUNDAÇÕES E ESTRUTURAS",null,"M",1,19.22,19.22]
["Composição Auxiliar"," 88262 ","SINAPI","CARPINTEIRO DE FORMAS COM ENCARGOS COMPLEMENTARES","SEDI - SERVIÇOS DIVERSOS",null,"H",9.0999999999999998E-2,26.18,2.38]
["Composição Auxiliar"," 88239 ","SINAPI","AJUDANTE DE CARPINTEIRO COM ENCARGOS COMPLEMENTARES","SEDI - SERVIÇOS DIVERSOS",null,"H",2.1000000000000001E-2,22.21,0.46]
["Composição Auxiliar"," 91693 ","SINAPI","SERRA CIRCULAR DE BANCADA COM MOTOR ELÉTRICO POTÊNCIA DE 5HP, COM COIFA PARA DISCO 10\" - CHI DIURNO. AF_08/2015","CHOR - CUSTOS HORÁRIOS DE MÁQUINAS E EQUIPAMENTOS",null,"CHI",0.03,23.25,0.69]
["Composição Auxiliar"," 91692 ","SINAPI","SERRA CIRCULAR DE BANCADA COM MOTOR ELÉTRICO POTÊNCIA DE 5HP, COM COIFA PARA DISCO 10\" - CHP DIURNO. AF_08/2015","CHOR - CUSTOS HORÁRIOS DE MÁQUINAS E EQUIPAMENTOS",null,"CHP",7.0000000000000001E-3,24.71,0.17]
["Insumo"," 00005068 ","SINAPI","PREGO DE ACO POLIDO COM CABECA 17 X 21 (2 X 11)","Material",null,"KG",2.3E-2,24.17,0.55000000000000004]
["Insumo"," 00004491 ","SINAPI","PONTALETE *7,5 X 7,5* CM EM PINUS, MISTA OU EQUIVALENTE DA REGIAO - BRUTA","Material",null,"M",1.31,11.43,14.97]
[{"$nulls":4},"MO sem LS =>",1.32,"LS =>",1.53,"MO com LS =>",2.85]
[{"$nulls":4},"Valor do BDI =>",4.63,null,"Valor com BDI =>",null,23.85]
[]
[null,"Código","Banco","Descrição","Tipo",null,"Und","Quant.","Valor Unit","Total"]
["Composição"," 92263 ","SINAPI","FABRICAÇÃO DE FÔRMA PARA PILARES E ESTRUTURAS SIMILARES, EM CHAPA DE MADEIRA COMPENSADA RESINADA, E = 17 MM. AF_09/2020","FUES - FUNDAÇÕES E ESTRUTURAS",null,"m²",1,204.15,204.15]
["Composição Auxiliar"," 88262 ","SINAPI","CARPINTEIRO DE FORMAS COM ENCARGOS COMPLEMENTARES","SEDI - SERVIÇOS DIVERSOS",null,"H",1.18,26.18,30.89]
["Composição Auxiliar"," 91693 ","SINAPI","SERRA CIRCULAR DE BANCADA COM MOTOR ELÉTRICO POTÊNCIA DE 5HP, COM COIFA PARA DISCO 10\" - CHI DIURNO. AF_08/2015","CHOR - CUSTOS HORÁRIOS DE MÁQUINAS E EQUIPAMENTOS",null,"CHI",0.255,23.25,5.92]
["Composição Auxiliar"," 88239 ","SINAPI","AJUDANTE DE CARPINTEIRO COM ENCARGOS COMPLEMENTARES","SEDI - SERVIÇOS DIVERSOS",null,"H",0.25,22.21,5.55]
["Composição Auxiliar"," 91692 ","SINAPI","SERRA CIRCULAR DE BANCADA COM MOTOR ELÉTRICO POTÊNCIA DE 5HP, COM COIFA PARA DISCO 10\" - CHP DIURNO. AF_08/2015","CHOR - CUSTOS HORÁRIOS DE MÁQUINAS E EQUIPAMENTOS",null,"CHP",6.3E-2,24.71,1.55]
["Insumo"," 00005068 ","SINAPI","PREGO DE ACO POLIDO COM CABECA 17 X 21 (2 X 11)","Material",null,"KG",0.20799999999999999,24.17,5.0199999999999996]
["Insumo"," 00004517 ","SINAPI","SARRAFO *2,5 X 7,5* CM EM PINUS, MISTA OU EQUIVALENTE DA REGIAO - BRUTA","Material",null,"M",9.2370000000000001,4,36.94]
["Insumo"," 00001358 ","SINAPI","CHAPA/PAINEL DE MADEIRA COMPENSADA RESINADA (MADEIRITE RESINADO ROSA) PARA FORMA DE CONCRETO, DE 2200 X 1100 MM, E = 17 MM","Material",null,"M²",1.3360000000000001,68.790000000000006,91.9]
["Insumo"," 00004491 ","SINAPI","PONTALETE *7,5 X 7,5* CM EM PINUS, MISTA OU EQUIVALENTE DA REGIAO - BRUTA","Material",null,"M",2.3079999999999998,11.43,26.38]
[{"$nulls":4},"MO sem LS =>",15.81,"LS =>",18.09,"MO com LS =>",33.9]
[{"$nulls":4},"Valor do BDI =>",49.17,null,"Valor com BDI =>",null,253.32]
[]
[null,"Código","Banco","Descrição","Tipo",null,"Und","Quant.","Valor Unit","Total"]
["Composição"," 116 ","ORSE","Forma Plana para estruturas, em compensado resinado de 12mm, 05 usos, inclusive escoramento - Revisada 07..2015","Formas",null,"m²",1,80.78,80.78]
["Item","Código","Banco","Descrição","Tipo",null,"Und","Quant.","Valor Unit","Total"]
["Insumo"," 630 ","ORSE","Compensado resinado 12mm - Madeirit ou similar","Material",null,"m²",0.23400000000000001,"44,17","10,33"]
["Insumo"," 00001213/SINAPI ","ORSE","Carpinteiro de formas para concreto (horista)","Mão de Obra",null,"h",0.97299999999999998,"19,02","18,50"]
["Composição"," 10551 ","ORSE","Encargos Complementares - Carpinteiro","Provisórios",null,"h",0.97299999999999998,"3,82","3,71"]
["Insumo"," 00005069/SINAPI ","ORSE","Prego de aco polido com cabeca 17 x 27 (2 1/2 x 11)","Material",null,"kg",0.1,"17,52","1,75"]
["Insumo"," 00002692/SINAPI ","ORSE","Desmoldante protetor para formas de madeira, de base oleosa emulsionada em agua","Material",null,"l",0.02,"9,31","0,18"]
["Insumo"," 00043130/SINAPI ","ORSE","Arame galvanizado 12 bwg, d = 2,76 mm (0,048 kg/m) ou 14 bwg, d = 2,11 mm (0,026 kg/m)","Material",null,"kg",0.15,"30,99","4,64"]
["Insumo"," 00004509/SINAPI ","ORSE","Sarrafo *2,5 x 10* cm em pinus, mista ou equivalente da regiao - bruta","Material",null,"m",1.089,"5,66","6,16"]
["Composição"," 10549 ","ORSE","Encargos Complementares - Servente","Provisórios",null,"h",1.35,"3,87","5,22"]
["Insumo"," 00006193/SINAPI ","ORSE","Tabua nao aparelhada *2,5 x 20* cm, em macaranduba/massaranduba, angelim ou equivalente da regiao - bruta","Material",null,"m",0.122,"15,54","1,89"]
["Insumo"," 1569 ","ORSE","Madeira mista serrada (barrote) 6 x 6cm - 0,0036 m3/m (angelim, louro)","Material",null,"m",1.2270000000000001,"6,69","8,20"]
["Insumo"," 00006111/SINAPI ","ORSE","Servente de obras (horista)","Mão de Obra",null,"h",1.35,"14,58","19,68"]
["Insumo"," 00005068/SINAPI ","ORSE","Prego de aco polido com cabeca 17 x 21 (2 x 11)","Material",null,"kg",2.5000000000000001E-2,"17,19","0,42"]
["Detalhamento de Cálculo ORSE"]
["Item","Código","Banco","Descrição","Tipo",null,"Und","Quant.","Valor Unit","Total"]
["Insumo"," 630 ","ORSE","Compensado resinado 12mm - Madeirit ou similar","Material",null,"m²",0.23400000000000001,"44,17","10,33"]
["Insumo"," 00001213/SINAPI ","ORSE","Carpinteiro de formas para concreto (horista)","Mão de Obra",null,"h",0.97299999999999998,"19,02","18,50"]
["Insumo"," 10579 ","ORSE","Chave de fenda chata 30 cm","Material",null,"un",1.9459999999999999E-4,"26,89","0,00"]
["Insumo"," 2378 ","ORSE","Vale transporte","Material",null,"un",0.19066920000000001,"4,50","0,85"]
["Insumo"," 11249 ","ORSE","Serra circular eletrica portatil","Equipamento",null,"un",9.7299999999999993E-5,"979,65","0,09"]
["Insumo"," 10517 ","ORSE","Exames admissionais/demissionais (checkup)","Serviços",null,"cj",9.2920000000000003E-4,"300,00","0,27"]
["Insumo"," 11248 ","ORSE","Furadeira e Parafusadeira eletrica Bosch ou Similar profissional","Equipamento",null,"un",9.7299999999999993E-5,"246,00","0,02"]
["Insumo"," 941 ","ORSE","Fardamento com mangas curta","Material",null,"un",3.4845000000000002E-3,"194,68","0,67"]
["Insumo"," 158 ","ORSE","Almoço (Participação do empregador)","Material",null,"un",0.23648140000000001,"14,00","3,31"]
["Insumo"," 00012892/SINAPI ","ORSE","Luva raspa de couro, cano curto (punho *7* cm)","Material",null,"par",5.3429000000000003E-3,"10,87","0,05"]
["Insumo"," 00012895/SINAPI ","ORSE","Capacete de seguranca aba frontal com suspensao de polietileno, sem jugular (classe b)","Material",null,"un",1.3937999999999999E-3,"13,50","0,01"]
["Insumo"," 00012894/SINAPI ","ORSE","Capa para chuva em pvc com forro de poliester, com capuz (amarela ou azul)","Material",null,"un",4.6460000000000002E-4,"20,11","0,00"]
["Insumo"," 1651 ","ORSE","Óculos branco proteção","Material",null,"pr",1.7611E-3,"7,00","0,01"]
["Insumo"," 10577 ","ORSE","Serrote 40cm","Material",null,"un",9.7299999999999993E-5,"36,00","0,00"]
["Insumo"," 10578 ","ORSE","Formão grande","Material",null,"un",1.9459999999999999E-4,"15,15","0,00"]
["Insumo"," 10362 ","ORSE","Seguro de vida e acidente em grupo","Serviços",null,"un",1.0453499999999999E-2,"12,54","0,13"]
["Insumo"," 10599 ","ORSE","Protetor solar fps 30 com 120ml","Material",null,"un",4.1814E-3,"18,00","0,07"]
["Insumo"," 10596 ","ORSE","Protetor auricular","Material",null,"un",1.0453499999999999E-2,"4,85","0,05"]
["Insumo"," 10761 ","ORSE","Refeição - café da manhã ( café com leite e dois pães com manteiga)","Serviços",null,"un",0.23648140000000001,"5,00","1,18"]
["Insumo"," 00012893/SINAPI ","ORSE","Bota de seguranca com biqueira de aco e colarinho acolchoado","Material",null,"par",1.7611E-3,"73,93","0,13"]
["Insumo"," 10492 ","ORSE","Cesta Básica","Material",null,"un",1.0453499999999999E-2,"205,00","2,14"]
["Insumo"," 11244 ","ORSE","Martelo com unha","Material",null,"un",1.9459999999999999E-4,"48,95","0,00"]
["Insumo"," 00005069/SINAPI ","ORSE","Prego de aco polido com cabeca 17 x 27 (2 1/2 x 11)","Material",null,"kg",0.1,"17,52","1,75"]
["Insumo"," 00002692/SINAPI ","ORSE","Desmoldante protetor para formas de madeira, de base oleosa emulsionada em agua","Material",null,"l",0.02,"9,31","0,18"]
["Insumo"," 00043130/SINAPI ","ORSE","Arame galvanizado 12 bwg, d = 2,76 mm (0,048 kg/m) ou 14 bwg, d = 2,11 mm (0,026 kg/m)","Material",null,"kg",0.15,"30,99","4,64"]
["Insumo"," 00004509/SINAPI ","ORSE","Sarrafo *2,5 x 10* cm em pinus, mista ou equivalente da regiao - bruta","Material",null,"m",1.089,"5,66","6,16"]
["Insumo"," 4728 ","ORSE","Talhadeira chata 10\"","Material",null,"un",4.0499999999999998E-4,"18,58","0,00"]
["Insumo"," 10788 ","ORSE","Pá quadrada","Material",null,"un",2.7E-4,"36,90","0,00"]
["Insumo"," 00002711/SINAPI ","ORSE","Carrinho de mao, em aco, com capacidade de *45 a 65* l / *100* kg, pneu com camara","Material",null,"un",2.7E-4,"187,68","0,05"]
["Insumo"," 4729 ","ORSE","Marreta 1 kg com cabo","Material",null,"un",1.35E-4,"37,80","0,00"]
["Insumo"," 00006193/SINAPI ","ORSE","Tabua nao aparelhada *2,5 x 20* cm, em macaranduba/massaranduba, angelim ou equivalente da regiao - bruta","Material",null,"m",0.122,"15,54","1,89"]
["Insumo"," 1569 ","ORSE","Madeira mista serrada (barrote) 6 x 6cm - 0,0036 m3/m (angelim, louro)","Material",null,"m",1.2270000000000001,"6,69","8,20"]
["Insumo"," 00006111/SINAPI ","ORSE","Servente de obras (horista)","Mão de Obra",null,"h",1.35,"14,58","19,68"]
["Insumo"," 00005068/SINAPI ","ORSE","Prego de aco polido com cabeca 17 x 21 (2 x 11)","Material",null,"kg",2.5000000000000001E-2,"17,19","0,42"]
[{"$nulls":4},"MO sem LS =>",17.8,"LS =>",20.38,"MO com LS =>",38.18]
[{"$nulls":4},"Valor do BDI =>",19.45,null,"Valor com BDI =>",null,100.23]
[]
[null,"Código","Banco","Descrição","Tipo",null,"Und","Quant.","Valor Unit","Total"]
["Composição"," 93282 ","SINAPI","GUINCHO ELÉTRICO DE COLUNA, CAPACIDADE 400 KG, COM MOTO FREIO, MOTOR TRIFÁSICO DE 1,25 CV - CHI DIURNO. AF_03/2016","CHOR - CUSTOS HORÁRIOS DE MÁQUINAS E EQUIPAMENTOS",null,"CHI",1,20.68,20.68]
["Composição Auxiliar"," 88295 ","SINAPI","OPERADOR DE GUINCHO COM ENCARGOS COMPLEMENTARES","SEDI - SERVIÇOS DIVERSOS",null,"H",1,20.329999999999998,20.329999999999998]
["Composição Auxiliar"," 93278 ","SINAPI","GUINCHO ELÉTRICO DE COLUNA, CAPACIDADE 400 KG, COM MOTO FREIO, MOTOR TRIFÁSICO DE 1,25 CV - JUROS. AF_03/2016","CHOR - CUSTOS HORÁRIOS DE MÁQUINAS E EQUIPAMENTOS",null,"H",1,0.06,0.06]
["Composição Auxiliar"," 93277 ","SINAPI","GUINCHO ELÉTRICO DE COLUNA, CAPACIDADE 400 KG, COM MOTO FREIO, MOTOR TRIFÁSICO DE 1,25 CV - DEPRECIAÇÃO. AF_03/2016","CHOR - CUSTOS HORÁRIOS DE MÁQUINAS E EQUIPAMENTOS",null,"H",1,0.28999999999999998,0.28999999999999998]
[{"$nulls":4},"MO sem LS =>",7.21,"LS =>",8.25,"MO com LS =>",15.46]
[{"$nulls":4},"Valor do BDI =>",4.9800000000000004,null,"Valor com BDI =>",null,25.66]
[]
[null,"Código","Banco","Descrição","Tipo",null,"Und","Quant.","Valor Unit","Total"]
["Composição"," 93281 ","SINAPI","GUINCHO ELÉTRICO DE COLUNA, CAPACIDADE 400 KG, COM MOTO FREIO, MOTOR TRIFÁSICO DE 1,25 CV - CHP DIURNO. AF_03/2016","CHOR - CUSTOS HORÁRIOS DE MÁQUINAS E EQUIPAMENTOS",null,"CHP",1,21.75,21.75]
["Composição Auxiliar"," 93277 ","SINAPI","GUINCHO ELÉTRICO DE COLUNA, CAPACIDADE 400 KG, COM MOTO FREIO, MOTOR TRIFÁSICO DE 1,25 CV - DEPRECIAÇÃO. AF_03/2016","CHOR - CUSTOS HORÁRIOS DE MÁQUINAS E EQUIPAMENTOS",null,"H",1,0.28999999999999998,0.28999999999999998]
["Composição Auxiliar"," 93278 ","SINAPI","GUINCHO ELÉTRICO DE COLUNA, CAPACIDADE 400 KG, COM MOTO FREIO, MOTOR TRIFÁSICO DE 1,25 CV - JUROS. AF_03/2016","CHOR - CUSTOS HORÁRIOS DE MÁQUINAS E EQUIPAMENTOS",null,"H",1,0.06,0.06]
["Composição Auxiliar"," 88295 ","SINAPI","OPERADOR DE GUINCHO COM ENCARGOS COMPLEMENTARES","SEDI - SERVIÇOS DIVERSOS",null,"H",1,20.329999999999998,20.329999999999998]
["Composição Auxiliar"," 93279 ","SINAPI","GUINCHO ELÉTRICO DE COLUNA, CAPACIDADE 400 KG, COM MOTO FREIO, MOTOR TRIFÁSICO DE 1,25 CV - MANUTENÇÃO. AF_03/2016","CHOR - CUSTOS HORÁRIOS DE MÁQUINAS E EQUIPAMENTOS",null,"H",1,0.27,0.27]
["Composição Auxiliar"," 93280 ","SINAPI","GUINCHO ELÉTRICO DE COLUNA, CAPACIDADE 400 KG, COM MOTO FREIO, MOTOR TRIFÁSICO DE 1,25 CV - MATERIAIS NA OPERAÇÃO. AF_03/2016","CHOR - CUSTOS HORÁRIOS DE MÁQUINAS E EQUIPAMENTOS",null,"H",1,0.8,0.8]
[{"$nulls":4},"MO sem LS =>",7.21,"LS =>",8.25,"MO com LS =>",15.46]
[{"$nulls":4},"Valor do BDI =>",5.23,null,"Valor com BDI =>",null,26.98]
[]
[null,"Código","Banco","Descrição","Tipo",null,"Und","Quant.","Valor Unit","Total"]
["Composição"," 93277 ","SINAPI","GUINCHO ELÉTRICO DE COLUNA, CAPACIDADE 400 KG, COM MOTO FREIO, MOTOR TRIFÁSICO DE 1,25 CV - DEPRECIAÇÃO. AF_03/2016","CHOR - CUSTOS HORÁRIOS DE MÁQUINAS E EQUIPAMENTOS",null,"H",1,0.28999999999999998,0.28999999999999998]
["Insumo"," 00036487 ","SINAPI","GUINCHO ELETRICO DE COLUNA, CAPACIDADE 400 KG, COM MOTO FREIO, MOTOR TRIFASICO DE 1,25 CV","Equipamento",null,"UN",6.3999999999999997E-5,4642.79,0.28999999999999998]
[{"$nulls":4},"MO sem LS =>",0,"LS =>",0,"MO com LS =>",0]
[{"$nulls":4},"Valor do BDI =>",0.06,null,"Valor com BDI =>",null,0.35]
[]
[null,"Código","Banco","Descrição","Tipo",null,"Und","Quant.","Valor Unit","Total"]
["Composição"," 93278 ","SINAPI","GUINCHO ELÉTRICO DE COLUNA, CAPACIDADE 400 KG, COM MOTO FREIO, MOTOR TRIFÁSICO DE 1,25 CV - JUROS. AF_03/2016","CHOR - CUSTOS HORÁRIOS DE MÁQUINAS E EQUIPAMENTOS",null,"H",1,0.06,0.06]
["Insumo"," 00036487 ","SINAPI","GUINCHO ELETRICO DE COLUNA, CAPACIDADE 400 KG, COM MOTO FREIO, MOTOR TRIFASICO DE 1,25 CV","Equipamento",null,"UN",1.4800000000000001E-5,4642.79,0.06]
[{"$nulls":4},"MO sem LS =>",0,"LS =>",0,"MO com LS =>",0]
[{"$nulls":4},"Valor do BDI =>",0.01,null,"Valor com BDI =>",null,7.0000000000000007E-2]
[]
[null,"Código","Banco","Descrição","Tipo",null,"Und","Quant.","Valor Unit","Total"]
["Composição"," 93279 ","SINAPI","GUINCHO ELÉTRICO DE COLUNA, CAPACIDADE 400 KG, COM MOTO FREIO, MOTOR TRIFÁSICO DE 1,25 CV - MANUTENÇÃO. AF_03/2016","CHOR - CUSTOS HORÁRIOS DE MÁQUINAS E EQUIPAMENTOS",null,"H",1,0.27,0.27]
["Insumo"," 00036487 ","SINAPI","GUINCHO ELETRICO DE COLUNA, CAPACIDADE 400 KG, COM MOTO FREIO, MOTOR TRIFASICO DE 1,25 CV","Equipamento",null,"UN",6.0000000000000002E-5,4642.79,0.27]
[{"$nulls":4},"MO sem LS =>",0,"LS =>",0,"MO com LS =>",0]
[{"$nulls":4},"Valor do BDI =>",0.06,null,"Valor com BDI =>",null,0.33]
[]
[null,"Código","Banco","Descrição","Tipo",null,"Und","Quant.","Valor Unit","Total"]
["Composição"," 93280 ","SINAPI","GUINCHO ELÉTRICO DE COLUNA, CAPACIDADE 400 KG, COM MOTO FREIO, MOTOR TRIFÁSICO DE 1,25 CV - MATERIAIS NA OPERAÇÃO. AF_03/2016","CHOR - CUSTOS HORÁRIOS DE MÁQUINAS E EQUIPAMENTOS",null,"H",1,0.8,0.8]
["Insumo"," 00002705 ","SINAPI","ENERGIA ELETRICA ATE 2000 KWH INDUSTRIAL, SEM DEMANDA","Material",null,"KW/H",0.78,1.03,0.8]
[{"$nulls":4},"MO sem LS =>",0,"LS =>",0,"MO com LS =>",0]
[{"$nulls":4},"Valor do BDI =>",0.19,null,"Valor com BDI =>",null,0.99]
[]
[null,"Código","Banco","Descrição","Tipo",null,"Und","Quant.","Valor Unit","Total"]
["Composição"," 93288 ","SINAPI","GUINDASTE HIDRÁULICO AUTOPROPELIDO, COM LANÇA TELESCÓPICA 40 M, CAPACIDADE MÁXIMA 60 T, POTÊNCIA 260 KW - CHI DIURNO. AF_03/2016","Custos Horários Produtivo e Improdutivo dos Equipamentos",null,"CHI",1,171.72,171.72]
["Composição Auxiliar"," 93284 ","SINAPI","GUINDASTE HIDRÁULICO AUTOPROPELIDO, COM LANÇA TELESCÓPICA 40 M, CAPACIDADE MÁXIMA 60 T, POTÊNCIA 260 KW - JUROS. AF_03/2016","Depreciação, Juros, Impostos e Seguros, Manutenção e Materiais na Operação dos Equipamentos",null,"H",1,35.119999999999997,35.119999999999997]
["Composição Auxiliar"," 88296 ","SINAPI","OPERADOR DE GUINDASTE COM ENCARGOS COMPLEMENTARES","Livro SINAPI: Cálculos e Parâmetros",null,"H",1,22.77,22.77]
["Composição Auxiliar"," 93296 ","SINAPI","GUINDASTE HIDRÁULICO AUTOPROPELIDO, COM LANÇA TELESCÓPICA 40 M, CAPACIDADE MÁXIMA 60 T, POTÊNCIA 260 KW - IMPOSTOS E SEGUROS. AF_03/2016","Depreciação, Juros, Impostos e Seguros, Manutenção e Materiais na Operação dos Equipamentos",null,"H",1,14.19,14.19]
["Composição Auxiliar"," 93283 ","SINAPI","GUINDASTE HIDRÁULICO AUTOPROPELIDO, COM LANÇA TELESCÓPICA 40 M, CAPACIDADE MÁXIMA 60 T, POTÊNCIA 260 KW - DEPRECIAÇÃO. AF_03/2016","Depreciação, Juros, Impostos e Seguros, Manutenção e Materiais na Operação dos Equipamentos",null,"H",1,99.64,99.64]
[{"$nulls":4},"MO sem LS =>",8.34,"LS =>",9.56,"MO com LS =>",17.899999999999999]
[{"$nulls":4},"Valor do BDI =>",41.36,null,"Valor com BDI =>",null,213.08]
[]
[null,"Código","Banco","Descrição","Tipo",null,"Und","Quant.","Valor Unit","Total"]
["Composição"," 93287 ","SINAPI","GUINDASTE HIDRÁULICO AUTOPROPELIDO, COM LANÇA TELESCÓPICA 40 M, CAPACIDADE MÁXIMA 60 T, POTÊNCIA 260 KW - CHP DIURNO. AF_03/2016","Custos Horários Produtivo e Improdutivo dos Equipamentos",null,"CHP",1,345.28,345.28]
["Composição Auxiliar"," 93283 ","SINAPI","GUINDASTE HIDRÁULICO AUTOPROPELIDO, COM LANÇA TELESCÓPICA 40 M, CAPACIDADE MÁXIMA 60 T, POTÊNCIA 260 KW - DEPRECIAÇÃO. AF_03/2016","Depreciação, Juros, Impostos e Seguros, Manutenção e Materiais na Operação dos Equipamentos",null,"H",1,99.64,99.64]
["Composição Auxiliar"," 93296 ","SINAPI","GUINDASTE HIDRÁULICO AUTOPROPELIDO, COM LANÇA TELESCÓPICA 40 M, CAPACIDADE MÁXIMA 60 T, POTÊNCIA 260 KW - IMPOSTOS E SEGUROS. AF_03/2016","Depreciação, Juros, Impostos e Seguros, Manutenção e Materiais na Operação dos Equipamentos",null,"H",1,14.19,14.19]
["Composição Auxiliar"," 88296 ","SINAPI","OPERADOR DE GUINDASTE COM ENCARGOS COMPLEMENTARES","Livro SINAPI: Cálculos e Parâmetros",null,"H",1,22.77,22.77]
["Composição Auxiliar"," 93286 ","SINAPI","GUINDASTE HIDRÁULICO AUTOPROPELIDO, COM LANÇA TELESCÓPICA 40 M, CAPACIDADE MÁXIMA 60 T, POTÊNCIA 260 KW - MATERIAIS NA OPERAÇÃO. AF_03/2016","Depreciação, Juros, Impostos e Seguros, Manutenção e Materiais na Operação dos Equipamentos",null,"H",1,13.39,13.39]
["Composição Auxiliar"," 93284 ","SINAPI","GUINDASTE HIDRÁULICO AUTOPROPELIDO, COM LANÇA TELESCÓPICA 40 M, CAPACIDADE MÁXIMA 60 T, POTÊNCIA 260 KW - JUROS. AF_03/2016","Depreciação, Juros, Impostos e Seguros, Manutenção e Materiais na Operação dos Equipamentos",null,"H",1,35.119999999999997,35.119999999999997]
["Composição Auxiliar"," 93285 ","SINAPI","GUINDASTE HIDRÁULICO AUTOPROPELIDO, COM LANÇA TELESCÓPICA 40 M, CAPACIDADE MÁXIMA 60 T, POTÊNCIA 260 KW - MANUTENÇÃO. AF_03/2016","Depreciação, Juros, Impostos e Seguros, Manutenção e Materiais na Operação dos Equipamentos",null,"H",1,160.16999999999999,160.16999999999999]
[{"$nulls":4},"MO sem LS =>",8.34,"LS =>",9.56,"MO com LS =>",17.899999999999999]
[{"$nulls":4},"Valor do BDI =>",83.17,null,"Valor com BDI =>",null,428.45]
[]
[null,"Código","Banco","Descrição","Tipo",null,"Und","Quant.","Valor Unit","Total"]
["Composição"," 93283 ","SINAPI","GUINDASTE HIDRÁULICO AUTOPROPELIDO, COM LANÇA TELESCÓPICA 40 M, CAPACIDADE MÁXIMA 60 T, POTÊNCIA 260 KW - DEPRECIAÇÃO. AF_03/2016","Depreciação, Juros, Impostos e Seguros, Manutenção e Materiais na Operação dos Equipamentos",null,"H",1,99.64,99.64]
["Insumo"," 00044474 ","SINAPI","GUINDASTE HIDRAULICO AUTOPROPELIDO, COM LANCA TELESCOPICA 40 M, CAPACIDADE MAXIMA 60 T, POTENCIA 260 KW, TRACAO 6 X 6","Equipamento para Aquisição Permanente",null,"UN",4.0000000000000003E-5,2491030.2799999998,99.64]
[{"$nulls":4},"MO sem LS =>",0,"LS =>",0,"MO com LS =>",0]
[{"$nulls":4},"Valor do BDI =>",24,null,"Valor com BDI =>",null,123.64]
[]
[null,"Código","Banco","Descrição","Tipo",null,"Und","Quant.","Valor Unit","Total"]
["Composição"," 93296 ","SINAPI","GUINDASTE HIDRÁULICO AUTOPROPELIDO, COM LANÇA TELESCÓPICA 40 M, CAPACIDADE MÁXIMA 60 T, POTÊNCIA 260 KW - IMPOSTOS E SEGUROS. AF_03/2016","Depreciação, Juros, Impostos e Seguros, Manutenção e Materiais na Operação dos Equipamentos",null,"H",1,14.19,14.19]
["Insumo"," 00044474 ","SINAPI","GUINDASTE HIDRAULICO AUTOPROPELIDO, COM LANCA TELESCOPICA 40 M, CAPACIDADE MAXIMA 60 T, POTENCIA 260 KW, TRACAO 6 X 6","Equipamento para Aquisição Permanente",null,"UN",5.6999999999999996E-6,2491030.2799999998,14.19]
[{"$nulls":4},"MO sem LS =>",0,"LS =>",0,"MO com LS =>",0]
[{"$nulls":4},"Valor do BDI =>",3.41,null,"Valor com BDI =>",null,17.600000000000001]
[]
[null,"Código","Banco","Descrição","Tipo",null,"Und","Quant.","Valor Unit","Total"]
["Composição"," 93284 ","SINAPI","GUINDASTE HIDRÁULICO AUTOPROPELIDO, COM LANÇA TELESCÓPICA 40 M, CAPACIDADE MÁXIMA 60 T, POTÊNCIA 260 KW - JUROS. AF_03/2016","Depreciação, Juros, Impostos e Seguros, Manutenção e Materiais na Operação dos Equipamentos",null,"H",1,35.119999999999997,35.119999999999997]
["Insumo"," 00044474 ","SINAPI","GUINDASTE HIDRAULICO AUTOPROPELIDO, COM LANCA TELESCOPICA 40 M, CAPACIDADE MAXIMA 60 T, POTENCIA 260 KW, TRACAO 6 X 6","Equipamento para Aquisição Permanente",null,"UN",1.4100000000000001E-5,2491030.2799999998,35.119999999999997]
[{"$nulls":4},"MO sem LS =>",0,"LS =>",0,"MO com LS =>",0]
[{"$nulls":4},"Valor do BDI =>",8.4600000000000009,null,"Valor com BDI =>",null,43.58]
[]
[null,"Código","Banco","Descrição","Tipo",null,"Und","Quant.","Valor Unit","Total"]
["Composição"," 93285 ","SINAPI","GUINDASTE HIDRÁULICO AUTOPROPELIDO, COM LANÇA TELESCÓPICA 40 M, CAPACIDADE MÁXIMA 60 T, POTÊNCIA 260 KW - MANUTENÇÃO. AF_03/2016","Depreciação, Juros, Impostos e Seguros, Manutenção e Materiais na Operação dos Equipamentos",null,"H",1,160.16999999999999,160.16999999999999]
["Insumo"," 00044474 ","SINAPI","GUINDASTE HIDRAULICO AUTOPROPELIDO, COM LANCA TELESCOPICA 40 M, CAPACIDADE MAXIMA 60 T, POTENCIA 260 KW, TRACAO 6 X 6","Equipamento para Aquisição Permanente",null,"UN",6.4300000000000004E-5,2491030.2799999998,160.16999999999999]
[{"$nulls":4},"MO sem LS =>",0,"LS =>",0,"MO com LS =>",0]
[{"$nulls":4},"Valor do BDI =>",38.58,null,"Valor com BDI =>",null,198.75]
[]
[null,"Código","Banco","Descrição","Tipo",null,"Und","Quant.","Valor Unit","Total"]
["Composição"," 93286 ","SINAPI","GUINDASTE HIDRÁULICO AUTOPROPELIDO, COM LANÇA TELESCÓPICA 40 M, CAPACIDADE MÁXIMA 60 T, POTÊNCIA 260 KW - MATERIAIS NA OPERAÇÃO. AF_03/2016","Depreciação, Juros, Impostos e Seguros, Manutenção e Materiais na Operação dos Equipamentos",null,"H",1,13.39,13.39]
["Insumo"," 00002705 ","SINAPI","ENERGIA ELETRICA ATE 2000 KWH INDUSTRIAL, SEM DEMANDA","Material",null,"KW/H",13,1.03,13.39]
[{"$nulls":4},"MO sem LS =>",0,"LS =>",0,"MO com LS =>",0]
[{"$nulls":4},"Valor do BDI =>",3.22,null,"Valor com BDI =>",null,16.61]
[]
[null,"Código","Banco","Descrição","Tipo",null,"Und","Quant.","Valor Unit","Total"]
["Composição"," 5930 ","SINAPI","GUINDAUTO HIDRÁULICO, CAPACIDADE MÁXIMA DE CARGA 6200 KG, MOMENTO MÁXIMO DE CARGA 11,7 TM, ALCANCE MÁXIMO HORIZONTAL 9,70 M, INCLUSIVE CAMINHÃO TOCO PBT 16.000 KG, POTÊNCIA DE 189 CV - CHI DIURNO. AF_06/2014","CHOR - CUSTOS HORÁRIOS DE MÁQUINAS E EQUIPAMENTOS",null,"CHI",1,71.88,71.88]
["Composição Auxiliar"," 91466 ","SINAPI","GUINDAUTO HIDRÁULICO, CAPACIDADE MÁXIMA DE CARGA 6200 KG, MOMENTO MÁXIMO DE CARGA 11,7 TM, ALCANCE MÁXIMO HORIZONTAL 9,70 M, INCLUSIVE CAMINHÃO TOCO PBT 16.000 KG, POTÊNCIA DE 189 CV - IMPOSTOS E SEGUROS. AF_08/2015","CHOR - CUSTOS HORÁRIOS DE MÁQUINAS E EQUIPAMENTOS",null,"H",1,4.08,4.08]
["Composição Auxiliar"," 88286 ","SINAPI","MOTORISTA OPERADOR DE MUNCK COM ENCARGOS COMPLEMENTARES","SEDI - SERVIÇOS DIVERSOS",null,"H",1,30.16,30.16]
["Composição Auxiliar"," 89259 ","SINAPI","GUINDAUTO HIDRÁULICO, CAPACIDADE MÁXIMA DE CARGA 6200 KG, MOMENTO MÁXIMO DE CARGA 11,7 TM, ALCANCE MÁXIMO HORIZONTAL 9,70 M, INCLUSIVE CAMINHÃO TOCO PBT 16.000 KG, POTÊNCIA DE 189 CV - DEPRECIAÇÃO. AF_06/2014","CHOR - CUSTOS HORÁRIOS DE MÁQUINAS E EQUIPAMENTOS",null,"H",1,27.52,27.52]
["Composição Auxiliar"," 89260 ","SINAPI","GUINDAUTO HIDRÁULICO, CAPACIDADE MÁXIMA DE CARGA 6200 KG, MOMENTO MÁXIMO DE CARGA 11,7 TM, ALCANCE MÁXIMO HORIZONTAL 9,70 M, INCLUSIVE CAMINHÃO TOCO PBT 16.000 KG, POTÊNCIA DE 189 CV - JUROS. AF_06/2014","CHOR - CUSTOS HORÁRIOS DE MÁQUINAS E EQUIPAMENTOS",null,"H",1,10.119999999999999,10.119999999999999]
[{"$nulls":4},"MO sem LS =>",11.79,"LS =>",13.5,"MO com LS =>",25.29]
[{"$nulls":4},"Valor do BDI =>",17.309999999999999,null,"Valor com BDI =>",null,89.19]
[]
[null,"Código","Banco","Descrição","Tipo",null,"Und","Quant.","Valor Unit","Total"]
["Composição"," 5928 ","SINAPI","GUINDAUTO HIDRÁULICO, CAPACIDADE MÁXIMA DE CARGA 6200 KG, MOMENTO MÁXIMO DE CARGA 11,7 TM, ALCANCE MÁXIMO HORIZONTAL 9,70 M, INCLUSIVE CAMINHÃO TOCO PBT 16.000 KG, POTÊNCIA DE 189 CV - CHP DIURNO. AF_06/2014","CHOR - CUSTOS HORÁRIOS DE MÁQUINAS E EQUIPAMENTOS",null,"CHP",1,275.51,275.51]
["Composição Auxiliar"," 91467 ","SINAPI","GUINDAUTO HIDRÁULICO, CAPACIDADE MÁXIMA DE CARGA 6200 KG, MOMENTO MÁXIMO DE CARGA 11,7 TM, ALCANCE MÁXIMO HORIZONTAL 9,70 M, INCLUSIVE CAMINHÃO TOCO PBT 16.000 KG, POTÊNCIA DE 189 CV - MATERIAIS NA OPERAÇÃO. AF_08/2015","CHOR - CUSTOS HORÁRIOS DE MÁQUINAS E EQUIPAMENTOS",null,"H",1,156.99,156.99]
["Composição Auxiliar"," 89259 ","SINAPI","GUINDAUTO HIDRÁULICO, CAPACIDADE MÁXIMA DE CARGA 6200 KG, MOMENTO MÁXIMO DE CARGA 11,7 TM, ALCANCE MÁXIMO HORIZONTAL 9,70 M, INCLUSIVE CAMINHÃO TOCO PBT 16.000 KG, POTÊNCIA DE 189 CV - DEPRECIAÇÃO. AF_06/2014","CHOR - CUSTOS HORÁRIOS DE MÁQUINAS E EQUIPAMENTOS",null,"H",1,27.52,27.52]
["Composição Auxiliar"," 88286 ","SINAPI","MOTORISTA OPERADOR DE MUNCK COM ENCARGOS COMPLEMENTARES","SEDI - SERVIÇOS DIVERSOS",null,"H",1,30.16,30.16]
["Composição Auxiliar"," 89262 ","SINAPI","GUINDAUTO HIDRÁULICO, CAPACIDADE MÁXIMA DE CARGA 6200 KG, MOMENTO MÁXIMO DE CARGA 11,7 TM, ALCANCE MÁXIMO HORIZONTAL 9,70 M, INCLUSIVE CAMINHÃO TOCO PBT 16.000 KG, POTÊNCIA DE 189 CV - MANUTENÇÃO. AF_06/2014","CHOR - CUSTOS HORÁRIOS DE MÁQUINAS E EQUIPAMENTOS",null,"H",1,46.64,46.64]
["Composição Auxiliar"," 91466 ","SINAPI","GUINDAUTO HIDRÁULICO, CAPACIDADE MÁXIMA DE CARGA 6200 KG, MOMENTO MÁXIMO DE CARGA 11,7 TM, ALCANCE MÁXIMO HORIZONTAL 9,70 M, INCLUSIVE CAMINHÃO TOCO PBT 16.000 KG, POTÊNCIA DE 189 CV - IMPOSTOS E SEGUROS. AF_08/2015","CHOR - CUSTOS HORÁRIOS DE MÁQUINAS E EQUIPAMENTOS",null,"H",1,4.08,4.08]
["Composição Auxiliar"," 89260 ","SINAPI","GUINDAUTO HIDRÁULICO, CAPACIDADE MÁXIMA DE CARGA 6200 KG, MOMENTO MÁXIMO DE CARGA 11,7 TM, ALCANCE MÁXIMO HORIZONTAL 9,70 M, INCLUSIVE CAMINHÃO TOCO PBT 16.000 KG, POTÊNCIA DE 189 CV - JUROS. AF_06/2014","CHOR - CUSTOS HORÁRIOS DE MÁQUINAS E EQUIPAMENTOS",null,"H",1,10.119999999999999,10.119999999999999]
[{"$nulls":4},"MO sem LS =>",11.79,"LS =>",13.5,"MO com LS =>",25.29]
[{"$nulls":4},"Valor do BDI =>",66.37,null,"Valor com BDI =>",null,341.88]
[]
[null,"Código","Banco","Descrição","Tipo",null,"Und","Quant.","Valor Unit","Total"]
["Composição"," 89259 ","SINAPI","GUINDAUTO HIDRÁULICO, CAPACIDADE MÁXIMA DE CARGA 6200 KG, MOMENTO MÁXIMO DE CARGA 11,7 TM, ALCANCE MÁXIMO HORIZONTAL 9,70 M, INCLUSIVE CAMINHÃO TOCO PBT 16.000 KG, POTÊNCIA DE 189 CV - DEPRECIAÇÃO. AF_06/2014","CHOR - CUSTOS HORÁRIOS DE MÁQUINAS E EQUIPAMENTOS",null,"H",1,27.52,27.52]
["Insumo"," 00003363 ","SINAPI","GUINDAUTO HIDRAULICO, CAPACIDADE MAXIMA DE CARGA 6200 KG, MOMENTO MAXIMO DE CARGA 11,7 TM, ALCANCE MAXIMO HORIZONTAL 9,70 M, PARA MONTAGEM SOBRE CHASSI DE CAMINHAO PBT MINIMO 13000 KG (INCLUI MONTAGEM, NAO INCLUI CAMINHAO)","Equipamento",null,"UN",5.5099999999999998E-5,143750,7.92]
["Insumo"," 00037752 ","SINAPI","CAMINHAO TOCO, PESO BRUTO TOTAL 16000 KG, CARGA UTIL MAXIMA 11030 KG, DISTANCIA ENTRE EIXOS 5,41 M, POTENCIA 185 CV (INCLUI CABINE E CHASSI, NAO INCLUI CARROCERIA)","Equipamento",null,"UN",3.43E-5,571483.76,19.600000000000001]
[{"$nulls":4},"MO sem LS =>",0,"LS =>",0,"MO com LS =>",0]
[{"$nulls":4},"Valor do BDI =>",6.62,null,"Valor com BDI =>",null,34.14]
[]
[null,"Código","Banco","Descrição","Tipo",null,"Und","Quant.","Valor Unit","Total"]
["Composição"," 91466 ","SINAPI","GUINDAUTO HIDRÁULICO, CAPACIDADE MÁXIMA DE CARGA 6200 KG, MOMENTO MÁXIMO DE CARGA 11,7 TM, ALCANCE MÁXIMO HORIZONTAL 9,70 M, INCLUSIVE CAMINHÃO TOCO PBT 16.000 KG, POTÊNCIA DE 189 CV - IMPOSTOS E SEGUROS. AF_08/2015","CHOR - CUSTOS HORÁRIOS DE MÁQUINAS E EQUIPAMENTOS",null,"H",1,4.08,4.08]
["Insumo"," 00003363 ","SINAPI","GUINDAUTO HIDRAULICO, CAPACIDADE MAXIMA DE CARGA 6200 KG, MOMENTO MAXIMO DE CARGA 11,7 TM, ALCANCE MAXIMO HORIZONTAL 9,70 M, PARA MONTAGEM SOBRE CHASSI DE CAMINHAO PBT MINIMO 13000 KG (INCLUI MONTAGEM, NAO INCLUI CAMINHAO)","Equipamento",null,"UN",5.8000000000000004E-6,143750,0.83]
["Insumo"," 00037752 ","SINAPI","CAMINHAO TOCO, PESO BRUTO TOTAL 16000 KG, CARGA UTIL MAXIMA 11030 KG, DISTANCIA ENTRE EIXOS 5,41 M, POTENCIA 185 CV (INCLUI CABINE E CHASSI, NAO INCLUI CARROCERIA)","Equipamento",null,"UN",5.6999999999999996E-6,571483.76,3.25]
[{"$nulls":4},"MO sem LS =>",0,"LS =>",0,"MO com LS =>",0]
[{"$nulls":4},"Valor do BDI =>",0.98,null,"Valor com BDI =>",null,5.0599999999999996]
[]
[null,"Código","Banco","Descrição","Tipo",null,"Und","Quant.","Valor Unit","Total"]
["Composição"," 89260 ","SINAPI","GUINDAUTO HIDRÁULICO, CAPACIDADE MÁXIMA DE CARGA 6200 KG, MOMENTO MÁXIMO DE CARGA 11,7 TM, ALCANCE MÁXIMO HORIZONTAL 9,70 M, INCLUSIVE CAMINHÃO TOCO PBT 16.000 KG, POTÊNCIA DE 189 CV - JUROS. AF_06/2014","CHOR - CUSTOS HORÁRIOS DE MÁQUINAS E EQUIPAMENTOS",null,"H",1,10.119999999999999,10.119999999999999]
["Insumo"," 00003363 ","SINAPI","GUINDAUTO HIDRAULICO, CAPACIDADE MAXIMA DE CARGA 6200 KG, MOMENTO MAXIMO DE CARGA 11,7 TM, ALCANCE MAXIMO HORIZONTAL 9,70 M, PARA MONTAGEM SOBRE CHASSI DE CAMINHAO PBT MINIMO 13000 KG (INCLUI MONTAGEM, NAO INCLUI CAMINHAO)","Equipamento",null,"UN",1.4399999999999999E-5,143750,2.0699999999999998]
["Insumo"," 00037752 ","SINAPI","CAMINHAO TOCO, PESO BRUTO TOTAL 16000 KG, CARGA UTIL MAXIMA 11030 KG, DISTANCIA ENTRE EIXOS 5,41 M, POTENCIA 185 CV (INCLUI CABINE E CHASSI, NAO INCLUI CARROCERIA)","Equipamento",null,"UN",1.4100000000000001E-5,571483.76,8.0500000000000007]
[{"$nulls":4},"MO sem LS =>",0,"LS =>",0,"MO com LS =>",0]
[{"$nulls":4},"Valor do BDI =>",2.4300000000000002,null,"Valor com BDI =>",null,12.55]
[]
[null,"Código","Banco","Descrição","Tipo",null,"Und","Quant.","Valor Unit","Total"]
["Composição"," 89262 ","SINAPI","GUINDAUTO HIDRÁULICO, CAPACIDADE MÁXIMA DE CARGA 6200 KG, MOMENTO MÁXIMO DE CARGA 11,7 TM, ALCANCE MÁXIMO HORIZONTAL 9,70 M, INCLUSIVE CAMINHÃO TOCO PBT 16.000 KG, POTÊNCIA DE 189 CV - MANUTENÇÃO. AF_06/2014","CHOR - CUSTOS HORÁRIOS DE MÁQUINAS E EQUIPAMENTOS",null,"H",1,46.64,46.64]
["Insumo"," 00037752 ","SINAPI","CAMINHAO TOCO, PESO BRUTO TOTAL 16000 KG, CARGA UTIL MAXIMA 11030 KG, DISTANCIA ENTRE EIXOS 5,41 M, POTENCIA 185 CV (INCLUI CABINE E CHASSI, NAO INCLUI CARROCERIA)","Equipamento",null,"UN",6.4300000000000004E-5,571483.76,36.74]
["Insumo"," 00003363 ","SINAPI","GUINDAUTO HIDRAULICO, CAPACIDADE MAXIMA DE CARGA 6200 KG, MOMENTO MAXIMO DE CARGA 11,7 TM, ALCANCE MAXIMO HORIZONTAL 9,70 M, PARA MONTAGEM SOBRE CHASSI DE CAMINHAO PBT MINIMO 13000 KG (INCLUI MONTAGEM, NAO INCLUI CAMINHAO)","Equipamento",null,"UN",6.8899999999999994E-5,143750,9.9]
[{"$nulls":4},"MO sem LS =>",0,"LS =>",0,"MO com LS =>",0]
[{"$nulls":4},"Valor do BDI =>",11.23,null,"Valor com BDI =>",null,57.87]
[]
[null,"Código","Banco","Descrição","Tipo",null,"Und","Quant.","Valor Unit","Total"]
["Composição"," 91467 ","SINAPI","GUINDAUTO HIDRÁULICO, CAPACIDADE MÁXIMA DE CARGA 6200 KG, MOMENTO MÁXIMO DE CARGA 11,7 TM, ALCANCE MÁXIMO HORIZONTAL 9,70 M, INCLUSIVE CAMINHÃO TOCO PBT 16.000 KG, POTÊNCIA DE 189 CV - MATERIAIS NA OPERAÇÃO. AF_08/2015","CHOR - CUSTOS HORÁRIOS DE MÁQUINAS E EQUIPAMENTOS",null,"H",1,156.99,156.99]
["Insumo"," 00004221 ","SINAPI","OLEO DIESEL COMBUSTIVEL COMUM METROPOLITANO S-10 OU S-500","Material",null,"L",26.43,5.94,156.99]
[{"$nulls":4},"MO sem LS =>",0,"LS =>",0,"MO com LS =>",0]
[{"$nulls":4},"Valor do BDI =>",37.81,null,"Valor com BDI =>",null,194.8]
[]
[null,"Código","Banco","Descrição","Tipo",null,"Und","Quant.","Valor Unit","Total"]
["Composição"," 88270 ","SINAPI","IMPERMEABILIZADOR COM ENCARGOS COMPLEMENTARES","SEDI - SERVIÇOS DIVERSOS",null,"H",1,27.03,27.03]
["Composição Auxiliar"," 95338 ","SINAPI","CURSO DE CAPACITAÇÃO PARA IMPERMEABILIZADOR (ENCARGOS COMPLEMENTARES) - HORISTA","SEDI - SERVIÇOS DIVERSOS",null,"H",1,0.43,0.43]
["Insumo"," 00037373 ","SINAPI","SEGURO - HORISTA (COLETADO CAIXA - ENCARGOS COMPLEMENTARES)","Taxas",null,"H",1,0.08,0.08]
["Insumo"," 00043465 ","SINAPI","FERRAMENTAS - FAMILIA PEDREIRO - HORISTA (ENCARGOS COMPLEMENTARES - COLETADO CAIXA)","Equipamento",null,"H",1,0.78,0.78]
["Insumo"," 00043489 ","SINAPI","EPI - FAMILIA PEDREIRO - HORISTA (ENCARGOS COMPLEMENTARES - COLETADO CAIXA)","Equipamento",null,"H",1,1.31,1.31]
["Insumo"," 00037372 ","SINAPI","EXAMES - HORISTA (COLETADO CAIXA - ENCARGOS COMPLEMENTARES)","Material",null,"H",1,1.43,1.43]
["Insumo"," 00037371 ","SINAPI","TRANSPORTE - HORISTA (COLETADO CAIXA - ENCARGOS COMPLEMENTARES)","Serviços",null,"H",1,0.45,0.45]
["Insumo"," 00037370 ","SINAPI","ALIMENTACAO - HORISTA (COLETADO CAIXA - ENCARGOS COMPLEMENTARES)","Material",null,"H",1,2.0099999999999998,2.0099999999999998]
["Insumo"," 00012873 ","SINAPI","IMPERMEABILIZADOR (HORISTA)","Mão de Obra",null,"H",1,20.54,20.54]
[{"$nulls":4},"MO sem LS =>",9.7799999999999994,"LS =>",11.19,"MO com LS =>",20.97]
[{"$nulls":4},"Valor do BDI =>",6.51,null,"Valor com BDI =>",null,33.54]
[]
[null,"Código","Banco","Descrição","Tipo",null,"Und","Quant.","Valor Unit","Total"]
["Composição"," 91952 ","SINAPI","INTERRUPTOR SIMPLES (1 MÓDULO), 10A/250V, SEM SUPORTE E SEM PLACA - FORNECIMENTO E INSTALAÇÃO. AF_03/2023","Instalações Elétricas - Eletrodutos Embutidos, Cabos, Caixas, Tomadas e Interruptores",null,"UN",1,23.07,23.07]
["Composição Auxiliar"," 88247 ","SINAPI","AUXILIAR DE ELETRICISTA COM ENCARGOS COMPLEMENTARES","SEDI - SERVIÇOS DIVERSOS",null,"H",0.23200000000000001,22.83,5.29]
["Composição Auxiliar"," 88264 ","SINAPI","ELETRICISTA COM ENCARGOS COMPLEMENTARES","SEDI - SERVIÇOS DIVERSOS",null,"H",0.23200000000000001,32.43,7.52]
["Insumo"," 00038112 ","SINAPI","INTERRUPTOR SIMPLES 10A, 250V (APENAS MODULO)","Material",null,"UN",1,10.26,10.26]
[{"$nulls":4},"MO sem LS =>",4.6500000000000004,"LS =>",5.34,"MO com LS =>",9.99]
[{"$nulls":4},"Valor do BDI =>",5.55,null,"Valor com BDI =>",null,28.62]
[]
[null,"Código","Banco","Descrição","Tipo",null,"Und","Quant.","Valor Unit","Total"]
["Composição"," 91958 ","SINAPI","INTERRUPTOR SIMPLES (2 MÓDULOS), 10A/250V, SEM SUPORTE E SEM PLACA - FORNECIMENTO E INSTALAÇÃO. AF_03/2023","Instalações Elétricas - Eletrodutos Embutidos, Cabos, Caixas, Tomadas e Interruptores",null,"UN",1,42.72,42.72]
["Composição Auxiliar"," 88264 ","SINAPI","ELETRICISTA COM ENCARGOS COMPLEMENTARES","SEDI - SERVIÇOS DIVERSOS",null,"H",0.40200000000000002,32.43,13.03]
["Composição Auxiliar"," 88247 ","SINAPI","AUXILIAR DE ELETRICISTA COM ENCARGOS COMPLEMENTARES","SEDI - SERVIÇOS DIVERSOS",null,"H",0.40200000000000002,22.83,9.17]
["Insumo"," 00038112 ","SINAPI","INTERRUPTOR SIMPLES 10A, 250V (APENAS MODULO)","Material",null,"UN",2,10.26,20.52]
[{"$nulls":4},"MO sem LS =>",8.06,"LS =>",9.24,"MO com LS =>",17.3]
[{"$nulls":4},"Valor do BDI =>",10.29,null,"Valor com BDI =>",null,53.01]
[]
[null,"Código","Banco","Descrição","Tipo",null,"Und","Quant.","Valor Unit","Total"]
["Composição"," 98765 ","SINAPI","INVERSOR DE SOLDA MONOFÁSICO DE 160 A, POTÊNCIA DE 7000 W, TENSÃO DE 220 V, TURBO VENTILADO, PROTEÇÃO POR TERMOSTATO, PARA ELETRODOS DE 2,0 A 4,0 MM - CHI DIURNO. AF_06/2018","CHOR - CUSTOS HORÁRIOS DE MÁQUINAS E EQUIPAMENTOS",null,"CHI",1,7.0000000000000007E-2,7.0000000000000007E-2]
["Composição Auxiliar"," 98760 ","SINAPI","INVERSOR DE SOLDA MONOFÁSICO DE 160 A, POTÊNCIA DE 7000 W, TENSÃO DE 220 V, TURBO VENTILADO, PROTEÇÃO POR TERMOSTATO, PARA ELETRODOS DE 2,0 A 4,0 MM - DEPRECIAÇÃO. AF_06/2018","CHOR - CUSTOS HORÁRIOS DE MÁQUINAS E EQUIPAMENTOS",null,"H",1,0.06,0.06]
["Composição Auxiliar"," 98761 ","SINAPI","INVERSOR DE SOLDA MONOFÁSICO DE 160 A, POTÊNCIA DE 7000 W, TENSÃO DE 220 V, TURBO VENTILADO, PROTEÇÃO POR TERMOSTATO, PARA ELETRODOS DE 2,0 A 4,0 MM - JUROS. AF_06/2018","CHOR - CUSTOS HORÁRIOS DE MÁQUINAS E EQUIPAMENTOS",null,"H",1,0.01,0.01]
[{"$nulls":4},"MO sem LS =>",0,"LS =>",0,"MO com LS =>",0]
[{"$nulls":4},"Valor do BDI =>",0.01,null,"Valor com BDI =>",null,0.08]
[]
[null,"Código","Banco","Descrição","Tipo",null,"Und","Quant.","Valor Unit","Total"]
["Composição"," 98764 ","SINAPI","INVERSOR DE SOLDA MONOFÁSICO DE 160 A, POTÊNCIA DE 7000 W, TENSÃO DE 220 V, TURBO VENTILADO, PROTEÇÃO POR TERMOSTATO, PARA ELETRODOS DE 2,0 A 4,0 MM - CHP DIURNO. AF_06/2018","CHOR - CUSTOS HORÁRIOS DE MÁQUINAS E EQUIPAMENTOS",null,"CHP",1,6.27,6.27]
["Composição Auxiliar"," 98763 ","SINAPI","INVERSOR DE SOLDA MONOFÁSICO DE 160 A, POTÊNCIA DE 7000 W, TENSÃO DE 220 V, TURBO VENTILADO, PROTEÇÃO POR TERMOSTATO, PARA ELETRODOS DE 2,0 A 4,0 MM - MATERIAIS NA OPERAÇÃO. AF_06/2018","CHOR - CUSTOS HORÁRIOS DE MÁQUINAS E EQUIPAMENTOS",null,"H",1,6.12,6.12]
["Composição Auxiliar"," 98760 ","SINAPI","INVERSOR DE SOLDA MONOFÁSICO DE 160 A, POTÊNCIA DE 7000 W, TENSÃO DE 220 V, TURBO VENTILADO, PROTEÇÃO POR TERMOSTATO, PARA ELETRODOS DE 2,0 A 4,0 MM - DEPRECIAÇÃO. AF_06/2018","CHOR - CUSTOS HORÁRIOS DE MÁQUINAS E EQUIPAMENTOS",null,"H",1,0.06,0.06]
["Composição Auxiliar"," 98761 ","SINAPI","INVERSOR DE SOLDA MONOFÁSICO DE 160 A, POTÊNCIA DE 7000 W, TENSÃO DE 220 V, TURBO VENTILADO, PROTEÇÃO POR TERMOSTATO, PARA ELETRODOS DE 2,0 A 4,0 MM - JUROS. AF_06/2018","CHOR - CUSTOS HORÁRIOS DE MÁQUINAS E EQUIPAMENTOS",null,"H",1,0.01,0.01]
["Composição Auxiliar"," 98762 ","SINAPI","INVERSOR DE SOLDA MONOFÁSICO DE 160 A, POTÊNCIA DE 7000 W, TENSÃO DE 220 V, TURBO VENTILADO, PROTEÇÃO POR TERMOSTATO, PARA ELETRODOS DE 2,0 A 4,0 MM - MANUTENÇÃO. AF_06/2018","CHOR - CUSTOS HORÁRIOS DE MÁQUINAS E EQUIPAMENTOS",null,"H",1,0.08,0.08]
[{"$nulls":4},"MO sem LS =>",0,"LS =>",0,"MO com LS =>",0]
[{"$nulls":4},"Valor do BDI =>",1.51,null,"Valor com BDI =>",null,7.78]
[]
[null,"Código","Banco","Descrição","Tipo",null,"Und","Quant.","Valor Unit","Total"]
["Composição"," 98760 ","SINAPI","INVERSOR DE SOLDA MONOFÁSICO DE 160 A, POTÊNCIA DE 7000 W, TENSÃO DE 220 V, TURBO VENTILADO, PROTEÇÃO POR TERMOSTATO, PARA ELETRODOS DE 2,0 A 4,0 MM - DEPRECIAÇÃO. AF_06/2018","CHOR - CUSTOS HORÁRIOS DE MÁQUINAS E EQUIPAMENTOS",null,"H",1,0.06,0.06]
["Insumo"," 00045279 ","SINAPI","INVERSOR DE SOLDA MONOFASICO DE 160 A, POTENCIA DE *7000* W, TENSAO DE 220 V, TURBO VENTILADO, PROTECAO POR TERMOSTATO, PARA ELETRODOS DE *2,0 A 4,0* MM","Equipamento para Aquisição Permanente",null,"UN",6.3999999999999997E-5,1081.4000000000001,0.06]
[{"$nulls":4},"MO sem LS =>",0,"LS =>",0,"MO com LS =>",0]
[{"$nulls":4},"Valor do BDI =>",0.01,null,"Valor com BDI =>",null,7.0000000000000007E-2]
[]
[null,"Código","Banco","Descrição","Tipo",null,"Und","Quant.","Valor Unit","Total"]
["Composição"," 98761 ","SINAPI","INVERSOR DE SOLDA MONOFÁSICO DE 160 A, POTÊNCIA DE 7000 W, TENSÃO DE 220 V, TURBO VENTILADO, PROTEÇÃO POR TERMOSTATO, PARA ELETRODOS DE 2,0 A 4,0 MM - JUROS. AF_06/2018","CHOR - CUSTOS HORÁRIOS DE MÁQUINAS E EQUIPAMENTOS",null,"H",1,0.01,0.01]
["Insumo"," 00045279 ","SINAPI","INVERSOR DE SOLDA MONOFASICO DE 160 A, POTENCIA DE *7000* W, TENSAO DE 220 V, TURBO VENTILADO, PROTECAO POR TERMOSTATO, PARA ELETRODOS DE *2,0 A 4,0* MM","Equipamento para Aquisição Permanente",null,"UN",1.4800000000000001E-5,1081.4000000000001,0.01]
[{"$nulls":4},"MO sem LS =>",0,"LS =>",0,"MO com LS =>",0]
[{"$nulls":4},"Valor do BDI =>",0,null,"Valor com BDI =>",null,0.01]
[]
[null,"Código","Banco","Descrição","Tipo",null,"Und","Quant.","Valor Unit","Total"]
["Composição"," 98762 ","SINAPI","INVERSOR DE SOLDA MONOFÁSICO DE 160 A, POTÊNCIA DE 7000 W, TENSÃO DE 220 V, TURBO VENTILADO, PROTEÇÃO POR TERMOSTATO, PARA ELETRODOS DE 2,0 A 4,0 MM - MANUTENÇÃO. AF_06/2018","CHOR - CUSTOS HORÁRIOS DE MÁQUINAS E EQUIPAMENTOS",null,"H",1,0.08,0.08]
["Insumo"," 00045279 ","SINAPI","INVERSOR DE SOLDA MONOFASICO DE 160 A, POTENCIA DE *7000* W, TENSAO DE 220 V, TURBO VENTILADO, PROTECAO POR TERMOSTATO, PARA ELETRODOS DE *2,0 A 4,0* MM","Equipamento para Aquisição Permanente",null,"UN",8.0000000000000007E-5,1081.4000000000001,0.08]
[{"$nulls":4},"MO sem LS =>",0,"LS =>",0,"MO com LS =>",0]
[{"$nulls":4},"Valor do BDI =>",0.01,null,"Valor com BDI =>",null,0.09]
[]
[null,"Código","Banco","Descrição","Tipo",null,"Und","Quant.","Valor Unit","Total"]
["Composição"," 98763 ","SINAPI","INVERSOR DE SOLDA MONOFÁSICO DE 160 A, POTÊNCIA DE 7000 W, TENSÃO DE 220 V, TURBO VENTILADO, PROTEÇÃO POR TERMOSTATO, PARA ELETRODOS DE 2,0 A 4,0 MM - MATERIAIS NA OPERAÇÃO. AF_06/2018","CHOR - CUSTOS HORÁRIOS DE MÁQUINAS E EQUIPAMENTOS",null,"H",1,6.12,6.12]
["Insumo"," 00002705 ","SINAPI","ENERGIA ELETRICA ATE 2000 KWH INDUSTRIAL, SEM DEMANDA","Material",null,"KW/H",5.95,1.03,6.12]
[{"$nulls":4},"MO sem LS =>",0,"LS =>",0,"MO com LS =>",0]
[{"$nulls":4},"Valor do BDI =>",1.47,null,"Valor com BDI =>",null,7.59]
[]
[null,"Código","Banco","Descrição","Tipo",null,"Und","Quant.","Valor Unit","Total"]
["Composição"," 99833 ","SINAPI","LAVADORA DE ALTA PRESSAO (LAVA-JATO) PARA AGUA FRIA, PRESSAO DE OPERACAO ENTRE 1400 E 1900 LIB/POL2, VAZAO MAXIMA ENTRE 400 E 700 L/H - CHP DIURNO. AF_05/2023","Custos Horários Produtivo e Improdutivo dos Equipamentos",null,"CHP",1,4.8499999999999996,4.8499999999999996]
["Composição Auxiliar"," 99831 ","SINAPI","LAVADORA DE ALTA PRESSAO (LAVA-JATO) PARA AGUA FRIA, PRESSAO DE OPERACAO ENTRE 1400 E 1900 LIB/POL2, VAZAO MAXIMA ENTRE 400 E 700 L/H - MANUTENÇÃO. AF_05/2023","Depreciação, Juros, Impostos e Seguros, Manutenção e Materiais na Operação dos Equipamentos",null,"H",1,0.11,0.11]
["Composição Auxiliar"," 99830 ","SINAPI","LAVADORA DE ALTA PRESSAO (LAVA-JATO) PARA AGUA FRIA, PRESSAO DE OPERACAO ENTRE 1400 E 1900 LIB/POL2, VAZAO MAXIMA ENTRE 400 E 700 L/H - JUROS. AF_05/2023","Depreciação, Juros, Impostos e Seguros, Manutenção e Materiais na Operação dos Equipamentos",null,"H",1,0.03,0.03]
["Composição Auxiliar"," 99829 ","SINAPI","LAVADORA DE ALTA PRESSAO (LAVA-JATO) PARA AGUA FRIA, PRESSAO DE OPERACAO ENTRE 1400 E 1900 LIB/POL2, VAZAO MAXIMA ENTRE 400 E 700 L/H - DEPRECIAÇÃO. AF_05/2023","Depreciação, Juros, Impostos e Seguros, Manutenção e Materiais na Operação dos Equipamentos",null,"H",1,0.16,0.16]
["Composição Auxiliar"," 99832 ","SINAPI","LAVADORA DE ALTA PRESSAO (LAVA-JATO) PARA AGUA FRIA, PRESSAO DE OPERACAO ENTRE 1400 E 1900 LIB/POL2, VAZAO MAXIMA ENTRE 400 E 700 L/H - MATERIAIS NA OPERAÇÃO. AF_05/2023","Depreciação, Juros, Impostos e Seguros, Manutenção e Materiais na Operação dos Equipamentos",null,"H",1,4.55,4.55]
[{"$nulls":4},"MO sem LS =>",0,"LS =>",0,"MO com LS =>",0]
[{"$nulls":4},"Valor do BDI =>",1.1599999999999999,null,"Valor com BDI =>",null,6.01]
[]
[null,"Código","Banco","Descrição","Tipo",null,"Und","Quant.","Valor Unit","Total"]
["Composição"," 99829 ","SINAPI","LAVADORA DE ALTA PRESSAO (LAVA-JATO) PARA AGUA FRIA, PRESSAO DE OPERACAO ENTRE 1400 E 1900 LIB/POL2, VAZAO MAXIMA ENTRE 400 E 700 L/H - DEPRECIAÇÃO. AF_05/2023","Depreciação, Juros, Impostos e Seguros, Manutenção e Materiais na Operação dos Equipamentos",null,"H",1,0.16,0.16]
["Insumo"," 00000746 ","SINAPI","LAVADORA DE ALTA PRESSAO (LAVA - JATO) PARA AGUA FRIA, PRESSAO DE OPERACAO ENTRE 1400 E 1900 LIB/POL2, VAZAO MAXIMA ENTRE 400 E 700 L/H, POTENCIA DE OPERACAO ENTRE 2,50 E 3,00 CV","Equipamento para Aquisição Permanente",null,"UN",7.2000000000000002E-5,2287,0.16]
[{"$nulls":4},"MO sem LS =>",0,"LS =>",0,"MO com LS =>",0]
[{"$nulls":4},"Valor do BDI =>",0.03,null,"Valor com BDI =>",null,0.19]
[]
[null,"Código","Banco","Descrição","Tipo",null,"Und","Quant.","Valor Unit","Total"]
["Composição"," 99830 ","SINAPI","LAVADORA DE ALTA PRESSAO (LAVA-JATO) PARA AGUA FRIA, PRESSAO DE OPERACAO ENTRE 1400 E 1900 LIB/POL2, VAZAO MAXIMA ENTRE 400 E 700 L/H - JUROS. AF_05/2023","Depreciação, Juros, Impostos e Seguros, Manutenção e Materiais na Operação dos Equipamentos",null,"H",1,0.03,0.03]
["Insumo"," 00000746 ","SINAPI","LAVADORA DE ALTA PRESSAO (LAVA - JATO) PARA AGUA FRIA, PRESSAO DE OPERACAO ENTRE 1400 E 1900 LIB/POL2, VAZAO MAXIMA ENTRE 400 E 700 L/H, POTENCIA DE OPERACAO ENTRE 2,50 E 3,00 CV","Equipamento para Aquisição Permanente",null,"UN",1.4800000000000001E-5,2287,0.03]
[{"$nulls":4},"MO sem LS =>",0,"LS =>",0,"MO com LS =>",0]
[{"$nulls":4},"Valor do BDI =>",0,null,"Valor com BDI =>",null,0.03]
[]
[null,"Código","Banco","Descrição","Tipo",null,"Und","Quant.","Valor Unit","Total"]
["Composição"," 99831 ","SINAPI","LAVADORA DE ALTA PRESSAO (LAVA-JATO) PARA AGUA FRIA, PRESSAO DE OPERACAO ENTRE 1400 E 1900 LIB/POL2, VAZAO MAXIMA ENTRE 400 E 700 L/H - MANUTENÇÃO. AF_05/2023","Depreciação, Juros, Impostos e Seguros, Manutenção e Materiais na Operação dos Equipamentos",null,"H",1,0.11,0.11]
["Insumo"," 00000746 ","SINAPI","LAVADORA DE ALTA PRESSAO (LAVA - JATO) PARA AGUA FRIA, PRESSAO DE OPERACAO ENTRE 1400 E 1900 LIB/POL2, VAZAO MAXIMA ENTRE 400 E 700 L/H, POTENCIA DE OPERACAO ENTRE 2,50 E 3,00 CV","Equipamento para Aquisição Permanente",null,"UN",5.0000000000000002E-5,2287,0.11]
[{"$nulls":4},"MO sem LS =>",0,"LS =>",0,"MO com LS =>",0]
[{"$nulls":4},"Valor do BDI =>",0.02,null,"Valor com BDI =>",null,0.13]
[]
[null,"Código","Banco","Descrição","Tipo",null,"Und","Quant.","Valor Unit","Total"]
["Composição"," 99832 ","SINAPI","LAVADORA DE ALTA PRESSAO (LAVA-JATO) PARA AGUA FRIA, PRESSAO DE OPERACAO ENTRE 1400 E 1900 LIB/POL2, VAZAO MAXIMA ENTRE 400 E 700 L/H - MATERIAIS NA OPERAÇÃO. AF_05/2023","Depreciação, Juros, Impostos e Seguros, Manutenção e Materiais na Operação dos Equipamentos",null,"H",1,4.55,4.55]
["Insumo"," 00002705 ","SINAPI","ENERGIA ELETRICA ATE 2000 KWH INDUSTRIAL, SEM DEMANDA","Material",null,"KW/H",4.42,1.03,4.55]
[{"$nulls":4},"MO sem LS =>",0,"LS =>",0,"MO com LS =>",0]
[{"$nulls":4},"Valor do BDI =>",1.0900000000000001,null,"Valor com BDI =>",null,5.64]
[]
[null,"Código","Banco","Descrição","Tipo",null,"Und","Quant.","Valor Unit","Total"]
["Composição"," 128 ","ORSE","Lançamento de concreto usinado, bombeado, em peças armadas da superestrutura,inclusive colocação, adensamento e acabamento","Concreto Simples",null,"m³",1,50.5,50.5]
["Item","Código","Banco","Descrição","Tipo",null,"Und","Quant.","Valor Unit","Total"]
["Insumo"," 00001213/SINAPI ","ORSE","Carpinteiro de formas para concreto (horista)","Mão de Obra",null,"h",0.36,"19,02","6,84"]
["Composição"," 10551 ","ORSE","Encargos Complementares - Carpinteiro","Provisórios",null,"h",0.36,"3,82","1,37"]
["Insumo"," 00004750/SINAPI ","ORSE","Pedreiro (horista)","Mão de Obra",null,"h",0.36,"19,02","6,84"]
["Composição"," 10550 ","ORSE","Encargos Complementares - Pedreiro","Provisórios",null,"h",0.36,"3,74","1,34"]
["Insumo"," 00006111/SINAPI ","ORSE","Servente de obras (horista)","Mão de Obra",null,"h",1.62,"14,58","23,61"]
["Insumo"," 00000378/SINAPI ","ORSE","Armador (horista)","Mão de Obra",null,"h",0.18,"19,02","3,42"]
["Composição"," 10549 ","ORSE","Encargos Complementares - Servente","Provisórios",null,"h",1.62,"3,87","6,26"]
["Composição"," 10555 ","ORSE","Encargos Complementares - Armador","Provisórios",null,"h",0.18,"3,71","0,66"]
["Detalhamento de Cálculo ORSE"]
["Item","Código","Banco","Descrição","Tipo",null,"Und","Quant.","Valor Unit","Total"]
["Insumo"," 00001213/SINAPI ","ORSE","Carpinteiro de formas para concreto (horista)","Mão de Obra",null,"h",0.36,"19,02","6,84"]
["Insumo"," 10579 ","ORSE","Chave de fenda chata 30 cm","Material",null,"un",7.2000000000000002E-5,"26,89","0,00"]
["Insumo"," 2378 ","ORSE","Vale transporte","Material",null,"un",0.21130199999999999,"4,50","0,95"]
["Insumo"," 11249 ","ORSE","Serra circular eletrica portatil","Equipamento",null,"un",3.6000000000000001E-5,"979,65","0,03"]
["Insumo"," 10517 ","ORSE","Exames admissionais/demissionais (checkup)","Serviços",null,"cj",1.008E-3,"300,00","0,30"]
["Insumo"," 11248 ","ORSE","Furadeira e Parafusadeira eletrica Bosch ou Similar profissional","Equipamento",null,"un",3.6000000000000001E-5,"246,00","0,00"]
["Insumo"," 941 ","ORSE","Fardamento com mangas curta","Material",null,"un",3.7799999999999999E-3,"194,68","0,73"]
["Insumo"," 158 ","ORSE","Almoço (Participação do empregador)","Material",null,"un",0.25653599999999999,"14,00","3,59"]
["Insumo"," 00012892/SINAPI ","ORSE","Luva raspa de couro, cano curto (punho *7* cm)","Material",null,"par",5.7959999999999999E-3,"10,87","0,06"]
["Insumo"," 00012895/SINAPI ","ORSE","Capacete de seguranca aba frontal com suspensao de polietileno, sem jugular (classe b)","Material",null,"un",1.5120000000000001E-3,"13,50","0,02"]
["Insumo"," 00012894/SINAPI ","ORSE","Capa para chuva em pvc com forro de poliester, com capuz (amarela ou azul)","Material",null,"un",5.04E-4,"20,11","0,01"]
["Insumo"," 1651 ","ORSE","Óculos branco proteção","Material",null,"pr",1.98E-3,"7,00","0,01"]
["Insumo"," 10577 ","ORSE","Serrote 40cm","Material",null,"un",3.6000000000000001E-5,"36,00","0,00"]
["Insumo"," 10578 ","ORSE","Formão grande","Material",null,"un",7.2000000000000002E-5,"15,15","0,00"]
["Insumo"," 10362 ","ORSE","Seguro de vida e acidente em grupo","Serviços",null,"un",1.1339999999999999E-2,"12,54","0,14"]
["Insumo"," 10599 ","ORSE","Protetor solar fps 30 com 120ml","Material",null,"un",4.5360000000000001E-3,"18,00","0,08"]
["Insumo"," 10596 ","ORSE","Protetor auricular","Material",null,"un",1.1339999999999999E-2,"4,85","0,05"]
["Insumo"," 10761 ","ORSE","Refeição - café da manhã ( café com leite e dois pães com manteiga)","Serviços",null,"un",0.25653599999999999,"5,00","1,28"]
["Insumo"," 00012893/SINAPI ","ORSE","Bota de seguranca com biqueira de aco e colarinho acolchoado","Material",null,"par",1.98E-3,"73,93","0,14"]
["Insumo"," 10492 ","ORSE","Cesta Básica","Material",null,"un",1.1339999999999999E-2,"205,00","2,32"]
["Insumo"," 11244 ","ORSE","Martelo com unha","Material",null,"un",7.2000000000000002E-5,"48,95","0,00"]
["Insumo"," 00004750/SINAPI ","ORSE","Pedreiro (horista)","Mão de Obra",null,"h",0.36,"19,02","6,84"]
["Insumo"," 11264 ","ORSE","Marreta de 1/2 kg com cabo","Material",null,"un",7.2000000000000002E-5,"13,52","0,00"]
["Insumo"," 10282 ","ORSE","Regua de alumínio c/ 2,00m (para pedreiro)","Material",null,"un",7.2000000000000002E-5,"44,00","0,00"]
["Insumo"," 10789 ","ORSE","Nível de bolha de madeira","Material",null,"un",7.2000000000000002E-5,"15,40","0,00"]
["Insumo"," 4722 ","ORSE","Colher de pedreiro","Material",null,"un",1.44E-4,"18,80","0,00"]
["Insumo"," 4174 ","ORSE","Desempenadeira de aço lisa, cabo madeira, ref:143, Atlas ou similar","Material",null,"un",1.8000000000000001E-4,"12,00","0,00"]
["Insumo"," 11243 ","ORSE","Martelo sem unha","Material",null,"un",3.6000000000000001E-5,"28,00","0,00"]
["Insumo"," 11246 ","ORSE","Escala métrica de bambú","Material",null,"Un",2.52E-4,"10,22","0,00"]
["Insumo"," 10790 ","ORSE","Prumo de face","Material",null,"un",3.6000000000000001E-5,"25,95","0,00"]
["Insumo"," 11247 ","ORSE","Serra mármore","Material",null,"un",3.6000000000000001E-5,"327,80","0,01"]
["Insumo"," 11265 ","ORSE","Martelo de borracha com cabo","Material",null,"un",1.44E-4,"18,75","0,00"]
["Insumo"," 11245 ","ORSE","Desempoladeira de madeira 12x22","Material",null,"un",2.52E-4,"11,60","0,00"]
["Insumo"," 00006111/SINAPI ","ORSE","Servente de obras (horista)","Mão de Obra",null,"h",1.62,"14,58","23,61"]
["Insumo"," 00000378/SINAPI ","ORSE","Armador (horista)","Mão de Obra",null,"h",0.18,"19,02","3,42"]
["Insumo"," 4728 ","ORSE","Talhadeira chata 10\"","Material",null,"un",4.86E-4,"18,58","0,00"]
["Insumo"," 10788 ","ORSE","Pá quadrada","Material",null,"un",3.2400000000000001E-4,"36,90","0,01"]
["Insumo"," 00002711/SINAPI ","ORSE","Carrinho de mao, em aco, com capacidade de *45 a 65* l / *100* kg, pneu com camara","Material",null,"un",3.2400000000000001E-4,"187,68","0,06"]
["Insumo"," 4729 ","ORSE","Marreta 1 kg com cabo","Material",null,"un",1.6200000000000001E-4,"37,80","0,00"]
["Insumo"," 10585 ","ORSE","Arco de serra","Material",null,"un",3.6000000000000001E-5,"20,90","0,00"]
["Insumo"," 10586 ","ORSE","Torquesa","Material",null,"un",3.6000000000000001E-5,"39,00","0,00"]
[{"$nulls":4},"MO sem LS =>",18.98,"LS =>",21.73,"MO com LS =>",40.71]
[{"$nulls":4},"Valor do BDI =>",12.16,null,"Valor com BDI =>",null,62.66]
[]
[null,"Código","Banco","Descrição","Tipo",null,"Und","Quant.","Valor Unit","Total"]
["Composição"," 88274 ","SINAPI","MARMORISTA/GRANITEIRO COM ENCARGOS COMPLEMENTARES","SEDI - SERVIÇOS DIVERSOS",null,"H",1,26.46,26.46]
["Composição Auxiliar"," 95341 ","SINAPI","CURSO DE CAPACITAÇÃO PARA MARMORISTA/GRANITEIRO (ENCARGOS COMPLEMENTARES) - HORISTA","SEDI - SERVIÇOS DIVERSOS",null,"H",1,0.28999999999999998,0.28999999999999998]
["Insumo"," 00037371 ","SINAPI","TRANSPORTE - HORISTA (COLETADO CAIXA - ENCARGOS COMPLEMENTARES)","Serviços",null,"H",1,0.45,0.45]
["Insumo"," 00043489 ","SINAPI","EPI - FAMILIA PEDREIRO - HORISTA (ENCARGOS COMPLEMENTARES - COLETADO CAIXA)","Equipamento",null,"H",1,1.31,1.31]
["Insumo"," 00004755 ","SINAPI","MARMORISTA / GRANITEIRO (HORISTA)","Mão de Obra",null,"H",1,20.11,20.11]
["Insumo"," 00037372 ","SINAPI","EXAMES - HORISTA (COLETADO CAIXA - ENCARGOS COMPLEMENTARES)","Material",null,"H",1,1.43,1.43]
["Insumo"," 00037370 ","SINAPI","ALIMENTACAO - HORISTA (COLETADO CAIXA - ENCARGOS COMPLEMENTARES)","Material",null,"H",1,2.0099999999999998,2.0099999999999998]
["Insumo"," 00037373 ","SINAPI","SEGURO - HORISTA (COLETADO CAIXA - ENCARGOS COMPLEMENTARES)","Taxas",null,"H",1,0.08,0.08]
["Insumo"," 00043465 ","SINAPI","FERRAMENTAS - FAMILIA PEDREIRO - HORISTA (ENCARGOS COMPLEMENTARES - COLETADO CAIXA)","Equipamento",null,"H",1,0.78,0.78]
[{"$nulls":4},"MO sem LS =>",9.51,"LS =>",10.89,"MO com LS =>",20.399999999999999]
[{"$nulls":4},"Valor do BDI =>",6.37,null,"Valor com BDI =>",null,32.83]
[]
[null,"Código","Banco","Descrição","Tipo",null,"Und","Quant.","Valor Unit","Total"]
["Composição"," 5952 ","SINAPI","MARTELETE OU ROMPEDOR PNEUMÁTICO MANUAL, 28 KG, COM SILENCIADOR - CHI DIURNO. AF_07/2016","CHOR - CUSTOS HORÁRIOS DE MÁQUINAS E EQUIPAMENTOS",null,"CHI",1,20.47,20.47]
["Composição Auxiliar"," 88298 ","SINAPI","OPERADOR DE MARTELETE OU MARTELETEIRO COM ENCARGOS COMPLEMENTARES","SEDI - SERVIÇOS DIVERSOS",null,"H",1,20.02,20.02]
["Composição Auxiliar"," 95115 ","SINAPI","MARTELETE OU ROMPEDOR PNEUMÁTICO MANUAL, 28 KG, COM SILENCIADOR - JUROS. AF_07/2016","CHOR - CUSTOS HORÁRIOS DE MÁQUINAS E EQUIPAMENTOS",null,"H",1,0.08,0.08]
["Composição Auxiliar"," 95114 ","SINAPI","MARTELETE OU ROMPEDOR PNEUMÁTICO MANUAL, 28 KG, COM SILENCIADOR - DEPRECIAÇÃO. AF_07/2016","CHOR - CUSTOS HORÁRIOS DE MÁQUINAS E EQUIPAMENTOS",null,"H",1,0.37,0.37]
[{"$nulls":4},"MO sem LS =>",7.06,"LS =>",8.09,"MO com LS =>",15.15]
[{"$nulls":4},"Valor do BDI =>",4.93,null,"Valor com BDI =>",null,25.4]
[]
[null,"Código","Banco","Descrição","Tipo",null,"Und","Quant.","Valor Unit","Total"]
["Composição"," 5795 ","SINAPI","MARTELETE OU ROMPEDOR PNEUMÁTICO MANUAL, 28 KG, COM SILENCIADOR - CHP DIURNO. AF_07/2016","CHOR - CUSTOS HORÁRIOS DE MÁQUINAS E EQUIPAMENTOS",null,"CHP",1,20.94,20.94]
["Composição Auxiliar"," 53863 ","SINAPI","MARTELETE OU ROMPEDOR PNEUMÁTICO MANUAL, 28 KG, COM SILENCIADOR - MANUTENÇÃO. AF_07/2016","CHOR - CUSTOS HORÁRIOS DE MÁQUINAS E EQUIPAMENTOS",null,"H",1,0.47,0.47]
["Composição Auxiliar"," 95114 ","SINAPI","MARTELETE OU ROMPEDOR PNEUMÁTICO MANUAL, 28 KG, COM SILENCIADOR - DEPRECIAÇÃO. AF_07/2016","CHOR - CUSTOS HORÁRIOS DE MÁQUINAS E EQUIPAMENTOS",null,"H",1,0.37,0.37]
["Composição Auxiliar"," 95115 ","SINAPI","MARTELETE OU ROMPEDOR PNEUMÁTICO MANUAL, 28 KG, COM SILENCIADOR - JUROS. AF_07/2016","CHOR - CUSTOS HORÁRIOS DE MÁQUINAS E EQUIPAMENTOS",null,"H",1,0.08,0.08]
["Composição Auxiliar"," 88298 ","SINAPI","OPERADOR DE MARTELETE OU MARTELETEIRO COM ENCARGOS COMPLEMENTARES","SEDI - SERVIÇOS DIVERSOS",null,"H",1,20.02,20.02]
[{"$nulls":4},"MO sem LS =>",7.06,"LS =>",8.09,"MO com LS =>",15.15]
[{"$nulls":4},"Valor do BDI =>",5.04,null,"Valor com BDI =>",null,25.98]
[]
[null,"Código","Banco","Descrição","Tipo",null,"Und","Quant.","Valor Unit","Total"]
["Composição"," 95114 ","SINAPI","MARTELETE OU ROMPEDOR PNEUMÁTICO MANUAL, 28 KG, COM SILENCIADOR - DEPRECIAÇÃO. AF_07/2016","CHOR - CUSTOS HORÁRIOS DE MÁQUINAS E EQUIPAMENTOS",null,"H",1,0.37,0.37]
["Insumo"," 00041898 ","SINAPI","MARTELO DEMOLIDOR PNEUMATICO MANUAL, PESO DE 28 KG, COM SILENCIADOR","Equipamento",null,"UN",6.3999999999999997E-5,5921.94,0.37]
[{"$nulls":4},"MO sem LS =>",0,"LS =>",0,"MO com LS =>",0]
[{"$nulls":4},"Valor do BDI =>",0.08,null,"Valor com BDI =>",null,0.45]
[]
[null,"Código","Banco","Descrição","Tipo",null,"Und","Quant.","Valor Unit","Total"]
["Composição"," 95115 ","SINAPI","MARTELETE OU ROMPEDOR PNEUMÁTICO MANUAL, 28 KG, COM SILENCIADOR - JUROS. AF_07/2016","CHOR - CUSTOS HORÁRIOS DE MÁQUINAS E EQUIPAMENTOS",null,"H",1,0.08,0.08]
["Insumo"," 00041898 ","SINAPI","MARTELO DEMOLIDOR PNEUMATICO MANUAL, PESO DE 28 KG, COM SILENCIADOR","Equipamento",null,"UN",1.4800000000000001E-5,5921.94,0.08]
[{"$nulls":4},"MO sem LS =>",0,"LS =>",0,"MO com LS =>",0]
[{"$nulls":4},"Valor do BDI =>",0.01,null,"Valor com BDI =>",null,0.09]
[]
[null,"Código","Banco","Descrição","Tipo",null,"Und","Quant.","Valor Unit","Total"]
["Composição"," 53863 ","SINAPI","MARTELETE OU ROMPEDOR PNEUMÁTICO MANUAL, 28 KG, COM SILENCIADOR - MANUTENÇÃO. AF_07/2016","CHOR - CUSTOS HORÁRIOS DE MÁQUINAS E EQUIPAMENTOS",null,"H",1,0.47,0.47]
["Insumo"," 00041898 ","SINAPI","MARTELO DEMOLIDOR PNEUMATICO MANUAL, PESO DE 28 KG, COM SILENCIADOR","Equipamento",null,"UN",8.0000000000000007E-5,5921.94,0.47]
[{"$nulls":4},"MO sem LS =>",0,"LS =>",0,"MO com LS =>",0]
[{"$nulls":4},"Valor do BDI =>",0.11,null,"Valor com BDI =>",null,0.57999999999999996]
[]
[null,"Código","Banco","Descrição","Tipo",null,"Und","Quant.","Valor Unit","Total"]
["Composição"," 94295 ","SINAPI","MESTRE DE OBRAS COM ENCARGOS COMPLEMENTARES","Livro SINAPI: Cálculos e Parâmetros",null,"MES",1,7573.93,7573.93]
["Composição Auxiliar"," 95423 ","SINAPI","CURSO DE CAPACITAÇÃO PARA MESTRE DE OBRAS (ENCARGOS COMPLEMENTARES) - MENSALISTA","Livro SINAPI: Cálculos e Parâmetros",null,"MES",1,110.51,110.51]
["Insumo"," 00040819 ","SINAPI","MESTRE DE OBRAS (MENSALISTA)","Mão de Obra",null,"MES",1,6920,6920]
["Insumo"," 00040863 ","SINAPI","EXAMES - MENSALISTA (COLETADO CAIXA - ENCARGOS COMPLEMENTARES)","Material",null,"MES",1,270.51,270.51]
["Insumo"," 00040864 ","SINAPI","SEGURO - MENSALISTA (COLETADO CAIXA - ENCARGOS COMPLEMENTARES)","Material",null,"MES",1,15.46,15.46]
["Insumo"," 00043499 ","SINAPI","EPI - FAMILIA ENCARREGADO GERAL - MENSALISTA (ENCARGOS COMPLEMENTARES - COLETADO CAIXA)","Material",null,"MES",1,241.99,241.99]
["Insumo"," 00043475 ","SINAPI","FERRAMENTAS - FAMILIA ENCARREGADO GERAL - MENSALISTA (ENCARGOS COMPLEMENTARES - COLETADO CAIXA)","Material",null,"MES",1,15.46,15.46]
[{"$nulls":4},"MO sem LS =>",4132.67,"LS =>",2897.84,"MO com LS =>",7030.51]
[{"$nulls":4},"Valor do BDI =>",1824.55,null,"Valor com BDI =>",null,9398.48]
[]
[null,"Código","Banco","Descrição","Tipo",null,"Und","Quant.","Valor Unit","Total"]
["Composição"," 88278 ","SINAPI","MONTADOR DE ESTRUTURAS METÁLICAS COM ENCARGOS COMPLEMENTARES","SEDI - SERVIÇOS DIVERSOS",null,"H",1,21.38,21.38]
["Composição Auxiliar"," 95344 ","SINAPI","CURSO DE CAPACITAÇÃO PARA MONTADOR DE ESTRUTURA METÁLICA (ENCARGOS COMPLEMENTARES) - HORISTA","SEDI - SERVIÇOS DIVERSOS",null,"H",1,0.18,0.18]
["Insumo"," 00037371 ","SINAPI","TRANSPORTE - HORISTA (COLETADO CAIXA - ENCARGOS COMPLEMENTARES)","Serviços",null,"H",1,0.45,0.45]
["Insumo"," 00044497 ","SINAPI","MONTADOR DE ESTRUTURAS METALICAS HORISTA","Mão de Obra",null,"H",1,16.329999999999998,16.329999999999998]
["Insumo"," 00043488 ","SINAPI","EPI - FAMILIA OPERADOR ESCAVADEIRA - HORISTA (ENCARGOS COMPLEMENTARES - COLETADO CAIXA)","Equipamento",null,"H",1,0.89,0.89]
["Insumo"," 00043464 ","SINAPI","FERRAMENTAS - FAMILIA OPERADOR ESCAVADEIRA - HORISTA (ENCARGOS COMPLEMENTARES - COLETADO CAIXA)","Equipamento",null,"H",1,0.01,0.01]
["Insumo"," 00037370 ","SINAPI","ALIMENTACAO - HORISTA (COLETADO CAIXA - ENCARGOS COMPLEMENTARES)","Material",null,"H",1,2.0099999999999998,2.0099999999999998]
["Insumo"," 00037372 ","SINAPI","EXAMES - HORISTA (COLETADO CAIXA - ENCARGOS COMPLEMENTARES)","Material",null,"H",1,1.43,1.43]
["Insumo"," 00037373 ","SINAPI","SEGURO - HORISTA (COLETADO CAIXA - ENCARGOS COMPLEMENTARES)","Taxas",null,"H",1,0.08,0.08]
[{"$nulls":4},"MO sem LS =>",7.7,"LS =>",8.81,"MO com LS =>",16.510000000000002]
[{"$nulls":4},"Valor do BDI =>",5.15,null,"Valor com BDI =>",null,26.53]
[]
[null,"Código","Banco","Descrição","Tipo",null,"Und","Quant.","Valor Unit","Total"]
["Composição"," 88281 ","SINAPI","MOTORISTA DE BASCULANTE COM ENCARGOS COMPLEMENTARES","SEDI - SERVIÇOS DIVERSOS",null,"H",1,28.05,28.05]
["Composição Auxiliar"," 95346 ","SINAPI","CURSO DE CAPACITAÇÃO PARA MOTORISTA DE BASCULANTE (ENCARGOS COMPLEMENTARES) - HORISTA","SEDI - SERVIÇOS DIVERSOS",null,"H",1,0.11,0.11]
["Insumo"," 00037371 ","SINAPI","TRANSPORTE - HORISTA (COLETADO CAIXA - ENCARGOS COMPLEMENTARES)","Serviços",null,"H",1,0.45,0.45]
["Insumo"," 00037370 ","SINAPI","ALIMENTACAO - HORISTA (COLETADO CAIXA - ENCARGOS COMPLEMENTARES)","Material",null,"H",1,2.0099999999999998,2.0099999999999998]
["Insumo"," 00043488 ","SINAPI","EPI - FAMILIA OPERADOR ESCAVADEIRA - HORISTA (ENCARGOS COMPLEMENTARES - COLETADO CAIXA)","Equipamento",null,"H",1,0.89,0.89]
["Insumo"," 00043464 ","SINAPI","FERRAMENTAS - FAMILIA OPERADOR ESCAVADEIRA - HORISTA (ENCARGOS COMPLEMENTARES - COLETADO CAIXA)","Equipamento",null,"H",1,0.01,0.01]
["Insumo"," 00020020 ","SINAPI","MOTORISTA DE CAMINHAO-BASCULANTE (HORISTA)","Mão de Obra",null,"H",1,23.07,23.07]
["Insumo"," 00037372 ","SINAPI","EXAMES - HORISTA (COLETADO CAIXA - ENCARGOS COMPLEMENTARES)","Material",null,"H",1,1.43,1.43]
["Insumo"," 00037373 ","SINAPI","SEGURO - HORISTA (COLETADO CAIXA - ENCARGOS COMPLEMENTARES)","Taxas",null,"H",1,0.08,0.08]
[{"$nulls":4},"MO sem LS =>",10.81,"LS =>",12.37,"MO com LS =>",23.18]
[{"$nulls":4},"Valor do BDI =>",6.75,null,"Valor com BDI =>",null,34.799999999999997]
[]
[null,"Código","Banco","Descrição","Tipo",null,"Und","Quant.","Valor Unit","Total"]
["Composição"," 88282 ","SINAPI","MOTORISTA DE CAMINHÃO COM ENCARGOS COMPLEMENTARES","SEDI - SERVIÇOS DIVERSOS",null,"H",1,27.19,27.19]
["Composição Auxiliar"," 95347 ","SINAPI","CURSO DE CAPACITAÇÃO PARA MOTORISTA DE CAMINHÃO (ENCARGOS COMPLEMENTARES) - HORISTA","SEDI - SERVIÇOS DIVERSOS",null,"H",1,0.11,0.11]
["Insumo"," 00037371 ","SINAPI","TRANSPORTE - HORISTA (COLETADO CAIXA - ENCARGOS COMPLEMENTARES)","Serviços",null,"H",1,0.45,0.45]
["Insumo"," 00043488 ","SINAPI","EPI - FAMILIA OPERADOR ESCAVADEIRA - HORISTA (ENCARGOS COMPLEMENTARES - COLETADO CAIXA)","Equipamento",null,"H",1,0.89,0.89]
["Insumo"," 00043464 ","SINAPI","FERRAMENTAS - FAMILIA OPERADOR ESCAVADEIRA - HORISTA (ENCARGOS COMPLEMENTARES - COLETADO CAIXA)","Equipamento",null,"H",1,0.01,0.01]
["Insumo"," 00037372 ","SINAPI","EXAMES - HORISTA (COLETADO CAIXA - ENCARGOS COMPLEMENTARES)","Material",null,"H",1,1.43,1.43]
["Insumo"," 00037373 ","SINAPI","SEGURO - HORISTA (COLETADO CAIXA - ENCARGOS COMPLEMENTARES)","Taxas",null,"H",1,0.08,0.08]
["Insumo"," 00004093 ","SINAPI","MOTORISTA DE CAMINHAO (HORISTA)","Mão de Obra",null,"H",1,22.21,22.21]
["Insumo"," 00037370 ","SINAPI","ALIMENTACAO - HORISTA (COLETADO CAIXA - ENCARGOS COMPLEMENTARES)","Material",null,"H",1,2.0099999999999998,2.0099999999999998]
[{"$nulls":4},"MO sem LS =>",10.4,"LS =>",11.92,"MO com LS =>",22.32]
[{"$nulls":4},"Valor do BDI =>",6.55,null,"Valor com BDI =>",null,33.74]
[]
[null,"Código","Banco","Descrição","Tipo",null,"Und","Quant.","Valor Unit","Total"]
["Composição"," 88286 ","SINAPI","MOTORISTA OPERADOR DE MUNCK COM ENCARGOS COMPLEMENTARES","SEDI - SERVIÇOS DIVERSOS",null,"H",1,30.16,30.16]
["Composição Auxiliar"," 95351 ","SINAPI","CURSO DE CAPACITAÇÃO PARA MOTORISTA OPERADOR DE MUNCK (ENCARGOS COMPLEMENTARES) - HORISTA","SEDI - SERVIÇOS DIVERSOS",null,"H",1,0.4,0.4]
["Insumo"," 00037372 ","SINAPI","EXAMES - HORISTA (COLETADO CAIXA - ENCARGOS COMPLEMENTARES)","Material",null,"H",1,1.43,1.43]
["Insumo"," 00043464 ","SINAPI","FERRAMENTAS - FAMILIA OPERADOR ESCAVADEIRA - HORISTA (ENCARGOS COMPLEMENTARES - COLETADO CAIXA)","Equipamento",null,"H",1,0.01,0.01]
["Insumo"," 00043488 ","SINAPI","EPI - FAMILIA OPERADOR ESCAVADEIRA - HORISTA (ENCARGOS COMPLEMENTARES - COLETADO CAIXA)","Equipamento",null,"H",1,0.89,0.89]
["Insumo"," 00037370 ","SINAPI","ALIMENTACAO - HORISTA (COLETADO CAIXA - ENCARGOS COMPLEMENTARES)","Material",null,"H",1,2.0099999999999998,2.0099999999999998]
["Insumo"," 00004096 ","SINAPI","MOTORISTA OPERADOR DE CAMINHAO COM MUNCK (HORISTA)","Mão de Obra",null,"H",1,24.89,24.89]
["Insumo"," 00037371 ","SINAPI","TRANSPORTE - HORISTA (COLETADO CAIXA - ENCARGOS COMPLEMENTARES)","Serviços",null,"H",1,0.45,0.45]
["Insumo"," 00037373 ","SINAPI","SEGURO - HORISTA (COLETADO CAIXA - ENCARGOS COMPLEMENTARES)","Taxas",null,"H",1,0.08,0.08]
[{"$nulls":4},"MO sem LS =>",11.79,"LS =>",13.5,"MO com LS =>",25.29]
[{"$nulls":4},"Valor do BDI =>",7.26,null,"Valor com BDI =>",null,37.42]
[]
[null,"Código","Banco","Descrição","Tipo",null,"Und","Quant.","Valor Unit","Total"]
["Composição"," 88377 ","SINAPI","OPERADOR DE BETONEIRA ESTACIONÁRIA/MISTURADOR COM ENCARGOS COMPLEMENTARES","SEDI - SERVIÇOS DIVERSOS",null,"H",1,18.170000000000002,18.170000000000002]
["Composição Auxiliar"," 95389 ","SINAPI","CURSO DE CAPACITAÇÃO PARA OPERADOR DE BETONEIRA ESTACIONÁRIA/MISTURADOR (ENCARGOS COMPLEMENTARES) - HORISTA","SEDI - SERVIÇOS DIVERSOS",null,"H",1,0.1,0.1]
["Insumo"," 00037370 ","SINAPI","ALIMENTACAO - HORISTA (COLETADO CAIXA - ENCARGOS COMPLEMENTARES)","Material",null,"H",1,2.0099999999999998,2.0099999999999998]
["Insumo"," 00043464 ","SINAPI","FERRAMENTAS - FAMILIA OPERADOR ESCAVADEIRA - HORISTA (ENCARGOS COMPLEMENTARES - COLETADO CAIXA)","Equipamento",null,"H",1,0.01,0.01]
["Insumo"," 00037372 ","SINAPI","EXAMES - HORISTA (COLETADO CAIXA - ENCARGOS COMPLEMENTARES)","Material",null,"H",1,1.43,1.43]
["Insumo"," 00043488 ","SINAPI","EPI - FAMILIA OPERADOR ESCAVADEIRA - HORISTA (ENCARGOS COMPLEMENTARES - COLETADO CAIXA)","Equipamento",null,"H",1,0.89,0.89]
["Insumo"," 00037371 ","SINAPI","TRANSPORTE - HORISTA (COLETADO CAIXA - ENCARGOS COMPLEMENTARES)","Serviços",null,"H",1,0.45,0.45]
["Insumo"," 00037373 ","SINAPI","SEGURO - HORISTA (COLETADO CAIXA - ENCARGOS COMPLEMENTARES)","Taxas",null,"H",1,0.08,0.08]
["Insumo"," 00037666 ","SINAPI","OPERADOR DE BETONEIRA ESTACIONARIA / MISTURADOR (HORISTA)","Mão de Obra",null,"H",1,13.2,13.2]
[{"$nulls":4},"MO sem LS =>",6.2,"LS =>",7.1,"MO com LS =>",13.3]
[{"$nulls":4},"Valor do BDI =>",4.37,null,"Valor com BDI =>",null,22.54]
[]
[null,"Código","Banco","Descrição","Tipo",null,"Und","Quant.","Valor Unit","Total"]
["Composição"," 88294 ","SINAPI","OPERADOR DE ESCAVADEIRA COM ENCARGOS COMPLEMENTARES","SEDI - SERVIÇOS DIVERSOS",null,"H",1,25.21,25.21]
["Composição Auxiliar"," 95357 ","SINAPI","CURSO DE CAPACITAÇÃO PARA OPERADOR DE ESCAVADEIRA (ENCARGOS COMPLEMENTARES) - HORISTA","SEDI - SERVIÇOS DIVERSOS",null,"H",1,0.23,0.23]
["Insumo"," 00043464 ","SINAPI","FERRAMENTAS - FAMILIA OPERADOR ESCAVADEIRA - HORISTA (ENCARGOS COMPLEMENTARES - COLETADO CAIXA)","Equipamento",null,"H",1,0.01,0.01]
["Insumo"," 00037373 ","SINAPI","SEGURO - HORISTA (COLETADO CAIXA - ENCARGOS COMPLEMENTARES)","Taxas",null,"H",1,0.08,0.08]
["Insumo"," 00037371 ","SINAPI","TRANSPORTE - HORISTA (COLETADO CAIXA - ENCARGOS COMPLEMENTARES)","Serviços",null,"H",1,0.45,0.45]
["Insumo"," 00004234 ","SINAPI","OPERADOR DE ESCAVADEIRA (HORISTA)","Mão de Obra",null,"H",1,20.11,20.11]
["Insumo"," 00037372 ","SINAPI","EXAMES - HORISTA (COLETADO CAIXA - ENCARGOS COMPLEMENTARES)","Material",null,"H",1,1.43,1.43]
["Insumo"," 00043488 ","SINAPI","EPI - FAMILIA OPERADOR ESCAVADEIRA - HORISTA (ENCARGOS COMPLEMENTARES - COLETADO CAIXA)","Equipamento",null,"H",1,0.89,0.89]
["Insumo"," 00037370 ","SINAPI","ALIMENTACAO - HORISTA (COLETADO CAIXA - ENCARGOS COMPLEMENTARES)","Material",null,"H",1,2.0099999999999998,2.0099999999999998]
[{"$nulls":4},"MO sem LS =>",9.48,"LS =>",10.86,"MO com LS =>",20.34]
[{"$nulls":4},"Valor do BDI =>",6.07,null,"Valor com BDI =>",null,31.28]
[]
[null,"Código","Banco","Descrição","Tipo",null,"Und","Quant.","Valor Unit","Total"]
["Composição"," 88295 ","SINAPI","OPERADOR DE GUINCHO COM ENCARGOS COMPLEMENTARES","SEDI - SERVIÇOS DIVERSOS",null,"H",1,20.329999999999998,20.329999999999998]
["Composição Auxiliar"," 95358 ","SINAPI","CURSO DE CAPACITAÇÃO PARA OPERADOR DE GUINCHO (ENCARGOS COMPLEMENTARES) - HORISTA","SEDI - SERVIÇOS DIVERSOS",null,"H",1,0.24,0.24]
["Insumo"," 00037372 ","SINAPI","EXAMES - HORISTA (COLETADO CAIXA - ENCARGOS COMPLEMENTARES)","Material",null,"H",1,1.43,1.43]
["Insumo"," 00037371 ","SINAPI","TRANSPORTE - HORISTA (COLETADO CAIXA - ENCARGOS COMPLEMENTARES)","Serviços",null,"H",1,0.45,0.45]
["Insumo"," 00037373 ","SINAPI","SEGURO - HORISTA (COLETADO CAIXA - ENCARGOS COMPLEMENTARES)","Taxas",null,"H",1,0.08,0.08]
["Insumo"," 00043464 ","SINAPI","FERRAMENTAS - FAMILIA OPERADOR ESCAVADEIRA - HORISTA (ENCARGOS COMPLEMENTARES - COLETADO CAIXA)","Equipamento",null,"H",1,0.01,0.01]
["Insumo"," 00043488 ","SINAPI","EPI - FAMILIA OPERADOR ESCAVADEIRA - HORISTA (ENCARGOS COMPLEMENTARES - COLETADO CAIXA)","Equipamento",null,"H",1,0.89,0.89]
["Insumo"," 00037370 ","SINAPI","ALIMENTACAO - HORISTA (COLETADO CAIXA - ENCARGOS COMPLEMENTARES)","Material",null,"H",1,2.0099999999999998,2.0099999999999998]
["Insumo"," 00004253 ","SINAPI","OPERADOR DE GUINCHO OU GUINCHEIRO (HORISTA)","Mão de Obra",null,"H",1,15.22,15.22]
[{"$nulls":4},"MO sem LS =>",7.21,"LS =>",8.25,"MO com LS =>",15.46]
[{"$nulls":4},"Valor do BDI =>",4.8899999999999997,null,"Valor com BDI =>",null,25.22]
[]
[null,"Código","Banco","Descrição","Tipo",null,"Und","Quant.","Valor Unit","Total"]
["Composição"," 88296 ","SINAPI","OPERADOR DE GUINDASTE COM ENCARGOS COMPLEMENTARES","Livro SINAPI: Cálculos e Parâmetros",null,"H",1,22.77,22.77]
["Composição Auxiliar"," 95359 ","SINAPI","CURSO DE CAPACITAÇÃO PARA OPERADOR DE GUINDASTE (ENCARGOS COMPLEMENTARES) - HORISTA","Livro SINAPI: Cálculos e Parâmetros",null,"H",1,0.28000000000000003,0.28000000000000003]
["Insumo"," 00043464 ","SINAPI","FERRAMENTAS - FAMILIA OPERADOR ESCAVADEIRA - HORISTA (ENCARGOS COMPLEMENTARES - COLETADO CAIXA)","Equipamento",null,"H",1,0.01,0.01]
["Insumo"," 00037373 ","SINAPI","SEGURO - HORISTA (COLETADO CAIXA - ENCARGOS COMPLEMENTARES)","Taxas",null,"H",1,0.08,0.08]
["Insumo"," 00037371 ","SINAPI","TRANSPORTE - HORISTA (COLETADO CAIXA - ENCARGOS COMPLEMENTARES)","Serviços",null,"H",1,0.45,0.45]
["Insumo"," 00004254 ","SINAPI","OPERADOR DE GUINDASTE (HORISTA)","Mão de Obra",null,"H",1,17.62,17.62]
["Insumo"," 00037370 ","SINAPI","ALIMENTACAO - HORISTA (COLETADO CAIXA - ENCARGOS COMPLEMENTARES)","Material",null,"H",1,2.0099999999999998,2.0099999999999998]
["Insumo"," 00037372 ","SINAPI","EXAMES - HORISTA (COLETADO CAIXA - ENCARGOS COMPLEMENTARES)","Material",null,"H",1,1.43,1.43]
["Insumo"," 00043488 ","SINAPI","EPI - FAMILIA OPERADOR ESCAVADEIRA - HORISTA (ENCARGOS COMPLEMENTARES - COLETADO CAIXA)","Equipamento",null,"H",1,0.89,0.89]
[{"$nulls":4},"MO sem LS =>",8.34,"LS =>",9.56,"MO com LS =>",17.899999999999999]
[{"$nulls":4},"Valor do BDI =>",5.48,null,"Valor com BDI =>",null,28.25]
[]
[null,"Código","Banco","Descrição","Tipo",null,"Und","Quant.","Valor Unit","Total"]
["Composição"," 88298 ","SINAPI","OPERADOR DE MARTELETE OU MARTELETEIRO COM ENCARGOS COMPLEMENTARES","SEDI - SERVIÇOS DIVERSOS",null,"H",1,20.02,20.02]
["Composição Auxiliar"," 95361 ","SINAPI","CURSO DE CAPACITAÇÃO PARA OPERADOR DE MARTELETE OU MARTELETEIRO (ENCARGOS COMPLEMENTARES) - HORISTA","SEDI - SERVIÇOS DIVERSOS",null,"H",1,0.12,0.12]
["Insumo"," 00043488 ","SINAPI","EPI - FAMILIA OPERADOR ESCAVADEIRA - HORISTA (ENCARGOS COMPLEMENTARES - COLETADO CAIXA)","Equipamento",null,"H",1,0.89,0.89]
["Insumo"," 00037372 ","SINAPI","EXAMES - HORISTA (COLETADO CAIXA - ENCARGOS COMPLEMENTARES)","Material",null,"H",1,1.43,1.43]
["Insumo"," 00037373 ","SINAPI","SEGURO - HORISTA (COLETADO CAIXA - ENCARGOS COMPLEMENTARES)","Taxas",null,"H",1,0.08,0.08]
["Insumo"," 00037370 ","SINAPI","ALIMENTACAO - HORISTA (COLETADO CAIXA - ENCARGOS COMPLEMENTARES)","Material",null,"H",1,2.0099999999999998,2.0099999999999998]
["Insumo"," 00004257 ","SINAPI","OPERADOR DE MARTELETE OU MARTELETEIRO (HORISTA)","Mão de Obra",null,"H",1,15.03,15.03]
["Insumo"," 00037371 ","SINAPI","TRANSPORTE - HORISTA (COLETADO CAIXA - ENCARGOS COMPLEMENTARES)","Serviços",null,"H",1,0.45,0.45]
["Insumo"," 00043464 ","SINAPI","FERRAMENTAS - FAMILIA OPERADOR ESCAVADEIRA - HORISTA (ENCARGOS COMPLEMENTARES - COLETADO CAIXA)","Equipamento",null,"H",1,0.01,0.01]
[{"$nulls":4},"MO sem LS =>",7.06,"LS =>",8.09,"MO com LS =>",15.15]
[{"$nulls":4},"Valor do BDI =>",4.82,null,"Valor com BDI =>",null,24.84]
[]
[null,"Código","Banco","Descrição","Tipo",null,"Und","Quant.","Valor Unit","Total"]
["Composição"," 88297 ","SINAPI","OPERADOR DE MÁQUINAS E EQUIPAMENTOS COM ENCARGOS COMPLEMENTARES","SEDI - SERVIÇOS DIVERSOS",null,"H",1,23.16,23.16]
["Composição Auxiliar"," 95360 ","SINAPI","CURSO DE CAPACITAÇÃO PARA OPERADOR DE MÁQUINAS E EQUIPAMENTOS (ENCARGOS COMPLEMENTARES) - HORISTA","SEDI - SERVIÇOS DIVERSOS",null,"H",1,0.2,0.2]
["Insumo"," 00037373 ","SINAPI","SEGURO - HORISTA (COLETADO CAIXA - ENCARGOS COMPLEMENTARES)","Taxas",null,"H",1,0.08,0.08]
["Insumo"," 00043464 ","SINAPI","FERRAMENTAS - FAMILIA OPERADOR ESCAVADEIRA - HORISTA (ENCARGOS COMPLEMENTARES - COLETADO CAIXA)","Equipamento",null,"H",1,0.01,0.01]
["Insumo"," 00037370 ","SINAPI","ALIMENTACAO - HORISTA (COLETADO CAIXA - ENCARGOS COMPLEMENTARES)","Material",null,"H",1,2.0099999999999998,2.0099999999999998]
["Insumo"," 00043488 ","SINAPI","EPI - FAMILIA OPERADOR ESCAVADEIRA - HORISTA (ENCARGOS COMPLEMENTARES - COLETADO CAIXA)","Equipamento",null,"H",1,0.89,0.89]
["Insumo"," 00037371 ","SINAPI","TRANSPORTE - HORISTA (COLETADO CAIXA - ENCARGOS COMPLEMENTARES)","Serviços",null,"H",1,0.45,0.45]
["Insumo"," 00004230 ","SINAPI","OPERADOR DE MAQUINAS E TRATORES DIVERSOS - TERRAPLANAGEM (HORISTA)","Mão de Obra",null,"H",1,18.09,18.09]
["Insumo"," 00037372 ","SINAPI","EXAMES - HORISTA (COLETADO CAIXA - ENCARGOS COMPLEMENTARES)","Material",null,"H",1,1.43,1.43]
[{"$nulls":4},"MO sem LS =>",8.5299999999999994,"LS =>",9.76,"MO com LS =>",18.29]
[{"$nulls":4},"Valor do BDI =>",5.57,null,"Valor com BDI =>",null,28.73]
[]
[null,"Código","Banco","Descrição","Tipo",null,"Und","Quant.","Valor Unit","Total"]
["Composição"," 88301 ","SINAPI","OPERADOR DE PÁ CARREGADEIRA COM ENCARGOS COMPLEMENTARES","SEDI - SERVIÇOS DIVERSOS",null,"H",1,23.11,23.11]
["Composição Auxiliar"," 95364 ","SINAPI","CURSO DE CAPACITAÇÃO PARA OPERADOR DE PÁ CARREGADEIRA (ENCARGOS COMPLEMENTARES) - HORISTA","SEDI - SERVIÇOS DIVERSOS",null,"H",1,0.15,0.15]
["Insumo"," 00037371 ","SINAPI","TRANSPORTE - HORISTA (COLETADO CAIXA - ENCARGOS COMPLEMENTARES)","Serviços",null,"H",1,0.45,0.45]
["Insumo"," 00037373 ","SINAPI","SEGURO - HORISTA (COLETADO CAIXA - ENCARGOS COMPLEMENTARES)","Taxas",null,"H",1,0.08,0.08]
["Insumo"," 00043464 ","SINAPI","FERRAMENTAS - FAMILIA OPERADOR ESCAVADEIRA - HORISTA (ENCARGOS COMPLEMENTARES - COLETADO CAIXA)","Equipamento",null,"H",1,0.01,0.01]
["Insumo"," 00037370 ","SINAPI","ALIMENTACAO - HORISTA (COLETADO CAIXA - ENCARGOS COMPLEMENTARES)","Material",null,"H",1,2.0099999999999998,2.0099999999999998]
["Insumo"," 00004248 ","SINAPI","OPERADOR DE PA CARREGADEIRA (HORISTA)","Mão de Obra",null,"H",1,18.09,18.09]
["Insumo"," 00043488 ","SINAPI","EPI - FAMILIA OPERADOR ESCAVADEIRA - HORISTA (ENCARGOS COMPLEMENTARES - COLETADO CAIXA)","Equipamento",null,"H",1,0.89,0.89]
["Insumo"," 00037372 ","SINAPI","EXAMES - HORISTA (COLETADO CAIXA - ENCARGOS COMPLEMENTARES)","Material",null,"H",1,1.43,1.43]
[{"$nulls":4},"MO sem LS =>",8.5,"LS =>",9.74,"MO com LS =>",18.239999999999998]
[{"$nulls":4},"Valor do BDI =>",5.56,null,"Valor com BDI =>",null,28.67]
[]
[null,"Código","Banco","Descrição","Tipo",null,"Und","Quant.","Valor Unit","Total"]
["Composição"," 88309 ","SINAPI","PEDREIRO COM ENCARGOS COMPLEMENTARES","SEDI - SERVIÇOS DIVERSOS",null,"H",1,26.59,26.59]
["Composição Auxiliar"," 95371 ","SINAPI","CURSO DE CAPACITAÇÃO PARA PEDREIRO (ENCARGOS COMPLEMENTARES) - HORISTA","SEDI - SERVIÇOS DIVERSOS",null,"H",1,0.42,0.42]
["Insumo"," 00037373 ","SINAPI","SEGURO - HORISTA (COLETADO CAIXA - ENCARGOS COMPLEMENTARES)","Taxas",null,"H",1,0.08,0.08]
["Insumo"," 00043465 ","SINAPI","FERRAMENTAS - FAMILIA PEDREIRO - HORISTA (ENCARGOS COMPLEMENTARES - COLETADO CAIXA)","Equipamento",null,"H",1,0.78,0.78]
["Insumo"," 00037370 ","SINAPI","ALIMENTACAO - HORISTA (COLETADO CAIXA - ENCARGOS COMPLEMENTARES)","Material",null,"H",1,2.0099999999999998,2.0099999999999998]
["Insumo"," 00004750 ","SINAPI","PEDREIRO (HORISTA)","Mão de Obra",null,"H",1,20.11,20.11]
["Insumo"," 00043489 ","SINAPI","EPI - FAMILIA PEDREIRO - HORISTA (ENCARGOS COMPLEMENTARES - COLETADO CAIXA)","Equipamento",null,"H",1,1.31,1.31]
["Insumo"," 00037371 ","SINAPI","TRANSPORTE - HORISTA (COLETADO CAIXA - ENCARGOS COMPLEMENTARES)","Serviços",null,"H",1,0.45,0.45]
["Insumo"," 00037372 ","SINAPI","EXAMES - HORISTA (COLETADO CAIXA - ENCARGOS COMPLEMENTARES)","Material",null,"H",1,1.43,1.43]
[{"$nulls":4},"MO sem LS =>",9.57,"LS =>",10.96,"MO com LS =>",20.53]
[{"$nulls":4},"Valor do BDI =>",6.4,null,"Valor com BDI =>",null,32.99]
[]
[null,"Código","Banco","Descrição","Tipo",null,"Und","Quant.","Valor Unit","Total"]
["Composição"," 97738 ","SINAPI","PEÇA CIRCULAR PRÉ-MOLDADA, VOLUME DE CONCRETO DE 10 A 30 LITROS, TAXA DE FIBRA DE POLIPROPILENO APROXIMADA DE 6 KG/M³. AF_03/2024_PS","FUES - FUNDAÇÕES E ESTRUTURAS",null,"m³",1,4122.2299999999996,4122.2299999999996]
["Composição Auxiliar"," 91693 ","SINAPI","SERRA CIRCULAR DE BANCADA COM MOTOR ELÉTRICO POTÊNCIA DE 5HP, COM COIFA PARA DISCO 10\" - CHI DIURNO. AF_08/2015","CHOR - CUSTOS HORÁRIOS DE MÁQUINAS E EQUIPAMENTOS",null,"CHI",3.4270999999999998,23.25,79.680000000000007]
["Composição Auxiliar"," 88316 ","SINAPI","SERVENTE COM ENCARGOS COMPLEMENTARES","SEDI - SERVIÇOS DIVERSOS",null,"H",31.7545,21.35,677.95]
["Composição Auxiliar"," 88239 ","SINAPI","AJUDANTE DE CARPINTEIRO COM ENCARGOS COMPLEMENTARES","SEDI - SERVIÇOS DIVERSOS",null,"H",4.3071999999999999,22.21,95.66]
["Composição Auxiliar"," 94971 ","SINAPI","CONCRETO FCK = 25MPA, TRAÇO 1:2,3:2,7 (EM MASSA SECA DE CIMENTO/ AREIA MÉDIA/ BRITA 1) - PREPARO MECÂNICO COM BETONEIRA 600 L. AF_05/2021","FUES - FUNDAÇÕES E ESTRUTURAS",null,"m³",1.2,496.62,595.94000000000005]
["Composição Auxiliar"," 91692 ","SINAPI","SERRA CIRCULAR DE BANCADA COM MOTOR ELÉTRICO POTÊNCIA DE 5HP, COM COIFA PARA DISCO 10\" - CHP DIURNO. AF_08/2015","CHOR - CUSTOS HORÁRIOS DE MÁQUINAS E EQUIPAMENTOS",null,"CHP",0.88009999999999999,24.71,21.74]
["Composição Auxiliar"," 90586 ","SINAPI","VIBRADOR DE IMERSÃO, DIÂMETRO DE PONTEIRA 45MM, MOTOR ELÉTRICO TRIFÁSICO POTÊNCIA DE 2 CV - CHP DIURNO. AF_06/2015","CHOR - CUSTOS HORÁRIOS DE MÁQUINAS E EQUIPAMENTOS",null,"CHP",6.6349999999999998,1.45,9.6199999999999992]
["Composição Auxiliar"," 90587 ","SINAPI","VIBRADOR DE IMERSÃO, DIÂMETRO DE PONTEIRA 45MM, MOTOR ELÉTRICO TRIFÁSICO POTÊNCIA DE 2 CV - CHI DIURNO. AF_06/2015","CHOR - CUSTOS HORÁRIOS DE MÁQUINAS E EQUIPAMENTOS",null,"CHI",18.091699999999999,0.56000000000000005,10.130000000000001]
["Composição Auxiliar"," 88261 ","SINAPI","CARPINTEIRO DE ESQUADRIAS COM ENCARGOS COMPLEMENTARES","SEDI - SERVIÇOS DIVERSOS",null,"H",21.535799999999998,25.26,543.99]
["Composição Auxiliar"," 88309 ","SINAPI","PEDREIRO COM ENCARGOS COMPLEMENTARES","SEDI - SERVIÇOS DIVERSOS",null,"H",31.7545,26.59,844.35]
["Insumo"," 00020247 ","SINAPI","PREGO DE ACO POLIDO COM CABECA 15 X 15 (1 1/4 X 13)","Material",null,"KG",2.1276000000000002,26.76,56.93]
["Insumo"," 00043677 ","SINAPI","CHAPA/PAINEL DE MADEIRA COMPENSADA RESINADA (MADEIRITE RESINADO ROSA) PARA FORMA DE CONCRETO, DE 2200 X 1100 MM, E = 20 MM","Material",null,"m²",13.051399999999999,85.34,1113.8]
["Insumo"," 00043682 ","SINAPI","CHAPA/PAINEL DE MADEIRA COMPENSADA RESINADA (MADEIRITE RESINADO ROSA) PARA FORMA DE CONCRETO, DE 2200 X 1100 MM, E = 6 MM","Material",null,"m²",0.60740000000000005,26.16,15.88]
["Insumo"," 00039014 ","SINAPI","FIBRA DE ACO PARA REFORCO DO CONCRETO, SOLTA, TIPO A-I, FATOR DE FORMA *50* L / D, COMPRIMENTO DE *30* MM E RESISTENCIA A TRACAO DO ACO MAIOR 1000 MPA","Material",null,"KG",6,9.32,55.92]
["Insumo"," 00002692 ","SINAPI","DESMOLDANTE PROTETOR PARA FORMAS DE MADEIRA, DE BASE OLEOSA EMULSIONADA EM AGUA","Material",null,"L",6.6699999999999995E-2,9.65,0.64]
[{"$nulls":4},"MO sem LS =>",822.83,"LS =>",941.42,"MO com LS =>",1764.25]
[{"$nulls":4},"Valor do BDI =>",993.04,null,"Valor com BDI =>",null,5115.2700000000004]
[]
[null,"Código","Banco","Descrição","Tipo",null,"Und","Quant.","Valor Unit","Total"]
["Composição"," 97734 ","SINAPI","PEÇA RETANGULAR PRÉ-MOLDADA, VOLUME DE CONCRETO DE 10 A 30 LITROS, TAXA DE AÇO APROXIMADA DE 30KG/M³. AF_03/2024","FUES - FUNDAÇÕES E ESTRUTURAS",null,"m³",1,2969.56,2969.56]
["Composição Auxiliar"," 92767 ","SINAPI","ARMAÇÃO DE LAJE DE ESTRUTURA CONVENCIONAL DE CONCRETO ARMADO UTILIZANDO AÇO CA-60 DE 4,2 MM - MONTAGEM. AF_06/2022","FUES - FUNDAÇÕES E ESTRUTURAS",null,"KG",27.898800000000001,17.100000000000001,477.06]
["Composição Auxiliar"," 88309 ","SINAPI","PEDREIRO COM ENCARGOS COMPLEMENTARES","SEDI - SERVIÇOS DIVERSOS",null,"H",31.349900000000002,26.59,833.59]
["Composição Auxiliar"," 90587 ","SINAPI","VIBRADOR DE IMERSÃO, DIÂMETRO DE PONTEIRA 45MM, MOTOR ELÉTRICO TRIFÁSICO POTÊNCIA DE 2 CV - CHI DIURNO. AF_06/2015","CHOR - CUSTOS HORÁRIOS DE MÁQUINAS E EQUIPAMENTOS",null,"CHI",18.091699999999999,0.56000000000000005,10.130000000000001]
["Composição Auxiliar"," 91692 ","SINAPI","SERRA CIRCULAR DE BANCADA COM MOTOR ELÉTRICO POTÊNCIA DE 5HP, COM COIFA PARA DISCO 10\" - CHP DIURNO. AF_08/2015","CHOR - CUSTOS HORÁRIOS DE MÁQUINAS E EQUIPAMENTOS",null,"CHP",0.48770000000000002,24.71,12.05]
["Composição Auxiliar"," 91693 ","SINAPI","SERRA CIRCULAR DE BANCADA COM MOTOR ELÉTRICO POTÊNCIA DE 5HP, COM COIFA PARA DISCO 10\" - CHI DIURNO. AF_08/2015","CHOR - CUSTOS HORÁRIOS DE MÁQUINAS E EQUIPAMENTOS",null,"CHI",0.70430000000000004,23.25,16.37]
["Composição Auxiliar"," 90586 ","SINAPI","VIBRADOR DE IMERSÃO, DIÂMETRO DE PONTEIRA 45MM, MOTOR ELÉTRICO TRIFÁSICO POTÊNCIA DE 2 CV - CHP DIURNO. AF_06/2015","CHOR - CUSTOS HORÁRIOS DE MÁQUINAS E EQUIPAMENTOS",null,"CHP",6.6349999999999998,1.45,9.6199999999999992]
["Composição Auxiliar"," 88239 ","SINAPI","AJUDANTE DE CARPINTEIRO COM ENCARGOS COMPLEMENTARES","SEDI - SERVIÇOS DIVERSOS",null,"H",1.1919999999999999,22.21,26.47]
["Composição Auxiliar"," 88261 ","SINAPI","CARPINTEIRO DE ESQUADRIAS COM ENCARGOS COMPLEMENTARES","SEDI - SERVIÇOS DIVERSOS",null,"H",5.96,25.26,150.54]
["Composição Auxiliar"," 88316 ","SINAPI","SERVENTE COM ENCARGOS COMPLEMENTARES","SEDI - SERVIÇOS DIVERSOS",null,"H",31.349900000000002,21.35,669.32]
["Composição Auxiliar"," 94971 ","SINAPI","CONCRETO FCK = 25MPA, TRAÇO 1:2,3:2,7 (EM MASSA SECA DE CIMENTO/ AREIA MÉDIA/ BRITA 1) - PREPARO MECÂNICO COM BETONEIRA 600 L. AF_05/2021","FUES - FUNDAÇÕES E ESTRUTURAS",null,"m³",1.2,496.62,595.94000000000005]
["Insumo"," 00002692 ","SINAPI","DESMOLDANTE PROTETOR PARA FORMAS DE MADEIRA, DE BASE OLEOSA EMULSIONADA EM AGUA","Material",null,"L",8.3299999999999999E-2,9.65,0.8]
["Insumo"," 00020247 ","SINAPI","PREGO DE ACO POLIDO COM CABECA 15 X 15 (1 1/4 X 13)","Material",null,"KG",0.4365,26.76,11.68]
["Insumo"," 00004517 ","SINAPI","SARRAFO *2,5 X 7,5* CM EM PINUS, MISTA OU EQUIVALENTE DA REGIAO - BRUTA","Material",null,"M",5.6283000000000003,4,22.51]
["Insumo"," 00001358 ","SINAPI","CHAPA/PAINEL DE MADEIRA COMPENSADA RESINADA (MADEIRITE RESINADO ROSA) PARA FORMA DE CONCRETO, DE 2200 X 1100 MM, E = 17 MM","Material",null,"M²",1.9403999999999999,68.790000000000006,133.47999999999999]
[{"$nulls":4},"MO sem LS =>",683.83,"LS =>",782.39,"MO com LS =>",1466.22]
[{"$nulls":4},"Valor do BDI =>",715.36,null,"Valor com BDI =>",null,3684.92]
[]
[null,"Código","Banco","Descrição","Tipo",null,"Und","Quant.","Valor Unit","Total"]
["Composição"," 97733 ","SINAPI","PEÇA RETANGULAR PRÉ-MOLDADA, VOLUME DE CONCRETO DE ATÉ 10 LITROS, TAXA DE AÇO APROXIMADA DE 30KG/M³. AF_03/2024","FUES - FUNDAÇÕES E ESTRUTURAS",null,"m³",1,3414.63,3414.63]
["Composição Auxiliar"," 90586 ","SINAPI","VIBRADOR DE IMERSÃO, DIÂMETRO DE PONTEIRA 45MM, MOTOR ELÉTRICO TRIFÁSICO POTÊNCIA DE 2 CV - CHP DIURNO. AF_06/2015","CHOR - CUSTOS HORÁRIOS DE MÁQUINAS E EQUIPAMENTOS",null,"CHP",6.6349999999999998,1.45,9.6199999999999992]
["Composição Auxiliar"," 88316 ","SINAPI","SERVENTE COM ENCARGOS COMPLEMENTARES","SEDI - SERVIÇOS DIVERSOS",null,"H",31.992999999999999,21.35,683.05]
["Composição Auxiliar"," 88309 ","SINAPI","PEDREIRO COM ENCARGOS COMPLEMENTARES","SEDI - SERVIÇOS DIVERSOS",null,"H",31.992999999999999,26.59,850.69]
["Composição Auxiliar"," 91693 ","SINAPI","SERRA CIRCULAR DE BANCADA COM MOTOR ELÉTRICO POTÊNCIA DE 5HP, COM COIFA PARA DISCO 10\" - CHI DIURNO. AF_08/2015","CHOR - CUSTOS HORÁRIOS DE MÁQUINAS E EQUIPAMENTOS",null,"CHI",1.0401,23.25,24.18]
["Composição Auxiliar"," 90587 ","SINAPI","VIBRADOR DE IMERSÃO, DIÂMETRO DE PONTEIRA 45MM, MOTOR ELÉTRICO TRIFÁSICO POTÊNCIA DE 2 CV - CHI DIURNO. AF_06/2015","CHOR - CUSTOS HORÁRIOS DE MÁQUINAS E EQUIPAMENTOS",null,"CHI",18.091699999999999,0.56000000000000005,10.130000000000001]
["Composição Auxiliar"," 88239 ","SINAPI","AJUDANTE DE CARPINTEIRO COM ENCARGOS COMPLEMENTARES","SEDI - SERVIÇOS DIVERSOS",null,"H",1.8137000000000001,22.21,40.28]
["Composição Auxiliar"," 94971 ","SINAPI","CONCRETO FCK = 25MPA, TRAÇO 1:2,3:2,7 (EM MASSA SECA DE CIMENTO/ AREIA MÉDIA/ BRITA 1) - PREPARO MECÂNICO COM BETONEIRA 600 L. AF_05/2021","FUES - FUNDAÇÕES E ESTRUTURAS",null,"m³",1.2,496.62,595.94000000000005]
["Composição Auxiliar"," 91692 ","SINAPI","SERRA CIRCULAR DE BANCADA COM MOTOR ELÉTRICO POTÊNCIA DE 5HP, COM COIFA PARA DISCO 10\" - CHP DIURNO. AF_08/2015","CHOR - CUSTOS HORÁRIOS DE MÁQUINAS E EQUIPAMENTOS",null,"CHP",0.77359999999999995,24.71,19.11]
["Composição Auxiliar"," 88261 ","SINAPI","CARPINTEIRO DE ESQUADRIAS COM ENCARGOS COMPLEMENTARES","SEDI - SERVIÇOS DIVERSOS",null,"H",9.0685000000000002,25.26,229.07]
["Composição Auxiliar"," 92767 ","SINAPI","ARMAÇÃO DE LAJE DE ESTRUTURA CONVENCIONAL DE CONCRETO ARMADO UTILIZANDO AÇO CA-60 DE 4,2 MM - MONTAGEM. AF_06/2022","FUES - FUNDAÇÕES E ESTRUTURAS",null,"KG",42.646299999999997,17.100000000000001,729.25]
["Insumo"," 00002692 ","SINAPI","DESMOLDANTE PROTETOR PARA FORMAS DE MADEIRA, DE BASE OLEOSA EMULSIONADA EM AGUA","Material",null,"L",0.12,9.65,1.1499999999999999]
["Insumo"," 00020247 ","SINAPI","PREGO DE ACO POLIDO COM CABECA 15 X 15 (1 1/4 X 13)","Material",null,"KG",0.64449999999999996,26.76,17.239999999999998]
["Insumo"," 00001358 ","SINAPI","CHAPA/PAINEL DE MADEIRA COMPENSADA RESINADA (MADEIRITE RESINADO ROSA) PARA FORMA DE CONCRETO, DE 2200 X 1100 MM, E = 17 MM","Material",null,"M²",2.9790000000000001,68.790000000000006,204.92]
[{"$nulls":4},"MO sem LS =>",764.11,"LS =>",874.22,"MO com LS =>",1638.33]
[{"$nulls":4},"Valor do BDI =>",822.58,null,"Valor com BDI =>",null,4237.21]
[]
[null,"Código","Banco","Descrição","Tipo",null,"Und","Quant.","Valor Unit","Total"]
["Composição"," 88310 ","SINAPI","PINTOR COM ENCARGOS COMPLEMENTARES","SEDI - SERVIÇOS DIVERSOS",null,"H",1,28.27,28.27]
["Composição Auxiliar"," 95372 ","SINAPI","CURSO DE CAPACITAÇÃO PARA PINTOR (ENCARGOS COMPLEMENTARES) - HORISTA","SEDI - SERVIÇOS DIVERSOS",null,"H",1,0.28999999999999998,0.28999999999999998]
["Insumo"," 00043466 ","SINAPI","FERRAMENTAS - FAMILIA PINTOR - HORISTA (ENCARGOS COMPLEMENTARES - COLETADO CAIXA)","Equipamento",null,"H",1,2.0499999999999998,2.0499999999999998]
["Insumo"," 00004783 ","SINAPI","PINTOR (HORISTA)","Mão de Obra",null,"H",1,20.11,20.11]
["Insumo"," 00037371 ","SINAPI","TRANSPORTE - HORISTA (COLETADO CAIXA - ENCARGOS COMPLEMENTARES)","Serviços",null,"H",1,0.45,0.45]
["Insumo"," 00037372 ","SINAPI","EXAMES - HORISTA (COLETADO CAIXA - ENCARGOS COMPLEMENTARES)","Material",null,"H",1,1.43,1.43]
["Insumo"," 00043490 ","SINAPI","EPI - FAMILIA PINTOR - HORISTA (ENCARGOS COMPLEMENTARES - COLETADO CAIXA)","Equipamento",null,"H",1,1.85,1.85]
["Insumo"," 00037373 ","SINAPI","SEGURO - HORISTA (COLETADO CAIXA - ENCARGOS COMPLEMENTARES)","Taxas",null,"H",1,0.08,0.08]
["Insumo"," 00037370 ","SINAPI","ALIMENTACAO - HORISTA (COLETADO CAIXA - ENCARGOS COMPLEMENTARES)","Material",null,"H",1,2.0099999999999998,2.0099999999999998]
[{"$nulls":4},"MO sem LS =>",9.51,"LS =>",10.89,"MO com LS =>",20.399999999999999]
[{"$nulls":4},"Valor do BDI =>",6.81,null,"Valor com BDI =>",null,35.08]
[]
[null,"Código","Banco","Descrição","Tipo",null,"Und","Quant.","Valor Unit","Total"]
["Composição"," 102234 ","SINAPI","PINTURA IMUNIZANTE PARA MADEIRA, 2 DEMÃOS. AF_01/2021","Pintura em Madeira",null,"m²",1,24.08,24.08]
["Composição Auxiliar"," 88310 ","SINAPI","PINTOR COM ENCARGOS COMPLEMENTARES","SEDI - SERVIÇOS DIVERSOS",null,"H",0.45290000000000002,28.27,12.8]
["Insumo"," 00007340 ","SINAPI","IMUNIZANTE PARA MADEIRA, INCOLOR","Material",null,"L",0.32569999999999999,34.64,11.28]
[{"$nulls":4},"MO sem LS =>",4.3,"LS =>",4.93,"MO com LS =>",9.23]
[{"$nulls":4},"Valor do BDI =>",5.8,null,"Valor com BDI =>",null,29.88]
[]
[null,"Código","Banco","Descrição","Tipo",null,"Und","Quant.","Valor Unit","Total"]
["Composição"," 91277 ","SINAPI","PLACA VIBRATÓRIA REVERSÍVEL COM MOTOR 4 TEMPOS A GASOLINA, FORÇA CENTRÍFUGA DE 25 KN (2500 KGF), POTÊNCIA 5,5 CV - CHP DIURNO. AF_08/2015","CHOR - CUSTOS HORÁRIOS DE MÁQUINAS E EQUIPAMENTOS",null,"CHP",1,10.5,10.5]
["Composição Auxiliar"," 91275 ","SINAPI","PLACA VIBRATÓRIA REVERSÍVEL COM MOTOR 4 TEMPOS A GASOLINA, FORÇA CENTRÍFUGA DE 25 KN (2500 KGF), POTÊNCIA 5,5 CV - MANUTENÇÃO. AF_08/2015","CHOR - CUSTOS HORÁRIOS DE MÁQUINAS E EQUIPAMENTOS",null,"H",1,0.78,0.78]
["Composição Auxiliar"," 91274 ","SINAPI","PLACA VIBRATÓRIA REVERSÍVEL COM MOTOR 4 TEMPOS A GASOLINA, FORÇA CENTRÍFUGA DE 25 KN (2500 KGF), POTÊNCIA 5,5 CV - JUROS. AF_08/2015","CHOR - CUSTOS HORÁRIOS DE MÁQUINAS E EQUIPAMENTOS",null,"H",1,0.16,0.16]
["Composição Auxiliar"," 91273 ","SINAPI","PLACA VIBRATÓRIA REVERSÍVEL COM MOTOR 4 TEMPOS A GASOLINA, FORÇA CENTRÍFUGA DE 25 KN (2500 KGF), POTÊNCIA 5,5 CV - DEPRECIAÇÃO. AF_08/2015","CHOR - CUSTOS HORÁRIOS DE MÁQUINAS E EQUIPAMENTOS",null,"H",1,0.62,0.62]
["Composição Auxiliar"," 91276 ","SINAPI","PLACA VIBRATÓRIA REVERSÍVEL COM MOTOR 4 TEMPOS A GASOLINA, FORÇA CENTRÍFUGA DE 25 KN (2500 KGF), POTÊNCIA 5,5 CV - MATERIAIS NA OPERAÇÃO. AF_08/2015","CHOR - CUSTOS HORÁRIOS DE MÁQUINAS E EQUIPAMENTOS",null,"H",1,8.94,8.94]
[{"$nulls":4},"MO sem LS =>",0,"LS =>",0,"MO com LS =>",0]
[{"$nulls":4},"Valor do BDI =>",2.52,null,"Valor com BDI =>",null,13.02]
[]
[null,"Código","Banco","Descrição","Tipo",null,"Und","Quant.","Valor Unit","Total"]
["Composição"," 91273 ","SINAPI","PLACA VIBRATÓRIA REVERSÍVEL COM MOTOR 4 TEMPOS A GASOLINA, FORÇA CENTRÍFUGA DE 25 KN (2500 KGF), POTÊNCIA 5,5 CV - DEPRECIAÇÃO. AF_08/2015","CHOR - CUSTOS HORÁRIOS DE MÁQUINAS E EQUIPAMENTOS",null,"H",1,0.62,0.62]
["Insumo"," 00001442 ","SINAPI","COMPACTADOR DE SOLO TIPO PLACA VIBRATORIA REVERSIVEL, A GASOLINA 4 TEMPOS, PESO 125 A 150 KG, FORCA CENTRIF. 2500 A 2800 KGF, LARG. TRABALHO 400 A 450 MM, FREQ. VIBRACAO 4300 A 4500 RPM, VELOC. TRABALHO 15 A 20 M/MIN, POT. 5,5 A 6,0 HP","Equipamento",null,"UN",5.3300000000000001E-5,11744.5,0.62]
[{"$nulls":4},"MO sem LS =>",0,"LS =>",0,"MO com LS =>",0]
[{"$nulls":4},"Valor do BDI =>",0.14000000000000001,null,"Valor com BDI =>",null,0.76]
[]
[null,"Código","Banco","Descrição","Tipo",null,"Und","Quant.","Valor Unit","Total"]
["Composição"," 91274 ","SINAPI","PLACA VIBRATÓRIA REVERSÍVEL COM MOTOR 4 TEMPOS A GASOLINA, FORÇA CENTRÍFUGA DE 25 KN (2500 KGF), POTÊNCIA 5,5 CV - JUROS. AF_08/2015","CHOR - CUSTOS HORÁRIOS DE MÁQUINAS E EQUIPAMENTOS",null,"H",1,0.16,0.16]
["Insumo"," 00001442 ","SINAPI","COMPACTADOR DE SOLO TIPO PLACA VIBRATORIA REVERSIVEL, A GASOLINA 4 TEMPOS, PESO 125 A 150 KG, FORCA CENTRIF. 2500 A 2800 KGF, LARG. TRABALHO 400 A 450 MM, FREQ. VIBRACAO 4300 A 4500 RPM, VELOC. TRABALHO 15 A 20 M/MIN, POT. 5,5 A 6,0 HP","Equipamento",null,"UN",1.43E-5,11744.5,0.16]
[{"$nulls":4},"MO sem LS =>",0,"LS =>",0,"MO com LS =>",0]
[{"$nulls":4},"Valor do BDI =>",0.03,null,"Valor com BDI =>",null,0.19]
[]
[null,"Código","Banco","Descrição","Tipo",null,"Und","Quant.","Valor Unit","Total"]
["Composição"," 91275 ","SINAPI","PLACA VIBRATÓRIA REVERSÍVEL COM MOTOR 4 TEMPOS A GASOLINA, FORÇA CENTRÍFUGA DE 25 KN (2500 KGF), POTÊNCIA 5,5 CV - MANUTENÇÃO. AF_08/2015","CHOR - CUSTOS HORÁRIOS DE MÁQUINAS E EQUIPAMENTOS",null,"H",1,0.78,0.78]
["Insumo"," 00001442 ","SINAPI","COMPACTADOR DE SOLO TIPO PLACA VIBRATORIA REVERSIVEL, A GASOLINA 4 TEMPOS, PESO 125 A 150 KG, FORCA CENTRIF. 2500 A 2800 KGF, LARG. TRABALHO 400 A 450 MM, FREQ. VIBRACAO 4300 A 4500 RPM, VELOC. TRABALHO 15 A 20 M/MIN, POT. 5,5 A 6,0 HP","Equipamento",null,"UN",6.6699999999999995E-5,11744.5,0.78]
[{"$nulls":4},"MO sem LS =>",0,"LS =>",0,"MO com LS =>",0]
[{"$nulls":4},"Valor do BDI =>",0.18,null,"Valor com BDI =>",null,0.96]
[]
[null,"Código","Banco","Descrição","Tipo",null,"Und","Quant.","Valor Unit","Total"]
["Composição"," 91276 ","SINAPI","PLACA VIBRATÓRIA REVERSÍVEL COM MOTOR 4 TEMPOS A GASOLINA, FORÇA CENTRÍFUGA DE 25 KN (2500 KGF), POTÊNCIA 5,5 CV - MATERIAIS NA OPERAÇÃO. AF_08/2015","CHOR - CUSTOS HORÁRIOS DE MÁQUINAS E EQUIPAMENTOS",null,"H",1,8.94,8.94]
["Insumo"," 00004222 ","SINAPI","GASOLINA COMUM","Material",null,"L",1.44,6.21,8.94]
[{"$nulls":4},"MO sem LS =>",0,"LS =>",0,"MO com LS =>",0]
[{"$nulls":4},"Valor do BDI =>",2.15,null,"Valor com BDI =>",null,11.09]
[]
[null,"Código","Banco","Descrição","Tipo",null,"Und","Quant.","Valor Unit","Total"]
["Composição"," 95277 ","SINAPI","POLIDORA DE PISO (POLITRIZ), PESO DE 100KG, DIÂMETRO 450 MM, MOTOR ELÉTRICO, POTÊNCIA 4 HP - CHI DIURNO. AF_05/2023","CHOR - CUSTOS HORÁRIOS DE MÁQUINAS E EQUIPAMENTOS",null,"CHI",1,0.75,0.75]
["Composição Auxiliar"," 95272 ","SINAPI","POLIDORA DE PISO (POLITRIZ), PESO DE 100KG, DIÂMETRO 450 MM, MOTOR ELÉTRICO, POTÊNCIA 4 HP - DEPRECIAÇÃO. AF_05/2023","CHOR - CUSTOS HORÁRIOS DE MÁQUINAS E EQUIPAMENTOS",null,"H",1,0.61,0.61]
["Composição Auxiliar"," 95273 ","SINAPI","POLIDORA DE PISO (POLITRIZ), PESO DE 100KG, DIÂMETRO 450 MM, MOTOR ELÉTRICO, POTÊNCIA 4 HP - JUROS. AF_05/2023","CHOR - CUSTOS HORÁRIOS DE MÁQUINAS E EQUIPAMENTOS",null,"H",1,0.14000000000000001,0.14000000000000001]
[{"$nulls":4},"MO sem LS =>",0,"LS =>",0,"MO com LS =>",0]
[{"$nulls":4},"Valor do BDI =>",0.18,null,"Valor com BDI =>",null,0.93]
[]
[null,"Código","Banco","Descrição","Tipo",null,"Und","Quant.","Valor Unit","Total"]
["Composição"," 95276 ","SINAPI","POLIDORA DE PISO (POLITRIZ), PESO DE 100KG, DIÂMETRO 450 MM, MOTOR ELÉTRICO, POTÊNCIA 4 HP - CHP DIURNO. AF_05/2023","CHOR - CUSTOS HORÁRIOS DE MÁQUINAS E EQUIPAMENTOS",null,"CHP",1,3.83,3.83]
["Composição Auxiliar"," 95274 ","SINAPI","POLIDORA DE PISO (POLITRIZ), PESO DE 100KG, DIÂMETRO 450 MM, MOTOR ELÉTRICO, POTÊNCIA 4 HP - MANUTENÇÃO. AF_05/2023","CHOR - CUSTOS HORÁRIOS DE MÁQUINAS E EQUIPAMENTOS",null,"H",1,0.47,0.47]
["Composição Auxiliar"," 95273 ","SINAPI","POLIDORA DE PISO (POLITRIZ), PESO DE 100KG, DIÂMETRO 450 MM, MOTOR ELÉTRICO, POTÊNCIA 4 HP - JUROS. AF_05/2023","CHOR - CUSTOS HORÁRIOS DE MÁQUINAS E EQUIPAMENTOS",null,"H",1,0.14000000000000001,0.14000000000000001]
["Composição Auxiliar"," 95275 ","SINAPI","POLIDORA DE PISO (POLITRIZ), PESO DE 100KG, DIÂMETRO 450 MM, MOTOR ELÉTRICO, POTÊNCIA 4 HP - MATERIAIS NA OPERAÇÃO. AF_05/2023","CHOR - CUSTOS HORÁRIOS DE MÁQUINAS E EQUIPAMENTOS",null,"H",1,2.61,2.61]
["Composição Auxiliar"," 95272 ","SINAPI","POLIDORA DE PISO (POLITRIZ), PESO DE 100KG, DIÂMETRO 450 MM, MOTOR ELÉTRICO, POTÊNCIA 4 HP - DEPRECIAÇÃO. AF_05/2023","CHOR - CUSTOS HORÁRIOS DE MÁQUINAS E EQUIPAMENTOS",null,"H",1,0.61,0.61]
[{"$nulls":4},"MO sem LS =>",0,"LS =>",0,"MO com LS =>",0]
[{"$nulls":4},"Valor do BDI =>",0.92,null,"Valor com BDI =>",null,4.75]
[]
[null,"Código","Banco","Descrição","Tipo",null,"Und","Quant.","Valor Unit","Total"]
["Composição"," 95272 ","SINAPI","POLIDORA DE PISO (POLITRIZ), PESO DE 100KG, DIÂMETRO 450 MM, MOTOR ELÉTRICO, POTÊNCIA 4 HP - DEPRECIAÇÃO. AF_05/2023","CHOR - CUSTOS HORÁRIOS DE MÁQUINAS E EQUIPAMENTOS",null,"H",1,0.61,0.61]
["Insumo"," 00013954 ","SINAPI","POLIDORA DE PISO (POLITRIZ) ELETRICA, MOTOR MONOFASICO DE 4 HP, PESO DE 100 KG, DIAMETRO DO TRABALHO DE 450 MM","Equipamento",null,"UN",6.3999999999999997E-5,9574.08,0.61]
[{"$nulls":4},"MO sem LS =>",0,"LS =>",0,"MO com LS =>",0]
[{"$nulls":4},"Valor do BDI =>",0.14000000000000001,null,"Valor com BDI =>",null,0.75]
[]
[null,"Código","Banco","Descrição","Tipo",null,"Und","Quant.","Valor Unit","Total"]
["Composição"," 95273 ","SINAPI","POLIDORA DE PISO (POLITRIZ), PESO DE 100KG, DIÂMETRO 450 MM, MOTOR ELÉTRICO, POTÊNCIA 4 HP - JUROS. AF_05/2023","CHOR - CUSTOS HORÁRIOS DE MÁQUINAS E EQUIPAMENTOS",null,"H",1,0.14000000000000001,0.14000000000000001]
["Insumo"," 00013954 ","SINAPI","POLIDORA DE PISO (POLITRIZ) ELETRICA, MOTOR MONOFASICO DE 4 HP, PESO DE 100 KG, DIAMETRO DO TRABALHO DE 450 MM","Equipamento",null,"UN",1.4800000000000001E-5,9574.08,0.14000000000000001]
[{"$nulls":4},"MO sem LS =>",0,"LS =>",0,"MO com LS =>",0]
[{"$nulls":4},"Valor do BDI =>",0.03,null,"Valor com BDI =>",null,0.17]
[]
[null,"Código","Banco","Descrição","Tipo",null,"Und","Quant.","Valor Unit","Total"]
["Composição"," 95274 ","SINAPI","POLIDORA DE PISO (POLITRIZ), PESO DE 100KG, DIÂMETRO 450 MM, MOTOR ELÉTRICO, POTÊNCIA 4 HP - MANUTENÇÃO. AF_05/2023","CHOR - CUSTOS HORÁRIOS DE MÁQUINAS E EQUIPAMENTOS",null,"H",1,0.47,0.47]
["Insumo"," 00013954 ","SINAPI","POLIDORA DE PISO (POLITRIZ) ELETRICA, MOTOR MONOFASICO DE 4 HP, PESO DE 100 KG, DIAMETRO DO TRABALHO DE 450 MM","Equipamento",null,"UN",5.0000000000000002E-5,9574.08,0.47]
[{"$nulls":4},"MO sem LS =>",0,"LS =>",0,"MO com LS =>",0]
[{"$nulls":4},"Valor do BDI =>",0.11,null,"Valor com BDI =>",null,0.57999999999999996]
[]
[null,"Código","Banco","Descrição","Tipo",null,"Und","Quant.","Valor Unit","Total"]
["Composição"," 95275 ","SINAPI","POLIDORA DE PISO (POLITRIZ), PESO DE 100KG, DIÂMETRO 450 MM, MOTOR ELÉTRICO, POTÊNCIA 4 HP - MATERIAIS NA OPERAÇÃO. AF_05/2023","CHOR - CUSTOS HORÁRIOS DE MÁQUINAS E EQUIPAMENTOS",null,"H",1,2.61,2.61]
["Insumo"," 00002705 ","SINAPI","ENERGIA ELETRICA ATE 2000 KWH INDUSTRIAL, SEM DEMANDA","Material",null,"KW/H",2.54,1.03,2.61]
[{"$nulls":4},"MO sem LS =>",0,"LS =>",0,"MO com LS =>",0]
[{"$nulls":4},"Valor do BDI =>",0.62,null,"Valor com BDI =>",null,3.23]
[]
[null,"Código","Banco","Descrição","Tipo",null,"Und","Quant.","Valor Unit","Total"]
["Composição"," 101617 ","SINAPI","PREPARO DE FUNDO DE VALA COM LARGURA MAIOR OU IGUAL A 1,5 M E MENOR QUE 2,5 M (ACERTO DO SOLO NATURAL). AF_08/2020","MOVT - MOVIMENTO DE TERRA",null,"m²",1,3.04,3.04]
["Composição Auxiliar"," 88309 ","SINAPI","PEDREIRO COM ENCARGOS COMPLEMENTARES","SEDI - SERVIÇOS DIVERSOS",null,"H",5.0700000000000002E-2,26.59,1.34]
["Composição Auxiliar"," 88316 ","SINAPI","SERVENTE COM ENCARGOS COMPLEMENTARES","SEDI - SERVIÇOS DIVERSOS",null,"H",7.5999999999999998E-2,21.35,1.62]
["Composição Auxiliar"," 91533 ","SINAPI","COMPACTADOR DE SOLOS DE PERCUSSÃO (SOQUETE) COM MOTOR A GASOLINA 4 TEMPOS, POTÊNCIA 4 CV - CHP DIURNO. AF_08/2015","CHOR - CUSTOS HORÁRIOS DE MÁQUINAS E EQUIPAMENTOS",null,"CHP",1.6000000000000001E-3,31.86,0.05]
["Composição Auxiliar"," 91534 ","SINAPI","COMPACTADOR DE SOLOS DE PERCUSSÃO (SOQUETE) COM MOTOR A GASOLINA 4 TEMPOS, POTÊNCIA 4 CV - CHI DIURNO. AF_08/2015","CHOR - CUSTOS HORÁRIOS DE MÁQUINAS E EQUIPAMENTOS",null,"CHI",1.6000000000000001E-3,24.32,0.03]
[{"$nulls":4},"MO sem LS =>",1.04,"LS =>",1.2,"MO com LS =>",2.2400000000000002]
[{"$nulls":4},"Valor do BDI =>",0.73,null,"Valor com BDI =>",null,3.77]
[]
[null,"Código","Banco","Descrição","Tipo",null,"Und","Quant.","Valor Unit","Total"]
["Composição"," 101623 ","SINAPI","PREPARO DE FUNDO DE VALA COM LARGURA MENOR QUE 1,5 M, COM CAMADA DE BRITA, LANÇAMENTO MECANIZADO. AF_08/2020","MOVT - MOVIMENTO DE TERRA",null,"m³",1,230.72,230.72]
["Composição Auxiliar"," 5678 ","SINAPI","RETROESCAVADEIRA SOBRE RODAS COM CARREGADEIRA, TRAÇÃO 4X4, POTÊNCIA LÍQ. 88 HP, CAÇAMBA CARREG. CAP. MÍN. 1 M3, CAÇAMBA RETRO CAP. 0,26 M3, PESO OPERACIONAL MÍN. 6.674 KG, PROFUNDIDADE ESCAVAÇÃO MÁX. 4,37 M - CHP DIURNO. AF_06/2014","CHOR - CUSTOS HORÁRIOS DE MÁQUINAS E EQUIPAMENTOS",null,"CHP",0.128,141.54,18.11]
["Composição Auxiliar"," 91533 ","SINAPI","COMPACTADOR DE SOLOS DE PERCUSSÃO (SOQUETE) COM MOTOR A GASOLINA 4 TEMPOS, POTÊNCIA 4 CV - CHP DIURNO. AF_08/2015","CHOR - CUSTOS HORÁRIOS DE MÁQUINAS E EQUIPAMENTOS",null,"CHP",7.1800000000000003E-2,31.86,2.2799999999999998]
["Composição Auxiliar"," 91534 ","SINAPI","COMPACTADOR DE SOLOS DE PERCUSSÃO (SOQUETE) COM MOTOR A GASOLINA 4 TEMPOS, POTÊNCIA 4 CV - CHI DIURNO. AF_08/2015","CHOR - CUSTOS HORÁRIOS DE MÁQUINAS E EQUIPAMENTOS",null,"CHI",6.6600000000000006E-2,24.32,1.61]
["Composição Auxiliar"," 5679 ","SINAPI","RETROESCAVADEIRA SOBRE RODAS COM CARREGADEIRA, TRAÇÃO 4X4, POTÊNCIA LÍQ. 88 HP, CAÇAMBA CARREG. CAP. MÍN. 1 M3, CAÇAMBA RETRO CAP. 0,26 M3, PESO OPERACIONAL MÍN. 6.674 KG, PROFUNDIDADE ESCAVAÇÃO MÁX. 4,37 M - CHI DIURNO. AF_06/2014","CHOR - CUSTOS HORÁRIOS DE MÁQUINAS E EQUIPAMENTOS",null,"CHI",0.63980000000000004,58.23,37.25]
["Composição Auxiliar"," 88316 ","SINAPI","SERVENTE COM ENCARGOS COMPLEMENTARES","SEDI - SERVIÇOS DIVERSOS",null,"H",1.3818999999999999,21.35,29.5]
["Composição Auxiliar"," 88309 ","SINAPI","PEDREIRO COM ENCARGOS COMPLEMENTARES","SEDI - SERVIÇOS DIVERSOS",null,"H",0.92130000000000001,26.59,24.49]
["Insumo"," 00004720 ","SINAPI","PEDRA BRITADA N. 0, OU PEDRISCO (4,8 A 9,5 MM) POSTO PEDREIRA/FORNECEDOR, SEM FRETE","Material",null,"M³",1.1000000000000001,106.8,117.48]
[{"$nulls":4},"MO sem LS =>",27.18,"LS =>",31.11,"MO com LS =>",58.29]
[{"$nulls":4},"Valor do BDI =>",55.58,null,"Valor com BDI =>",null,286.3]
[]
[null,"Código","Banco","Descrição","Tipo",null,"Und","Quant.","Valor Unit","Total"]
["Composição"," 5942 ","SINAPI","PÁ CARREGADEIRA SOBRE RODAS, POTÊNCIA LÍQUIDA 128 HP, CAPACIDADE DA CAÇAMBA 1,7 A 2,8 M3, PESO OPERACIONAL 11632 KG - CHI DIURNO. AF_06/2014","CHOR - CUSTOS HORÁRIOS DE MÁQUINAS E EQUIPAMENTOS",null,"CHI",1,70.19,70.19]
["Composição Auxiliar"," 88301 ","SINAPI","OPERADOR DE PÁ CARREGADEIRA COM ENCARGOS COMPLEMENTARES","SEDI - SERVIÇOS DIVERSOS",null,"H",1,23.11,23.11]
["Composição Auxiliar"," 89128 ","SINAPI","PÁ CARREGADEIRA SOBRE RODAS, POTÊNCIA LÍQUIDA 128 HP, CAPACIDADE DA CAÇAMBA 1,7 A 2,8 M3, PESO OPERACIONAL 11632 KG - DEPRECIAÇÃO. AF_06/2014","CHOR - CUSTOS HORÁRIOS DE MÁQUINAS E EQUIPAMENTOS",null,"H",1,37.24,37.24]
["Composição Auxiliar"," 89129 ","SINAPI","PÁ CARREGADEIRA SOBRE RODAS, POTÊNCIA LÍQUIDA 128 HP, CAPACIDADE DA CAÇAMBA 1,7 A 2,8 M3, PESO OPERACIONAL 11632 KG - JUROS. AF_06/2014","CHOR - CUSTOS HORÁRIOS DE MÁQUINAS E EQUIPAMENTOS",null,"H",1,9.84,9.84]
[{"$nulls":4},"MO sem LS =>",8.5,"LS =>",9.74,"MO com LS =>",18.239999999999998]
[{"$nulls":4},"Valor do BDI =>",16.899999999999999,null,"Valor com BDI =>",null,87.09]
[]
[null,"Código","Banco","Descrição","Tipo",null,"Und","Quant.","Valor Unit","Total"]
["Composição"," 5940 ","SINAPI","PÁ CARREGADEIRA SOBRE RODAS, POTÊNCIA LÍQUIDA 128 HP, CAPACIDADE DA CAÇAMBA 1,7 A 2,8 M3, PESO OPERACIONAL 11632 KG - CHP DIURNO. AF_06/2014","CHOR - CUSTOS HORÁRIOS DE MÁQUINAS E EQUIPAMENTOS",null,"CHP",1,162.12,162.12]
["Composição Auxiliar"," 53858 ","SINAPI","PÁ CARREGADEIRA SOBRE RODAS, POTÊNCIA LÍQUIDA 128 HP, CAPACIDADE DA CAÇAMBA 1,7 A 2,8 M3, PESO OPERACIONAL 11632 KG - MATERIAIS NA OPERAÇÃO. AF_06/2014","CHOR - CUSTOS HORÁRIOS DE MÁQUINAS E EQUIPAMENTOS",null,"H",1,45.38,45.38]
["Composição Auxiliar"," 89128 ","SINAPI","PÁ CARREGADEIRA SOBRE RODAS, POTÊNCIA LÍQUIDA 128 HP, CAPACIDADE DA CAÇAMBA 1,7 A 2,8 M3, PESO OPERACIONAL 11632 KG - DEPRECIAÇÃO. AF_06/2014","CHOR - CUSTOS HORÁRIOS DE MÁQUINAS E EQUIPAMENTOS",null,"H",1,37.24,37.24]
["Composição Auxiliar"," 53857 ","SINAPI","PÁ CARREGADEIRA SOBRE RODAS, POTÊNCIA LÍQUIDA 128 HP, CAPACIDADE DA CAÇAMBA 1,7 A 2,8 M3, PESO OPERACIONAL 11632 KG - MANUTENÇÃO. AF_06/2014","CHOR - CUSTOS HORÁRIOS DE MÁQUINAS E EQUIPAMENTOS",null,"H",1,46.55,46.55]
["Composição Auxiliar"," 88301 ","SINAPI","OPERADOR DE PÁ CARREGADEIRA COM ENCARGOS COMPLEMENTARES","SEDI - SERVIÇOS DIVERSOS",null,"H",1,23.11,23.11]
["Composição Auxiliar"," 89129 ","SINAPI","PÁ CARREGADEIRA SOBRE RODAS, POTÊNCIA LÍQUIDA 128 HP, CAPACIDADE DA CAÇAMBA 1,7 A 2,8 M3, PESO OPERACIONAL 11632 KG - JUROS. AF_06/2014","CHOR - CUSTOS HORÁRIOS DE MÁQUINAS E EQUIPAMENTOS",null,"H",1,9.84,9.84]
[{"$nulls":4},"MO sem LS =>",8.5,"LS =>",9.74,"MO com LS =>",18.239999999999998]
[{"$nulls":4},"Valor do BDI =>",39.049999999999997,null,"Valor com BDI =>",null,201.17]
[]
[null,"Código","Banco","Descrição","Tipo",null,"Und","Quant.","Valor Unit","Total"]
["Composição"," 89128 ","SINAPI","PÁ CARREGADEIRA SOBRE RODAS, POTÊNCIA LÍQUIDA 128 HP, CAPACIDADE DA CAÇAMBA 1,7 A 2,8 M3, PESO OPERACIONAL 11632 KG - DEPRECIAÇÃO. AF_06/2014","CHOR - CUSTOS HORÁRIOS DE MÁQUINAS E EQUIPAMENTOS",null,"H",1,37.24,37.24]
["Insumo"," 00004262 ","SINAPI","PA CARREGADEIRA SOBRE RODAS, POTENCIA LIQUIDA 128 HP, CAPACIDADE DA CACAMBA DE 1,7 A 2,8 M3, PESO OPERACIONAL MAXIMO DE 11632 KG","Equipamento",null,"UN",5.5999999999999999E-5,665000,37.24]
[{"$nulls":4},"MO sem LS =>",0,"LS =>",0,"MO com LS =>",0]
[{"$nulls":4},"Valor do BDI =>",8.9700000000000006,null,"Valor com BDI =>",null,46.21]
[]
[null,"Código","Banco","Descrição","Tipo",null,"Und","Quant.","Valor Unit","Total"]
["Composição"," 89129 ","SINAPI","PÁ CARREGADEIRA SOBRE RODAS, POTÊNCIA LÍQUIDA 128 HP, CAPACIDADE DA CAÇAMBA 1,7 A 2,8 M3, PESO OPERACIONAL 11632 KG - JUROS. AF_06/2014","CHOR - CUSTOS HORÁRIOS DE MÁQUINAS E EQUIPAMENTOS",null,"H",1,9.84,9.84]
["Insumo"," 00004262 ","SINAPI","PA CARREGADEIRA SOBRE RODAS, POTENCIA LIQUIDA 128 HP, CAPACIDADE DA CACAMBA DE 1,7 A 2,8 M3, PESO OPERACIONAL MAXIMO DE 11632 KG","Equipamento",null,"UN",1.4800000000000001E-5,665000,9.84]
[{"$nulls":4},"MO sem LS =>",0,"LS =>",0,"MO com LS =>",0]
[{"$nulls":4},"Valor do BDI =>",2.37,null,"Valor com BDI =>",null,12.21]
[]
[null,"Código","Banco","Descrição","Tipo",null,"Und","Quant.","Valor Unit","Total"]
["Composição"," 53857 ","SINAPI","PÁ CARREGADEIRA SOBRE RODAS, POTÊNCIA LÍQUIDA 128 HP, CAPACIDADE DA CAÇAMBA 1,7 A 2,8 M3, PESO OPERACIONAL 11632 KG - MANUTENÇÃO. AF_06/2014","CHOR - CUSTOS HORÁRIOS DE MÁQUINAS E EQUIPAMENTOS",null,"H",1,46.55,46.55]
["Insumo"," 00004262 ","SINAPI","PA CARREGADEIRA SOBRE RODAS, POTENCIA LIQUIDA 128 HP, CAPACIDADE DA CACAMBA DE 1,7 A 2,8 M3, PESO OPERACIONAL MAXIMO DE 11632 KG","Equipamento",null,"UN",6.9999999999999994E-5,665000,46.55]
[{"$nulls":4},"MO sem LS =>",0,"LS =>",0,"MO com LS =>",0]
[{"$nulls":4},"Valor do BDI =>",11.21,null,"Valor com BDI =>",null,57.76]
[]
[null,"Código","Banco","Descrição","Tipo",null,"Und","Quant.","Valor Unit","Total"]
["Composição"," 53858 ","SINAPI","PÁ CARREGADEIRA SOBRE RODAS, POTÊNCIA LÍQUIDA 128 HP, CAPACIDADE DA CAÇAMBA 1,7 A 2,8 M3, PESO OPERACIONAL 11632 KG - MATERIAIS NA OPERAÇÃO. AF_06/2014","CHOR - CUSTOS HORÁRIOS DE MÁQUINAS E EQUIPAMENTOS",null,"H",1,45.38,45.38]
["Insumo"," 00004221 ","SINAPI","OLEO DIESEL COMBUSTIVEL COMUM METROPOLITANO S-10 OU S-500","Material",null,"L",7.64,5.94,45.38]
[{"$nulls":4},"MO sem LS =>",0,"LS =>",0,"MO com LS =>",0]
[{"$nulls":4},"Valor do BDI =>",10.93,null,"Valor com BDI =>",null,56.31]
[]
[null,"Código","Banco","Descrição","Tipo",null,"Und","Quant.","Valor Unit","Total"]
["Composição"," 5679 ","SINAPI","RETROESCAVADEIRA SOBRE RODAS COM CARREGADEIRA, TRAÇÃO 4X4, POTÊNCIA LÍQ. 88 HP, CAÇAMBA CARREG. CAP. MÍN. 1 M3, CAÇAMBA RETRO CAP. 0,26 M3, PESO OPERACIONAL MÍN. 6.674 KG, PROFUNDIDADE ESCAVAÇÃO MÁX. 4,37 M - CHI DIURNO. AF_06/2014","CHOR - CUSTOS HORÁRIOS DE MÁQUINAS E EQUIPAMENTOS",null,"CHI",1,58.23,58.23]
["Composição Auxiliar"," 88294 ","SINAPI","OPERADOR DE ESCAVADEIRA COM ENCARGOS COMPLEMENTARES","SEDI - SERVIÇOS DIVERSOS",null,"H",1,25.21,25.21]
["Composição Auxiliar"," 88857 ","SINAPI","RETROESCAVADEIRA SOBRE RODAS COM CARREGADEIRA, TRAÇÃO 4X4, POTÊNCIA LÍQ. 88 HP, CAÇAMBA CARREG. CAP. MÍN. 1 M3, CAÇAMBA RETRO CAP. 0,26 M3, PESO OPERACIONAL MÍN. 6.674 KG, PROFUNDIDADE ESCAVAÇÃO MÁX. 4,37 M - DEPRECIAÇÃO. AF_06/2014","CHOR - CUSTOS HORÁRIOS DE MÁQUINAS E EQUIPAMENTOS",null,"H",1,26.12,26.12]
["Composição Auxiliar"," 88858 ","SINAPI","RETROESCAVADEIRA SOBRE RODAS COM CARREGADEIRA, TRAÇÃO 4X4, POTÊNCIA LÍQ. 88 HP, CAÇAMBA CARREG. CAP. MÍN. 1 M3, CAÇAMBA RETRO CAP. 0,26 M3, PESO OPERACIONAL MÍN. 6.674 KG, PROFUNDIDADE ESCAVAÇÃO MÁX. 4,37 M - JUROS. AF_06/2014","CHOR - CUSTOS HORÁRIOS DE MÁQUINAS E EQUIPAMENTOS",null,"H",1,6.9,6.9]
[{"$nulls":4},"MO sem LS =>",9.48,"LS =>",10.86,"MO com LS =>",20.34]
[{"$nulls":4},"Valor do BDI =>",14.02,null,"Valor com BDI =>",null,72.25]
[]
[null,"Código","Banco","Descrição","Tipo",null,"Und","Quant.","Valor Unit","Total"]
["Composição"," 5678 ","SINAPI","RETROESCAVADEIRA SOBRE RODAS COM CARREGADEIRA, TRAÇÃO 4X4, POTÊNCIA LÍQ. 88 HP, CAÇAMBA CARREG. CAP. MÍN. 1 M3, CAÇAMBA RETRO CAP. 0,26 M3, PESO OPERACIONAL MÍN. 6.674 KG, PROFUNDIDADE ESCAVAÇÃO MÁX. 4,37 M - CHP DIURNO. AF_06/2014","CHOR - CUSTOS HORÁRIOS DE MÁQUINAS E EQUIPAMENTOS",null,"CHP",1,141.54,141.54]
["Composição Auxiliar"," 53786 ","SINAPI","RETROESCAVADEIRA SOBRE RODAS COM CARREGADEIRA, TRAÇÃO 4X4, POTÊNCIA LÍQ. 88 HP, CAÇAMBA CARREG. CAP. MÍN. 1 M3, CAÇAMBA RETRO CAP. 0,26 M3, PESO OPERACIONAL MÍN. 6.674 KG, PROFUNDIDADE ESCAVAÇÃO MÁX. 4,37 M - MATERIAIS NA OPERAÇÃO. AF_06/2014","CHOR - CUSTOS HORÁRIOS DE MÁQUINAS E EQUIPAMENTOS",null,"H",1,50.66,50.66]
["Composição Auxiliar"," 88858 ","SINAPI","RETROESCAVADEIRA SOBRE RODAS COM CARREGADEIRA, TRAÇÃO 4X4, POTÊNCIA LÍQ. 88 HP, CAÇAMBA CARREG. CAP. MÍN. 1 M3, CAÇAMBA RETRO CAP. 0,26 M3, PESO OPERACIONAL MÍN. 6.674 KG, PROFUNDIDADE ESCAVAÇÃO MÁX. 4,37 M - JUROS. AF_06/2014","CHOR - CUSTOS HORÁRIOS DE MÁQUINAS E EQUIPAMENTOS",null,"H",1,6.9,6.9]
["Composição Auxiliar"," 88294 ","SINAPI","OPERADOR DE ESCAVADEIRA COM ENCARGOS COMPLEMENTARES","SEDI - SERVIÇOS DIVERSOS",null,"H",1,25.21,25.21]
["Composição Auxiliar"," 88857 ","SINAPI","RETROESCAVADEIRA SOBRE RODAS COM CARREGADEIRA, TRAÇÃO 4X4, POTÊNCIA LÍQ. 88 HP, CAÇAMBA CARREG. CAP. MÍN. 1 M3, CAÇAMBA RETRO CAP. 0,26 M3, PESO OPERACIONAL MÍN. 6.674 KG, PROFUNDIDADE ESCAVAÇÃO MÁX. 4,37 M - DEPRECIAÇÃO. AF_06/2014","CHOR - CUSTOS HORÁRIOS DE MÁQUINAS E EQUIPAMENTOS",null,"H",1,26.12,26.12]
["Composição Auxiliar"," 5664 ","SINAPI","RETROESCAVADEIRA SOBRE RODAS COM CARREGADEIRA, TRAÇÃO 4X4, POTÊNCIA LÍQ. 88 HP, CAÇAMBA CARREG. CAP. MÍN. 1 M3, CAÇAMBA RETRO CAP. 0,26 M3, PESO OPERACIONAL MÍN. 6.674 KG, PROFUNDIDADE ESCAVAÇÃO MÁX. 4,37 M - MANUTENÇÃO. AF_06/2014","CHOR - CUSTOS HORÁRIOS DE MÁQUINAS E EQUIPAMENTOS",null,"H",1,32.65,32.65]
[{"$nulls":4},"MO sem LS =>",9.48,"LS =>",10.86,"MO com LS =>",20.34]
[{"$nulls":4},"Valor do BDI =>",34.090000000000003,null,"Valor com BDI =>",null,175.63]
[]
[null,"Código","Banco","Descrição","Tipo",null,"Und","Quant.","Valor Unit","Total"]
["Composição"," 88857 ","SINAPI","RETROESCAVADEIRA SOBRE RODAS COM CARREGADEIRA, TRAÇÃO 4X4, POTÊNCIA LÍQ. 88 HP, CAÇAMBA CARREG. CAP. MÍN. 1 M3, CAÇAMBA RETRO CAP. 0,26 M3, PESO OPERACIONAL MÍN. 6.674 KG, PROFUNDIDADE ESCAVAÇÃO MÁX. 4,37 M - DEPRECIAÇÃO. AF_06/2014","CHOR - CUSTOS HORÁRIOS DE MÁQUINAS E EQUIPAMENTOS",null,"H",1,26.12,26.12]
["Insumo"," 00036531 ","SINAPI","RETROESCAVADEIRA SOBRE RODAS COM CARREGADEIRA, TRACAO 4 X 4, POTENCIA LIQUIDA 88 HP, PESO OPERACIONAL MINIMO DE 6674 KG, CAPACIDADE DA CARREGADEIRA DE 1,00 M3 E DA RETROESCAVADEIRA MINIMA DE 0,26 M3, PROFUNDIDADE DE ESCAVACAO MAXIMA DE 4,37 M","Equipamento",null,"UN",5.5999999999999999E-5,466463.38,26.12]
[{"$nulls":4},"MO sem LS =>",0,"LS =>",0,"MO com LS =>",0]
[{"$nulls":4},"Valor do BDI =>",6.29,null,"Valor com BDI =>",null,32.409999999999997]
[]
[null,"Código","Banco","Descrição","Tipo",null,"Und","Quant.","Valor Unit","Total"]
["Composição"," 88858 ","SINAPI","RETROESCAVADEIRA SOBRE RODAS COM CARREGADEIRA, TRAÇÃO 4X4, POTÊNCIA LÍQ. 88 HP, CAÇAMBA CARREG. CAP. MÍN. 1 M3, CAÇAMBA RETRO CAP. 0,26 M3, PESO OPERACIONAL MÍN. 6.674 KG, PROFUNDIDADE ESCAVAÇÃO MÁX. 4,37 M - JUROS. AF_06/2014","CHOR - CUSTOS HORÁRIOS DE MÁQUINAS E EQUIPAMENTOS",null,"H",1,6.9,6.9]
["Insumo"," 00036531 ","SINAPI","RETROESCAVADEIRA SOBRE RODAS COM CARREGADEIRA, TRACAO 4 X 4, POTENCIA LIQUIDA 88 HP, PESO OPERACIONAL MINIMO DE 6674 KG, CAPACIDADE DA CARREGADEIRA DE 1,00 M3 E DA RETROESCAVADEIRA MINIMA DE 0,26 M3, PROFUNDIDADE DE ESCAVACAO MAXIMA DE 4,37 M","Equipamento",null,"UN",1.4800000000000001E-5,466463.38,6.9]
[{"$nulls":4},"MO sem LS =>",0,"LS =>",0,"MO com LS =>",0]
[{"$nulls":4},"Valor do BDI =>",1.66,null,"Valor com BDI =>",null,8.56]
[]
[null,"Código","Banco","Descrição","Tipo",null,"Und","Quant.","Valor Unit","Total"]
["Composição"," 5664 ","SINAPI","RETROESCAVADEIRA SOBRE RODAS COM CARREGADEIRA, TRAÇÃO 4X4, POTÊNCIA LÍQ. 88 HP, CAÇAMBA CARREG. CAP. MÍN. 1 M3, CAÇAMBA RETRO CAP. 0,26 M3, PESO OPERACIONAL MÍN. 6.674 KG, PROFUNDIDADE ESCAVAÇÃO MÁX. 4,37 M - MANUTENÇÃO. AF_06/2014","CHOR - CUSTOS HORÁRIOS DE MÁQUINAS E EQUIPAMENTOS",null,"H",1,32.65,32.65]
["Insumo"," 00036531 ","SINAPI","RETROESCAVADEIRA SOBRE RODAS COM CARREGADEIRA, TRACAO 4 X 4, POTENCIA LIQUIDA 88 HP, PESO OPERACIONAL MINIMO DE 6674 KG, CAPACIDADE DA CARREGADEIRA DE 1,00 M3 E DA RETROESCAVADEIRA MINIMA DE 0,26 M3, PROFUNDIDADE DE ESCAVACAO MAXIMA DE 4,37 M","Equipamento",null,"UN",6.9999999999999994E-5,466463.38,32.65]
[{"$nulls":4},"MO sem LS =>",0,"LS =>",0,"MO com LS =>",0]
[{"$nulls":4},"Valor do BDI =>",7.86,null,"Valor com BDI =>",null,40.51]
[]
[null,"Código","Banco","Descrição","Tipo",null,"Und","Quant.","Valor Unit","Total"]
["Composição"," 53786 ","SINAPI","RETROESCAVADEIRA SOBRE RODAS COM CARREGADEIRA, TRAÇÃO 4X4, POTÊNCIA LÍQ. 88 HP, CAÇAMBA CARREG. CAP. MÍN. 1 M3, CAÇAMBA RETRO CAP. 0,26 M3, PESO OPERACIONAL MÍN. 6.674 KG, PROFUNDIDADE ESCAVAÇÃO MÁX. 4,37 M - MATERIAIS NA OPERAÇÃO. AF_06/2014","CHOR - CUSTOS HORÁRIOS DE MÁQUINAS E EQUIPAMENTOS",null,"H",1,50.66,50.66]
["Insumo"," 00004221 ","SINAPI","OLEO DIESEL COMBUSTIVEL COMUM METROPOLITANO S-10 OU S-500","Material",null,"L",8.5299999999999994,5.94,50.66]
[{"$nulls":4},"MO sem LS =>",0,"LS =>",0,"MO com LS =>",0]
[{"$nulls":4},"Valor do BDI =>",12.2,null,"Valor com BDI =>",null,62.86]
[]
[null,"Código","Banco","Descrição","Tipo",null,"Und","Quant.","Valor Unit","Total"]
["Composição"," 1908 ","ORSE","Reboco ou emboço externo, de parede, com argamassa traço t5 - 1:2:8 (cimento / cal / areia), espessura 2,0 cm","Argamassas",null,"m²",1,35.99,35.99]
["Item","Código","Banco","Descrição","Tipo",null,"Und","Quant.","Valor Unit","Total"]
["Composição"," 10550 ","ORSE","Encargos Complementares - Pedreiro","Provisórios",null,"h",0.6,"3,74","2,24"]
["Composição"," 10549 ","ORSE","Encargos Complementares - Servente","Provisórios",null,"h",0.6,"3,87","2,32"]
["Insumo"," 00006111/SINAPI ","ORSE","Servente de obras (horista)","Mão de Obra",null,"h",0.6,"14,58","8,74"]
["Composição"," 3308 ","ORSE","Argamassa em volume - cimento, cal e areia traço t-5 (1:2:8) - 1 saco cimento50 kg / 2 sacos cal 20 kg / 8 padiolas de areia dim 0.35 x 0.45 x 0.13 m - Confecção mecânica e transporte","Conversão InfoWOrca",null,"m³",0.02,"563,08","11,26"]
["Insumo"," 00004750/SINAPI ","ORSE","Pedreiro (horista)","Mão de Obra",null,"h",0.6,"19,02","11,41"]
["Detalhamento de Cálculo ORSE"]
["Item","Código","Banco","Descrição","Tipo",null,"Und","Quant.","Valor Unit","Total"]
["Insumo"," 11264 ","ORSE","Marreta de 1/2 kg com cabo","Material",null,"un",1.2E-4,"13,52","0,00"]
["Insumo"," 10282 ","ORSE","Regua de alumínio c/ 2,00m (para pedreiro)","Material",null,"un",1.2E-4,"44,00","0,00"]
["Insumo"," 10789 ","ORSE","Nível de bolha de madeira","Material",null,"un",1.2E-4,"15,40","0,00"]
["Insumo"," 00012895/SINAPI ","ORSE","Capacete de seguranca aba frontal com suspensao de polietileno, sem jugular (classe b)","Material",null,"un",7.6800000000000002E-4,"13,50","0,01"]
["Insumo"," 4722 ","ORSE","Colher de pedreiro","Material",null,"un",2.4000000000000001E-4,"18,80","0,00"]
["Insumo"," 10761 ","ORSE","Refeição - café da manhã ( café com leite e dois pães com manteiga)","Serviços",null,"un",0.130304,"5,00","0,65"]
["Insumo"," 00012894/SINAPI ","ORSE","Capa para chuva em pvc com forro de poliester, com capuz (amarela ou azul)","Material",null,"un",2.5599999999999999E-4,"20,11","0,00"]
["Insumo"," 4174 ","ORSE","Desempenadeira de aço lisa, cabo madeira, ref:143, Atlas ou similar","Material",null,"un",2.9999999999999997E-4,"12,00","0,00"]
["Insumo"," 11243 ","ORSE","Martelo sem unha","Material",null,"un",6.0000000000000002E-5,"28,00","0,00"]
["Insumo"," 10362 ","ORSE","Seguro de vida e acidente em grupo","Serviços",null,"un",5.7600000000000004E-3,"12,54","0,07"]
["Insumo"," 2378 ","ORSE","Vale transporte","Material",null,"un",0.103228,"4,50","0,46"]
["Insumo"," 11246 ","ORSE","Escala métrica de bambú","Material",null,"Un",4.2000000000000002E-4,"10,22","0,00"]
["Insumo"," 10790 ","ORSE","Prumo de face","Material",null,"un",6.0000000000000002E-5,"25,95","0,00"]
["Insumo"," 00012893/SINAPI ","ORSE","Bota de seguranca com biqueira de aco e colarinho acolchoado","Material",null,"par",1.024E-3,"73,93","0,07"]
["Insumo"," 11247 ","ORSE","Serra mármore","Material",null,"un",6.0000000000000002E-5,"327,80","0,01"]
["Insumo"," 00012892/SINAPI ","ORSE","Luva raspa de couro, cano curto (punho *7* cm)","Material",null,"par",2.944E-3,"10,87","0,03"]
["Insumo"," 1651 ","ORSE","Óculos branco proteção","Material",null,"pr",1.024E-3,"7,00","0,00"]
["Insumo"," 158 ","ORSE","Almoço (Participação do empregador)","Material",null,"un",0.130304,"14,00","1,82"]
["Insumo"," 11265 ","ORSE","Martelo de borracha com cabo","Material",null,"un",2.4000000000000001E-4,"18,75","0,00"]
["Insumo"," 10596 ","ORSE","Protetor auricular","Material",null,"un",5.7600000000000004E-3,"4,85","0,02"]
["Insumo"," 10492 ","ORSE","Cesta Básica","Material",null,"un",5.7600000000000004E-3,"205,00","1,18"]
["Insumo"," 10599 ","ORSE","Protetor solar fps 30 com 120ml","Material",null,"un",2.3040000000000001E-3,"18,00","0,04"]
["Insumo"," 941 ","ORSE","Fardamento com mangas curta","Material",null,"un",1.92E-3,"194,68","0,37"]
["Insumo"," 11245 ","ORSE","Desempoladeira de madeira 12x22","Material",null,"un",4.2000000000000002E-4,"11,60","0,00"]
["Insumo"," 10517 ","ORSE","Exames admissionais/demissionais (checkup)","Serviços",null,"cj",5.1199999999999998E-4,"300,00","0,15"]
["Insumo"," 4728 ","ORSE","Talhadeira chata 10\"","Material",null,"un",2.04E-4,"18,58","0,00"]
["Insumo"," 10788 ","ORSE","Pá quadrada","Material",null,"un",1.36E-4,"36,90","0,00"]
["Insumo"," 00002711/SINAPI ","ORSE","Carrinho de mao, em aco, com capacidade de *45 a 65* l / *100* kg, pneu com camara","Material",null,"un",1.36E-4,"187,68","0,02"]
["Insumo"," 4729 ","ORSE","Marreta 1 kg com cabo","Material",null,"un",6.7999999999999999E-5,"37,80","0,00"]
["Insumo"," 00006111/SINAPI ","ORSE","Servente de obras (horista)","Mão de Obra",null,"h",0.68,"14,58","9,91"]
["Insumo"," 00000367/SINAPI ","ORSE","Areia grossa - posto jazida/fornecedor (retirado na jazida, sem transporte)","Material",null,"m³",2.4320000000000001E-2,"101,30","2,46"]
["Insumo"," 00001106/SINAPI ","ORSE","Cal hidratada ch-i para argamassas","Material",null,"kg",3.64,"1,25","4,55"]
["Insumo"," 00001379/SINAPI ","ORSE","Cimento portland composto cp ii-32","Material",null,"kg",3.64,"0,76","2,76"]
["Insumo"," 00004750/SINAPI ","ORSE","Pedreiro (horista)","Mão de Obra",null,"h",0.6,"19,02","11,41"]
[{"$nulls":4},"MO sem LS =>",9.94,"LS =>",11.38,"MO com LS =>",21.32]
[{"$nulls":4},"Valor do BDI =>",8.66,null,"Valor com BDI =>",null,44.65]
[]
[null,"Código","Banco","Descrição","Tipo",null,"Und","Quant.","Valor Unit","Total"]
["Composição"," 91693 ","SINAPI","SERRA CIRCULAR DE BANCADA COM MOTOR ELÉTRICO POTÊNCIA DE 5HP, COM COIFA PARA DISCO 10\" - CHI DIURNO. AF_08/2015","CHOR - CUSTOS HORÁRIOS DE MÁQUINAS E EQUIPAMENTOS",null,"CHI",1,23.25,23.25]
["Composição Auxiliar"," 88297 ","SINAPI","OPERADOR DE MÁQUINAS E EQUIPAMENTOS COM ENCARGOS COMPLEMENTARES","SEDI - SERVIÇOS DIVERSOS",null,"H",1,23.16,23.16]
["Composição Auxiliar"," 91688 ","SINAPI","SERRA CIRCULAR DE BANCADA COM MOTOR ELÉTRICO POTÊNCIA DE 5HP, COM COIFA PARA DISCO 10\" - DEPRECIAÇÃO. AF_08/2015","CHOR - CUSTOS HORÁRIOS DE MÁQUINAS E EQUIPAMENTOS",null,"H",1,0.08,0.08]
["Composição Auxiliar"," 91689 ","SINAPI","SERRA CIRCULAR DE BANCADA COM MOTOR ELÉTRICO POTÊNCIA DE 5HP, COM COIFA PARA DISCO 10\" - JUROS. AF_08/2015","CHOR - CUSTOS HORÁRIOS DE MÁQUINAS E EQUIPAMENTOS",null,"H",1,0.01,0.01]
[{"$nulls":4},"MO sem LS =>",8.5299999999999994,"LS =>",9.76,"MO com LS =>",18.29]
[{"$nulls":4},"Valor do BDI =>",5.6,null,"Valor com BDI =>",null,28.85]
[]
[null,"Código","Banco","Descrição","Tipo",null,"Und","Quant.","Valor Unit","Total"]
["Composição"," 91692 ","SINAPI","SERRA CIRCULAR DE BANCADA COM MOTOR ELÉTRICO POTÊNCIA DE 5HP, COM COIFA PARA DISCO 10\" - CHP DIURNO. AF_08/2015","CHOR - CUSTOS HORÁRIOS DE MÁQUINAS E EQUIPAMENTOS",null,"CHP",1,24.71,24.71]
["Composição Auxiliar"," 91688 ","SINAPI","SERRA CIRCULAR DE BANCADA COM MOTOR ELÉTRICO POTÊNCIA DE 5HP, COM COIFA PARA DISCO 10\" - DEPRECIAÇÃO. AF_08/2015","CHOR - CUSTOS HORÁRIOS DE MÁQUINAS E EQUIPAMENTOS",null,"H",1,0.08,0.08]
["Composição Auxiliar"," 91691 ","SINAPI","SERRA CIRCULAR DE BANCADA COM MOTOR ELÉTRICO POTÊNCIA DE 5HP, COM COIFA PARA DISCO 10\" - MATERIAIS NA OPERAÇÃO. AF_08/2015","CHOR - CUSTOS HORÁRIOS DE MÁQUINAS E EQUIPAMENTOS",null,"H",1,1.4,1.4]
["Composição Auxiliar"," 91690 ","SINAPI","SERRA CIRCULAR DE BANCADA COM MOTOR ELÉTRICO POTÊNCIA DE 5HP, COM COIFA PARA DISCO 10\" - MANUTENÇÃO. AF_08/2015","CHOR - CUSTOS HORÁRIOS DE MÁQUINAS E EQUIPAMENTOS",null,"H",1,0.06,0.06]
["Composição Auxiliar"," 88297 ","SINAPI","OPERADOR DE MÁQUINAS E EQUIPAMENTOS COM ENCARGOS COMPLEMENTARES","SEDI - SERVIÇOS DIVERSOS",null,"H",1,23.16,23.16]
["Composição Auxiliar"," 91689 ","SINAPI","SERRA CIRCULAR DE BANCADA COM MOTOR ELÉTRICO POTÊNCIA DE 5HP, COM COIFA PARA DISCO 10\" - JUROS. AF_08/2015","CHOR - CUSTOS HORÁRIOS DE MÁQUINAS E EQUIPAMENTOS",null,"H",1,0.01,0.01]
[{"$nulls":4},"MO sem LS =>",8.5299999999999994,"LS =>",9.76,"MO com LS =>",18.29]
[{"$nulls":4},"Valor do BDI =>",5.95,null,"Valor com BDI =>",null,30.66]
[]
[null,"Código","Banco","Descrição","Tipo",null,"Und","Quant.","Valor Unit","Total"]
["Composição"," 91688 ","SINAPI","SERRA CIRCULAR DE BANCADA COM MOTOR ELÉTRICO POTÊNCIA DE 5HP, COM COIFA PARA DISCO 10\" - DEPRECIAÇÃO. AF_08/2015","CHOR - CUSTOS HORÁRIOS DE MÁQUINAS E EQUIPAMENTOS",null,"H",1,0.08,0.08]
["Insumo"," 00014618 ","SINAPI","SERRA CIRCULAR DE BANCADA COM MOTOR ELETRICO, POTENCIA DE *1600* W, PARA DISCO DE DIAMETRO DE 10\" (250 MM)","Material",null,"UN",7.2000000000000002E-5,1203.3,0.08]
[{"$nulls":4},"MO sem LS =>",0,"LS =>",0,"MO com LS =>",0]
[{"$nulls":4},"Valor do BDI =>",0.01,null,"Valor com BDI =>",null,0.09]
[]
[null,"Código","Banco","Descrição","Tipo",null,"Und","Quant.","Valor Unit","Total"]
["Composição"," 91689 ","SINAPI","SERRA CIRCULAR DE BANCADA COM MOTOR ELÉTRICO POTÊNCIA DE 5HP, COM COIFA PARA DISCO 10\" - JUROS. AF_08/2015","CHOR - CUSTOS HORÁRIOS DE MÁQUINAS E EQUIPAMENTOS",null,"H",1,0.01,0.01]
["Insumo"," 00014618 ","SINAPI","SERRA CIRCULAR DE BANCADA COM MOTOR ELETRICO, POTENCIA DE *1600* W, PARA DISCO DE DIAMETRO DE 10\" (250 MM)","Material",null,"UN",1.4800000000000001E-5,1203.3,0.01]
[{"$nulls":4},"MO sem LS =>",0,"LS =>",0,"MO com LS =>",0]
[{"$nulls":4},"Valor do BDI =>",0,null,"Valor com BDI =>",null,0.01]
[]
[null,"Código","Banco","Descrição","Tipo",null,"Und","Quant.","Valor Unit","Total"]
["Composição"," 91690 ","SINAPI","SERRA CIRCULAR DE BANCADA COM MOTOR ELÉTRICO POTÊNCIA DE 5HP, COM COIFA PARA DISCO 10\" - MANUTENÇÃO. AF_08/2015","CHOR - CUSTOS HORÁRIOS DE MÁQUINAS E EQUIPAMENTOS",null,"H",1,0.06,0.06]
["Insumo"," 00014618 ","SINAPI","SERRA CIRCULAR DE BANCADA COM MOTOR ELETRICO, POTENCIA DE *1600* W, PARA DISCO DE DIAMETRO DE 10\" (250 MM)","Material",null,"UN",5.0000000000000002E-5,1203.3,0.06]
[{"$nulls":4},"MO sem LS =>",0,"LS =>",0,"MO com LS =>",0]
[{"$nulls":4},"Valor do BDI =>",0.01,null,"Valor com BDI =>",null,7.0000000000000007E-2]
[]
[null,"Código","Banco","Descrição","Tipo",null,"Und","Quant.","Valor Unit","Total"]
["Composição"," 91691 ","SINAPI","SERRA CIRCULAR DE BANCADA COM MOTOR ELÉTRICO POTÊNCIA DE 5HP, COM COIFA PARA DISCO 10\" - MATERIAIS NA OPERAÇÃO. AF_08/2015","CHOR - CUSTOS HORÁRIOS DE MÁQUINAS E EQUIPAMENTOS",null,"H",1,1.4,1.4]
["Insumo"," 00002705 ","SINAPI","ENERGIA ELETRICA ATE 2000 KWH INDUSTRIAL, SEM DEMANDA","Material",null,"KW/H",1.36,1.03,1.4]
[{"$nulls":4},"MO sem LS =>",0,"LS =>",0,"MO com LS =>",0]
[{"$nulls":4},"Valor do BDI =>",0.33,null,"Valor com BDI =>",null,1.73]
[]
[null,"Código","Banco","Descrição","Tipo",null,"Und","Quant.","Valor Unit","Total"]
["Composição"," 88315 ","SINAPI","SERRALHEIRO COM ENCARGOS COMPLEMENTARES","SEDI - SERVIÇOS DIVERSOS",null,"H",1,28.41,28.41]
["Composição Auxiliar"," 95377 ","SINAPI","CURSO DE CAPACITAÇÃO PARA SERRALHEIRO (ENCARGOS COMPLEMENTARES) - HORISTA","SEDI - SERVIÇOS DIVERSOS",null,"H",1,0.25,0.25]
["Insumo"," 00037372 ","SINAPI","EXAMES - HORISTA (COLETADO CAIXA - ENCARGOS COMPLEMENTARES)","Material",null,"H",1,1.43,1.43]
["Insumo"," 00037370 ","SINAPI","ALIMENTACAO - HORISTA (COLETADO CAIXA - ENCARGOS COMPLEMENTARES)","Material",null,"H",1,2.0099999999999998,2.0099999999999998]
["Insumo"," 00043489 ","SINAPI","EPI - FAMILIA PEDREIRO - HORISTA (ENCARGOS COMPLEMENTARES - COLETADO CAIXA)","Equipamento",null,"H",1,1.31,1.31]
["Insumo"," 00037371 ","SINAPI","TRANSPORTE - HORISTA (COLETADO CAIXA - ENCARGOS COMPLEMENTARES)","Serviços",null,"H",1,0.45,0.45]
["Insumo"," 00037373 ","SINAPI","SEGURO - HORISTA (COLETADO CAIXA - ENCARGOS COMPLEMENTARES)","Taxas",null,"H",1,0.08,0.08]
["Insumo"," 00043465 ","SINAPI","FERRAMENTAS - FAMILIA PEDREIRO - HORISTA (ENCARGOS COMPLEMENTARES - COLETADO CAIXA)","Equipamento",null,"H",1,0.78,0.78]
["Insumo"," 00006110 ","SINAPI","SERRALHEIRO (HORISTA)","Mão de Obra",null,"H",1,22.1,22.1]
[{"$nulls":4},"MO sem LS =>",10.42,"LS =>",11.93,"MO com LS =>",22.35]
[{"$nulls":4},"Valor do BDI =>",6.84,null,"Valor com BDI =>",null,35.25]
[]
[null,"Código","Banco","Descrição","Tipo",null,"Und","Quant.","Valor Unit","Total"]
["Composição"," 88316 ","SINAPI","SERVENTE COM ENCARGOS COMPLEMENTARES","SEDI - SERVIÇOS DIVERSOS",null,"H",1,21.35,21.35]
["Composição Auxiliar"," 95378 ","SINAPI","CURSO DE CAPACITAÇÃO PARA SERVENTE (ENCARGOS COMPLEMENTARES) - HORISTA","SEDI - SERVIÇOS DIVERSOS",null,"H",1,0.31,0.31]
["Insumo"," 00006111 ","SINAPI","SERVENTE DE OBRAS (HORISTA)","Mão de Obra",null,"H",1,15.07,15.07]
["Insumo"," 00037372 ","SINAPI","EXAMES - HORISTA (COLETADO CAIXA - ENCARGOS COMPLEMENTARES)","Material",null,"H",1,1.43,1.43]
["Insumo"," 00037370 ","SINAPI","ALIMENTACAO - HORISTA (COLETADO CAIXA - ENCARGOS COMPLEMENTARES)","Material",null,"H",1,2.0099999999999998,2.0099999999999998]
["Insumo"," 00037373 ","SINAPI","SEGURO - HORISTA (COLETADO CAIXA - ENCARGOS COMPLEMENTARES)","Taxas",null,"H",1,0.08,0.08]
["Insumo"," 00043467 ","SINAPI","FERRAMENTAS - FAMILIA SERVENTE - HORISTA (ENCARGOS COMPLEMENTARES - COLETADO CAIXA)","Equipamento",null,"H",1,0.61,0.61]
["Insumo"," 00037371 ","SINAPI","TRANSPORTE - HORISTA (COLETADO CAIXA - ENCARGOS COMPLEMENTARES)","Serviços",null,"H",1,0.45,0.45]
["Insumo"," 00043491 ","SINAPI","EPI - FAMILIA SERVENTE - HORISTA (ENCARGOS COMPLEMENTARES - COLETADO CAIXA)","Equipamento",null,"H",1,1.39,1.39]
[{"$nulls":4},"MO sem LS =>",7.17,"LS =>",8.2100000000000009,"MO com LS =>",15.38]
[{"$nulls":4},"Valor do BDI =>",5.14,null,"Valor com BDI =>",null,26.49]
[]
[null,"Código","Banco","Descrição","Tipo",null,"Und","Quant.","Valor Unit","Total"]
["Composição"," 86883 ","SINAPI","SIFÃO DO TIPO FLEXÍVEL EM PVC 1 X 1.1/2 - FORNECIMENTO E INSTALAÇÃO. AF_01/2020","INHI - INSTALAÇÕES HIDROS SANITÁRIAS",null,"UN",1,11.29,11.29]
["Composição Auxiliar"," 88267 ","SINAPI","ENCANADOR OU BOMBEIRO HIDRÁULICO COM ENCARGOS COMPLEMENTARES","SEDI - SERVIÇOS DIVERSOS",null,"H",8.4500000000000006E-2,31.26,2.64]
["Composição Auxiliar"," 88316 ","SINAPI","SERVENTE COM ENCARGOS COMPLEMENTARES","SEDI - SERVIÇOS DIVERSOS",null,"H",2.6599999999999999E-2,21.35,0.56000000000000005]
["Insumo"," 00003146 ","SINAPI","FITA VEDA ROSCA, EM PTFE, ROLO DE 18 MM X 10 M (L X C)","Material",null,"UN",3.32E-2,3,0.09]
["Insumo"," 00044945 ","SINAPI","SIFAO / TUBO SINFONADO EXTENSIVEL/SANFONADO, UNIVERSAL/ SIMPLES, ENTRE *50 A 70* CM, DE PLASTICO BRANCO","Material",null,"UN",1,8,8]
[{"$nulls":4},"MO sem LS =>",1.2,"LS =>",1.38,"MO com LS =>",2.58]
[{"$nulls":4},"Valor do BDI =>",2.71,null,"Valor com BDI =>",null,14]
[]
[null,"Código","Banco","Descrição","Tipo",null,"Und","Quant.","Valor Unit","Total"]
["Composição"," 88317 ","SINAPI","SOLDADOR COM ENCARGOS COMPLEMENTARES","Livro SINAPI: Cálculos e Parâmetros",null,"H",1,30.2,30.2]
["Composição Auxiliar"," 95379 ","SINAPI","CURSO DE CAPACITAÇÃO PARA SOLDADOR (ENCARGOS COMPLEMENTARES) - HORISTA","Livro SINAPI: Cálculos e Parâmetros",null,"H",1,0.26,0.26]
["Insumo"," 00043492 ","SINAPI","EPI - FAMILIA SOLDADOR - HORISTA (ENCARGOS COMPLEMENTARES - COLETADO CAIXA)","Material",null,"H",1,1.82,1.82]
["Insumo"," 00037372 ","SINAPI","EXAMES - HORISTA (COLETADO CAIXA - ENCARGOS COMPLEMENTARES)","Material",null,"H",1,1.43,1.43]
["Insumo"," 00037370 ","SINAPI","ALIMENTACAO - HORISTA (COLETADO CAIXA - ENCARGOS COMPLEMENTARES)","Material",null,"H",1,2.0099999999999998,2.0099999999999998]
["Insumo"," 00006160 ","SINAPI","SOLDADOR (HORISTA)","Mão de Obra",null,"H",1,22.94,22.94]
["Insumo"," 00043468 ","SINAPI","FERRAMENTAS - FAMILIA SOLDADOR - HORISTA (ENCARGOS COMPLEMENTARES - COLETADO CAIXA)","Material",null,"H",1,1.21,1.21]
["Insumo"," 00037371 ","SINAPI","TRANSPORTE - HORISTA (COLETADO CAIXA - ENCARGOS COMPLEMENTARES)","Serviços",null,"H",1,0.45,0.45]
["Insumo"," 00037373 ","SINAPI","SEGURO - HORISTA (COLETADO CAIXA - ENCARGOS COMPLEMENTARES)","Taxas",null,"H",1,0.08,0.08]
[{"$nulls":4},"MO sem LS =>",10.82,"LS =>",12.38,"MO com LS =>",23.2]
[{"$nulls":4},"Valor do BDI =>",7.27,null,"Valor com BDI =>",null,37.47]
[]
[null,"Código","Banco","Descrição","Tipo",null,"Und","Quant.","Valor Unit","Total"]
["Composição"," 96562 ","SINAPI","SUPORTE PARA ELETROCALHA LISA OU PERFURADA EM AÇO GALVANIZADO, LARGURA 400 MM, EM PERFILADO COM COMPRIMENTO DE 45 CM FIXADO EM LAJE, POR METRO DE ELETROCALHA FIXADA. AF_09/2023","INHI - INSTALAÇÕES HIDROS SANITÁRIAS",null,"M",1,59.06,59.06]
["Composição Auxiliar"," 88264 ","SINAPI","ELETRICISTA COM ENCARGOS COMPLEMENTARES","SEDI - SERVIÇOS DIVERSOS",null,"H",0.75280000000000002,32.43,24.41]
["Composição Auxiliar"," 88247 ","SINAPI","AUXILIAR DE ELETRICISTA COM ENCARGOS COMPLEMENTARES","SEDI - SERVIÇOS DIVERSOS",null,"H",0.1711,22.83,3.9]
["Insumo"," 00039029 ","SINAPI","PERFILADO PERFURADO DUPLO 38 X 76 MM, CHAPA 22","Material",null,"M",0.5,19.829999999999998,9.91]
["Insumo"," 00011976 ","SINAPI","CHUMBADOR DE ACO ZINCADO, DIAMETRO 1/4\" COM PARAFUSO 1/4\" X 40 MM","Material",null,"UN",2.2222,1.19,2.64]
["Insumo"," 00011267 ","SINAPI","ARRUELA LISA, REDONDA, DE LATAO POLIDO, DIAMETRO NOMINAL 5/8\", DIAMETRO EXTERNO = 34 MM, DIAMETRO DO FURO = 17 MM, ESPESSURA = *2,5* MM","Material",null,"UN",7,1.43,10.01]
["Insumo"," 00039997 ","SINAPI","PORCA ZINCADA, SEXTAVADA, DIAMETRO 1/4\"","Material",null,"UN",7,0.3,2.1]
["Insumo"," 00039996 ","SINAPI","VERGALHAO ZINCADO ROSCA TOTAL, 1/4\" (6,3 MM)","Material",null,"M",1.1111,5.49,6.09]
[{"$nulls":4},"MO sem LS =>",10.57,"LS =>",12.11,"MO com LS =>",22.68]
[{"$nulls":4},"Valor do BDI =>",14.22,null,"Valor com BDI =>",null,73.28]
[]
[null,"Código","Banco","Descrição","Tipo",null,"Und","Quant.","Valor Unit","Total"]
["Composição"," 91946 ","SINAPI","SUPORTE PARAFUSADO COM PLACA DE ENCAIXE 4\" X 2\" MÉDIO (1,30 M DO PISO) PARA PONTO ELÉTRICO - FORNECIMENTO E INSTALAÇÃO. AF_03/2023","INEL - INSTALAÇÃO ELÉTRICA/ELETRIFICAÇÃO E ILUMINAÇÃO EXTERNA",null,"UN",1,13.68,13.68]
["Composição Auxiliar"," 88247 ","SINAPI","AUXILIAR DE ELETRICISTA COM ENCARGOS COMPLEMENTARES","SEDI - SERVIÇOS DIVERSOS",null,"H",0.128,22.83,2.92]
["Composição Auxiliar"," 88264 ","SINAPI","ELETRICISTA COM ENCARGOS COMPLEMENTARES","SEDI - SERVIÇOS DIVERSOS",null,"H",0.128,32.43,4.1500000000000004]
["Insumo"," 00038094 ","SINAPI","ESPELHO / PLACA DE 3 POSTOS 4\" X 2\", PARA INSTALACAO DE TOMADAS E INTERRUPTORES","Material",null,"UN",1,4.3499999999999996,4.3499999999999996]
["Insumo"," 00038099 ","SINAPI","SUPORTE DE FIXACAO PARA ESPELHO / PLACA 4\" X 2\", PARA 3 MODULOS, PARA INSTALACAO DE TOMADAS E INTERRUPTORES (SOMENTE SUPORTE)","Material",null,"UN",1,2.2599999999999998,2.2599999999999998]
[{"$nulls":4},"MO sem LS =>",2.56,"LS =>",2.95,"MO com LS =>",5.51]
[{"$nulls":4},"Valor do BDI =>",3.29,null,"Valor com BDI =>",null,16.97]
[]
[null,"Código","Banco","Descrição","Tipo",null,"Und","Quant.","Valor Unit","Total"]
["Composição"," 88323 ","SINAPI","TELHADISTA COM ENCARGOS COMPLEMENTARES","SEDI - SERVIÇOS DIVERSOS",null,"H",1,25.91,25.91]
["Composição Auxiliar"," 95385 ","SINAPI","CURSO DE CAPACITAÇÃO PARA TELHADISTA (ENCARGOS COMPLEMENTARES) - HORISTA","SEDI - SERVIÇOS DIVERSOS",null,"H",1,0.22,0.22]
["Insumo"," 00043459 ","SINAPI","FERRAMENTAS - FAMILIA CARPINTEIRO DE FORMAS - HORISTA (ENCARGOS COMPLEMENTARES - COLETADO CAIXA)","Equipamento",null,"H",1,0.44,0.44]
["Insumo"," 00043483 ","SINAPI","EPI - FAMILIA CARPINTEIRO DE FORMAS - HORISTA (ENCARGOS COMPLEMENTARES - COLETADO CAIXA)","Equipamento",null,"H",1,1.43,1.43]
["Insumo"," 00037373 ","SINAPI","SEGURO - HORISTA (COLETADO CAIXA - ENCARGOS COMPLEMENTARES)","Taxas",null,"H",1,0.08,0.08]
["Insumo"," 00037370 ","SINAPI","ALIMENTACAO - HORISTA (COLETADO CAIXA - ENCARGOS COMPLEMENTARES)","Material",null,"H",1,2.0099999999999998,2.0099999999999998]
["Insumo"," 00012869 ","SINAPI","TELHADOR / TELHADISTA (HORISTA)","Mão de Obra",null,"H",1,19.850000000000001,19.850000000000001]
["Insumo"," 00037372 ","SINAPI","EXAMES - HORISTA (COLETADO CAIXA - ENCARGOS COMPLEMENTARES)","Material",null,"H",1,1.43,1.43]
["Insumo"," 00037371 ","SINAPI","TRANSPORTE - HORISTA (COLETADO CAIXA - ENCARGOS COMPLEMENTARES)","Serviços",null,"H",1,0.45,0.45]
[{"$nulls":4},"MO sem LS =>",9.36,"LS =>",10.71,"MO com LS =>",20.07]
[{"$nulls":4},"Valor do BDI =>",6.24,null,"Valor com BDI =>",null,32.15]
[]
[null,"Código","Banco","Descrição","Tipo",null,"Und","Quant.","Valor Unit","Total"]
["Composição"," 91991 ","SINAPI","TOMADA ALTA DE EMBUTIR (1 MÓDULO), 2P+T 20 A, SEM SUPORTE E SEM PLACA - FORNECIMENTO E INSTALAÇÃO. AF_03/2023","Instalações Elétricas - Eletrodutos Embutidos, Cabos, Caixas, Tomadas e Interruptores",null,"UN",1,43.17,43.17]
["Composição Auxiliar"," 88247 ","SINAPI","AUXILIAR DE ELETRICISTA COM ENCARGOS COMPLEMENTARES","SEDI - SERVIÇOS DIVERSOS",null,"H",0.51100000000000001,22.83,11.66]
["Composição Auxiliar"," 88264 ","SINAPI","ELETRICISTA COM ENCARGOS COMPLEMENTARES","SEDI - SERVIÇOS DIVERSOS",null,"H",0.51100000000000001,32.43,16.57]
["Insumo"," 00038102 ","SINAPI","TOMADA 2P+T 20A, 250V (APENAS MODULO)","Material",null,"UN",1,14.94,14.94]
[{"$nulls":4},"MO sem LS =>",10.26,"LS =>",11.74,"MO com LS =>",22]
[{"$nulls":4},"Valor do BDI =>",10.39,null,"Valor com BDI =>",null,53.56]
[]
[null,"Código","Banco","Descrição","Tipo",null,"Und","Quant.","Valor Unit","Total"]
["Composição"," 91994 ","SINAPI","TOMADA MÉDIA DE EMBUTIR (1 MÓDULO), 2P+T 10 A, SEM SUPORTE E SEM PLACA - FORNECIMENTO E INSTALAÇÃO. AF_03/2023","INEL - INSTALAÇÃO ELÉTRICA/ELETRIFICAÇÃO E ILUMINAÇÃO EXTERNA",null,"UN",1,29.19,29.19]
["Composição Auxiliar"," 88247 ","SINAPI","AUXILIAR DE ELETRICISTA COM ENCARGOS COMPLEMENTARES","SEDI - SERVIÇOS DIVERSOS",null,"H",0.317,22.83,7.23]
["Composição Auxiliar"," 88264 ","SINAPI","ELETRICISTA COM ENCARGOS COMPLEMENTARES","SEDI - SERVIÇOS DIVERSOS",null,"H",0.317,32.43,10.28]
["Insumo"," 00038101 ","SINAPI","TOMADA 2P+T 10A, 250V (APENAS MODULO)","Material",null,"UN",1,11.68,11.68]
[{"$nulls":4},"MO sem LS =>",6.36,"LS =>",7.28,"MO com LS =>",13.64]
[{"$nulls":4},"Valor do BDI =>",7.03,null,"Valor com BDI =>",null,36.22]
[]
[null,"Código","Banco","Descrição","Tipo",null,"Und","Quant.","Valor Unit","Total"]
["Composição"," 100251 ","SINAPI","TRANSPORTE HORIZONTAL MANUAL, DE TUBO DE AÇO CARBONO LEVE OU MÉDIO, PRETO OU GALVANIZADO, COM DIÂMETRO MAIOR QUE 32 MM E MENOR OU IGUAL A 65 MM (UNIDADE: MXKM). AF_07/2019","Transporte de Materiais dentro do Canteiro de Obras",null,"MXKM",1,13.06,13.06]
["Composição Auxiliar"," 88316 ","SINAPI","SERVENTE COM ENCARGOS COMPLEMENTARES","SEDI - SERVIÇOS DIVERSOS",null,"H",0.61180000000000001,21.35,13.06]
[{"$nulls":4},"MO sem LS =>",4.38,"LS =>",5.0199999999999996,"MO com LS =>",9.4]
[{"$nulls":4},"Valor do BDI =>",3.14,null,"Valor com BDI =>",null,16.2]
[]
[null,"Código","Banco","Descrição","Tipo",null,"Und","Quant.","Valor Unit","Total"]
["Composição"," 90587 ","SINAPI","VIBRADOR DE IMERSÃO, DIÂMETRO DE PONTEIRA 45MM, MOTOR ELÉTRICO TRIFÁSICO POTÊNCIA DE 2 CV - CHI DIURNO. AF_06/2015","CHOR - CUSTOS HORÁRIOS DE MÁQUINAS E EQUIPAMENTOS",null,"CHI",1,0.56000000000000005,0.56000000000000005]
["Composição Auxiliar"," 90583 ","SINAPI","VIBRADOR DE IMERSÃO, DIÂMETRO DE PONTEIRA 45MM, MOTOR ELÉTRICO TRIFÁSICO POTÊNCIA DE 2 CV - JUROS. AF_06/2015","CHOR - CUSTOS HORÁRIOS DE MÁQUINAS E EQUIPAMENTOS",null,"H",1,0.1,0.1]
["Composição Auxiliar"," 90582 ","SINAPI","VIBRADOR DE IMERSÃO, DIÂMETRO DE PONTEIRA 45MM, MOTOR ELÉTRICO TRIFÁSICO POTÊNCIA DE 2 CV - DEPRECIAÇÃO. AF_06/2015","CHOR - CUSTOS HORÁRIOS DE MÁQUINAS E EQUIPAMENTOS",null,"H",1,0.46,0.46]
[{"$nulls":4},"MO sem LS =>",0,"LS =>",0,"MO com LS =>",0]
[{"$nulls":4},"Valor do BDI =>",0.13,null,"Valor com BDI =>",null,0.69]
[]
[null,"Código","Banco","Descrição","Tipo",null,"Und","Quant.","Valor Unit","Total"]
["Composição"," 90586 ","SINAPI","VIBRADOR DE IMERSÃO, DIÂMETRO DE PONTEIRA 45MM, MOTOR ELÉTRICO TRIFÁSICO POTÊNCIA DE 2 CV - CHP DIURNO. AF_06/2015","CHOR - CUSTOS HORÁRIOS DE MÁQUINAS E EQUIPAMENTOS",null,"CHP",1,1.45,1.45]
["Composição Auxiliar"," 90583 ","SINAPI","VIBRADOR DE IMERSÃO, DIÂMETRO DE PONTEIRA 45MM, MOTOR ELÉTRICO TRIFÁSICO POTÊNCIA DE 2 CV - JUROS. AF_06/2015","CHOR - CUSTOS HORÁRIOS DE MÁQUINAS E EQUIPAMENTOS",null,"H",1,0.1,0.1]
["Composição Auxiliar"," 90585 ","SINAPI","VIBRADOR DE IMERSÃO, DIÂMETRO DE PONTEIRA 45MM, MOTOR ELÉTRICO TRIFÁSICO POTÊNCIA DE 2 CV - MATERIAIS NA OPERAÇÃO. AF_06/2015","CHOR - CUSTOS HORÁRIOS DE MÁQUINAS E EQUIPAMENTOS",null,"H",1,0.53,0.53]
["Composição Auxiliar"," 90582 ","SINAPI","VIBRADOR DE IMERSÃO, DIÂMETRO DE PONTEIRA 45MM, MOTOR ELÉTRICO TRIFÁSICO POTÊNCIA DE 2 CV - DEPRECIAÇÃO. AF_06/2015","CHOR - CUSTOS HORÁRIOS DE MÁQUINAS E EQUIPAMENTOS",null,"H",1,0.46,0.46]
["Composição Auxiliar"," 90584 ","SINAPI","VIBRADOR DE IMERSÃO, DIÂMETRO DE PONTEIRA 45MM, MOTOR ELÉTRICO TRIFÁSICO POTÊNCIA DE 2 CV - MANUTENÇÃO. AF_06/2015","CHOR - CUSTOS HORÁRIOS DE MÁQUINAS E EQUIPAMENTOS",null,"H",1,0.36,0.36]
[{"$nulls":4},"MO sem LS =>",0,"LS =>",0,"MO com LS =>",0]
[{"$nulls":4},"Valor do BDI =>",0.34,null,"Valor com BDI =>",null,1.79]
[]
[null,"Código","Banco","Descrição","Tipo",null,"Und","Quant.","Valor Unit","Total"]
["Composição"," 90582 ","SINAPI","VIBRADOR DE IMERSÃO, DIÂMETRO DE PONTEIRA 45MM, MOTOR ELÉTRICO TRIFÁSICO POTÊNCIA DE 2 CV - DEPRECIAÇÃO. AF_06/2015","CHOR - CUSTOS HORÁRIOS DE MÁQUINAS E EQUIPAMENTOS",null,"H",1,0.46,0.46]
["Insumo"," 00013896 ","SINAPI","VIBRADOR DE IMERSAO, DIAMETRO DA PONTEIRA DE *45* MM, COM MOTOR ELETRICO TRIFASICO DE 2 HP (2 CV)","Equipamento",null,"UN",1.2799999999999999E-4,3626.47,0.46]
[{"$nulls":4},"MO sem LS =>",0,"LS =>",0,"MO com LS =>",0]
[{"$nulls":4},"Valor do BDI =>",0.11,null,"Valor com BDI =>",null,0.56999999999999995]
[]
[null,"Código","Banco","Descrição","Tipo",null,"Und","Quant.","Valor Unit","Total"]
["Composição"," 90583 ","SINAPI","VIBRADOR DE IMERSÃO, DIÂMETRO DE PONTEIRA 45MM, MOTOR ELÉTRICO TRIFÁSICO POTÊNCIA DE 2 CV - JUROS. AF_06/2015","CHOR - CUSTOS HORÁRIOS DE MÁQUINAS E EQUIPAMENTOS",null,"H",1,0.1,0.1]
["Insumo"," 00013896 ","SINAPI","VIBRADOR DE IMERSAO, DIAMETRO DA PONTEIRA DE *45* MM, COM MOTOR ELETRICO TRIFASICO DE 2 HP (2 CV)","Equipamento",null,"UN",2.9600000000000001E-5,3626.47,0.1]
[{"$nulls":4},"MO sem LS =>",0,"LS =>",0,"MO com LS =>",0]
[{"$nulls":4},"Valor do BDI =>",0.02,null,"Valor com BDI =>",null,0.12]
[]
[null,"Código","Banco","Descrição","Tipo",null,"Und","Quant.","Valor Unit","Total"]
["Composição"," 90584 ","SINAPI","VIBRADOR DE IMERSÃO, DIÂMETRO DE PONTEIRA 45MM, MOTOR ELÉTRICO TRIFÁSICO POTÊNCIA DE 2 CV - MANUTENÇÃO. AF_06/2015","CHOR - CUSTOS HORÁRIOS DE MÁQUINAS E EQUIPAMENTOS",null,"H",1,0.36,0.36]
["Insumo"," 00013896 ","SINAPI","VIBRADOR DE IMERSAO, DIAMETRO DA PONTEIRA DE *45* MM, COM MOTOR ELETRICO TRIFASICO DE 2 HP (2 CV)","Equipamento",null,"UN",1E-4,3626.47,0.36]
[{"$nulls":4},"MO sem LS =>",0,"LS =>",0,"MO com LS =>",0]
[{"$nulls":4},"Valor do BDI =>",0.08,null,"Valor com BDI =>",null,0.44]
[]
[null,"Código","Banco","Descrição","Tipo",null,"Und","Quant.","Valor Unit","Total"]
["Composição"," 90585 ","SINAPI","VIBRADOR DE IMERSÃO, DIÂMETRO DE PONTEIRA 45MM, MOTOR ELÉTRICO TRIFÁSICO POTÊNCIA DE 2 CV - MATERIAIS NA OPERAÇÃO. AF_06/2015","CHOR - CUSTOS HORÁRIOS DE MÁQUINAS E EQUIPAMENTOS",null,"H",1,0.53,0.53]
["Insumo"," 00002705 ","SINAPI","ENERGIA ELETRICA ATE 2000 KWH INDUSTRIAL, SEM DEMANDA","Material",null,"KW/H",0.52,1.03,0.53]
[{"$nulls":4},"MO sem LS =>",0,"LS =>",0,"MO com LS =>",0]
[{"$nulls":4},"Valor do BDI =>",0.12,null,"Valor com BDI =>",null,0.65]
[]
[null,"Código","Banco","Descrição","Tipo",null,"Und","Quant.","Valor Unit","Total"]
["Composição"," 101460 ","SINAPI","VIGIA DIURNO COM ENCARGOS COMPLEMENTARES","Livro SINAPI: Cálculos e Parâmetros",null,"MES",1,3840.21,3840.21]
["Composição Auxiliar"," 101372 ","SINAPI","CURSO DE CAPACITAÇÃO PARA VIGIA DIURNO (ENCARGOS COMPLEMENTARES) - MENSALISTA","Livro SINAPI: Cálculos e Parâmetros",null,"MES",1,10.35,10.35]
["Insumo"," 00040862 ","SINAPI","ALIMENTACAO - MENSALISTA (COLETADO CAIXA - ENCARGOS COMPLEMENTARES)","Material",null,"MES",1,378.17,378.17]
["Insumo"," 00040863 ","SINAPI","EXAMES - MENSALISTA (COLETADO CAIXA - ENCARGOS COMPLEMENTARES)","Material",null,"MES",1,270.51,270.51]
["Insumo"," 00040861 ","SINAPI","TRANSPORTE - MENSALISTA (COLETADO CAIXA - ENCARGOS COMPLEMENTARES)","Material",null,"MES",1,84.59,84.59]
["Insumo"," 00040864 ","SINAPI","SEGURO - MENSALISTA (COLETADO CAIXA - ENCARGOS COMPLEMENTARES)","Material",null,"MES",1,15.46,15.46]
["Insumo"," 00043479 ","SINAPI","FERRAMENTAS - FAMILIA SERVENTE - MENSALISTA (ENCARGOS COMPLEMENTARES - COLETADO CAIXA)","Material",null,"MES",1,114.77,114.77]
["Insumo"," 00043503 ","SINAPI","EPI - FAMILIA SERVENTE - MENSALISTA (ENCARGOS COMPLEMENTARES - COLETADO CAIXA)","Material",null,"MES",1,261.93,261.93]
["Insumo"," 00041096 ","SINAPI","VIGIA DIURNO (MENSALISTA)","Mão de Obra",null,"MES",1,2704.43,2704.43]
[{"$nulls":4},"MO sem LS =>",1595.8,"LS =>",1118.98,"MO com LS =>",2714.78]
[{"$nulls":4},"Valor do BDI =>",925.1,null,"Valor com BDI =>",null,4765.3100000000004]
[]
[null,"Código","Banco","Descrição","Tipo",null,"Und","Quant.","Valor Unit","Total"]
["Composição"," 86878 ","SINAPI","VÁLVULA EM METAL CROMADO TIPO AMERICANA 3.1/2\" X 1.1/2\" PARA PIA - FORNECIMENTO E INSTALAÇÃO. AF_01/2020","INHI - INSTALAÇÕES HIDROS SANITÁRIAS",null,"UN",1,72.930000000000007,72.930000000000007]
["Composição Auxiliar"," 88267 ","SINAPI","ENCANADOR OU BOMBEIRO HIDRÁULICO COM ENCARGOS COMPLEMENTARES","SEDI - SERVIÇOS DIVERSOS",null,"H",0.17399999999999999,31.26,5.43]
["Composição Auxiliar"," 88316 ","SINAPI","SERVENTE COM ENCARGOS COMPLEMENTARES","SEDI - SERVIÇOS DIVERSOS",null,"H",5.4800000000000001E-2,21.35,1.1599999999999999]
["Insumo"," 00006157 ","SINAPI","VALVULA EM METAL CROMADO PARA PIA AMERICANA 3.1/2 X 1.1/2\"","Material",null,"UN",1,66.2,66.2]
["Insumo"," 00003146 ","SINAPI","FITA VEDA ROSCA, EM PTFE, ROLO DE 18 MM X 10 M (L X C)","Material",null,"UN",4.8000000000000001E-2,3,0.14000000000000001]
[{"$nulls":4},"MO sem LS =>",2.48,"LS =>",2.85,"MO com LS =>",5.33]
[{"$nulls":4},"Valor do BDI =>",17.559999999999999,null,"Valor com BDI =>",null,90.49]

{"sheet":"Curva ABC de Serviços","index":6,"n_rows":192,"n_cols":10,"rows_kept":192,"cut":false,"hidden":false,"merged":[[191,0,191,2],[191,5,191,6],[191,7,191,9],[189,0,189,2],[189,5,189,6],[189,7,189,9],[190,0,190,2],[190,5,190,6],[190,7,190,9],[0,4,0,6],[0,7,0,9],[1,4,1,6],[1,7,1,9],[2,0,2,9]]}
[null,null,"Obra","Bancos","B.D.I.",null,null,"Encargos Sociais"]
[null,null,"REFORMA DO MERCADO PÚBLICO MUNICIPAL DE SÃO MIGUEL DOS CAMPOS  - AL","SINAPI - 08/2025 - Alagoas\nSBC - 09/2025 - Alagoas\nSICRO3 - 07/2025 - Alagoas\nORSE - 07/2025 - Sergipe\n","24,09%",null,null,"Não Desonerado: \nHorista: 114,41%\nMensalista: 70,12%"]
["Curva ABC de Serviços"]
["Código","Banco","Descrição","Tipo","Und","Quant.","Valor  Unit","Total","Peso (%)","Peso Acumulado (%)"]
[" 94216 ","SINAPI","TELHAMENTO COM TELHA METÁLICA TERMOACÚSTICA E = 30 MM, COM ATÉ 2 ÁGUAS, INCLUSO IÇAMENTO. AF_07/2019","COBE - COBERTURA","m²","7.246,29","246,30","1.784.761,22","14,87","14,87"]
[" 506 ","Próprio","ADMINISTRAÇÃO LOCAL / MANUTENÇÃO DO CANTEIRO DE OBRAS","","GLOBAL","1,0","771.380,44","771.380,44","6,43","21,30"]
[" 104162 ","SINAPI","PISO EM GRANILITE, MARMORITE OU GRANITINA EM AMBIENTES INTERNOS, COM ESPESSURA DE 8 MM, INCLUSO MISTURA EM BETONEIRA, COLOCAÇÃO DAS JUNTAS, APLICAÇÃO DO PISO, 4 POLIMENTOS COM POLITRIZ, ESTUCAMENTO, SELADOR E CERA. AF_06/2022","PISO - PISOS","m²","5.989,3","124,98","748.542,71","6,24","27,54"]
[" 4348 ","ORSE","Estrutura Galpões em Pórticos Pré-Moldados de Concreto Armado, com Lanternim,montada e com telha de 6mm, inclusive fundação - Rev 05 - 09/2021","Estruturas Pre-Moldadas de Concreto","m²","1.176,0","561,82","660.700,32","5,51","33,04"]
[" 499 ","Próprio","REVESTIMENTO CERÂMICO PARA PAREDES PLACAS ACETINADO 7x26cm NEUTAL GRAFITE, OU SIMILAR, FORNECIMENTO E INSTALAÇÃO","Revestimentos Cerâmicos Externos","m²","2.425,02","265,03","642.703,05","5,36","38,40"]
[" 12710 ","ORSE","Porta de enrolar, em perfil meia cana fechado, em chapa de aço galvanizado nº22","Esquadrias de Ferro","m²","1.420,23","442,20","628.025,70","5,23","43,63"]
[" 101750 ","SINAPI","PISO CIMENTADO, TRAÇO 1:3 (CIMENTO E AREIA), ACABAMENTO RÚSTICO, ESPESSURA 4,0 CM, PREPARO MECÂNICO DA ARGAMASSA. AF_09/2020","PISO - PISOS","m²","6.808,0","64,34","438.026,72","3,65","47,28"]
[" 92580 ","SINAPI","TRAMA DE AÇO COMPOSTA POR TERÇAS PARA TELHADOS DE ATÉ 2 ÁGUAS PARA TELHA ONDULADA DE FIBROCIMENTO, METÁLICA, PLÁSTICA OU TERMOACÚSTICA, INCLUSO TRANSPORTE VERTICAL. AF_07/2019","COBE - COBERTURA","m²","7.246,29","57,00","413.038,53","3,44","50,73"]
[" 100758 ","SINAPI","PINTURA COM TINTA ALQUÍDICA DE ACABAMENTO (ESMALTE SINTÉTICO ACETINADO) APLICADA A ROLO OU PINCEL SOBRE SUPERFÍCIES METÁLICAS (EXCETO PERFIL) EXECUTADO EM OBRA (02 DEMÃOS). AF_01/2020","PINT - PINTURAS","m²","5.652,86","61,78","349.233,69","2,91","53,64"]
[" 10759 ","ORSE","Bancada em granito cinza andorinha, e=2cm","Conversão InfoWOrca","m²","469,43","688,60","323.249,49","2,69","56,33"]
[" 95241 ","SINAPI","LASTRO DE CONCRETO MAGRO, APLICADO EM PISOS, LAJES SOBRE SOLO OU RADIERS, ESPESSURA DE 5 CM. AF_01/2024","FUES - FUNDAÇÕES E ESTRUTURAS","m²","6.808,0","43,85","298.530,80","2,49","58,82"]
[" 481 ","Próprio","FONECIMENTO E INSTALAÇÃO DE ESTRUTURA METALICA EM METALON 50X30 MM, PARA FIXAÇÃO DE PLACA CIMENTICIA","ESQV - ESQUADRIAS/FERRAGENS/VIDROS","m²","1.564,62","189,95","297.199,56","2,48","61,30"]
[" 95626 ","SINAPI","APLICAÇÃO MANUAL DE TINTA LÁTEX ACRÍLICA EM PAREDE EXTERNAS DE CASAS, DUAS DEMÃOS. AF_03/2024","PINT - PINTURAS","m²","14.183,03","19,65","278.696,53","2,32","63,62"]
[" 96116 ","SINAPI","FORRO EM RÉGUAS DE PVC, FRISADO, PARA AMBIENTES COMERCIAIS, INCLUSIVE ESTRUTURA BIDIRECIONAL DE FIXAÇÃO. AF_08/2023_PS","REVE - REVESTIMENTO E TRATAMENTO DE SUPERFÍCIES","m²","2.130,14","98,97","210.819,95","1,76","65,37"]
[" 13135 ","ORSE","Portão em chapa de ferro n.º 18(1,25mm), de correr, quadro em tubo de ferro galvanizado/inter horizontal de 2\", inclusive trancas/ferrolho - Rev 01","Esquadrias de Ferro","m²","170,0","1.182,11","200.958,70","1,67","67,05"]
[" 7369 ","ORSE","Concreto Armado fck=30,0MPa, usinado, bombeado, adensado e lançado, para uso Geral, com formas planas em compensado resinado 12mm (05 usos)","Conversão InfoWOrca","m³","65,47","3.045,39","199.381,68","1,66","68,71"]
[" 505 ","Próprio","Projeto Executivo","","un","1,0","187.094,77","187.094,77","1,56","70,27"]
[" 92336 ","SINAPI","TUBO DE AÇO GALVANIZADO COM COSTURA, CLASSE MÉDIA, CONEXÃO RANHURADA, DN 65 (2 1/2\"), INSTALADO EM PRUMADAS - FORNECIMENTO E INSTALAÇÃO. AF_10/2020","Instalações de Gás e Incêndio em Aço e Ferro Galvanizado","M","1.220,0","139,06","169.653,20","1,41","71,68"]
[" 88497 ","SINAPI","EMASSAMENTO COM MASSA LÁTEX, APLICAÇÃO EM PAREDE, DUAS DEMÃOS, LIXAMENTO MANUAL. AF_04/2023","PINT - PINTURAS","m²","7.985,03","20,63","164.731,16","1,37","73,06"]
[" 12828 ","ORSE","Placa cimentícia e =6mm, para fechamento da fachada (1 lado/face), juntas aparentes, fixada em estrutura metalica, exclusive esta (fornecimento e assentamento)","Revestimentos em Laminados","m²","1.564,62","99,16","155.147,71","1,29","74,35"]
[" 031512 ","SBC","ESTACA HELICE CONTINUA 30CM 40MPA LANC.MEC.BOMBEA.+FERRAGENS","FUNDACOES INDIRETAS","M","496,0","299,41","148.507,36","1,24","75,59"]
[" 87273 ","SINAPI","REVESTIMENTO CERÂMICO PARA PAREDES INTERNAS COM PLACAS TIPO ESMALTADA DE DIMENSÕES 33X45 CM APLICADAS NA ALTURA INTEIRA DAS PAREDES. AF_02/2023_PE","REVE - REVESTIMENTO E TRATAMENTO DE SUPERFÍCIES","m²","1.539,44","82,20","126.541,96","1,05","76,64"]
[" 00010527 ","SINAPI","LOCACAO DE ANDAIME METALICO TUBULAR DE ENCAIXE, TIPO DE TORRE, CADA PAINEL COM LARGURA DE 1 ATE 1,5 M E ALTURA DE *1,00* M, INCLUINDO DIAGONAL, BARRAS DE LIGACAO, SAPATAS OU RODIZIOS E DEMAIS ITENS NECESSARIOS A MONTAGEM (NAO INCLUI INSTALACAO)","Equipamento","MXMES","1.920,0","54,60","104.831,23","0,87","77,51"]
[" 103328 ","SINAPI","ALVENARIA DE VEDAÇÃO DE BLOCOS CERÂMICOS FURADOS NA HORIZONTAL DE 9X19X19 CM (ESPESSURA 9 CM) E ARGAMASSA DE ASSENTAMENTO COM PREPARO EM BETONEIRA. AF_12/2021","PARE - PAREDES/PAINEIS","m²","897,41","116,65","104.682,87","0,87","78,39"]
[" 9101 ","ORSE","Calha em chapa de aluminio, desenvolvimento 85 cm","Complementos","m","542,5","177,96","96.543,30","0,80","79,19"]
[" 98109 ","SINAPI","CAIXA DE GORDURA ESPECIAL (CAPACIDADE: 312 L - PARA ATÉ 146 PESSOAS SERVIDAS NO PICO), RETANGULAR, EM ALVENARIA COM BLOCOS DE CONCRETO, DIMENSÕES INTERNAS = 0,4X1,2 M, ALTURA INTERNA = 1 M. AF_12/2020","INHI - INSTALAÇÕES HIDROS SANITÁRIAS","UN","100,0","963,28","96.328,00","0,80","79,99"]
[" 104951 ","SINAPI","MASSA ÚNICA, EM ARGAMASSA TRAÇO 1:2:8, PREPARO MECÂNICO, APLICADA MANUALMENTE EM PAREDES INTERNAS DE AMBIENTES COM ÁREA MAIOR QUE 10M², E = 17,5MM, COM TALISCAS. AF_03/2024","REVE - REVESTIMENTO E TRATAMENTO DE SUPERFÍCIES","m²","2.259,34","38,90","87.888,32","0,73","80,73"]
[" 87547 ","SINAPI","MASSA ÚNICA, EM ARGAMASSA TRAÇO 1:2:8, PREPARO MECÂNICO, APLICADA MANUALMENTE EM PAREDES INTERNAS DE AMBIENTES COM ÁREA ENTRE 5M² E 10M², E = 10MM, COM TALISCAS. AF_03/2024","REVE - REVESTIMENTO E TRATAMENTO DE SUPERFÍCIES","m²","2.799,72","30,82","86.287,37","0,72","81,45"]
[" 9077 ","ORSE","Cumeeira termoacústica","Telhamento","m","443,68","190,51","84.525,47","0,70","82,15"]
[" 86935 ","SINAPI","CUBA DE EMBUTIR DE AÇO INOXIDÁVEL MÉDIA, INCLUSO VÁLVULA TIPO AMERICANA EM METAL CROMADO E SIFÃO FLEXÍVEL EM PVC - FORNECIMENTO E INSTALAÇÃO. AF_01/2020","INHI - INSTALAÇÕES HIDROS SANITÁRIAS","UN","227,0","366,18","83.122,86","0,69","82,84"]
[" 87263 ","SINAPI","REVESTIMENTO CERÂMICO PARA PISO COM PLACAS TIPO PORCELANATO DE DIMENSÕES 60X60 CM APLICADA EM AMBIENTES DE ÁREA MAIOR QUE 10 M². AF_02/2023_PE","PISO - PISOS","m²","555,89","146,24","81.293,35","0,68","83,52"]
[" 91926 ","SINAPI","CABO DE COBRE FLEXÍVEL ISOLADO, 2,5 MM², ANTI-CHAMA 450/750 V, PARA CIRCUITOS TERMINAIS - FORNECIMENTO E INSTALAÇÃO. AF_03/2023","INEL - INSTALAÇÃO ELÉTRICA/ELETRIFICAÇÃO E ILUMINAÇÃO EXTERNA","M","12.428,6","6,34","78.797,32","0,66","84,18"]
[" 97633 ","SINAPI","DEMOLIÇÃO DE REVESTIMENTO CERÂMICO, DE FORMA MANUAL, SEM REAPROVEITAMENTO. AF_09/2023","SERP - SERVIÇOS PRELIMINARES","m²","2.799,72","28,04","78.504,14","0,65","84,83"]
[" 92423 ","SINAPI","MONTAGEM E DESMONTAGEM DE FÔRMA DE PILARES RETANGULARES E ESTRUTURAS SIMILARES, PÉ-DIREITO SIMPLES, EM CHAPA DE MADEIRA COMPENSADA RESINADA, 6 UTILIZAÇÕES. AF_09/2020","FUES - FUNDAÇÕES E ESTRUTURAS","m²","588,49","114,62","67.452,72","0,56","85,39"]
[" 98546 ","SINAPI","IMPERMEABILIZAÇÃO DE SUPERFÍCIE COM MANTA ASFÁLTICA, UMA CAMADA, INCLUSIVE APLICAÇÃO DE PRIMER ASFÁLTICO, E=4MM. AF_09/2023","IMPE - IMPERMEABILIZAÇÕES E PROTEÇÕES DIVERSAS","m²","406,84","162,80","66.233,55","0,55","85,95"]
[" 104790 ","SINAPI","DEMOLIÇÃO DE PISO DE CONCRETO SIMPLES, DE FORMA MECANIZADA COM MARTELETE, SEM REAPROVEITAMENTO. AF_09/2023","SERP - SERVIÇOS PRELIMINARES","m³","528,49","121,33","64.121,69","0,53","86,48"]
[" 91996 ","SINAPI","TOMADA MÉDIA DE EMBUTIR (1 MÓDULO), 2P+T 10 A, INCLUINDO SUPORTE E PLACA - FORNECIMENTO E INSTALAÇÃO. AF_03/2023","INEL - INSTALAÇÃO ELÉTRICA/ELETRIFICAÇÃO E ILUMINAÇÃO EXTERNA","UN","1.088,0","53,19","57.870,72","0,48","86,96"]
[" 96563 ","SINAPI","SUPORTE PARA ELETROCALHA LISA OU PERFURADA EM AÇO GALVANIZADO, LARGURA 800 MM, EM PERFILADO COM COMPRIMENTO DE 85 CM FIXADO EM LAJE, POR METRO DE ELETROCALHA FIXADA. AF_09/2023","INHI - INSTALAÇÕES HIDROS SANITÁRIAS","M","664,0","84,21","55.915,44","0,47","87,43"]
[" 97236 ","SINAPI","ELETROCALHA LISA OU PERFURADA EM AÇO GALVANIZADO, LARGURA 50MM E ALTURA 50MM, INCLUSIVE EMENDA E FIXAÇÃO - FORNECIMENTO E INSTALAÇÃO. AF_04/2023","Eletrocalhas","M","498,0","106,55","53.061,90","0,44","87,87"]
[" 500 ","Próprio","FORNECIMENTO E INSTALAÇÃO DE PERGOLADO METALICO EM PERFIL \"U\" DE 5\"","ESQV - ESQUADRIAS/FERRAGENS/VIDROS","m²","150,43","350,52","52.728,72","0,44","88,31"]
[" I-25-0049 ","Próprio","Estrutura em concreto pré-moldado para suporte de caixa d´água elevada em fibra de vidro 20.000l (h=8,50m).","Equipamento","Un","2,0","25.686,63","51.373,26","0,43","88,74"]
[" 101959 ","SINAPI","LAJE PRÉ-MOLDADA UNIDIRECIONAL COM VÃOS MAIORES QUE 3,0 M, BIAPOIADA, PARA PISO, ENCHIMENTO EM EPS, VIGOTA PROTENDIDA, ALTURA TOTAL DA LAJE \"LT\" = 12 CM (ENCHIMENTO+CAPA) = (8+4). AF_08/2025","Lajes Pré-Moldadas","m²","475,91","104,68","49.818,25","0,42","89,15"]
[" 96555 ","SINAPI","CONCRETAGEM DE BLOCO DE COROAMENTO OU VIGA BALDRAME, FCK 30 MPA, COM USO DE JERICA - LANÇAMENTO, ADENSAMENTO E ACABAMENTO. AF_01/2024","FUES - FUNDAÇÕES E ESTRUTURAS","m³","51,52","899,88","46.361,81","0,39","89,54"]
[" 89714 ","SINAPI","TUBO PVC, SERIE NORMAL, ESGOTO PREDIAL, DN 100 MM, FORNECIDO E INSTALADO EM RAMAL DE DESCARGA OU RAMAL DE ESGOTO SANITÁRIO. AF_08/2022","INHI - INSTALAÇÕES HIDROS SANITÁRIAS","M","900,0","48,51","43.659,00","0,36","89,90"]
[" 86909 ","SINAPI","TORNEIRA CROMADA TUBO MÓVEL, DE MESA, 1/2\" OU 3/4\", PARA PIA DE COZINHA, PADRÃO ALTO - FORNECIMENTO E INSTALAÇÃO. AF_01/2020","INHI - INSTALAÇÕES HIDROS SANITÁRIAS","UN","227,0","179,21","40.680,67","0,34","90,24"]
[" 91854 ","SINAPI","ELETRODUTO FLEXÍVEL CORRUGADO, PVC, DN 25 MM (3/4\"), PARA CIRCUITOS TERMINAIS, INSTALADO EM PAREDE - FORNECIMENTO E INSTALAÇÃO. AF_03/2023","INEL - INSTALAÇÃO ELÉTRICA/ELETRIFICAÇÃO E ILUMINAÇÃO EXTERNA","M","2.866,53","13,29","38.096,18","0,32","90,56"]
[" 87250 ","SINAPI","REVESTIMENTO CERÂMICO PARA PISO COM PLACAS TIPO ESMALTADA DE DIMENSÕES 45X45 CM APLICADA EM AMBIENTES DE ÁREA ENTRE 5 M2 E 10 M2. AF_02/2023_PE","PISO - PISOS","m²","454,18","77,46","35.180,78","0,29","90,85"]
[" 101565 ","SINAPI","CABO DE COBRE FLEXÍVEL ISOLADO, 70 MM², 0,6/1,0 KV, PARA REDE AÉREA DE DISTRIBUIÇÃO DE ENERGIA ELÉTRICA DE BAIXA TENSÃO - FORNECIMENTO E INSTALAÇÃO. AF_07/2020","INEL - INSTALAÇÃO ELÉTRICA/ELETRIFICAÇÃO E ILUMINAÇÃO EXTERNA","M","300,0","113,10","33.930,00","0,28","91,14"]
[" 97914 ","SINAPI","TRANSPORTE COM CAMINHÃO BASCULANTE DE 6 M³, EM VIA URBANA PAVIMENTADA, DMT ATÉ 30 KM (UNIDADE: M3XKM). AF_07/2020","Transporte, Carga e Descarga de Materiais","M3XKM","9.063,51","3,68","33.353,71","0,28","91,41"]
[" 97647 ","SINAPI","REMOÇÃO DE TELHAS DE FIBROCIMENTO METÁLICA E CERÂMICA, DE FORMA MANUAL, SEM REAPROVEITAMENTO. AF_09/2023","SERP - SERVIÇOS PRELIMINARES","m²","7.666,63","4,35","33.349,84","0,28","91,69"]
[" 102621 ","SINAPI","CAIXA D´ÁGUA EM POLIÉSTER REFORÇADO COM FIBRA DE VIDRO, 20000 LITROS - FORNECIMENTO E INSTALAÇÃO. AF_06/2021","Caixas de Água para Edificações","UN","2,0","16.031,65","32.063,30","0,27","91,96"]
[" 91940 ","SINAPI","CAIXA RETANGULAR 4\" X 2\" MÉDIA (1,30 M DO PISO), PVC, INSTALADA EM PAREDE - FORNECIMENTO E INSTALAÇÃO. AF_03/2023","INEL - INSTALAÇÃO ELÉTRICA/ELETRIFICAÇÃO E ILUMINAÇÃO EXTERNA","UN","1.380,0","22,99","31.726,20","0,26","92,22"]
[" 102106 ","SINAPI","TRANSFORMADOR DE DISTRIBUIÇÃO, 150 KVA, TRIFÁSICO, 60 HZ, CLASSE 15 KV, IMERSO EM ÓLEO MINERAL, INSTALAÇÃO EM POSTE (NÃO INCLUSO SUPORTE) - FORNECIMENTO E INSTALAÇÃO. AF_12/2020","INEL - INSTALAÇÃO ELÉTRICA/ELETRIFICAÇÃO E ILUMINAÇÃO EXTERNA","UN","1,0","30.815,05","30.815,05","0,26","92,48"]
[" 103669 ","SINAPI","CONCRETAGEM DE PILARES, FCK = 25 MPA, COM USO DE BALDES - LANÇAMENTO, ADENSAMENTO E ACABAMENTO. AF_02/2022","FUES - FUNDAÇÕES E ESTRUTURAS","m³","25,08","1.168,12","29.296,44","0,24","92,72"]
[" 89987 ","SINAPI","REGISTRO DE GAVETA BRUTO, LATÃO, ROSCÁVEL, 3/4\", COM ACABAMENTO E CANOPLA CROMADOS - FORNECIMENTO E INSTALAÇÃO. AF_08/2021","INHI - INSTALAÇÕES HIDROS SANITÁRIAS","UN","227,0","126,26","28.661,02","0,24","92,96"]
[" 98114 ","SINAPI","TAMPA CIRCULAR PARA ESGOTO E DRENAGEM, EM FERRO FUNDIDO, DIÂMETRO INTERNO = 0,6 M. AF_12/2020","INHI - INSTALAÇÕES HIDROS SANITÁRIAS","UN","38,0","747,41","28.401,58","0,24","93,20"]
[" 97313 ","SINAPI","TÊ HORIZONTAL 90º, PARA ELETROCALHA, LISA OU PERFURADA EM AÇO GALVANIZADO, LARGURA DE 50MM E ALTURA DE 50MM - FORNECIMENTO E INSTALAÇÃO. AF_04/2023","Eletrocalhas","UN","191,0","137,06","26.178,46","0,22","93,42"]
[" 96536 ","SINAPI","FABRICAÇÃO, MONTAGEM E DESMONTAGEM DE FÔRMA PARA VIGA BALDRAME, EM MADEIRA SERRADA, E=25 MM, 4 UTILIZAÇÕES. AF_01/2024","FUES - FUNDAÇÕES E ESTRUTURAS","m²","283,06","91,31","25.846,20","0,22","93,63"]
[" 92984 ","SINAPI","CABO DE COBRE FLEXÍVEL ISOLADO, 25 MM², ANTI-CHAMA 0,6/1,0 KV, PARA REDE ENTERRADA DE DISTRIBUIÇÃO DE ENERGIA ELÉTRICA - FORNECIMENTO E INSTALAÇÃO. AF_12/2021","INEL - INSTALAÇÃO ELÉTRICA/ELETRIFICAÇÃO E ILUMINAÇÃO EXTERNA","M","600,0","41,93","25.158,00","0,21","93,84"]
[" 98562 ","SINAPI","IMPERMEABILIZAÇÃO DE SUPERFÍCIE COM ARGAMASSA DE CIMENTO E AREIA, COM ADITIVO IMPERMEABILIZANTE, E = 1,5CM. AF_09/2023","IMPE - IMPERMEABILIZAÇÕES E PROTEÇÕES DIVERSAS","m²","406,84","60,92","24.784,69","0,21","94,05"]
[" 104918 ","SINAPI","ARMAÇÃO DE SAPATA ISOLADA, VIGA BALDRAME E SAPATA CORRIDA UTILIZANDO AÇO CA-50 DE 8 MM - MONTAGEM. AF_01/2024","FUES - FUNDAÇÕES E ESTRUTURAS","KG","1.209,69","20,21","24.447,83","0,20","94,25"]
[" 104108 ","SINAPI","ARMAÇÃO DE PILAR OU VIGA DE ESTRUTURA DE CONCRETO ARMADO EMBUTIDA EM ALVENARIA DE VEDAÇÃO UTILIZANDO AÇO CA-50 DE 10,0 MM - MONTAGEM. AF_06/2022","FUES - FUNDAÇÕES E ESTRUTURAS","KG","1.317,92","18,26","24.065,21","0,20","94,45"]
[" 103682 ","SINAPI","CONCRETAGEM DE VIGAS E LAJES, FCK=25 MPA, PARA QUALQUER TIPO DE LAJE COM BALDES EM EDIFICAÇÃO TÉRREA - LANÇAMENTO, ADENSAMENTO E ACABAMENTO. AF_02/2022","FUES - FUNDAÇÕES E ESTRUTURAS","m³","19,65","1.189,87","23.380,94","0,19","94,65"]
[" 90447 ","SINAPI","RASGO LINEAR MANUAL EM ALVENARIA, PARA ELETRODUTOS, DIÂMETROS MENORES OU IGUAIS A 40 MM. AF_09/2023","INHI - INSTALAÇÕES HIDROS SANITÁRIAS","M","2.029,2","11,30","22.929,96","0,19","94,84"]
[" 13319 ","ORSE","Conjunto moto-bomba centrífuga, trifasica, motor 7.5 cv, 1 1/4\", Schneider BC-22 R ou similar","Aparelhos, Utensílios e Equipamentos Elétricos","un","2,0","11.086,21","22.172,42","0,18","95,02"]
[" 105118 ","SINAPI","TAPUME EM CHAPA DE MADEIRA OSB. AF_03/2024","Instalações para Canteiros de Obras","m²","260,0","84,26","21.907,60","0,18","95,21"]
[" 101563 ","SINAPI","CABO DE COBRE FLEXÍVEL ISOLADO, 35 MM², 0,6/1,0 KV, PARA REDE AÉREA DE DISTRIBUIÇÃO DE ENERGIA ELÉTRICA DE BAIXA TENSÃO - FORNECIMENTO E INSTALAÇÃO. AF_07/2020","INEL - INSTALAÇÃO ELÉTRICA/ELETRIFICAÇÃO E ILUMINAÇÃO EXTERNA","M","400,0","54,72","21.888,00","0,18","95,39"]
[" 104111 ","SINAPI","ARMAÇÃO DE PILAR OU VIGA DE ESTRUTURA DE CONCRETO ARMADO EMBUTIDA EM ALVENARIA DE VEDAÇÃO UTILIZANDO AÇO CA-60 DE 5,0 MM - MONTAGEM. AF_06/2022","FUES - FUNDAÇÕES E ESTRUTURAS","KG","803,52","27,07","21.751,28","0,18","95,57"]
[" 89712 ","SINAPI","TUBO PVC, SERIE NORMAL, ESGOTO PREDIAL, DN 50 MM, FORNECIDO E INSTALADO EM RAMAL DE DESCARGA OU RAMAL DE ESGOTO SANITÁRIO. AF_08/2022","INHI - INSTALAÇÕES HIDROS SANITÁRIAS","M","585,0","34,83","20.375,55","0,17","95,74"]
[" 100701 ","SINAPI","PORTA DE FERRO, DE ABRIR, TIPO GRADE COM CHAPA, COM GUARNIÇÕES. AF_12/2019","ESQV - ESQUADRIAS/FERRAGENS/VIDROS","m²","22,5","864,73","19.456,42","0,16","95,90"]
[" 99268 ","SINAPI","POÇO DE INSPEÇÃO CIRCULAR PARA DRENAGEM, EM CONCRETO PRÉ-MOLDADO, DIÂMETRO INTERNO = 0,60 M, PROFUNDIDADE = 0,90 M, EXCLUINDO TAMPÃO. AF_12/2020","DROP - DRENAGEM/OBRAS DE CONTENÇÃO / POÇOS DE VISITA E CAIXAS","UN","38,0","500,50","19.019,00","0,16","96,06"]
[" 97237 ","SINAPI","ELETROCALHA LISA OU PERFURADA EM AÇO GALVANIZADO, LARGURA 75MM E ALTURA 50MM, INCLUSIVE EMENDA E FIXAÇÃO - FORNECIMENTO E INSTALAÇÃO. AF_04/2023","Eletrocalhas","M","166,0","108,10","17.944,60","0,15","96,21"]
[" 91852 ","SINAPI","ELETRODUTO FLEXÍVEL CORRUGADO, PVC, DN 20 MM (1/2\"), PARA CIRCUITOS TERMINAIS, INSTALADO EM PAREDE - FORNECIMENTO E INSTALAÇÃO. AF_03/2023","INEL - INSTALAÇÃO ELÉTRICA/ELETRIFICAÇÃO E ILUMINAÇÃO EXTERNA","M","1.352,05","12,30","16.630,21","0,14","96,35"]
[" 98557 ","SINAPI","IMPERMEABILIZAÇÃO DE SUPERFÍCIE COM EMULSÃO ASFÁLTICA, 2 DEMÃOS. AF_09/2023","IMPE - IMPERMEABILIZAÇÕES E PROTEÇÕES DIVERSAS","m²","271,82","59,72","16.233,09","0,14","96,48"]
[" 99814 ","SINAPI","LIMPEZA DE SUPERFÍCIE COM JATO DE ALTA PRESSÃO. AF_04/2019","Limpeza de Obra","m²","6.507,0","2,44","15.877,08","0,13","96,62"]
[" 105036 ","SINAPI","VERGA PRÉ-FABRICADA COM ATÉ 1,5 M DE VÃO, ESPESSURA DE *15* CM. AF_03/2024","FUES - FUNDAÇÕES E ESTRUTURAS","M","267,6","58,52","15.659,95","0,13","96,75"]
[" 89356 ","SINAPI","TUBO, PVC, SOLDÁVEL, DE 25MM, INSTALADO EM RAMAL OU SUB-RAMAL DE ÁGUA - FORNECIMENTO E INSTALAÇÃO. AF_06/2022","INHI - INSTALAÇÕES HIDROS SANITÁRIAS","M","500,0","30,82","15.410,00","0,13","96,88"]
[" 91924 ","SINAPI","CABO DE COBRE FLEXÍVEL ISOLADO, 1,5 MM², ANTI-CHAMA 450/750 V, PARA CIRCUITOS TERMINAIS - FORNECIMENTO E INSTALAÇÃO. AF_03/2023","INEL - INSTALAÇÃO ELÉTRICA/ELETRIFICAÇÃO E ILUMINAÇÃO EXTERNA","M","3.221,8","4,33","13.950,39","0,12","96,99"]
[" 100981 ","SINAPI","CARGA, MANOBRA E DESCARGA DE ENTULHO EM CAMINHÃO BASCULANTE 6 M³ - CARGA COM ESCAVADEIRA HIDRÁULICA (CAÇAMBA DE 0,80 M³ / 111 HP) E DESCARGA LIVRE (UNIDADE: M3). AF_07/2020","Transporte, Carga e Descarga de Materiais","m³","1.208,47","11,54","13.945,74","0,12","97,11"]
[" 4654 ","ORSE","Locação de container - Almoxarifado sem banheiro - 6,00 x 2,40m - Rev 02_02/2022","Mobilização / Instalações Provisórias / Desmobilização","mês","14,0","992,72","13.898,08","0,12","97,22"]
[" 99059 ","SINAPI","LOCAÇÃO CONVENCIONAL DE OBRA, UTILIZANDO GABARITO DE TÁBUAS CORRIDAS PONTALETADAS A CADA 2,00M - 2 UTILIZAÇÕES. AF_03/2024","SERT - SERVIÇOS TÉCNICOS","M","181,74","74,57","13.552,35","0,11","97,34"]
[" 92761 ","SINAPI","ARMAÇÃO DE PILAR OU VIGA DE ESTRUTURA CONVENCIONAL DE CONCRETO ARMADO UTILIZANDO AÇO CA-50 DE 8,0 MM - MONTAGEM. AF_06/2022","FUES - FUNDAÇÕES E ESTRUTURAS","KG","690,17","17,94","12.381,64","0,10","97,44"]
[" 87879 ","SINAPI","CHAPISCO APLICADO EM ALVENARIAS E ESTRUTURAS DE CONCRETO INTERNAS, COM COLHER DE PEDREIRO. ARGAMASSA TRAÇO 1:3 COM PREPARO EM BETONEIRA 400L. AF_10/2022","REVE - REVESTIMENTO E TRATAMENTO DE SUPERFÍCIES","m²","2.259,34","5,33","12.042,28","0,10","97,54"]
[" 96765 ","SINAPI","ABRIGO PARA HIDRANTE, 90X60X17CM, COM REGISTRO GLOBO ANGULAR 45 GRAUS 2 1/2\", ADAPTADOR STORZ 2 1/2\", MANGUEIRA DE INCÊNDIO 20M, REDUÇÃO 2 1/2\" X 1 1/2\" E ESGUICHO EM LATÃO 1 1/2\" - FORNECIMENTO E INSTALAÇÃO. AF_10/2020","Instalações de Gás e Incêndio em Aço e Ferro Galvanizado","UN","5,0","2.371,94","11.859,70","0,10","97,64"]
[" 104919 ","SINAPI","ARMAÇÃO DE SAPATA ISOLADA, VIGA BALDRAME E SAPATA CORRIDA UTILIZANDO AÇO CA-50 DE 10 MM - MONTAGEM. AF_01/2024","FUES - FUNDAÇÕES E ESTRUTURAS","KG","632,79","18,17","11.497,79","0,10","97,73"]
[" 97314 ","SINAPI","TÊ HORIZONTAL 90º, PARA ELETROCALHA, LISA OU PERFURADA EM AÇO GALVANIZADO, LARGURA DE 75MM E ALTURA DE 50MM - FORNECIMENTO E INSTALAÇÃO. AF_04/2023","Eletrocalhas","UN","79,0","141,72","11.195,88","0,09","97,83"]
[" 91953 ","SINAPI","INTERRUPTOR SIMPLES (1 MÓDULO), 10A/250V, INCLUINDO SUPORTE E PLACA - FORNECIMENTO E INSTALAÇÃO. AF_03/2023","Instalações Elétricas - Eletrodutos Embutidos, Cabos, Caixas, Tomadas e Interruptores","UN","237,0","45,60","10.807,20","0,09","97,92"]
[" 104916 ","SINAPI","ARMAÇÃO DE SAPATA ISOLADA, VIGA BALDRAME E SAPATA CORRIDA UTILIZANDO AÇO CA-60 DE 5 MM - MONTAGEM. AF_01/2024","FUES - FUNDAÇÕES E ESTRUTURAS","KG","460,54","22,65","10.431,23","0,09","98,00"]
[" 90456 ","SINAPI","QUEBRA EM ALVENARIA PARA INSTALAÇÃO DE CAIXA DE TOMADA (4X4 OU 4X2). AF_09/2023","INHI - INSTALAÇÕES HIDROS SANITÁRIAS","UN","1.380,0","7,48","10.322,40","0,09","98,09"]
[" 103782 ","SINAPI","LUMINÁRIA TIPO PLAFON CIRCULAR, DE SOBREPOR, COM LED DE 12/13 W - FORNECIMENTO E INSTALAÇÃO. AF_09/2024","INEL - INSTALAÇÃO ELÉTRICA/ELETRIFICAÇÃO E ILUMINAÇÃO EXTERNA","UN","247,0","40,77","10.070,19","0,08","98,17"]
[" 105941 ","SINAPI","REVESTIMENTO NÃO ADERIDO DE PAREDES EXTERNAS COM PLACAS DE GRANITO DE ÁREA MAIOR QUE 10000 CM2, FIXADAS COM INSERTE METÁLICO. AF_03/2025","Fachadas com Placas Cerâmicas e Granito - Insertadas","m²","182,06","52,19","9.501,71","0,08","98,25"]
[" 97064 ","SINAPI","MONTAGEM E DESMONTAGEM DE ANDAIME TUBULAR TIPO \"TORRE\" (EXCLUSIVE ANDAIME E LIMPEZA). AF_03/2024","Equipamentos de Proteção Coletiva","M","320,0","28,54","9.132,80","0,08","98,33"]
[" 89797 ","SINAPI","JUNÇÃO SIMPLES, PVC, SERIE NORMAL, ESGOTO PREDIAL, DN 100 X 100 MM, JUNTA ELÁSTICA, FORNECIDO E INSTALADO EM RAMAL DE DESCARGA OU RAMAL DE ESGOTO SANITÁRIO. AF_08/2022","INHI - INSTALAÇÕES HIDROS SANITÁRIAS","UN","140,0","64,91","9.087,40","0,08","98,41"]
[" 13535 ","ORSE","Montagem de acessórios para subestação transformadora em poste com elo fusível 3H, em poste com 11 m","Subestação Transformadora em Poste","un","1,0","9.043,24","9.043,24","0,08","98,48"]
[" 91936 ","SINAPI","CAIXA OCTOGONAL 4\" X 4\", PVC, INSTALADA EM LAJE - FORNECIMENTO E INSTALAÇÃO. AF_03/2023","INEL - INSTALAÇÃO ELÉTRICA/ELETRIFICAÇÃO E ILUMINAÇÃO EXTERNA","UN","379,0","21,14","8.012,06","0,07","98,55"]
[" 89512 ","SINAPI","TUBO PVC, SÉRIE R, ÁGUA PLUVIAL, DN 100 MM, FORNECIDO E INSTALADO EM RAMAL DE ENCAMINHAMENTO. AF_06/2022","INHI - INSTALAÇÕES HIDROS SANITÁRIAS","M","125,0","62,02","7.752,50","0,06","98,61"]
[" 89731 ","SINAPI","JOELHO 90 GRAUS, PVC, SERIE NORMAL, ESGOTO PREDIAL, DN 50 MM, JUNTA ELÁSTICA, FORNECIDO E INSTALADO EM RAMAL DE DESCARGA OU RAMAL DE ESGOTO SANITÁRIO. AF_08/2022","INHI - INSTALAÇÕES HIDROS SANITÁRIAS","UN","390,0","19,44","7.581,60","0,06","98,68"]
[" 2935 ","ORSE","Poste de concreto duplo T (DT) 10/1000 - fornecimento","Fornecimento de Materiais para Redes de Energia Elétrica e Iluminação","un","2,0","3.548,97","7.097,94","0,06","98,73"]
[" 96619 ","SINAPI","LASTRO DE CONCRETO MAGRO, APLICADO EM BLOCOS DE COROAMENTO OU SAPATAS, ESPESSURA DE 5 CM. AF_01/2024","FUES - FUNDAÇÕES E ESTRUTURAS","m²","144,53","47,46","6.859,39","0,06","98,79"]
[" 96523 ","SINAPI","ESCAVAÇÃO MANUAL PARA BLOCO DE COROAMENTO OU SAPATA (INCLUINDO ESCAVAÇÃO PARA COLOCAÇÃO DE FÔRMAS). AF_01/2024","MOVT - MOVIMENTO DE TERRA","m³","58,7","114,68","6.731,71","0,06","98,85"]
[" 104328 ","SINAPI","CAIXA SIFONADA, COM GRELHA QUADRADA, PVC, DN 150 X 150 X 50 MM, JUNTA SOLDÁVEL, FORNECIDA E INSTALADA EM RAMAL DE DESCARGA OU EM RAMAL DE ESGOTO SANITÁRIO. AF_08/2022","INHI - INSTALAÇÕES HIDROS SANITÁRIAS","UN","76,0","79,85","6.068,60","0,05","98,90"]
[" 101560 ","SINAPI","CABO DE COBRE FLEXÍVEL ISOLADO, 10 MM², 0,6/1,0 KV, PARA REDE AÉREA DE DISTRIBUIÇÃO DE ENERGIA ELÉTRICA DE BAIXA TENSÃO - FORNECIMENTO E INSTALAÇÃO. AF_07/2020","INEL - INSTALAÇÃO ELÉTRICA/ELETRIFICAÇÃO E ILUMINAÇÃO EXTERNA","M","360,0","15,75","5.670,00","0,05","98,95"]
[" 101908 ","SINAPI","EXTINTOR DE INCÊNDIO PORTÁTIL COM CARGA DE PQS DE 4 KG, CLASSE BC - FORNECIMENTO E INSTALAÇÃO. AF_10/2020_PE","Instalações de Gás e Incêndio em Aço e Ferro Galvanizado","UN","16,0","323,04","5.168,64","0,04","98,99"]
[" 89357 ","SINAPI","TUBO, PVC, SOLDÁVEL, DE 32MM, INSTALADO EM RAMAL OU SUB-RAMAL DE ÁGUA - FORNECIMENTO E INSTALAÇÃO. AF_06/2022","INHI - INSTALAÇÕES HIDROS SANITÁRIAS","M","100,0","42,16","4.216,00","0,04","99,02"]
[" 100606 ","SINAPI","ASSENTAMENTO DE POSTE DE CONCRETO COM COMPRIMENTO NOMINAL DE 10 M, CARGA NOMINAL DE 1000 DAN, ENGASTAMENTO BASE CONCRETADA COM 1 M DE CONCRETO E 0,6 M DE SOLO (NÃO INCLUI FORNECIMENTO). AF_04/2025","INEL - INSTALAÇÃO ELÉTRICA/ELETRIFICAÇÃO E ILUMINAÇÃO EXTERNA","UN","2,0","2.086,83","4.173,66","0,03","99,06"]
[" 97253 ","SINAPI","REDUÇÃO PARA ELETROCALHA, LISA OU PERFURADA EM AÇO GALVANIZADO, 75X50MM E ALTURA 50MM - FORNECIMENTO E INSTALAÇÃO. AF_04/2023","Eletrocalhas","UN","47,0","88,24","4.147,28","0,03","99,09"]
[" 100910 ","SINAPI","LUMINÁRIA TIPO CALHA, DE SOBREPOR, COM 2 LÂMPADAS TUBULARES LED DE 18 W, SEM REATOR - FORNECIMENTO E INSTALAÇÃO. AF_09/2024","Iluminação Predial e Monitoramento","UN","74,0","54,93","4.064,82","0,03","99,13"]
[" 89732 ","SINAPI","JOELHO 45 GRAUS, PVC, SERIE NORMAL, ESGOTO PREDIAL, DN 50 MM, JUNTA ELÁSTICA, FORNECIDO E INSTALADO EM RAMAL DE DESCARGA OU RAMAL DE ESGOTO SANITÁRIO. AF_08/2022","INHI - INSTALAÇÕES HIDROS SANITÁRIAS","UN","195,0","20,33","3.964,35","0,03","99,16"]
[" 106025 ","SINAPI","QUADRO DE DISTRIBUIÇÃO DE ENERGIA EM CHAPA DE AÇO GALVANIZADO, DE SOBREPOR, COM BARRAMENTO TRIFÁSICO, PARA 36 DISJUNTORES DIN 100A - FORNECIMENTO E INSTALAÇÃO. AF_07/2025","Instalações Elétricas - Quadros, Cabos, Disjuntores, Contatores e Barramentos Blindados","UN","3,0","1.219,28","3.657,84","0,03","99,19"]
[" 104793 ","SINAPI","REMOÇÃO DE CABOS ELÉTRICOS, COM SEÇÃO MAIOR QUE 2,5 MM² E MENOR QUE 10 MM², DE FORMA MANUAL, SEM REAPROVEITAMENTO. AF_09/2023","SERP - SERVIÇOS PRELIMINARES","M","5.220,8","0,70","3.654,56","0,03","99,22"]
[" 103689 ","SINAPI","FORNECIMENTO E INSTALAÇÃO DE PLACA DE OBRA COM CHAPA GALVANIZADA E ESTRUTURA DE MADEIRA. AF_03/2022_PS","Sinalização Vertical Viária","m²","6,0","577,15","3.462,90","0,03","99,25"]
[" 86885 ","SINAPI","ENGATE FLEXÍVEL EM PLÁSTICO BRANCO, 1/2\" X 40CM - FORNECIMENTO E INSTALAÇÃO. AF_01/2020","INHI - INSTALAÇÕES HIDROS SANITÁRIAS","UN","227,0","14,81","3.361,87","0,03","99,28"]
[" 90373 ","SINAPI","JOELHO 90 GRAUS COM BUCHA DE LATÃO, PVC, SOLDÁVEL, DN 25MM, X 1/2 INSTALADO EM RAMAL OU SUB-RAMAL DE ÁGUA - FORNECIMENTO E INSTALAÇÃO. AF_06/2022","INHI - INSTALAÇÕES HIDROS SANITÁRIAS","UN","195,0","16,49","3.215,55","0,03","99,31"]
[" 1510 ","ORSE","Fornecimento e instalação de adaptador storz para engate rápido 2 1/2\" x 2 1/2\" com tampão e corrente (incêndio)","Equipamentos para Combate a Incêndio","un","5,0","633,21","3.166,05","0,03","99,33"]
[" 11381 ","ORSE","Quadro de medição indireta para transformadores de até 225 kva","Conversão InfoWOrca","un","1,0","3.144,49","3.144,49","0,03","99,36"]
[" 104803 ","SINAPI","REMOÇÃO CALHAS E RUFOS, DE FORMA MANUAL, SEM REAPROVEITAMENTO. AF_09/2023","SERP - SERVIÇOS PRELIMINARES","M","542,5","5,58","3.027,15","0,03","99,38"]
[" 91870 ","SINAPI","ELETRODUTO RÍGIDO ROSCÁVEL, PVC, DN 20 MM (1/2\"), PARA CIRCUITOS TERMINAIS, INSTALADO EM PAREDE - FORNECIMENTO E INSTALAÇÃO. AF_03/2023","INEL - INSTALAÇÃO ELÉTRICA/ELETRIFICAÇÃO E ILUMINAÇÃO EXTERNA","M","169,1","17,47","2.954,17","0,02","99,41"]
[" 96527 ","SINAPI","ESCAVAÇÃO MANUAL PARA VIGA BALDRAME OU SAPATA CORRIDA (INCLUINDO ESCAVAÇÃO PARA COLOCAÇÃO DE FÔRMAS). AF_01/2024","MOVT - MOVIMENTO DE TERRA","m³","23,15","126,23","2.922,22","0,02","99,43"]
[" 89585 ","SINAPI","JOELHO 45 GRAUS, PVC, SERIE R, ÁGUA PLUVIAL, DN 100 MM, JUNTA ELÁSTICA, FORNECIDO E INSTALADO EM CONDUTORES VERTICAIS DE ÁGUAS PLUVIAIS. AF_06/2022","INHI - INSTALAÇÕES HIDROS SANITÁRIAS","UN","50,0","56,99","2.849,50","0,02","99,46"]
[" 12136 ","ORSE","Central de alarme de incendio com sistema de 04 laços para até 396 dispositivos, marca JFL, modelo Vulcano - 400 ou similar","Equipamentos para Combate a Incêndio","un","1,0","2.791,25","2.791,25","0,02","99,48"]
[" 97250 ","SINAPI","EMENDA PARA ELETROCALHA, LISA OU PERFURADA EM AÇO GALVANIZADO, LARGURA 75MM E ALTURA 50MM - FORNECIMENTO E INSTALAÇÃO. AF_04/2023","Eletrocalhas","UN","29,0","89,40","2.592,60","0,02","99,50"]
[" 97640 ","SINAPI","REMOÇÃO DE FORROS DE DRYWALL, PVC E FIBROMINERAL, DE FORMA MANUAL, SEM REAPROVEITAMENTO. AF_09/2023","SERP - SERVIÇOS PRELIMINARES","m²","1.042,8","2,30","2.398,44","0,02","99,52"]
[" 89362 ","SINAPI","JOELHO 90 GRAUS, PVC, SOLDÁVEL, DN 25MM, INSTALADO EM RAMAL OU SUB-RAMAL DE ÁGUA - FORNECIMENTO E INSTALAÇÃO. AF_06/2022","INHI - INSTALAÇÕES HIDROS SANITÁRIAS","UN","195,0","12,06","2.351,70","0,02","99,54"]
[" 101905 ","SINAPI","EXTINTOR DE INCÊNDIO PORTÁTIL COM CARGA DE ÁGUA PRESSURIZADA DE 10 L, CLASSE A - FORNECIMENTO E INSTALAÇÃO. AF_10/2020_PE","Instalações de Gás e Incêndio em Aço e Ferro Galvanizado","UN","7,0","332,98","2.330,86","0,02","99,56"]
[" 94962 ","SINAPI","CONCRETO MAGRO PARA LASTRO, TRAÇO 1:4,5:4,5 (EM MASSA SECA DE CIMENTO/ AREIA MÉDIA/ BRITA 1) - PREPARO MECÂNICO COM BETONEIRA 400 L. AF_05/2021","FUES - FUNDAÇÕES E ESTRUTURAS","m³","4,77","482,35","2.300,80","0,02","99,58"]
[" 99625 ","SINAPI","VÁLVULA DE RETENÇÃO HORIZONTAL, DE BRONZE, ROSCÁVEL, 3\" - FORNECIMENTO E INSTALAÇÃO. AF_08/2021","Válvulas e Registros para Sistemas Prediais","UN","2,0","1.134,38","2.268,76","0,02","99,60"]
[" 92337 ","SINAPI","TUBO DE AÇO GALVANIZADO COM COSTURA, CLASSE MÉDIA, CONEXÃO RANHURADA, DN 80 (3\"), INSTALADO EM PRUMADAS - FORNECIMENTO E INSTALAÇÃO. AF_10/2020","Instalações de Gás e Incêndio em Aço e Ferro Galvanizado","M","12,0","182,80","2.193,60","0,02","99,62"]
[" 94473 ","SINAPI","COTOVELO 90 GRAUS, EM FERRO GALVANIZADO, CONEXÃO ROSQUEADA, DN 65 MM (2 1/2\"), INSTALADO EM RESERVAÇÃO PREDIAL DE ÁGUA - FORNECIMENTO E INSTALAÇÃO. AF_04/2024","Instalações Hidráulicas - Reservação e Bombas de Recalque","UN","14,0","154,40","2.161,60","0,02","99,63"]
[" 91993 ","SINAPI","TOMADA ALTA DE EMBUTIR (1 MÓDULO), 2P+T 20 A, INCLUINDO SUPORTE E PLACA - FORNECIMENTO E INSTALAÇÃO. AF_03/2023","Instalações Elétricas - Eletrodutos Embutidos, Cabos, Caixas, Tomadas e Interruptores","UN","30,0","70,54","2.116,20","0,02","99,65"]
[" 10446 ","ORSE","Avisador sonoro tipo sirene para incêndio - Fornecimento","Equipamentos para Combate a Incêndio","un","5,0","409,50","2.047,50","0,02","99,67"]
[" 97488 ","SINAPI","CURVA 90 GRAUS, EM AÇO, CONEXÃO SOLDADA, DN 65 (2 1/2\"), INSTALADO EM REDE DE ALIMENTAÇÃO PARA HIDRANTE - FORNECIMENTO E INSTALAÇÃO. AF_10/2020","Instalações de Gás e Incêndio em Aço e Ferro Galvanizado","UN","5,0","404,47","2.022,35","0,02","99,69"]
[" 103979 ","SINAPI","TUBO, PVC, SOLDÁVEL, DE 50MM, INSTALADO EM RAMAL DE DISTRIBUIÇÃO DE ÁGUA - FORNECIMENTO E INSTALAÇÃO. AF_06/2022","INHI - INSTALAÇÕES HIDROS SANITÁRIAS","M","50,0","38,49","1.924,50","0,02","99,70"]
[" 89746 ","SINAPI","JOELHO 45 GRAUS, PVC, SERIE NORMAL, ESGOTO PREDIAL, DN 100 MM, JUNTA ELÁSTICA, FORNECIDO E INSTALADO EM RAMAL DE DESCARGA OU RAMAL DE ESGOTO SANITÁRIO. AF_08/2022","INHI - INSTALAÇÕES HIDROS SANITÁRIAS","UN","50,0","36,29","1.814,50","0,02","99,72"]
[" 89395 ","SINAPI","TE, PVC, SOLDÁVEL, DN 25MM, INSTALADO EM RAMAL OU SUB-RAMAL DE ÁGUA - FORNECIMENTO E INSTALAÇÃO. AF_06/2022","INHI - INSTALAÇÕES HIDROS SANITÁRIAS","UN","100,0","16,57","1.657,00","0,01","99,73"]
[" 11894 ","ORSE","Hidrante de recalque incluindo caixa em alvenaria de tijolos maciços esp. = 0,12m,  dim. int. =  0.40 x 0.60 x 0.35m, com tampa em ferro fundido 0,40 x 0,60 e fundo com brita","Conversão InfoWOrca","un","1,0","1.575,34","1.575,34","0,01","99,74"]
[" 94499 ","SINAPI","REGISTRO DE GAVETA BRUTO, LATÃO, ROSCÁVEL, 2 1/2\" - FORNECIMENTO E INSTALAÇÃO. AF_08/2021","Válvulas e Registros para Sistemas Prediais","UN","4,0","389,10","1.556,40","0,01","99,76"]
[" 89584 ","SINAPI","JOELHO 90 GRAUS, PVC, SERIE R, ÁGUA PLUVIAL, DN 100 MM, JUNTA ELÁSTICA, FORNECIDO E INSTALADO EM CONDUTORES VERTICAIS DE ÁGUAS PLUVIAIS. AF_06/2022","INHI - INSTALAÇÕES HIDROS SANITÁRIAS","UN","25,0","55,74","1.393,50","0,01","99,77"]
[" 97622 ","SINAPI","DEMOLIÇÃO DE ALVENARIA DE BLOCO FURADO, DE FORMA MANUAL, SEM REAPROVEITAMENTO. AF_09/2023","SERP - SERVIÇOS PRELIMINARES","m³","19,75","69,83","1.379,14","0,01","99,78"]
[" 97607 ","SINAPI","LUMINÁRIA ARANDELA TIPO TARTARUGA, DE SOBREPOR, COM 1 LÂMPADA LED DE 6 W, SEM REATOR - FORNECIMENTO E INSTALAÇÃO. AF_09/2024","Iluminação Predial e Monitoramento","UN","9,0","134,99","1.214,91","0,01","99,79"]
[" 10363 ","ORSE","Placa de sinalização em acrílico, dimensões 0.12 x 0.12 m, e=2mm","Sinalização Vertical","un","32,0","34,72","1.111,04","0,01","99,80"]
[" 89744 ","SINAPI","JOELHO 90 GRAUS, PVC, SERIE NORMAL, ESGOTO PREDIAL, DN 100 MM, JUNTA ELÁSTICA, FORNECIDO E INSTALADO EM RAMAL DE DESCARGA OU RAMAL DE ESGOTO SANITÁRIO. AF_08/2022","INHI - INSTALAÇÕES HIDROS SANITÁRIAS","UN","30,0","35,27","1.058,10","0,01","99,81"]
[" 92763 ","SINAPI","ARMAÇÃO DE PILAR OU VIGA DE ESTRUTURA CONVENCIONAL DE CONCRETO ARMADO UTILIZANDO AÇO CA-50 DE 12,5 MM - MONTAGEM. AF_06/2022","FUES - FUNDAÇÕES E ESTRUTURAS","KG","77,04","13,66","1.052,36","0,01","99,82"]
[" 100975 ","SINAPI","CARGA, MANOBRA E DESCARGA DE SOLOS E MATERIAIS GRANULARES EM CAMINHÃO BASCULANTE 14 M³ - CARGA COM PÁ CARREGADEIRA (CAÇAMBA DE 1,7 A 2,8 M³ / 128 HP) E DESCARGA LIVRE (UNIDADE: M3). AF_07/2020","TRAN - TRANSPORTES, CARGAS E DESCARGAS","m³","99,85","10,47","1.045,42","0,01","99,83"]
[" 89367 ","SINAPI","JOELHO 90 GRAUS, PVC, SOLDÁVEL, DN 32MM, INSTALADO EM RAMAL OU SUB-RAMAL DE ÁGUA - FORNECIMENTO E INSTALAÇÃO. AF_06/2022","INHI - INSTALAÇÕES HIDROS SANITÁRIAS","UN","60,0","16,56","993,60","0,01","99,83"]
[" 93655 ","SINAPI","DISJUNTOR MONOPOLAR TIPO DIN, CORRENTE NOMINAL DE 20A - FORNECIMENTO E INSTALAÇÃO. AF_07/2025","INEL - INSTALAÇÃO ELÉTRICA/ELETRIFICAÇÃO E ILUMINAÇÃO EXTERNA","UN","53,0","18,10","959,30","0,01","99,84"]
[" 7861 ","ORSE","Acionador manual (botoeira) tipo quebra-vidro, p/instal. incendio","Equipamentos para Combate a Incêndio","un","5,0","191,83","959,15","0,01","99,85"]
[" 97249 ","SINAPI","EMENDA PARA ELETROCALHA, LISA OU PERFURADA EM AÇO GALVANIZADO, LARGURA 50MM E ALTURA 50MM - FORNECIMENTO E INSTALAÇÃO. AF_04/2023","Eletrocalhas","UN","11,0","87,07","957,77","0,01","99,86"]
[" 94500 ","SINAPI","REGISTRO DE GAVETA BRUTO, LATÃO, ROSCÁVEL, 3\" - FORNECIMENTO E INSTALAÇÃO. AF_08/2021","Válvulas e Registros para Sistemas Prediais","UN","2,0","472,32","944,64","0,01","99,87"]
[" 97274 ","SINAPI","CURVA HORIZONTAL 90º PARA ELETROCALHA, LISA OU PERFURADA EM AÇO GALVANIZADO, LARGURA DE 50MM E ALTURA DE 50MM - FORNECIMENTO E INSTALAÇÃO. AF_04/2023","Eletrocalhas","UN","10,0","93,51","935,10","0,01","99,87"]
[" 101896 ","SINAPI","DISJUNTOR TERMOMAGNÉTICO TRIPOLAR, CORRENTE NOMINAL DE 200A - FORNECIMENTO E INSTALAÇÃO. AF_07/2025","INEL - INSTALAÇÃO ELÉTRICA/ELETRIFICAÇÃO E ILUMINAÇÃO EXTERNA","UN","1,0","916,44","916,44","0,01","99,88"]
[" 2662 ","ORSE","Fornecimento e assentamento de tampão de ferro fundido TDA-600mm, 300kg/cm², para poço de visita e caixas de passagem","Poços de Visita para Redes de Esgoto","un","1,0","889,94","889,94","0,01","99,89"]
[" 97665 ","SINAPI","REMOÇÃO DE LUMINÁRIAS, DE FORMA MANUAL, SEM REAPROVEITAMENTO. AF_09/2023","SERP - SERVIÇOS PRELIMINARES","UN","379,0","2,34","886,86","0,01","99,90"]
[" 104737 ","SINAPI","REATERRO MANUAL DE VALAS, COM PLACA VIBRATÓRIA. AF_08/2023","MOVT - MOVIMENTO DE TERRA","m³","31,93","26,70","852,53","0,01","99,90"]
[" 97599 ","SINAPI","LUMINÁRIA DE EMERGÊNCIA, COM 30 LÂMPADAS LED DE 2 W, SEM REATOR - FORNECIMENTO E INSTALAÇÃO. AF_09/2024","Iluminação Predial e Monitoramento","UN","30,0","27,32","819,60","0,01","99,91"]
[" 92897 ","SINAPI","UNIÃO, EM FERRO GALVANIZADO, DN 80 (3\"), CONEXÃO ROSQUEADA, INSTALADO EM REDE DE ALIMENTAÇÃO PARA HIDRANTE - FORNECIMENTO E INSTALAÇÃO. AF_10/2020","Instalações de Gás e Incêndio em Aço e Ferro Galvanizado","UN","2,0","393,15","786,30","0,01","99,92"]
[" 12138 ","ORSE","Placa de indicativa de \"EXTINTOR\" em pvc, dim.: 20 x 20 cm","Sinalização Vertical","Un","25,0","30,77","769,25","0,01","99,92"]
[" 91959 ","SINAPI","INTERRUPTOR SIMPLES (2 MÓDULOS), 10A/250V, INCLUINDO SUPORTE E PLACA - FORNECIMENTO E INSTALAÇÃO. AF_03/2023","Instalações Elétricas - Eletrodutos Embutidos, Cabos, Caixas, Tomadas e Interruptores","UN","10,0","69,98","699,80","0,01","99,93"]
[" 89398 ","SINAPI","TE, PVC, SOLDÁVEL, DN 32MM, INSTALADO EM RAMAL OU SUB-RAMAL DE ÁGUA - FORNECIMENTO E INSTALAÇÃO. AF_06/2022","INHI - INSTALAÇÕES HIDROS SANITÁRIAS","UN","30,0","23,05","691,50","0,01","99,93"]
[" 91890 ","SINAPI","CURVA 90 GRAUS PARA ELETRODUTO, PVC, ROSCÁVEL, DN 25 MM (3/4\"), PARA CIRCUITOS TERMINAIS, INSTALADA EM FORRO - FORNECIMENTO E INSTALAÇÃO. AF_03/2023","INEL - INSTALAÇÃO ELÉTRICA/ELETRIFICAÇÃO E ILUMINAÇÃO EXTERNA","UN","41,0","16,78","687,98","0,01","99,94"]
[" 101895 ","SINAPI","DISJUNTOR TERMOMAGNÉTICO TRIPOLAR, CORRENTE NOMINAL DE 125A - FORNECIMENTO E INSTALAÇÃO. AF_07/2025","INEL - INSTALAÇÃO ELÉTRICA/ELETRIFICAÇÃO E ILUMINAÇÃO EXTERNA","UN","1,0","607,58","607,58","0,01","99,94"]
[" 063104 ","SBC","ABERTURA E FECHAMENTO DE ELETROCALHA","INSTALACOES ELETRICAS - LEITOS E CABOS","M","4,0","151,11","604,44","0,01","99,95"]
[" 97277 ","SINAPI","CURVA HORIZONTAL 90º, PARA ELETROCALHA, LISA OU PERFURADA EM AÇO GALVANIZADO, LARGURA DE 75MM E ALTURA DE 50MM - FORNECIMENTO E INSTALAÇÃO. AF_04/2023","Eletrocalhas","UN","5,0","97,00","485,00","0,00","99,95"]
[" 104920 ","SINAPI","ARMAÇÃO DE BLOCO, SAPATA ISOLADA, VIGA BALDRAME E SAPATA CORRIDA UTILIZANDO AÇO CA-50 DE 12,5 MM - MONTAGEM. AF_01/2024","FUES - FUNDAÇÕES E ESTRUTURAS","KG","27,73","15,46","428,70","0,00","99,96"]
[" 94475 ","SINAPI","COTOVELO 90 GRAUS, EM FERRO GALVANIZADO, CONEXÃO ROSQUEADA, DN 80 MM (3\"), INSTALADO EM RESERVAÇÃO PREDIAL DE ÁGUA - FORNECIMENTO E INSTALAÇÃO. AF_04/2024","Instalações Hidráulicas - Reservação e Bombas de Recalque","UN","2,0","209,29","418,58","0,00","99,96"]
[" 13835 ","ORSE","Manômetro D. 63mm (2.1/2\"), 0-250kgf/cm², rosca 1/4\" NPT-M, ligação vertical,com enchimento de glicerina, caixa inox - fornecimento e instalação","Diversos","un","1,0","409,98","409,98","0,00","99,96"]
[" 8693 ","ORSE","Bateria industrial para acionamento de sirene (p/penitenciária)","Aparelhos, Utensílios e Equipamentos Elétricos","un","1,0","377,25","377,25","0,00","99,97"]
[" 104004 ","SINAPI","TE, PVC, SOLDÁVEL, DN 50MM, INSTALADO EM RAMAL DE DISTRIBUIÇÃO DE ÁGUA - FORNECIMENTO E INSTALAÇÃO. AF_06/2022","INHI - INSTALAÇÕES HIDROS SANITÁRIAS","UN","10,0","36,81","368,10","0,00","99,97"]
[" 91862 ","SINAPI","ELETRODUTO RÍGIDO ROSCÁVEL, PVC, DN 20 MM (1/2\"), PARA CIRCUITOS TERMINAIS, INSTALADO EM FORRO - FORNECIMENTO E INSTALAÇÃO. AF_03/2023","INEL - INSTALAÇÃO ELÉTRICA/ELETRIFICAÇÃO E ILUMINAÇÃO EXTERNA","M","27,22","13,48","366,92","0,00","99,97"]
[" 101874 ","SINAPI","QUADRO DE DISTRIBUIÇÃO DE LUZ EM PVC PARA 24 DISJUNTORES - FORNECIMENTO E INSTALAÇÃO. AF_07/2025","Instalações Elétricas - Quadros, Cabos, Disjuntores, Contatores e Barramentos Blindados","UN","1,0","360,00","360,00","0,00","99,98"]
[" 102110 ","SINAPI","SUPORTE PARA TRANSFORMADOR EM POSTE DE CONCRETO DUPLO T - FORNECIMENTO E INSTALAÇÃO. AF_12/2020","INEL - INSTALAÇÃO ELÉTRICA/ELETRIFICAÇÃO E ILUMINAÇÃO EXTERNA","UN","1,0","354,43","354,43","0,00","99,98"]
[" 92379 ","SINAPI","NIPLE, EM FERRO GALVANIZADO, DN 80 (3\"), CONEXÃO ROSQUEADA, INSTALADO EM REDE DE ALIMENTAÇÃO PARA HIDRANTE - FORNECIMENTO E INSTALAÇÃO. AF_10/2020","Instalações de Gás e Incêndio em Aço e Ferro Galvanizado","UN","2,0","168,66","337,32","0,00","99,98"]
[" 103984 ","SINAPI","JOELHO 90 GRAUS, PVC, SOLDÁVEL, DN 50MM, INSTALADO EM RAMAL DE DISTRIBUIÇÃO DE ÁGUA - FORNECIMENTO E INSTALAÇÃO. AF_06/2022","INHI - INSTALAÇÕES HIDROS SANITÁRIAS","UN","12,0","24,38","292,56","0,00","99,98"]
[" 93654 ","SINAPI","DISJUNTOR MONOPOLAR TIPO DIN, CORRENTE NOMINAL DE 16A - FORNECIMENTO E INSTALAÇÃO. AF_07/2025","INEL - INSTALAÇÃO ELÉTRICA/ELETRIFICAÇÃO E ILUMINAÇÃO EXTERNA","UN","17,0","16,90","287,30","0,00","99,99"]
[" 11283 ","ORSE","Flange sextavado de ferro galvanizado, com rosca bsp, de 4\"","Tubos e Conexões de PVC Rígido Roscável","un","1,0","271,90","271,90","0,00","99,99"]
[" 101894 ","SINAPI","DISJUNTOR TRIPOLAR TIPO NEMA, CORRENTE NOMINAL DE 60 ATÉ 100A - FORNECIMENTO E INSTALAÇÃO. AF_07/2025","INEL - INSTALAÇÃO ELÉTRICA/ELETRIFICAÇÃO E ILUMINAÇÃO EXTERNA","UN","1,0","221,71","221,71","0,00","99,99"]
[" 063052 ","SBC","CURVA VERTICAL EXTERNA PARA ELETROCALHA 100X50mm","INSTALACOES ELETRICAS - LEITOS E CABOS","UN","4,0","53,22","212,88","0,00","99,99"]
[" 91856 ","SINAPI","ELETRODUTO FLEXÍVEL CORRUGADO, PVC, DN 32 MM (1\"), PARA CIRCUITOS TERMINAIS, INSTALADO EM PAREDE - FORNECIMENTO E INSTALAÇÃO. AF_03/2023","INEL - INSTALAÇÃO ELÉTRICA/ELETRIFICAÇÃO E ILUMINAÇÃO EXTERNA","M","8,95","17,27","154,56","0,00","99,99"]
[" 106020 ","SINAPI","DISJUNTOR TRIPOLAR DIN 63A - FORNECIMENTO E INSTALAÇÃO. AF_07/2025","Instalações Elétricas - Quadros, Cabos, Disjuntores, Contatores e Barramentos Blindados","UN","1,0","154,41","154,41","0,00","100,00"]
[" 92377 ","SINAPI","NIPLE, EM FERRO GALVANIZADO, DN 65 (2 1/2\"), CONEXÃO ROSQUEADA, INSTALADO EM REDE DE ALIMENTAÇÃO PARA HIDRANTE - FORNECIMENTO E INSTALAÇÃO. AF_10/2020","Instalações de Gás e Incêndio em Aço e Ferro Galvanizado","UN","1,0","118,86","118,86","0,00","100,00"]
[" 053778 ","SBC","SUPORTE SUSPENSAO VERTICAL PARA ELETROCALHA 75 x 50 mm","INSTALACOES HIDRAULICAS - ESGOTO","UN","20,0","5,78","115,60","0,00","100,00"]
[" 91887 ","SINAPI","CURVA 90 GRAUS PARA ELETRODUTO, PVC, ROSCÁVEL, DN 20 MM (1/2\"), PARA CIRCUITOS TERMINAIS, INSTALADA EM FORRO - FORNECIMENTO E INSTALAÇÃO. AF_03/2023","INEL - INSTALAÇÃO ELÉTRICA/ELETRIFICAÇÃO E ILUMINAÇÃO EXTERNA","UN","7,0","15,10","105,70","0,00","100,00"]
[" 91864 ","SINAPI","ELETRODUTO RÍGIDO ROSCÁVEL, PVC, DN 32 MM (1\"), PARA CIRCUITOS TERMINAIS, INSTALADO EM FORRO - FORNECIMENTO E INSTALAÇÃO. AF_03/2023","INEL - INSTALAÇÃO ELÉTRICA/ELETRIFICAÇÃO E ILUMINAÇÃO EXTERNA","M","3,93","21,79","85,63","0,00","100,00"]
[" 106031 ","SINAPI","DISJUNTOR TRIPOLAR DIN 80A - FORNECIMENTO E INSTALAÇÃO. AF_07/2025","Instalações Elétricas - Quadros, Cabos, Disjuntores, Contatores e Barramentos Blindados","UN","1,0","61,51","61,51","0,00","100,00"]
[" 91893 ","SINAPI","CURVA 90 GRAUS PARA ELETRODUTO, PVC, ROSCÁVEL, DN 32 MM (1\"), PARA CIRCUITOS TERMINAIS, INSTALADA EM FORRO - FORNECIMENTO E INSTALAÇÃO. AF_03/2023","INEL - INSTALAÇÃO ELÉTRICA/ELETRIFICAÇÃO E ILUMINAÇÃO EXTERNA","UN","2,0","20,47","40,94","0,00","100,00"]
[]
[{"$nulls":5},"Total sem BDI",null,9671013.5099999998]
[{"$nulls":5},"Total do BDI",null,2328960.2200000002]
[{"$nulls":5},"Total Geral",null,11999973.73]

{"sheet":"MEMORIAL","index":7,"n_rows":578,"n_cols":17,"rows_kept":578,"cut":false,"hidden":false,"merged":[[42,1,42,2],[4,1,4,5],[12,1,12,4],[28,1,28,6],[32,1,32,3],[36,1,36,4],[114,1,114,4],[48,1,48,2],[51,1,51,3],[64,1,64,3],[71,1,71,3],[75,1,75,2],[78,1,78,2],[81,1,81,3],[85,1,85,5],[99,1,99,5],[106,1,106,3],[110,1,110,4],[128,1,128,6],[147,1,147,5],[155,1,155,5],[166,1,166,3],[170,1,170,3],[243,1,243,3],[174,1,174,4],[178,1,178,4],[182,1,182,3],[198,1,198,6],[214,1,214,5],[222,1,222,5],[231,1,231,3],[237,1,237,2],[240,1,240,2],[331,1,331,2],[247,1,247,2],[250,1,250,4],[267,1,267,3],[281,1,281,3],[289,1,289,3],[298,1,298,4],[534,1,534,2],[571,1,571,2],[455,1,455,4],[462,1,462,4],[466,1,466,2],[469,1,469,2],[477,1,477,4],[489,1,489,5],[1,1,1,6],[511,1,511,4],[517,1,517,3],[521,1,521,4],[525,1,525,3],[334,1,334,5],[356,1,356,5],[362,1,362,4],[369,1,369,2],[395,1,395,2],[451,1,451,3],[302,1,302,3],[306,1,306,2],[309,1,309,3],[318,1,318,3],[322,1,322,3]]}
[]
["\n\n","MEMORIAL DE CALCULO REFERENTE A REFORMA DO MERCADO PÚBLICO MUNICIPAL DE SÃO MIGUEL DOS CAMPOS - AL"]
[]
[]
[null,"DEMOLIÇÃO DE ALVENARIA"]
[null,"COMPRIMENTO","ALTURA","ESPESSURA","QTDE","TOTAL"]
[null,10.210000000000001,3,0.15,1,{"$f":"B7*C7*D7*E7","v":4.5945}]
[null,4,3,0.15,1,{"$f":"B8*C8*D8*E8","v":1.7999999999999998}]
[null,15.15,3,0.15,1,6.8174999999999999]
[null,2.42,3,0.15,6,6.5339999999999998]
[{"$nulls":4},"TOTAL",{"$f":"SUM(F7:F10)","v":19.745999999999999}]
[]
[null,"DEMOLIÇÃO DE REVESTIMENTO"]
[null,"PERIMETRO","ALTURA","QTDE","TOTAL"]
["AÇOUGUE INTE",{"$f":"3+2.1+2.1+2.25","v":9.4499999999999993},1.2,100,{"$f":"B15*C15*D15","v":1133.9999999999998}]
["AÇOUGUE EXT",{"$f":"((15.11+4.8)*2*10)-(0.75*100)","v":323.2},1.2,1,{"$f":"B16*C16*D16","v":387.84}]
["AÇOUG PILAR",{"$f":"0.45*2","v":0.9},1.25,{"$f":"18*10","v":180},202.5]
["AÇOUG VIGA",{"$f":"(15.15+4.2)*2","v":38.700000000000003},0.9,10,348.30000000000007]
[null,0.9,4.6500000000000004,40,167.40000000000003]
["AÇOU 2 ",{"$f":"2.22+1.8+2.3+2.3","v":8.620000000000001},1.2,1,10.344000000000001]
["AÇOU 3",{"$f":"2.62+1.8+2.3+2.3","v":9.02},1.2,1,10.824]
["AÇOU 4",{"$f":"2.9+2.15+2.3+2.3","v":9.6499999999999986},1.2,29,335.81999999999994]
["AÇOU 5",{"$f":"3+2.15+2.32+2.32","v":9.7900000000000009},1.2,1,11.748000000000001]
["AÇOU 6",{"$f":"2.78+2.15+2.32+2.32","v":9.57},1.2,1,11.484]
["EXTERN 2-6",{"$f":"99.6-(33*0.75)","v":74.849999999999994},1.2,1,89.82]
["VIGA 2-6",99.6,0.9,1,89.64]
[null,null,null,"TOTAL",{"$f":"SUM(E15:E26)","v":2799.7200000000003}]
[]
[null,"DEMOLIÇÃO DE PISO"]
[null,"COMPRIMENTO","LARGURA","(-) PISO WC","TOTAL","ESPESSURA","TOT GERAL"]
[null,62.25,108.4,{"$f":"23.98*5.91","v":141.7218},{"$f":"(B31*C31)-D31","v":6606.1782000000003},0.08,{"$f":"E31*F31","v":528.49425600000006}]
[]
[null,"REMOÇÃO DE CALHAS"]
[null,"COMPRIMENTO","QTDE","TOTAL"]
[null,108.5,5,{"$f":"B35*C35","v":542.5}]
[]
[null,"REMOÇÃO DE FORRO"]
[null,"COMPRIMENTO","LARGURA","QTDE","TOTAL"]
["LOJAS 01",18,4.4000000000000004,9,{"$f":"B39*C39*D39","v":712.80000000000007}]
[null,15,4.4000000000000004,5,{"$f":"B40*C40*D40","v":330}]
[null,null,null,"TOTAL",{"$f":"SUM(E39:E40)","v":1042.8000000000002}]
[]
[null,"REMOÇÃO DE CABOS"]
[null,"TIPO","COMPRIMENTO"]
[null,"1,5MM",2021.8]
[null,"2,5MM",3199]
[null,"TOTAL",{"$f":"SUM(C45:C46)","v":5220.8}]
[]
[null,"REMOÇÃO DE LUMINARIA"]
[null,"QTDE",379]
[]
[null,"REMOÇÃO DE COBERTA"]
[null,"COMPRIMENTO","LARGURA","TOTAL"]
[null,110.92,62.7,{"$f":"B54*C54","v":6954.6840000000002}]
[null,24.1,6.05,{"$f":"B55*C55","v":145.80500000000001}]
[null,24.1,6.05,145.80500000000001]
[null,"FACHADA FRONTAL",null,180.02]
[null,"FACHADA FUNDOS",null,180.02]
[null,24.1,1,{"$f":"B59*C59","v":24.1}]
[null,24.1,1,{"$f":"B60*C60","v":24.1}]
[null,6.05,1,6.05]
[null,6.05,1,6.05]
[null,null,"TOTAL",{"$f":"SUM(D54:D62)","v":7666.6340000000027}]
[]
[null,"CARGA MANOBRA E DESCARGA"]
[null,"VOLUME","INDICE","TOTAL"]
["ALVENARIA",19.75,2,{"$f":"B67*C67","v":39.5}]
["REVESTIMENTO",55.99,2,{"$f":"B68*C68","v":111.98}]
["PISO",{"$f":"G31","v":528.49425600000006},2,1056.9885120000001]
[null,null,"TOTAL",{"$f":"SUM(D67:D69)","v":1208.4685120000001}]
[]
[null,"TRANSPORTE DE ENTULHO"]
[null,"VOLUME","DISTÂNCIA","TOTAL"]
[null,{"$f":"D70","v":1208.4685120000001},7.5,{"$f":"B74*C74","v":9063.5138400000014}]
[]
[null,"LOCAÇÃO DA OBRA"]
[null,"COMPRIMENTO",{"$f":"142.6+39.14","v":181.74}]
[]
[null,"LOCAÇÃO DE CONTAINER"]
[null,"MESES",14]
[]
[null,"TAPUME"]
[null,"COMPRIMENTO","ALTURA","TOTAL"]
[null,130,2,{"$f":"B84*C84","v":260}]
[]
[null,"ESCAVAÇÃO BALDRAME"]
[null,"COMPRIMENTO","LARGURA","PROFUNDIDADE","QTDE","TOTAL"]
["QUIOS FUNDOS",6.77,0.3,0.3,6,{"$f":"B88*C88*D88*E88","v":3.6557999999999993}]
[null,14.25,0.3,0.3,6,{"$f":"B89*C89*D89*E89","v":7.6949999999999985}]
[null,2.35,0.3,0.3,18,3.8069999999999999]
[null,2.0699999999999998,0.3,0.3,18,3.3533999999999993]
["QUIOS LATERA",41.69,0,0,1,0]
[null,63.9,0,0,1,0]
[null,2,0,0,37,0]
["QUIOS INTERN",15,0.3,0.3,2,2.6999999999999997]
[null,2.2999999999999998,0.3,0.3,5,1.0349999999999999]
[null,10.050000000000001,0.3,0.3,1,0.90449999999999997]
[{"$nulls":4},"TOTAL",{"$f":"SUM(F88:F97)","v":23.150699999999997}]
[]
[null,"ESCAVAÇÃO BLOCOS DE COROAMENTO"]
[null,"COMPRIMENTO","LARGURA","PROFUNDIDADE","QTDE","TOTAL"]
[null,0.6,0.6,0.8,168,{"$f":"B102*C102*D102*E102","v":48.383999999999993}]
[null,1.2,1.2,1.5,2,{"$f":"B103*C103*D103*E103","v":4.32}]
[null,2,2,1.5,1,6]
[{"$nulls":4},"TOTAL",{"$f":"SUM(F102:F104)","v":58.703999999999994}]
[]
[null,"REATERRO"]
[null,"AREA","QTDE","TOTAL"]
[null,106.42,0.3,{"$f":"B109*C109","v":31.925999999999998}]
[]
[null,"CARGA MANORA E DESCARGA"]
[null,"ESCAVADO","REATERRO","INDICE","TOTAL"]
[null,{"$f":"F98+F105","v":81.854699999999994},{"$f":"D109","v":31.925999999999998},2,{"$f":"(B113-C113)*D113","v":99.857399999999984}]
[]
[null,"LASTRO DE CONCRETO"]
[null,"COMPRIMENTO","LARGURA","QTDE","TOTAL",null,null,"COMPRIMENTO GERAL"]
["BALDRAME",{"$f":"B88","v":6.77},0.3,{"$f":"E88","v":6},{"$f":"B117*C117*D117","v":12.185999999999998},null,null,{"$f":"B117*D117","v":40.619999999999997}]
[null,{"$f":"B89","v":14.25},0.3,{"$f":"E89","v":6},{"$f":"B118*C118*D118","v":25.65},null,null,{"$f":"B118*D118","v":85.5}]
[null,2.35,0.3,18,12.69,null,null,42.300000000000004]
[null,2.0699999999999998,0.3,18,11.177999999999997,null,null,37.26]
[null,{"$f":"B95","v":15},0.3,{"$f":"E95","v":2},9,null,null,30]
[null,{"$f":"B96","v":2.2999999999999998},0.3,{"$f":"E96","v":5},3.4499999999999997,null,null,11.5]
[null,10.050000000000001,0.3,1,3.0150000000000001,null,null,10.050000000000001]
["BLOCOS",0.6,0.6,{"$f":"E102","v":168},60.48,null,null,100.8]
[null,1.2,1.2,{"$f":"E103","v":2},2.88,null,null,2.4]
[null,2,2,1,4,null,null,2]
[null,null,null,"TOTAL",{"$f":"SUM(E117:E126)","v":144.529},null,null,{"$f":"SUM(H117:H126)","v":362.43}]
[]
[null,"FERRAGENS INFRAESTRUTURA"]
[null,"BITOLA","KG/M","COMPRIMENTO","QTDE/PÇ","QTDE DE PÇ","TOTAL"]
["BALDRAME","5MM",0.154,0.8,{"$f":"D135/0.15","v":2416.2000000000003},1,{"$f":"C131*D131*E131*F131","v":297.67584000000005}]
["ARRAN 15X30","5MM",0.154,0.8,{"$f":"D137/0.15","v":7.3333333333333339},{"$f":"E102","v":168},{"$f":"C132*D132*E132*F132","v":151.78240000000002}]
["ARRAN 20X60","5MM",0.154,1.5,12,{"$f":"E103","v":2},5.5439999999999996]
["ARRAN 20X60","5MM",0.154,1.5,12,2,5.5439999999999996]
["BALDRAME","8MM",0.39500000000000002,{"$f":"H127","v":362.43},4,{"$f":"F131","v":1},572.63940000000002]
["BLOCOS 60X60","8MM",0.39500000000000002,0.8,12,{"$f":"F137","v":168},637.05600000000015]
["ARRAN 15X30","10MM",0.61699999999999999,1.1000000000000001,4,{"$f":"F132","v":168},456.08640000000003]
["ARRAN 20X60","10MM",0.61699999999999999,1.8,6,{"$f":"F133","v":2},13.327200000000001]
["ARRAN 20X60","10MM",0.61699999999999999,1.8,6,{"$f":"F134","v":2},13.327200000000001]
["BLOCO 120X120","10MM",0.61699999999999999,1.4,24,{"$f":"F138","v":2},41.462399999999995]
["BLOCO 200X200","10MM",0.61699999999999999,2.2000000000000002,40,2,108.59200000000001]
["ARRAN 20X60","12,5MM",0.96299999999999997,1.8,4,{"$f":"F138+F139","v":4},27.734400000000001]
[{"$nulls":5},"TOTAL 5MM",{"$f":"SUM(G131:G134)","v":460.54624000000001}]
[{"$nulls":5},"TOTAL 8MM",{"$f":"SUM(G135:G136)","v":1209.6954000000001}]
[{"$nulls":5},"TOTAL 10MM",{"$f":"SUM(G137:G141)","v":632.79520000000002}]
[{"$nulls":5},"TOTAL 12,5MM",{"$f":"G142","v":27.734400000000001}]
[]
[null,"FORMAS INFRAESTRUTURA"]
[null,"COMPRIMENTO","LARGURA","LADOS","QTDE","TOTAL"]
["BALDRAME",{"$f":"D135","v":362.43},0.3,2,{"$f":"F131","v":1},{"$f":"B150*C150*D150*E150","v":217.458}]
["ARRAN 15X30",0.4,0.45,2,{"$f":"F132","v":168},{"$f":"B151*C151*D151*E151","v":60.480000000000004}]
["ARRAN 20X60",0.8,0.8,2,2,2.5600000000000005]
["ARRAN 20X60",0.8,0.8,2,{"$f":"F141","v":2},2.5600000000000005]
[{"$nulls":4},"TOTAL",{"$f":"SUM(F150:F153)","v":283.05799999999999}]
[]
[null,"CONCRETAGEM INFRAESTRUTURA"]
[null,"COMPRIMENTO","LARGURA","ESPESSURA","QTDE","TOTAL"]
["BALDRAME",{"$f":"B150","v":362.43},0.3,0.15,1,{"$f":"B158*C158*D158*E158","v":16.309349999999998}]
["BLOCOS 60X60",0.6,0.6,0.4,{"$f":"E151","v":168},{"$f":"B159*C159*D159*E159","v":24.191999999999997}]
["BLOCO 120X120",1.2,1.2,0.7,{"$f":"E152","v":2},2.016]
["BLOCO 200X200",2,2,0.7,2,5.6]
["ARRAN 15X30",{"$f":"B151","v":0.4},0.3,0.15,{"$f":"E159","v":168},3.0239999999999996]
["ARRAN 20X60",{"$f":"B152","v":0.8},0.6,0.2,{"$f":"E160","v":2},0.192]
["ARRAN 20X60",0.8,0.6,0.2,2,0.192]
[{"$nulls":4},"TOTAL",{"$f":"SUM(F158:F164)","v":51.525349999999996}]
[]
[null,"IMPERMEABILIZAÇÃO"]
[null,"COMPRIMENTO","LARGURA","TOTAL"]
[null,{"$f":"B158","v":362.43},0.75,{"$f":"B169*C169","v":271.82249999999999}]
[]
[null,"ESTACAS"]
[null,"COMPRIMENTO","QTDE","TOTAL"]
[null,8,{"$f":"72-4-4-2","v":62},{"$f":"B173*C173","v":496}]
[]
[null,"CONCRETO MAGRO"]
[null,"LASTRO","QTDE","PERC 10%","TOTAL"]
[null,0.14000000000000001,31,1.1000000000000001,{"$f":"B177*C177*D177","v":4.7740000000000009}]
[]
[null,"CONCRETO ARMADO"]
[null,"LASTRO","QTDE","PERC 10%","TOTAL"]
[null,1.92,31,1.1000000000000001,{"$f":"B181*C181*D181","v":65.471999999999994}]
[]
[null,"ALVENARIA DE VEDAÇÃO"]
[null,"COMPRIMENTO","ALTUIRA","TOTAL"]
[null,{"$f":"B88*E88","v":40.619999999999997},3,{"$f":"B185*C185","v":121.85999999999999}]
[null,85.5,3,{"$f":"B186*C186","v":256.5}]
[null,42.300000000000004,3,126.9]
[null,37.26,3,111.78]
[null,41.69,3,125.07]
[null,63.9,3,191.7]
[null,74,3,222]
[null,30,3,90]
[null,11.5,3,34.5]
[null,10.050000000000001,3,30.150000000000002]
[null,null,"TOTAL",{"$f":"SUM(D185:D194)","v":1310.46}]
[null,null,"DESCONTO",{"$f":"(14*2.5*2.1*2)+(14*2.5*2.1)+(35*2.1*2.1)+(6*2*1.1)+(2.5*2*5)","v":413.05}]
[null,null,"TOTAL GERAL",{"$f":"D195-D196","v":897.41000000000008}]
[]
[null,"FERRAGENS SUPERESTRUTURA"]
[null,"BITOLA","KG/M","COMPRIMENTO","QTDE/PÇ","QTDE DE PÇ","TOTAL"]
["BALDRAME","5MM",0.154,0.8,{"$f":"D205/0.15","v":2912.1333333333332},{"$f":"F131","v":1},{"$f":"C201*D201*E201*F201","v":358.77482666666668}]
["ARRAN 15X30","5MM",0.154,0.8,{"$f":"D206/0.15","v":20},{"$f":"F132","v":168},{"$f":"C202*D202*E202*F202","v":413.952}]
["ARRAN 20X60","5MM",0.154,1.5,33.333333333333336,{"$f":"F133","v":2},15.4]
["ARRAN 20X60","5MM",0.154,1.5,33.333333333333336,{"$f":"F134","v":2},15.4]
["BALDRAME","8MM",0.39500000000000002,{"$f":"SUM(B185:B194)","v":436.82},4,{"$f":"F135","v":1},690.17560000000003]
["ARRAN 15X30","10MM",0.61699999999999999,3,4,{"$f":"F137","v":168},1243.8720000000001]
["ARRAN 20X60","10MM",0.61699999999999999,5,6,{"$f":"F138","v":2},37.019999999999996]
["ARRAN 20X60","10MM",0.61699999999999999,5,6,{"$f":"F139","v":2},37.019999999999996]
["ARRAN 20X60","12,5MM",0.96299999999999997,5,4,{"$f":"F142","v":4},77.039999999999992]
[{"$nulls":5},"TOTAL 5MM",{"$f":"SUM(G201:G204)","v":803.52682666666669}]
[{"$nulls":5},"TOTAL 8MM",{"$f":"G205","v":690.17560000000003}]
[{"$nulls":5},"TOTAL 10MM",{"$f":"SUM(G206:G208)","v":1317.912}]
[{"$nulls":5},"TOTAL 12,5MM",{"$f":"G209","v":77.039999999999992}]
[]
[null,"FORMAS SUPERESTRUTURAS"]
[null,"COMPRIMENTO","LARGURA","LADOS","QTDE","TOTAL"]
["VIGAS",{"$f":"D205","v":436.82},0.3,2,{"$f":"F205","v":1},{"$f":"B217*C217*D217*E217","v":262.09199999999998}]
["PILAR 15X30",3,0.3,2,{"$f":"F206","v":168},{"$f":"B218*C218*D218*E218","v":302.39999999999998}]
["PILAR 20X60",5,0.6,2,2,12]
["PILAR 20X60",5,0.6,2,2,12]
[{"$nulls":4},"TOTAL",{"$f":"SUM(F217:F220)","v":588.49199999999996}]
[]
[null,"CONCRETAGEM INFRAESTRUTURA"]
[null,"COMPRIMENTO","LARGURA","ESPESSURA","QTDE","TOTAL"]
["VIGAS",{"$f":"B217","v":436.82},0.3,0.15,{"$f":"E217","v":1},{"$f":"B225*C225*D225*E225","v":19.656899999999997}]
["PILAR 15X30",{"$f":"B218","v":3},0.3,0.15,{"$f":"E218","v":168},{"$f":"B226*C226*D226*E226","v":22.679999999999996}]
["PILAR 20X60",5,0.6,0.2,2,1.2000000000000002]
["PILAR 20X60",5,0.6,0.2,2,1.2000000000000002]
[{"$nulls":4},"TOTAL PILAR",{"$f":"SUM(F226:F228)","v":25.079999999999995}]
[{"$nulls":4},"TOTAL VIGAS",{"$f":"F225","v":19.656899999999997}]
[]
[null,"VERGA"]
[null,"COMPRIMENTO","QTDE","TOTAL"]
[null,3,{"$f":"47+35","v":82},{"$f":"B234*C234","v":246}]
[null,3.6,6,{"$f":"B235*C235","v":21.6}]
[null,null,"TOTAL",{"$f":"SUM(D234:D235)","v":267.60000000000002}]
[]
[null,"LAJE"]
[null,"AREA",{"$f":"91+83.23+(109*2)+(18.2*2.6)+(15.15*2.4)","v":475.91}]
[]
[null,"TRAMA E TELHAMENTO"]
[null,"AREA",{"$f":"D54+D55+D56","v":7246.2940000000008}]
[]
[null,"CUMEEIRA"]
[null,"COMPRIMENTO","QTDE","TOTAL"]
[null,110.92,4,{"$f":"B246*C246","v":443.68}]
[]
[null,"CALHA"]
[null,"COMPRIMENTO",{"$f":"D35","v":542.5}]
[]
[null,"ESTRUTURA PARA PLACA CIMENTICIA E PLACA"]
[null,"COMPRIMENTO","LARGURA","QTDE","TOTAL"]
[null,{"$f":"(15.1+4.65)*2","v":39.5},1.2,3,{"$f":"B253*C253*D253","v":142.19999999999999}]
[null,{"$f":"(18.2+4.65)*2","v":45.7},1.2,16,{"$f":"B254*C254*D254","v":877.44}]
[null,{"$f":"(15.15+2.5)*2","v":35.299999999999997},1.2,1,42.359999999999992]
[null,18.21,1.2,1,21.852]
[null,{"$f":"9.15+2.25+2.5","v":13.9},1.2,1,16.68]
[null,{"$f":"12+2.26","v":14.26},1.2,1,17.111999999999998]
[null,{"$f":"18+4.2","v":22.2},1.2,1,26.639999999999997]
[null,"FACHADA FRONTAL",null,null,{"$f":"D57","v":180.02}]
[null,"FACHADA FUNDOS",null,null,180.02]
[{"$nulls":4},24.1]
[{"$nulls":4},24.1]
[{"$nulls":4},6.05]
[{"$nulls":4},6.05]
[null,null,null,"TOTAL",{"$f":"SUM(E253:E265)","v":1564.624}]
[]
[null,"FORRO"]
[null,"AREA","QTDE","TOTAL"]
[null,71.27,3,{"$f":"B270*C270","v":213.81}]
[null,85.85,16,{"$f":"B271*C271","v":1373.6}]
[null,{"$f":"18.2*2.6","v":47.32},1,47.32]
[null,{"$f":"9.15*2.25","v":20.587500000000002},1,20.587500000000002]
[null,{"$f":"12.65*2.5","v":31.625},1,31.625]
[null,{"$f":"15.15*2.4","v":36.36},1,36.36]
[null,106.42,1,106.42]
[null,{"$f":"6.85*2","v":13.7},2,27.4]
[null,{"$f":"14.1*2","v":28.2},1,28.2]
[null,244.82,1,244.82]
[null,null,"TOTAL",{"$f":"SUM(D270:D279)","v":2130.1424999999999}]
[]
[null,"IMPERMEABILIZAÇÃO"]
[null,"AREA","QTDE","TOTAL"]
[null,244.82,1,{"$f":"B284*C284","v":244.82}]
[null,106.42,1,{"$f":"B285*C285","v":106.42}]
[null,{"$f":"B277","v":13.7},2,27.4]
[null,{"$f":"B278","v":28.2},1,28.2]
[null,null,"TOTAL",{"$f":"SUM(D284:D287)","v":406.84}]
[]
[null,"CONTRAPISO E CIMENTADO"]
[null,"AREA","QTDE","TOTAL"]
[null,{"$f":"B284","v":244.82},{"$f":"C284","v":1},{"$f":"B292*C292","v":244.82}]
[null,{"$f":"B285","v":106.42},1,{"$f":"B293*C293","v":106.42}]
[null,13.7,2,27.4]
[null,28.2,1,28.2]
[null,{"$f":"60.38*108.4-(24.36*5.91)","v":6401.224400000001},1,6401.224400000001]
[null,null,"TOTAL",{"$f":"SUM(D292:D296)","v":6808.0644000000011}]
[]
[null,"LOCAÇÃO DE ANDAIME "]
[null,"QTDE/TORRE","QTDE DE TORRE","QTDE DE MÊS","TOTAL"]
[null,16,20,6,{"$f":"B301*C301*D301","v":1920}]
[]
[null,"MONTAGEM DE ANDAIME"]
[null,"QTDE/TORRE","QTDE DE TORRE","TOTAL"]
[null,16,20,{"$f":"B305*C305","v":320}]
[]
[null,"PORCELANATO 60X60 MADEIRA"]
[null,"AREA",{"$f":"183.27+43.51+329.11","v":555.89}]
[]
[null,"REVESTIMENTO 45X45"]
[null,"AREA","QTDE","TOTAL"]
[null,{"$f":"B292","v":244.82},1,{"$f":"B312*C312","v":244.82}]
[null,106.42,1,{"$f":"B313*C313","v":106.42}]
[null,{"$f":"B294","v":13.7},{"$f":"C294","v":2},27.4]
[null,{"$f":"B295","v":28.2},1,28.2]
[null,{"$f":"18.21*2.6","v":47.346000000000004},1,47.346000000000004]
[null,null,"TOTAL",{"$f":"SUM(D312:D316)","v":454.18599999999998}]
[]
[null,"PISO GRANILITE"]
[null,"AREA","DESCONTO","TOTAL"]
[null,{"$f":"60.38*108.4","v":6545.1920000000009},{"$f":"C308","v":555.89},{"$f":"B321-C321","v":5989.3020000000006}]
[]
[null,"CHAPISCO E REBOCO"]
[null,"AREA","LADOS","TOTAL"]
[null,{"$f":"D197","v":897.41000000000008},2,{"$f":"B325*C325","v":1794.8200000000002}]
[null,{"$f":"6.85*3","v":20.549999999999997},2,{"$f":"B326*C326","v":41.099999999999994}]
[null,{"$f":"14.1*3","v":42.3},1,42.3]
[null,{"$f":"18.21*3","v":54.63},1,54.63,{"$nulls":4},"AREA","QTDE"]
[null,{"$f":"108.83*3","v":326.49},1,326.49,{"$nulls":4},{"$f":"(1.95*2*2)+(2.1*2*14)+(2.5*2*14)+(1.9*2*6)+(0.8*2*6)","v":169.00000000000003}]
[null,null,"TOTAL",{"$f":"SUM(D325:D329)","v":2259.34},{"$nulls":4},{"$f":"(2.1*2*16)+(2.1*1.15*15)+(0.8*2*15)+(2.5*2*22)","v":237.42500000000001}]
[{"$nulls":8},{"$f":"(2.1*2*16)+(2.1*1.15*6)+(2.1*2*35)","v":228.69}]
[null,"REGULARIZAÇÃO DE EMBOÇO",{"$nulls":6},{"$f":"(2.1*2*6)+(2.1*1.15*14)+(0.8*2*14)+42","v":123.41000000000001}]
[null,"AREA",{"$f":"E27","v":2799.7200000000003},{"$nulls":5},{"$f":"(2*2.1*16)+(2.1*1.15*10)+(2.5*2*30)","v":241.35}]
[{"$nulls":8},{"$f":"(3.1*1.25*20)+(1.85*1.25*20)+(0.8*1.1*20)","v":141.35}]
[null,"REVESTIMENTO 7X26",{"$nulls":6},{"$f":"(3.1*1.25*48)+(1.85*1.25*48)+(0.8*1.1*48)","v":339.24}]
[null,"PERIMETRO","ALTURA","QTDE","DESCONTO","TOTAL",null,null,{"$f":"0.8*1*35","v":28}]
[null,{"$f":"(15.1+4.65)*2","v":39.5},2.7,3,{"$f":"I329","v":169.00000000000003},{"$f":"(B337*C337*D337)-E337","v":150.95000000000002},null,null,{"$f":"2.5*2*5","v":25}]
[null,{"$f":"(18.19+4.72)*2","v":45.82},2.7,4,237.42500000000001,{"$f":"(B338*C338*D338)-E338","v":257.43100000000004},null,null,{"$f":"2.5*2*3","v":15}]
[null,{"$f":"(18.19+4.72)*2","v":45.82},2.7,4,228.69,266.16600000000005,null,null,{"$f":"2.5*2*4","v":20}]
[null,45.82,2.7,4,123.41000000000001,371.44600000000003,null,null,{"$f":"(2.1*1.1*6)+(0.8*2.1*6)","v":23.940000000000005}]
[null,{"$f":"(15.1+4.72)*2","v":39.64},2.7,4,241.35,186.76200000000003,null,null,{"$f":"2.5*2*8","v":40}]
[null,{"$f":"(15.1+4.65)*2","v":39.5},2.7,2,141.35,71.950000000000017,null,null,{"$f":"2.5*2*20","v":100}]
[null,{"$f":"(18.25+2.65)*2","v":41.8},2.7,8,339.24,563.64,null,null,{"$f":"2.5*2*4","v":20}]
[null,108.83,1.2,1,28,102.596,null,null,{"$f":"2.5*2*10","v":50}]
[null,{"$f":"15.15+2.42","v":17.57},2.7,1,25,22.439000000000007,null,null,{"$f":"2.5*2*14","v":70}]
[null,{"$f":"9.15+2.25+2.5","v":13.9},2.7,1,15,22.53,null,null,{"$f":"2.5*2*21","v":105}]
[null,{"$f":"12.05+2.25","v":14.3},2.7,1,20,18.610000000000007]
[null,18.21,2.7,1,23.940000000000005,25.227000000000004,null,null,{"$f":"0.8*1*112","v":89.600000000000009}]
[null,{"$f":"(6.85+2.5)*2","v":18.7},2.7,2,40,60.980000000000004,null,null,{"$f":"0.8*1*35","v":28}]
[null,{"$f":"(14.4+2.5)*2","v":33.799999999999997},2.7,2,100,82.52000000000001]
[null,{"$f":"6.85+2.15+2.15","v":11.15},2.7,2,20,40.210000000000008]
[null,{"$f":"14.1+2.15+2.15","v":18.399999999999999},2.7,2,50,49.36]
[null,{"$f":"41.92+1.95+1.95","v":45.820000000000007},2.7,1,{"$f":"I345","v":70},53.714000000000027]
[null,{"$f":"64.06+1.95+1.95","v":67.960000000000008},2.7,1,{"$f":"I346","v":105},78.492000000000047]
[{"$nulls":4},"TOTAL",{"$f":"SUM(F337:F354)","v":2425.0230000000006}]
[]
[null,"REVESTIMENTO 33X45"]
[null,"PERIMETRO","ALTURA","QTDE","DESCONTO","TOTAL"]
[null,{"$f":"(3+2.1)*2","v":10.199999999999999},1.1000000000000001,112,{"$f":"I348","v":89.600000000000009},{"$f":"(B359*C359*D359)-E359","v":1167.0400000000002}]
[null,{"$f":"(2.9+2.3)*2","v":10.399999999999999},1.1000000000000001,35,{"$f":"I349","v":28},{"$f":"(B360*C360*D360)-E360","v":372.4}]
[{"$nulls":4},"TOTAL",{"$f":"SUM(F359:F360)","v":1539.44}]
[]
[null,"REVESTIMENTO GRANITO"]
[null,"COMPRIMENTO","LARGURA","QTDE","TOTAL"]
["RESTAURANTE",1.8,0.6,15,{"$f":"B365*C365*D365","v":16.200000000000003}]
["BARES",{"$f":"2.85+2.14","v":4.99},0.6,49,{"$f":"B366*C366*D366","v":146.70600000000002}]
[null,{"$f":"2.87+2.45","v":5.32},0.6,6,19.152000000000001]
[null,null,null,"TOTAL",{"$f":"SUM(E365:E367)","v":182.05799999999999}]
[]
[null,"INSTALAÇÕES HIDROSSANITAS"]
[null,"TIPO","QTDE"]
[null,"TUBO 25MM",500]
[null,"TUBO 32MM",100]
[null,"TUBO 50MM",50]
[null,"JOELHO 25MM",{"$f":"125+70","v":195}]
[null,"JOELHO 32MM",60]
[null,"JOELHO 50MM",12]
[null,"TE 25MM",100]
[null,"TE 32MM",30]
[null,"TE 50MM",10]
[null,"JOELHO AZUL",195]
[null,"DN 50MM",{"$f":"195*3","v":585}]
[null,"DN 100MM",{"$f":"(6*100)+(5*60)","v":900}]
[null,"JOELHO 45G50",195]
[null,"JOELHO 45G100",50]
[null,"JOELHO 90G50",390]
[null,"JOELHO 90G100",30]
[null,"JUNÇÃO",140]
[null,"CX GORDURA",100]
[null,"CX INSPEÇÃO",38]
[null,"TAMPA",38]
[null,"JOEL 45G PLUV",50]
[null,"JOEL 90G PLUV",25]
[null,"DN 100MM PLUV",125]
[]
[null,"INSTALAÇÕES ELETRICAS"]
[null,"TIPO","QTDE"]
[null,"INTRRUP S1",237]
[null,"INTRRUP S2",10]
[null,"TOMADA ",1088]
[null,"CX 4X2",1380]
[null,"CX 4X4",379]
[null,"QUEBRA",1380]
[null,"ELET FLEX 20",1352.05]
[null,"ELET FLEX 25",{"$f":"8.47+2817.2+40.86","v":2866.5299999999997}]
[null,"ELET FLEX 32",8.9499999999999993]
[null,"RASGO LINEAR",2029.22]
[null,"ELET RIG 20",27.22]
[null,"ELET RIG 25",169.1]
[null,"ELET RIG 32",3.93]
[null,"CURVA 20",7]
[null,"CURVA 25",41]
[null,"CURVA 32",2]
[null,"CALHA 50",{"$f":"6*83","v":498}]
[null,"CALHA 75",{"$f":"664-C414","v":166}]
[null,"CURVA CALH 50",10]
[null,"CURVA CALH 75",5]
[null,"EMENDA 50",11]
[null,"EMENDA 75",29]
[null,"REDUÇÃO",47]
[null,"TE CALHA 50",191]
[null,"TE CALHA 75",79]
[null,"SUPORTE",{"$f":"C414+C415","v":664}]
[null,"ABERTURA",4]
[null,"CURVA VERT",4]
[null,"SUPORTE VERT",20]
[null,"QDC 24 DISJ",1]
[null,"QDC 36",3]
[null,"DISJUNTO 16",17]
[null,"DISJUNTOR 20",52]
[null,"DISJUNTOR 63",1]
[null,"DISJUNTOR 80",1]
[null,"DISJUNTOR 100",1]
[null,"DISJUNTOR 125",1]
[null,"DISJUNTOR 200",1]
[null,"CABO 1,5",3021.8]
[null,"CABO 2,5",12028.6]
[null,"CABO 10",360]
[null,"CABO 25",{"$f":"150*4","v":600}]
[null,"CABO 35",400]
[null,"CABO 70",300]
[null,"PENDENTE",74]
[null,"PLAFON",247]
[null,"ARANDELA",9]
[null,"TRANSFOMAD",1]
[null,"SUPOR TRANS",1]
[null,"ASSENT POSTE",2]
[null,"POSTE",2]
[null,"MOTAGEM ",1]
[null,"QUADRO",1]
[]
[null,"PORTAO"]
[null,"COMPRIMENTO","ALTURA","TOTAL"]
[null,4.5,5,{"$f":"B454*C454","v":22.5}]
[]
[null,"PORTA ENROLAR"]
[null,"COMPRIMENTO","LARGURA","QTDE","TOTAL"]
[null,2.5,2.1,{"$f":"28+14+78+56+7+35","v":218},{"$f":"B458*C458*D458","v":1144.5}]
[null,2.1,2.1,{"$f":"22+18","v":40},{"$f":"B459*C459*D459","v":176.4}]
[null,2.1,1.1000000000000001,{"$f":"43","v":43},99.330000000000027]
[null,null,null,"TOTAL",{"$f":"SUM(E458:E460)","v":1420.23}]
[]
[null,"PORTA BOX"]
[null,"COMPRIMENTO","LARGURA","QTDE","TOTAL"]
[null,0.8,1.1000000000000001,{"$f":"D460+35+116","v":194},{"$f":"B465*C465*D465","v":170.72000000000003}]
[]
[null,"PERGOLADO"]
[null,"AREA",{"$f":"[1]PERGOLADO!C17","v":150.43779999999998}]
[]
[null,"LOUÇAS E ACESSORIOS"]
[null,"TIPO","QTDE"]
[null,"CUBA",{"$f":"76+151","v":227}]
[null,"ENGATE",227]
[null,"TORNEIRA",227]
[null,"CX SIFONADA",76]
[null,"REGISTRO DE GAVETA",227]
[]
[null,"BANCADA EM GRANITO"]
[null,"COMPRIMENTO","LARGURA","QTDE","TOTAL"]
["BANCADAS",1.4,0.6,{"$f":"6+51","v":57},{"$f":"B480*C480*D480","v":47.879999999999995}]
[null,1.25,0.6,{"$f":"3+16","v":19},{"$f":"B481*C481*D481","v":14.25}]
[null,0.9,0.6,116,62.64]
[null,0.8,0.6,35,16.8]
["PEITORIL",2.1,0.6,{"$f":"6+51","v":57},71.820000000000007]
[null,2.25,0.6,{"$f":"116+35","v":151},203.84999999999997]
["TEXTEIRA",{"$f":"2.1+2.1+0.6","v":4.8},0.05,{"$f":"D484","v":57},13.68,{"$nulls":8},"PERIMETRO","ALTURA","DESCONTO"]
[null,{"$f":"2.25+2.25+0.6","v":5.0999999999999996},0.05,{"$f":"D485","v":151},38.505000000000003,{"$nulls":8},338,7.65,1029.5999999999999,{"$f":"(N487*O487)-P487","v":1556.1000000000004}]
[null,null,null,"TOTAL",{"$f":"SUM(E480:E487)","v":469.42499999999995},{"$nulls":8},338,7.65,1029.5999999999999,{"$f":"(N488*O488)-P488","v":1556.1000000000004}]
[]
[null,"EMASSAMENTO "]
[null,"PERIMETRO","ALTURA","QTDE","DESCONTOS","TOTAL"]
[null,"PALCA CIMENTICIA",null,null,null,{"$f":"E266","v":1564.624}]
["RESTALRANTE",{"$f":"(4.42+2.65)*2","v":14.14},2.7,8,{"$f":"(1.95*2*2*8)+(2*2*2*8)","v":126.4},{"$f":"(B493*C493*D493)-E493","v":179.02400000000003}]
[null,{"$f":"(4.42+2.9)*2","v":14.64},2.7,8,{"$f":"(2.1*2*2*8)","v":67.2},249.02400000000006]
["BARES",{"$f":"(2.85+2.14)*2","v":9.98},2.7,53,{"$f":"3.91*53","v":207.23000000000002},1220.9080000000001]
["LOJAS",{"$f":"(2.66+2.13)*2","v":9.58},2.7,5,{"$f":"2.5*2*5","v":25},104.33000000000001]
[null,{"$f":"(2.85+2.14)*2","v":9.98},2.7,42,{"$f":"2.5*2*42","v":210},921.73199999999997]
[null,{"$f":"(2.9+2.14)*2","v":10.08},2.7,89,{"$f":"2.5*2*89","v":445},1977.2240000000002]
[null,{"$f":"(2.87+2.45)*2","v":10.64},2.7,6,{"$f":"2.48*6","v":14.879999999999999},157.48800000000003]
["LOJA EXTERN",{"$f":"(3.2+2.2)*2","v":10.8},2.7,4,{"$f":"2.5*2*4*2","v":40},76.640000000000015]
[null,{"$f":"(2.7+2.2)*2","v":9.8000000000000007},2.7,10,{"$f":"2.5*2*10*2","v":100},164.60000000000002]
[null,{"$f":"(3.2+2)*2","v":10.4},2.7,4,{"$f":"2.5*2*4","v":20},92.320000000000007]
[null,{"$f":"(2.7+2)*2","v":9.4},2.7,10,{"$f":"2.5*2*10","v":50},203.8]
[null,{"$f":"(14.4+2.5)*2","v":33.799999999999997},2.7,2,{"$f":"2.5*2*20","v":100},82.52000000000001]
[null,{"$f":"(6.85+2.5)*2","v":18.7},2.7,2,{"$f":"2.5*2*8","v":40},60.980000000000004]
[null,{"$f":"6.85+2+2","v":10.85},2.7,2,{"$f":"2.5*2*4","v":20},38.590000000000003]
[null,{"$f":"14.4+2+2","v":18.399999999999999},2.7,2,{"$f":"2.5*2*10","v":50},49.36]
[null,{"$f":"(2.9+1.8)*2","v":9.4},2.7,35,{"$f":"2.5*2*35","v":175},713.30000000000007]
[null,{"$f":"108.83+1.8+1.8","v":112.42999999999999},2.7,1,{"$f":"2.5*2*35","v":175},128.56099999999998]
[{"$nulls":4},"TOTAL",{"$f":"SUM(F492:F509)","v":7985.0250000000005}]
[]
[null,"PINTURA INTERNO EXTERNO"]
[null,"PERIMETRO","ALTURA","COBOGO (-)","TOTAL"]
[null,{"$f":"N487","v":338},{"$f":"O487","v":7.65},{"$f":"P487","v":1029.5999999999999},{"$f":"(B514*C514)-D514","v":1556.1000000000004}]
[null,{"$f":"B514","v":338},{"$f":"C514","v":7.65},1029.5999999999999,{"$f":"(B515*C515)-D515","v":1556.1000000000004}]
[null,null,null,"TOTAL",{"$f":"SUM(E514:E515)","v":3112.2000000000007}]
[]
[null,"PINTURA DOS COBOGOS"]
[null,"AREA","INDICE","TOTAL"]
[null,{"$f":"P487","v":1029.5999999999999},3,{"$f":"B520*C520","v":3088.7999999999997}]
[]
[null,"PINTURA GERAL"]
[null,"EMASSAMENTO","COBOGO","INTERNO/EXTER","TOTAL"]
[null,{"$f":"F510","v":7985.0250000000005},{"$f":"D520","v":3088.7999999999997},{"$f":"Q487+Q488","v":3112.2000000000007},{"$f":"B524+C524+D524","v":14186.025000000001}]
[]
[null,"PINTURA SOBRE METAL"]
[null,"AREA","INDICE","TOTAL"]
["PERGOLADO",{"$f":"C468","v":150.43779999999998},3,{"$f":"B528*C528","v":451.31339999999994}]
["PORTÃO",{"$f":"D454","v":22.5},3,{"$f":"B529*C529","v":67.5}]
["PORTA ROLO",{"$f":"E461","v":1420.23},3,4260.6900000000005]
["PORTA BOX",{"$f":"E465","v":170.72000000000003},3,512.16000000000008]
["PORTAO EXIST",{"$f":"4.3*4*7","v":120.39999999999999},3,361.2]
[null,null,"TOTAL",{"$f":"SUM(D528:D532)","v":5652.8634000000002}]
[]
[null,"INCENDIO E PANICO"]
[null,"TIPO","QTDE"]
[null,"PROJETO",{"$f":"[1]PPCI!G9","v":6578.61}]
[null,"TUBO 65",{"$f":"[1]PPCI!G12","v":1220}]
[null,"TUBO 80",{"$f":"[1]PPCI!G13","v":12}]
[null,"FLANGE",{"$f":"[1]PPCI!G14","v":1}]
[null,"COTOVELO 65",{"$f":"[1]PPCI!G15","v":14}]
[null,"COTOVELO 80",{"$f":"[1]PPCI!G16","v":2}]
[null,"CURVA 65",{"$f":"[1]PPCI!G17","v":5}]
[null,"NIPLE 65",{"$f":"[1]PPCI!G18","v":1}]
[null,"NIPLE 80",{"$f":"[1]PPCI!G19","v":2}]
[null,"UNIÃO 80",{"$f":"[1]PPCI!G20","v":2}]
[null,"ABRIGO",{"$f":"[1]PPCI!G21","v":5}]
[null,"REGISTRO",{"$f":"[1]PPCI!G22","v":4}]
[null,"ADAPTADOR",{"$f":"[1]PPCI!G23","v":5}]
[null,"TAPÃO",{"$f":"[1]PPCI!G24","v":1}]
[null,"REGISTRO 3''",{"$f":"[1]PPCI!G25","v":2}]
[null,"VALVULA",{"$f":"[1]PPCI!G26","v":2}]
[null,"MANOMETRO",{"$f":"[1]PPCI!G27","v":1}]
[null,"HIDRANTE",{"$f":"[1]PPCI!G28","v":1}]
[null,"BOMBA",{"$f":"[1]PPCI!G29","v":2}]
[null,"EXTINTOR PO",{"$f":"[1]PPCI!G30","v":16}]
[null,"EXTINTOR AGUA",{"$f":"[1]PPCI!G31","v":7}]
[null,"AVISADOR",{"$f":"[1]PPCI!G33","v":5}]
[null,"ACIONADOR",{"$f":"[1]PPCI!G34","v":5}]
[null,"CENTRAL",{"$f":"[1]PPCI!G35","v":1}]
[null,"BATERIA",{"$f":"[1]PPCI!G36","v":1}]
[null,"PLACA EXTINT",{"$f":"[1]PPCI!G37","v":25}]
[null,"PLACA INDICA",{"$f":"[1]PPCI!G38","v":32}]
[null,"LUMI EMERG",{"$f":"[1]PPCI!G39","v":30}]
[null,"TOMADA",{"$f":"[1]PPCI!G40","v":30}]
[null,"DISJUNTOR",{"$f":"[1]PPCI!G41","v":1}]
[null,"CABO 1,5",{"$f":"[1]PPCI!G42","v":200}]
[null,"CABO 2,5",400]
[null,"ESTRUTURA",1]
[null,"CAIXA DAGUA",1]
[]
[null,"LIMPEZA"]
[null,"AREA",{"$f":"108*60.25","v":6507}]
[]
[]
[]
[{"$nulls":5},"MEDIA"]
[null,null,1400000,1450300,1463419.8,{"$f":"(C578+D578+E578)/3","v":1437906.5999999999},6,{"$nulls":6},{"$f":"F578/G578","v":239651.09999999998},{"$f":"N578*3","v":718953.29999999993}]